{"text_format":"3","workbook":"xlsx","n_sheets":8,"sheets":["POPIS POMAGALA","indikacije","propisivaci","odobravatelji_tip","vrste","NovaŠifra-Generička razina","definicija","PROMJENE"],"not_rendered":{"defined_names":3},"read":"whole","date_system":"1900"}

{"sheet":"POPIS POMAGALA","index":0,"n_rows":6866,"n_cols":52,"rows_kept":1125,"cut":true,"bounds":{"rows_first":500,"rows_last":125,"rows_between":500,"halvings":2}}
["glavna_vrsta","vrsta","vrsta_id","RB","ISO9999","NOVA_SIFRA","NAZIV_POMAGALA","NAZIVPROIZVODJACA","NOSITELJUPISA","DATUM_OD","DATUM_DO","PREDLAZE","POTREBAN_PRIJEDLOG","PROPISUJE","ODOBRAVA","ODOBRAVANJE","<7god (mj)",">7 i <18 (mj)",">18 (mj)","OBVEZA_POVRATA_POMAGALA","OBNOVLJIVO_POMAGALO","SKUPINA_POMAGALA","POTREBAN_POVRAT","POPRAVAK_POMAGALA","JEDNINICA_MJERE","KOLICINA_PROPISIVANJE","KOLIČINA","VELICINA_OBLOGE1","VELICINA_OBLOGE2","SIFRE_MEDICINSKIH_INDIKACIJA","MOGUCE_PONOVNO_IZDAVANJE_POMAGALA","SIFRE_POMAGALA_CIJIH_JE_OVO_POMAGALO_REZERVNI_DIO","KATEGORIJA_POMAGALA_ZA_ISPORUKU","POTREBNA_OCJENA_FUNKCIONALNOSTI","DOZVOLJENO_PROPISIVATI_KOD_PRVOG_PROPISIVANJA_ISPORUČITELJA","OBAVEZAN_SERIJSKI_ILI_BAR_PRI_ISPORUCI","KLASA_MEDICINSKOG_PROIZVODA","NACIN_PROIZVODNJE","MJESTO_ISPORUKE_POMAGALA","STANDARD_POMAGALA","ISO2013","JEDINICNA_VRIJEDNOST_BEZ_PDV","PDV_STOPA","JEDINICNA_VRIJEDNOST_S_PDV","POSEBNA_OGRANICENJA","JEDINIČNA_VRIJEDNOST_DOPLATNA LISTA_BEZ_PDV","JEDINIČNA_VRIJEDNOST_DOPLATNA LISTA_S_PDV","RAZLIKA_BEZ_PDV","RAZLIKA_S_PDV","OZNAKA_LISTE","eDOZNAKA","NOVA ŠIFRA- GENERIČKA RAZINA"]
["PROTEZE ZA RUKE","Proteze za šaku i prste ",2,1,"'061803010100","'0618030101000","Proteza za Bataljak šake i prste, kozmetička, plastična ",null,null,"15.04.2023",null,1,1,"2,3",5,2,12,18,"36 ","NE",0,1,0,0,"kom",null,1,0,0,"100,335",0,0,null,1,0,0,"I","I","SPPD","Plastika, guma, svi moduli i materijali-originalni proizvod. ",0,"406,5286",5,{"$nulls":6},0,0,"'0618030101000"]
["PROTEZE ZA RUKE","Proteze za šaku i prste ",2,2,"'061803010200","'0618030102000","Proteza za bataljak šake i prste, funkcionalna, mehanička ",null,null,"15.04.2023",null,1,1,"2,3",5,2,12,18,"36 ","NE",0,1,0,0,"kom",null,1,0,0,"100,335",0,0,null,1,0,0,"I","I","SPPD","Plastika, metal, svi moduli i materijali-originalni proizvod. ",0,"752,5105",5,{"$nulls":6},0,0,"'0618030102000"]
["PROTEZE ZA RUKE","Proteze za šaku i prste ",2,3,"'061803010300","'0618030103000","Proteza za bataljak šake i prste, funkcionalna, mioelektronička-transkarpalna ",null,null,"15.04.2023",null,1,1,"2,3",5,2,24,36,"36 ","NE",0,1,0,0,"kom",null,1,0,0,"100,335,336",0,0,null,1,0,0,"I","I","SPPD","Metal - plastika, svi moduli i materijali-originalni proizvod. ",0,"7352,1136",5,{"$nulls":6},0,0,"'0618030103000"]
["PROTEZE ZA RUKE","Proteze za šaku (dezartikulacijski batrljak)",3,4,"'061806010400","'0618060104000","Proteza za šaku, kozmetička, plastična, gumena šaka ",null,null,"15.04.2023",null,1,1,"2,3",5,2,12,18,"36 ","NE",0,1,0,0,"kom",null,1,0,0,"100,335",0,0,null,1,0,0,"I","I","SPPD","Plastika, guma, svi moduli i materijali-originalni proizvod. ",0,"510,3232",5,{"$nulls":6},0,0,"'0618060104000"]
["PROTEZE ZA RUKE","Proteze za šaku (dezartikulacijski batrljak)",3,5,"'061806010500","'0618060105000","Proteza za šaku, funkcionalna, mehanička ",null,null,"15.04.2023",null,1,1,"2,3",5,2,24,36,"36 ","NE",0,1,0,0,"kom",null,1,0,0,"100,335",0,0,null,1,0,0,"I","I","SPPD","Metal - plastika, svi moduli i materijali-originalni proizvod. ",0,"1453,1237",5,{"$nulls":6},0,0,"'0618060105000"]
["PROTEZE ZA RUKE","Proteze za šaku (dezartikulacijski batrljak)",3,6,"'061806010600","'0618060106000","Proteza za šaku, funkcionalna, mioelektronička-dezartikulacijska ",null,null,"15.04.2023",null,1,1,"2,3",5,2,24,36,"36 ","NE",0,1,0,0,"kom",null,1,0,0,"100,335,336",0,0,null,1,0,0,"I","I","SPPD","Metal - plastika, svi moduli i materijali-originalni proizvod. ",0,"7908,1670",5,{"$nulls":6},0,0,"'0618060106000"]
["PROTEZE ZA RUKE","Proteze za podlakticu (transradijalni bataljak)",4,7,"'061809010700","'0618090107000","Proteza za podlakticu, kozmetička, plastična, gumena šaka ",null,null,"15.04.2023",null,1,1,"2,3",5,2,12,18,"36 ","NE",0,1,0,0,"kom",null,1,0,0,"100,335",0,0,null,1,0,0,"I","I","SPPD","Plastika, guma, svi moduli i materijali-originalni proizvod. ",0,"563,9949",5,{"$nulls":6},0,0,"'0618090107000"]
["PROTEZE ZA RUKE","Proteze za podlakticu (transradijalni bataljak)",4,8,"'061809010800","'0618090108000","Proteza za podlakticu, funkcionalna, mehanička ",null,null,"15.04.2023",null,1,1,"2,3",5,2,24,36,"36 ","NE",0,1,0,0,"kom",null,1,0,0,"100,335",0,0,null,1,0,0,"I","I","SPPD","Metal - plastika, svi moduli i materijali-originalni proizvod. ",0,"1500,2176",5,{"$nulls":6},0,0,"'0618090108000"]
["PROTEZE ZA RUKE","Proteze za podlakticu (transradijalni bataljak)",4,9,"'061809010900","'0618090109000","Proteza za podlakticu, funkcionalna, mioelektronička ",null,null,"15.04.2023",null,1,1,"2,3",5,2,24,36,"36 ","NE",0,1,0,0,"kom",null,1,0,0,"100,335,336",0,0,null,1,0,0,"I","I","SPPD","Metal - plastika, svi moduli i materijali-originalni proizvod. ",0,"8355,3011",5,{"$nulls":6},0,0,"'0618090109000"]
["PROTEZE ZA RUKE","Proteze za lakat (dezartikulacijski bataljak)",5,10,"'061812011000","'0618120110000","Proteza za lakat, kozmetička, plastična, gumena šaka ",null,null,"15.04.2023",null,1,1,"2,3",5,2,12,18,"36 ","NE",0,1,0,0,"kom",null,1,0,0,"100,335",0,0,null,1,0,0,"I","I","SPPD","Plastika, guma, metal, tekstil, svi moduli i materijali - originalni proizvod",0,"1211,1092",5,{"$nulls":6},0,0,"'0618120110000"]
["PROTEZE ZA RUKE","Proteze za lakat (dezartikulacijski bataljak)",5,11,"'061812011100","'0618120111000","Proteza za lakat, funkcionalna, mehanička ",null,null,"15.04.2023",null,1,1,"2,3",5,2,24,36,"36 ","NE",0,1,0,0,"kom",null,1,0,0,"100,335",0,0,null,1,0,0,"I","I","SPPD","Metal - plastika, tekstil, svi moduli i materijali - originalni proizvod",0,"2491,7603",5,{"$nulls":6},0,0,"'0618120111000"]
["PROTEZE ZA RUKE","Proteze za lakat (dezartikulacijski bataljak)",5,12,"'061812011200","'0618120112000","Proteza za lakat, funkcionalna, hibridna, mioelektronička šaka i mehanički lakat ",null,null,"15.04.2023",null,1,1,"2,3",5,2,24,36,"36 ","NE",0,1,0,0,"kom",null,1,0,0,"100,335,336",0,0,null,1,0,0,"I","I","SPPD","Metal - plastika, tekstil, svi moduli i materijali - originalni proizvod",0,"9308,8136",5,{"$nulls":6},0,0,"'0618120112000"]
["PROTEZE ZA RUKE","Proteze za nadlakticu (transhumeralni bataljak)",6,13,"'061815011300","'0618150113000","Proteza za nadlakticu, kozmetička, plastična, gumena šaka ",null,null,"15.04.2023",null,1,1,"2,3",5,2,12,18,"36 ","NE",0,1,0,0,"kom",null,1,0,0,"100,335",0,0,null,1,0,0,"I","I","SPPD","Plastika, guma, tekstil, metal, svi moduli i materijali-originalni proizvod. ",0,"1248,6524",5,{"$nulls":6},0,0,"'0618150113000"]
["PROTEZE ZA RUKE","Proteze za nadlakticu (transhumeralni bataljak)",6,14,"'061815011400","'0618150114000","Proteza za nadlakticu, funkcionalna, mehanička ",null,null,"15.04.2023",null,1,1,"2,3",5,2,24,36,"36 ","NE",0,1,0,0,"kom",null,1,0,0,"100,335",0,0,null,1,0,0,"I","I","SPPD","Metal - plastika, tekstil, svi moduli i materijali-originalni proizvod. ",0,"2465,1204",5,{"$nulls":6},0,0,"'0618150114000"]
["PROTEZE ZA RUKE","Proteze za nadlakticu (transhumeralni bataljak)",6,15,"'061815011500","'0618150115000","Proteza za nadlakticu, funkcionalna, hibridna, mioelektronička šaka i mehanički lakat  ",null,null,"15.04.2023",null,1,1,"2,3",5,2,24,36,"36 ","NE",0,1,0,0,"kom",null,1,0,0,"100,335,336",0,0,null,1,0,0,"I","I","SPPD","Metal - plastika, tekstil, svi moduli i materijali-originalni proizvod. ",0,"9595,5215",5,{"$nulls":6},0,0,"'0618150115000"]
["PROTEZE ZA RUKE","Proteze za rame (dezartikulacijski bataljak)",7,16,"'061818011600","'0618180116000","Proteza za rame, kozmetička, plastična, gumena šaka  ",null,null,"15.04.2023",null,1,1,"2,3",5,2,12,18,"36 ","NE",0,1,0,0,"kom",null,1,0,0,"100,335",0,0,null,1,0,0,"I","I","SPPD","Plastika, guma, tekstil, svi moduli i materijali-originalni proizvod. ",0,"1451,0481",5,{"$nulls":6},0,0,"'0618180116000"]
["PROTEZE ZA RUKE","Proteze za rame (dezartikulacijski bataljak)",7,17,"'061818011700","'0618180117000","Proteza za rame, funkcionalna, mehanička ",null,null,"15.04.2023",null,1,1,"2,3",5,2,24,36,"36 ","NE",0,1,0,0,"kom",null,1,0,0,"100,335",0,0,null,1,0,0,"I","I","SPPD","Metal - plastika,  tekstil, svi moduli i materijali-originalni proizvod. ",0,"2612,1627",5,{"$nulls":6},0,0,"'0618180117000"]
["PROTEZE ZA RUKE","Proteze za rame (dezartikulacijski bataljak)",7,18,"'061818011800","'0618180118000","Proteza za rame funkcionalna, hibridna, mioelektronička šaka i mehanički lakat ",null,null,"15.04.2023",null,1,1,"2,3",5,2,24,36,"36 ","NE",0,1,0,0,"kom",null,1,0,0,"100,335,336",0,0,null,1,0,0,"I","I","SPPD","Metal - plastika, tekstil, svi moduli i materijali-originalni proizvod. ",0,"9688,8232",5,{"$nulls":6},0,0,"'0618180118000"]
["PROTEZE ZA RUKE","Ležište proteze za šaku",9,19,"'061827011900","'0618270119000","Ležište proteze za šaku, mehaničke ",null,null,"15.04.2023",null,1,1,"2,3",5,2,6,12,"24 ","NE",0,1,0,0,"kom",null,1,0,0,"102,335,338",0,0,null,1,0,0,"I","I ","SPPD","Plastika, guma, svi materijali-originalni proizvod. ",0,"479,0120",5,{"$nulls":6},0,0,"'0618270119000"]
["PROTEZE ZA RUKE","Ležište proteze za šaku",9,20,"'061827012000","'0618270120000","Ležište proteze za šaku, mioelektroničke, transkarpalne ",null,null,"15.04.2023",null,1,1,"2,3",5,2,6,12,"18 ","NE",0,1,0,0,"kom",null,1,0,0,"102,335,338",0,0,null,1,0,0,"I","I ","SPPD","Plastika,  svi materijali-originalni proizvod. ",0,"933,2869",5,{"$nulls":6},0,0,"'0618270120000"]
["PROTEZE ZA RUKE","Ležište proteze za šaku",9,21,"'061827012100","'0618270121000","Ležište proteze za šaku, mioelektroničke, dezartikulacijske ",null,null,"15.04.2023",null,1,1,"2,3",5,2,6,12,"18 ","NE",0,1,0,0,"kom",null,1,0,0,"102,335,338",0,0,null,1,0,0,"I","I ","SPPD","Plastika, svi materijali-originalni proizvod. ",0,"949,0289",5,{"$nulls":6},0,0,"'0618270121000"]
["PROTEZE ZA RUKE","Ležište proteze za podlakticu",10,22,"'061827012200","'0618270122000","Ležište proteze za podlakticu, kozmetičke ",null,null,"15.04.2023",null,1,1,"2,3",5,2,6,12,"24 ","NE",0,1,0,0,"kom",null,1,0,0,"102,335,338",0,0,null,1,0,0,"I","I","SPPD","Plastika,  svi materijali-originalni proizvod. ",0,"365,3304",5,{"$nulls":6},0,0,"'0618270122000"]
["PROTEZE ZA RUKE","Ležište proteze za podlakticu",10,23,"'061827012300","'0618270123000","Ležište proteze za podlakticu, mehaničke ",null,null,"15.04.2023",null,1,1,"2,3",5,2,6,12,"18 ","NE",0,1,0,0,"kom",null,1,0,0,"102,335,338",0,0,null,1,0,0,"I","I","SPPD","Plastika, svi materijali-originalni proizvod. ",0,"504,2323",5,{"$nulls":6},0,0,"'0618270123000"]
["PROTEZE ZA RUKE","Ležište proteze za podlakticu",10,24,"'061827012400","'0618270124000","Ležište proteze za podlakticu, mioelektroničke ",null,null,"15.04.2023",null,1,1,"2,3",5,2,6,12,"18 ","NE",0,1,0,0,"kom",null,1,0,0,"102,335,338",0,0,null,1,0,0,"I","I","SPPD","Plastika, svi materijali-originalni proizvod. ",0,"962,1973",5,{"$nulls":6},0,0,"'0618270124000"]
["PROTEZE ZA RUKE","Ležište proteze za lakat",11,25,"'061827012500","'0618270125000","Ležište proteze za lakat, kozmetičke ",null,null,"15.04.2023",null,1,1,"2,3",5,2,6,12,"24 ","NE",0,1,0,0,"kom",null,1,0,0,"102,335,338",0,0,null,1,0,0,"I","I","SPPD","Plastika, materijali-originalni proizvod ",0,"576,9256",5,{"$nulls":6},0,0,"'0618270125000"]
["PROTEZE ZA RUKE","Ležište proteze za lakat",11,26,"'061827012600","'0618270126000","Ležište proteze za lakat, mehaničke ",null,null,"15.04.2023",null,1,1,"2,3",5,2,6,12,"18 ","NE",0,1,0,0,"kom",null,1,0,0,"102,335,338",0,0,null,1,0,0,"I","I","SPPD","Plastika, svi materijali-originalni proizvod ",0,"876,7184",5,{"$nulls":6},0,0,"'0618270126000"]
["PROTEZE ZA RUKE","Ležište proteze za lakat",11,27,"'061827012700","'0618270127000","Ležište proteze za lakat, mioelektroničke ",null,null,"15.04.2023",null,1,1,"2,3",5,2,6,12,"18 ","NE",0,1,0,0,"kom",null,1,0,0,"102,335,338",0,0,null,1,0,0,"I","I","SPPD","Plastika, svi materijali-originalni proizvod ",0,"1287,5708",5,{"$nulls":6},0,0,"'0618270127000"]
["PROTEZE ZA RUKE","Ležište proteze za nadlakticu",12,28,"'061827012800","'0618270128000","Ležište proteze za nadlakticu, kozmetičke ",null,null,"15.04.2023",null,1,1,"2,3",5,2,6,12,"24 ","NE",0,1,0,0,"kom",null,1,0,0,"102,335,338",0,0,null,1,0,0,"I","I","SPPD","Plastika, svi materijali-originalni proizvod. ",0,"604,5206",5,{"$nulls":6},0,0,"'0618270128000"]
["PROTEZE ZA RUKE","Ležište proteze za nadlakticu",12,29,"'061827012900","'0618270129000","Ležište proteze za nadlakticu, mehaničke ",null,null,"15.04.2023",null,1,1,"2,3",5,2,6,12,"18 ","NE",0,1,0,0,"kom",null,1,0,0,"102,335,338",0,0,null,1,0,0,"I","I","SPPD","Plastika, svi materijali-originalni proizvod. ",0,"913,2731",5,{"$nulls":6},0,0,"'0618270129000"]
["PROTEZE ZA RUKE","Ležište proteze za nadlakticu",12,30,"'061827013000","'0618270130000","Ležište proteze za nadlakticu, mioelektroničke ",null,null,"15.04.2023",null,1,1,"2,3",5,2,6,12,"18 ","NE",0,1,0,0,"kom",null,1,0,0,"102,335,338",0,0,null,1,0,0,"I","I","SPPD","Plastika, svi materijali-originalni proizvod.",0,"1341,2295",5,{"$nulls":6},0,0,"'0618270130000"]
["PROTEZE ZA RUKE","Ležište proteze za rame",13,31,"'061827013100","'0618270131000","Ležište proteze za rame, kozmetičke ",null,null,"15.04.2023",null,1,1,"2,3",5,2,6,12,"24 ","NE",0,1,0,0,"kom",null,1,0,0,"102,335,338",0,0,null,1,0,0,"I","I","SPPD","Plastika, svi materijali-originalni proizvod. ",0,"784,5146",5,{"$nulls":6},0,0,"'0618270131000"]
["PROTEZE ZA RUKE","Ležište proteze za rame",13,32,"'061827013200","'0618270132000","Ležište proteze za rame, mehaničke ",null,null,"15.04.2023",null,1,1,"2,3",5,2,6,12,"24 ","NE",0,1,0,0,"kom",null,1,0,0,"102,335,338",0,0,null,1,0,0,"I","I","SPPD","Plastika, svi materijali-originalni proizvod. ",0,"1083,2688",5,{"$nulls":6},0,0,"'0618270132000"]
["PROTEZE ZA RUKE","Ležište proteze za rame",13,33,"'061827013300","'0618270133000","Ležište proteze za rame, mioelektroničke ",null,null,"15.04.2023",null,1,1,"2,3",5,2,6,12,"24 ","NE",0,1,0,0,"kom",null,1,0,0,"102,335,338",0,0,null,1,0,0,"I","I","SPPD","Plastika, svi materijali-originalni proizvod.",0,"1301,4100",5,{"$nulls":6},0,0,"'0618270133000"]
["PROTEZE ZA RUKE","Šaka ",14,34,"'061824013401","'0618240134001","Kozmetička ,Ottobock SE & Co. KGaA ,Kozmetička šaka  8S8","Ottobock SE & Co. KGaA","Otto Bock Adria","15.04.2023",null,1,1,"2,3",5,2,12,18,36,"NE",0,1,0,0,"kom",null,1,0,0,"102,335",0,0,null,1,0,0,"I","S","SPPD,LJ","Pjenasta gume, svi moduli i materijali-originalni proizvod.",0,"286,7803",5,{"$nulls":6},0,0,"'0618240134000"]
["PROTEZE ZA RUKE","Šaka ",14,35,"'061824013401","'0618240134002","Kozmetička ,Ottobock SE & Co. KGaA ,Kozmetička šaka  8S9","Ottobock SE & Co. KGaA","Otto Bock Adria","15.04.2023",null,1,1,"2,3",5,2,12,18,36,"NE",0,1,0,0,"kom",null,1,0,0,"102,335",0,0,null,1,0,0,"I","S","SPPD,LJ","Pjenasta gume, svi moduli i materijali-originalni proizvod.",0,"286,7803",5,{"$nulls":6},0,0,"'0618240134000"]
["PROTEZE ZA RUKE","Šaka ",14,36,"'061824013401","'0618240134003","Kozmetička ,Ottobock SE & Co. KGaA ,Kozmetička šaka  8S7","Ottobock SE & Co. KGaA","Otto Bock Adria","15.04.2023",null,1,1,"2,3",5,2,12,18,36,"NE",0,1,0,0,"kom",null,1,0,0,"102,335",0,0,null,1,0,0,"I","S","SPPD,LJ","Pjenasta gume, svi moduli i materijali-originalni proizvod.",0,"286,7803",5,{"$nulls":6},0,0,"'0618240134000"]
["PROTEZE ZA RUKE","Šaka ",14,37,"'061824013401","'0618240134004","Kozmetička ,Ottobock SE & Co. KGaA ,Kozmetička šaka  8S6","Ottobock SE & Co. KGaA","Otto Bock Adria","15.04.2023",null,1,1,"2,3",5,2,12,18,36,"NE",0,1,0,0,"kom",null,1,0,0,"102,335",0,0,null,1,0,0,"I","S","SPPD,LJ","Pjenasta gume, svi moduli i materijali-originalni proizvod.",0,"286,7803",5,{"$nulls":6},0,0,"'0618240134000"]
["PROTEZE ZA RUKE","Šaka ",14,38,"'061824013401","'0618240134005","Kozmetička ,Ottobock SE & Co. KGaA ,Kozmetička šaka  8S5","Ottobock SE & Co. KGaA","Otto Bock Adria","15.04.2023",null,1,1,"2,3",5,2,12,18,36,"NE",0,1,0,0,"kom",null,1,0,0,"102,335",0,0,null,1,0,0,"I","S","SPPD,LJ","Pjenasta gume, svi moduli i materijali-originalni proizvod.",0,"286,7803",5,{"$nulls":6},0,0,"'0618240134000"]
["PROTEZE ZA RUKE","Šaka ",14,39,"'061824013401","'0618240134006","Kozmetička ,Ottobock SE & Co. KGaA ,Kozmetička šaka  8S4","Ottobock SE & Co. KGaA","Otto Bock Adria","15.04.2023",null,1,1,"2,3",5,2,12,18,36,"NE",0,1,0,0,"kom",null,1,0,0,"102,335",0,0,null,1,0,0,"I","S","SPPD,LJ","Pjenasta gume, svi moduli i materijali-originalni proizvod.",0,"286,7803",5,{"$nulls":6},0,0,"'0618240134000"]
["PROTEZE ZA RUKE","Šaka ",14,40,"'061824013501","'0618240135001","Mehanička  ,Ottobock SE & Co. KGaA ,Mehanička šaka, 8K20","Ottobock SE & Co. KGaA","Otto Bock Adria","15.04.2023",null,1,1,"2,3",5,2,12,36,36,"NE",0,1,0,0,"kom",null,1,0,0,"102,335",0,0,null,1,0,0,"I","S","SPPD,LJ","Metal, guma, plastika, svi moduli i materijali-originalni proizvod. ",0,"379,0711",5,{"$nulls":6},0,0,"'0618240135000"]
["PROTEZE ZA RUKE","Šaka ",14,41,"'061824013601","'0618240136001","Mioelektronička, standardna ,Ottobock SE & Co. KGaA ,Mioelektronička šaka, standardna, 8E38=7","Ottobock SE & Co. KGaA","Otto Bock Adria","15.04.2023",null,1,1,"2,3",5,2,24,36,36,"NE",0,1,0,0,"kom",null,1,0,0,"102,335",0,0,null,1,0,0,"I","S","SPPD,LJ","Metal - plastika, svi moduli i materijali-originalni proizvod. ",0,"3529,9659",5,{"$nulls":6},0,0,"'0618240136000"]
["PROTEZE ZA RUKE","Šaka ",14,42,"'061824013701","'0618240137001","Mioelektronička, dječja ,Ottobock SE & Co. KGaA ,Mioelektronička šaka, dječja, 8E51","Ottobock SE & Co. KGaA","Otto Bock Adria","15.04.2023",null,1,1,"2,3",5,2,24,36,0,"NE",0,1,0,0,"kom",null,1,0,0,"102,335",0,0,null,1,0,0,"I","S","SPPD,LJ","Metal - plastika, svi moduli i materijali-originalni proizvod. ",0,"5023,4273",5,{"$nulls":6},0,0,"'0618240137000"]
["PROTEZE ZA RUKE","Šaka ",14,43,"'061824013801","'0618240138001","Mioelektronička, transkarpalna ,Ottobock SE & Co. KGaA ,Mioelektronička šaka, transkarpalna, 8E44","Ottobock SE & Co. KGaA","Otto Bock Adria","15.04.2023",null,1,1,"2,3",5,2,24,36,36,"NE",0,1,0,0,"kom",null,1,0,0,"102,335",0,0,null,1,0,0,"I","S","SPPD,LJ","Metal - plastika, svi moduli i materijali-originalni proizvod. ",0,"4314,2558",5,{"$nulls":6},0,0,"'0618240138000"]
["PROTEZE ZA RUKE","Šaka ",14,44,"'061824013901","'0618240139001","Mioelektronička, dezartikulacijska ,Ottobock SE & Co. KGaA ,Mioelektronička, dezartikulacijska šaka","Ottobock SE & Co. KGaA","Otto Bock Adria","15.04.2023",null,1,1,"2,3",5,2,24,36,36,"NE",0,1,0,0,"kom",null,1,0,0,"102,335",0,0,null,1,0,0,"I","S","SPPD,LJ","Metal - plastika, svi moduli i materijali-originalni proizvod. ",0,"3695,5820",5,{"$nulls":6},0,0,"'0618240139000"]
["PROTEZE ZA RUKE","Hvataljke ",16,45,"'061827014100","'0618270141000","Hvataljka (za djecu)  ",null,null,"01.01.2023",null,1,1,"2,3",5,2,24,0,"0 ","NE",0,1,0,0,"kom",null,1,0,0,"102,335",0,0,null,1,0,0,"I","S","SPPD,LJ","Metal, svi moduli i materijali-originalni proizvod. ",0,"252,4096",5,{"$nulls":6},0,0,"'0618270141000"]
["PROTEZE ZA RUKE","Hvataljke ",16,46,"'061827014200","'0618270142000","Hvataljka (za mladež) ",null,null,"01.01.2023",null,1,1,"2,3",5,2,0,24,"0 ","NE",0,1,0,0,"kom",null,1,0,0,"102,335",0,0,null,1,0,0,"I","S","SPPD,LJ","Metal, svi moduli i materijali-originalni proizvod. ",0,"308,7252",5,{"$nulls":6},0,0,"'0618270142000"]
["PROTEZE ZA RUKE","Hvataljke ",16,47,"'061827014300","'0618270143000","Hvataljka (za radne aktivnosti) ",null,null,"01.01.2023",null,1,1,"2,3",5,2,0,24,"36 ","NE",0,1,0,0,"kom",null,1,0,0,"102,335",0,0,null,1,0,0,"I","S","SPPD,LJ","Metal, svi moduli i materijali-originalni proizvod. ",0,"915,9360",5,{"$nulls":6},0,0,"'0618270143000"]
["PROTEZE ZA RUKE","Hvataljke ",16,48,"'061827014001","'0618270140001","Hvataljka (standardna) ,Ottobock SE & Co. KGaA ,Hvataljka šake (standardna), 10A11","Ottobock SE & Co. KGaA","Otto Bock Adria","05.10.2023",null,1,1,"2,3",5,2,0,24,36,"NE",0,1,0,0,"kom",null,1,0,0,"335,102",0,0,null,1,0,0,"I","S","SPPD,LJ","Metal, svi moduli i materijali-originalni proizvod. ",0,"538,8583",5,{"$nulls":6},0,0,"'0618270140000"]
["PROTEZE ZA RUKE","Hvataljke ",16,49,"'061827014401","'0618270144001","Vezni element za pričvršćenje hvataljki  ,Ottobock SE & Co. KGaA ,Vezni element za pričvršćenje hvataljki šake, 10A43","Ottobock SE & Co. KGaA","Otto Bock Adria","05.10.2023",null,1,1,"2,3",5,2,24,24,36,"NE",0,1,0,0,"kom",null,1,0,0,"335,102",0,0,null,1,0,0,"I","S","SPPD,LJ","Metal, svi moduli i materijali-originalni proizvod. ",0,"108,8151",5,{"$nulls":6},0,0,"'0618270144000"]
["PROTEZE ZA RUKE","Radni nastavci ",17,50,"'061827014500","'0618270145000","Kuka  ",null,null,"05.10.2023",null,1,0,"2,3,4",5,2,0,24,36,"NE",0,1,0,0,"kom",null,1,0,0,"335,102",0,0,null,1,0,0,"I","S ","SPPD,LJ","Metal, svi moduli i materijali-originalni proizvod. ",0,"22,1846",5,{"$nulls":6},0,0,"'0618270145000"]
["PROTEZE ZA RUKE","Radni nastavci ",17,51,"'061827014600","'0618270146000","Obruč  ",null,null,"05.10.2023",null,1,0,"2,3,4",5,2,0,24,36,"NE",0,1,0,0,"kom",null,1,0,0,"335,102",0,0,null,1,0,0,"I","S ","SPPD,LJ","Metal, svi moduli i materijali-originalni proizvod. ",0,"47,3157",5,{"$nulls":6},0,0,"'0618270146000"]
["PROTEZE ZA RUKE","Radni nastavci ",17,52,"'061827014700","'0618270147000","Okretni obruč  ",null,null,"05.10.2023",null,1,0,"2,3,4",5,2,0,24,36,"NE",0,1,0,0,"kom",null,1,0,0,"335,102",0,0,null,1,0,0,"I","S ","SPPD,LJ","Metal, svi moduli i materijali-originalni proizvod. ",0,"97,2712",5,{"$nulls":6},0,0,"'0618270147000"]
["PROTEZE ZA RUKE","Radni nastavci ",17,53,"'061827014800","'0618270148000","Hvataljka sa stezaljkom  ",null,null,"05.10.2023",null,1,0,"2,3,4",5,2,0,24,36,"NE",0,1,0,0,"kom",null,1,0,0,"335,102",0,0,null,1,0,0,"I","S ","SPPD,LJ","Metal, svi moduli i materijali-originalni proizvod. ",0,"181,8223",5,{"$nulls":6},0,0,"'0618270148000"]
["PROTEZE ZA RUKE","Radni nastavci ",17,54,"'061827014900","'0618270149000","Vezni element za pričvrščenje radnog nastavka  ",null,null,"05.10.2023",null,1,0,"2,3,4",5,2,0,24,36,"NE",0,1,0,0,"kom",null,1,0,0,"335,102",0,0,null,1,0,0,"I","S ","SPPD,LJ","Metal, svi moduli i materijali-originalni proizvod. ",0,"274,8583",5,{"$nulls":6},0,0,"'0618270149000"]
["PROTEZE ZA RUKE","Zglobovi",18,55,"'061833015001","'0618330150001","Zglob lakta  ,Ottobock SE & Co. KGaA ,Zglob lakta, 16X12","Ottobock SE & Co. KGaA","Otto Bock Adria","01.01.2023",null,1,1,"2,3",5,2,24,24,36,"NE",0,1,0,0,"kom",null,1,0,0,"102,335",0,0,null,1,0,0,"I","S","SPPD,LJ","Metal, svi moduli i materijali-originalni proizvod. ",0,"302,2085",5,{"$nulls":6},0,0,"'0618330150000"]
["PROTEZE ZA RUKE","Zglobovi",18,56,"'061833015101","'0618330151001","Zglob lakta, skeletni  ,Ottobock SE & Co. KGaA ,Zglob lakta, skeletni, 12R1","Ottobock SE & Co. KGaA","Otto Bock Adria","15.04.2023",null,1,1,"2,3",5,2,24,24,36,"NE",0,1,0,0,"kom",null,1,0,0,"102,335",0,0,null,1,0,0,"I","S","SPPD,LJ","Metal, svi moduli i materijali-originalni proizvod. ",0,"356,6307",5,{"$nulls":6},0,0,"'0618330151000"]
["PROTEZE ZA RUKE","Zglobovi",18,57,"'061836015201","'0618360152001","Zglob ramena, skeletni  ,Ottobock SE & Co. KGaA ,Zglob ramena, skeletni, 12S7","Ottobock SE & Co. KGaA","Otto Bock Adria","01.01.2023",null,1,1,"2,3",5,2,24,24,36,"NE",0,1,0,0,"kom",null,1,0,0,"102,335",0,0,null,1,0,0,"I","S","SPPD,LJ","Metal, svi moduli i materijali-originalni proizvod. ",0,"271,8429",5,{"$nulls":6},0,0,"'0618360152000"]
["PROTEZE ZA RUKE","Potrošni dijelovi",19,58,"'061827016100","'0618270161000","Svornjak za silikonski uložak ",null,null,"01.01.2023",null,1,1,"2,3,4",5,2,24,24,"24 ","NE",0,1,0,0,"kom",null,1,0,0,"102,337,335",0,0,null,0,1,0,"I","S","SPPD,LJ","Metal, svi moduli i materijali-originalni proizvod. ",0,"16,2904",5,{"$nulls":6},0,0,"'0618270161000"]
["PROTEZE ZA RUKE","Potrošni dijelovi",19,59,"'061827015301","'0618270153001","Navlaka za bataljak podlaktice  ,Ottobock SE & Co. KGaA ,Navlaka za bataljak podlaktice   451F2","Ottobock SE & Co. KGaA","Otto Bock Adria","15.04.2023",null,1,1,"2,3,4",5,2,12,12,12,"NE",0,1,0,0,"kom",null,12,0,0,"102,335",0,0,null,0,1,0,"I","S","SPPD,LJ","Tekstil, svi moduli i materijali-originalni proizvod. ",0,"8,4080",5,{"$nulls":6},0,0,"'0618270153000"]
["PROTEZE ZA RUKE","Potrošni dijelovi",19,60,"'061827015301","'0618270153002","Navlaka za bataljak podlaktice  ,Ottobock SE & Co. KGaA ,Navlaka za bataljak podlaktice   451F3","Ottobock SE & Co. KGaA","Otto Bock Adria","15.04.2023",null,1,1,"2,3,4",5,2,12,12,12,"NE",0,1,0,0,"kom",null,12,0,0,"102,335",0,0,null,0,1,0,"I","S","SPPD,LJ","Tekstil, svi moduli i materijali-originalni proizvod. ",0,"8,4080",5,{"$nulls":6},0,0,"'0618270153000"]
["PROTEZE ZA RUKE","Potrošni dijelovi",19,61,"'061827015302","'0618270153003","Navlaka za bataljak podlaktice  ,IVA obrt ,Navlaka za bataljak podlaktice, IVA obrt","IVA obrt","IVA obrt","05.10.2023",null,1,1,"2,3,4",5,2,12,12,12,"NE",0,1,0,0,"kom",null,12,0,0,"335,102",0,0,null,0,1,0,"I","S","SPPD,LJ","Tekstil, svi moduli i materijali-originalni proizvod. ",0,"8,4080",5,{"$nulls":6},0,0,"'0618270153000"]
["PROTEZE ZA RUKE","Potrošni dijelovi",19,62,"'061827015303","'0618270153004","Navlaka za bataljak podlaktice  ,Uniprox ,Navlaka za bataljak podlaktice, ST10-XX","Uniprox","Bauerfeind","05.01.2024",null,1,1,"2,3,4",5,2,12,12,12,"NE",0,1,0,0,"kom",null,12,0,0,"335,102",0,0,null,0,1,0,"I","S","SPPD,LJ","Tekstil, svi moduli i materijali-originalni proizvod. ",0,"8,4086",5,{"$nulls":6},0,0,"'0618270153000"]
["PROTEZE ZA RUKE","Potrošni dijelovi",19,63,"'061827015401","'0618270154001","Navlaka za bataljak nadlaktice  ,Ottobock SE & Co. KGaA ,Navlaka za bataljak nadlaktice   451F2","Ottobock SE & Co. KGaA","Otto Bock Adria","15.04.2023",null,1,1,"2,3,4",5,2,12,12,12,"NE",0,1,0,0,"kom",null,12,0,0,"102,335",0,0,null,0,1,0,"I","S","SPPD,LJ","Tekstil, svi moduli i materijali-originalni proizvod. ",0,"8,5623",5,{"$nulls":6},0,0,"'0618270154000"]
["PROTEZE ZA RUKE","Potrošni dijelovi",19,64,"'061827015401","'0618270154002","Navlaka za bataljak nadlaktice  ,Ottobock SE & Co. KGaA ,Navlaka za bataljak nadlaktice   451F3","Ottobock SE & Co. KGaA","Otto Bock Adria","15.04.2023",null,1,1,"2,3,4",5,2,12,12,12,"NE",0,1,0,0,"kom",null,12,0,0,"102,335",0,0,null,0,1,0,"I","S","SPPD,LJ","Tekstil, svi moduli i materijali-originalni proizvod. ",0,"8,5623",5,{"$nulls":6},0,0,"'0618270154000"]
["PROTEZE ZA RUKE","Potrošni dijelovi",19,65,"'061827015402","'0618270154003","Navlaka za bataljak nadlaktice  ,IVA obrt ,Navlaka za bataljak nadlaktice, IVA obrt","IVA obrt","IVA obrt","05.10.2023",null,1,1,"2,3,4",5,2,12,12,12,"NE",0,1,0,0,"kom",null,12,0,0,"335,102",0,0,null,0,1,0,"I","S","SPPD,LJ","Tekstil, svi moduli i materijali-originalni proizvod. ",0,"8,5623",5,{"$nulls":6},0,0,"'0618270154000"]
["PROTEZE ZA RUKE","Potrošni dijelovi",19,66,"'061827015403","'0618270154004","Navlaka za bataljak nadlaktice  ,Uniprox ,Navlaka za bataljak nadlaktice, ST31-XX","Uniprox","Bauerfeind","05.01.2024",null,1,1,"2,3,4",5,2,12,12,12,"NE",0,1,0,0,"kom",null,12,0,0,"335,102",0,0,null,0,1,0,"I","S","SPPD,LJ","Tekstil, svi moduli i materijali-originalni proizvod. ",0,"8,5560",5,{"$nulls":6},0,0,"'0618270154000"]
["PROTEZE ZA RUKE","Potrošni dijelovi",19,67,"'061827015501","'0618270155001","Estetska rukavica  ,Ottobock SE & Co. KGaA ,Estetska rukavica, 8S4","Ottobock SE & Co. KGaA","Otto Bock Adria","15.04.2023",null,1,1,"2,3,4",5,2,0,0,12,"NE",0,1,0,0,"kom",null,1,0,0,"102,335",0,0,null,0,1,0,"I","S","SPPD,LJ","PVC, svi moduli i materijali-originalni proizvod. ",0,"160,9206",5,{"$nulls":6},0,0,"'0618270155000"]
["PROTEZE ZA RUKE","Potrošni dijelovi",19,68,"'061827015601","'0618270156001","Estetska rukavica (dječja) ,Ottobock SE & Co. KGaA ,Estetska rukavica (dječja), 8S6","Ottobock SE & Co. KGaA","Otto Bock Adria","15.04.2023",null,1,1,"2,3,4",5,2,6,12,0,"NE",0,1,0,0,"kom",null,1,0,0,"102,335",0,0,null,0,1,0,"I","S","SPPD,LJ","PVC, svi moduli i materijali-originalni proizvod. ",0,"180,8730",5,{"$nulls":6},0,0,"'0618270156000"]
["PROTEZE ZA RUKE","Potrošni dijelovi",19,69,"'061827015701","'0618270157001","Suspenzija za podlaktičnu protezu ,Ottobock SE & Co. KGaA ,Suspenzija za podlaktičnu protezu, 21A36","Ottobock SE & Co. KGaA","Otto Bock Adria","05.10.2023",null,1,1,"2,3,4",5,2,12,12,12,"NE",0,1,0,0,"kom",null,1,0,0,"335,102",0,0,null,0,1,0,"I","S","SPPD,LJ","Tekstil, svi moduli i materijali-originalni proizvod. ",0,"72,6005",5,{"$nulls":6},0,0,"'0618270157000"]
["PROTEZE ZA RUKE","Potrošni dijelovi",19,70,"'061827015801","'0618270158001","Suspenzija na  nadlaktičnu protezu ,Ottobock SE & Co. KGaA ,Suspenzija za nadlaktičnu protezu, 21A35","Ottobock SE & Co. KGaA","Otto Bock Adria","05.10.2023",null,1,1,"2,3,4",5,2,12,18,36,"NE",0,1,0,0,"kom",null,1,0,0,"335,102",0,0,null,0,1,0,"I","S","SPPD,LJ","Tekstil, svi moduli i materijali-originalni proizvod. ",0,"122,9574",5,{"$nulls":6},0,0,"'0618270158000"]
["PROTEZE ZA RUKE","Potrošni dijelovi",19,71,"'061827015901","'0618270159001","Silikonski uložak za protezu podlaktice ,Ottobock SE & Co. KGaA ,Silikonski uložak za protezu podlaktice, 14Y1","Ottobock SE & Co. KGaA","Otto Bock Adria","15.04.2023",null,1,1,"2,3,4",5,2,12,12,24,"NE",0,1,0,0,"kom",null,1,0,0,"102,335,337",0,0,null,0,1,0,"I","S","SPPD,LJ","Silikon, svi moduli i materijali-originalni proizvod. ",0,"326,9528",5,{"$nulls":6},0,0,"'0618270159000"]
["PROTEZE ZA RUKE","Potrošni dijelovi",19,72,"'061827016001","'0618270160001","Silikonski uložak za protezu nadlaktice ,Ottobock SE & Co. KGaA ,Silikonski uložak za protezu nadlaktice, 14Y1","Ottobock SE & Co. KGaA","Otto Bock Adria","15.04.2023",null,1,1,"2,3,4",5,2,12,12,24,"NE",0,1,0,0,"kom",null,1,0,0,"102,335,337",0,0,null,0,1,0,"I","S","SPPD,LJ","Silikon, svi moduli i materijali-originalni proizvod. ",0,"326,9528",5,{"$nulls":6},0,0,"'0618270160000"]
["PROTEZE ZA RUKE","Potrošni dijelovi",19,73,"'061827016201","'0618270162001","Bravica za silikonski uložak ,Ottobock SE & Co. KGaA ,Bravica za silikonski uložak, 14A1","Ottobock SE & Co. KGaA","Otto Bock Adria","15.04.2023",null,1,1,"2,3,4",5,2,24,24,24,"NE",0,1,0,0,"kom",null,1,0,0,"102,335,337",0,0,null,0,1,0,"I","S","SPPD,LJ","Metal, svi moduli i materijali-originalni proizvod. ",0,"154,1347",5,{"$nulls":6},0,0,"'0618270162000"]
["PROTEZE ZA RUKE","Potrošni dijelovi",19,74,"'061827016202","'0618270162002","Bravica za silikonski uložak102 ,Uniprox ,Bravica za silikonski uložak, SHL3A-2","Uniprox","Bauerfeind","05.01.2024",null,1,1,"2,3,4",5,2,24,24,24,"NE",0,1,0,0,"kom",null,1,0,0,"337,335",0,0,null,0,1,0,"I","S","SPPD,LJ","Metal, svi moduli i materijali-originalni proizvod. ",0,"154,1347",5,{"$nulls":6},0,0,"'0618270162000"]
["PROTEZE ZA RUKE","Potrošni dijelovi",19,75,"'061827016301","'0618270163001","Kozmetički dio za nadlakticu ,Ottobock SE & Co. KGaA ,Kozmetički dio za nadlakticu   15K1","Ottobock SE & Co. KGaA","Otto Bock Adria","15.04.2023",null,1,1,"2,3,4",5,2,6,12,24,"NE",0,1,0,0,"kom",null,1,0,0,"102,335",0,0,null,0,1,0,"I","S","SPPD,LJ","Moltopren, svi moduli i materijali-originalni proizvod. ",0,"103,3876",5,{"$nulls":6},0,0,"'0618270163000"]
["PROTEZE ZA RUKE","Potrošni dijelovi",19,76,"'061827016301","'0618270163002","Kozmetički dio za nadlakticu ,Ottobock SE & Co. KGaA ,Kozmetički dio za nadlakticu   15K3","Ottobock SE & Co. KGaA","Otto Bock Adria","15.04.2023",null,1,1,"2,3,4",5,2,6,12,24,"NE",0,1,0,0,"kom",null,1,0,0,"102,335",0,0,null,0,1,0,"I","S","SPPD,LJ","Moltopren, svi moduli i materijali-originalni proizvod. ",0,"103,3876",5,{"$nulls":6},0,0,"'0618270163000"]
["PROTEZE ZA RUKE","Dijelovi za mioelekroničku protezu",20,77,"'062454056401","'0624540564001","Akumulator ,Ottobock SE & Co. KGaA ,Akumulator za mioelektroničku protezu, 757B15","Ottobock SE & Co. KGaA","Otto Bock Adria","01.01.2023",null,1,1,4,5,2,24,24,24,"NE",0,1,0,0,"kom",null,1,0,0,"102,335",0,0,null,1,1,0,"I","S","SPPD,LJ","Metal, plastika, svi moduli i materijali-originalni proizvod. ",0,"195,0083",25,{"$nulls":6},0,0,"'0624540564000"]
["PROTEZE ZA RUKE","Dijelovi za mioelekroničku protezu",20,78,"'062454056501","'0624540565001","Elektrode ,Ottobock SE & Co. KGaA ,Elektrode za mioelektroničku protezu, 13E200","Ottobock SE & Co. KGaA","Otto Bock Adria","01.01.2023",null,1,1,4,5,2,24,24,24,"NE",0,1,0,0,"kom",null,1,0,0,"102,335",0,0,null,1,1,0,"I","S","SPPD,LJ","Metal, plastika, svi moduli i materijali-originalni proizvod. ",0,"627,3781",5,{"$nulls":6},0,0,"'0624540565000"]
["PROTEZE ZA RUKE","Dijelovi za mioelekroničku protezu",20,79,"'062454056601","'0624540566001","Kabel za elektrodu ,Ottobock SE & Co. KGaA ,Kabel za elektrodu za mioelektroničku protezu, 13E129","Ottobock SE & Co. KGaA","Otto Bock Adria","15.04.2023",null,1,1,4,5,2,24,24,24,"NE",0,1,0,0,"kom",null,1,0,0,"102,335",0,0,null,1,1,0,"I","S","SPPD,LJ","Metal, plastika, svi moduli i materijali-originalni proizvod. ",0,"50,3903",5,{"$nulls":6},0,0,"'0624540566000"]
["PROTEZE ZA NOGE","Proteze za stopalo (djelomična amputacija)",22,80,"'062403020100","'0624030201000","Proteza za transmetatarzalni bataljak ",null,null,"15.04.2023",null,1,1,"2,3",5,2,6,8,"12 ","NE",0,1,0,0,"kom",null,1,0,0,"100,339",0,0,null,1,0,0,"I","I ","SPPD","Plastični materijali, svi moduli i materijali-originalni proizvod. ",0,"609,0916",5,{"$nulls":6},0,0,"'0624030201000"]
["PROTEZE ZA NOGE","Proteze za stopalo (djelomična amputacija)",22,81,"'062403020200","'0624030202000","Proteza za bataljak po Lisfrancu ili Chopartu, plastična, pojačana ugljičnim vlaknima, kratka ",null,null,"05.10.2023",null,1,1,"2,3",5,2,8,18,"24 ","NE",0,1,0,0,"kom",null,1,0,0,"339,100",0,0,null,1,0,0,"I","I ","SPPD","Plastika, ugljična vlakna, svi moduli i materijali-originalni proizvod. ",0,"592,0953",5,{"$nulls":6},0,0,"'0624030202000"]
["PROTEZE ZA NOGE","Proteze za stopalo (djelomična amputacija)",22,82,"'062403020300","'0624030203000","Proteza za bataljak po Lisfrancu ili Chopartu, plastična, pojačana ugljičnim vlaknima, duga  ",null,null,"05.10.2023",null,1,1,"2,3",5,2,8,18,"24 ","NE",0,1,0,0,"kom",null,1,0,0,"339,100",0,0,null,1,0,0,"I","I ","SPPD","Plastika, ugljična vlakna, svi moduli i materijali-originalni proizvod. ",0,"651,3042",5,{"$nulls":6},0,0,"'0624030203000"]
["PROTEZE ZA NOGE","Proteze za stopalo (djelomična amputacija)",22,83,"'062403020400","'0624030204000","Proteza za bataljak po Lisfrancu ili Chopartu, sa stopalnom pločom od ugljičnih vlakana (za visoko aktivne)  ",null,null,"15.04.2023",null,1,1,"2,3",5,2,0,36,"36 ","NE",0,1,0,0,"kom",null,1,0,0,"103,339",0,0,null,1,0,0,"I","I ","SPPD","Plastika, ugljična vlakna, svi moduli i materijali-originalni proizvod. ",0,"1975,3573",5,{"$nulls":6},0,0,"'0624030204000"]
["PROTEZE ZA NOGE","Proteza za bataljak po Pirogoffu ili Symeu (transmaleolarni bataljak)",23,84,"'062403020500","'0624030205000","Proteza za bataljak po Pirogoffu ili Symeu, standardna  ",null,null,"05.10.2023",null,1,1,"2,3",5,2,8,18,"24 ","NE",0,1,0,0,"kom",null,1,0,0,"339,100",0,0,null,1,0,0,"I","I","SPPD","Plastika, svi moduli i materijali-originalni proizvod. ",0,"768,5479",5,{"$nulls":6},0,0,"'0624030205000"]
["PROTEZE ZA NOGE","Proteza za bataljak po Pirogoffu ili Symeu (transmaleolarni bataljak)",23,85,"'062403020600","'0624030206000","Proteza za bataljak po Pirogoffu ili Symeu sa stopalom od ugljičnih vlakana (za visoko aktivne)  ",null,null,"15.04.2023",null,1,1,"2,3",5,2,0,36,"36 ","NE",0,1,0,0,"kom",null,1,0,0,"103,339",0,0,null,1,0,0,"I","I","SPPD","Plastika, ugljična vlakna, svi moduli i materijali-originalni proizvod. ",0,"2231,5828",5,{"$nulls":6},0,0,"'0624030206000"]
["PROTEZE ZA NOGE","Proteze za potkoljenicu (transtibijalni bataljak)",24,86,"'062409020700","'0624090207000","Proteza za potkoljenicu, plastična,  egzoskeletna,  SACH stopalo  ",null,null,"05.10.2023",null,1,1,"2,3",5,2,12,18,"36 ","NE",0,1,0,0,"kom",null,1,0,0,"339,100",0,0,null,1,0,0,"I","I","SPPD","Plastika, drvo, svi moduli i materijali-originalni proizvod. ",0,"1209,2065",5,{"$nulls":6},0,0,"'0624090207000"]
["PROTEZE ZA NOGE","Proteze za potkoljenicu (transtibijalni bataljak)",24,87,"'062409020800","'0624090208000","Proteza za potkoljenicu, modulska, čelik, SACH stopalo  ",null,null,"15.04.2023",null,1,1,"2,3",5,2,18,24,"36 ","NE",0,1,0,0,"kom",null,1,0,0,"100,339",0,0,null,1,0,0,"I","I","SPPD","Metal, plastika, svi moduli i materijali-originalni proizvod. ",0,"1366,6282",5,{"$nulls":6},0,0,"'0624090208000"]
["PROTEZE ZA NOGE","Proteze za potkoljenicu (transtibijalni bataljak)",24,88,"'062409020900","'0624090209000","Proteza za potkoljenicu, modulska, titan, dinamičko stopalo (za visoko aktivne)  ",null,null,"15.04.2023",null,1,1,"2,3",5,2,0,36,"36 ","NE",0,1,0,0,"kom",null,1,0,0,"103,339",0,0,null,1,0,0,"I","I","SPPD","Metal - titan, plastika, svi moduli i materijali-originalni proizvod. ",0,"1539,6191",5,{"$nulls":6},0,0,"'0624090209000"]
["PROTEZE ZA NOGE","Proteze za potkoljenicu (transtibijalni bataljak)",24,89,"'062409021000","'0624090210000","Proteza za potkoljenicu, modulska, čelik, SACH stopalo s elastičnom laminacijom od karbona  ",null,null,"15.04.2023",null,1,1,"2,3",5,2,18,24,"36 ","NE",0,1,0,0,"kom",null,1,0,0,"104,339",0,0,null,1,0,0,"I","I","SPPD","Metal, plastika, svi moduli i materijali-originalni proizvod. ",0,"2231,5828",5,{"$nulls":6},0,0,"'0624090210000"]
["PROTEZE ZA NOGE","Proteze za koljeno (transgenikularni bataljak)",25,90,"'062412021100","'0624120211000","Proteza za koljeno, modulska, dezartikulacijsko koljeno, čelik, SACH stopalo 100 ",null,null,"29.01.2026",null,1,1,"2,3",5,2,18,24,"36 ","NE",0,1,0,0,"kom",null,1,0,0,339,0,0,null,1,0,0,"I","I","SPPD","Metal, plastika, svi moduli i materijali-originalni proizvod. ",0,"2750,5555",5,{"$nulls":6},0,0,"'0624120211000"]
["PROTEZE ZA NOGE","Proteze za koljeno (transgenikularni bataljak)",25,91,"'062412021200","'0624120212000","Proteza za koljeno, modulska, dezartikulacijsko koljeno s kočnicom, čelik, SACH stopalo 100 ",null,null,"29.01.2026",null,1,1,"2,3",5,2,18,24,"36 ","NE",0,1,0,0,"kom",null,1,0,0,339,0,0,null,1,0,0,"I","I","SPPD","Metal, plastika, svi moduli i materijali-originalni proizvod. ",0,"2854,3500",5,{"$nulls":6},0,0,"'0624120212000"]
["PROTEZE ZA NOGE","Proteze za koljeno (transgenikularni bataljak)",25,92,"'062412021300","'0624120213000","Proteza za koljeno, modulska, hidraulično koljeno, titan, dinamičko stopalo (za visoko aktivne)  ",null,null,"15.04.2023",null,1,1,"2,3",5,2,0,36,"36 ","NE",0,1,0,0,"kom",null,1,0,0,"103,339",0,0,null,1,0,0,"I","I","SPPD","Metal, plastika, svi moduli i materijali-originalni proizvod. ",0,"3568,8471",5,{"$nulls":6},0,0,"'0624120213000"]
["PROTEZE ZA NOGE","Proteze za natkoljenicu (transfemoralni bataljak)",26,93,"'062415021400","'0624150214000","Proteza za natkoljenicu, drvena, koljeno s kočnicom, SACH stopalo  ",null,null,"01.01.2023",null,1,1,"2,3",5,2,0,0,"36 ","NE",0,1,0,0,"kom",null,1,0,0,"100,339",0,0,null,1,0,0,"I","I","SPPD","Metal, drvo, svi moduli i materijali-originalni proizvod. ",0,"1544,5617",5,{"$nulls":6},0,0,"'0624150214000"]
["PROTEZE ZA NOGE","Proteze za natkoljenicu (transfemoralni bataljak)",26,94,"'062415021500","'0624150215000","Proteza za natkoljenicu, gerijatrijska, plastična-pjenasta, koljeno s kočnicom, SACH stopalo  ",null,null,"01.01.2023",null,1,1,"2,3",5,2,0,0,"36 ","NE",0,1,0,0,"kom",null,1,0,0,"100,339",0,0,null,1,0,0,"I","I","SPPD","Plastika, pjena, metal, svi moduli i materijali-originalni proizvod. ",0,"1346,8578",5,{"$nulls":6},0,0,"'0624150215000"]
["PROTEZE ZA NOGE","Proteze za natkoljenicu (transfemoralni bataljak)",26,95,"'062415021600","'0624150216000","Proteza za natkoljenicu, modulska, gerijatrijska, koljeno s kočnicom, čelik, plastično ili drveno ležište, SACH stopalo  ",null,null,"15.04.2023",null,1,1,"2,3",5,2,0,0,"36 ","NE",0,1,0,0,"kom",null,1,0,0,"100,339",0,0,null,1,0,0,"I","I","SPPD","Plastika, metal, drvo, svi moduli i materijali-originalni proizvod. ",0,"2167,6133",5,{"$nulls":6},0,0,"'0624150216000"]
["PROTEZE ZA NOGE","Proteze za natkoljenicu (transfemoralni bataljak)",26,96,"'062415021700","'0624150217000","Proteza za natkoljenicu, modulska, jednoosovinsko koljeno, čelik, plastično ili drveno ležište, SACH stopalo  ",null,null,"15.04.2023",null,1,1,"2,3",5,2,18,24,"36 ","NE",0,1,0,0,"kom",null,1,0,0,"100,339",0,0,null,1,0,0,"I","I","SPPD","Plastika, metal, drvo, svi moduli i materijali-originalni proizvod. ",0,"2247,1519",5,{"$nulls":6},0,0,"'0624150217000"]
["PROTEZE ZA NOGE","Proteze za natkoljenicu (transfemoralni bataljak)",26,97,"'062415021800","'0624150218000","Proteza za natkoljenicu, modulska, jednoosovinsko samokočeće koljeno, čelik, plastično ili drveno ležište, SACH stopalo  ",null,null,"15.04.2023",null,1,1,"2,3",5,2,0,36,"36 ","NE",0,1,0,0,"kom",null,1,0,0,"100,339",0,0,null,1,0,0,"I","I","SPPD","Metal, plastika, drvo, svi moduli i materijali-originalni proizvod. ",0,"2388,9655",5,{"$nulls":6},0,0,"'0624150218000"]
["PROTEZE ZA NOGE","Proteze za natkoljenicu (transfemoralni bataljak)",26,98,"'062415021900","'0624150219000","Proteza za natkoljenicu, modulska, višeosovinsko koljeno, čelik, ležište s mekom stijenkom  (ISNY), dinamičko stopalo (za visoko aktivne)  ",null,null,"15.04.2023",null,1,1,"2,3",5,2,0,36,"36 ","NE",0,1,0,0,"kom",null,1,0,0,"103,339",0,0,null,1,0,0,"I","I","SPPD","Metal, plastika, svi moduli i materijali-originalni proizvod. ",0,"2750,5555",5,{"$nulls":6},0,0,"'0624150219000"]
["PROTEZE ZA NOGE","Proteze za natkoljenicu (transfemoralni bataljak)",26,99,"'062415022000","'0624150220000","Proteza za natkoljenicu, modulska, višeosovinsko koljeno, titan, ležište s mekom stijenkom (ISNY), dinamičko stopalo (za visoko aktivne)  ",null,null,"15.04.2023",null,1,1,"2,3",5,2,0,36,"36 ","NE",0,1,0,0,"kom",null,1,0,0,"103,339",0,0,null,1,0,0,"I","I","SPPD","Metal, plastika, svi moduli i materijali-originalni proizvod. ",0,"3096,5372",5,{"$nulls":6},0,0,"'0624150220000"]
["PROTEZE ZA NOGE","Proteze za natkoljenicu (transfemoralni bataljak)",26,100,"'062415022100","'0624150221000","Proteza za natkoljenicu modulska, višeosovinsko koljeno, čelik, ležište s mekom stijenkom (CAT - CAM), dinamičko stopalo (za visoko aktivne)  ",null,null,"15.04.2023",null,1,1,"2,3",5,2,0,36,"36 ","NE",0,1,0,0,"kom",null,1,0,0,"103,339",0,0,null,1,0,0,"I","I","SPPD","Metal, plastika, svi moduli i materijali-originalni proizvod. ",0,"3200,3318",5,{"$nulls":6},0,0,"'0624150221000"]
["PROTEZE ZA NOGE","Proteze za natkoljenicu (transfemoralni bataljak)",26,101,"'062415022200","'0624150222000","Proteza za natkoljenicu, modulska, višeosovinsko koljeno, titan, ležište s mekom stijenkom (CAT-CAM), dinamičko stopalo  (za visoko aktivne)  ",null,null,"15.04.2023",null,1,1,"2,3",5,2,0,36,"36 ","NE",0,1,0,0,"kom",null,1,0,0,"103,339",0,0,null,1,0,0,"I","I","SPPD","Metal, plastika, svi moduli i materijali-originalni proizvod. ",0,"3442,5191",5,{"$nulls":6},0,0,"'0624150222000"]
["PROTEZE ZA NOGE","Proteze za kuk (dezartikulacijski bataljak)",27,102,"'062418022300","'0624180223000","Proteza za kuk, modulska, čelik, jednoosovinsko koljeno, čelik, SACH stopalo  ",null,null,"15.04.2023",null,1,1,"2,3",5,2,18,24,"36 ","NE",0,1,0,0,"kom",null,1,0,0,"103,339",0,0,null,1,0,0,"I","I","SPPD","Metal, plastika, svi moduli i materijali-originalni proizvod. ",0,"3269,5282",5,{"$nulls":6},0,0,"'0624180223000"]
["PROTEZE ZA NOGE","Proteze za kuk (dezartikulacijski bataljak)",27,103,"'062418022400","'0624180224000","Proteza za kuk, modulska, titan,  jednoosovinsko koljeno,titan, dinamičko stopalo (za visoko aktivne)  ",null,null,"01.01.2023",null,1,1,"2,3",5,2,0,36,"36 ","NE",0,1,0,0,"kom",null,1,0,0,"103,339",0,0,null,1,0,0,"I","I","SPPD","Metal, plastika, svi moduli i materijali-originalni proizvod. ",0,"2829,6370",5,{"$nulls":6},0,0,"'0624180224000"]
["PROTEZE ZA NOGE","Ležište proteze za bataljak stopala",29,104,"'062454022500","'0624540225000","Ležište  proteze za bataljak po Lisfrancu ili Chopartu, sa stopalom od ugljičnih vlakana (za visoko aktivne)  ",null,null,"15.04.2023",null,1,1,"2,3",5,2,0,8,"18 ","NE",0,1,0,0,"kom",null,1,0,0,"102,339,340",0,0,null,1,0,0,"I","I","SPPD","Plastika, svi materijali-originalni proizvod. ",0,"433,7222",5,{"$nulls":6},0,0,"'0624540225000"]
["PROTEZE ZA NOGE","Ležište proteze za bataljak po Pirogoffu ili Symeu",30,105,"'062454022600","'0624540226000","Ležište proteze za bataljak po Pirogoffu ili Symeu 102 ",null,null,"05.10.2023",null,1,1,"2,3",5,2,6,8,"18 ","NE",0,1,0,0,"kom",null,1,0,0,"340,339",0,0,null,1,0,0,"I","I","SPPD","Plastika, svi materijali-originalni proizvod. ",0,"451,1997",5,{"$nulls":6},0,0,"'0624540226000"]
["PROTEZE ZA NOGE","Ležište proteze za bataljak po Pirogoffu ili Symeu",30,106,"'062454022700","'0624540227000","Ležište proteze za bataljak po Pirogoffu ili Symeu sa stopalom od ugljičnih vlakana (za visoko aktivne)  ",null,null,"15.04.2023",null,1,1,"2,3",5,2,0,8,"18 ","NE",0,1,0,0,"kom",null,1,0,0,"102,339,340",0,0,null,1,0,0,"I","I","SPPD","Plastika, svi materijali-originalni proizvod. ",0,"541,4392",5,{"$nulls":6},0,0,"'0624540227000"]
["PROTEZE ZA NOGE","Ležište proteze za potkoljenicu",31,107,"'062454022800","'0624540228000","Ležište proteze za potkoljenicu, plastično  ",null,null,"15.04.2023",null,1,1,"2,3",5,2,6,8,"12 ","NE",0,1,0,0,"kom",null,1,0,0,"102,339,340",0,0,null,1,0,0,"I","I","SPPD","Plastika, svi materijali-originalni proizvod. ",0,"993,5066",5,{"$nulls":6},0,0,"'0624540228000"]
["PROTEZE ZA NOGE","Ležište proteze za potkoljenicu",31,108,"'062454022900","'0624540229000","Ležište proteze za potkoljenicu, plastično, pojačano ugljičnim vlaknima  ",null,null,"15.04.2023",null,1,1,"2,3",5,2,6,8,"12 ","NE",0,1,0,0,"kom",null,1,0,0,"102,339,340",0,0,null,1,0,0,"I","I","SPPD","Plastika, koža, svi materijali-originalni proizvod. Ugljična vlakana, ležište u punom kontaktu s bataljkom. Svi materijali dermatološki testirani.",0,"1114,9515",5,{"$nulls":6},0,0,"'0624540229000"]
["PROTEZE ZA NOGE","Ležište proteze za potkoljenicu",31,109,"'062454023000","'0624540230000","Ležište  proteze za potkoljenicu, modulsko  ",null,null,"15.04.2023",null,1,1,"2,3",5,2,6,8,"12 ","NE",0,1,0,0,"kom",null,1,0,0,"102,339,340",0,0,null,1,0,0,"I","I","SPPD","Plastika, svi materijali-originalni proizvod. ",0,"1061,8371",5,{"$nulls":6},0,0,"'0624540230000"]
["PROTEZE ZA NOGE","Ležište proteze za potkoljenicu",31,110,"'062454023100","'0624540231000","Ležište  proteze za potkoljenicu, s natkoljeničnim dijelom  ",null,null,"15.04.2023",null,1,1,"2,3",5,2,6,8,"12 ","NE",0,1,0,0,"kom",null,1,0,0,"102,339,340",0,0,null,1,0,0,"I","I","SPPD","Plastika, koža, svi materijali-originalni proizvod. ",0,"1058,9775",5,{"$nulls":6},0,0,"'0624540231000"]
["PROTEZE ZA NOGE","Ležište proteze za potkoljenicu",31,111,"'062454023200","'0624540232000","Privremeno ležište proteze za potkoljenicu  ",null,null,"15.04.2023",null,1,1,"2,3",5,2,3,3,"3 ","NE",0,1,0,0,"kom",null,1,0,0,"101,339",0,0,null,1,0,0,"I","I","SPPD","Plastika, svi materijali-originalni proizvod. Termoplastika.",0,"616,7080",5,{"$nulls":6},0,0,"'0624540232000"]
["PROTEZE ZA NOGE","Ležište proteze za koljeno",32,112,"'062454023300","'0624540233000","Ležište proteze  koljena  ",null,null,"15.04.2023",null,1,1,"2,3",5,2,6,8,"12 ","NE",0,1,0,0,"kom",null,1,0,0,"102,339,340",0,0,null,1,0,0,"I","I","SPPD","Plastika, svi materijali-originalni proizvod. ",0,"1218,7461",5,{"$nulls":6},0,0,"'0624540233000"]
["PROTEZE ZA NOGE","Ležište proteze za natkoljenicu ",33,113,"'062454023400","'0624540234000","Ležište proteze za natkoljenicu drveno ili plastično  ",null,null,"15.04.2023",null,1,1,"2,3",5,2,6,8,"12 ","NE",0,1,0,0,"kom",null,1,0,0,"102,339,340",0,0,null,1,0,0,"I","I","SPPD","Drvo, metal, plastika, svi moduli i materijali - originalni proizvod.",0,"910,4785",5,{"$nulls":6},0,0,"'0624540234000"]
["PROTEZE ZA NOGE","Ležište proteze za natkoljenicu ",33,114,"'062454023500","'0624540235000","Ležište proteze za natkoljenicu, s mekom stijenkom (ISNY)  ",null,null,"15.04.2023",null,1,1,"2,3",5,2,0,8,"12 ","NE",0,1,0,0,"kom",null,1,0,0,"102,339,340",0,0,null,1,0,0,"I","I","SPPD","Plastika, svi materijali-originalni proizvod. ",0,"1065,7280",5,{"$nulls":6},0,0,"'0624540235000"]
["PROTEZE ZA NOGE","Ležište proteze za natkoljenicu ",33,115,"'062454023600","'0624540236000","Ležište proteze za natkoljenicu, s mekom stijenkom u punom kontaktu, uzdužno ovalno  (CAT - CAM)  ",null,null,"15.04.2023",null,1,1,"2,3",5,2,0,8,"12 ","NE",0,1,0,0,"kom",null,1,0,0,"102,339,340",0,0,null,1,0,0,"I","I","SPPD","Plastika, svi materijali-originalni proizvod. ",0,"1195,1379",5,{"$nulls":6},0,0,"'0624540236000"]
["PROTEZE ZA NOGE","Ležište proteze za natkoljenicu ",33,116,"'062454023700","'0624540237000","Privremeno ležište proteze za natkoljenicu  ",null,null,"15.04.2023",null,1,1,"2,3",5,2,3,3,"3 ","NE",0,1,0,0,"kom",null,1,0,0,"101,339",0,0,null,1,0,0,"I","I","SPPD","Drvo, termoplastika, svi materijali-originalni proizvod. ",0,"715,6250",5,{"$nulls":6},0,0,"'0624540237000"]
["PROTEZE ZA NOGE","Ležište proteze kuka",34,117,"'062454023800","'0624540238000","Ležište proteze kuka  ",null,null,"15.04.2023",null,1,1,"2,3",5,2,6,8,"12 ","NE",0,1,0,0,"kom",null,1,0,0,"102,339,340",0,0,null,1,0,0,"I","I","SPPD","Plastika, svi materijali - originalni proizvod. ",0,"1577,8945",5,{"$nulls":6},0,0,"'0624540238000"]
["PROTEZE ZA NOGE","Stopalo",35,118,"'062427023901","'0624270239003","SACH stopalo, standard 102 ,Ottobock SE & Co. KGaA ,SACH stopalo  1S66","Ottobock SE & Co. KGaA","Otto Bock Adria","29.01.2026",null,1,1,"2,3",5,2,12,24,24,"NE",0,1,0,0,"kom",null,1,0,0,"102,339",0,0,null,1,0,0,"I",null,"SPPD,LJ","Plastika, drvo, guma, modul, originalni proizvod. ",0,"77,8459",5,{"$nulls":6},0,0,"'0624270239000"]
["PROTEZE ZA NOGE","Stopalo",35,119,"'062427023903","'0624270239006","SACH stopalo, standard  ,Streifeneder ortho production GmbH ,SACH stopalo, 30A5","Streifeneder ortho production GmbH","Nostrum Medical","01.01.2023",null,1,1,"2,3",5,2,12,24,24,"NE",0,1,0,0,"kom",null,1,0,0,"102,339",0,0,null,1,0,0,"I","S ","SPPD,LJ","Plastika, drvo, guma, modul, originalni proizvod. ",0,"55,6042",5,{"$nulls":6},0,0,"'0624270239000"]
["PROTEZE ZA NOGE","Stopalo",35,120,"'062427023904","'0624270239007","SACH stopalo, standard  ,Uniprox ,SACH stopalo, F1-XX","Uniprox","Bauerfeind","15.04.2023",null,1,1,"2,3",5,2,12,24,24,"NE",0,1,0,0,"kom",null,1,0,0,"102,339",0,0,null,1,0,0,"I","S ","SPPD,LJ","Plastika, drvo, guma, modul, originalni proizvod. ",0,"77,8459",5,{"$nulls":6},0,0,"'0624270239000"]
["PROTEZE ZA NOGE","Stopalo",35,121,"'062427024002","'0624270240002","Gerijatrijsko stopalo  ,Streifeneder ortho production GmbH ,Gerijatrijsko stopalo, 30A9","Streifeneder ortho production GmbH","Nostrum Medical","01.01.2023",null,1,1,"2,3",5,2,0,0,24,"NE",0,1,0,0,"kom",null,1,0,0,"102,339",0,0,null,1,0,0,"I","S ","SPPD,LJ","Pjenasta guma, drvo, modul originalni proizvod. ",0,"61,1653",5,{"$nulls":6},0,0,"'0624270240000"]
["PROTEZE ZA NOGE","Stopalo",35,122,"'062427024102","'0624270241002","Dinamičko stopalo (za nižu i srednju aktivnost)  ,Streifeneder ortho production GmbH ,Dinamičko stopalo (za nižu i srednju aktivnost), 1D10","Streifeneder ortho production GmbH","Nostrum Medical","15.04.2023",null,1,1,"2,3",5,2,0,24,24,"NE",0,1,0,0,"kom",null,1,0,0,"102,339",0,0,null,1,0,0,"I","S ","SPPD,LJ","Plastika, guma, metal, modul originalni proizvod. ",0,"142,9259",5,{"$nulls":6},0,0,"'0624270241000"]
["PROTEZE ZA NOGE","Stopalo",35,123,"'062427024103","'0624270241003","Dinamičko stopalo (za nižu i srednju aktivnost)  ,Uniprox ,Dinamičko stopalo (za nižu i srednju aktivnost), F20-XX","Uniprox","Bauerfeind","05.10.2023",null,1,1,"2,3",5,2,0,24,24,"NE",0,1,0,0,"kom",null,1,0,0,"339,102",0,0,null,1,0,0,"I","S ","SPPD,LJ","Plastika, guma, metal, modul originalni proizvod. ",0,"142,9259",5,{"$nulls":6},0,0,"'0624270241000"]
["PROTEZE ZA NOGE","Stopalo",35,124,"'062427024201","'0624270242001","Dinamičko stopalo (za visoko aktivne)  ,Ottobock SE & Co. KGaA ,Dinamičko stopalo (za visoko aktivne), 1D35","Ottobock SE & Co. KGaA","Otto Bock Adria","15.04.2023",null,1,1,"2,3",5,2,0,24,24,"NE",0,1,0,0,"kom",null,1,0,0,"102,339",0,0,null,1,0,0,"I","S ","SPPD,LJ","Plastika, ugljična vlakna, modul originalni proizvod. ",0,"387,6725",5,{"$nulls":6},0,0,"'0624270242000"]
["PROTEZE ZA NOGE","Stopalo",35,125,"'062427024302","'0624270243002","Stopalo gibljivo u gležnju  ,Streifeneder ortho production GmbH ,Stopalo gibljivo u gležnju  30A15","Streifeneder ortho production GmbH","Nostrum Medical","15.04.2023",null,1,1,"2,3",5,2,0,24,24,"NE",0,1,0,0,"kom",null,1,0,0,"102,339",0,0,null,1,0,0,"I","S ","SPPD,LJ","Metal, drvo, guma, modul originalni proizvod. ",0,"187,5715",5,{"$nulls":6},0,0,"'0624270243000"]
["PROTEZE ZA NOGE","Stopalo",35,126,"'062427024302","'0624270243003","Stopalo gibljivo u gležnju  ,Streifeneder ortho production GmbH ,Stopalo gibljivo u gležnju  32A4","Streifeneder ortho production GmbH","Nostrum Medical","15.04.2023",null,1,1,"2,3",5,2,0,24,24,"NE",0,1,0,0,"kom",null,1,0,0,"102,339",0,0,null,1,0,0,"I","S ","SPPD,LJ","Metal, drvo, guma, modul originalni proizvod. ",0,"187,5715",5,{"$nulls":6},0,0,"'0624270243000"]
["PROTEZE ZA NOGE","Stopalo",35,127,"'062427024602","'0624270246003","Stopalo od ugljičnih vlakana (za visoko aktivne) 102 ,Freedom Innovations ,Sierra FS1000","Freedom Innovations","Otos; Bauerfeind","20.03.2025",null,1,1,"2,3",5,2,0,24,36,"NE",0,1,0,0,"kom",null,1,0,0,339,0,0,null,1,0,0,"I","S ","SPPD,LJ","Ugljična vlakna, stopalo s visokim povratom energije, modul originalni proizvod. ",0,"1950,2051",5,{"$nulls":6},0,0,"'0624270246000"]
["PROTEZE ZA NOGE","Stopalo",35,128,"'062427024602","'0624270246004","Stopalo od ugljičnih vlakana (za visoko aktivne) 102 ,Freedom Innovations ,Highlander FS3000","Freedom Innovations","Otos; Bauerfeind","20.03.2025",null,1,1,"2,3",5,2,0,24,36,"NE",0,1,0,0,"kom",null,1,0,0,339,0,0,null,1,0,0,"I","S ","SPPD,LJ","Ugljična vlakna, stopalo s visokim povratom energije, modul originalni proizvod. ",0,"1950,2051",5,{"$nulls":6},0,0,"'0624270246000"]
["PROTEZE ZA NOGE","Stopalo",35,129,"'062427024602","'0624270246005","Stopalo od ugljičnih vlakana (za visoko aktivne) 102 ,Freedom Innovations ,Pacifica LP FS4000","Freedom Innovations","Otos; Bauerfeind","20.03.2025",null,1,1,"2,3",5,2,0,24,36,"NE",0,1,0,0,"kom",null,1,0,0,339,0,0,null,1,0,0,"I","S ","SPPD,LJ","Ugljična vlakna, stopalo s visokim povratom energije, modul originalni proizvod. ",0,"1950,2051",5,{"$nulls":6},0,0,"'0624270246000"]
["PROTEZE ZA NOGE","Stopalo",35,130,"'062427024602","'0624270246006","Stopalo od ugljičnih vlakana (za visoko aktivne) 102 ,Freedom Innovations ,Defender Pediatric FS3000","Freedom Innovations","Otos; Bauerfeind","20.03.2025",null,1,1,"2,3",5,2,0,24,36,"NE",0,1,0,0,"kom",null,1,0,0,339,0,0,null,1,0,0,"I","S ","SPPD,LJ","Ugljična vlakna, stopalo s visokim povratom energije, modul originalni proizvod. ",0,"1950,2051",5,{"$nulls":6},0,0,"'0624270246000"]
["PROTEZE ZA NOGE","Stopalo",35,131,"'062427024603","'0624270246007","Stopalo od ugljičnih vlakana (za visoko aktivne)  ,Uniprox ,F60-XX","Uniprox","Bauerfeind","15.04.2023",null,1,1,"2,3",5,2,0,24,36,"NE",0,1,0,0,"kom",null,1,0,0,"102,339",0,0,null,1,0,0,"I","S ","SPPD,LJ","Ugljična vlakna, stopalo s visokim povratom energije, modul originalni proizvod. ",0,"1950,2051",5,{"$nulls":6},0,0,"'0624270246000"]
["PROTEZE ZA NOGE","Stopalo",35,132,"'062427024603","'0624270246008","Stopalo od ugljičnih vlakana (za visoko aktivne)  ,Uniprox ,F70-XX","Uniprox","Bauerfeind","15.04.2023",null,1,1,"2,3",5,2,0,24,36,"NE",0,1,0,0,"kom",null,1,0,0,"102,339",0,0,null,1,0,0,"I","S ","SPPD,LJ","Ugljična vlakna, stopalo s visokim povratom energije, modul originalni proizvod. ",0,"1950,2051",5,{"$nulls":6},0,0,"'0624270246000"]
["PROTEZE ZA NOGE","Stopalo",35,133,"'062427024404","'0624270244008","Stopalo gibljivo u gležnju (za visoko aktivne)  ,College Park Industries Inc. ,Truper","College Park Industries Inc.","Ossur Hrvatska","05.10.2023",null,1,1,"2,3",5,2,0,24,24,"NE",0,1,0,0,"kom",null,1,0,0,"339,102",0,0,null,1,0,0,"I","S ","SPPD,LJ","Metal, drvo, guma, modul originalni proizvod. ",0,"418,9650",5,{"$nulls":6},0,0,"'0624270244000"]
["PROTEZE ZA NOGE","Stopalo",35,134,"'062427024404","'0624270244009","Stopalo gibljivo u gležnju (za visoko aktivne)  ,College Park Industries Inc. ,Tribute","College Park Industries Inc.","Ossur Hrvatska","05.10.2023",null,1,1,"2,3",5,2,0,24,24,"NE",0,1,0,0,"kom",null,1,0,0,"339,102",0,0,null,1,0,0,"I","S ","SPPD,LJ","Metal, drvo, guma, modul originalni proizvod. ",0,"418,9650",5,{"$nulls":6},0,0,"'0624270244000"]
["PROTEZE ZA NOGE","Stopalo",35,135,"'062427024503","'0624270245006","Stopalo od ugljičnih vlakana, za bataljak po Chopartu, Pirogoffu ili Symeu (za visoko aktivne)  ,College Park Industries Inc. ,Horizon","College Park Industries Inc.","Ossur Hrvatska","15.04.2023",null,1,1,"2,3",5,2,0,24,36,"NE",0,1,0,0,"kom",null,1,0,0,"102,339",0,0,null,1,0,0,"I","S ","SPPD,LJ","Ugljična vlakna, modul originalni proizvod. ",0,"1292,4222",5,{"$nulls":6},0,0,"'0624270245000"]
["PROTEZE ZA NOGE","Stopalo",35,136,"'062427024604","'0624270246018","Stopalo od ugljičnih vlakana (za visoko aktivne)  ,College Park Industries Inc. ,Velocity","College Park Industries Inc.","Ossur Hrvatska","15.04.2023",null,1,1,"2,3",5,2,0,24,36,"NE",0,1,0,0,"kom",null,1,0,0,"102,339",0,0,null,1,0,0,"I","S ","SPPD,LJ","Ugljična vlakna, stopalo s visokim povratom energije, modul originalni proizvod. ",0,"1950,2051",5,{"$nulls":6},0,0,"'0624270246000"]
["PROTEZE ZA NOGE","Stopalo",35,137,"'062427024604","'0624270246019","Stopalo od ugljičnih vlakana (za visoko aktivne)  ,College Park Industries Inc. ,Soleus","College Park Industries Inc.","Ossur Hrvatska","15.04.2023",null,1,1,"2,3",5,2,0,24,36,"NE",0,1,0,0,"kom",null,1,0,0,"102,339",0,0,null,1,0,0,"I","S ","SPPD,LJ","Ugljična vlakna, stopalo s visokim povratom energije, modul originalni proizvod. ",0,"1950,2051",5,{"$nulls":6},0,0,"'0624270246000"]
["PROTEZE ZA NOGE","Stopalo",35,138,"'062427024703","'0624270247006","Stopalo za djecu  ,Streifeneder ortho production GmbH ,30A26","Streifeneder ortho production GmbH","Nostrum Medical","15.04.2023",null,1,1,"2,3",5,2,12,24,0,"NE",0,1,0,0,"kom",null,1,0,0,"102,339",0,0,null,1,0,0,"I","S ","SPPD,LJ","Pjena, guma, drvo, modul originalni proizvod. ",0,"67,5601",5,{"$nulls":6},0,0,"'0624270247000"]
["PROTEZE ZA NOGE","Stopalo",35,139,"'062427024504","'0624270245007","Stopalo od ugljičnih vlakana, za bataljak po Symeu,s mogućnošću inverzije i everzije, stupanj mobilnosti 1-4  ,Ottobock SE & Co. KGaA ,1C20 ProSymes","Ottobock SE & Co. KGaA","Otto Bock Adria","01.04.2024",null,1,0,"2,3",5,2,0,24,36,"NE",0,1,0,0,"kom",null,1,0,0,"339,102",0,0,null,1,0,0,"I",null,"SPPD,LJ","Stopalo izrađeno od ugljičnih vlakana s integriranim prilagodnikom ležišta. Prilagodnik za lamiranje sa stopalom je prikladan za ugradnju kod osiguranih osoba gdje je najmanja visina ugradnje 43mm visine. Stopalo ima mogućnost podešavanja u anterio/posteriornim i medijalno/lateralnim smjerovima (+/-6) te rotaciji (+/-30°).",0,"1659,2000",5,{"$nulls":6},0,0,"'0624270245000"]
["PROTEZE ZA NOGE","Stopalo",35,140,"'062427024605","'0624270246020","Stopalo od ugljičnih vlakana za stupanj mobilnosti 3 i 4  ,Ottobock SE & Co. KGaA ,1C50 Taleo","Ottobock SE & Co. KGaA","Otto Bock Adria","01.04.2024",null,1,0,"2,3",5,2,0,24,36,"NE",0,1,0,0,"kom",null,1,0,0,"339,102",0,0,null,1,0,0,"I",null,"SPPD,LJ","Stopalo izrađeno od ugljičnih vlakana, osim kozmetike i prilagodnika za prihvat. Vodootporno. Minimalno pet stupnjeva tvrdoće omogućuje bolju prilagodbu težini osigurane osobe.Visoki povrat energije.",0,"1950,2051",5,{"$nulls":6},0,0,"'0624270246000"]
["PROTEZE ZA NOGE","Stopalo",35,141,"'062427024605","'0624270246021","Stopalo od ugljičnih vlakana za stupanj mobilnosti 3 i 4  ,Ottobock SE & Co. KGaA , 1C53 Taleo LP","Ottobock SE & Co. KGaA","Otto Bock Adria","01.04.2024",null,1,0,"2,3",5,2,0,24,36,"NE",0,1,0,0,"kom",null,1,0,0,"339,102",0,0,null,1,0,0,"I",null,"SPPD,LJ","Stopalo izrađeno od ugljičnih vlakana, osim kozmetike i prilagodnika za prihvat. Vodootporno. Minimalno pet stupnjeva tvrdoće omogućuje bolju prilagodbu težini osigurane osobe.Visoki povrat energije.",0,"1950,2051",5,{"$nulls":6},0,0,"'0624270246000"]
["PROTEZE ZA NOGE","Stopalo",35,142,"'062427024605","'0624270246022","Stopalo od ugljičnih vlakana za stupanj mobilnosti 3 i 4  ,Ottobock SE & Co. KGaA , 1C60 Triton","Ottobock SE & Co. KGaA","Otto Bock Adria","01.04.2024",null,1,0,"2,3",5,2,0,24,36,"NE",0,1,0,0,"kom",null,1,0,0,"339,102",0,0,null,1,0,0,"I",null,"SPPD,LJ","Stopalo izrađeno od ugljičnih vlakana, osim kozmetike i prilagodnika za prihvat. Vodootporno. Minimalno pet stupnjeva tvrdoće omogućuje bolju prilagodbu težini osigurane osobe.Visoki povrat energije.",0,"1950,2051",5,{"$nulls":6},0,0,"'0624270246000"]
["PROTEZE ZA NOGE","Stopalo",35,143,"'062427024605","'0624270246023","Stopalo od ugljičnih vlakana za stupanj mobilnosti 3 i 4  ,Ottobock SE & Co. KGaA , 1C63 Triton LP","Ottobock SE & Co. KGaA","Otto Bock Adria","01.04.2024",null,1,0,"2,3",5,2,0,24,36,"NE",0,1,0,0,"kom",null,1,0,0,"339,102",0,0,null,1,0,0,"I",null,"SPPD,LJ","Stopalo izrađeno od ugljičnih vlakana, osim kozmetike i prilagodnika za prihvat. Vodootporno. Minimalno pet stupnjeva tvrdoće omogućuje bolju prilagodbu težini osigurane osobe.Visoki povrat energije.",0,"1950,2051",5,{"$nulls":6},0,0,"'0624270246000"]
["PROTEZE ZA NOGE","Stopalo",35,144,"'062427024704","'0624270247007","Stopalo za djecu od ugljičnih vlakana, za stupanj mobilnosti 4  ,Ottobock SE & Co. KGaA ,1E93 Runner Junior","Ottobock SE & Co. KGaA","Otto Bock Adria","01.04.2024",null,1,0,"2,3",5,2,12,24,0,"NE",0,1,0,0,"kom",null,1,0,0,"339,102",0,0,null,1,0,0,"I",null,"SPPD,LJ","Stopalo dizajnirano kao elastična lagana opruga od ugljičnih vlakana, koja omogućava veliki povrat energije i stabilnost osigurane osobe u svim fazama hoda. Pet stupnjeva tvrdoće. Pomični prilagodnik. Pomicanjem prilagodnika po opruzi od ugljičnih vlakana mijenja se dinamički odgovor stopala te se na taj način prilagođava potrebama osigurane osobe. Za osigurane osobe tjelesne težine od 15 do 45 kg.",0,"2608,7500",5,{"$nulls":6},0,0,"'0624270247000"]
["PROTEZE ZA NOGE","Stopalo",35,145,"'062427102001","'0624271020001","Stopalo od ugljičnih vlakana za stupanj mobilnosti 3 i 4, ugrađen funkcionalni prilagodnik za prigušenje torzije  ,Proteor ,ShockWave F20","Proteor","Otos; Bauerfeind","18.07.2024",null,1,1,"2,3",5,2,0,24,36,"NE",0,1,0,0,"kom",null,1,0,0,"339,102",0,0,null,1,0,0,"I",null,"SPPD,LJ","Stopalo sa ugrađenim funkcionalnim prilagodnikom za prigušenje torzije. Izrađeno od ugljičnih vlakana, osim kozmetike i prilagodnika za prihvat te funkcionalnog prilagodnika za prigušenje torzije i nagaza. Minimalno 5 stupnjeva tvrdoće omogućuje bolju prilagodbu težini osigurane osobe. Visoki povrat energije.",0,"1950,2051",5,null,null,"3457,2000",null,"1506,9949",null,1,0,"'0624271020000"]
["PROTEZE ZA NOGE","Stopalo",35,146,"'062427103001","'0624271030001","Stopalo od ugljičnih vlakana za stupanj mobilnosti 3 i 4  ,Alps ,Biostep CL","Alps","Otos","01.06.2024",null,1,0,"2,3",5,2,0,24,36,"NE",0,1,0,0,"kom",null,1,0,0,"339,102",0,0,null,1,0,0,"I","S ","SPPD,LJ","Stopalo izrađeno od ugljičnih vlakana, osim kozmetike i prilagodnika za prihvat. Vodotporno. Raspon pokreta fleksije i ekstenzije 26 stupnjeva uz mogućnost aksijalne rotacije od 9 stupnjeva. Visoki povrat energije. ",0,"1950,2051",5,null,null,"2536,2800",null,"586,0749",null,1,0,"'0624271030000"]
["PROTEZE ZA NOGE","Stopalo",35,147,"'062427104001","'0624271040001","Stopalo od ugljičnih vlakana, sa hidrauličnim zglobom za stupanj mobilnosti 3  ,Proteor ,Kinterra RM3","Proteor","Otos","01.06.2024",null,1,0,"2,3",5,2,0,24,36,"NE",0,1,0,0,"kom",null,1,0,0,"339,102",0,0,null,1,0,0,"I","S ","SPPD,LJ","Stopalo izrađeno od ugljičnih vlakana s ugrađenim hidrauličnim zglobom za stupanj mobilnosti 3, koje omogućava normalan hod bez obzira na teren ili brzinu hodanja. Minimalno 15 stupnjeva plantarne fleksije i 2 stupnja dorzalne fleksije. ",0,"1950,2051",5,null,null,"3900,0000",null,"1949,7949",null,1,0,"'0624271040000"]
["PROTEZE ZA NOGE","Stopalo",35,148,"'062427025101","'0624270251001","Stopalo od ugljičnih vlakana za stupanj mobilnosti 1  ,Ottobock SE & Co. KGaA ,1C11 Terion K2","Ottobock SE & Co. KGaA","Otto Bock Adria","01.06.2024",null,1,0,"2,3",5,2,0,24,24,"NE",0,1,0,0,"kom",null,1,0,0,"339,102",0,0,null,1,0,0,"I","S ","SPPD,LJ","Stopalo izrađeno od ugljičnih i staklenih vlakana, osim kozmetike i prilagodnika za prihvat. Dizajnirano za osigurane osobe nižeg stupnja mobilnosti. Omogućuje dobar kontakt s podlogom te stabilnost u fazi stajanja i hodanja. Široka primjena za opskrbu zbog niske visine modula. ",0,"945,8000",5,{"$nulls":6},0,0,"'0624270251000"]
["PROTEZE ZA NOGE","Stopalo",35,149,"'062427025301","'0624270253001","Stopalo od ugljičnih vlakana za stupanj mobilnosti 2  ,Proteor ,ExaltoF13","Proteor","Otos; Bauerfeind","18.07.2024",null,1,1,"2,3",5,2,0,24,24,"NE",0,1,0,0,"kom",null,1,0,0,"339,102",0,0,null,1,0,0,"I","S ","SPPD,LJ","Stopalo izrađeno od ugljičnih vlakana, osim kozmetike i prilagodnika za prihvat. Forma stopala odgovara anatomskom izgledu uz povrat energije, prirodan hod i prijelaz iz faze njihanja u fazu oslonca. Prigušenje vertikalnog djelovanja sile u fazi stajanja.",0,"1215,9200",5,{"$nulls":6},0,0,"'0624270253000"]
["PROTEZE ZA NOGE","Stopalo",35,150,"'062427025302","'0624270253002","Stopalo od ugljičnih vlakana za stupanj mobilnosti 2  ,IB-ER ,ShortFoot","IB-ER","Otos","01.06.2024",null,1,0,"2,3",5,2,0,24,24,"NE",0,1,0,0,"kom",null,1,0,0,"339,102",0,0,null,1,0,0,"I","S ","SPPD,LJ","Stopalo izrađeno od ugljičnih vlakana, osim kozmetike i prilagodnika za prihvat. Forma stopala odgovara anatomskom izgledu uz povrat energije, prirodan hod i prijelaz iz faze njihanja u fazu oslonca. Prigušenje vertikalnog djelovanja sile u fazi stajanja.",0,"1215,9200",5,{"$nulls":6},0,0,"'0624270253000"]
["PROTEZE ZA NOGE","Stopalo",35,151,"'062427025303","'0624270253003","Stopalo od ugljičnih vlakana za stupanj mobilnosti 2  ,Ottobock SE & Co. KGaA ,1C30 Trias","Ottobock SE & Co. KGaA","Otto Bock Adria","01.06.2024",null,1,0,"2,3",5,2,0,24,24,"NE",0,1,0,0,"kom",null,1,0,0,"339,102",0,0,null,1,0,0,"I","S ","SPPD,LJ","Stopalo izrađeno od ugljičnih vlakana, osim kozmetike i prilagodnika za prihvat. Forma stopala odgovara anatomskom izgledu uz povrat energije, prirodan hod i prijelaz iz faze njihanja u fazu oslonca. Prigušenje vertikalnog djelovanja sile u fazi stajanja.",0,"1215,9200",5,{"$nulls":6},0,0,"'0624270253000"]
["PROTEZE ZA NOGE","Stopalo",35,152,"'062427025304","'0624270253004","Stopalo od ugljičnih vlakana za stupanj mobilnosti 2  ,Streifeneder ortho production GmbH ,GO.smart","Streifeneder ortho production GmbH","Nostrum Medical","01.06.2024",null,1,0,"2,3",5,2,0,24,24,"NE",0,1,0,0,"kom",null,1,0,0,"339,102",0,0,null,1,0,0,"I","S ","SPPD,LJ","Stopalo izrađeno od ugljičnih vlakana, osim kozmetike i prilagodnika za prihvat. Forma stopala odgovara anatomskom izgledu uz povrat energije, prirodan hod i prijelaz iz faze njihanja u fazu oslonca. Prigušenje vertikalnog djelovanja sile u fazi stajanja.",0,"1215,9200",5,{"$nulls":6},0,0,"'0624270253000"]
["PROTEZE ZA NOGE","Stopalo",35,153,"'062427025304","'0624270253005","Stopalo od ugljičnih vlakana za stupanj mobilnosti 2  ,Streifeneder ortho production GmbH , GO.relax","Streifeneder ortho production GmbH","Nostrum Medical","01.06.2024",null,1,0,"2,3",5,2,0,24,24,"NE",0,1,0,0,"kom",null,1,0,0,"339,102",0,0,null,1,0,0,"I","S ","SPPD,LJ","Stopalo izrađeno od ugljičnih vlakana, osim kozmetike i prilagodnika za prihvat. Forma stopala odgovara anatomskom izgledu uz povrat energije, prirodan hod i prijelaz iz faze njihanja u fazu oslonca. Prigušenje vertikalnog djelovanja sile u fazi stajanja.",0,"1215,9200",5,{"$nulls":6},0,0,"'0624270253000"]
["PROTEZE ZA NOGE","Stopalo",35,154,"'062427026001","'0624270260001","Stopalo od ugljičnih vlakana za amputaciju po Chopartu ili Pirogofu  ,Ottobock SE & Co. KGaA ,1E81 Chopart","Ottobock SE & Co. KGaA","Otto Bock Adria","01.06.2024",null,1,0,"2,3",5,2,0,24,36,"NE",0,1,0,0,"kom",null,1,0,0,"339,102",0,0,null,1,0,0,"I","S ","SPPD,LJ","Stopalna ploča od ugljičnih vlakana, izrazito niske visine, prilagođene za parcijalne amputacije stopala.",0,"1282,7300",5,{"$nulls":6},0,0,"'0624270260000"]
["PROTEZE ZA NOGE","Stopalo",35,155,"'062427024606","'0624270246024","Stopalo od ugljičnih vlakana za stupanj mobilnosti 3 i 4  ,Proteor ,Dynadapt F10","Proteor","Otos; Bauerfeind","18.07.2024",null,1,1,"2,3",5,2,0,24,36,"NE",0,1,0,0,"kom",null,1,0,0,"339,102",0,0,null,1,0,0,"I","S ","SPPD,LJ","Stopalo izrađeno od ugljičnih vlakana, osim kozmetike i prilagodnika za prihvat. Vodootporno. Minimalno pet stupnjeva tvrdoće omogućuje bolju prilagodbu težini osigurane osobe.Visoki povrat energije.",0,"1950,2051",5,{"$nulls":6},0,0,"'0624270246000"]
["PROTEZE ZA NOGE","Stopalo",35,156,"'062427024607","'0624270246025","Stopalo od ugljičnih vlakana za stupanj mobilnosti 3 i 4  ,Alps ,Biostep LP","Alps","Otos","01.06.2024",null,1,0,"2,3",5,2,0,24,36,"NE",0,1,0,0,"kom",null,1,0,0,"339,102",0,0,null,1,0,0,"I","S ","SPPD,LJ","Stopalo izrađeno od ugljičnih vlakana, osim kozmetike i prilagodnika za prihvat. Vodootporno. Minimalno pet stupnjeva tvrdoće omogućuje bolju prilagodbu težini osigurane osobe.Visoki povrat energije.",0,"1950,2051",5,{"$nulls":6},0,0,"'0624270246000"]
["PROTEZE ZA NOGE","Stopalo",35,157,"'062427024608","'0624270246026","Stopalo od ugljičnih vlakana za stupanj mobilnosti 3 i 4  ,Streifeneder ortho production GmbH ,GO.free","Streifeneder ortho production GmbH","Nostrum Medical","01.06.2024",null,1,0,"2,3",5,2,0,24,36,"NE",0,1,0,0,"kom",null,1,0,0,"339,102",0,0,null,1,0,0,"I","S ","SPPD,LJ","Stopalo izrađeno od ugljičnih vlakana, osim kozmetike i prilagodnika za prihvat. Vodootporno. Minimalno pet stupnjeva tvrdoće omogućuje bolju prilagodbu težini osigurane osobe.Visoki povrat energije.",0,"1950,2051",5,{"$nulls":6},0,0,"'0624270246000"]
["PROTEZE ZA NOGE","Stopalo",35,158,"'062427104002","'0624271040002","Stopalo od ugljičnih vlakana, sa hidrauličnim zglobom za stupanj mobilnosti 3  ,Proteor ,Kinterra ROM","Proteor","Bauerfeind","18.07.2024",null,1,0,"2,3",5,2,0,24,36,"NE",0,1,0,0,"kom",null,1,0,0,"339,102",0,0,null,1,0,0,"I","S","SPPD,LJ","Stopalo izrađeno od ugljičnih vlakana s ugrađenim hidrauličnim zglobom za stupanj mobilnosti 3, koje omogućava normalan hod bez obzira na teren ili brzinu hodanja. Minimalno 15 stupnjeva plantarne fleksije i 2 stupnja dorzalne fleksije. ",0,"1950,2051",5,null,null,"3900,0000",null,"1949,7949",null,1,0,"'0624271040000"]
["PROTEZE ZA NOGE","Stopalo",35,159,"'062427025305","'0624270253006","Stopalo od ugljičnih vlakana za stupanj mobilnosti 2  ,Uniprox ,Uniprox F51","Uniprox","Bauerfeind","18.07.2024",null,1,0,"2,3",5,2,0,24,24,"NE",0,1,0,0,"kom",null,1,0,0,"339,102",0,0,null,1,0,0,"I","S","SPPD,LJ","Stopalo izrađeno od ugljičnih vlakana, osim kozmetike i prilagodnika za prihvat. Forma stopala odgovara anatomskom izgledu uz povrat energije, prirodan hod i prijelaz iz faze njihanja u fazu oslonca. Prigušenje vertikalnog djelovanja sile u fazi stajanja.",0,"1215,9200",5,{"$nulls":6},0,0,"'0624270253000"]
["PROTEZE ZA NOGE","Stopalo",35,160,"'062427024609","'0624270246027","Stopalo od ugljičnih vlakana za stupanj mobilnosti 3 i 4  ,Proteor ,Agilix F15","Proteor","Bauerfeind","18.07.2024",null,1,0,"2,3",5,2,0,24,36,"NE",0,1,0,0,"kom",null,1,0,0,"339,102",0,0,null,1,0,0,"I","S","SPPD,LJ","Stopalo izrađeno od ugljičnih vlakana, osim kozmetike i prilagodnika za prihvat. Vodootporno. Minimalno pet stupnjeva tvrdoće omogućuje bolju prilagodbu težini osigurane osobe.Visoki povrat energije.",0,"1950,2051",5,{"$nulls":6},0,0,"'0624270246000"]
["PROTEZE ZA NOGE","Stopalo",35,161,"'062427025102","'0624270251002","Stopalo od ugljičnih vlakana za stupanj mobilnosti 1  ,Ossur ,Balance Foot J","Ossur","Ossur Hrvatska","02.09.2024",null,1,0,"2,3",5,2,0,24,24,"NE",0,1,0,0,"kom",null,1,0,0,"339,102",0,0,null,1,0,0,"I",null,"SPPD,LJ","Stopalo izrađeno od ugljičnih i staklenih vlakana, osim kozmetike i prilagodnika za prihvat. Dizajnirano za osigurane osobe nižeg stupnja mobilnosti. Omogućuje dobar kontakt s podlogom te stabilnost u fazi stajanja i hodanja. Široka primjena za opskrbu zbog niske visine modula. ",0,"945,8000",5,{"$nulls":6},0,0,"'0624270251000"]
["PROTEZE ZA NOGE","Stopalo",35,162,"'062427025306","'0624270253007","Stopalo od ugljičnih vlakana za stupanj mobilnosti 2  ,Ossur ,Flex Foot Assure","Ossur","Ossur Hrvatska","02.09.2024",null,1,0,"2,3",5,2,0,24,24,"NE",0,1,0,0,"kom",null,1,0,0,"339,102",0,0,null,1,0,0,"I","S ","SPPD,LJ","Stopalo izrađeno od ugljičnih vlakana, osim kozmetike i prilagodnika za prihvat. Forma stopala odgovara anatomskom izgledu uz povrat energije, prirodan hod i prijelaz iz faze njihanja u fazu oslonca. Prigušenje vertikalnog djelovanja sile u fazi stajanja.",0,"1215,9200",5,{"$nulls":6},0,0,"'0624270253000"]
["PROTEZE ZA NOGE","Stopalo",35,163,"'062427024705","'0624270247008","Stopalo za djecu od ugljičnih vlakana, za stupanj mobilnosti 4  ,Ossur ,Flex-Run Junior","Ossur","Ossur Hrvatska","02.09.2024",null,1,0,"2,3",5,2,12,24,0,"NE",0,1,0,0,"kom",null,1,0,0,"339,102",0,0,null,1,0,0,"I","S ","SPPD,LJ","Stopalo dizajnirano kao elastična lagana opruga od ugljičnih vlakana, koja omogućava veliki povrat energije i stabilnost osigurane osobe u svim fazama hoda. Pet stupnjeva tvrdoće. Pomični prilagodnik. Pomicanjem prilagodnika po opruzi od ugljičnih vlakana mijenja se dinamički odgovor stopala te se na taj način prilagođava potrebama osigurane osobe. Za osigurane osobe tjelesne težine od 15 do 45 kg.",0,"2608,7500",5,{"$nulls":6},0,0,"'0624270247000"]
["PROTEZE ZA NOGE","Stopalo",35,164,"'062427024706","'0624270247009","Stopalo od ugljičnih vlakana dječje  ,Ossur ,Flex Foot Junior","Ossur","Ossur Hrvatska","02.09.2024",null,1,0,"2,3",5,2,12,24,0,"NE",0,1,0,0,"kom",null,1,0,0,"339,102",0,0,null,1,0,0,"I","S ","SPPD,LJ","Stopalo izrađeno od ugljičnih vlakana osim kozmetike i prilagodnika za prihvat, minimalno tri stupnja tvrdoće omogućuje bolju prilagodbu težini osigurane osobe, visoki povrat energije.",0,"1350,0000",5,{"$nulls":6},0,0,"'0624270247000"]
["PROTEZE ZA NOGE","Stopalo",35,165,"'062427024706","'0624270247010","Stopalo od ugljičnih vlakana dječje  ,Ossur , Vari Flex Junior","Ossur","Ossur Hrvatska","02.09.2024",null,1,0,"2,3",5,2,12,24,0,"NE",0,1,0,0,"kom",null,1,0,0,"339,102",0,0,null,1,0,0,"I","S ","SPPD,LJ","Stopalo izrađeno od ugljičnih vlakana osim kozmetike i prilagodnika za prihvat, minimalno tri stupnja tvrdoće omogućuje bolju prilagodbu težini osigurane osobe, visoki povrat energije.",0,"1350,0000",5,{"$nulls":6},0,0,"'0624270247000"]
["PROTEZE ZA NOGE","Stopalo",35,166,"'062427024610","'0624270246028","Stopalo od ugljičnih vlakana za stupanj mobilnosti 3 i 4  ,Exoneo ,Mahi","Exoneo","Moor ortotika i protetika","12.10.2024",null,1,0,"2,3",5,2,0,24,36,"NE",0,1,0,0,"kom",null,1,0,0,"339,102",0,0,null,1,0,0,"I","S ","SPPD,LJ","Stopalo izrađeno od ugljičnih vlakana, osim kozmetike i prilagodnika za prihvat. Vodootporno. Minimalno pet stupnjeva tvrdoće omogućuje bolju prilagodbu težini osigurane osobe.Visoki povrat energije.",0,"1950,2051",5,{"$nulls":6},0,0,"'0624270246000"]
["PROTEZE ZA NOGE","Stopalo",35,167,"'062427024611","'0624270246029","Stopalo od ugljičnih vlakana za stupanj mobilnosti 3 i 4  ,Blatchford Products Limited ,Esprit","Blatchford Products Limited","Moor ortotika i protetika","12.10.2024",null,1,0,"2,3",5,2,0,24,36,"NE",0,1,0,0,"kom",null,1,0,0,"339,102",0,0,null,1,0,0,"I","S ","SPPD,LJ","Stopalo izrađeno od ugljičnih vlakana, osim kozmetike i prilagodnika za prihvat. Vodootporno. Minimalno pet stupnjeva tvrdoće omogućuje bolju prilagodbu težini osigurane osobe.Visoki povrat energije.",0,"1950,2051",5,{"$nulls":6},0,0,"'0624270246000"]
["PROTEZE ZA NOGE","Stopalo",35,168,"'062427024611","'0624270246030","Stopalo od ugljičnih vlakana za stupanj mobilnosti 3 i 4  ,Blatchford Products Limited , Epirus","Blatchford Products Limited","Moor ortotika i protetika","12.10.2024",null,1,0,"2,3",5,2,0,24,36,"NE",0,1,0,0,"kom",null,1,0,0,"339,102",0,0,null,1,0,0,"I","S ","SPPD,LJ","Stopalo izrađeno od ugljičnih vlakana, osim kozmetike i prilagodnika za prihvat. Vodootporno. Minimalno pet stupnjeva tvrdoće omogućuje bolju prilagodbu težini osigurane osobe.Visoki povrat energije.",0,"1950,2051",5,{"$nulls":6},0,0,"'0624270246000"]
["PROTEZE ZA NOGE","Stopalo",35,169,"'062427024611","'0624270246031","Stopalo od ugljičnih vlakana za stupanj mobilnosti 3 i 4  ,Blatchford Products Limited , Elite2","Blatchford Products Limited","Moor ortotika i protetika","12.10.2024",null,1,0,"2,3",5,2,0,24,36,"NE",0,1,0,0,"kom",null,1,0,0,"339,102",0,0,null,1,0,0,"I","S ","SPPD,LJ","Stopalo izrađeno od ugljičnih vlakana, osim kozmetike i prilagodnika za prihvat. Vodootporno. Minimalno pet stupnjeva tvrdoće omogućuje bolju prilagodbu težini osigurane osobe.Visoki povrat energije.",0,"1950,2051",5,{"$nulls":6},0,0,"'0624270246000"]
["PROTEZE ZA NOGE","Stopalo",35,170,"'062427024612","'0624270246032","Stopalo od ugljičnih vlakana za stupanj mobilnosti 3 i 4 102 ,Ossur ,LP Vari-Flex","Ossur","Ossur Hrvatska","23.11.2024",null,1,0,"2,3",5,2,0,24,36,"NE",0,1,0,0,"kom",null,1,0,0,339,0,0,null,1,0,0,"I","S ","SPPD,LJ","Stopalo izrađeno od ugljičnih vlakana, osim kozmetike i prilagodnika za prihvat. Vodootporno. Minimalno pet stupnjeva tvrdoće omogućuje bolju prilagodbu težini osigurane osobe.Visoki povrat energije.",0,"1950,2051",5,{"$nulls":6},0,0,"'0624270246000"]
["PROTEZE ZA NOGE","Stopalo",35,171,"'062427024612","'0624270246033","Stopalo od ugljičnih vlakana za stupanj mobilnosti 3 i 4 102 ,Ossur , Vari-Flex","Ossur","Ossur Hrvatska","23.11.2024",null,1,0,"2,3",5,2,0,24,36,"NE",0,1,0,0,"kom",null,1,0,0,339,0,0,null,1,0,0,"I","S ","SPPD,LJ","Stopalo izrađeno od ugljičnih vlakana, osim kozmetike i prilagodnika za prihvat. Vodootporno. Minimalno pet stupnjeva tvrdoće omogućuje bolju prilagodbu težini osigurane osobe.Visoki povrat energije.",0,"1950,2051",5,{"$nulls":6},0,0,"'0624270246000"]
["PROTEZE ZA NOGE","Stopalo",35,172,"'062427024505","'0624270245008","Stopalo od ugljičnih vlakana, za bataljak po Symeu,s mogućnošću inverzije i everzije, stupanj mobilnosti 1-4 102 ,Ortotek ,Symes-Tech Plus ORT-CF-14","Ortotek","Bauerfeind","29.05.2025",null,1,0,"2,3",5,2,0,24,36,"NE",0,1,0,0,"kom",null,1,0,0,339,0,0,null,1,0,0,"I","S ","SPPD,LJ","Stopalo izrađeno od ugljičnih vlakana s integriranim prilagodnikom ležišta. Prilagodnik za lamiranje sa stopalom je prikladan za ugradnju kod osiguranih osoba gdje je najmanja visina ugradnje 43mm visine. Stopalo ima mogućnost podešavanja u anterio/posteriornim i medijalno/lateralnim smjerovima (+/-6) te rotaciji (+/-30°).",0,"1659,2000",5,{"$nulls":6},0,0,"'0624270245000"]
["PROTEZE ZA NOGE","Stopalo",35,173,"'062427024505","'0624270245009","Stopalo od ugljičnih vlakana, za bataljak po Symeu,s mogućnošću inverzije i everzije, stupanj mobilnosti 1-4 102 ,Ortotek , Symes Tech ORT-CF-13","Ortotek","Bauerfeind","29.05.2025",null,1,0,"2,3",5,2,0,24,36,"NE",0,1,0,0,"kom",null,1,0,0,339,0,0,null,1,0,0,"I","S ","SPPD,LJ","Stopalo izrađeno od ugljičnih vlakana s integriranim prilagodnikom ležišta. Prilagodnik za lamiranje sa stopalom je prikladan za ugradnju kod osiguranih osoba gdje je najmanja visina ugradnje 43mm visine. Stopalo ima mogućnost podešavanja u anterio/posteriornim i medijalno/lateralnim smjerovima (+/-6) te rotaciji (+/-30°).",0,"1659,2000",5,{"$nulls":6},0,0,"'0624270245000"]
["PROTEZE ZA NOGE","Stopalo",35,174,"'062427026002","'0624270260002","Stopalo od ugljičnih vlakana za amputaciju po Chopartu ili Pirogofu 102 ,Ortotek ,Chopart ORT-CF-15","Ortotek","Bauerfeind","29.05.2025",null,1,0,"2,3",5,2,0,24,36,"NE",0,1,0,0,"kom",null,1,0,0,339,0,0,null,1,0,0,"I","S ","SPPD,LJ","Stopalna ploča od ugljičnih vlakana, izrazito niske visine, prilagođene za parcijalne amputacije stopala.",0,"1282,7300",5,{"$nulls":6},0,0,"'0624270260000"]
["PROTEZE ZA NOGE","Stopalo",35,175,"'062427026002","'0624270260003","Stopalo od ugljičnih vlakana za amputaciju po Chopartu ili Pirogofu 102 ,Ortotek , Chopart ORT-CF-15-1","Ortotek","Bauerfeind","29.05.2025",null,1,0,"2,3",5,2,0,24,36,"NE",0,1,0,0,"kom",null,1,0,0,339,0,0,null,1,0,0,"I","S ","SPPD,LJ","Stopalna ploča od ugljičnih vlakana, izrazito niske visine, prilagođene za parcijalne amputacije stopala.",0,"1282,7300",5,{"$nulls":6},0,0,"'0624270260000"]
["PROTEZE ZA NOGE","Stopalo",35,176,"'062427026002","'0624270260004","Stopalo od ugljičnih vlakana za amputaciju po Chopartu ili Pirogofu 102 ,Ortotek , Chopart Plus ORT-CF-21","Ortotek","Bauerfeind","29.05.2025",null,1,0,"2,3",5,2,0,24,36,"NE",0,1,0,0,"kom",null,1,0,0,339,0,0,null,1,0,0,"I","S ","SPPD,LJ","Stopalna ploča od ugljičnih vlakana, izrazito niske visine, prilagođene za parcijalne amputacije stopala.",0,"1282,7300",5,{"$nulls":6},0,0,"'0624270260000"]
["PROTEZE ZA NOGE","Stopalo",35,177,"'062427026002","'0624270260005","Stopalo od ugljičnih vlakana za amputaciju po Chopartu ili Pirogofu 102 ,Ortotek , Chopart Plus ORT-CF-21-1","Ortotek","Bauerfeind","29.05.2025",null,1,0,"2,3",5,2,0,24,36,"NE",0,1,0,0,"kom",null,1,0,0,339,0,0,null,1,0,0,"I","S ","SPPD,LJ","Stopalna ploča od ugljičnih vlakana, izrazito niske visine, prilagođene za parcijalne amputacije stopala.",0,"1282,7300",5,{"$nulls":6},0,0,"'0624270260000"]
["PROTEZE ZA NOGE","Stopalo",35,178,"'062427102002","'0624271020002","Stopalo od ugljičnih vlakana za stupanj mobilnosti 3 i 4, ugrađen funkcionalni prilagodnik za prigušenje torzije 102 ,Ottobock SE & Co. KGaA ,1C51 Taleo Vertical Shock","Ottobock SE & Co. KGaA","Otto Bock Adria","23.10.2025",null,1,0,"2,3",5,2,0,24,36,"NE",0,1,0,0,"kom",null,1,0,0,339,0,0,null,1,0,0,"I",null,"SPPD,LJ","Stopalo izrađeno od ugljičnih vlakana osim kozmetike i prilagodnika za prihvat, te funkcionalnog prilagodnika za prigušenje torzije i nagaza. Minimalno 5 stupnjeva tvrdoće omogućuje bolju prilagodbu težini osigurane osobe. Visoki povrat energije.",0,"1950,2051",5,null,null,"3284,4800",null,"1334,2749",null,1,0,"'0624271020000"]
["PROTEZE ZA NOGE","Stopalo",35,179,"'062427102002","'0624271020003","Stopalo od ugljičnih vlakana za stupanj mobilnosti 3 i 4, ugrađen funkcionalni prilagodnik za prigušenje torzije 102 ,Ottobock SE & Co. KGaA , 1C61 Triton Vertical Shock","Ottobock SE & Co. KGaA","Otto Bock Adria","23.10.2025",null,1,0,"2,3",5,2,0,24,36,"NE",0,1,0,0,"kom",null,1,0,0,339,0,0,null,1,0,0,"I",null,"SPPD,LJ","Stopalo izrađeno od ugljičnih vlakana osim kozmetike i prilagodnika za prihvat, te funkcionalnog prilagodnika za prigušenje torzije i nagaza. Minimalno 5 stupnjeva tvrdoće omogućuje bolju prilagodbu težini osigurane osobe. Visoki povrat energije.",0,"1950,2051",5,null,null,"3284,4800",null,"1334,2749",null,1,0,"'0624271020000"]
["PROTEZE ZA NOGE","Stopalo",35,180,"'062427102003","'0624271020004","Stopalo od ugljičnih vlakana s mogućnošću everzije / inverzije  za stupanj mobilnosti 3 i 4 102 ,Ottobock SE & Co. KGaA ,1C58 Taleo Side flex","Ottobock SE & Co. KGaA","Otto Bock Adria","23.10.2025",null,1,0,"2,3",5,2,0,24,36,"NE",0,1,0,0,"kom",null,1,0,0,339,0,0,null,1,0,0,"I",null,"SPPD,LJ","Stopalo od ugljičnih vlakana osim kozmetike i prilagodnika za prihvat. Jedinica s rotirajućom hidrauličnom oprugom koja omogućuje gibanje stopala u frontalnoj ravnini (everzija/inverzija do 10 stupnjeva). Vodootporno na slatku i slanu vodu.",0,"1950,2051",5,null,null,"3284,4800",null,"1334,2749",null,1,0,"'0624271020000"]
["PROTEZE ZA NOGE","Stopalo",35,181,"'062427102003","'0624271020005","Stopalo od ugljičnih vlakana s mogućnošću everzije / inverzije  za stupanj mobilnosti 3 i 4 102 ,Ottobock SE & Co. KGaA , 1C68 Triton Side flex","Ottobock SE & Co. KGaA","Otto Bock Adria","23.10.2025",null,1,0,"2,3",5,2,0,24,36,"NE",0,1,0,0,"kom",null,1,0,0,339,0,0,null,1,0,0,"I",null,"SPPD,LJ","Stopalo od ugljičnih vlakana osim kozmetike i prilagodnika za prihvat. Jedinica s rotirajućom hidrauličnom oprugom koja omogućuje gibanje stopala u frontalnoj ravnini (everzija/inverzija do 10 stupnjeva). Vodootporno na slatku i slanu vodu.",0,"1950,2051",5,null,null,"3284,4800",null,"1334,2749",null,1,0,"'0624271020000"]
["PROTEZE ZA NOGE","Stopalo",35,182,"'062427104003","'0624271040003","Stopalo od ugljičnih vlakana  sa mogućnošću namještanja visine pete za stupanj mobilnosti 3 102 ,Ottobock SE & Co. KGaA ,1C56 Taleo Adjust","Ottobock SE & Co. KGaA","Otto Bock Adria","23.10.2025",null,1,0,"2,3",5,2,0,24,36,"NE",0,1,0,0,"kom",null,1,0,0,339,0,0,null,1,0,0,"I",null,"SPPD,LJ","Stopalo izrađeno od ugljičnih vlakana osim kozmetike i prilagodnika za prihvat. Minimalno 5 stupnjeva tvrdoće stopala, bolja prilagodba težini osigurane osobe. Mogućnost samostalnog najmeštanja visine pete od min. 5 cm visine. Viskoi povrat energije. ",0,"1950,2051",5,null,null,"3284,4800",null,"1334,2749",null,1,0,"'0624271040000"]
["PROTEZE ZA NOGE","Stopalo",35,183,"'062427104004","'0624271040004","Stopalo od ugljičnih vlakana, s hidrauličnim zglobom za stupanj mobilnosti 3 i 4 102 ,Ottobock SE & Co. KGaA ,1C59 Taleo Adapt ","Ottobock SE & Co. KGaA","Otto Bock Adria","29.01.2026",null,1,0,"2,3",5,2,0,24,36,"NE",0,1,0,0,"kom",null,1,0,0,339,0,0,null,1,0,0,"I","S","SPPD,LJ","Stopalo izrađeno od ugljičnih vlakana s ugrađenim hidrauličkim zglobom za stupanj mobilnosti 3 i 4, koje omogućava normalan hod bez obzira na teren ili brzinu hodanja. Minimalno 10 stupnjeva plantarne fleksije i 2 stupnja dorzalne fleksije. ",0,"1950,2051",5,null,null,"3705,0000",null,"1754,7900",null,1,0,"'0624271040000"]
["PROTEZE ZA NOGE","Koljeno",37,184,"'062433024800","'0624330248000","Drveno koljeno  ",null,null,"01.01.2023",null,1,1,"2,3",5,2,18,24,"36 ","NE",0,1,0,0,"kom",null,1,0,0,"102,339",0,0,null,1,0,0,"I","S","SPPD,LJ","Drvo, modul originalni proizvod. ",0,"333,1767",5,{"$nulls":6},0,0,"'0624330248000"]
["PROTEZE ZA NOGE","Koljeno",37,185,"'062433025002","'0624330250002","Jednoosovinsko koljeno, čelik  ,Streifeneder ortho production GmbH ,Jednoosovinsko koljeno, čelik, 3A22/S","Streifeneder ortho production GmbH","Nostrum Medical","15.04.2023",null,1,1,"2,3",5,2,0,24,36,"NE",0,1,0,0,"kom",null,1,0,0,"102,339",0,0,null,1,0,0,"I","S","SPPD,LJ","Metal, modul originalni proizvod. ",0,"428,5232",5,{"$nulls":6},0,0,"'0624330250000"]
["PROTEZE ZA NOGE","Koljeno",37,186,"'062433025101","'0624330251001","Jednoosovinsko koljeno, titan  ,Streifeneder ortho production GmbH ,Jednoosovinsko koljeno, titan, 3A34/T","Streifeneder ortho production GmbH","Nostrum Medical","15.04.2023",null,1,1,"2,3",5,2,0,36,36,"NE",0,1,0,0,"kom",null,1,0,0,"102,339",0,0,null,1,0,0,"I","S","SPPD,LJ","Metal, modul originalni proizvod. ",0,"729,1338",5,{"$nulls":6},0,0,"'0624330251000"]
["PROTEZE ZA NOGE","Koljeno",37,187,"'062433025201","'0624330252001","Gerijatrijsko koljeno  ,Ottobock SE & Co. KGaA ,Gerijatrijsko koljeno 3R40","Ottobock SE & Co. KGaA","Otto Bock Adria","15.04.2023",null,1,1,"2,3",5,2,0,0,36,"NE",0,1,0,0,"kom",null,1,0,0,"102,339",0,0,null,1,0,0,"I","S","SPPD,LJ","Metal, modul originalni proizvod. ",0,"294,2573",5,{"$nulls":6},0,0,"'0624330252000"]
["PROTEZE ZA NOGE","Koljeno",37,188,"'062433025202","'0624330252002","Gerijatrijsko koljeno  ,IB-ER ,Single Axis Knee w/ Manual Lock E41","IB-ER","Otos","15.04.2023",null,1,1,"2,3",5,2,0,0,36,"NE",0,1,0,0,"kom",null,1,0,0,"102,339",0,0,null,1,0,0,"I","S","SPPD,LJ","Metal, modul originalni proizvod. ",0,"258,5261",5,{"$nulls":6},0,0,"'0624330252000"]
["PROTEZE ZA NOGE","Koljeno",37,189,"'062433025203","'0624330252003","Gerijatrijsko koljeno  ,Streifeneder ortho production GmbH ,Gerijatrijsko koljeno, 3A40/A","Streifeneder ortho production GmbH","Nostrum Medical","15.04.2023",null,1,1,"2,3",5,2,0,0,36,"NE",0,1,0,0,"kom",null,1,0,0,"102,339",0,0,null,1,0,0,"I","S","SPPD,LJ","Metal, modul originalni proizvod. ",0,"273,2389",5,{"$nulls":6},0,0,"'0624330252000"]
["PROTEZE ZA NOGE","Koljeno",37,190,"'062433025204","'0624330252004","Gerijatrijsko koljeno  ,Uniprox ,Gerijatrijsko koljeno, JT01","Uniprox","Bauerfeind","15.04.2023",null,1,1,"2,3",5,2,0,0,36,"NE",0,1,0,0,"kom",null,1,0,0,"102,339",0,0,null,1,0,0,"I","S","SPPD,LJ","Metal, modul originalni proizvod. ",0,"279,7546",5,{"$nulls":6},0,0,"'0624330252000"]
["PROTEZE ZA NOGE","Koljeno",37,191,"'062433025301","'0624330253001","Jednoosovinsko koljeno, s kočnicom, čelik  ,Ottobock SE & Co. KGaA ,Jednoosovinsko koljeno, s kočnicom, čelik, 3R17","Ottobock SE & Co. KGaA","Otto Bock Adria","15.04.2023",null,1,1,"2,3",5,2,0,36,36,"NE",0,1,0,0,"kom",null,1,0,0,"102,339",0,0,null,1,0,0,"I","S","SPPD,LJ","Metal, modul originalni proizvod. ",0,"309,8266",5,{"$nulls":6},0,0,"'0624330253000"]
["PROTEZE ZA NOGE","Koljeno",37,192,"'062433025302","'0624330253002","Jednoosovinsko koljeno, s kočnicom, čelik  ,Streifeneder ortho production GmbH ,Jednoosovinsko koljeno, s kočnicom, čelik, 3A17/S","Streifeneder ortho production GmbH","Nostrum Medical","15.04.2023",null,1,1,"2,3",5,2,0,36,36,"NE",0,1,0,0,"kom",null,1,0,0,"102,339",0,0,null,1,0,0,"I","S","SPPD,LJ","Metal, modul originalni proizvod. ",0,"296,5483",5,{"$nulls":6},0,0,"'0624330253000"]
["PROTEZE ZA NOGE","Koljeno",37,193,"'062433025303","'0624330253003","Jednoosovinsko koljeno, s kočnicom, čelik  ,Uniprox ,Jednoosovinsko koljeno, s kočnicom, čelik, JT02-ST","Uniprox","Bauerfeind","15.04.2023",null,1,1,"2,3",5,2,0,36,36,"NE",0,1,0,0,"kom",null,1,0,0,"102,339",0,0,null,1,0,0,"I","S","SPPD,LJ","Metal, modul originalni proizvod. ",0,"309,8266",5,{"$nulls":6},0,0,"'0624330253000"]
["PROTEZE ZA NOGE","Koljeno",37,194,"'062433025401","'0624330254001","Jednoosovinsko koljeno, s kočnicom, titan  ,Streifeneder ortho production GmbH ,Jednoosovinsko koljeno, s kočnicom, titan, 3A33/T","Streifeneder ortho production GmbH","Nostrum Medical","15.04.2023",null,1,1,"2,3",5,2,0,36,36,"NE",0,1,0,0,"kom",null,1,0,0,"102,339",0,0,null,1,0,0,"I","S","SPPD,LJ","Metal, modul originalni proizvod. ",0,"516,1960",5,{"$nulls":6},0,0,"'0624330254000"]
["PROTEZE ZA NOGE","Koljeno",37,195,"'062433025501","'0624330255001","Jednoosovinsko koljeno, samokočeće, čelik  ,Ottobock SE & Co. KGaA ,Jednoosovinkso koljeno, samokočeće, čelik, 3R15","Ottobock SE & Co. KGaA","Otto Bock Adria","15.04.2023",null,1,1,"2,3",5,2,0,36,36,"NE",0,1,0,0,"kom",null,1,0,0,"102,339",0,0,null,1,0,0,"I","S","SPPD,LJ","Metal, modul originalni proizvod. ",0,"340,9650",5,{"$nulls":6},0,0,"'0624330255000"]
["PROTEZE ZA NOGE","Koljeno",37,196,"'062433025502","'0624330255002","Jednoosovinsko koljeno, samokočeće, čelik  ,IB-ER ,Single Axis Friction Knee, steel","IB-ER","Otos","15.04.2023",null,1,1,"2,3",5,2,0,36,36,"NE",0,1,0,0,"kom",null,1,0,0,"102,339",0,0,null,1,0,0,"I","S","SPPD,LJ","Metal, modul originalni proizvod. ",0,"314,1749",5,{"$nulls":6},0,0,"'0624330255000"]
["PROTEZE ZA NOGE","Koljeno",37,197,"'062433025503","'0624330255003","Jednoosovinsko koljeno, samokočeće, čelik  ,Streifeneder ortho production GmbH ,Jednoosovinsko koljeno, smokočeće, čelik 3A15/S","Streifeneder ortho production GmbH","Nostrum Medical","15.04.2023",null,1,1,"2,3",5,2,0,36,36,"NE",0,1,0,0,"kom",null,1,0,0,"102,339",0,0,null,1,0,0,"I","S","SPPD,LJ","Metal, modul originalni proizvod. ",0,"323,9167",5,{"$nulls":6},0,0,"'0624330255000"]
["PROTEZE ZA NOGE","Koljeno",37,198,"'062433025504","'0624330255004","Jednoosovinsko koljeno, samokočeće, čelik  ,Uniprox ,Jednoosovinsko koljeno, smokočeće, čelik JT05-ST","Uniprox","Bauerfeind","15.04.2023",null,1,1,"2,3",5,2,0,36,36,"NE",0,1,0,0,"kom",null,1,0,0,"102,339",0,0,null,1,0,0,"I","S","SPPD,LJ","Metal, modul originalni proizvod. ",0,"340,9650",5,{"$nulls":6},0,0,"'0624330255000"]
["PROTEZE ZA NOGE","Koljeno",37,199,"'062433025602","'0624330256002","Jednoosovinsko koljeno, samokočeće, titan  ,IB-ER ,Single Axis Friction Knee, titanium","IB-ER","Otos","15.04.2023",null,1,1,"2,3",5,2,0,36,36,"NE",0,1,0,0,"kom",null,1,0,0,"102,339",0,0,null,1,0,0,"I","S","SPPD,LJ","Metal, modul originalni proizvod. ",0,"709,3318",5,{"$nulls":6},0,0,"'0624330256000"]
["PROTEZE ZA NOGE","Koljeno",37,200,"'062433025603","'0624330256003","Jednoosovinsko koljeno, samokočeće, titan  ,Streifeneder ortho production GmbH ,Jednoosovinsko koljeno, samokočeće, titan3A49/T","Streifeneder ortho production GmbH","Nostrum Medical","15.04.2023",null,1,1,"2,3",5,2,0,36,36,"NE",0,1,0,0,"kom",null,1,0,0,"102,339",0,0,null,1,0,0,"I","S","SPPD,LJ","Metal, modul originalni proizvod. ",0,"688,4691",5,{"$nulls":6},0,0,"'0624330256000"]
["PROTEZE ZA NOGE","Koljeno",37,201,"'062433025604","'0624330256004","Jednoosovinsko koljeno, samokočeće, titan  ,Uniprox ,Jednoosovinsko koljeno, samokočeće, titan JT05-TI","Uniprox","Bauerfeind","18.07.2024",null,1,1,"2,3",5,2,0,36,36,"NE",0,1,0,0,"kom",null,1,0,0,"339,102",0,0,null,1,0,0,"I","S","SPPD,LJ","Metal, modul originalni proizvod. ",0,"688,4691",5,{"$nulls":6},0,0,"'0624330256000"]
["PROTEZE ZA NOGE","Koljeno",37,202,"'062433025702","'0624330257002","Višeosovinsko koljeno, čelik  ,Streifeneder ortho production GmbH ,Višeosovinsko koljeno, čelik, 3A20/S","Streifeneder ortho production GmbH","Nostrum Medical","01.01.2023",null,1,1,"2,3",5,2,0,36,36,"NE",0,1,0,0,"kom",null,1,0,0,"102,339",0,0,null,1,0,0,"I","S","SPPD,LJ","Metal, modul originalni proizvod. ",0,"488,0496",5,{"$nulls":6},0,0,"'0624330257000"]
["PROTEZE ZA NOGE","Koljeno",37,203,"'062433025802","'0624330258002","Višeosovinsko koljeno, titan  ,Streifeneder ortho production GmbH ,Višeosovinsko koljeno, titan, 3A36/T","Streifeneder ortho production GmbH","Nostrum Medical","15.04.2023",null,1,1,"2,3",5,2,0,36,36,"NE",0,1,0,0,"kom",null,1,0,0,"102,339",0,0,null,1,0,0,"I","S","SPPD,LJ","Metal, modul originalni proizvod. ",0,"1246,3995",5,{"$nulls":6},0,0,"'0624330258000"]
["PROTEZE ZA NOGE","Koljeno",37,204,"'062433025901","'0624330259001","Jednoosovinsko koljeno, hidraulično  ,Ottobock SE & Co. KGaA ,Jednoosovinsko koljeno, hidraulično, 3R95","Ottobock SE & Co. KGaA","Otto Bock Adria","15.04.2023",null,1,1,"2,3",5,2,0,36,36,"NE",0,1,0,0,"kom",null,1,0,0,"102,339",0,0,null,1,0,0,"I","S","SPPD,LJ","Metal, modul originalni proizvod. ",0,"1784,0565",5,{"$nulls":6},0,0,"'0624330259000"]
["PROTEZE ZA NOGE","Koljeno",37,205,"'062433025902","'0624330259002","Jednoosovinsko koljeno, hidraulično  ,Streifeneder ortho production GmbH ,Jednoosovinsko koljeno, hidraulično, 3A800","Streifeneder ortho production GmbH","Nostrum Medical","09.11.2023",null,1,1,"2,3",5,2,0,36,36,"NE",0,1,0,0,"kom",null,1,0,0,"339,102",0,0,null,1,0,0,"I","S","SPPD,LJ","Metal, modul originalni proizvod. ",0,"1784,0565",5,{"$nulls":6},0,0,"'0624330259000"]
["PROTEZE ZA NOGE","Koljeno",37,206,"'062433026002","'0624330260002","Višeosovinsko koljeno, hidraulično  ,Streifeneder ortho production GmbH ,Višeosovinsko koljeno, hidraulično, 3A2000","Streifeneder ortho production GmbH","Nostrum Medical","15.04.2023",null,1,1,"2,3",5,2,0,36,36,"NE",0,1,0,0,"kom",null,1,0,0,"102,339",0,0,null,1,0,0,"I","S","SPPD,LJ","Metal, modul originalni proizvod. ",0,"1986,5468",5,{"$nulls":6},0,0,"'0624330260000"]
["PROTEZE ZA NOGE","Koljeno",37,207,"'062433026101","'0624330261001","Koljeno za djecu, jednoosovinsko  ,Streifeneder ortho production GmbH ,Koljeno za djecu, jednoosovinsko, 3K31","Streifeneder ortho production GmbH","Nostrum Medical","15.04.2023",null,1,1,"2,3",5,2,18,18,0,"NE",0,1,0,0,"kom",null,1,0,0,"102,339",0,0,null,1,0,0,"I","S","SPPD,LJ","Metal, modul originalni proizvod. ",0,"718,1294",5,{"$nulls":6},0,0,"'0624330261000"]
["PROTEZE ZA NOGE","Koljeno",37,208,"'062433026202","'0624330262002","Koljeno za djecu, višeosovinsko  ,Streifeneder ortho production GmbH ,Koljeno za djecu, višeosovinsko, 3K61","Streifeneder ortho production GmbH","Nostrum Medical","15.04.2023",null,1,1,"2,3",5,2,0,18,0,"NE",0,1,0,0,"kom",null,1,0,0,"102,339",0,0,null,1,0,0,"I","S","SPPD,LJ","Metal, modul originalni proizvod. ",0,"484,3434",5,{"$nulls":6},0,0,"'0624330262000"]
["PROTEZE ZA NOGE","Koljeno",37,209,"'062433025904","'0624330259008","Jednoosovinsko koljeno, hidraulično  ,Uniprox ,Jednoosovinsko koljeno, hidraulično, JT40","Uniprox","Bauerfeind","15.04.2023",null,1,1,"2,3",5,2,0,36,36,"NE",0,1,0,0,"kom",null,1,0,0,"102,339",0,"062433025904",null,0,0,0,"I","S","SPPD,LJ","Metal, modul originalni proizvod. ",0,"1784,0565",5,{"$nulls":6},0,0,"'0624330259000"]
["PROTEZE ZA NOGE","Dezartikulacijsko koljeno",38,210,"'062433026302","'0624330263002","Dezartikulacijsko koljeno , čelik  ,Streifeneder ortho production GmbH ,Dezartikulacijsko koljeno, čelik, 3A21/S","Streifeneder ortho production GmbH","Nostrum Medical","15.04.2023",null,1,1,"2,3",5,2,18,24,36,"NE",0,1,0,0,"kom",null,1,0,0,"102,339",0,0,null,1,0,0,"I","S","SPPD,LJ","Metal, modul originalni proizvod. ",0,"965,0638",5,{"$nulls":6},0,0,"'0624330263000"]
["PROTEZE ZA NOGE","Dezartikulacijsko koljeno",38,211,"'062433026402","'0624330264002","Dezartikulacijsko koljeno , titan  ,Streifeneder ortho production GmbH ,Dezartikulacijsko koljeno, titan, 3A30/T","Streifeneder ortho production GmbH","Nostrum Medical","15.04.2023",null,1,1,"2,3",5,2,18,24,36,"NE",0,1,0,0,"kom",null,1,0,0,"102,339",0,0,null,1,0,0,"I","S","SPPD,LJ","Metal, modul originalni proizvod. ",0,"1401,3265",5,{"$nulls":6},0,0,"'0624330264000"]
["PROTEZE ZA NOGE","Dezartikulacijsko koljeno",38,212,"'062433026501","'0624330265001","Dezartikulacijsko  koljeno, s kočnicom, čelik  ,Streifeneder ortho production GmbH ,Dezartikulacijsko koljeno, s kočnicom, čelik, 3A23/S","Streifeneder ortho production GmbH","Nostrum Medical","15.04.2023",null,1,1,"2,3",5,2,0,24,36,"NE",0,1,0,0,"kom",null,1,0,0,"102,339",0,0,null,1,0,0,"I","S","SPPD,LJ","Metal,  modul originalni proizvod. ",0,"1076,3527",5,{"$nulls":6},0,0,"'0624330265000"]
["PROTEZE ZA NOGE","Dezartikulacijsko koljeno",38,213,"'062433026601","'0624330266001","Dezartikulacijsko koljeno, s kočnicom, titan  ,Streifeneder ortho production GmbH ,Dezartikulacijsko koljeno, s kočnicom, titan, 3A32/T","Streifeneder ortho production GmbH","Nostrum Medical","15.04.2023",null,1,1,"2,3",5,2,0,24,36,"NE",0,1,0,0,"kom",null,1,0,0,"102,339",0,0,null,1,0,0,"I","S","SPPD,LJ","Metal,  modul originalni proizvod. ",0,"1505,6140",5,{"$nulls":6},0,0,"'0624330266000"]
["PROTEZE ZA NOGE","Kukovi",39,214,"'062436026800","'0624360268000","Zglob kuka s kočnicom, čelik  ",null,null,"01.01.2023",null,1,1,"2,3",5,2,0,24,"36 ","NE",0,1,0,0,"kom",null,1,0,0,"102,339",0,0,null,1,0,0,"I","S","SPPD,LJ","Metal, modul originalni proizvod. ",0,"353,8894",5,{"$nulls":6},0,0,"'0624360268000"]
["PROTEZE ZA NOGE","Kukovi",39,215,"'062436026901","'0624360269001","Zglob kuka, čelik  ,Streifeneder ortho production GmbH ,Zglob kuka, čelik, 7A4","Streifeneder ortho production GmbH","Nostrum Medical","15.04.2023",null,1,1,"2,3",5,2,0,24,36,"NE",0,1,0,0,"kom",null,1,0,0,"102,339",0,0,null,1,0,0,"I","S","SPPD,LJ","Metal, modul originalni proizvod. ",0,"339,8815",5,{"$nulls":6},0,0,"'0624360269000"]
["PROTEZE ZA NOGE","Kukovi",39,216,"'062436026902","'0624360269002","Zglob kuka, čelik  ,Uniprox ,Zglob kuka, čelik, H3-ST","Uniprox","Bauerfeind","05.10.2023",null,1,1,"2,3",5,2,0,24,36,"NE",0,1,0,0,"kom",null,1,0,0,"339,102",0,0,null,1,0,0,"I","S","SPPD,LJ","Metal, modul originalni proizvod. ",0,"339,8815",5,{"$nulls":6},0,0,"'0624360269000"]
["PROTEZE ZA NOGE","Kukovi",39,217,"'062436027001","'0624360270001","Zglob kuka, titan  ,Streifeneder ortho production GmbH ,Zglob kuka, titan, 7A5","Streifeneder ortho production GmbH","Nostrum Medical","15.04.2023",null,1,1,"2,3",5,2,0,24,36,"NE",0,1,0,0,"kom",null,1,0,0,"102,339",0,0,null,1,0,0,"I","S","SPPD,LJ","Metal, modul originalni proizvod. ",0,"721,4090",5,{"$nulls":6},0,0,"'0624360270000"]
["PROTEZE ZA NOGE","Kukovi",39,218,"'062436027002","'0624360270002","Zglob kuka, titan  ,Uniprox ,Zglob kuka, titan, H3-TI","Uniprox","Bauerfeind","15.04.2023",null,1,1,"2,3",5,2,0,24,36,"NE",0,1,0,0,"kom",null,1,0,0,"102,339",0,0,null,1,0,0,"I","S","SPPD,LJ","Metal, modul originalni proizvod. ",0,"776,9020",5,{"$nulls":6},0,0,"'0624360270000"]
["PROTEZE ZA NOGE","Kukovi",39,219,"'062436027101","'0624360271001","Zglob kuka, dječji  ,Streifeneder ortho production GmbH ,Zglob kuka, dječji, 3K51","Streifeneder ortho production GmbH","Nostrum Medical","15.04.2023",null,1,1,"2,3",5,2,18,24,0,"NE",0,1,0,0,"kom",null,1,0,0,"102,339",0,0,null,1,0,0,"I","S","SPPD,LJ","Metal, modul originalni proizvod. ",0,"782,3513",5,{"$nulls":6},0,0,"'0624360271000"]
["PROTEZE ZA NOGE","Kukovi",39,220,"'062436027102","'0624360271002","Zglob kuka, dječji 102 ,Ortotek ,Hip joint for children ORT-76","Ortotek","Bauerfeind","20.03.2025",null,1,0,"2,3",5,2,18,24,0,"NE",0,1,0,0,"kom",null,1,0,0,339,0,0,null,1,0,0,"I","S","SPPD,LJ","Monocentrični mehanički zglob kuka sa mehanizmom individualno prilagodljive asistirane ekstenzije za kontrolu faze njihanja. Individualno prilagodljiva pozicija abdukcije, adukcije, fleksije i ekstenzije.",0,"782,3513",5,{"$nulls":6},0,0,"'0624360271000"]
["PROTEZE ZA NOGE","Protetičko koljeno",196,221,"'062433102003","'0624331020003","Protetičko koljeno - mehaničko,jednoosovinsko, hidraulično (rotirajuća hidraulika),vodootporno, za stupanj mobilnosti 3 i 4 ,Ottobock SE & Co. KGaA ,3R85 Dynion","Ottobock SE & Co. KGaA","Otto Bock Adria","02.09.2024",null,1,0,"2,3",5,2,0,36,36,"NE",0,1,0,0,"kom",null,1,0,0,"339,102",0,0,null,0,0,0,"I","S","SPPD,LJ","Protetičko koljeno -  mehaničko,  jednoosovinsko, hidraulično (rotirajuća hidraulika), vodootporno; za stupanj mobilnosti 3 i 4 (+/- dezartikulacijski modeli koljena). Koljeno s rotacionom hidraulikom za kontrolu faze nagaza i njihanja. Preko ventila s prednje strane omogućeno odvojeno individualno podešavanje otpora nagazne fleksije, inicijacije faze njihanja i otpora ekstenzije koljenskog zgloba.  Mogućnost otpuštanja prigušenja otpora fleksije omogućava vožnju bicikla. (Za dezartikulacijske modele: zbog prilagodnika niske ugradbene visine pogodno za ugradnju kod izrazito dugačkih bataljaka .)",0,"3500,0000",5,null,null,"4900,0000",null,"1400,0000",null,1,0,"'0624331020000"]
["PROTEZE ZA NOGE","Protetičko koljeno",196,222,"'062434011001","'0624340110001","Protetičko koljeno - mehaničko, jednoosovinsko, hidraulično s kočnicom, za stupanj mobilnosti 1  ,Ottobock SE & Co. KGaA ,3R31","Ottobock SE & Co. KGaA","Otto Bock Adria","02.09.2024",null,1,0,"2,3",5,2,18,24,36,"NE",0,1,0,0,"kom",null,1,0,0,"339,102",0,0,null,1,0,0,"I","S","SPPD,LJ","Protetičko koljeno - mehaničko, jednoosovinsko, hidraulično s kočnicom, za stupanj mobilnosti 1. (+/- dezartikulacijski modeli koljena).                                                                                                                                  Ukočeno koljeno s podesivom hidrauličkom kontrolom sjedanja, koja omogućava individualnu prilagodbu ovisno o potrebama i težini. U otključanoj fazi ima visoku otpornost na fleksiju čime osigurava stabilnost kod prijenosa težine na zdravu nogu i kod sjedanja. (Za dezartikulacijske modele: zbog prilagodnika niske ugradbene visine pogodno za ugradnju kod izrazito dugačkih bataljaka.)",0,"1500,0000",5,{"$nulls":6},0,0,"'0624340110000"]
["PROTEZE ZA NOGE","Protetičko koljeno",196,223,"'062434012001","'0624340120001","Protetičko koljeno - mehaničko, jednoosovinsko, s frikcijskom kočnicom i funkcijom ukočenog koljena, za stupanj mobilnosti 1 i 2  ,Streifeneder ortho production GmbH ,3A860","Streifeneder ortho production GmbH","Nostrum Medical","02.09.2024",null,1,0,"2,3",5,2,18,24,36,"NE",0,1,0,0,"kom",null,1,0,0,"339,102",0,0,null,1,0,0,"I","S","SPPD,LJ","Protetičko koljeno - mehaničko, jednoosovinsko, s frikcijskom kočnicom i funkcijom ukočenog koljena,  za stupanj mobilnosti 1 i 2. (+/- dezartikulacijski modeli koljena).U početnoj fazi rehabilitacije koljeno može biti zaključano, a u kasnijoj fazi rehabilitacije može biti otključano, ovisno o potrebama. Pruža ciljanu podršku u rehabilitacijskom procesu kod prvih opskrba. (Za dezartikulacijske modele: zbog prilagodnika niske ugradbene visine pogodno za ugradnju kod izrazito dugačkih bataljaka.)",0,"1400,0000",5,{"$nulls":6},0,0,"'0624340120000"]
["PROTEZE ZA NOGE","Protetičko koljeno",196,224,"'062434012002","'0624340120002","Protetičko koljeno - mehaničko, jednoosovinsko, s frikcijskom kočnicom i funkcijom ukočenog koljena, za stupanj mobilnosti 1 i 2  ,Ottobock SE & Co. KGaA ,3R93","Ottobock SE & Co. KGaA","Otto Bock Adria","02.09.2024",null,1,0,"2,3",5,2,18,24,36,"NE",0,1,0,0,"kom",null,1,0,0,"339,102",0,0,null,1,0,0,"I","S","SPPD,LJ","Protetičko koljeno - mehaničko, jednoosovinsko, s frikcijskom kočnicom i funkcijom ukočenog koljena,  za stupanj mobilnosti 1 i 2. (+/- dezartikulacijski modeli koljena).U početnoj fazi rehabilitacije koljeno može biti zaključano, a u kasnijoj fazi rehabilitacije može biti otključano, ovisno o potrebama. Pruža ciljanu podršku u rehabilitacijskom procesu kod prvih opskrba. (Za dezartikulacijske modele: zbog prilagodnika niske ugradbene visine pogodno za ugradnju kod izrazito dugačkih bataljaka.)",0,"1400,0000",5,{"$nulls":6},0,0,"'0624340120000"]
["PROTEZE ZA NOGE","Protetičko koljeno",196,225,"'062434013001","'0624340130001","Protetičko koljeno - mehaničko ili pneumatsko, višeosovinsko, za stupanj mobilnosti 2  ,Ottobock SE & Co. KGaA ,3R62=KD Pheon","Ottobock SE & Co. KGaA","Otto Bock Adria","02.09.2024",null,1,0,"2,3",5,2,18,24,36,"NE",0,1,0,0,"kom",null,1,0,0,"339,102",0,0,null,1,0,0,"I","S","SPPD,LJ","Protetičko koljeno - mehaničko ili pneumatsko, višeosovinsko, za stupanj mobilnosti 2 (+/- dezartikulacijski modeli koljena). Koljeno s kontrolom faze oslonca. Prilikom udara pete o podlogu omogućava kontroliranu i stabilnu inicijalnu fleksiju. (Za dezartikulacijske modele: zbog prilagodnika niske ugradbene visine pogodno za ugradnju kod izrazito dugačkih bataljaka.)",0,"2200,0000",5,{"$nulls":6},0,0,"'0624340130000"]
["PROTEZE ZA NOGE","Protetičko koljeno",196,226,"'062434013001","'0624340130002","Protetičko koljeno - mehaničko ili pneumatsko, višeosovinsko, za stupanj mobilnosti 2  ,Ottobock SE & Co. KGaA , 3R62 Pheon","Ottobock SE & Co. KGaA","Otto Bock Adria","02.09.2024",null,1,0,"2,3",5,2,18,24,36,"NE",0,1,0,0,"kom",null,1,0,0,"339,102",0,0,null,1,0,0,"I","S","SPPD,LJ","Protetičko koljeno - mehaničko ili pneumatsko, višeosovinsko, za stupanj mobilnosti 2 (+/- dezartikulacijski modeli koljena). Koljeno s kontrolom faze oslonca. Prilikom udara pete o podlogu omogućava kontroliranu i stabilnu inicijalnu fleksiju. (Za dezartikulacijske modele: zbog prilagodnika niske ugradbene visine pogodno za ugradnju kod izrazito dugačkih bataljaka.)",0,"2200,0000",5,{"$nulls":6},0,0,"'0624340130000"]
["PROTEZE ZA NOGE","Protetičko koljeno",196,227,"'062434014001","'0624340140001","Protetičko koljeno - mehaničko ili pneumatsko, višeosovinsko, s kočnicom/sustavom blokade za stupanj mobilnosti 2  ,Uniprox ,Polycentric Knee Joint, JT20-M36","Uniprox","Bauerfeind","02.09.2024",null,1,0,"2,3",5,2,18,24,36,"NE",0,1,0,0,"kom",null,1,0,0,"339,102",0,0,null,1,0,0,"I","S","SPPD,LJ","Protetičko koljeno - mehaničko ili pneumatsko, višeosovinsko, s kočnicom/sustavom blokade, za stupanj mobilnosti 2.  (+/- dezartikulacijski modeli koljena)  Koljeno s kontrolom faze oslonca. Prilikom udara pete o podlogu omogućava kontroliranu i stabilnu inicijalnu fleksiju. (Za dezartikulacijske modele: zbog prilagodnika niske ugradbene visine pogodno za ugradnju kod izrazito dugačkih bataljaka.)",0,"2200,0000",5,{"$nulls":6},0,0,"'0624340140000"]
["PROTEZE ZA NOGE","Protetičko koljeno",196,228,"'062434014001","'0624340140002","Protetičko koljeno - mehaničko ili pneumatsko, višeosovinsko, s kočnicom/sustavom blokade za stupanj mobilnosti 2  ,Uniprox , Polycentric Knee Joint, JT20S-M36","Uniprox","Bauerfeind","02.09.2024",null,1,0,"2,3",5,2,18,24,36,"NE",0,1,0,0,"kom",null,1,0,0,"339,102",0,0,null,1,0,0,"I","S","SPPD,LJ","Protetičko koljeno - mehaničko ili pneumatsko, višeosovinsko, s kočnicom/sustavom blokade, za stupanj mobilnosti 2.  (+/- dezartikulacijski modeli koljena)  Koljeno s kontrolom faze oslonca. Prilikom udara pete o podlogu omogućava kontroliranu i stabilnu inicijalnu fleksiju. (Za dezartikulacijske modele: zbog prilagodnika niske ugradbene visine pogodno za ugradnju kod izrazito dugačkih bataljaka.)",0,"2200,0000",5,{"$nulls":6},0,0,"'0624340140000"]
["PROTEZE ZA NOGE","Protetičko koljeno",196,229,"'062434014001","'0624340140003","Protetičko koljeno - mehaničko ili pneumatsko, višeosovinsko, s kočnicom/sustavom blokade za stupanj mobilnosti 2  ,Uniprox , Polycentric Knee Joint, JT20-PYR","Uniprox","Bauerfeind","02.09.2024",null,1,0,"2,3",5,2,18,24,36,"NE",0,1,0,0,"kom",null,1,0,0,"339,102",0,0,null,1,0,0,"I","S","SPPD,LJ","Protetičko koljeno - mehaničko ili pneumatsko, višeosovinsko, s kočnicom/sustavom blokade, za stupanj mobilnosti 2.  (+/- dezartikulacijski modeli koljena)  Koljeno s kontrolom faze oslonca. Prilikom udara pete o podlogu omogućava kontroliranu i stabilnu inicijalnu fleksiju. (Za dezartikulacijske modele: zbog prilagodnika niske ugradbene visine pogodno za ugradnju kod izrazito dugačkih bataljaka.)",0,"2200,0000",5,{"$nulls":6},0,0,"'0624340140000"]
["PROTEZE ZA NOGE","Protetičko koljeno",196,230,"'062434014001","'0624340140004","Protetičko koljeno - mehaničko ili pneumatsko, višeosovinsko, s kočnicom/sustavom blokade za stupanj mobilnosti 2  ,Uniprox , Polycentric Knee Joint, JT20S-PYR","Uniprox","Bauerfeind","02.09.2024",null,1,0,"2,3",5,2,18,24,36,"NE",0,1,0,0,"kom",null,1,0,0,"339,102",0,0,null,1,0,0,"I","S","SPPD,LJ","Protetičko koljeno - mehaničko ili pneumatsko, višeosovinsko, s kočnicom/sustavom blokade, za stupanj mobilnosti 2.  (+/- dezartikulacijski modeli koljena)  Koljeno s kontrolom faze oslonca. Prilikom udara pete o podlogu omogućava kontroliranu i stabilnu inicijalnu fleksiju. (Za dezartikulacijske modele: zbog prilagodnika niske ugradbene visine pogodno za ugradnju kod izrazito dugačkih bataljaka.)",0,"2200,0000",5,{"$nulls":6},0,0,"'0624340140000"]
["PROTEZE ZA NOGE","Protetičko koljeno",196,231,"'062434015001","'0624340150001","Protetičko koljeno - mehaničko ili pneumatsko, višeosovinsko, za stupanj mobilnosti 2 i 3  ,Ottobock SE & Co. KGaA ,3R106=KD","Ottobock SE & Co. KGaA","Otto Bock Adria","02.09.2024",null,1,0,"2,3",5,2,18,24,36,"NE",0,1,0,0,"kom",null,1,0,0,"339,102",0,0,null,1,0,0,"I","S","SPPD,LJ","Protetičko koljeno - mehaničko ili pneumatsko, višeosovinsko,za stupanj mobilnosti 2 ili 3 .  (+/- dezartikulacijski modeli koljena)                                                                                             Koljeno s kontrolom faze oslonca. Prilikom udara pete o podlogu omogućava kontroliranu i stabilnu inicijalnu fleksiju. Pruža ciljanu podršku u rehabilitacijskom procesu kod prvih opskrba. (Za dezartikulacijske modele: zbog prilagodnika niske ugradbene visine pogodno za ugradnju kod izrazito dugačkih bataljaka.)",0,"2200,0000",5,{"$nulls":6},0,0,"'0624340150000"]
["PROTEZE ZA NOGE","Protetičko koljeno",196,232,"'062434015001","'0624340150002","Protetičko koljeno - mehaničko ili pneumatsko, višeosovinsko, za stupanj mobilnosti 2 i 3  ,Ottobock SE & Co. KGaA , 3R106","Ottobock SE & Co. KGaA","Otto Bock Adria","02.09.2024",null,1,0,"2,3",5,2,18,24,36,"NE",0,1,0,0,"kom",null,1,0,0,"339,102",0,0,null,1,0,0,"I","S","SPPD,LJ","Protetičko koljeno - mehaničko ili pneumatsko, višeosovinsko,za stupanj mobilnosti 2 ili 3 .  (+/- dezartikulacijski modeli koljena)                                                                                             Koljeno s kontrolom faze oslonca. Prilikom udara pete o podlogu omogućava kontroliranu i stabilnu inicijalnu fleksiju. Pruža ciljanu podršku u rehabilitacijskom procesu kod prvih opskrba. (Za dezartikulacijske modele: zbog prilagodnika niske ugradbene visine pogodno za ugradnju kod izrazito dugačkih bataljaka.)",0,"2200,0000",5,{"$nulls":6},0,0,"'0624340150000"]
["PROTEZE ZA NOGE","Protetičko koljeno",196,233,"'062434015002","'0624340150003","Protetičko koljeno - mehaničko ili pneumatsko, višeosovinsko, za stupanj mobilnosti 2 i 3  ,Proteor ,Matik 1P200-KD","Proteor","Otos; Bauerfeind","02.09.2024",null,1,0,"2,3",5,2,18,24,36,"NE",0,1,0,0,"kom",null,1,0,0,"339,102",0,0,null,1,0,0,"I","S","SPPD,LJ","Protetičko koljeno - mehaničko ili pneumatsko, višeosovinsko,za stupanj mobilnosti 2 ili 3 .  (+/- dezartikulacijski modeli koljena)                                                                                             Koljeno s kontrolom faze oslonca. Prilikom udara pete o podlogu omogućava kontroliranu i stabilnu inicijalnu fleksiju. Pruža ciljanu podršku u rehabilitacijskom procesu kod prvih opskrba. (Za dezartikulacijske modele: zbog prilagodnika niske ugradbene visine pogodno za ugradnju kod izrazito dugačkih bataljaka.)",0,"2200,0000",5,{"$nulls":6},0,0,"'0624340150000"]
["PROTEZE ZA NOGE","Protetičko koljeno",196,234,"'062434015002","'0624340150004","Protetičko koljeno - mehaničko ili pneumatsko, višeosovinsko, za stupanj mobilnosti 2 i 3  ,Proteor , Matik 1P200","Proteor","Otos; Bauerfeind","02.09.2024",null,1,0,"2,3",5,2,18,24,36,"NE",0,1,0,0,"kom",null,1,0,0,"339,102",0,0,null,1,0,0,"I","S","SPPD,LJ","Protetičko koljeno - mehaničko ili pneumatsko, višeosovinsko,za stupanj mobilnosti 2 ili 3 .  (+/- dezartikulacijski modeli koljena)                                                                                             Koljeno s kontrolom faze oslonca. Prilikom udara pete o podlogu omogućava kontroliranu i stabilnu inicijalnu fleksiju. Pruža ciljanu podršku u rehabilitacijskom procesu kod prvih opskrba. (Za dezartikulacijske modele: zbog prilagodnika niske ugradbene visine pogodno za ugradnju kod izrazito dugačkih bataljaka.)",0,"2200,0000",5,{"$nulls":6},0,0,"'0624340150000"]
["PROTEZE ZA NOGE","Protetičko koljeno",196,235,"'062434015003","'0624340150005","Protetičko koljeno - mehaničko ili pneumatsko, višeosovinsko, za stupanj mobilnosti 2 i 3  ,Uniprox ,Polycentric Knee Joint, JT22-M36","Uniprox","Bauerfeind","02.09.2024",null,1,0,"2,3",5,2,18,24,36,"NE",0,1,0,0,"kom",null,1,0,0,"339,102",0,0,null,1,0,0,"I","S","SPPD,LJ","Protetičko koljeno - mehaničko ili pneumatsko, višeosovinsko,za stupanj mobilnosti 2 ili 3 .  (+/- dezartikulacijski modeli koljena)                                                                                             Koljeno s kontrolom faze oslonca. Prilikom udara pete o podlogu omogućava kontroliranu i stabilnu inicijalnu fleksiju. Pruža ciljanu podršku u rehabilitacijskom procesu kod prvih opskrba. (Za dezartikulacijske modele: zbog prilagodnika niske ugradbene visine pogodno za ugradnju kod izrazito dugačkih bataljaka.)",0,"2200,0000",5,{"$nulls":6},0,0,"'0624340150000"]
["PROTEZE ZA NOGE","Protetičko koljeno",196,236,"'062434015003","'0624340150006","Protetičko koljeno - mehaničko ili pneumatsko, višeosovinsko, za stupanj mobilnosti 2 i 3  ,Uniprox , Polycentric Knee Joint, JT22S-M36","Uniprox","Bauerfeind","02.09.2024",null,1,0,"2,3",5,2,18,24,36,"NE",0,1,0,0,"kom",null,1,0,0,"339,102",0,0,null,1,0,0,"I","S","SPPD,LJ","Protetičko koljeno - mehaničko ili pneumatsko, višeosovinsko,za stupanj mobilnosti 2 ili 3 .  (+/- dezartikulacijski modeli koljena)                                                                                             Koljeno s kontrolom faze oslonca. Prilikom udara pete o podlogu omogućava kontroliranu i stabilnu inicijalnu fleksiju. Pruža ciljanu podršku u rehabilitacijskom procesu kod prvih opskrba. (Za dezartikulacijske modele: zbog prilagodnika niske ugradbene visine pogodno za ugradnju kod izrazito dugačkih bataljaka.)",0,"2200,0000",5,{"$nulls":6},0,0,"'0624340150000"]
["PROTEZE ZA NOGE","Protetičko koljeno",196,237,"'062434015003","'0624340150007","Protetičko koljeno - mehaničko ili pneumatsko, višeosovinsko, za stupanj mobilnosti 2 i 3  ,Uniprox , Polycentric Knee Joint, JT22-PYR","Uniprox","Bauerfeind","02.09.2024",null,1,0,"2,3",5,2,18,24,36,"NE",0,1,0,0,"kom",null,1,0,0,"339,102",0,0,null,1,0,0,"I","S","SPPD,LJ","Protetičko koljeno - mehaničko ili pneumatsko, višeosovinsko,za stupanj mobilnosti 2 ili 3 .  (+/- dezartikulacijski modeli koljena)                                                                                             Koljeno s kontrolom faze oslonca. Prilikom udara pete o podlogu omogućava kontroliranu i stabilnu inicijalnu fleksiju. Pruža ciljanu podršku u rehabilitacijskom procesu kod prvih opskrba. (Za dezartikulacijske modele: zbog prilagodnika niske ugradbene visine pogodno za ugradnju kod izrazito dugačkih bataljaka.)",0,"2200,0000",5,{"$nulls":6},0,0,"'0624340150000"]
["PROTEZE ZA NOGE","Protetičko koljeno",196,238,"'062434015003","'0624340150008","Protetičko koljeno - mehaničko ili pneumatsko, višeosovinsko, za stupanj mobilnosti 2 i 3  ,Uniprox , Polycentric Knee Joint, JT22S-PYR","Uniprox","Bauerfeind","02.09.2024",null,1,0,"2,3",5,2,18,24,36,"NE",0,1,0,0,"kom",null,1,0,0,"339,102",0,0,null,1,0,0,"I","S","SPPD,LJ","Protetičko koljeno - mehaničko ili pneumatsko, višeosovinsko,za stupanj mobilnosti 2 ili 3 .  (+/- dezartikulacijski modeli koljena)                                                                                             Koljeno s kontrolom faze oslonca. Prilikom udara pete o podlogu omogućava kontroliranu i stabilnu inicijalnu fleksiju. Pruža ciljanu podršku u rehabilitacijskom procesu kod prvih opskrba. (Za dezartikulacijske modele: zbog prilagodnika niske ugradbene visine pogodno za ugradnju kod izrazito dugačkih bataljaka.)",0,"2200,0000",5,{"$nulls":6},0,0,"'0624340150000"]
["PROTEZE ZA NOGE","Protetičko koljeno",196,239,"'062434016001","'0624340160001","Protetičko koljeno - mehaničko,višeosovinsko, hidraulično,s funkcijom nagazne fleksije, za stupanj mobilnosti 2 i 3  ,Ottobock SE & Co. KGaA ,3R60=KD","Ottobock SE & Co. KGaA","Otto Bock Adria","02.09.2024",null,1,0,"2,3",5,2,18,24,36,"NE",0,1,0,0,"kom",null,1,0,0,"339,102",0,0,null,1,0,0,"I","S","SPPD,LJ","Protetičko koljeno - mehaničko, višeosovinsko, hidraulično, s funkcijom nagazne fleksije, za stupanj mobilnosti 2 i 3 (+/- dezartikulacijski modeli koljena). Fleksija i ekstenzija u fazi oslonca kontrolirane su pomoću napredne elastične fleksijske jedinice, koja prilikom udara pete o podlogu omogućava kontroliranu i stabilnu inicijalnu fleksiju pod opterećenjem sve do 15° (kao i u fiziološkom obrascu hoda) bez aktiviranja faze njihanja. Policentričan dizajn koljena omogućava ergonomski uravnotežen, siguran i energetski štedljiv korak. Mogućnost individualnog prilagođavanja fleksije u fazi oslonca daje dodatnu stabilnost u koljenom zglobu. Prilagodljivost prigušivanja ekstenzije koljena omogućava različite brzine hoda. (Za dezartikulacijske modele: zbog prilagodnika niske ugradbene visine pogodno za ugradnju kod izrazito dugačkih bataljaka .)",0,"3500,0000",5,{"$nulls":6},0,0,"'0624340160000"]
["PROTEZE ZA NOGE","Protetičko koljeno",196,240,"'062434016001","'0624340160002","Protetičko koljeno - mehaničko,višeosovinsko, hidraulično,s funkcijom nagazne fleksije, za stupanj mobilnosti 2 i 3  ,Ottobock SE & Co. KGaA , 3R60","Ottobock SE & Co. KGaA","Otto Bock Adria","02.09.2024",null,1,0,"2,3",5,2,18,24,36,"NE",0,1,0,0,"kom",null,1,0,0,"339,102",0,0,null,1,0,0,"I","S","SPPD,LJ","Protetičko koljeno - mehaničko, višeosovinsko, hidraulično, s funkcijom nagazne fleksije, za stupanj mobilnosti 2 i 3 (+/- dezartikulacijski modeli koljena). Fleksija i ekstenzija u fazi oslonca kontrolirane su pomoću napredne elastične fleksijske jedinice, koja prilikom udara pete o podlogu omogućava kontroliranu i stabilnu inicijalnu fleksiju pod opterećenjem sve do 15° (kao i u fiziološkom obrascu hoda) bez aktiviranja faze njihanja. Policentričan dizajn koljena omogućava ergonomski uravnotežen, siguran i energetski štedljiv korak. Mogućnost individualnog prilagođavanja fleksije u fazi oslonca daje dodatnu stabilnost u koljenom zglobu. Prilagodljivost prigušivanja ekstenzije koljena omogućava različite brzine hoda. (Za dezartikulacijske modele: zbog prilagodnika niske ugradbene visine pogodno za ugradnju kod izrazito dugačkih bataljaka .)",0,"3500,0000",5,{"$nulls":6},0,0,"'0624340160000"]
["PROTEZE ZA NOGE","Protetičko koljeno",196,241,"'062434016002","'0624340160003","Protetičko koljeno - mehaničko,višeosovinsko, hidraulično,s funkcijom nagazne fleksije, za stupanj mobilnosti 2 i 3  ,Streifeneder ortho production GmbH ,3A2500","Streifeneder ortho production GmbH","Nostrum Medical","02.09.2024",null,1,0,"2,3",5,2,18,24,36,"NE",0,1,0,0,"kom",null,1,0,0,"339,102",0,0,null,1,0,0,"I","S","SPPD,LJ","Protetičko koljeno - mehaničko, višeosovinsko, hidraulično, s funkcijom nagazne fleksije, za stupanj mobilnosti 2 i 3 (+/- dezartikulacijski modeli koljena). Fleksija i ekstenzija u fazi oslonca kontrolirane su pomoću napredne elastične fleksijske jedinice, koja prilikom udara pete o podlogu omogućava kontroliranu i stabilnu inicijalnu fleksiju pod opterećenjem sve do 15° (kao i u fiziološkom obrascu hoda) bez aktiviranja faze njihanja. Policentričan dizajn koljena omogućava ergonomski uravnotežen, siguran i energetski štedljiv korak. Mogućnost individualnog prilagođavanja fleksije u fazi oslonca daje dodatnu stabilnost u koljenom zglobu. Prilagodljivost prigušivanja ekstenzije koljena omogućava različite brzine hoda. (Za dezartikulacijske modele: zbog prilagodnika niske ugradbene visine pogodno za ugradnju kod izrazito dugačkih bataljaka .)",0,"3500,0000",5,{"$nulls":6},0,0,"'0624340160000"]
["PROTEZE ZA NOGE","Protetičko koljeno",196,242,"'062424017001","'0624240170001","Protetičko koljeno-mehaničko,jednoosovinsko, hidraulično,za stupanj mobilnosti 3 i 4  ,Proteor ,Hytrek KP P131KD","Proteor","Otos; Bauerfeind","02.09.2024",null,1,0,"2,3",5,2,18,24,36,"NE",0,1,0,0,"kom",null,1,0,0,"339,102",0,0,null,1,0,0,"I","S","SPPD,LJ","Protetičko koljeno -  jednoosovinsko, hidraulično; za stupanj mobilnosti 3 i 4 (+/- dezartikulacijski modeli koljena). Koljeno s hidraulikom za kontrolu faze nagaza i njihanja. Nema ograničenja nagazne fleksije, pogodno za hod uz i niz stepenice te uzbrdice i nizbrdice. Mogućnost zaključavanja putem manualne kočnice. Mogućnost individualnog  prilagođavanja fleksije i ekstenzije. (Kod dezartikulacijskog koljena (KD/M36): zbog prilagodnika niske ugradbene visine pogodno za ugradnju kod izrazito dugačkih bataljaka.)       ",0,"3500,0000",5,{"$nulls":6},0,0,"'0624240170000"]
["PROTEZE ZA NOGE","Protetičko koljeno",196,243,"'062424017001","'0624240170002","Protetičko koljeno-mehaničko,jednoosovinsko, hidraulično,za stupanj mobilnosti 3 i 4  ,Proteor , Hytrek 1P131","Proteor","Otos; Bauerfeind","02.09.2024",null,1,0,"2,3",5,2,18,24,36,"NE",0,1,0,0,"kom",null,1,0,0,"339,102",0,0,null,1,0,0,"I","S","SPPD,LJ","Protetičko koljeno -  jednoosovinsko, hidraulično; za stupanj mobilnosti 3 i 4 (+/- dezartikulacijski modeli koljena). Koljeno s hidraulikom za kontrolu faze nagaza i njihanja. Nema ograničenja nagazne fleksije, pogodno za hod uz i niz stepenice te uzbrdice i nizbrdice. Mogućnost zaključavanja putem manualne kočnice. Mogućnost individualnog  prilagođavanja fleksije i ekstenzije. (Kod dezartikulacijskog koljena (KD/M36): zbog prilagodnika niske ugradbene visine pogodno za ugradnju kod izrazito dugačkih bataljaka.)       ",0,"3500,0000",5,{"$nulls":6},0,0,"'0624240170000"]
["PROTEZE ZA NOGE","Protetičko koljeno",196,244,"'062434018001","'0624340180001","Protetičko koljeno - mehaničko,jednoosovinsko, hidraulično (rotirajuća hidraulika),vodootporno, za stupanj mobilnosti 3 i 4  ,Ottobock SE & Co. KGaA ,3R80","Ottobock SE & Co. KGaA","Otto Bock Adria","02.09.2024",null,1,0,"2,3",5,2,18,24,36,"NE",0,1,0,0,"kom",null,1,0,0,"339,102",0,0,null,1,0,0,"I","S","SPPD,LJ","Protetičko koljeno -  mehaničko,  jednoosovinsko, hidraulično (rotirajuća hidraulika), vodootporno; za stupanj mobilnosti 3 i 4 (+/- dezartikulacijski modeli koljena). Koljeno s rotacionom hidraulikom za kontrolu faze nagaza i njihanja. Prigušivanje pri fleksiji, ekstenziji i faza oslonca individualno su podesivi. Omogućava silazak niz stepenice naizmjeničnim pokretima noge i proteze, hod na nizbrdici, najsličniji obrascu prirodnog hoda kao i lakše sjedanje. (Za dezartikulacijske modele: zbog prilagodnika niske ugradbene visine pogodno za ugradnju kod izrazito dugačkih bataljaka .)",0,"3500,0000",5,{"$nulls":6},0,0,"'0624340180000"]
["PROTEZE ZA NOGE","Protetičko koljeno",196,245,"'062434019001","'0624340190001","Protetičko koljeno - mehaničko,višeosovinsko, hidraulično,s funkcijom nagazne fleksije, za stupanj mobilnosti 3 i 4  ,Proteor ,Hydeal II-KD IP120KD","Proteor","Otos; Bauerfeind","02.09.2024",null,1,0,"2,3",5,2,18,24,36,"NE",0,1,0,0,"kom",null,1,0,0,"339,102",0,0,null,1,0,0,"I","S","SPPD,LJ","Protetičko koljeno -  mehaničko, višeosovinsko, hidraulično, s funkcijom nagazne fleksije; za stupanj aktivnosti 3 i 4 (+/- dezartikulacijski modeli koljena) Fleksija i ekstenzija u fazi oslonca kontrolirane su pomoću elastične fleksijske jedinice, koja prilikom udara pete o podlogu omogućava kontroliranu i stabilnu inicijalnu fleksiju pod opterećenjem sve do 15° (kao i u fiziološkom obrascu hoda) bez aktiviranja faze njihanja. Policentričan dizajn koljena omogućava ergonomski uravnotežen, siguran i energetski štedljiv korak. Mogućnost individualnog prilagođavanja fleksije u fazi oslonca daje dodatnu stabilnost u koljenom zglobu.  Prilagodljivost prigušivanja ekstenzije koljena omogućava različite brzine hoda. (Za dezartikulacijske modele: zbog prilagodnika niske ugradbene visine pogodno za ugradnju kod izrazito dugačkih bataljaka.)   ",0,"3900,0000",5,{"$nulls":6},0,0,"'0624340190000"]
["PROTEZE ZA NOGE","Protetičko koljeno",196,246,"'062434019001","'0624340190002","Protetičko koljeno - mehaničko,višeosovinsko, hidraulično,s funkcijom nagazne fleksije, za stupanj mobilnosti 3 i 4  ,Proteor , Hydeal II-KD IP121KD","Proteor","Otos; Bauerfeind","02.09.2024",null,1,0,"2,3",5,2,18,24,36,"NE",0,1,0,0,"kom",null,1,0,0,"339,102",0,0,null,1,0,0,"I","S","SPPD,LJ","Protetičko koljeno -  mehaničko, višeosovinsko, hidraulično, s funkcijom nagazne fleksije; za stupanj aktivnosti 3 i 4 (+/- dezartikulacijski modeli koljena) Fleksija i ekstenzija u fazi oslonca kontrolirane su pomoću elastične fleksijske jedinice, koja prilikom udara pete o podlogu omogućava kontroliranu i stabilnu inicijalnu fleksiju pod opterećenjem sve do 15° (kao i u fiziološkom obrascu hoda) bez aktiviranja faze njihanja. Policentričan dizajn koljena omogućava ergonomski uravnotežen, siguran i energetski štedljiv korak. Mogućnost individualnog prilagođavanja fleksije u fazi oslonca daje dodatnu stabilnost u koljenom zglobu.  Prilagodljivost prigušivanja ekstenzije koljena omogućava različite brzine hoda. (Za dezartikulacijske modele: zbog prilagodnika niske ugradbene visine pogodno za ugradnju kod izrazito dugačkih bataljaka.)   ",0,"3900,0000",5,{"$nulls":6},0,0,"'0624340190000"]
["PROTEZE ZA NOGE","Protetičko koljeno",196,247,"'062434019001","'0624340190003","Protetičko koljeno - mehaničko,višeosovinsko, hidraulično,s funkcijom nagazne fleksije, za stupanj mobilnosti 3 i 4  ,Proteor , Hydeal II IP 120","Proteor","Otos; Bauerfeind","02.09.2024",null,1,0,"2,3",5,2,18,24,36,"NE",0,1,0,0,"kom",null,1,0,0,"339,102",0,0,null,1,0,0,"I","S","SPPD,LJ","Protetičko koljeno -  mehaničko, višeosovinsko, hidraulično, s funkcijom nagazne fleksije; za stupanj aktivnosti 3 i 4 (+/- dezartikulacijski modeli koljena) Fleksija i ekstenzija u fazi oslonca kontrolirane su pomoću elastične fleksijske jedinice, koja prilikom udara pete o podlogu omogućava kontroliranu i stabilnu inicijalnu fleksiju pod opterećenjem sve do 15° (kao i u fiziološkom obrascu hoda) bez aktiviranja faze njihanja. Policentričan dizajn koljena omogućava ergonomski uravnotežen, siguran i energetski štedljiv korak. Mogućnost individualnog prilagođavanja fleksije u fazi oslonca daje dodatnu stabilnost u koljenom zglobu.  Prilagodljivost prigušivanja ekstenzije koljena omogućava različite brzine hoda. (Za dezartikulacijske modele: zbog prilagodnika niske ugradbene visine pogodno za ugradnju kod izrazito dugačkih bataljaka.)   ",0,"3900,0000",5,{"$nulls":6},0,0,"'0624340190000"]
["PROTEZE ZA NOGE","Protetičko koljeno",196,248,"'062434019001","'0624340190004","Protetičko koljeno - mehaničko,višeosovinsko, hidraulično,s funkcijom nagazne fleksije, za stupanj mobilnosti 3 i 4  ,Proteor , Hydeal II IP 121","Proteor","Otos; Bauerfeind","02.09.2024",null,1,0,"2,3",5,2,18,24,36,"NE",0,1,0,0,"kom",null,1,0,0,"339,102",0,0,null,1,0,0,"I","S","SPPD,LJ","Protetičko koljeno -  mehaničko, višeosovinsko, hidraulično, s funkcijom nagazne fleksije; za stupanj aktivnosti 3 i 4 (+/- dezartikulacijski modeli koljena) Fleksija i ekstenzija u fazi oslonca kontrolirane su pomoću elastične fleksijske jedinice, koja prilikom udara pete o podlogu omogućava kontroliranu i stabilnu inicijalnu fleksiju pod opterećenjem sve do 15° (kao i u fiziološkom obrascu hoda) bez aktiviranja faze njihanja. Policentričan dizajn koljena omogućava ergonomski uravnotežen, siguran i energetski štedljiv korak. Mogućnost individualnog prilagođavanja fleksije u fazi oslonca daje dodatnu stabilnost u koljenom zglobu.  Prilagodljivost prigušivanja ekstenzije koljena omogućava različite brzine hoda. (Za dezartikulacijske modele: zbog prilagodnika niske ugradbene visine pogodno za ugradnju kod izrazito dugačkih bataljaka.)   ",0,"3900,0000",5,{"$nulls":6},0,0,"'0624340190000"]
["PROTEZE ZA NOGE","Protetičko koljeno",196,249,"'062434011101","'0624340111001","Protetičko koljeno za djecu - mehaničko,hidraulično,višeosovinsko koljeno za djecu,s funkcijom nagazne fleksije,za stupanj mobilnosti 4  ,Ottobock SE & Co. KGaA ,3R67","Ottobock SE & Co. KGaA","Otto Bock Adria","02.09.2024",null,1,0,"2,3",5,2,18,24,36,"NE",0,1,0,0,"kom",null,1,0,0,"339,102",0,0,null,1,0,0,"I","S","SPPD,LJ","Protetičko koljeno za djecu - mehaničko, hidraulično, višeosovinsko koljeno za djecu, s funkcijom nagazne fleksije, za stupanj mobilnosti 4.Mogućnost individualnog podešavanja. Omogućava nesmetane kretnje u fazi njihanja neovisno o brzini hoda.",0,"3800,0000",5,{"$nulls":6},0,0,"'0624340111000"]
["PROTEZE ZA NOGE","Protetičko koljeno",196,250,"'062434012003","'0624340120003","Protetičko koljeno - mehaničko, jednoosovinsko, s frikcijskom kočnicom i funkcijom ukočenog koljena, za stupanj mobilnosti 1 i 2  ,Ossur ,Balance koljeno OFM2","Ossur","Ossur Hrvatska","12.10.2024",null,1,0,"2,3",5,2,18,24,36,"NE",0,1,0,0,"kom",null,1,0,0,"339,102",0,0,null,1,0,0,"I","S","SPPD,LJ","Protetičko koljeno - mehaničko, jednoosovinsko, s frikcijskom kočnicom i funkcijom ukočenog koljena,  za stupanj mobilnosti 1 i 2. (+/- dezartikulacijski modeli koljena).U početnoj fazi rehabilitacije koljeno može biti zaključano, a u kasnijoj fazi rehabilitacije može biti otključano, ovisno o potrebama. Pruža ciljanu podršku u rehabilitacijskom procesu kod prvih opskrba. (Za dezartikulacijske modele: zbog prilagodnika niske ugradbene visine pogodno za ugradnju kod izrazito dugačkih bataljaka.)",0,"1215,0000",5,{"$nulls":6},0,0,"'0624340120000"]
["PROTEZE ZA NOGE","Protetičko koljeno",196,251,"'062434012004","'0624340120004","Protetičko koljeno - mehaničko, jednoosovinsko, s frikcijskom kočnicom i funkcijom ukočenog koljena, za stupanj mobilnosti 1 i 2  ,Ortotek ,ORT 50K Single axis knee joint with stance control and constant friction","Ortotek","Bauerfeind","12.10.2024",null,1,0,"2,3",5,2,18,24,36,"NE",0,1,0,0,"kom",null,1,0,0,"339,102",0,0,null,1,0,0,"I","S","SPPD,LJ","Protetičko koljeno - mehaničko, jednoosovinsko, s frikcijskom kočnicom i funkcijom ukočenog koljena,  za stupanj mobilnosti 1 i 2. (+/- dezartikulacijski modeli koljena).U početnoj fazi rehabilitacije koljeno može biti zaključano, a u kasnijoj fazi rehabilitacije može biti otključano, ovisno o potrebama. Pruža ciljanu podršku u rehabilitacijskom procesu kod prvih opskrba. (Za dezartikulacijske modele: zbog prilagodnika niske ugradbene visine pogodno za ugradnju kod izrazito dugačkih bataljaka.)",0,"1215,0000",5,{"$nulls":6},0,0,"'0624340120000"]
["PROTEZE ZA NOGE","Protetičko koljeno",196,252,"'062434014002","'0624340140005","Protetičko koljeno - mehaničko ili pneumatsko, višeosovinsko, s kočnicom/sustavom blokade za stupanj mobilnosti 2  ,Ossur ,Total koljeno 1900","Ossur","Ossur Hrvatska","12.10.2024",null,1,0,"2,3",5,2,18,24,36,"NE",0,1,0,0,"kom",null,1,0,0,"339,102",0,0,null,1,0,0,"I","S","SPPD,LJ","Protetičko koljeno - mehaničko ili pneumatsko, višeosovinsko, s kočnicom/sustavom blokade, za stupanj mobilnosti 2.  (+/- dezartikulacijski modeli koljena)  Koljeno s kontrolom faze oslonca. Prilikom udara pete o podlogu omogućava kontroliranu i stabilnu inicijalnu fleksiju. (Za dezartikulacijske modele: zbog prilagodnika niske ugradbene visine pogodno za ugradnju kod izrazito dugačkih bataljaka.)",0,"2200,0000",5,{"$nulls":6},0,0,"'0624340140000"]
["PROTEZE ZA NOGE","Protetičko koljeno",196,253,"'062434014002","'0624340140006","Protetičko koljeno - mehaničko ili pneumatsko, višeosovinsko, s kočnicom/sustavom blokade za stupanj mobilnosti 2  ,Ossur , Total koljeno 1900 KE","Ossur","Ossur Hrvatska","12.10.2024",null,1,0,"2,3",5,2,18,24,36,"NE",0,1,0,0,"kom",null,1,0,0,"339,102",0,0,null,1,0,0,"I","S","SPPD,LJ","Protetičko koljeno - mehaničko ili pneumatsko, višeosovinsko, s kočnicom/sustavom blokade, za stupanj mobilnosti 2.  (+/- dezartikulacijski modeli koljena)  Koljeno s kontrolom faze oslonca. Prilikom udara pete o podlogu omogućava kontroliranu i stabilnu inicijalnu fleksiju. (Za dezartikulacijske modele: zbog prilagodnika niske ugradbene visine pogodno za ugradnju kod izrazito dugačkih bataljaka.)",0,"2200,0000",5,{"$nulls":6},0,0,"'0624340140000"]
["PROTEZE ZA NOGE","Protetičko koljeno",196,254,"'062434015004","'0624340150009","Protetičko koljeno - mehaničko ili pneumatsko, višeosovinsko, za stupanj mobilnosti 2 i 3  ,Ossur ,OP5 koljeno","Ossur","Ossur Hrvatska","12.10.2024",null,1,0,"2,3",5,2,18,24,36,"NE",0,1,0,0,"kom",null,1,0,0,"339,102",0,0,null,1,0,0,"I","S","SPPD,LJ","Protetičko koljeno - mehaničko ili pneumatsko, višeosovinsko,za stupanj mobilnosti 2 ili 3 .  (+/- dezartikulacijski modeli koljena)                                                                                             Koljeno s kontrolom faze oslonca. Prilikom udara pete o podlogu omogućava kontroliranu i stabilnu inicijalnu fleksiju. Pruža ciljanu podršku u rehabilitacijskom procesu kod prvih opskrba. (Za dezartikulacijske modele: zbog prilagodnika niske ugradbene visine pogodno za ugradnju kod izrazito dugačkih bataljaka.)",0,"2200,0000",5,{"$nulls":6},0,0,"'0624340150000"]
["PROTEZE ZA NOGE","Protetičko koljeno",196,255,"'062434015005","'0624340150010","Protetičko koljeno - mehaničko ili pneumatsko, višeosovinsko, za stupanj mobilnosti 2 i 3  ,Teh Lin Prosthetic & Ortopedic Inc. ,Phoenix","Teh Lin Prosthetic & Ortopedic Inc.","Moor ortotika i protetika","12.10.2024",null,1,0,"2,3",5,2,18,24,36,"NE",0,1,0,0,"kom",null,1,0,0,"339,102",0,0,null,1,0,0,"I","S","SPPD,LJ","Protetičko koljeno - mehaničko ili pneumatsko, višeosovinsko,za stupanj mobilnosti 2 ili 3 .  (+/- dezartikulacijski modeli koljena)                                                                                             Koljeno s kontrolom faze oslonca. Prilikom udara pete o podlogu omogućava kontroliranu i stabilnu inicijalnu fleksiju. Pruža ciljanu podršku u rehabilitacijskom procesu kod prvih opskrba. (Za dezartikulacijske modele: zbog prilagodnika niske ugradbene visine pogodno za ugradnju kod izrazito dugačkih bataljaka.)",0,"2200,0000",5,{"$nulls":6},0,0,"'0624340150000"]
["PROTEZE ZA NOGE","Protetičko koljeno",196,256,"'062434015005","'0624340150011","Protetičko koljeno - mehaničko ili pneumatsko, višeosovinsko, za stupanj mobilnosti 2 i 3  ,Teh Lin Prosthetic & Ortopedic Inc. , Rayome","Teh Lin Prosthetic & Ortopedic Inc.","Moor ortotika i protetika","12.10.2024",null,1,0,"2,3",5,2,18,24,36,"NE",0,1,0,0,"kom",null,1,0,0,"339,102",0,0,null,1,0,0,"I","S","SPPD,LJ","Protetičko koljeno - mehaničko ili pneumatsko, višeosovinsko,za stupanj mobilnosti 2 ili 3 .  (+/- dezartikulacijski modeli koljena)                                                                                             Koljeno s kontrolom faze oslonca. Prilikom udara pete o podlogu omogućava kontroliranu i stabilnu inicijalnu fleksiju. Pruža ciljanu podršku u rehabilitacijskom procesu kod prvih opskrba. (Za dezartikulacijske modele: zbog prilagodnika niske ugradbene visine pogodno za ugradnju kod izrazito dugačkih bataljaka.)",0,"2200,0000",5,{"$nulls":6},0,0,"'0624340150000"]
["PROTEZE ZA NOGE","Protetičko koljeno",196,257,"'062434015005","'0624340150012","Protetičko koljeno - mehaničko ili pneumatsko, višeosovinsko, za stupanj mobilnosti 2 i 3  ,Teh Lin Prosthetic & Ortopedic Inc. , 5-bar","Teh Lin Prosthetic & Ortopedic Inc.","Moor ortotika i protetika","12.10.2024",null,1,0,"2,3",5,2,18,24,36,"NE",0,1,0,0,"kom",null,1,0,0,"339,102",0,0,null,1,0,0,"I","S","SPPD,LJ","Protetičko koljeno - mehaničko ili pneumatsko, višeosovinsko,za stupanj mobilnosti 2 ili 3 .  (+/- dezartikulacijski modeli koljena)                                                                                             Koljeno s kontrolom faze oslonca. Prilikom udara pete o podlogu omogućava kontroliranu i stabilnu inicijalnu fleksiju. Pruža ciljanu podršku u rehabilitacijskom procesu kod prvih opskrba. (Za dezartikulacijske modele: zbog prilagodnika niske ugradbene visine pogodno za ugradnju kod izrazito dugačkih bataljaka.)",0,"2200,0000",5,{"$nulls":6},0,0,"'0624340150000"]
["PROTEZE ZA NOGE","Protetičko koljeno",196,258,"'062424017002","'0624240170003","Protetičko koljeno-mehaničko,jednoosovinsko, hidraulično,za stupanj mobilnosti 3 i 4  ,Ortotek ,ORT 93 Monocentric Hydraulic mechanical Knee Joint","Ortotek","Bauerfeind","12.10.2024",null,1,0,"2,3",5,2,18,24,36,"NE",0,1,0,0,"kom",null,1,0,0,"339,102",0,0,null,1,0,0,"I","S","SPPD,LJ","Protetičko koljeno -  jednoosovinsko, hidraulično; za stupanj mobilnosti 3 i 4 (+/- dezartikulacijski modeli koljena). Koljeno s hidraulikom za kontrolu faze nagaza i njihanja. Nema ograničenja nagazne fleksije, pogodno za hod uz i niz stepenice te uzbrdice i nizbrdice. Mogućnost zaključavanja putem manualne kočnice. Mogućnost individualnog  prilagođavanja fleksije i ekstenzije. (Kod dezartikulacijskog koljena (KD/M36): zbog prilagodnika niske ugradbene visine pogodno za ugradnju kod izrazito dugačkih bataljaka.)       ",0,"3500,0000",5,{"$nulls":6},0,0,"'0624240170000"]
["PROTEZE ZA NOGE","Protetičko koljeno",196,259,"'062434019002","'0624340190005","Protetičko koljeno - mehaničko,višeosovinsko, hidraulično,s funkcijom nagazne fleksije, za stupanj mobilnosti 3 i 4  ,Ossur ,Total koljeno 2000","Ossur","Ossur Hrvatska","12.10.2024",null,1,0,"2,3",5,2,18,24,36,"NE",0,1,0,0,"kom",null,1,0,0,"339,102",0,0,null,1,0,0,"I","S","SPPD,LJ","Protetičko koljeno -  mehaničko, višeosovinsko, hidraulično, s funkcijom nagazne fleksije; za stupanj aktivnosti 3 i 4 (+/- dezartikulacijski modeli koljena) Fleksija i ekstenzija u fazi oslonca kontrolirane su pomoću elastične fleksijske jedinice, koja prilikom udara pete o podlogu omogućava kontroliranu i stabilnu inicijalnu fleksiju pod opterećenjem sve do 15° (kao i u fiziološkom obrascu hoda) bez aktiviranja faze njihanja. Policentričan dizajn koljena omogućava ergonomski uravnotežen, siguran i energetski štedljiv korak. Mogućnost individualnog prilagođavanja fleksije u fazi oslonca daje dodatnu stabilnost u koljenom zglobu.  Prilagodljivost prigušivanja ekstenzije koljena omogućava različite brzine hoda. (Za dezartikulacijske modele: zbog prilagodnika niske ugradbene visine pogodno za ugradnju kod izrazito dugačkih bataljaka.)   ",0,"3691,0000",5,{"$nulls":6},0,0,"'0624340190000"]
["PROTEZE ZA NOGE","Protetičko koljeno",196,260,"'062434019002","'0624340190006","Protetičko koljeno - mehaničko,višeosovinsko, hidraulično,s funkcijom nagazne fleksije, za stupanj mobilnosti 3 i 4  ,Ossur , Total koljeno 2000 KE","Ossur","Ossur Hrvatska","12.10.2024",null,1,0,"2,3",5,2,18,24,36,"NE",0,1,0,0,"kom",null,1,0,0,"339,102",0,0,null,1,0,0,"I","S","SPPD,LJ","Protetičko koljeno -  mehaničko, višeosovinsko, hidraulično, s funkcijom nagazne fleksije; za stupanj aktivnosti 3 i 4 (+/- dezartikulacijski modeli koljena) Fleksija i ekstenzija u fazi oslonca kontrolirane su pomoću elastične fleksijske jedinice, koja prilikom udara pete o podlogu omogućava kontroliranu i stabilnu inicijalnu fleksiju pod opterećenjem sve do 15° (kao i u fiziološkom obrascu hoda) bez aktiviranja faze njihanja. Policentričan dizajn koljena omogućava ergonomski uravnotežen, siguran i energetski štedljiv korak. Mogućnost individualnog prilagođavanja fleksije u fazi oslonca daje dodatnu stabilnost u koljenom zglobu.  Prilagodljivost prigušivanja ekstenzije koljena omogućava različite brzine hoda. (Za dezartikulacijske modele: zbog prilagodnika niske ugradbene visine pogodno za ugradnju kod izrazito dugačkih bataljaka.)   ",0,"3691,0000",5,{"$nulls":6},0,0,"'0624340190000"]
["PROTEZE ZA NOGE","Protetičko koljeno",196,261,"'062434019003","'0624340190007","Protetičko koljeno - mehaničko,višeosovinsko, hidraulično,s funkcijom nagazne fleksije, za stupanj mobilnosti 3 i 4  ,Ortotek ,ORT 95-Polycentric Hydraulic Knee Joint with Stance Flexion","Ortotek","Bauerfeind","12.10.2024",null,1,0,"2,3",5,2,18,24,36,"NE",0,1,0,0,"kom",null,1,0,0,"339,102",0,0,null,1,0,0,"I","S","SPPD,LJ","Protetičko koljeno -  mehaničko, višeosovinsko, hidraulično, s funkcijom nagazne fleksije; za stupanj aktivnosti 3 i 4 (+/- dezartikulacijski modeli koljena) Fleksija i ekstenzija u fazi oslonca kontrolirane su pomoću elastične fleksijske jedinice, koja prilikom udara pete o podlogu omogućava kontroliranu i stabilnu inicijalnu fleksiju pod opterećenjem sve do 15° (kao i u fiziološkom obrascu hoda) bez aktiviranja faze njihanja. Policentričan dizajn koljena omogućava ergonomski uravnotežen, siguran i energetski štedljiv korak. Mogućnost individualnog prilagođavanja fleksije u fazi oslonca daje dodatnu stabilnost u koljenom zglobu.  Prilagodljivost prigušivanja ekstenzije koljena omogućava različite brzine hoda. (Za dezartikulacijske modele: zbog prilagodnika niske ugradbene visine pogodno za ugradnju kod izrazito dugačkih bataljaka.)   ",0,"3691,0000",5,{"$nulls":6},0,0,"'0624340190000"]
["PROTEZE ZA NOGE","Protetičko koljeno",196,262,"'062434019003","'0624340190008","Protetičko koljeno - mehaničko,višeosovinsko, hidraulično,s funkcijom nagazne fleksije, za stupanj mobilnosti 3 i 4  ,Ortotek , ORT 95-1-Polycentric Hydraulic Knee Joint with Stance Flexion","Ortotek","Bauerfeind","12.10.2024",null,1,0,"2,3",5,2,18,24,36,"NE",0,1,0,0,"kom",null,1,0,0,"339,102",0,0,null,1,0,0,"I","S","SPPD,LJ","Protetičko koljeno -  mehaničko, višeosovinsko, hidraulično, s funkcijom nagazne fleksije; za stupanj aktivnosti 3 i 4 (+/- dezartikulacijski modeli koljena) Fleksija i ekstenzija u fazi oslonca kontrolirane su pomoću elastične fleksijske jedinice, koja prilikom udara pete o podlogu omogućava kontroliranu i stabilnu inicijalnu fleksiju pod opterećenjem sve do 15° (kao i u fiziološkom obrascu hoda) bez aktiviranja faze njihanja. Policentričan dizajn koljena omogućava ergonomski uravnotežen, siguran i energetski štedljiv korak. Mogućnost individualnog prilagođavanja fleksije u fazi oslonca daje dodatnu stabilnost u koljenom zglobu.  Prilagodljivost prigušivanja ekstenzije koljena omogućava različite brzine hoda. (Za dezartikulacijske modele: zbog prilagodnika niske ugradbene visine pogodno za ugradnju kod izrazito dugačkih bataljaka.)   ",0,"3691,0000",5,{"$nulls":6},0,0,"'0624340190000"]
["PROTEZE ZA NOGE","Protetičko koljeno",196,263,"'062434019003","'0624340190009","Protetičko koljeno - mehaničko,višeosovinsko, hidraulično,s funkcijom nagazne fleksije, za stupanj mobilnosti 3 i 4  ,Ortotek , ORT 95K Hydraulic Polycentric Swing Phase Control Led Stop Phase Mechanical Knee Joint with Lock","Ortotek","Bauerfeind","12.10.2024",null,1,0,"2,3",5,2,18,24,36,"NE",0,1,0,0,"kom",null,1,0,0,"339,102",0,0,null,1,0,0,"I","S","SPPD,LJ","Protetičko koljeno -  mehaničko, višeosovinsko, hidraulično, s funkcijom nagazne fleksije; za stupanj aktivnosti 3 i 4 (+/- dezartikulacijski modeli koljena) Fleksija i ekstenzija u fazi oslonca kontrolirane su pomoću elastične fleksijske jedinice, koja prilikom udara pete o podlogu omogućava kontroliranu i stabilnu inicijalnu fleksiju pod opterećenjem sve do 15° (kao i u fiziološkom obrascu hoda) bez aktiviranja faze njihanja. Policentričan dizajn koljena omogućava ergonomski uravnotežen, siguran i energetski štedljiv korak. Mogućnost individualnog prilagođavanja fleksije u fazi oslonca daje dodatnu stabilnost u koljenom zglobu.  Prilagodljivost prigušivanja ekstenzije koljena omogućava različite brzine hoda. (Za dezartikulacijske modele: zbog prilagodnika niske ugradbene visine pogodno za ugradnju kod izrazito dugačkih bataljaka.)   ",0,"3691,0000",5,{"$nulls":6},0,0,"'0624340190000"]
["PROTEZE ZA NOGE","Protetičko koljeno",196,264,"'062434011102","'0624340111002","Protetičko koljeno za djecu - mehaničko,višeosovinsko koljeno za djecu,s funkcijom nagazne fleksije  ,Ortotek ,4-Bar knee joint for children ORT-40C","Ortotek","Bauerfeind","12.10.2024",null,1,0,"2,3",5,2,18,24,36,"NE",0,1,0,0,"kom",null,1,0,0,"339,102",0,0,null,1,0,0,"I","S","SPPD,LJ","Protetičko koljeno za djecu - mehaničko, višeosovinsko koljeno s funkcijom nagazne fleksije. Mogućnost individualnog podešavanja. Omogućava nesmetane kretnje u fazi njihanja neovisno o brzini hoda.",0,"787,0000",5,{"$nulls":6},0,0,"'0624340111000"]
["PROTEZE ZA NOGE","Protetičko koljeno",196,265,"'062434011102","'0624340111003","Protetičko koljeno za djecu - mehaničko,višeosovinsko koljeno za djecu,s funkcijom nagazne fleksije  ,Ortotek , 4-Bar knee joint for children ORT-42C","Ortotek","Bauerfeind","12.10.2024",null,1,0,"2,3",5,2,18,24,36,"NE",0,1,0,0,"kom",null,1,0,0,"339,102",0,0,null,1,0,0,"I","S","SPPD,LJ","Protetičko koljeno za djecu - mehaničko, višeosovinsko koljeno s funkcijom nagazne fleksije. Mogućnost individualnog podešavanja. Omogućava nesmetane kretnje u fazi njihanja neovisno o brzini hoda.",0,"787,0000",5,{"$nulls":6},0,0,"'0624340111000"]
["PROTEZE ZA NOGE","Protetičko koljeno",196,266,"'062434012205","'0624340122001","Protetičko koljeno - mehaničko, višeosovinsko, s frikcijskom kočnicom i funkcijom ukočenog koljena, za stupanj mobilnosti 1 i 2 102 ,Ossur ,Balance OFM1 koljeno","Ossur","Ossur Hrvatska","23.11.2024",null,1,0,"2,3",5,2,18,24,36,"NE",0,1,0,0,"kom",null,1,0,0,339,0,0,null,1,0,0,"I","S","SPPD,LJ","Protetičko koljeno - mehaničko, višeosovinsko, s frikcijskom kočnicom i funkcijom ukočenog koljena,  za stupanj mobilnosti 1 i 2. (+/- dezartikulacijski modeli koljena).U početnoj fazi rehabilitacije koljeno može biti zaključano, a u kasnijoj fazi rehabilitacije može biti otključano, ovisno o potrebama. Pruža ciljanu podršku u rehabilitacijskom procesu kod prvih opskrba. (Za dezartikulacijske modele: zbog prilagodnika niske ugradbene visine pogodno za ugradnju kod izrazito dugačkih bataljaka.)",0,"1215,0000",5,{"$nulls":6},0,0,"'0624340122000"]
["PROTEZE ZA NOGE","Protetičko koljeno",196,267,"'062434012205","'0624340122002","Protetičko koljeno - mehaničko, višeosovinsko, s frikcijskom kočnicom i funkcijom ukočenog koljena, za stupanj mobilnosti 1 i 2 102 ,Ossur , Balance koljeno OFM1 loop adapter","Ossur","Ossur Hrvatska","23.11.2024",null,1,0,"2,3",5,2,18,24,36,"NE",0,1,0,0,"kom",null,1,0,0,339,0,0,null,1,0,0,"I","S","SPPD,LJ","Protetičko koljeno - mehaničko, višeosovinsko, s frikcijskom kočnicom i funkcijom ukočenog koljena,  za stupanj mobilnosti 1 i 2. (+/- dezartikulacijski modeli koljena).U početnoj fazi rehabilitacije koljeno može biti zaključano, a u kasnijoj fazi rehabilitacije može biti otključano, ovisno o potrebama. Pruža ciljanu podršku u rehabilitacijskom procesu kod prvih opskrba. (Za dezartikulacijske modele: zbog prilagodnika niske ugradbene visine pogodno za ugradnju kod izrazito dugačkih bataljaka.)",0,"1215,0000",5,{"$nulls":6},0,0,"'0624340122000"]
["PROTEZE ZA NOGE","Protetičko koljeno",196,268,"'062424017003","'0624240170004","Protetičko koljeno-mehaničko,jednoosovinsko, hidraulično,za stupanj mobilnosti 3 i 4 102 ,Ossur ,Capital koljeno","Ossur","Ossur Hrvatska","23.11.2024",null,1,0,"2,3",5,2,18,24,36,"NE",0,1,0,0,"kom",null,1,0,0,339,0,0,null,1,0,0,"I","S","SPPD,LJ","Protetičko koljeno -  jednoosovinsko, hidraulično; za stupanj mobilnosti 3 i 4 (+/- dezartikulacijski modeli koljena). Koljeno s hidraulikom za kontrolu faze nagaza i njihanja. Nema ograničenja nagazne fleksije, pogodno za hod uz i niz stepenice te uzbrdice i nizbrdice. Mogućnost zaključavanja putem manualne kočnice. Mogućnost individualnog  prilagođavanja fleksije i ekstenzije. (Kod dezartikulacijskog koljena (KD/M36): zbog prilagodnika niske ugradbene visine pogodno za ugradnju kod izrazito dugačkih bataljaka.)       ",0,"3500,0000",5,{"$nulls":6},0,0,"'0624240170000"]
["PROTEZE ZA NOGE","Protetičko koljeno",196,269,"'062424017003","'0624240170005","Protetičko koljeno-mehaničko,jednoosovinsko, hidraulično,za stupanj mobilnosti 3 i 4 102 ,Ossur , Mauch Knee Plus koljeno","Ossur","Ossur Hrvatska","23.11.2024",null,1,0,"2,3",5,2,18,24,36,"NE",0,1,0,0,"kom",null,1,0,0,339,0,0,null,1,0,0,"I","S","SPPD,LJ","Protetičko koljeno -  jednoosovinsko, hidraulično; za stupanj mobilnosti 3 i 4 (+/- dezartikulacijski modeli koljena). Koljeno s hidraulikom za kontrolu faze nagaza i njihanja. Nema ograničenja nagazne fleksije, pogodno za hod uz i niz stepenice te uzbrdice i nizbrdice. Mogućnost zaključavanja putem manualne kočnice. Mogućnost individualnog  prilagođavanja fleksije i ekstenzije. (Kod dezartikulacijskog koljena (KD/M36): zbog prilagodnika niske ugradbene visine pogodno za ugradnju kod izrazito dugačkih bataljaka.)       ",0,"3500,0000",5,{"$nulls":6},0,0,"'0624240170000"]
["PROTEZE ZA NOGE","Protetičko koljeno",196,270,"'062424017202","'0624240172001","Protetičko koljeno-mehaničko,višeosovinsko, pneumatsko,za stupanj mobilnosti 3 i 4 102 ,Ossur ,Paso koljeno","Ossur","Ossur Hrvatska","23.11.2024",null,1,0,"2,3",5,2,18,24,36,"NE",0,1,0,0,"kom",null,1,0,0,339,0,0,null,1,0,0,"I","S","SPPD,LJ","Protetičko koljeno - mehaničko, višeosovoinsko, pneumatsko koljeno, za stupanj mobilnosti 3 i 4 (+/- dezartikulacijski modeli koljena). Kontola faze zamaha automatski se prilagođava brzini hodanja. Koljeno podržava promjenjive brzine hodanja i superiornu stabilnost kroz geometrijsku bravu. Omogućuje snažno i glatko trčanje. (Za dezartikulacijske modele: zbog prilagodnika niske ugradbene visine pogodno za ugradnju kod izrazito dugačkih bataljaka.)         ",0,"3500,0000",5,{"$nulls":6},0,0,"'0624240172000"]
["PROTEZE ZA NOGE","Protetičko koljeno",196,271,"'062424017202","'0624240172002","Protetičko koljeno-mehaničko,višeosovinsko, pneumatsko,za stupanj mobilnosti 3 i 4 102 ,Ossur , Paso koljeno loop adapter","Ossur","Ossur Hrvatska","23.11.2024",null,1,0,"2,3",5,2,18,24,36,"NE",0,1,0,0,"kom",null,1,0,0,339,0,0,null,1,0,0,"I","S","SPPD,LJ","Protetičko koljeno - mehaničko, višeosovoinsko, pneumatsko koljeno, za stupanj mobilnosti 3 i 4 (+/- dezartikulacijski modeli koljena). Kontola faze zamaha automatski se prilagođava brzini hodanja. Koljeno podržava promjenjive brzine hodanja i superiornu stabilnost kroz geometrijsku bravu. Omogućuje snažno i glatko trčanje. (Za dezartikulacijske modele: zbog prilagodnika niske ugradbene visine pogodno za ugradnju kod izrazito dugačkih bataljaka.)         ",0,"3500,0000",5,{"$nulls":6},0,0,"'0624240172000"]
["PROTEZE ZA NOGE","Protetičko koljeno",196,272,"'062434011103","'0624340111004","Protetičko koljeno za djecu - mehaničko,hidraulično,višeosovinsko koljeno za djecu,s funkcijom nagazne fleksije,za stupanj mobilnosti 4 102 ,Ossur ,Total koljeno Junior","Ossur","Ossur Hrvatska","23.11.2024",null,1,0,"2,3",5,2,18,24,36,"NE",0,1,0,0,"kom",null,1,0,0,339,0,0,null,1,0,0,"I","S","SPPD,LJ","Protetičko koljeno za djecu - mehaničko, hidraulično, višeosovinsko koljeno za djecu, s funkcijom nagazne fleksije, za stupanj mobilnosti 4.Mogućnost individualnog podešavanja. Omogućava nesmetane kretnje u fazi njihanja neovisno o brzini hoda.",0,"3610,0000",5,{"$nulls":6},0,0,"'0624340111000"]
["PROTEZE ZA NOGE","Protetičko koljeno",196,273,"'062434016003","'0624340160004","Protetičko koljeno - mehaničko,višeosovinsko, hidraulično,s funkcijom nagazne fleksije, za stupanj mobilnosti 2 i 3 102 ,Nabtesco Corp. ,Symphony NK-6","Nabtesco Corp.","Bauerfeind","29.05.2025",null,1,0,"2,3",5,2,18,24,36,"NE",0,1,0,0,"kom",null,1,0,0,339,0,0,null,1,0,0,"I","S","SPPD,LJ","Protetičko koljeno - mehaničko, višeosovinsko, hidraulično, s funkcijom nagazne fleksije, za stupanj mobilnosti 2 i 3 (+/- dezartikulacijski modeli koljena). Fleksija i ekstenzija u fazi oslonca kontrolirane su pomoću napredne elastične fleksijske jedinice, koja prilikom udara pete o podlogu omogućava kontroliranu i stabilnu inicijalnu fleksiju pod opterećenjem sve do 15° (kao i u fiziološkom obrascu hoda) bez aktiviranja faze njihanja. Policentričan dizajn koljena omogućava ergonomski uravnotežen, siguran i energetski štedljiv korak. Mogućnost individualnog prilagođavanja fleksije u fazi oslonca daje dodatnu stabilnost u koljenom zglobu. Prilagodljivost prigušivanja ekstenzije koljena omogućava različite brzine hoda. (Za dezartikulacijske modele: zbog prilagodnika niske ugradbene visine pogodno za ugradnju kod izrazito dugačkih bataljaka .)",0,"3325,0000",5,{"$nulls":6},0,0,"'0624340160000"]
["PROTEZE ZA NOGE","Protetičko koljeno",196,274,"'062434016003","'0624340160005","Protetičko koljeno - mehaničko,višeosovinsko, hidraulično,s funkcijom nagazne fleksije, za stupanj mobilnosti 2 i 3 102 ,Nabtesco Corp. , Symphony NK-6+L","Nabtesco Corp.","Bauerfeind","29.05.2025",null,1,0,"2,3",5,2,18,24,36,"NE",0,1,0,0,"kom",null,1,0,0,339,0,0,null,1,0,0,"I","S","SPPD,LJ","Protetičko koljeno - mehaničko, višeosovinsko, hidraulično, s funkcijom nagazne fleksije, za stupanj mobilnosti 2 i 3 (+/- dezartikulacijski modeli koljena). Fleksija i ekstenzija u fazi oslonca kontrolirane su pomoću napredne elastične fleksijske jedinice, koja prilikom udara pete o podlogu omogućava kontroliranu i stabilnu inicijalnu fleksiju pod opterećenjem sve do 15° (kao i u fiziološkom obrascu hoda) bez aktiviranja faze njihanja. Policentričan dizajn koljena omogućava ergonomski uravnotežen, siguran i energetski štedljiv korak. Mogućnost individualnog prilagođavanja fleksije u fazi oslonca daje dodatnu stabilnost u koljenom zglobu. Prilagodljivost prigušivanja ekstenzije koljena omogućava različite brzine hoda. (Za dezartikulacijske modele: zbog prilagodnika niske ugradbene visine pogodno za ugradnju kod izrazito dugačkih bataljaka .)",0,"3325,0000",5,{"$nulls":6},0,0,"'0624340160000"]
["PROTEZE ZA NOGE","Protetičko koljeno",196,275,"'062434016003","'0624340160006","Protetičko koljeno - mehaničko,višeosovinsko, hidraulično,s funkcijom nagazne fleksije, za stupanj mobilnosti 2 i 3 102 ,Nabtesco Corp. , Symphony NK-6SH","Nabtesco Corp.","Bauerfeind","29.05.2025",null,1,0,"2,3",5,2,18,24,36,"NE",0,1,0,0,"kom",null,1,0,0,339,0,0,null,1,0,0,"I","S","SPPD,LJ","Protetičko koljeno - mehaničko, višeosovinsko, hidraulično, s funkcijom nagazne fleksije, za stupanj mobilnosti 2 i 3 (+/- dezartikulacijski modeli koljena). Fleksija i ekstenzija u fazi oslonca kontrolirane su pomoću napredne elastične fleksijske jedinice, koja prilikom udara pete o podlogu omogućava kontroliranu i stabilnu inicijalnu fleksiju pod opterećenjem sve do 15° (kao i u fiziološkom obrascu hoda) bez aktiviranja faze njihanja. Policentričan dizajn koljena omogućava ergonomski uravnotežen, siguran i energetski štedljiv korak. Mogućnost individualnog prilagođavanja fleksije u fazi oslonca daje dodatnu stabilnost u koljenom zglobu. Prilagodljivost prigušivanja ekstenzije koljena omogućava različite brzine hoda. (Za dezartikulacijske modele: zbog prilagodnika niske ugradbene visine pogodno za ugradnju kod izrazito dugačkih bataljaka .)",0,"3325,0000",5,{"$nulls":6},0,0,"'0624340160000"]
["PROTEZE ZA NOGE","Protetičko koljeno",196,276,"'062434016003","'0624340160007","Protetičko koljeno - mehaničko,višeosovinsko, hidraulično,s funkcijom nagazne fleksije, za stupanj mobilnosti 2 i 3 102 ,Nabtesco Corp. , Symphony NK-6SH+L","Nabtesco Corp.","Bauerfeind","29.05.2025",null,1,0,"2,3",5,2,18,24,36,"NE",0,1,0,0,"kom",null,1,0,0,339,0,0,null,1,0,0,"I","S","SPPD,LJ","Protetičko koljeno - mehaničko, višeosovinsko, hidraulično, s funkcijom nagazne fleksije, za stupanj mobilnosti 2 i 3 (+/- dezartikulacijski modeli koljena). Fleksija i ekstenzija u fazi oslonca kontrolirane su pomoću napredne elastične fleksijske jedinice, koja prilikom udara pete o podlogu omogućava kontroliranu i stabilnu inicijalnu fleksiju pod opterećenjem sve do 15° (kao i u fiziološkom obrascu hoda) bez aktiviranja faze njihanja. Policentričan dizajn koljena omogućava ergonomski uravnotežen, siguran i energetski štedljiv korak. Mogućnost individualnog prilagođavanja fleksije u fazi oslonca daje dodatnu stabilnost u koljenom zglobu. Prilagodljivost prigušivanja ekstenzije koljena omogućava različite brzine hoda. (Za dezartikulacijske modele: zbog prilagodnika niske ugradbene visine pogodno za ugradnju kod izrazito dugačkih bataljaka .)",0,"3325,0000",5,{"$nulls":6},0,0,"'0624340160000"]
["POTROŠNI DIJELOVI ZA PROTEZE ZA NOGE","Navlake za bataljak",41,277,"'062454030101","'0624540301001","Kompresijska navlaka za bataljak  ,Ottobock SE & Co. KGaA ,Kompresijska navlaka za bataljak  451F10","Ottobock SE & Co. KGaA","Otto Bock Adria","05.10.2023",null,1,1,"2,3,4",5,2,12,12,12,"NE",0,1,0,0,"kom",null,1,0,0,"339,105",0,0,null,0,1,0,"I","S","SPPD,LJ","Rastezljiva tekstilna vlakna, mogućnost pranja. ",0,"18,0312",5,{"$nulls":6},0,0,"'0624540301000"]
["POTROŠNI DIJELOVI ZA PROTEZE ZA NOGE","Navlake za bataljak",41,278,"'062454030101","'0624540301002","Kompresijska navlaka za bataljak  ,Ottobock SE & Co. KGaA ,Kompresijska navlaka za bataljak  451F11","Ottobock SE & Co. KGaA","Otto Bock Adria","05.10.2023",null,1,1,"2,3,4",5,2,12,12,12,"NE",0,1,0,0,"kom",null,1,0,0,"339,105",0,0,null,0,1,0,"I","S","SPPD,LJ","Rastezljiva tekstilna vlakna, mogućnost pranja. ",0,"18,0312",5,{"$nulls":6},0,0,"'0624540301000"]
["POTROŠNI DIJELOVI ZA PROTEZE ZA NOGE","Navlake za bataljak",41,279,"'062454030102","'0624540301003","Kompresijska navlaka za bataljak  ,Juzo ,3022","Juzo","Hospitalija","01.01.2023",null,1,1,"2,3,4",5,2,12,12,12,"NE",0,1,0,0,"kom",null,1,0,0,"105,339",0,0,null,0,1,0,"I","S","SPPD,LJ","Rastezljiva tekstilna vlakna, mogućnost pranja. ",0,"12,8794",5,{"$nulls":6},0,0,"'0624540301000"]
["POTROŠNI DIJELOVI ZA PROTEZE ZA NOGE","Navlake za bataljak",41,280,"'062454030201","'0624540302001","Navlaka za bataljak  ,Ottobock SE & Co. KGaA ,Navlaka za bataljak  451F2","Ottobock SE & Co. KGaA","Otto Bock Adria","15.04.2023",null,1,1,"2,3,4",5,2,12,12,12,"NE",0,1,0,0,"kom","do",12,0,0,"106,339",0,0,null,0,1,0,"I","S","SPPD,LJ","Rastezljiva tekstilna vlakna, mogućnost pranja. ",0,"9,9019",5,{"$nulls":6},0,0,"'0624540302000"]
["POTROŠNI DIJELOVI ZA PROTEZE ZA NOGE","Navlake za bataljak",41,281,"'062454030201","'0624540302002","Navlaka za bataljak  ,Ottobock SE & Co. KGaA ,Navlaka za bataljak  451F3","Ottobock SE & Co. KGaA","Otto Bock Adria","15.04.2023",null,1,1,"2,3,4",5,2,12,12,12,"NE",0,1,0,0,"kom","do",12,0,0,"106,339",0,0,null,0,1,0,"I","S","SPPD,LJ","Rastezljiva tekstilna vlakna, mogućnost pranja. ",0,"9,9019",5,{"$nulls":6},0,0,"'0624540302000"]
["POTROŠNI DIJELOVI ZA PROTEZE ZA NOGE","Navlake za bataljak",41,282,"'062454030202","'0624540302003","Navlaka za bataljak  ,Streifeneder ortho production GmbH ,25A11","Streifeneder ortho production GmbH","Nostrum Medical","15.04.2023",null,1,1,"2,3,4",5,2,12,12,12,"NE",0,1,0,0,"kom","do",12,0,0,"106,339",0,0,null,0,1,0,"I","S","SPPD,LJ","Rastezljiva tekstilna vlakna, mogućnost pranja. ",0,"9,6190",5,{"$nulls":6},0,0,"'0624540302000"]
["POTROŠNI DIJELOVI ZA PROTEZE ZA NOGE","Navlake za bataljak",41,283,"'062454030202","'0624540302004","Navlaka za bataljak  ,Streifeneder ortho production GmbH ,25A16","Streifeneder ortho production GmbH","Nostrum Medical","15.04.2023",null,1,1,"2,3,4",5,2,12,12,12,"NE",0,1,0,0,"kom","do",12,0,0,"106,339",0,0,null,0,1,0,"I","S","SPPD,LJ","Rastezljiva tekstilna vlakna, mogućnost pranja. ",0,"9,6190",5,{"$nulls":6},0,0,"'0624540302000"]
["POTROŠNI DIJELOVI ZA PROTEZE ZA NOGE","Navlake za bataljak",41,284,"'062454030203","'0624540302005","Navlaka za bataljak  ,IVA obrt ,Navlaka za bataljak, IVA obrt","IVA obrt","IVA obrt","09.11.2023",null,1,1,"2,3,4",5,2,12,12,12,"NE",0,1,0,0,"kom","do",12,0,0,"339,106",0,0,null,0,1,0,"I","S","SPPD,LJ","Rastezljiva tekstilna vlakna, mogućnost pranja. ",0,"9,9019",5,{"$nulls":6},0,0,"'0624540302000"]
["POTROŠNI DIJELOVI ZA PROTEZE ZA NOGE","Navlake za bataljak",41,285,"'062454030204","'0624540302006","Navlaka za bataljak  ,Makar ,Navlaka za bataljak Makar","Makar","Makar","01.04.2024",null,1,1,"2,3,4",5,2,12,12,12,"NE",0,1,0,0,"kom","do",12,0,0,"339,106",0,0,null,0,1,0,"I","S","SPPD,LJ","Rastezljiva tekstilna vlakna, mogućnost pranja. ",0,"9,6190",5,{"$nulls":6},0,0,"'0624540302000"]
["POTROŠNI DIJELOVI ZA PROTEZE ZA NOGE","Navlake za bataljak",41,286,"'062454030205","'0624540302007","Navlaka za bataljak  ,Uniprox ,Navlaka za bataljak  ST10-XX","Uniprox","Bauerfeind","15.04.2023",null,1,1,"2,3,4",5,2,12,12,12,"NE",0,1,0,0,"kom","do",12,0,0,"106,339",0,0,null,0,1,0,"I","S","SPPD,LJ","Rastezljiva tekstilna vlakna, mogućnost pranja. ",0,"9,9019",5,{"$nulls":6},0,0,"'0624540302000"]
["POTROŠNI DIJELOVI ZA PROTEZE ZA NOGE","Navlake za bataljak",41,287,"'062454030205","'0624540302008","Navlaka za bataljak  ,Uniprox ,Navlaka za bataljak  ST31-XX","Uniprox","Bauerfeind","15.04.2023",null,1,1,"2,3,4",5,2,12,12,12,"NE",0,1,0,0,"kom","do",12,0,0,"106,339",0,0,null,0,1,0,"I","S","SPPD,LJ","Rastezljiva tekstilna vlakna, mogućnost pranja. ",0,"9,9019",5,{"$nulls":6},0,0,"'0624540302000"]
["POTROŠNI DIJELOVI ZA PROTEZE ZA NOGE","Navlake za bataljak",41,288,"'062454030205","'0624540302009","Navlaka za bataljak  ,Uniprox ,Navlaka za bataljak  ST12-XX","Uniprox","Bauerfeind","15.04.2023",null,1,1,"2,3,4",5,2,12,12,12,"NE",0,1,0,0,"kom","do",12,0,0,"106,339",0,0,null,0,1,0,"I","S","SPPD,LJ","Rastezljiva tekstilna vlakna, mogućnost pranja. ",0,"9,9019",5,{"$nulls":6},0,0,"'0624540302000"]
["POTROŠNI DIJELOVI ZA PROTEZE ZA NOGE","Navlake za bataljak",41,289,"'062454030205","'0624540302010","Navlaka za bataljak  ,Uniprox ,Navlaka za bataljak  ST52-XX","Uniprox","Bauerfeind","15.04.2023",null,1,1,"2,3,4",5,2,12,12,12,"NE",0,1,0,0,"kom","do",12,0,0,"106,339",0,0,null,0,1,0,"I","S","SPPD,LJ","Rastezljiva tekstilna vlakna, mogućnost pranja. ",0,"9,9019",5,{"$nulls":6},0,0,"'0624540302000"]
["POTROŠNI DIJELOVI ZA PROTEZE ZA NOGE","Navlake za bataljak",41,290,"'062454030205","'0624540302011","Navlaka za bataljak  ,Uniprox ,Navlaka za bataljak  ST13-XX","Uniprox","Bauerfeind","15.04.2023",null,1,1,"2,3,4",5,2,12,12,12,"NE",0,1,0,0,"kom","do",12,0,0,"106,339",0,0,null,0,1,0,"I","S","SPPD,LJ","Rastezljiva tekstilna vlakna, mogućnost pranja. ",0,"9,9019",5,{"$nulls":6},0,0,"'0624540302000"]
["POTROŠNI DIJELOVI ZA PROTEZE ZA NOGE","Navlake za bataljak",41,291,"'062454030205","'0624540302012","Navlaka za bataljak  ,Uniprox ,Navlaka za bataljak  ST23-XX","Uniprox","Bauerfeind","15.04.2023",null,1,1,"2,3,4",5,2,12,12,12,"NE",0,1,0,0,"kom","do",12,0,0,"106,339",0,0,null,0,1,0,"I","S","SPPD,LJ","Rastezljiva tekstilna vlakna, mogućnost pranja. ",0,"9,9019",5,{"$nulls":6},0,0,"'0624540302000"]
["POTROŠNI DIJELOVI ZA PROTEZE ZA NOGE","Navlake za bataljak",41,292,"'062454030205","'0624540302013","Navlaka za bataljak  ,Uniprox ,Navlaka za bataljak  ST33-XX","Uniprox","Bauerfeind","15.04.2023",null,1,1,"2,3,4",5,2,12,12,12,"NE",0,1,0,0,"kom","do",12,0,0,"106,339",0,0,null,0,1,0,"I","S","SPPD,LJ","Rastezljiva tekstilna vlakna, mogućnost pranja. ",0,"9,9019",5,{"$nulls":6},0,0,"'0624540302000"]
["POTROŠNI DIJELOVI ZA PROTEZE ZA NOGE","Navlake za bataljak",41,293,"'062454030205","'0624540302014","Navlaka za bataljak  ,Uniprox ,Navlaka za bataljak  ST41-XX","Uniprox","Bauerfeind","15.04.2023",null,1,1,"2,3,4",5,2,12,12,12,"NE",0,1,0,0,"kom","do",12,0,0,"106,339",0,0,null,0,1,0,"I","S","SPPD,LJ","Rastezljiva tekstilna vlakna, mogućnost pranja. ",0,"9,9019",5,{"$nulls":6},0,0,"'0624540302000"]
["POTROŠNI DIJELOVI ZA PROTEZE ZA NOGE","Navlake za bataljak",41,294,"'062454030205","'0624540302015","Navlaka za bataljak  ,Uniprox ,Navlaka za bataljak  ST43-XX","Uniprox","Bauerfeind","15.04.2023",null,1,1,"2,3,4",5,2,12,12,12,"NE",0,1,0,0,"kom","do",12,0,0,"106,339",0,0,null,0,1,0,"I","S","SPPD,LJ","Rastezljiva tekstilna vlakna, mogućnost pranja. ",0,"9,9019",5,{"$nulls":6},0,0,"'0624540302000"]
["POTROŠNI DIJELOVI ZA PROTEZE ZA NOGE","Navlake za bataljak",41,295,"'062454030205","'0624540302016","Navlaka za bataljak  ,Uniprox ,Navlaka za bataljak  ST62-XX","Uniprox","Bauerfeind","15.04.2023",null,1,1,"2,3,4",5,2,12,12,12,"NE",0,1,0,0,"kom","do",12,0,0,"106,339",0,0,null,0,1,0,"I","S","SPPD,LJ","Rastezljiva tekstilna vlakna, mogućnost pranja. ",0,"9,9019",5,{"$nulls":6},0,0,"'0624540302000"]
["POTROŠNI DIJELOVI ZA PROTEZE ZA NOGE","Navlake za bataljak",41,296,"'062454030205","'0624540302017","Navlaka za bataljak  ,Uniprox ,Navlaka za bataljak  ST70-XX","Uniprox","Bauerfeind","15.04.2023",null,1,1,"2,3,4",5,2,12,12,12,"NE",0,1,0,0,"kom","do",12,0,0,"106,339",0,0,null,0,1,0,"I","S","SPPD,LJ","Rastezljiva tekstilna vlakna, mogućnost pranja. ",0,"9,9019",5,{"$nulls":6},0,0,"'0624540302000"]
["POTROŠNI DIJELOVI ZA PROTEZE ZA NOGE","Navlake za bataljak",41,297,"'062454030205","'0624540302018","Navlaka za bataljak  ,Uniprox ,Navlaka za bataljak  ST71-XX","Uniprox","Bauerfeind","15.04.2023",null,1,1,"2,3,4",5,2,12,12,12,"NE",0,1,0,0,"kom","do",12,0,0,"106,339",0,0,null,0,1,0,"I","S","SPPD,LJ","Rastezljiva tekstilna vlakna, mogućnost pranja. ",0,"9,9019",5,{"$nulls":6},0,0,"'0624540302000"]
["POTROŠNI DIJELOVI ZA PROTEZE ZA NOGE","Navlake za bataljak",41,298,"'062454030205","'0624540302019","Navlaka za bataljak  ,Uniprox ,Navlaka za bataljak  ST72-XX","Uniprox","Bauerfeind","15.04.2023",null,1,1,"2,3,4",5,2,12,12,12,"NE",0,1,0,0,"kom","do",12,0,0,"106,339",0,0,null,0,1,0,"I","S","SPPD,LJ","Rastezljiva tekstilna vlakna, mogućnost pranja. ",0,"9,9019",5,{"$nulls":6},0,0,"'0624540302000"]
["POTROŠNI DIJELOVI ZA PROTEZE ZA NOGE","Navlake za bataljak",41,299,"'062454030205","'0624540302020","Navlaka za bataljak  ,Uniprox ,Navlaka za bataljak  ST73-XX","Uniprox","Bauerfeind","15.04.2023",null,1,1,"2,3,4",5,2,12,12,12,"NE",0,1,0,0,"kom","do",12,0,0,"106,339",0,0,null,0,1,0,"I","S","SPPD,LJ","Rastezljiva tekstilna vlakna, mogućnost pranja. ",0,"9,9019",5,{"$nulls":6},0,0,"'0624540302000"]
["POTROŠNI DIJELOVI ZA PROTEZE ZA NOGE","Navlake za bataljak",41,300,"'062454030205","'0624540302021","Navlaka za bataljak  ,Uniprox ,Navlaka za bataljak  ST74-XX","Uniprox","Bauerfeind","15.04.2023",null,1,1,"2,3,4",5,2,12,12,12,"NE",0,1,0,0,"kom","do",12,0,0,"106,339",0,0,null,0,1,0,"I","S","SPPD,LJ","Rastezljiva tekstilna vlakna, mogućnost pranja. ",0,"9,9019",5,{"$nulls":6},0,0,"'0624540302000"]
["POTROŠNI DIJELOVI ZA PROTEZE ZA NOGE","Navlake za bataljak",41,301,"'062454030205","'0624540302022","Navlaka za bataljak  ,Uniprox ,Navlaka za bataljak  ST75-XX","Uniprox","Bauerfeind","15.04.2023",null,1,1,"2,3,4",5,2,12,12,12,"NE",0,1,0,0,"kom","do",12,0,0,"106,339",0,0,null,0,1,0,"I","S","SPPD,LJ","Rastezljiva tekstilna vlakna, mogućnost pranja. ",0,"9,9019",5,{"$nulls":6},0,0,"'0624540302000"]
["POTROŠNI DIJELOVI ZA PROTEZE ZA NOGE","Navlake za bataljak",41,302,"'062454030205","'0624540302023","Navlaka za bataljak  ,Uniprox ,Navlaka za bataljak  ST80-XX","Uniprox","Bauerfeind","15.04.2023",null,1,1,"2,3,4",5,2,12,12,12,"NE",0,1,0,0,"kom","do",12,0,0,"106,339",0,0,null,0,1,0,"I","S","SPPD,LJ","Rastezljiva tekstilna vlakna, mogućnost pranja. ",0,"9,9019",5,{"$nulls":6},0,0,"'0624540302000"]
["POTROŠNI DIJELOVI ZA PROTEZE ZA NOGE","Navlake za bataljak",41,303,"'062454030205","'0624540302024","Navlaka za bataljak  ,Uniprox ,Navlaka za bataljak  ST81-XX","Uniprox","Bauerfeind","15.04.2023",null,1,1,"2,3,4",5,2,12,12,12,"NE",0,1,0,0,"kom","do",12,0,0,"106,339",0,0,null,0,1,0,"I","S","SPPD,LJ","Rastezljiva tekstilna vlakna, mogućnost pranja. ",0,"9,9019",5,{"$nulls":6},0,0,"'0624540302000"]
["POTROŠNI DIJELOVI ZA PROTEZE ZA NOGE","Navlake za bataljak",41,304,"'062454030205","'0624540302025","Navlaka za bataljak  ,Uniprox ,Navlaka za bataljak  ST82-XX","Uniprox","Bauerfeind","15.04.2023",null,1,1,"2,3,4",5,2,12,12,12,"NE",0,1,0,0,"kom","do",12,0,0,"106,339",0,0,null,0,1,0,"I","S","SPPD,LJ","Rastezljiva tekstilna vlakna, mogućnost pranja. ",0,"9,9019",5,{"$nulls":6},0,0,"'0624540302000"]
["POTROŠNI DIJELOVI ZA PROTEZE ZA NOGE","Navlake za bataljak",41,305,"'062454030205","'0624540302026","Navlaka za bataljak  ,Uniprox ,Navlaka za bataljak  ST89-XX","Uniprox","Bauerfeind","15.04.2023",null,1,1,"2,3,4",5,2,12,12,12,"NE",0,1,0,0,"kom","do",12,0,0,"106,339",0,0,null,0,1,0,"I","S","SPPD,LJ","Rastezljiva tekstilna vlakna, mogućnost pranja. ",0,"9,9019",5,{"$nulls":6},0,0,"'0624540302000"]
["POTROŠNI DIJELOVI ZA PROTEZE ZA NOGE","Navlake za bataljak",41,306,"'062454030205","'0624540302027","Navlaka za bataljak  ,Uniprox ,Navlaka za bataljak  ST90-XX","Uniprox","Bauerfeind","15.04.2023",null,1,1,"2,3,4",5,2,12,12,12,"NE",0,1,0,0,"kom","do",12,0,0,"106,339",0,0,null,0,1,0,"I","S","SPPD,LJ","Rastezljiva tekstilna vlakna, mogućnost pranja. ",0,"9,9019",5,{"$nulls":6},0,0,"'0624540302000"]
["POTROŠNI DIJELOVI ZA PROTEZE ZA NOGE","Navlake za bataljak",41,307,"'062454030205","'0624540302028","Navlaka za bataljak  ,Uniprox ,Navlaka za bataljak  ST91-XX","Uniprox","Bauerfeind","15.04.2023",null,1,1,"2,3,4",5,2,12,12,12,"NE",0,1,0,0,"kom","do",12,0,0,"106,339",0,0,null,0,1,0,"I","S","SPPD,LJ","Rastezljiva tekstilna vlakna, mogućnost pranja. ",0,"9,9019",5,{"$nulls":6},0,0,"'0624540302000"]
["POTROŠNI DIJELOVI ZA PROTEZE ZA NOGE","Navlake za bataljak",41,308,"'062454030301","'0624540303001","Navlaka za navlačenje proteze  ,Ottobock SE & Co. KGaA ,Navlaka za navlačenje proteze, OC1560","Ottobock SE & Co. KGaA","Otto Bock Adria","15.04.2023",null,1,1,"2,3,4",5,2,12,12,12,"NE",0,1,0,0,"kom","do",4,0,0,"102,339",0,0,null,0,1,0,"I","S","SPPD,LJ","Nerastezljiva tekstilna vlakna, mogućnost pranja. ",0,"42,2980",5,{"$nulls":6},0,0,"'0624540303000"]
["POTROŠNI DIJELOVI ZA PROTEZE ZA NOGE","Navlake za bataljak",41,309,"'062454030302","'0624540303002","Navlaka za navlačenje proteze  ,Streifeneder ortho production GmbH ,13A1/  XS","Streifeneder ortho production GmbH","Nostrum Medical","15.04.2023",null,1,1,"2,3,4",5,2,12,12,12,"NE",0,1,0,0,"kom","do",4,0,0,"102,339",0,0,null,0,1,0,"I","S","SPPD,LJ","Nerastezljiva tekstilna vlakna, mogućnost pranja. ",0,"37,5275",5,{"$nulls":6},0,0,"'0624540303000"]
["POTROŠNI DIJELOVI ZA PROTEZE ZA NOGE","Navlake za bataljak",41,310,"'062454030302","'0624540303003","Navlaka za navlačenje proteze  ,Streifeneder ortho production GmbH ,13A1/ S","Streifeneder ortho production GmbH","Nostrum Medical","15.04.2023",null,1,1,"2,3,4",5,2,12,12,12,"NE",0,1,0,0,"kom","do",4,0,0,"102,339",0,0,null,0,1,0,"I","S","SPPD,LJ","Nerastezljiva tekstilna vlakna, mogućnost pranja. ",0,"37,5275",5,{"$nulls":6},0,0,"'0624540303000"]
["POTROŠNI DIJELOVI ZA PROTEZE ZA NOGE","Navlake za bataljak",41,311,"'062454030302","'0624540303004","Navlaka za navlačenje proteze  ,Streifeneder ortho production GmbH ,13A1/ M","Streifeneder ortho production GmbH","Nostrum Medical","15.04.2023",null,1,1,"2,3,4",5,2,12,12,12,"NE",0,1,0,0,"kom","do",4,0,0,"102,339",0,0,null,0,1,0,"I","S","SPPD,LJ","Nerastezljiva tekstilna vlakna, mogućnost pranja. ",0,"37,5275",5,{"$nulls":6},0,0,"'0624540303000"]
["POTROŠNI DIJELOVI ZA PROTEZE ZA NOGE","Navlake za bataljak",41,312,"'062454030302","'0624540303005","Navlaka za navlačenje proteze  ,Streifeneder ortho production GmbH ,13A1/ L","Streifeneder ortho production GmbH","Nostrum Medical","15.04.2023",null,1,1,"2,3,4",5,2,12,12,12,"NE",0,1,0,0,"kom","do",4,0,0,"102,339",0,0,null,0,1,0,"I","S","SPPD,LJ","Nerastezljiva tekstilna vlakna, mogućnost pranja. ",0,"37,5275",5,{"$nulls":6},0,0,"'0624540303000"]
["POTROŠNI DIJELOVI ZA PROTEZE ZA NOGE","Navlake za bataljak",41,313,"'062454030302","'0624540303006","Navlaka za navlačenje proteze  ,Streifeneder ortho production GmbH ,13A1/ XL","Streifeneder ortho production GmbH","Nostrum Medical","15.04.2023",null,1,1,"2,3,4",5,2,12,12,12,"NE",0,1,0,0,"kom","do",4,0,0,"102,339",0,0,null,0,1,0,"I","S","SPPD,LJ","Nerastezljiva tekstilna vlakna, mogućnost pranja. ",0,"37,5275",5,{"$nulls":6},0,0,"'0624540303000"]
["POTROŠNI DIJELOVI ZA PROTEZE ZA NOGE","Navlake za bataljak",41,314,"'062454030303","'0624540303007","Navlaka za navlačenje proteze  ,Uniprox ,EASY-XX","Uniprox","Bauerfeind","15.04.2023",null,1,1,"2,3,4",5,2,12,12,12,"NE",0,1,0,0,"kom","do",4,0,0,"102,339",0,0,null,0,1,0,"I","S","SPPD,LJ","Nerastezljiva tekstilna vlakna, mogućnost pranja. ",0,"44,5242",5,{"$nulls":6},0,0,"'0624540303000"]
["POTROŠNI DIJELOVI ZA PROTEZE ZA NOGE","Navlake za bataljak",41,315,"'062454030401","'0624540304001","Gel navlaka za bataljak po Chopartu i Lisfrancu  ,Ottobock SE & Co. KGaA ,Gel navlaka za bataljak po Chopartu i Lisfrancu, 453D2","Ottobock SE & Co. KGaA","Otto Bock Adria","15.04.2023",null,1,1,"2,3,4",5,2,3,6,6,"NE",0,1,0,0,"kom","do",2,0,0,"102,339",0,0,null,0,1,0,"I","S","SPPD,LJ","Gel. ",0,"58,3237",5,{"$nulls":6},0,0,"'0624540304000"]
["POTROŠNI DIJELOVI ZA PROTEZE ZA NOGE","Navlake za bataljak",41,316,"'062454030501","'0624540305001","Gel navlaka za bataljak potkoljenice  ,Ottobock SE & Co. KGaA ,Gel navlaka za bataljak potkoljenice, 453D7","Ottobock SE & Co. KGaA","Otto Bock Adria","15.04.2023",null,1,1,"2,3,4",5,2,3,6,6,"NE",0,1,0,0,"kom",null,1,0,0,"102,339",0,0,null,0,1,0,"I","S","SPPD,LJ","Gel. ",0,"47,2429",5,{"$nulls":6},0,0,"'0624540305000"]
["POTROŠNI DIJELOVI ZA PROTEZE ZA NOGE","Navlake za bataljak",41,317,"'062454030502","'0624540305002","Gel navlaka za bataljak potkoljenice  ,Uniprox ,Gel navlaka za bataljak potkoljenice, L35-XX","Uniprox","Bauerfeind","15.04.2023",null,1,1,"2,3,4",5,2,3,6,6,"NE",0,1,0,0,"kom",null,1,0,0,"102,339",0,0,null,0,1,0,"I","S","SPPD,LJ","Gel. ",0,"47,2429",5,{"$nulls":6},0,0,"'0624540305000"]
["POTROŠNI DIJELOVI ZA PROTEZE ZA NOGE","Navlake za bataljak",41,318,"'062454030601","'0624540306001","Gel koljenica-suspenzijska  ,Ottobock SE & Co. KGaA ,Gel koljenica - suspenzijska, 453D7","Ottobock SE & Co. KGaA","Otto Bock Adria","15.04.2023",null,1,1,"2,3,4",5,2,3,6,6,"NE",0,1,0,0,"kom",null,1,0,0,"102,339",0,0,null,0,1,0,"I","S","SPPD,LJ","Gel. ",0,"47,2429",5,{"$nulls":6},0,0,"'0624540306000"]
["POTROŠNI DIJELOVI ZA PROTEZE ZA NOGE","Navlake za bataljak",41,319,"'062454030702","'0624540307002","Elastična koljenica suspenzijska  ,Juzo ,3511","Juzo","Hospitalija","01.01.2023",null,1,1,"2,3,4",5,2,12,12,12,"NE",0,1,0,0,"kom",null,1,0,0,"102,339",0,0,null,0,1,0,"I","S","SPPD,LJ","Rastezljiva tekstilna vlakna, mogućnost pranja.",0,"12,1946",5,{"$nulls":6},0,0,"'0624540307000"]
["POTROŠNI DIJELOVI ZA PROTEZE ZA NOGE","Navlake za bataljak",41,320,"'062454030703","'0624540307003","Elastična koljenica suspenzijska  ,Streifeneder ortho production GmbH ,20A1","Streifeneder ortho production GmbH","Nostrum Medical","15.04.2023",null,1,1,"2,3,4",5,2,12,12,12,"NE",0,1,0,0,"kom",null,1,0,0,"102,339",0,0,null,0,1,0,"I","S","SPPD,LJ","Rastezljiva tekstilna vlakna, mogućnost pranja.",0,"16,4627",5,{"$nulls":6},0,0,"'0624540307000"]
["POTROŠNI DIJELOVI ZA PROTEZE ZA NOGE","Navlake za bataljak",41,321,"'062454030503","'0624540305006","Gel navlaka za bataljak potkoljenice  ,Streifeneder ortho production GmbH ,26A10","Streifeneder ortho production GmbH","Nostrum Medical","15.04.2023",null,1,1,"2,3,4",5,2,3,6,6,"NE",0,1,0,0,"kom",null,1,0,0,"102,339",0,0,null,0,1,0,"I","S","SPPD,LJ","Gel. ",0,"39,2706",5,{"$nulls":6},0,0,"'0624540305000"]
["POTROŠNI DIJELOVI ZA PROTEZE ZA NOGE","Navlake za bataljak",41,322,"'062454030503","'0624540305007","Gel navlaka za bataljak potkoljenice  ,Streifeneder ortho production GmbH ,26A20","Streifeneder ortho production GmbH","Nostrum Medical","15.04.2023",null,1,1,"2,3,4",5,2,3,6,6,"NE",0,1,0,0,"kom",null,1,0,0,"102,339",0,0,null,0,1,0,"I","S","SPPD,LJ","Gel. ",0,"39,2706",5,{"$nulls":6},0,0,"'0624540305000"]
["POTROŠNI DIJELOVI ZA PROTEZE ZA NOGE","Navlake za bataljak",41,323,"'062454030503","'0624540305008","Gel navlaka za bataljak potkoljenice  ,Streifeneder ortho production GmbH ,26A30","Streifeneder ortho production GmbH","Nostrum Medical","15.04.2023",null,1,1,"2,3,4",5,2,3,6,6,"NE",0,1,0,0,"kom",null,1,0,0,"102,339",0,0,null,0,1,0,"I","S","SPPD,LJ","Gel. ",0,"39,2706",5,{"$nulls":6},0,0,"'0624540305000"]
["POTROŠNI DIJELOVI ZA PROTEZE ZA NOGE","Navlake za bataljak",41,324,"'062454030604","'0624540306008","Gel koljenica-suspenzijska  ,Streifeneder ortho production GmbH ,30L1","Streifeneder ortho production GmbH","Nostrum Medical","15.04.2023",null,1,1,"2,3,4",5,2,3,6,6,"NE",0,1,0,0,"kom",null,1,0,0,"102,339",0,0,null,0,1,0,"I","S","SPPD,LJ","Gel. ",0,"36,6132",5,{"$nulls":6},0,0,"'0624540306000"]
["POTROŠNI DIJELOVI ZA PROTEZE ZA NOGE","Navlake za bataljak",41,325,"'062454030304","'0624540303008","Navlaka za navlačenje proteze ,Nova ortopedija ,NO-PPD-13","Nova ortopedija","Nova ortopedija","01.01.2023",null,1,0,"2,3,4",5,2,12,12,12,"NE",0,1,0,0,"kom","do",4,0,0,"339,102",0,0,null,0,0,0,"I","S","SPPD,LJ","Nerastezljiva tekstilna vlakna, mogućnost pranja. ",0,"31,8030",5,{"$nulls":6},0,0,"'0624540303000"]
["POTROŠNI DIJELOVI ZA PROTEZE ZA NOGE","Navlake za bataljak",41,326,"'062454030704","'0624540307004","Elastična koljenica suspenzijska ,Nova ortopedija ,NO-PPD-15","Nova ortopedija","Nova ortopedija","01.01.2023",null,1,0,"2,3,4",5,2,12,12,12,"NE",0,1,0,0,"kom",null,1,0,0,"339,102",0,0,null,0,0,0,"I","S","SPPD,LJ","Rastezljiva tekstilna vlakna, mogućnost pranja.",0,"11,8203",5,{"$nulls":6},0,0,"'0624540307000"]
["POTROŠNI DIJELOVI ZA PROTEZE ZA NOGE","Navlake za bataljak",41,327,"'062454130001","'0624541300001","Preflektirana gel koljenica-suspenzijska  ,Ottobock SE & Co. KGaA ,453A4 Derma ProFlex-short","Ottobock SE & Co. KGaA","Otto Bock Adria","01.06.2024",null,1,0,"2,3,4",5,2,12,12,12,"NE",0,1,0,0,"kom",null,1,0,0,"339,102",0,0,null,0,0,0,"I","S","SPPD,LJ","Anatomski oblikovana brtvena preflektirana koljenica izrađena od izrazito čvrstog termoplastičnog elastomera s vanjskim tekstilom. Predfleksija od 15 stupnjeva služi za lakšu fleksiju koljena i smanjenno stvaranje bora u patelarnoj jami. Konusnog oblika za ugodnu raspodjelu pritiskau područje bedra i optimalno prijanjanje na ležište proteze. Unaprijed oblikovan konveksni dio za smanjeni pritisak na patelu tijekom cijelog opsega pokreta.",0,"145,7200",5,{"$nulls":6},0,0,"'0624541300000"]
["POTROŠNI DIJELOVI ZA PROTEZE ZA NOGE","Navlake za bataljak",41,328,"'062454130001","'0624541300002","Preflektirana gel koljenica-suspenzijska  ,Ottobock SE & Co. KGaA , 453A3 Derma ProFlex","Ottobock SE & Co. KGaA","Otto Bock Adria","01.06.2024",null,1,0,"2,3,4",5,2,12,12,12,"NE",0,1,0,0,"kom",null,1,0,0,"339,102",0,0,null,0,0,0,"I","S","SPPD,LJ","Anatomski oblikovana brtvena preflektirana koljenica izrađena od izrazito čvrstog termoplastičnog elastomera s vanjskim tekstilom. Predfleksija od 15 stupnjeva služi za lakšu fleksiju koljena i smanjenno stvaranje bora u patelarnoj jami. Konusnog oblika za ugodnu raspodjelu pritiskau područje bedra i optimalno prijanjanje na ležište proteze. Unaprijed oblikovan konveksni dio za smanjeni pritisak na patelu tijekom cijelog opsega pokreta.",0,"145,7200",5,{"$nulls":6},0,0,"'0624541300000"]
["POTROŠNI DIJELOVI ZA PROTEZE ZA NOGE","Navlake za bataljak",41,329,"'062454130001","'0624541300003","Preflektirana gel koljenica-suspenzijska  ,Ottobock SE & Co. KGaA , 453A30 ProFlex Plus-regular","Ottobock SE & Co. KGaA","Otto Bock Adria","01.06.2024",null,1,0,"2,3,4",5,2,12,12,12,"NE",0,1,0,0,"kom",null,1,0,0,"339,102",0,0,null,0,0,0,"I","S","SPPD,LJ","Anatomski oblikovana brtvena preflektirana koljenica izrađena od izrazito čvrstog termoplastičnog elastomera s vanjskim tekstilom. Predfleksija od 15 stupnjeva služi za lakšu fleksiju koljena i smanjenno stvaranje bora u patelarnoj jami. Konusnog oblika za ugodnu raspodjelu pritiskau područje bedra i optimalno prijanjanje na ležište proteze. Unaprijed oblikovan konveksni dio za smanjeni pritisak na patelu tijekom cijelog opsega pokreta.",0,"145,7200",5,{"$nulls":6},0,0,"'0624541300000"]
["POTROŠNI DIJELOVI ZA PROTEZE ZA NOGE","Navlake za bataljak",41,330,"'062454130001","'0624541300004","Preflektirana gel koljenica-suspenzijska  ,Ottobock SE & Co. KGaA , 453A40 ProFlex Plus-short","Ottobock SE & Co. KGaA","Otto Bock Adria","01.06.2024",null,1,0,"2,3,4",5,2,12,12,12,"NE",0,1,0,0,"kom",null,1,0,0,"339,102",0,0,null,0,0,0,"I","S","SPPD,LJ","Anatomski oblikovana brtvena preflektirana koljenica izrađena od izrazito čvrstog termoplastičnog elastomera s vanjskim tekstilom. Predfleksija od 15 stupnjeva služi za lakšu fleksiju koljena i smanjenno stvaranje bora u patelarnoj jami. Konusnog oblika za ugodnu raspodjelu pritiskau područje bedra i optimalno prijanjanje na ležište proteze. Unaprijed oblikovan konveksni dio za smanjeni pritisak na patelu tijekom cijelog opsega pokreta.",0,"145,7200",5,{"$nulls":6},0,0,"'0624541300000"]
["POTROŠNI DIJELOVI ZA PROTEZE ZA NOGE","Navlake za bataljak",41,331,"'062454130002","'0624541300005","Preflektirana gel koljenica-suspenzijska  ,Alps ,Reinforced Flex Sleeve","Alps","Otos","01.06.2024",null,1,0,"2,3,4",5,2,12,12,12,"NE",0,1,0,0,"kom",null,1,0,0,"339,102",0,0,null,0,0,0,"I","S","SPPD,LJ","Anatomski oblikovana brtvena preflektirana koljenica izrađena od izrazito čvrstog termoplastičnog elastomera s vanjskim tekstilom. Predfleksija od 15 stupnjeva služi za lakšu fleksiju koljena i smanjenno stvaranje bora u patelarnoj jami. Konusnog oblika za ugodnu raspodjelu pritiskau područje bedra i optimalno prijanjanje na ležište proteze. Unaprijed oblikovan konveksni dio za smanjeni pritisak na patelu tijekom cijelog opsega pokreta.",0,"145,7200",5,{"$nulls":6},0,0,"'0624541300000"]
["POTROŠNI DIJELOVI ZA PROTEZE ZA NOGE","Navlake za bataljak",41,332,"'062454130003","'0624541300006","Preflektirana gel koljenica-suspenzijska  ,Streifeneder ortho production GmbH ,30L10","Streifeneder ortho production GmbH","Nostrum Medical","01.06.2024",null,1,0,"2,3,4",5,2,12,12,12,"NE",0,1,0,0,"kom",null,1,0,0,"339,102",0,0,null,0,0,0,"I","S","SPPD,LJ","Anatomski oblikovana brtvena preflektirana koljenica izrađena od izrazito čvrstog termoplastičnog elastomera s vanjskim tekstilom. Predfleksija od 15 stupnjeva služi za lakšu fleksiju koljena i smanjenno stvaranje bora u patelarnoj jami. Konusnog oblika za ugodnu raspodjelu pritiskau područje bedra i optimalno prijanjanje na ležište proteze. Unaprijed oblikovan konveksni dio za smanjeni pritisak na patelu tijekom cijelog opsega pokreta.",0,"145,7200",5,{"$nulls":6},0,0,"'0624541300000"]
["POTROŠNI DIJELOVI ZA PROTEZE ZA NOGE","Navlake za bataljak",41,333,"'062454130004","'0624541300007","Preflektirana gel koljenica-suspenzijska  ,Proteor ,Stepline plus preflex Sealing Slive 1S520- S","Proteor","Bauerfeind","18.07.2024",null,1,0,"2,3,4",5,2,12,12,12,"NE",0,1,0,0,"kom",null,1,0,0,"339,102",0,0,null,0,0,0,"I","S","SPPD,LJ","Anatomski oblikovana brtvena preflektirana koljenica izrađena od izrazito čvrstog termoplastičnog elastomera s vanjskim tekstilom. Predfleksija od 15 stupnjeva služi za lakšu fleksiju koljena i smanjenno stvaranje bora u patelarnoj jami. Konusnog oblika za ugodnu raspodjelu pritiskau područje bedra i optimalno prijanjanje na ležište proteze. Unaprijed oblikovan konveksni dio za smanjeni pritisak na patelu tijekom cijelog opsega pokreta.",0,"145,7200",5,{"$nulls":6},0,0,"'0624541300000"]
["POTROŠNI DIJELOVI ZA PROTEZE ZA NOGE","Navlake za bataljak",41,334,"'062454130004","'0624541300008","Preflektirana gel koljenica-suspenzijska  ,Proteor , M","Proteor","Bauerfeind","18.07.2024",null,1,0,"2,3,4",5,2,12,12,12,"NE",0,1,0,0,"kom",null,1,0,0,"339,102",0,0,null,0,0,0,"I","S","SPPD,LJ","Anatomski oblikovana brtvena preflektirana koljenica izrađena od izrazito čvrstog termoplastičnog elastomera s vanjskim tekstilom. Predfleksija od 15 stupnjeva služi za lakšu fleksiju koljena i smanjenno stvaranje bora u patelarnoj jami. Konusnog oblika za ugodnu raspodjelu pritiskau područje bedra i optimalno prijanjanje na ležište proteze. Unaprijed oblikovan konveksni dio za smanjeni pritisak na patelu tijekom cijelog opsega pokreta.",0,"145,7200",5,{"$nulls":6},0,0,"'0624541300000"]
["POTROŠNI DIJELOVI ZA PROTEZE ZA NOGE","Navlake za bataljak",41,335,"'062454130004","'0624541300009","Preflektirana gel koljenica-suspenzijska  ,Proteor , L","Proteor","Bauerfeind","18.07.2024",null,1,0,"2,3,4",5,2,12,12,12,"NE",0,1,0,0,"kom",null,1,0,0,"339,102",0,0,null,0,0,0,"I","S","SPPD,LJ","Anatomski oblikovana brtvena preflektirana koljenica izrađena od izrazito čvrstog termoplastičnog elastomera s vanjskim tekstilom. Predfleksija od 15 stupnjeva služi za lakšu fleksiju koljena i smanjenno stvaranje bora u patelarnoj jami. Konusnog oblika za ugodnu raspodjelu pritiskau područje bedra i optimalno prijanjanje na ležište proteze. Unaprijed oblikovan konveksni dio za smanjeni pritisak na patelu tijekom cijelog opsega pokreta.",0,"145,7200",5,{"$nulls":6},0,0,"'0624541300000"]
["POTROŠNI DIJELOVI ZA PROTEZE ZA NOGE","Navlake za bataljak",41,336,"'062454130004","'0624541300010","Preflektirana gel koljenica-suspenzijska  ,Proteor , XL","Proteor","Bauerfeind","18.07.2024",null,1,0,"2,3,4",5,2,12,12,12,"NE",0,1,0,0,"kom",null,1,0,0,"339,102",0,0,null,0,0,0,"I","S","SPPD,LJ","Anatomski oblikovana brtvena preflektirana koljenica izrađena od izrazito čvrstog termoplastičnog elastomera s vanjskim tekstilom. Predfleksija od 15 stupnjeva služi za lakšu fleksiju koljena i smanjenno stvaranje bora u patelarnoj jami. Konusnog oblika za ugodnu raspodjelu pritiskau područje bedra i optimalno prijanjanje na ležište proteze. Unaprijed oblikovan konveksni dio za smanjeni pritisak na patelu tijekom cijelog opsega pokreta.",0,"145,7200",5,{"$nulls":6},0,0,"'0624541300000"]
["POTROŠNI DIJELOVI ZA PROTEZE ZA NOGE","Navlake za bataljak",41,337,"'062454130004","'0624541300011","Preflektirana gel koljenica-suspenzijska  ,Proteor , XXL","Proteor","Bauerfeind","18.07.2024",null,1,0,"2,3,4",5,2,12,12,12,"NE",0,1,0,0,"kom",null,1,0,0,"339,102",0,0,null,0,0,0,"I","S","SPPD,LJ","Anatomski oblikovana brtvena preflektirana koljenica izrađena od izrazito čvrstog termoplastičnog elastomera s vanjskim tekstilom. Predfleksija od 15 stupnjeva služi za lakšu fleksiju koljena i smanjenno stvaranje bora u patelarnoj jami. Konusnog oblika za ugodnu raspodjelu pritiskau područje bedra i optimalno prijanjanje na ležište proteze. Unaprijed oblikovan konveksni dio za smanjeni pritisak na patelu tijekom cijelog opsega pokreta.",0,"145,7200",5,{"$nulls":6},0,0,"'0624541300000"]
["POTROŠNI DIJELOVI ZA PROTEZE ZA NOGE","Navlake za bataljak",41,338,"'062454130005","'0624541300012","Preflektirana gel koljenica-suspenzijska 102 ,Ossur ,Iceform Sleeve","Ossur","Ossur Hrvatska","29.05.2025",null,1,0,"2,3,4",5,2,12,12,12,"NE",0,1,0,0,"kom",null,1,0,0,339,0,0,null,0,0,0,"I","S","SPPD,LJ","Anatomski oblikovana brtvena preflektirana koljenica izrađena od izrazito čvrstog termoplastičnog elastomera s vanjskim tekstilom. Predfleksija od 15 stupnjeva služi za lakšu fleksiju koljena i smanjenno stvaranje bora u patelarnoj jami. Konusnog oblika za ugodnu raspodjelu pritiskau područje bedra i optimalno prijanjanje na ležište proteze. Unaprijed oblikovan konveksni dio za smanjeni pritisak na patelu tijekom cijelog opsega pokreta.",0,"145,7200",5,{"$nulls":6},0,0,"'0624541300000"]
["POTROŠNI DIJELOVI ZA PROTEZE ZA NOGE","Ulošci za proteze",42,339,"'062454030800","'0624540308000","Meki uložak proteze za potkoljenicu  ",null,null,"15.04.2023",null,1,1,"2,3,4",5,2,6,8,"12 ","NE",0,1,0,0,"kom",null,1,0,0,"102,339",0,0,null,0,1,0,"I","I","SPPD","Plastične mase, svi  materijali originalni proizvod. ",0,"257,0151",5,{"$nulls":6},0,0,"'0624540308000"]
["POTROŠNI DIJELOVI ZA PROTEZE ZA NOGE","Ulošci za proteze",42,340,"'062454030900","'0624540309000","Meki uložak proteze za koljeno  ",null,null,"15.04.2023",null,1,1,"2,3,4",5,2,6,8,"12 ","NE",0,1,0,0,"kom",null,1,0,0,"102,339",0,0,null,0,1,0,"I","I","SPPD","Plastične mase, svi  materijali originalni proizvod. ",0,"280,3902",5,{"$nulls":6},0,0,"'0624540309000"]
["POTROŠNI DIJELOVI ZA PROTEZE ZA NOGE","Ulošci za proteze",42,341,"'062454031003","'0624540310003","Silikonski uložak proteze za potkoljenicu  ,Streifeneder ortho production GmbH ,1S3","Streifeneder ortho production GmbH","Nostrum Medical","15.04.2023",null,1,1,"2,3,4",5,2,0,12,12,"NE",0,1,0,0,"kom",null,1,0,0,"102,339",0,0,null,0,1,0,"I","S","SPPD,LJ","Silikon, svi  materijali originalni proizvod. ",0,"336,2941",5,{"$nulls":6},0,0,"'0624540310000"]
["POTROŠNI DIJELOVI ZA PROTEZE ZA NOGE","Ulošci za proteze",42,342,"'062454031103","'0624540311003","Silikonski uložak proteze za natkoljenicu  ,Streifeneder ortho production GmbH ,1S1","Streifeneder ortho production GmbH","Nostrum Medical","09.11.2023",null,1,1,"2,3,4",5,2,0,12,12,"NE",0,1,0,0,"kom",null,1,0,0,"339,102",0,0,null,0,1,0,"I","S","SPPD,LJ","Silikon, svi  materijali originalni proizvod. ",0,"336,2940",5,{"$nulls":6},0,0,"'0624540311000"]
["POTROŠNI DIJELOVI ZA PROTEZE ZA NOGE","Ulošci za proteze",42,343,"'062454031005","'0624540310006","Silikonski uložak proteze za potkoljenicu  ,Alps ,Silicone Pro Liner potkoljeni","Alps","Otos","09.11.2023",null,1,0,"2,3,4",5,2,0,12,12,"NE",0,1,0,0,"kom",null,1,0,0,"339,102",0,0,null,0,0,0,"I","S","SPPD,LJ","Silikon, svi  materijali originalni proizvod. ",0,"319,4794",5,null,1,{"$nulls":4},0,0,"'0624540310000"]
["POTROŠNI DIJELOVI ZA PROTEZE ZA NOGE","Ulošci za proteze",42,344,"'062454132001","'0624541320001","Silikonski uložak proteze za potkoljenicu ili natkoljenicu s različitim debljinama stjenke, 3D tehnologijom i dodacima za njegu kože  ,Ottobock SE & Co. KGaA ,6Y78 Skeo 3D","Ottobock SE & Co. KGaA","Otto Bock Adria","01.06.2024",null,1,0,"2,3,4",5,2,0,12,12,"NE",0,1,0,0,"kom",null,1,0,0,"339,102",0,0,null,0,0,0,"I","S","SPPD,LJ","Silikonski uložak proteze. Anatomski oblikovan, veća debljina stjenke na prominentnim mjestima. Preflektiranost. Tehnologija za eliminaciju longitudinalnog istezanja. Silikonski uložak sa ili bez prihvata za svornjak. Različite debljine stjenke, 3D tehnologija i dodaci za njegu kože.",0,"467,0000",5,null,null,"597,2500",null,"130,2500",null,1,0,"'0624541320000"]
["POTROŠNI DIJELOVI ZA PROTEZE ZA NOGE","Ulošci za proteze",42,345,"'062454132001","'0624541320002","Silikonski uložak proteze za potkoljenicu ili natkoljenicu s različitim debljinama stjenke, 3D tehnologijom i dodacima za njegu kože  ,Ottobock SE & Co. KGaA , 6Y88 Skeo3D","Ottobock SE & Co. KGaA","Otto Bock Adria","01.06.2024",null,1,0,"2,3,4",5,2,0,12,12,"NE",0,1,0,0,"kom",null,1,0,0,"339,102",0,0,null,0,0,0,"I","S","SPPD,LJ","Silikonski uložak proteze. Anatomski oblikovan, veća debljina stjenke na prominentnim mjestima. Preflektiranost. Tehnologija za eliminaciju longitudinalnog istezanja. Silikonski uložak sa ili bez prihvata za svornjak. Različite debljine stjenke, 3D tehnologija i dodaci za njegu kože.",0,"467,0000",5,null,null,"597,2500",null,"130,2500",null,1,0,"'0624541320000"]
["POTROŠNI DIJELOVI ZA PROTEZE ZA NOGE","Ulošci za proteze",42,346,"'062454132101","'0624541321001","Silikonski uložak proteze za potkoljenicu ili natkoljenicu sa vakuumskim prstenom  ,Ottobock SE & Co. KGaA ,6Y110 Skeo Sealing","Ottobock SE & Co. KGaA","Otto Bock Adria","01.06.2024",null,1,0,"2,3,4",5,2,0,12,12,"NE",0,1,0,0,"kom",null,1,0,0,"339,102",0,0,null,0,0,0,"I","S","SPPD,LJ","Napredna tehnologija brtvljenja s pomičnim ili fiksnim vakuumskim prstenovima. Silikonski uložak sa ili bez vanjskog tekstila s dodacima za njegu kože.",0,"467,0000",5,null,null,"650,1800",null,"183,1800",null,1,0,"'0624541321000"]
["POTROŠNI DIJELOVI ZA PROTEZE ZA NOGE","Ulošci za proteze",42,347,"'062454330101","'0624543301001","Kopolimerni uložak za potkoljenicu  ,Ottobock SE & Co. KGaA ,6Y95 Caleo 3D","Ottobock SE & Co. KGaA","Otto Bock Adria","01.06.2024",null,1,0,"2,3,4",5,2,0,12,12,"NE",0,1,0,0,"kom",null,1,0,0,"339,102",0,0,null,0,0,0,"I","S","SPPD,LJ","Kopolimerni uložak za potkoljenicu. Elastični materijal koji se može prilagoditi i oblikovati individualnom obliku bataljka. 3D dizajn ima prednji zid od 6mm za bolju zaštitu i stražnji zid od 3mm za laku fleksibilnost koljena uz istovremeno rasterećenje patele. Monoelastična tkanina sprečava klip i eliminira potrebu za distalnom matricom.",0,"450,0000",5,null,null,"554,8100",null,"104,8100",null,1,0,"'0624543301000"]
["POTROŠNI DIJELOVI ZA PROTEZE ZA NOGE","Ulošci za proteze",42,348,"'062454330101","'0624543301002","Kopolimerni uložak za potkoljenicu  ,Ottobock SE & Co. KGaA , 6Y93 Caleo 3D","Ottobock SE & Co. KGaA","Otto Bock Adria","01.06.2024",null,1,0,"2,3,4",5,2,0,12,12,"NE",0,1,0,0,"kom",null,1,0,0,"339,102",0,0,null,0,0,0,"I","S","SPPD,LJ","Kopolimerni uložak za potkoljenicu. Elastični materijal koji se može prilagoditi i oblikovati individualnom obliku bataljka. 3D dizajn ima prednji zid od 6mm za bolju zaštitu i stražnji zid od 3mm za laku fleksibilnost koljena uz istovremeno rasterećenje patele. Monoelastična tkanina sprečava klip i eliminira potrebu za distalnom matricom.",0,"450,0000",5,null,null,"554,8100",null,"104,8100",null,1,0,"'0624543301000"]
["POTROŠNI DIJELOVI ZA PROTEZE ZA NOGE","Ulošci za proteze",42,349,"'062454130101","'0624541301001","Poliuretanski uložak potkoljenice  ,Ottobock SE & Co. KGaA ,6Y510 Uneo Flex","Ottobock SE & Co. KGaA","Otto Bock Adria","01.06.2024",null,1,0,"2,3,4",5,2,0,12,12,"NE",0,1,0,0,"kom",null,1,0,0,"339,102",0,0,null,0,0,0,"I","S","SPPD,LJ","Poliuretanski uložak.",0,"565,0000",5,{"$nulls":6},0,0,"'0624541301000"]
["POTROŠNI DIJELOVI ZA PROTEZE ZA NOGE","Ulošci za proteze",42,350,"'062454130101","'0624541301002","Poliuretanski uložak potkoljenice  ,Ottobock SE & Co. KGaA , 6Y512 Uneo 3D","Ottobock SE & Co. KGaA","Otto Bock Adria","01.06.2024",null,1,0,"2,3,4",5,2,0,12,12,"NE",0,1,0,0,"kom",null,1,0,0,"339,102",0,0,null,0,0,0,"I","S","SPPD,LJ","Poliuretanski uložak.",0,"565,0000",5,{"$nulls":6},0,0,"'0624541301000"]
["POTROŠNI DIJELOVI ZA PROTEZE ZA NOGE","Ulošci za proteze",42,351,"'062454130101","'0624541301003","Poliuretanski uložak potkoljenice  ,Ottobock SE & Co. KGaA , 6Y523 Uneo Skinguard","Ottobock SE & Co. KGaA","Otto Bock Adria","01.06.2024",null,1,0,"2,3,4",5,2,0,12,12,"NE",0,1,0,0,"kom",null,1,0,0,"339,102",0,0,null,0,0,0,"I","S","SPPD,LJ","Poliuretanski uložak.",0,"565,0000",5,{"$nulls":6},0,0,"'0624541301000"]
["POTROŠNI DIJELOVI ZA PROTEZE ZA NOGE","Ulošci za proteze",42,352,"'062454230101","'0624542301001","Kopolimerni uložak za potkoljenicu  ,Ottobock SE & Co. KGaA ,6Y90_6Y92 Caleo","Ottobock SE & Co. KGaA","Otto Bock Adria","01.06.2024",null,1,0,"2,3,4",5,2,0,12,12,"NE",0,1,0,0,"kom",null,1,0,0,"339,102",0,0,null,0,0,0,"I","S","SPPD,LJ","Kopolimerni uložak proteze za potkoljenicu  sa prihvatom na distalnom dijelu za svornjak ili bez njega.",0,"450,0000",5,{"$nulls":6},0,0,"'0624542301000"]
["POTROŠNI DIJELOVI ZA PROTEZE ZA NOGE","Ulošci za proteze",42,353,"'062454230102","'0624542301002","Kopolimerni uložak za potkoljenicu  ,Proteor ,Stepline Plus","Proteor","Otos","01.06.2024",null,1,0,"2,3,4",5,2,0,12,12,"NE",0,1,0,0,"kom",null,1,0,0,"339,102",0,0,null,0,0,0,"I","S","SPPD,LJ","Kopolimerni uložak proteze za potkoljenicu  sa prihvatom na distalnom dijelu za svornjak ili bez njega.",0,"450,0000",5,{"$nulls":6},0,0,"'0624542301000"]
["POTROŠNI DIJELOVI ZA PROTEZE ZA NOGE","Ulošci za proteze",42,354,"'062454230103","'0624542301003","Kopolimerni uložak za potkoljenicu  ,Alps ,Easy Liner","Alps","Otos","01.06.2024",null,1,0,"2,3,4",5,2,0,12,12,"NE",0,1,0,0,"kom",null,1,0,0,"339,102",0,0,null,0,0,0,"I","S","SPPD,LJ","Kopolimerni uložak proteze za potkoljenicu  sa prihvatom na distalnom dijelu za svornjak ili bez njega.",0,"450,0000",5,{"$nulls":6},0,0,"'0624542301000"]
["POTROŠNI DIJELOVI ZA PROTEZE ZA NOGE","Ulošci za proteze",42,355,"'062454230103","'0624542301004","Kopolimerni uložak za potkoljenicu  ,Alps , ProFit","Alps","Otos","01.06.2024",null,1,0,"2,3,4",5,2,0,12,12,"NE",0,1,0,0,"kom",null,1,0,0,"339,102",0,0,null,0,0,0,"I","S","SPPD,LJ","Kopolimerni uložak proteze za potkoljenicu  sa prihvatom na distalnom dijelu za svornjak ili bez njega.",0,"450,0000",5,{"$nulls":6},0,0,"'0624542301000"]
["POTROŠNI DIJELOVI ZA PROTEZE ZA NOGE","Ulošci za proteze",42,356,"'062454230104","'0624542301005","Kopolimerni uložak za potkoljenicu  ,Streifeneder ortho production GmbH ,26L10","Streifeneder ortho production GmbH","Nostrum Medical","01.06.2024",null,1,0,"2,3,4",5,2,0,12,12,"NE",0,1,0,0,"kom",null,1,0,0,"339,102",0,0,null,0,0,0,"I","S","SPPD,LJ","Kopolimerni uložak proteze za potkoljenicu  sa prihvatom na distalnom dijelu za svornjak ili bez njega.",0,"450,0000",5,{"$nulls":6},0,0,"'0624542301000"]
["POTROŠNI DIJELOVI ZA PROTEZE ZA NOGE","Ulošci za proteze",42,357,"'062454230104","'0624542301006","Kopolimerni uložak za potkoljenicu  ,Streifeneder ortho production GmbH , 26L20","Streifeneder ortho production GmbH","Nostrum Medical","01.06.2024",null,1,0,"2,3,4",5,2,0,12,12,"NE",0,1,0,0,"kom",null,1,0,0,"339,102",0,0,null,0,0,0,"I","S","SPPD,LJ","Kopolimerni uložak proteze za potkoljenicu  sa prihvatom na distalnom dijelu za svornjak ili bez njega.",0,"450,0000",5,{"$nulls":6},0,0,"'0624542301000"]
["POTROŠNI DIJELOVI ZA PROTEZE ZA NOGE","Ulošci za proteze",42,358,"'062454131001","'0624541310001","Silikonski uložak proteze za potkoljenicu ili natkoljenicu  ,Ottobock SE & Co. KGaA ,6Y85 Skeo Skinguard","Ottobock SE & Co. KGaA","Otto Bock Adria","01.06.2024",null,1,0,"2,3,4",5,2,0,12,12,"NE",0,1,0,0,"kom",null,1,0,0,"339,102",0,0,null,0,0,0,"I","S","SPPD,LJ","Silikonski uložak proteze za potkoljenicu ili natkoljenicu. Debljina stijenke prilagođena anatomiji bataljka. Silikonski uložak sa ili bez prihvata za svornjak.",0,"467,0000",5,{"$nulls":6},0,0,"'0624541310000"]
["POTROŠNI DIJELOVI ZA PROTEZE ZA NOGE","Ulošci za proteze",42,359,"'062454131001","'0624541310002","Silikonski uložak proteze za potkoljenicu ili natkoljenicu  ,Ottobock SE & Co. KGaA , 6Y75 Skeo Skinguard","Ottobock SE & Co. KGaA","Otto Bock Adria","01.06.2024",null,1,0,"2,3,4",5,2,0,12,12,"NE",0,1,0,0,"kom",null,1,0,0,"339,102",0,0,null,0,0,0,"I","S","SPPD,LJ","Silikonski uložak proteze za potkoljenicu ili natkoljenicu. Debljina stijenke prilagođena anatomiji bataljka. Silikonski uložak sa ili bez prihvata za svornjak.",0,"467,0000",5,{"$nulls":6},0,0,"'0624541310000"]
["POTROŠNI DIJELOVI ZA PROTEZE ZA NOGE","Ulošci za proteze",42,360,"'062454131002","'0624541310003","Silikonski uložak proteze za potkoljenicu ili natkoljenicu  ,Alps ,SoftSil","Alps","Otos","01.06.2024",null,1,0,"2,3,4",5,2,0,12,12,"NE",0,1,0,0,"kom",null,1,0,0,"339,102",0,0,null,0,0,0,"I","S","SPPD,LJ","Silikonski uložak proteze za potkoljenicu ili natkoljenicu. Debljina stijenke prilagođena anatomiji bataljka. Silikonski uložak sa ili bez prihvata za svornjak.",0,"467,0000",5,{"$nulls":6},0,0,"'0624541310000"]
["POTROŠNI DIJELOVI ZA PROTEZE ZA NOGE","Ulošci za proteze",42,361,"'062454131003","'0624541310004","Silikonski uložak proteze za potkoljenicu ili natkoljenicu  ,Streifeneder ortho production GmbH ,41L10","Streifeneder ortho production GmbH","Nostrum Medical","01.06.2024",null,1,0,"2,3,4",5,2,0,12,12,"NE",0,1,0,0,"kom",null,1,0,0,"339,102",0,0,null,0,0,0,"I","S","SPPD,LJ","Silikonski uložak proteze za potkoljenicu ili natkoljenicu. Debljina stijenke prilagođena anatomiji bataljka. Silikonski uložak sa ili bez prihvata za svornjak.",0,"467,0000",5,{"$nulls":6},0,0,"'0624541310000"]
["POTROŠNI DIJELOVI ZA PROTEZE ZA NOGE","Ulošci za proteze",42,362,"'062454131003","'0624541310005","Silikonski uložak proteze za potkoljenicu ili natkoljenicu  ,Streifeneder ortho production GmbH , 41L20","Streifeneder ortho production GmbH","Nostrum Medical","01.06.2024",null,1,0,"2,3,4",5,2,0,12,12,"NE",0,1,0,0,"kom",null,1,0,0,"339,102",0,0,null,0,0,0,"I","S","SPPD,LJ","Silikonski uložak proteze za potkoljenicu ili natkoljenicu. Debljina stijenke prilagođena anatomiji bataljka. Silikonski uložak sa ili bez prihvata za svornjak.",0,"467,0000",5,{"$nulls":6},0,0,"'0624541310000"]
["POTROŠNI DIJELOVI ZA PROTEZE ZA NOGE","Ulošci za proteze",42,363,"'062454131003","'0624541310006","Silikonski uložak proteze za potkoljenicu ili natkoljenicu  ,Streifeneder ortho production GmbH , 50L10","Streifeneder ortho production GmbH","Nostrum Medical","01.06.2024",null,1,0,"2,3,4",5,2,0,12,12,"NE",0,1,0,0,"kom",null,1,0,0,"339,102",0,0,null,0,0,0,"I","S","SPPD,LJ","Silikonski uložak proteze za potkoljenicu ili natkoljenicu. Debljina stijenke prilagođena anatomiji bataljka. Silikonski uložak sa ili bez prihvata za svornjak.",0,"467,0000",5,{"$nulls":6},0,0,"'0624541310000"]
["POTROŠNI DIJELOVI ZA PROTEZE ZA NOGE","Ulošci za proteze",42,364,"'062454131003","'0624541310007","Silikonski uložak proteze za potkoljenicu ili natkoljenicu  ,Streifeneder ortho production GmbH , 50L20","Streifeneder ortho production GmbH","Nostrum Medical","01.06.2024",null,1,0,"2,3,4",5,2,0,12,12,"NE",0,1,0,0,"kom",null,1,0,0,"339,102",0,0,null,0,0,0,"I","S","SPPD,LJ","Silikonski uložak proteze za potkoljenicu ili natkoljenicu. Debljina stijenke prilagođena anatomiji bataljka. Silikonski uložak sa ili bez prihvata za svornjak.",0,"467,0000",5,{"$nulls":6},0,0,"'0624541310000"]
["POTROŠNI DIJELOVI ZA PROTEZE ZA NOGE","Ulošci za proteze",42,365,"'062454230105","'0624542301007","Kopolimerni uložak za potkoljenicu  ,Proteor ,Stepline  1S356","Proteor","Bauerfeind","18.07.2024",null,1,0,"2,3,4",5,2,0,12,12,"NE",0,1,0,0,"kom",null,1,0,0,"339,102",0,0,null,0,0,0,"I","S","SPPD,LJ","Kopolimerni uložak proteze za potkoljenicu  sa prihvatom na distalnom dijelu za svornjak ili bez njega.",0,"450,0000",5,{"$nulls":6},0,0,"'0624542301000"]
["POTROŠNI DIJELOVI ZA PROTEZE ZA NOGE","Ulošci za proteze",42,366,"'062454230105","'0624542301008","Kopolimerni uložak za potkoljenicu  ,Proteor , Stepline 1S366","Proteor","Bauerfeind","18.07.2024",null,1,0,"2,3,4",5,2,0,12,12,"NE",0,1,0,0,"kom",null,1,0,0,"339,102",0,0,null,0,0,0,"I","S","SPPD,LJ","Kopolimerni uložak proteze za potkoljenicu  sa prihvatom na distalnom dijelu za svornjak ili bez njega.",0,"450,0000",5,{"$nulls":6},0,0,"'0624542301000"]
["POTROŠNI DIJELOVI ZA PROTEZE ZA NOGE","Ulošci za proteze",42,367,"'062454230105","'0624542301009","Kopolimerni uložak za potkoljenicu  ,Proteor , Stepline 1S356T","Proteor","Bauerfeind","18.07.2024",null,1,0,"2,3,4",5,2,0,12,12,"NE",0,1,0,0,"kom",null,1,0,0,"339,102",0,0,null,0,0,0,"I","S","SPPD,LJ","Kopolimerni uložak proteze za potkoljenicu  sa prihvatom na distalnom dijelu za svornjak ili bez njega.",0,"450,0000",5,{"$nulls":6},0,0,"'0624542301000"]
["POTROŠNI DIJELOVI ZA PROTEZE ZA NOGE","Ulošci za proteze",42,368,"'062454230105","'0624542301010","Kopolimerni uložak za potkoljenicu  ,Proteor , Stepline 1S356E","Proteor","Bauerfeind","18.07.2024",null,1,0,"2,3,4",5,2,0,12,12,"NE",0,1,0,0,"kom",null,1,0,0,"339,102",0,0,null,0,0,0,"I","S","SPPD,LJ","Kopolimerni uložak proteze za potkoljenicu  sa prihvatom na distalnom dijelu za svornjak ili bez njega.",0,"450,0000",5,{"$nulls":6},0,0,"'0624542301000"]
["POTROŠNI DIJELOVI ZA PROTEZE ZA NOGE","Ulošci za proteze",42,369,"'062454230105","'0624542301011","Kopolimerni uložak za potkoljenicu  ,Proteor , Stepline 1S356A","Proteor","Bauerfeind","18.07.2024",null,1,0,"2,3,4",5,2,0,12,12,"NE",0,1,0,0,"kom",null,1,0,0,"339,102",0,0,null,0,0,0,"I","S","SPPD,LJ","Kopolimerni uložak proteze za potkoljenicu  sa prihvatom na distalnom dijelu za svornjak ili bez njega.",0,"450,0000",5,{"$nulls":6},0,0,"'0624542301000"]
["POTROŠNI DIJELOVI ZA PROTEZE ZA NOGE","Ulošci za proteze",42,370,"'062454131004","'0624541310008","Silikonski uložak proteze za potkoljenicu ili natkoljenicu  ,Proteor ,Silitouch Aloe without distal attachment 1S721","Proteor","Bauerfeind","18.07.2024",null,1,0,"2,3,4",5,2,0,12,12,"NE",0,1,0,0,"kom",null,1,0,0,"339,102",0,0,null,0,0,0,"I","S","SPPD,LJ","Silikonski uložak proteze za potkoljenicu ili natkoljenicu. Debljina stijenke prilagođena anatomiji bataljka. Silikonski uložak sa ili bez prihvata za svornjak.",0,"467,0000",5,{"$nulls":6},0,0,"'0624541310000"]
["POTROŠNI DIJELOVI ZA PROTEZE ZA NOGE","Ulošci za proteze",42,371,"'062454131004","'0624541310009","Silikonski uložak proteze za potkoljenicu ili natkoljenicu  ,Proteor , Silitouch Aloe with distal attachment 1S711","Proteor","Bauerfeind","18.07.2024",null,1,0,"2,3,4",5,2,0,12,12,"NE",0,1,0,0,"kom",null,1,0,0,"339,102",0,0,null,0,0,0,"I","S","SPPD,LJ","Silikonski uložak proteze za potkoljenicu ili natkoljenicu. Debljina stijenke prilagođena anatomiji bataljka. Silikonski uložak sa ili bez prihvata za svornjak.",0,"467,0000",5,{"$nulls":6},0,0,"'0624541310000"]
["POTROŠNI DIJELOVI ZA PROTEZE ZA NOGE","Ulošci za proteze",42,372,"'062454131004","'0624541310010","Silikonski uložak proteze za potkoljenicu ili natkoljenicu  ,Proteor , Silitouch Classic with  distal attachment 1S712","Proteor","Bauerfeind","18.07.2024",null,1,0,"2,3,4",5,2,0,12,12,"NE",0,1,0,0,"kom",null,1,0,0,"339,102",0,0,null,0,0,0,"I","S","SPPD,LJ","Silikonski uložak proteze za potkoljenicu ili natkoljenicu. Debljina stijenke prilagođena anatomiji bataljka. Silikonski uložak sa ili bez prihvata za svornjak.",0,"467,0000",5,{"$nulls":6},0,0,"'0624541310000"]
["POTROŠNI DIJELOVI ZA PROTEZE ZA NOGE","Ulošci za proteze",42,373,"'062454131004","'0624541310011","Silikonski uložak proteze za potkoljenicu ili natkoljenicu  ,Proteor , Silitouch Classic without distal attachment 1S722 ","Proteor","Bauerfeind","18.07.2024",null,1,0,"2,3,4",5,2,0,12,12,"NE",0,1,0,0,"kom",null,1,0,0,"339,102",0,0,null,0,0,0,"I","S","SPPD,LJ","Silikonski uložak proteze za potkoljenicu ili natkoljenicu. Debljina stijenke prilagođena anatomiji bataljka. Silikonski uložak sa ili bez prihvata za svornjak.",0,"467,0000",5,{"$nulls":6},0,0,"'0624541310000"]
["POTROŠNI DIJELOVI ZA PROTEZE ZA NOGE","Ulošci za proteze",42,374,"'062454131005","'0624541310012","Silikonski uložak proteze za potkoljenicu ili natkoljenicu  ,Uniprox ,SoftSkin S30","Uniprox","Bauerfeind","18.07.2024",null,1,0,"2,3,4",5,2,0,12,12,"NE",0,1,0,0,"kom",null,1,0,0,"339,102",0,0,null,0,0,0,"I","S","SPPD,LJ","Silikonski uložak proteze za potkoljenicu ili natkoljenicu. Debljina stijenke prilagođena anatomiji bataljka. Silikonski uložak sa ili bez prihvata za svornjak.",0,"467,0000",5,{"$nulls":6},0,0,"'0624541310000"]
["POTROŠNI DIJELOVI ZA PROTEZE ZA NOGE","Ulošci za proteze",42,375,"'062454131005","'0624541310013","Silikonski uložak proteze za potkoljenicu ili natkoljenicu  ,Uniprox , S30CL","Uniprox","Bauerfeind","18.07.2024",null,1,0,"2,3,4",5,2,0,12,12,"NE",0,1,0,0,"kom",null,1,0,0,"339,102",0,0,null,0,0,0,"I","S","SPPD,LJ","Silikonski uložak proteze za potkoljenicu ili natkoljenicu. Debljina stijenke prilagođena anatomiji bataljka. Silikonski uložak sa ili bez prihvata za svornjak.",0,"467,0000",5,{"$nulls":6},0,0,"'0624541310000"]
["POTROŠNI DIJELOVI ZA PROTEZE ZA NOGE","Ulošci za proteze",42,376,"'062454131005","'0624541310014","Silikonski uložak proteze za potkoljenicu ili natkoljenicu  ,Uniprox , S40","Uniprox","Bauerfeind","18.07.2024",null,1,0,"2,3,4",5,2,0,12,12,"NE",0,1,0,0,"kom",null,1,0,0,"339,102",0,0,null,0,0,0,"I","S","SPPD,LJ","Silikonski uložak proteze za potkoljenicu ili natkoljenicu. Debljina stijenke prilagođena anatomiji bataljka. Silikonski uložak sa ili bez prihvata za svornjak.",0,"467,0000",5,{"$nulls":6},0,0,"'0624541310000"]
["POTROŠNI DIJELOVI ZA PROTEZE ZA NOGE","Ulošci za proteze",42,377,"'062454131005","'0624541310015","Silikonski uložak proteze za potkoljenicu ili natkoljenicu  ,Uniprox , S40CL","Uniprox","Bauerfeind","18.07.2024",null,1,0,"2,3,4",5,2,0,12,12,"NE",0,1,0,0,"kom",null,1,0,0,"339,102",0,0,null,0,0,0,"I","S","SPPD,LJ","Silikonski uložak proteze za potkoljenicu ili natkoljenicu. Debljina stijenke prilagođena anatomiji bataljka. Silikonski uložak sa ili bez prihvata za svornjak.",0,"467,0000",5,{"$nulls":6},0,0,"'0624541310000"]
["POTROŠNI DIJELOVI ZA PROTEZE ZA NOGE","Ulošci za proteze",42,378,"'062454131005","'0624541310016","Silikonski uložak proteze za potkoljenicu ili natkoljenicu  ,Uniprox , S50","Uniprox","Bauerfeind","18.07.2024",null,1,0,"2,3,4",5,2,0,12,12,"NE",0,1,0,0,"kom",null,1,0,0,"339,102",0,0,null,0,0,0,"I","S","SPPD,LJ","Silikonski uložak proteze za potkoljenicu ili natkoljenicu. Debljina stijenke prilagođena anatomiji bataljka. Silikonski uložak sa ili bez prihvata za svornjak.",0,"467,0000",5,{"$nulls":6},0,0,"'0624541310000"]
["POTROŠNI DIJELOVI ZA PROTEZE ZA NOGE","Ulošci za proteze",42,379,"'062454131005","'0624541310017","Silikonski uložak proteze za potkoljenicu ili natkoljenicu  ,Uniprox , S50CL","Uniprox","Bauerfeind","18.07.2024",null,1,0,"2,3,4",5,2,0,12,12,"NE",0,1,0,0,"kom",null,1,0,0,"339,102",0,0,null,0,0,0,"I","S","SPPD,LJ","Silikonski uložak proteze za potkoljenicu ili natkoljenicu. Debljina stijenke prilagođena anatomiji bataljka. Silikonski uložak sa ili bez prihvata za svornjak.",0,"467,0000",5,{"$nulls":6},0,0,"'0624541310000"]
["POTROŠNI DIJELOVI ZA PROTEZE ZA NOGE","Ulošci za proteze",42,380,"'062454131005","'0624541310018","Silikonski uložak proteze za potkoljenicu ili natkoljenicu  ,Uniprox , TF","Uniprox","Bauerfeind","18.07.2024",null,1,0,"2,3,4",5,2,0,12,12,"NE",0,1,0,0,"kom",null,1,0,0,"339,102",0,0,null,0,0,0,"I","S","SPPD,LJ","Silikonski uložak proteze za potkoljenicu ili natkoljenicu. Debljina stijenke prilagođena anatomiji bataljka. Silikonski uložak sa ili bez prihvata za svornjak.",0,"467,0000",5,{"$nulls":6},0,0,"'0624541310000"]
["POTROŠNI DIJELOVI ZA PROTEZE ZA NOGE","Ulošci za proteze",42,381,"'062454131005","'0624541310019","Silikonski uložak proteze za potkoljenicu ili natkoljenicu  ,Uniprox , STF","Uniprox","Bauerfeind","18.07.2024",null,1,0,"2,3,4",5,2,0,12,12,"NE",0,1,0,0,"kom",null,1,0,0,"339,102",0,0,null,0,0,0,"I","S","SPPD,LJ","Silikonski uložak proteze za potkoljenicu ili natkoljenicu. Debljina stijenke prilagođena anatomiji bataljka. Silikonski uložak sa ili bez prihvata za svornjak.",0,"467,0000",5,{"$nulls":6},0,0,"'0624541310000"]
["POTROŠNI DIJELOVI ZA PROTEZE ZA NOGE","Ulošci za proteze",42,382,"'062454230106","'0624542301012","Kopolimerni uložak za potkoljenicu  ,Ossur ,Iceform Locking","Ossur","Ossur Hrvatska","12.10.2024",null,1,0,"2,3,4",5,2,0,12,12,"NE",0,1,0,0,"kom",null,1,0,0,"339,102",0,0,null,0,0,0,"I","S","SPPD,LJ","Kopolimerni uložak proteze za potkoljenicu  sa prihvatom na distalnom dijelu za svornjak ili bez njega.",0,"450,0000",5,{"$nulls":6},0,0,"'0624542301000"]
["POTROŠNI DIJELOVI ZA PROTEZE ZA NOGE","Ulošci za proteze",42,383,"'062454230106","'0624542301013","Kopolimerni uložak za potkoljenicu  ,Ossur , Iceform Cushion","Ossur","Ossur Hrvatska","12.10.2024",null,1,0,"2,3,4",5,2,0,12,12,"NE",0,1,0,0,"kom",null,1,0,0,"339,102",0,0,null,0,0,0,"I","S","SPPD,LJ","Kopolimerni uložak proteze za potkoljenicu  sa prihvatom na distalnom dijelu za svornjak ili bez njega.",0,"450,0000",5,{"$nulls":6},0,0,"'0624542301000"]
["POTROŠNI DIJELOVI ZA PROTEZE ZA NOGE","Ulošci za proteze",42,384,"'062454131006","'0624541310020","Silikonski uložak proteze za potkoljenicu ili natkoljenicu 102 ,Ossur ,Iceross Transfemoral Locking","Ossur","Ossur Hrvatska","23.11.2024",null,1,1,"2,3,4",5,2,0,12,12,"NE",0,1,0,0,"kom",null,1,0,0,339,0,0,null,0,0,0,"I","S","SPPD,LJ","Silikonski uložak proteze za potkoljenicu ili natkoljenicu. Debljina stijenke prilagođena anatomiji bataljka. Silikonski uložak sa ili bez prihvata za svornjak.",0,"467,0000",5,{"$nulls":6},0,0,"'0624541310000"]
["POTROŠNI DIJELOVI ZA PROTEZE ZA NOGE","Ulošci za proteze",42,385,"'062454131031","'0624541310021","Silikonski uložak proteze za potkoljenicu, dječji  ,Ossur ,Iceross Stabilo Junior Locking","Ossur","Ossur Hrvatska","12.10.2024",null,1,0,"2,3,4",5,2,12,12,0,"NE",0,1,0,0,"kom",null,1,0,0,"339,102",0,0,null,0,0,0,"I","S","SPPD,LJ","Silikonski uložak proteze za potkoljenicu. Debljina stijenke prilagođena anatomiji bataljka. Silikonski uložak sa ili bez prihvata za svornjak.",0,"565,0000",5,{"$nulls":6},0,0,"'0624541310000"]
["POTROŠNI DIJELOVI ZA PROTEZE ZA NOGE","Ulošci za proteze",42,386,"'062454131031","'0624541310022","Silikonski uložak proteze za potkoljenicu, dječji  ,Ossur , Iceross Dermo Junior Locking","Ossur","Ossur Hrvatska","12.10.2024",null,1,0,"2,3,4",5,2,12,12,0,"NE",0,1,0,0,"kom",null,1,0,0,"339,102",0,0,null,0,0,0,"I","S","SPPD,LJ","Silikonski uložak proteze za potkoljenicu. Debljina stijenke prilagođena anatomiji bataljka. Silikonski uložak sa ili bez prihvata za svornjak.",0,"565,0000",5,{"$nulls":6},0,0,"'0624541310000"]
["POTROŠNI DIJELOVI ZA PROTEZE ZA NOGE","Ulošci za proteze",42,387,"'062454131006","'0624541310023","Silikonski uložak proteze za potkoljenicu ili natkoljenicu 102 ,Ossur ,Iceross Comfort Locking","Ossur","Ossur Hrvatska","23.11.2024",null,1,1,"2,3,4",5,2,0,12,12,"NE",0,1,0,0,"kom",null,1,0,0,339,0,0,null,0,0,0,"I","S","SPPD,LJ","Silikonski uložak proteze za potkoljenicu ili natkoljenicu. Debljina stijenke prilagođena anatomiji bataljka. Silikonski uložak sa ili bez prihvata za svornjak.",0,"467,0000",5,{"$nulls":6},0,0,"'0624541310000"]
["POTROŠNI DIJELOVI ZA PROTEZE ZA NOGE","Ulošci za proteze",42,388,"'062454131006","'0624541310024","Silikonski uložak proteze za potkoljenicu ili natkoljenicu 102 ,Ossur ,Iceross Comfort Cushion","Ossur","Ossur Hrvatska","23.11.2024",null,1,1,"2,3,4",5,2,0,12,12,"NE",0,1,0,0,"kom",null,1,0,0,339,0,0,null,0,0,0,"I","S","SPPD,LJ","Silikonski uložak proteze za potkoljenicu ili natkoljenicu. Debljina stijenke prilagođena anatomiji bataljka. Silikonski uložak sa ili bez prihvata za svornjak.",0,"467,0000",5,{"$nulls":6},0,0,"'0624541310000"]
["POTROŠNI DIJELOVI ZA PROTEZE ZA NOGE","Drugi potrošni dijelovi",43,389,"'062454032702","'0624540327000","Nožni zglobni dio, (maleol), za stopalo  Streifeneder ortho production GmbH","Streifeneder ortho production GmbH","Nostrum Medical","15.04.2023",null,1,1,"2,3,4",5,2,24,24,"24 ","NE",0,1,0,0,"kom",null,1,0,0,"102,339",0,0,null,0,1,0,"I","S","SPPD,LJ","Drvo, modul originalni proizvod. ",0,"31,4610",5,{"$nulls":6},0,0,"'0624540327000"]
["POTROŠNI DIJELOVI ZA PROTEZE ZA NOGE","Drugi potrošni dijelovi",43,390,"'062454032800","'0624540328000","Pojas za suspenziju proteze  potkoljenice  ",null,null,"01.01.2023",null,1,1,"2,3,4",5,2,12,12,"12 ","NE",0,1,0,0,"kom",null,1,0,0,"102,339",0,0,null,0,1,0,"I","S","SPPD,LJ","Tekstil, modul originalni proizvod. ",0,"34,6606",5,{"$nulls":6},0,0,"'0624540328000"]
["POTROŠNI DIJELOVI ZA PROTEZE ZA NOGE","Drugi potrošni dijelovi",43,391,"'062454033000","'0624540330000","Pojas za suspenziju proteze natkoljenice  ",null,null,"15.04.2023",null,1,1,"2,3,4",5,2,0,18,"24 ","NE",0,1,0,0,"kom",null,1,0,0,"102,339",0,0,null,0,1,0,"I","S","SPPD,LJ","Tekstil, modul originalni proizvod. ",0,"157,6732",5,{"$nulls":6},0,0,"'0624540330000"]
["POTROŠNI DIJELOVI ZA PROTEZE ZA NOGE","Drugi potrošni dijelovi",43,392,"'062454031201","'0624540312001","Svornjak za silikonski uložak  ,Ottobock SE & Co. KGaA ,Svornjak za silikonski uložak, 6Y13","Ottobock SE & Co. KGaA","Otto Bock Adria","15.04.2023",null,1,1,"2,3,4",5,2,0,12,12,"NE",0,1,0,0,"kom",null,1,0,0,"102,339",0,0,null,0,1,0,"I","S","SPPD,LJ","Metal, modul originalni proizvod. ",0,"38,7678",5,{"$nulls":6},0,0,"'0624540312000"]
["POTROŠNI DIJELOVI ZA PROTEZE ZA NOGE","Drugi potrošni dijelovi",43,393,"'062454031202","'0624540312002","Svornjak za silikonski uložak  ,IB-ER ,Shuttle Lock screw E70","IB-ER","Otos","15.04.2023",null,1,1,"2,3,4",5,2,0,12,12,"NE",0,1,0,0,"kom",null,1,0,0,"102,339",0,0,null,0,1,0,"I","S","SPPD,LJ","Metal, modul originalni proizvod. ",0,"36,5525",5,{"$nulls":6},0,0,"'0624540312000"]
["POTROŠNI DIJELOVI ZA PROTEZE ZA NOGE","Drugi potrošni dijelovi",43,394,"'062454031204","'0624540312005","Svornjak za silikonski uložak  ,Streifeneder ortho production GmbH ,60S2","Streifeneder ortho production GmbH","Nostrum Medical","15.04.2023",null,1,1,"2,3,4",5,2,0,12,12,"NE",0,1,0,0,"kom",null,1,0,0,"102,339",0,0,null,0,1,0,"I","S","SPPD,LJ","Metal, modul originalni proizvod. ",0,"36,5525",5,{"$nulls":6},0,0,"'0624540312000"]
["POTROŠNI DIJELOVI ZA PROTEZE ZA NOGE","Drugi potrošni dijelovi",43,395,"'062454031205","'0624540312006","Svornjak za silikonski uložak  ,Uniprox ,E-SHL04","Uniprox","Bauerfeind","15.04.2023",null,1,1,"2,3,4",5,2,0,12,12,"NE",0,1,0,0,"kom",null,1,0,0,"102,339",0,0,null,0,1,0,"I","S","SPPD,LJ","Metal, modul originalni proizvod. ",0,"38,7678",5,{"$nulls":6},0,0,"'0624540312000"]
["POTROŠNI DIJELOVI ZA PROTEZE ZA NOGE","Drugi potrošni dijelovi",43,396,"'062454031205","'0624540312007","Svornjak za silikonski uložak  ,Uniprox ,E-SHL05","Uniprox","Bauerfeind","15.04.2023",null,1,1,"2,3,4",5,2,0,12,12,"NE",0,1,0,0,"kom",null,1,0,0,"102,339",0,0,null,0,1,0,"I","S","SPPD,LJ","Metal, modul originalni proizvod. ",0,"38,7678",5,{"$nulls":6},0,0,"'0624540312000"]
["POTROŠNI DIJELOVI ZA PROTEZE ZA NOGE","Drugi potrošni dijelovi",43,397,"'062454031205","'0624540312008","Svornjak za silikonski uložak  ,Uniprox ,E-SHL2","Uniprox","Bauerfeind","15.04.2023",null,1,1,"2,3,4",5,2,0,12,12,"NE",0,1,0,0,"kom",null,1,0,0,"102,339",0,0,null,0,1,0,"I","S","SPPD,LJ","Metal, modul originalni proizvod. ",0,"38,7678",5,{"$nulls":6},0,0,"'0624540312000"]
["POTROŠNI DIJELOVI ZA PROTEZE ZA NOGE","Drugi potrošni dijelovi",43,398,"'062454031205","'0624540312009","Svornjak za silikonski uložak  ,Uniprox ,E-SHL3","Uniprox","Bauerfeind","15.04.2023",null,1,1,"2,3,4",5,2,0,12,12,"NE",0,1,0,0,"kom",null,1,0,0,"102,339",0,0,null,0,1,0,"I","S","SPPD,LJ","Metal, modul originalni proizvod. ",0,"38,7678",5,{"$nulls":6},0,0,"'0624540312000"]
["POTROŠNI DIJELOVI ZA PROTEZE ZA NOGE","Drugi potrošni dijelovi",43,399,"'062454031205","'0624540312010","Svornjak za silikonski uložak  ,Uniprox ,SHL17","Uniprox","Bauerfeind","15.04.2023",null,1,1,"2,3,4",5,2,0,12,12,"NE",0,1,0,0,"kom",null,1,0,0,"102,339",0,0,null,0,1,0,"I","S","SPPD,LJ","Metal, modul originalni proizvod. ",0,"38,7678",5,{"$nulls":6},0,0,"'0624540312000"]
["POTROŠNI DIJELOVI ZA PROTEZE ZA NOGE","Drugi potrošni dijelovi",43,400,"'062454031205","'0624540312011","Svornjak za silikonski uložak  ,Uniprox ,SHL18","Uniprox","Bauerfeind","15.04.2023",null,1,1,"2,3,4",5,2,0,12,12,"NE",0,1,0,0,"kom",null,1,0,0,"102,339",0,0,null,0,1,0,"I","S","SPPD,LJ","Metal, modul originalni proizvod. ",0,"38,7678",5,{"$nulls":6},0,0,"'0624540312000"]
["POTROŠNI DIJELOVI ZA PROTEZE ZA NOGE","Drugi potrošni dijelovi",43,401,"'062454031301","'0624540313001","Bravica za silikonski uložak  ,Ottobock SE & Co. KGaA ,Bravica za silikonski uložak ,6A20","Ottobock SE & Co. KGaA","Otto Bock Adria","05.10.2023",null,1,1,"2,3,4",5,2,0,12,12,"NE",0,1,0,0,"kom",null,1,0,0,"339,102",0,0,null,0,1,0,"I","S","SPPD,LJ","Metal, modul originalni proizvod. ",0,"186,8301",5,{"$nulls":6},0,0,"'0624540313000"]
["POTROŠNI DIJELOVI ZA PROTEZE ZA NOGE","Drugi potrošni dijelovi",43,402,"'062454031302","'0624540313002","Bravica za silikonski uložak  ,IB-ER ,Shuttle Lock E70","IB-ER","Otos","15.04.2023",null,1,1,"2,3,4",5,2,0,12,12,"NE",0,1,0,0,"kom",null,1,0,0,"102,339",0,0,null,0,1,0,"I","S","SPPD,LJ","Metal, modul originalni proizvod. ",0,"176,1541",5,{"$nulls":6},0,0,"'0624540313000"]
["POTROŠNI DIJELOVI ZA PROTEZE ZA NOGE","Drugi potrošni dijelovi",43,403,"'062454031304","'0624540313005","Bravica za silikonski uložak  ,Streifeneder ortho production GmbH ,Bravica za silikonski uložak, Streifeneder GmbH","Streifeneder ortho production GmbH","Nostrum Medical","15.04.2023",null,1,1,"2,3,4",5,2,0,12,12,"NE",0,1,0,0,"kom",null,1,0,0,"102,339",0,0,null,0,1,0,"I","S","SPPD,LJ","Metal, modul originalni proizvod. ",0,"176,1541",5,{"$nulls":6},0,0,"'0624540313000"]
["POTROŠNI DIJELOVI ZA PROTEZE ZA NOGE","Drugi potrošni dijelovi",43,404,"'062454031305","'0624540313006","Bravica za silikonski uložak  ,Uniprox ,SHL2","Uniprox","Bauerfeind","05.01.2024",null,1,1,"2,3,4",5,2,0,12,12,"NE",0,1,0,0,"kom",null,1,0,0,"339,102",0,0,null,0,1,0,"I","S","SPPD,LJ","Metal, modul originalni proizvod. ",0,"176,1541",5,{"$nulls":6},0,0,"'0624540313000"]
["POTROŠNI DIJELOVI ZA PROTEZE ZA NOGE","Drugi potrošni dijelovi",43,405,"'062454031305","'0624540313007","Bravica za silikonski uložak  ,Uniprox ,SHL4B","Uniprox","Bauerfeind","05.01.2024",null,1,1,"2,3,4",5,2,0,12,12,"NE",0,1,0,0,"kom",null,1,0,0,"339,102",0,0,null,0,1,0,"I","S","SPPD,LJ","Metal, modul originalni proizvod. ",0,"176,1541",5,{"$nulls":6},0,0,"'0624540313000"]
["POTROŠNI DIJELOVI ZA PROTEZE ZA NOGE","Drugi potrošni dijelovi",43,406,"'062454031305","'0624540313008","Bravica za silikonski uložak  ,Uniprox ,SHL1","Uniprox","Bauerfeind","05.01.2024",null,1,1,"2,3,4",5,2,0,12,12,"NE",0,1,0,0,"kom",null,1,0,0,"339,102",0,0,null,0,1,0,"I","S","SPPD,LJ","Metal, modul originalni proizvod. ",0,"176,1541",5,{"$nulls":6},0,0,"'0624540313000"]
["POTROŠNI DIJELOVI ZA PROTEZE ZA NOGE","Drugi potrošni dijelovi",43,407,"'062454031305","'0624540313009","Bravica za silikonski uložak  ,Uniprox ,SHL4A","Uniprox","Bauerfeind","05.01.2024",null,1,1,"2,3,4",5,2,0,12,12,"NE",0,1,0,0,"kom",null,1,0,0,"339,102",0,0,null,0,1,0,"I","S","SPPD,LJ","Metal, modul originalni proizvod. ",0,"176,1541",5,{"$nulls":6},0,0,"'0624540313000"]
["POTROŠNI DIJELOVI ZA PROTEZE ZA NOGE","Drugi potrošni dijelovi",43,408,"'062454031305","'0624540313010","Bravica za silikonski uložak  ,Uniprox ,SHL5B","Uniprox","Bauerfeind","05.01.2024",null,1,1,"2,3,4",5,2,0,12,12,"NE",0,1,0,0,"kom",null,1,0,0,"339,102",0,0,null,0,1,0,"I","S","SPPD,LJ","Metal, modul originalni proizvod. ",0,"176,1541",5,{"$nulls":6},0,0,"'0624540313000"]
["POTROŠNI DIJELOVI ZA PROTEZE ZA NOGE","Drugi potrošni dijelovi",43,409,"'062454031305","'0624540313011","Bravica za silikonski uložak  ,Uniprox ,SHL3A-2","Uniprox","Bauerfeind","05.01.2024",null,1,1,"2,3,4",5,2,0,12,12,"NE",0,1,0,0,"kom",null,1,0,0,"339,102",0,0,null,0,1,0,"I","S","SPPD,LJ","Metal, modul originalni proizvod. ",0,"176,1541",5,{"$nulls":6},0,0,"'0624540313000"]
["POTROŠNI DIJELOVI ZA PROTEZE ZA NOGE","Drugi potrošni dijelovi",43,410,"'062454031401","'0624540314001","Modulski dio za vezu natkoljeničnog ležišta i koljena  ,Ottobock SE & Co. KGaA ,Modulski dio za vezu natkoljeničnog ležišta i koljena, 4R72","Ottobock SE & Co. KGaA","Otto Bock Adria","01.01.2023",null,1,1,"2,3,4",5,2,0,24,24,"NE",0,1,0,0,"kom",null,1,0,0,"102,339",0,0,null,0,1,0,"I","S","SPPD,LJ","Metal, modul originalni proizvod. ",0,"28,0244",5,{"$nulls":6},0,0,"'0624540314000"]
["POTROŠNI DIJELOVI ZA PROTEZE ZA NOGE","Drugi potrošni dijelovi",43,411,"'062454031402","'0624540314002","Modulski dio za vezu natkoljeničnog ležišta i koljena  ,Streifeneder ortho production GmbH ,12A5","Streifeneder ortho production GmbH","Nostrum Medical","15.04.2023",null,1,1,"2,3,4",5,2,0,24,24,"NE",0,1,0,0,"kom",null,1,0,0,"102,339",0,0,null,0,1,0,"I","S","SPPD,LJ","Metal, modul originalni proizvod. ",0,"38,3934",5,{"$nulls":6},0,0,"'0624540314000"]
["POTROŠNI DIJELOVI ZA PROTEZE ZA NOGE","Drugi potrošni dijelovi",43,412,"'062454031402","'0624540314003","Modulski dio za vezu natkoljeničnog ležišta i koljena  ,Streifeneder ortho production GmbH ,12A3","Streifeneder ortho production GmbH","Nostrum Medical","15.04.2023",null,1,1,"2,3,4",5,2,0,24,24,"NE",0,1,0,0,"kom",null,1,0,0,"102,339",0,0,null,0,1,0,"I","S","SPPD,LJ","Metal, modul originalni proizvod. ",0,"38,3934",5,{"$nulls":6},0,0,"'0624540314000"]
["POTROŠNI DIJELOVI ZA PROTEZE ZA NOGE","Drugi potrošni dijelovi",43,413,"'062454031402","'0624540314004","Modulski dio za vezu natkoljeničnog ležišta i koljena  ,Streifeneder ortho production GmbH ,12A7","Streifeneder ortho production GmbH","Nostrum Medical","15.04.2023",null,1,1,"2,3,4",5,2,0,24,24,"NE",0,1,0,0,"kom",null,1,0,0,"102,339",0,0,null,0,1,0,"I","S","SPPD,LJ","Metal, modul originalni proizvod. ",0,"38,3934",5,{"$nulls":6},0,0,"'0624540314000"]
["POTROŠNI DIJELOVI ZA PROTEZE ZA NOGE","Drugi potrošni dijelovi",43,414,"'062454031403","'0624540314005","Modulski dio za vezu natkoljeničnog ležišta i koljena  ,Uniprox ,A-37XX","Uniprox","Bauerfeind","15.04.2023",null,1,1,"2,3,4",5,2,0,24,24,"NE",0,1,0,0,"kom",null,1,0,0,"102,339",0,0,null,0,1,0,"I","S","SPPD,LJ","Metal, modul originalni proizvod. ",0,"39,2342",5,{"$nulls":6},0,0,"'0624540314000"]
["POTROŠNI DIJELOVI ZA PROTEZE ZA NOGE","Drugi potrošni dijelovi",43,415,"'062454031501","'0624540315001","Kozmetička spužvasta navlaka za protezu  ,Ottobock SE & Co. KGaA ,Kozmetička spužva, navlaka za protezu  6R8","Ottobock SE & Co. KGaA","Otto Bock Adria","05.10.2023",null,1,1,"2,3,4",5,2,12,12,12,"NE",0,1,0,0,"kom",null,1,0,0,"339,107",0,0,null,0,1,0,"I","S","SPPD,LJ","Moltopren, modul originalni proizvod. ",0,"106,6598",5,{"$nulls":6},0,0,"'0624540315000"]
["POTROŠNI DIJELOVI ZA PROTEZE ZA NOGE","Drugi potrošni dijelovi",43,416,"'062454031501","'0624540315002","Kozmetička spužvasta navlaka za protezu  ,Ottobock SE & Co. KGaA ,Kozmetička spužva, navlaka za protezu  6R6","Ottobock SE & Co. KGaA","Otto Bock Adria","05.10.2023",null,1,1,"2,3,4",5,2,12,12,12,"NE",0,1,0,0,"kom",null,1,0,0,"339,107",0,0,null,0,1,0,"I","S","SPPD,LJ","Moltopren, modul originalni proizvod. ",0,"106,6598",5,{"$nulls":6},0,0,"'0624540315000"]
["POTROŠNI DIJELOVI ZA PROTEZE ZA NOGE","Drugi potrošni dijelovi",43,417,"'062454031501","'0624540315003","Kozmetička spužvasta navlaka za protezu  ,Ottobock SE & Co. KGaA ,Kozmetička spužva, navlaka za protezu  3R6","Ottobock SE & Co. KGaA","Otto Bock Adria","05.10.2023",null,1,1,"2,3,4",5,2,12,12,12,"NE",0,1,0,0,"kom",null,1,0,0,"339,107",0,0,null,0,1,0,"I","S","SPPD,LJ","Moltopren, modul originalni proizvod. ",0,"106,6598",5,{"$nulls":6},0,0,"'0624540315000"]
["POTROŠNI DIJELOVI ZA PROTEZE ZA NOGE","Drugi potrošni dijelovi",43,418,"'062454031501","'0624540315004","Kozmetička spužvasta navlaka za protezu  ,Ottobock SE & Co. KGaA ,Kozmetička spužva, navlaka za protezu  3S27","Ottobock SE & Co. KGaA","Otto Bock Adria","05.10.2023",null,1,1,"2,3,4",5,2,12,12,12,"NE",0,1,0,0,"kom",null,1,0,0,"339,107",0,0,null,0,1,0,"I","S","SPPD,LJ","Moltopren, modul originalni proizvod. ",0,"106,6598",5,{"$nulls":6},0,0,"'0624540315000"]
["POTROŠNI DIJELOVI ZA PROTEZE ZA NOGE","Drugi potrošni dijelovi",43,419,"'062454031502","'0624540315005","Kozmetička spužvasta navlaka za protezu  ,IB-ER ,BK Foam Cover E67","IB-ER","Otos","15.04.2023",null,1,1,"2,3,4",5,2,12,12,12,"NE",0,1,0,0,"kom",null,1,0,0,"107,339",0,0,null,0,1,0,"I","S","SPPD,LJ","Moltopren, modul originalni proizvod. ",0,"107,4272",5,{"$nulls":6},0,0,"'0624540315000"]
["POTROŠNI DIJELOVI ZA PROTEZE ZA NOGE","Drugi potrošni dijelovi",43,420,"'062454031502","'0624540315006","Kozmetička spužvasta navlaka za protezu  ,IB-ER ,DK Foam Cover E68","IB-ER","Otos","15.04.2023",null,1,1,"2,3,4",5,2,12,12,12,"NE",0,1,0,0,"kom",null,1,0,0,"107,339",0,0,null,0,1,0,"I","S","SPPD,LJ","Moltopren, modul originalni proizvod. ",0,"107,4272",5,{"$nulls":6},0,0,"'0624540315000"]
["POTROŠNI DIJELOVI ZA PROTEZE ZA NOGE","Drugi potrošni dijelovi",43,421,"'062454031503","'0624540315007","Kozmetička spužvasta navlaka za protezu  ,Streifeneder ortho production GmbH ,60A8","Streifeneder ortho production GmbH","Nostrum Medical","15.04.2023",null,1,1,"2,3,4",5,2,12,12,12,"NE",0,1,0,0,"kom",null,1,0,0,"107,339",0,0,null,0,1,0,"I","S","SPPD,LJ","Moltopren, modul originalni proizvod. ",0,"106,6598",5,{"$nulls":6},0,0,"'0624540315000"]
["POTROŠNI DIJELOVI ZA PROTEZE ZA NOGE","Drugi potrošni dijelovi",43,422,"'062454031503","'0624540315008","Kozmetička spužvasta navlaka za protezu  ,Streifeneder ortho production GmbH ,60A7","Streifeneder ortho production GmbH","Nostrum Medical","15.04.2023",null,1,1,"2,3,4",5,2,12,12,12,"NE",0,1,0,0,"kom",null,1,0,0,"107,339",0,0,null,0,1,0,"I","S","SPPD,LJ","Moltopren, modul originalni proizvod. ",0,"106,6598",5,{"$nulls":6},0,0,"'0624540315000"]
["POTROŠNI DIJELOVI ZA PROTEZE ZA NOGE","Drugi potrošni dijelovi",43,423,"'062454031503","'0624540315009","Kozmetička spužvasta navlaka za protezu  ,Streifeneder ortho production GmbH ,60A42","Streifeneder ortho production GmbH","Nostrum Medical","15.04.2023",null,1,1,"2,3,4",5,2,12,12,12,"NE",0,1,0,0,"kom",null,1,0,0,"107,339",0,0,null,0,1,0,"I","S","SPPD,LJ","Moltopren, modul originalni proizvod. ",0,"106,6598",5,{"$nulls":6},0,0,"'0624540315000"]
["POTROŠNI DIJELOVI ZA PROTEZE ZA NOGE","Drugi potrošni dijelovi",43,424,"'062454031504","'0624540315010","Kozmetička spužvasta navlaka za protezu  ,Uniprox ,KS21","Uniprox","Bauerfeind","05.01.2024",null,1,1,"2,3,4",5,2,12,12,12,"NE",0,1,0,0,"kom",null,1,0,0,"339,107",0,0,null,0,1,0,"I","S","SPPD,LJ","Moltopren, modul originalni proizvod. ",0,"106,6598",5,{"$nulls":6},0,0,"'0624540315000"]
["POTROŠNI DIJELOVI ZA PROTEZE ZA NOGE","Drugi potrošni dijelovi",43,425,"'062454031504","'0624540315011","Kozmetička spužvasta navlaka za protezu  ,Uniprox ,KS20","Uniprox","Bauerfeind","05.01.2024",null,1,1,"2,3,4",5,2,12,12,12,"NE",0,1,0,0,"kom",null,1,0,0,"339,107",0,0,null,0,1,0,"I","S","SPPD,LJ","Moltopren, modul originalni proizvod. ",0,"106,6598",5,{"$nulls":6},0,0,"'0624540315000"]
["POTROŠNI DIJELOVI ZA PROTEZE ZA NOGE","Drugi potrošni dijelovi",43,426,"'062454031504","'0624540315012","Kozmetička spužvasta navlaka za protezu  ,Uniprox ,KS02-XX","Uniprox","Bauerfeind","05.01.2024",null,1,1,"2,3,4",5,2,12,12,12,"NE",0,1,0,0,"kom",null,1,0,0,"339,107",0,0,null,0,1,0,"I","S","SPPD,LJ","Moltopren, modul originalni proizvod. ",0,"106,6598",5,{"$nulls":6},0,0,"'0624540315000"]
["POTROŠNI DIJELOVI ZA PROTEZE ZA NOGE","Drugi potrošni dijelovi",43,427,"'062454031504","'0624540315013","Kozmetička spužvasta navlaka za protezu  ,Uniprox ,KS03-XX","Uniprox","Bauerfeind","05.01.2024",null,1,1,"2,3,4",5,2,12,12,12,"NE",0,1,0,0,"kom",null,1,0,0,"339,107",0,0,null,0,1,0,"I","S","SPPD,LJ","Moltopren, modul originalni proizvod. ",0,"106,6598",5,{"$nulls":6},0,0,"'0624540315000"]
["POTROŠNI DIJELOVI ZA PROTEZE ZA NOGE","Drugi potrošni dijelovi",43,428,"'062454031504","'0624540315014","Kozmetička spužvasta navlaka za protezu  ,Uniprox ,KS04-XX","Uniprox","Bauerfeind","05.01.2024",null,1,1,"2,3,4",5,2,12,12,12,"NE",0,1,0,0,"kom",null,1,0,0,"339,107",0,0,null,0,1,0,"I","S","SPPD,LJ","Moltopren, modul originalni proizvod. ",0,"106,6598",5,{"$nulls":6},0,0,"'0624540315000"]
["POTROŠNI DIJELOVI ZA PROTEZE ZA NOGE","Drugi potrošni dijelovi",43,429,"'062454031504","'0624540315015","Kozmetička spužvasta navlaka za protezu  ,Uniprox ,KS05-XX","Uniprox","Bauerfeind","05.01.2024",null,1,1,"2,3,4",5,2,12,12,12,"NE",0,1,0,0,"kom",null,1,0,0,"339,107",0,0,null,0,1,0,"I","S","SPPD,LJ","Moltopren, modul originalni proizvod. ",0,"106,6598",5,{"$nulls":6},0,0,"'0624540315000"]
["POTROŠNI DIJELOVI ZA PROTEZE ZA NOGE","Drugi potrošni dijelovi",43,430,"'062454031504","'0624540315016","Kozmetička spužvasta navlaka za protezu  ,Uniprox ,KS06-XX","Uniprox","Bauerfeind","05.01.2024",null,1,1,"2,3,4",5,2,12,12,12,"NE",0,1,0,0,"kom",null,1,0,0,"339,107",0,0,null,0,1,0,"I","S","SPPD,LJ","Moltopren, modul originalni proizvod. ",0,"106,6598",5,{"$nulls":6},0,0,"'0624540315000"]
["POTROŠNI DIJELOVI ZA PROTEZE ZA NOGE","Drugi potrošni dijelovi",43,431,"'062454031504","'0624540315017","Kozmetička spužvasta navlaka za protezu  ,Uniprox ,KS07-XX","Uniprox","Bauerfeind","05.01.2024",null,1,1,"2,3,4",5,2,12,12,12,"NE",0,1,0,0,"kom",null,1,0,0,"339,107",0,0,null,0,1,0,"I","S","SPPD,LJ","Moltopren, modul originalni proizvod. ",0,"106,6598",5,{"$nulls":6},0,0,"'0624540315000"]
["POTROŠNI DIJELOVI ZA PROTEZE ZA NOGE","Drugi potrošni dijelovi",43,432,"'062454031601","'0624540316001","Kozmetička čarapa za protezu  ,Ottobock SE & Co. KGaA ,Kozmetička čarapa za protezu  99B16","Ottobock SE & Co. KGaA","Otto Bock Adria","05.10.2023",null,1,1,"2,3,4",5,2,6,12,12,"NE",0,1,0,0,"kom","do",2,0,0,"339,107",0,0,null,0,1,0,"I","S","SPPD,LJ","Tekstil, modul originalni proizvod. ",0,"9,2495",5,{"$nulls":6},0,0,"'0624540316000"]
["POTROŠNI DIJELOVI ZA PROTEZE ZA NOGE","Drugi potrošni dijelovi",43,433,"'062454031601","'0624540316002","Kozmetička čarapa za protezu  ,Ottobock SE & Co. KGaA ,Kozmetička čarapa za protezu  99B14","Ottobock SE & Co. KGaA","Otto Bock Adria","05.10.2023",null,1,1,"2,3,4",5,2,6,12,12,"NE",0,1,0,0,"kom","do",2,0,0,"339,107",0,0,null,0,1,0,"I","S","SPPD,LJ","Tekstil, modul originalni proizvod. ",0,"9,2495",5,{"$nulls":6},0,0,"'0624540316000"]
["POTROŠNI DIJELOVI ZA PROTEZE ZA NOGE","Drugi potrošni dijelovi",43,434,"'062454031601","'0624540316003","Kozmetička čarapa za protezu  ,Ottobock SE & Co. KGaA ,Kozmetička čarapa za protezu 99B14=HE","Ottobock SE & Co. KGaA","Otto Bock Adria","05.10.2023",null,1,1,"2,3,4",5,2,6,12,12,"NE",0,1,0,0,"kom","do",2,0,0,"339,107",0,0,null,0,1,0,"I","S","SPPD,LJ","Tekstil, modul originalni proizvod. ",0,"9,2495",5,{"$nulls":6},0,0,"'0624540316000"]
["POTROŠNI DIJELOVI ZA PROTEZE ZA NOGE","Drugi potrošni dijelovi",43,435,"'062454031602","'0624540316004","Kozmetička čarapa za protezu  ,Streifeneder ortho production GmbH ,20A16","Streifeneder ortho production GmbH","Nostrum Medical","15.04.2023",null,1,1,"2,3,4",5,2,6,12,12,"NE",0,1,0,0,"kom","do",2,0,0,"107,339",0,0,null,0,1,0,"I","S","SPPD,LJ","Tekstil, modul originalni proizvod. ",0,"9,2495",5,{"$nulls":6},0,0,"'0624540316000"]
["POTROŠNI DIJELOVI ZA PROTEZE ZA NOGE","Drugi potrošni dijelovi",43,436,"'062454031602","'0624540316005","Kozmetička čarapa za protezu  ,Streifeneder ortho production GmbH ,20A14","Streifeneder ortho production GmbH","Nostrum Medical","15.04.2023",null,1,1,"2,3,4",5,2,6,12,12,"NE",0,1,0,0,"kom","do",2,0,0,"107,339",0,0,null,0,1,0,"I","S","SPPD,LJ","Tekstil, modul originalni proizvod. ",0,"9,2495",5,{"$nulls":6},0,0,"'0624540316000"]
["POTROŠNI DIJELOVI ZA PROTEZE ZA NOGE","Drugi potrošni dijelovi",43,437,"'062454031602","'0624540316006","Kozmetička čarapa za protezu  ,Streifeneder ortho production GmbH ,20A14/4","Streifeneder ortho production GmbH","Nostrum Medical","15.04.2023",null,1,1,"2,3,4",5,2,6,12,12,"NE",0,1,0,0,"kom","do",2,0,0,"107,339",0,0,null,0,1,0,"I","S","SPPD,LJ","Tekstil, modul originalni proizvod. ",0,"9,2495",5,{"$nulls":6},0,0,"'0624540316000"]
["POTROŠNI DIJELOVI ZA PROTEZE ZA NOGE","Drugi potrošni dijelovi",43,438,"'062454031603","'0624540316007","Kozmetička čarapa za protezu  ,Uniprox ,KS41-XX","Uniprox","Bauerfeind","05.01.2024",null,1,1,"2,3,4",5,2,6,12,12,"NE",0,1,0,0,"kom","do",2,0,0,"339,107",0,0,null,0,1,0,"I","S","SPPD,LJ","Tekstil, modul originalni proizvod. ",0,"9,2495",5,{"$nulls":6},0,0,"'0624540316000"]
["POTROŠNI DIJELOVI ZA PROTEZE ZA NOGE","Drugi potrošni dijelovi",43,439,"'062454031603","'0624540316008","Kozmetička čarapa za protezu  ,Uniprox ,KS42-XX","Uniprox","Bauerfeind","05.01.2024",null,1,1,"2,3,4",5,2,6,12,12,"NE",0,1,0,0,"kom","do",2,0,0,"339,107",0,0,null,0,1,0,"I","S","SPPD,LJ","Tekstil, modul originalni proizvod. ",0,"9,2495",5,{"$nulls":6},0,0,"'0624540316000"]
["POTROŠNI DIJELOVI ZA PROTEZE ZA NOGE","Drugi potrošni dijelovi",43,440,"'062454031603","'0624540316009","Kozmetička čarapa za protezu  ,Uniprox ,KS45-XX","Uniprox","Bauerfeind","05.01.2024",null,1,1,"2,3,4",5,2,6,12,12,"NE",0,1,0,0,"kom","do",2,0,0,"339,107",0,0,null,0,1,0,"I","S","SPPD,LJ","Tekstil, modul originalni proizvod. ",0,"9,2495",5,{"$nulls":6},0,0,"'0624540316000"]
["POTROŠNI DIJELOVI ZA PROTEZE ZA NOGE","Drugi potrošni dijelovi",43,441,"'062454031703","'0624540317003","Vijak za stopalo, čelik  ,Streifeneder ortho production GmbH ,16A2/E10","Streifeneder ortho production GmbH","Nostrum Medical","15.04.2023",null,1,1,"2,3,4",5,2,24,24,24,"NE",0,1,0,0,"kom",null,1,0,0,"102,339",0,0,null,0,1,0,"I","S","SPPD,LJ","Metal, modul originalni proizvod. ",0,"3,2015",5,{"$nulls":6},0,0,"'0624540317000"]
["POTROŠNI DIJELOVI ZA PROTEZE ZA NOGE","Drugi potrošni dijelovi",43,442,"'062454031802","'0624540318002","Vijak za stopalo, titan  ,IB-ER ,Sach Foot Adapter Screw E01T-M10","IB-ER","Otos","01.01.2023",null,1,1,"2,3,4",5,2,24,24,24,"NE",0,1,0,0,"kom",null,1,0,0,"102,339",0,0,null,0,1,0,"I","S","SPPD,LJ","Metal, modul originalni proizvod. ",0,"16,3103",5,{"$nulls":6},0,0,"'0624540318000"]
["POTROŠNI DIJELOVI ZA PROTEZE ZA NOGE","Drugi potrošni dijelovi",43,443,"'062454031803","'0624540318003","Vijak za stopalo, titan  ,Streifeneder ortho production GmbH ,16A6/E10","Streifeneder ortho production GmbH","Nostrum Medical","15.04.2023",null,1,1,"2,3,4",5,2,24,24,24,"NE",0,1,0,0,"kom",null,1,0,0,"102,339",0,0,null,0,1,0,"I","S","SPPD,LJ","Metal, modul originalni proizvod. ",0,"22,8344",5,{"$nulls":6},0,0,"'0624540318000"]
["POTROŠNI DIJELOVI ZA PROTEZE ZA NOGE","Drugi potrošni dijelovi",43,444,"'062454031901","'0624540319001","Spojnica za stopalo, čelik  ,Ottobock SE & Co. KGaA ,Spojnica za stopalo, čelik, 2D6","Ottobock SE & Co. KGaA","Otto Bock Adria","01.01.2023",null,1,1,"2,3,4",5,2,24,24,24,"NE",0,1,0,0,"kom",null,1,0,0,"102,339",0,0,null,0,1,0,"I","S","SPPD,LJ","Metal, modul originalni proizvod. ",0,"24,3560",5,{"$nulls":6},0,0,"'0624540319000"]
["POTROŠNI DIJELOVI ZA PROTEZE ZA NOGE","Drugi potrošni dijelovi",43,445,"'062454031903","'0624540319003","Spojnica za stopalo, čelik  ,Streifeneder ortho production GmbH ,16A2/M10","Streifeneder ortho production GmbH","Nostrum Medical","15.04.2023",null,1,1,"2,3,4",5,2,24,24,24,"NE",0,1,0,0,"kom",null,1,0,0,"102,339",0,0,null,0,1,0,"I","S","SPPD,LJ","Metal, modul originalni proizvod. ",0,"34,0984",5,{"$nulls":6},0,0,"'0624540319000"]
["POTROŠNI DIJELOVI ZA PROTEZE ZA NOGE","Drugi potrošni dijelovi",43,446,"'062454031904","'0624540319004","Spojnica za stopalo, čelik  ,Uniprox ,E-F02","Uniprox","Bauerfeind","15.04.2023",null,1,1,"2,3,4",5,2,24,24,24,"NE",0,1,0,0,"kom",null,1,0,0,"102,339",0,0,null,0,1,0,"I","S","SPPD,LJ","Metal, modul originalni proizvod. ",0,"34,0984",5,{"$nulls":6},0,0,"'0624540319000"]
["POTROŠNI DIJELOVI ZA PROTEZE ZA NOGE","Drugi potrošni dijelovi",43,447,"'062454032001","'0624540320001","Spojnica za stopalo, titan  ,Ottobock SE & Co. KGaA ,Spojnica za stopalo, titan, 2D7","Ottobock SE & Co. KGaA","Otto Bock Adria","01.01.2023",null,1,1,"2,3,4",5,2,24,24,24,"NE",0,1,0,0,"kom",null,1,0,0,"102,339",0,0,null,0,1,0,"I","S","SPPD,LJ","Metal, modul originalni proizvod. ",0,"57,7185",5,{"$nulls":6},0,0,"'0624540320000"]
["POTROŠNI DIJELOVI ZA PROTEZE ZA NOGE","Drugi potrošni dijelovi",43,448,"'062454032003","'0624540320003","Spojnica za stopalo, titan  ,Streifeneder ortho production GmbH ,16A6/M10","Streifeneder ortho production GmbH","Nostrum Medical","15.04.2023",null,1,1,"2,3,4",5,2,24,24,24,"NE",0,1,0,0,"kom",null,1,0,0,"102,339",0,0,null,0,1,0,"I","S","SPPD,LJ","Metal, modul originalni proizvod. ",0,"79,6515",5,{"$nulls":6},0,0,"'0624540320000"]
["POTROŠNI DIJELOVI ZA PROTEZE ZA NOGE","Drugi potrošni dijelovi",43,449,"'062454032004","'0624540320004","Spojnica za stopalo, titan  ,Uniprox ,E-F04","Uniprox","Bauerfeind","18.07.2024",null,1,1,"2,3,4",5,2,24,24,24,"NE",0,1,0,0,"kom",null,1,0,0,"339,102",0,0,null,0,1,0,"I","S","SPPD,LJ","Metal, modul originalni proizvod. ",0,"79,6515",5,{"$nulls":6},0,0,"'0624540320000"]
["POTROŠNI DIJELOVI ZA PROTEZE ZA NOGE","Drugi potrošni dijelovi",43,450,"'062454032101","'0624540321001","Cijevna spojnica, čelik  ,Ottobock SE & Co. KGaA ,Cijevna spojnica, čelik, 4R21","Ottobock SE & Co. KGaA","Otto Bock Adria","15.04.2023",null,1,1,"2,3,4",5,2,24,24,24,"NE",0,1,0,0,"kom",null,1,0,0,"102,339",0,0,null,0,1,0,"I","S","SPPD,LJ","Metal, modul originalni proizvod. ",0,"49,6675",5,{"$nulls":6},0,0,"'0624540321000"]
["POTROŠNI DIJELOVI ZA PROTEZE ZA NOGE","Drugi potrošni dijelovi",43,451,"'062454032102","'0624540321002","Cijevna spojnica, čelik  ,IB-ER ,Tube Clamp Adapter E07S","IB-ER","Otos","15.04.2023",null,1,1,"2,3,4",5,2,24,24,24,"NE",0,1,0,0,"kom",null,1,0,0,"102,339",0,0,null,0,1,0,"I","S","SPPD,LJ","Metal, modul originalni proizvod. ",0,"45,7651",5,{"$nulls":6},0,0,"'0624540321000"]
["POTROŠNI DIJELOVI ZA PROTEZE ZA NOGE","Drugi potrošni dijelovi",43,452,"'062454032103","'0624540321003","Cijevna spojnica, čelik  ,Streifeneder ortho production GmbH ,11A11/S","Streifeneder ortho production GmbH","Nostrum Medical","15.04.2023",null,1,1,"2,3,4",5,2,24,24,24,"NE",0,1,0,0,"kom",null,1,0,0,"102,339",0,0,null,0,1,0,"I","S","SPPD,LJ","Metal, modul originalni proizvod. ",0,"46,4746",5,{"$nulls":6},0,0,"'0624540321000"]
["POTROŠNI DIJELOVI ZA PROTEZE ZA NOGE","Drugi potrošni dijelovi",43,453,"'062454032104","'0624540321004","Cijevna spojnica, čelik  ,Uniprox ,A1-ST","Uniprox","Bauerfeind","15.04.2023",null,1,1,"2,3,4",5,2,24,24,24,"NE",0,1,0,0,"kom",null,1,0,0,"102,339",0,0,null,0,1,0,"I","S","SPPD,LJ","Metal, modul originalni proizvod. ",0,"49,6675",5,{"$nulls":6},0,0,"'0624540321000"]
["POTROŠNI DIJELOVI ZA PROTEZE ZA NOGE","Drugi potrošni dijelovi",43,454,"'062454032201","'0624540322001","Cijevna spojnica, titan  ,Ottobock SE & Co. KGaA ,Cijevna spojnica, titan, 4R52","Ottobock SE & Co. KGaA","Otto Bock Adria","01.01.2023",null,1,1,"2,3,4",5,2,24,24,24,"NE",0,1,0,0,"kom",null,1,0,0,"102,339",0,0,null,0,1,0,"I","S","SPPD,LJ","Metal, modul originalni proizvod. ",0,"88,0775",5,{"$nulls":6},0,0,"'0624540322000"]
["POTROŠNI DIJELOVI ZA PROTEZE ZA NOGE","Drugi potrošni dijelovi",43,455,"'062454032202","'0624540322002","Cijevna spojnica, titan  ,IB-ER ,Tube Clamp Adapter E07T","IB-ER","Otos","15.04.2023",null,1,1,"2,3,4",5,2,24,24,24,"NE",0,1,0,0,"kom",null,1,0,0,"102,339",0,0,null,0,1,0,"I","S","SPPD,LJ","Metal, modul originalni proizvod. ",0,"113,6200",5,{"$nulls":6},0,0,"'0624540322000"]
["POTROŠNI DIJELOVI ZA PROTEZE ZA NOGE","Drugi potrošni dijelovi",43,456,"'062454032203","'0624540322003","Cijevna spojnica, titan  ,Streifeneder ortho production GmbH ,11A11/T","Streifeneder ortho production GmbH","Nostrum Medical","15.04.2023",null,1,1,"2,3,4",5,2,24,24,24,"NE",0,1,0,0,"kom",null,1,0,0,"102,339",0,0,null,0,1,0,"I","S","SPPD,LJ","Metal, modul originalni proizvod. ",0,"114,5008",5,{"$nulls":6},0,0,"'0624540322000"]
["POTROŠNI DIJELOVI ZA PROTEZE ZA NOGE","Drugi potrošni dijelovi",43,457,"'062454032204","'0624540322004","Cijevna spojnica, titan  ,Uniprox ,A1-TI","Uniprox","Bauerfeind","18.07.2024",null,1,1,"2,3,4",5,2,24,24,24,"NE",0,1,0,0,"kom",null,1,0,0,"339,102",0,0,null,0,1,0,"I","S","SPPD,LJ","Metal, modul originalni proizvod. ",0,"113,6200",5,{"$nulls":6},0,0,"'0624540322000"]
["POTROŠNI DIJELOVI ZA PROTEZE ZA NOGE","Drugi potrošni dijelovi",43,458,"'062454032301","'0624540323001","Cijev kratka, čelik  ,Ottobock SE & Co. KGaA ,Cijev kratka, čelik, 2R2","Ottobock SE & Co. KGaA","Otto Bock Adria","15.04.2023",null,1,1,"2,3,4",5,2,24,24,24,"NE",0,1,0,0,"kom",null,1,0,0,"102,339",0,0,null,0,1,0,"I","S","SPPD,LJ","Metal, modul originalni proizvod. ",0,"56,3605",5,{"$nulls":6},0,0,"'0624540323000"]
["POTROŠNI DIJELOVI ZA PROTEZE ZA NOGE","Drugi potrošni dijelovi",43,459,"'062454032302","'0624540323002","Cijev kratka, čelik  ,IB-ER ,Tube Assembly E02S-A","IB-ER","Otos","15.04.2023",null,1,1,"2,3,4",5,2,24,24,24,"NE",0,1,0,0,"kom",null,1,0,0,"102,339",0,0,null,0,1,0,"I","S","SPPD,LJ","Metal, modul originalni proizvod. ",0,"54,3476",5,{"$nulls":6},0,0,"'0624540323000"]
["POTROŠNI DIJELOVI ZA PROTEZE ZA NOGE","Drugi potrošni dijelovi",43,460,"'062454032303","'0624540323003","Cijev kratka, čelik  ,Streifeneder ortho production GmbH ,15A3/S200","Streifeneder ortho production GmbH","Nostrum Medical","15.04.2023",null,1,1,"2,3,4",5,2,24,24,24,"NE",0,1,0,0,"kom",null,1,0,0,"102,339",0,0,null,0,1,0,"I","S","SPPD,LJ","Metal, modul originalni proizvod. ",0,"53,5425",5,{"$nulls":6},0,0,"'0624540323000"]
["POTROŠNI DIJELOVI ZA PROTEZE ZA NOGE","Drugi potrošni dijelovi",43,461,"'062454032304","'0624540323004","Cijev kratka, čelik  ,Uniprox ,A3-ST200","Uniprox","Bauerfeind","15.04.2023",null,1,1,"2,3,4",5,2,24,24,24,"NE",0,1,0,0,"kom",null,1,0,0,"102,339",0,0,null,0,1,0,"I","S","SPPD,LJ","Metal, modul originalni proizvod. ",0,"56,3605",5,{"$nulls":6},0,0,"'0624540323000"]
["POTROŠNI DIJELOVI ZA PROTEZE ZA NOGE","Drugi potrošni dijelovi",43,462,"'062454032401","'0624540324001","Cijev kratka, titan  ,Ottobock SE & Co. KGaA ,Cijev kratka, titan, 2R37","Ottobock SE & Co. KGaA","Otto Bock Adria","01.01.2023",null,1,1,"2,3,4",5,2,24,24,24,"NE",0,1,0,0,"kom",null,1,0,0,"102,339",0,0,null,0,1,0,"I","S","SPPD,LJ","Metal, modul originalni proizvod. ",0,"71,9530",5,{"$nulls":6},0,0,"'0624540324000"]
["POTROŠNI DIJELOVI ZA PROTEZE ZA NOGE","Drugi potrošni dijelovi",43,463,"'062454032402","'0624540324002","Cijev kratka, titan  ,IB-ER ,Tube Assembly E05T-A","IB-ER","Otos","15.04.2023",null,1,1,"2,3,4",5,2,24,24,24,"NE",0,1,0,0,"kom",null,1,0,0,"102,339",0,0,null,0,1,0,"I","S","SPPD,LJ","Metal, modul originalni proizvod. ",0,"100,0147",5,{"$nulls":6},0,0,"'0624540324000"]
["POTROŠNI DIJELOVI ZA PROTEZE ZA NOGE","Drugi potrošni dijelovi",43,464,"'062454032403","'0624540324003","Cijev kratka, titan  ,Streifeneder ortho production GmbH ,15A4/T445","Streifeneder ortho production GmbH","Nostrum Medical","15.04.2023",null,1,1,"2,3,4",5,2,24,24,24,"NE",0,1,0,0,"kom",null,1,0,0,"102,339",0,0,null,0,1,0,"I","S","SPPD,LJ","Metal, modul originalni proizvod. ",0,"94,2584",5,{"$nulls":6},0,0,"'0624540324000"]
["POTROŠNI DIJELOVI ZA PROTEZE ZA NOGE","Drugi potrošni dijelovi",43,465,"'062454032404","'0624540324004","Cijev kratka, titan  ,Uniprox ,A3-TI200","Uniprox","Bauerfeind","18.07.2024",null,1,1,"2,3,4",5,2,24,24,24,"NE",0,1,0,0,"kom",null,1,0,0,"339,102",0,0,null,0,1,0,"I","S","SPPD,LJ","Metal, modul originalni proizvod. ",0,"94,2584",5,{"$nulls":6},0,0,"'0624540324000"]
["POTROŠNI DIJELOVI ZA PROTEZE ZA NOGE","Drugi potrošni dijelovi",43,466,"'062454032501","'0624540325001","Cijev duga, čelik  ,Ottobock SE & Co. KGaA ,Cijev duga, čelik, 2R3","Ottobock SE & Co. KGaA","Otto Bock Adria","15.04.2023",null,1,1,"2,3,4",5,2,24,24,24,"NE",0,1,0,0,"kom",null,1,0,0,"102,339",0,0,null,0,1,0,"I","S","SPPD,LJ","Metal, modul originalni proizvod. ",0,"60,4093",5,{"$nulls":6},0,0,"'0624540325000"]
["POTROŠNI DIJELOVI ZA PROTEZE ZA NOGE","Drugi potrošni dijelovi",43,467,"'062454032502","'0624540325002","Cijev duga, čelik  ,IB-ER ,Tube Assembly E05S-B","IB-ER","Otos","15.04.2023",null,1,1,"2,3,4",5,2,24,24,24,"NE",0,1,0,0,"kom",null,1,0,0,"102,339",0,0,null,0,1,0,"I","S","SPPD,LJ","Metal, modul originalni proizvod. ",0,"58,2518",5,{"$nulls":6},0,0,"'0624540325000"]
["POTROŠNI DIJELOVI ZA PROTEZE ZA NOGE","Drugi potrošni dijelovi",43,468,"'062454032503","'0624540325003","Cijev duga, čelik  ,Streifeneder ortho production GmbH ,15A3/S400","Streifeneder ortho production GmbH","Nostrum Medical","15.04.2023",null,1,1,"2,3,4",5,2,24,24,24,"NE",0,1,0,0,"kom",null,1,0,0,"102,339",0,0,null,0,1,0,"I","S","SPPD,LJ","Metal, modul originalni proizvod. ",0,"56,5258",5,{"$nulls":6},0,0,"'0624540325000"]
["POTROŠNI DIJELOVI ZA PROTEZE ZA NOGE","Drugi potrošni dijelovi",43,469,"'062454032504","'0624540325004","Cijev duga, čelik  ,Uniprox ,A3-ST400","Uniprox","Bauerfeind","15.04.2023",null,1,1,"2,3,4",5,2,24,24,24,"NE",0,1,0,0,"kom",null,1,0,0,"102,339",0,0,null,0,1,0,"I","S","SPPD,LJ","Metal, modul originalni proizvod. ",0,"60,4093",5,{"$nulls":6},0,0,"'0624540325000"]
["POTROŠNI DIJELOVI ZA PROTEZE ZA NOGE","Drugi potrošni dijelovi",43,470,"'062454032601","'0624540326001","Cijev duga, titan  ,Ottobock SE & Co. KGaA ,Cijev duga, titan, 2R38","Ottobock SE & Co. KGaA","Otto Bock Adria","01.01.2023",null,1,1,"2,3,4",5,2,24,24,24,"NE",0,1,0,0,"kom",null,1,0,0,"102,339",0,0,null,0,1,0,"I","S","SPPD,LJ","Metal, modul originalni proizvod. ",0,"76,0661",5,{"$nulls":6},0,0,"'0624540326000"]
["POTROŠNI DIJELOVI ZA PROTEZE ZA NOGE","Drugi potrošni dijelovi",43,471,"'062454032602","'0624540326002","Cijev duga, titan  ,IB-ER ,Tube Assembly E05T-B","IB-ER","Otos","15.04.2023",null,1,1,"2,3,4",5,2,24,24,24,"NE",0,1,0,0,"kom",null,1,0,0,"102,339",0,0,null,0,1,0,"I","S","SPPD,LJ","Metal, modul originalni proizvod. ",0,"105,7319",5,{"$nulls":6},0,0,"'0624540326000"]
["POTROŠNI DIJELOVI ZA PROTEZE ZA NOGE","Drugi potrošni dijelovi",43,472,"'062454032603","'0624540326003","Cijev duga, titan  ,Streifeneder ortho production GmbH ,15A4/T445","Streifeneder ortho production GmbH","Nostrum Medical","15.04.2023",null,1,1,"2,3,4",5,2,24,24,24,"NE",0,1,0,0,"kom",null,1,0,0,"102,339",0,0,null,0,1,0,"I","S","SPPD,LJ","Metal, modul originalni proizvod. ",0,"99,6466",5,{"$nulls":6},0,0,"'0624540326000"]
["POTROŠNI DIJELOVI ZA PROTEZE ZA NOGE","Drugi potrošni dijelovi",43,473,"'062454032604","'0624540326004","Cijev duga, titan  ,Uniprox ,A3-TI400","Uniprox","Bauerfeind","18.07.2024",null,1,1,"2,3,4",5,2,24,24,24,"NE",0,1,0,0,"kom",null,1,0,0,"339,102",0,0,null,0,1,0,"I","S","SPPD,LJ","Metal, modul originalni proizvod. ",0,"99,6466",5,{"$nulls":6},0,0,"'0624540326000"]
["POTROŠNI DIJELOVI ZA PROTEZE ZA NOGE","Drugi potrošni dijelovi",43,474,"'062454032703","'0624540327002","Nožni zglobni dio, (maleol), za stopalo  ,Uniprox ,E-F20","Uniprox","Bauerfeind","15.04.2023",null,1,1,"2,3,4",5,2,24,24,24,"NE",0,1,0,0,"kom",null,1,0,0,"102,339",0,0,null,0,1,0,"I","S","SPPD,LJ","Drvo, modul originalni proizvod. ",0,"31,9169",5,{"$nulls":6},0,0,"'0624540327000"]
["POTROŠNI DIJELOVI ZA PROTEZE ZA NOGE","Drugi potrošni dijelovi",43,475,"'062454032901","'0624540329001","Pojas za suspenziju proteze natkoljenice  ,Ottobock SE & Co. KGaA ,Pojas za suspenziju proteze natkoljenice, 21B37","Ottobock SE & Co. KGaA","Otto Bock Adria","05.10.2023",null,1,1,"2,3,4",5,2,12,12,12,"NE",0,1,0,0,"kom",null,1,0,0,"339,102",0,0,null,0,1,0,"I","S","SPPD,LJ","Tekstil, modul originalni proizvod. ",0,"51,6732",5,{"$nulls":6},0,0,"'0624540329000"]
["POTROŠNI DIJELOVI ZA PROTEZE ZA NOGE","Drugi potrošni dijelovi",43,476,"'062454033101","'0624540331001","Vakuum ventil  ,Ottobock SE & Co. KGaA ,Vakuum ventil, 21Y96","Ottobock SE & Co. KGaA","Otto Bock Adria","05.10.2023",null,1,1,"2,3,4",5,2,0,12,12,"NE",0,1,0,0,"kom",null,1,0,0,"339,102",0,0,null,0,1,0,"I","S","SPPD,LJ","Plastika, guma, modul originalni proizvod. ",0,"11,9046",5,{"$nulls":6},0,0,"'0624540331000"]
["POTROŠNI DIJELOVI ZA PROTEZE ZA NOGE","Drugi potrošni dijelovi",43,477,"'062454033102","'0624540331002","Vakuum ventil  ,Streifeneder ortho production GmbH ,6P34","Streifeneder ortho production GmbH","Nostrum Medical","15.04.2023",null,1,1,"2,3,4",5,2,0,12,12,"NE",0,1,0,0,"kom",null,1,0,0,"102,339",0,0,null,0,1,0,"I","S","SPPD,LJ","Plastika, guma, modul originalni proizvod. ",0,"11,9046",5,{"$nulls":6},0,0,"'0624540331000"]
["POTROŠNI DIJELOVI ZA PROTEZE ZA NOGE","Drugi potrošni dijelovi",43,478,"'062454033103","'0624540331003","Vakuum ventil  ,Uniprox ,V02","Uniprox","Bauerfeind","15.04.2023",null,1,1,"2,3,4",5,2,0,12,12,"NE",0,1,0,0,"kom",null,1,0,0,"102,339",0,0,null,0,1,0,"I","S","SPPD,LJ","Plastika, guma, modul originalni proizvod. ",0,"11,9046",5,{"$nulls":6},0,0,"'0624540331000"]
["POTROŠNI DIJELOVI ZA PROTEZE ZA NOGE","Drugi potrošni dijelovi",43,479,"'062454033201","'0624540332001","Vakuum ventil s cijevi  ,Ottobock SE & Co. KGaA ,Vakuum ventil s cijevi, 21Y94","Ottobock SE & Co. KGaA","Otto Bock Adria","15.04.2023",null,1,1,"2,3,4",5,2,0,12,12,"NE",0,1,0,0,"kom",null,1,0,0,"102,339",0,0,null,0,1,0,"I","S","SPPD,LJ","Plastika, guma, modul originalni proizvod. ",0,"20,2405",5,{"$nulls":6},0,0,"'0624540332000"]
["POTROŠNI DIJELOVI ZA PROTEZE ZA NOGE","Drugi potrošni dijelovi",43,480,"'062454033202","'0624540332002","Vakuum ventil s cijevi  ,Streifeneder ortho production GmbH ,Vakuum ventil s cijevi, 21Y94","Streifeneder ortho production GmbH","Nostrum Medical","15.04.2023",null,1,1,"2,3,4",5,2,0,12,12,"NE",0,1,0,0,"kom",null,1,0,0,"102,339",0,0,null,0,1,0,"I","S","SPPD,LJ","Plastika, guma, modul originalni proizvod. ",0,"19,2285",5,{"$nulls":6},0,0,"'0624540332000"]
["POTROŠNI DIJELOVI ZA PROTEZE ZA NOGE","Drugi potrošni dijelovi",43,481,"'062454033203","'0624540332003","Vakuum ventil s cijevi  ,Uniprox ,V18","Uniprox","Bauerfeind","15.04.2023",null,1,1,"2,3,4",5,2,0,12,12,"NE",0,1,0,0,"kom",null,1,0,0,"102,339",0,0,null,0,1,0,"I","S","SPPD,LJ","Plastika, guma, modul originalni proizvod. ",0,"20,2405",5,{"$nulls":6},0,0,"'0624540332000"]
["POTROŠNI DIJELOVI ZA PROTEZE ZA NOGE","Drugi potrošni dijelovi",43,482,"'062454033301","'0624540333001","Vakuum ventil za ležište s mekom stijenkom  ,Ottobock SE & Co. KGaA ,Vakuum ventil za ležište s mekom stijenkom, 21Y105","Ottobock SE & Co. KGaA","Otto Bock Adria","15.04.2023",null,1,1,"2,3,4",5,2,0,12,12,"NE",0,1,0,0,"kom",null,1,0,0,"102,339",0,0,null,0,1,0,"I","S","SPPD,LJ","Plastika, guma, modul originalni proizvod. ",0,"40,6353",5,{"$nulls":6},0,0,"'0624540333000"]
["POTROŠNI DIJELOVI ZA PROTEZE ZA NOGE","Drugi potrošni dijelovi",43,483,"'062454033302","'0624540333002","Vakuum ventil za ležište s mekom stijenkom  ,Uniprox ,Vakuum ventil za ležište s mekom stijenkom, V13","Uniprox","Bauerfeind","15.04.2023",null,1,1,"2,3,4",5,2,0,12,12,"NE",0,1,0,0,"kom",null,1,0,0,"102,339",0,0,null,0,1,0,"I","S","SPPD,LJ","Plastika, guma, modul originalni proizvod. ",0,"40,6353",5,{"$nulls":6},0,0,"'0624540333000"]
["POTROŠNI DIJELOVI ZA PROTEZE ZA NOGE","Drugi potrošni dijelovi",43,484,"'062454033401","'0624540334001","Vakuum ventil s cijevi, za ležište s mekom stijenkom i za vakumsko ležište potkoljenice  ,Ottobock SE & Co. KGaA ,Vakuum ventil s cijevi, za ležište s mekom stijenkom i za vakumsko ležište potkoljenice, 21Y97","Ottobock SE & Co. KGaA","Otto Bock Adria","15.04.2023",null,1,1,"2,3,4",5,2,0,12,12,"NE",0,1,0,0,"kom",null,1,0,0,"102,339",0,0,null,0,1,0,"I","S","SPPD,LJ","Plastika, guma, modul originalni proizvod. ",0,"62,2938",5,{"$nulls":6},0,0,"'0624540334000"]
["POTROŠNI DIJELOVI ZA PROTEZE ZA NOGE","Drugi potrošni dijelovi",43,485,"'062454033402","'0624540334002","Vakuum ventil s cijevi, za ležište s mekom stijenkom i za vakumsko ležište potkoljenice  ,Uniprox ,Vakuum ventil s cijevi, za ležište s mekom stijenkom i za vakumsko ležište potkoljenice, V22","Uniprox","Bauerfeind","05.01.2024",null,1,1,"2,3,4",5,2,0,12,12,"NE",0,1,0,0,"kom",null,1,0,0,"339,102",0,0,null,0,1,0,"I","S","SPPD,LJ","Plastika, guma, modul originalni proizvod. ",0,"60,4881",5,{"$nulls":6},0,0,"'0624540334000"]
["POTROŠNI DIJELOVI ZA PROTEZE ZA NOGE","Drugi potrošni dijelovi",43,486,"'062454033501","'0624540335001","Spojna pločica za kozmetiku  ,Ottobock SE & Co. KGaA ,Spojna pločica za kozmetiku, 2R14","Ottobock SE & Co. KGaA","Otto Bock Adria","15.04.2023",null,1,1,"2,3,4",5,2,12,12,12,"NE",0,1,0,0,"kom",null,1,0,0,"102,339",0,0,null,0,1,0,"I","S","SPPD,LJ","Plastika, modul originalni proizvod. ",0,"6,8676",5,{"$nulls":6},0,0,"'0624540335000"]
["POTROŠNI DIJELOVI ZA PROTEZE ZA NOGE","Drugi potrošni dijelovi",43,487,"'062454033503","'0624540335003","Spojna pločica za kozmetiku  ,Uniprox ,E-F19","Uniprox","Bauerfeind","15.04.2023",null,1,1,"2,3,4",5,2,12,12,12,"NE",0,1,0,0,"kom",null,1,0,0,"102,339",0,0,null,0,1,0,"I","S","SPPD,LJ","Plastika, modul originalni proizvod. ",0,"6,8676",5,{"$nulls":6},0,0,"'0624540335000"]
["POTROŠNI DIJELOVI ZA PROTEZE ZA NOGE","Drugi potrošni dijelovi",43,488,"'062454032902","'0624540329004","Pojas za suspenziju proteze natkoljenice  ,Streifeneder ortho production GmbH ,300A1","Streifeneder ortho production GmbH","Nostrum Medical","15.04.2023",null,1,1,"2,3,4",5,2,12,12,12,"NE",0,1,0,0,"kom",null,1,0,0,"102,339",0,0,null,0,1,0,"I","S","SPPD,LJ","Tekstil, modul originalni proizvod. ",0,"51,6732",5,{"$nulls":6},0,0,"'0624540329000"]
["POTROŠNI DIJELOVI ZA PROTEZE ZA NOGE","Drugi potrošni dijelovi",43,489,"'062454033303","'0624540333006","Vakuum ventil za ležište s mekom stijenkom  ,Streifeneder ortho production GmbH ,6P20/T","Streifeneder ortho production GmbH","Nostrum Medical","15.04.2023",null,1,1,"2,3,4",5,2,0,12,12,"NE",0,1,0,0,"kom",null,1,0,0,"102,339",0,0,null,0,1,0,"I","S","SPPD,LJ","Plastika, guma, modul originalni proizvod. ",0,"39,4743",5,{"$nulls":6},0,0,"'0624540333000"]
["POTROŠNI DIJELOVI ZA PROTEZE ZA NOGE","Drugi potrošni dijelovi",43,490,"'062454033403","'0624540334006","Vakuum ventil s cijevi, za ležište s mekom stijenkom i za vakumsko ležište potkoljenice  ,Streifeneder ortho production GmbH ,6P25/L","Streifeneder ortho production GmbH","Nostrum Medical","15.04.2023",null,1,1,"2,3,4",5,2,0,12,12,"NE",0,1,0,0,"kom",null,1,0,0,"102,339",0,0,null,0,1,0,"I","S","SPPD,LJ","Plastika, guma, modul originalni proizvod. ",0,"60,4881",5,{"$nulls":6},0,0,"'0624540334000"]
["POTROŠNI DIJELOVI ZA PROTEZE ZA NOGE","Drugi potrošni dijelovi",43,491,"'062454033504","'0624540335008","Spojna pločica za kozmetiku  ,Streifeneder ortho production GmbH ,29A1","Streifeneder ortho production GmbH","Nostrum Medical","15.04.2023",null,1,1,"2,3,4",5,2,12,12,12,"NE",0,1,0,0,"kom",null,1,0,0,"102,339",0,0,null,0,1,0,"I","S","SPPD,LJ","Plastika, modul originalni proizvod. ",0,"6,7695",5,{"$nulls":6},0,0,"'0624540335000"]
["POTROŠNI DIJELOVI ZA PROTEZE ZA NOGE","Drugi potrošni dijelovi",43,492,"'062454032903","'0624540329005","Pojas za suspenziju proteze natkoljenice ,Nova ortopedija ,NO-PPD-38","Nova ortopedija","Nova ortopedija","01.01.2023",null,1,0,"2,3,4",5,2,12,12,12,"NE",0,1,0,0,"kom",null,1,0,0,"339,102",0,0,null,0,0,0,"I","S","SPPD,LJ","Tekstil, modul originalni proizvod. ",0,"39,4452",5,{"$nulls":6},0,0,"'0624540329000"]
["POTROŠNI DIJELOVI ZA PROTEZE ZA NOGE","Drugi potrošni dijelovi",43,493,"'062454031505","'0624540315018","Kozmetička spužvasta navlaka za protezu  ,Nova ortopedija ,NO-PPD-34","Nova ortopedija","Nova ortopedija","01.01.2023",null,1,0,"2,3,4",5,2,12,12,12,"NE",0,1,0,0,"kom",null,1,0,0,"107,339",0,0,null,0,0,0,"I","S","SPPD,LJ","Moltopren, modul originalni proizvod. ",0,"74,3845",5,{"$nulls":6},0,0,"'0624540315000"]
["POTROŠNI DIJELOVI ZA PROTEZE ZA NOGE","Drugi potrošni dijelovi",43,494,"'062454031604","'0624540316010","Kozmetička čarapa za protezu ,Nova ortopedija ,NO-PPD-35","Nova ortopedija","Nova ortopedija","01.01.2023",null,1,0,"2,3,4",5,2,6,12,12,"NE",0,1,0,0,"kom","do",2,0,0,"107,339",0,0,null,0,0,0,"I","S","SPPD,LJ","Tekstil, modul originalni proizvod. ",0,"6,4968",5,{"$nulls":6},0,0,"'0624540316000"]
["POTROŠNI DIJELOVI ZA PROTEZE ZA NOGE","Drugi potrošni dijelovi",43,495,"'062454034601","'0624540346001","Potkoljeni sustav suspenzije sa aktivnim vakuumom, pumpa min 200mbar snage  ,Ottobock SE & Co. KGaA ,4R220 DVS","Ottobock SE & Co. KGaA","Otto Bock Adria","01.06.2024",null,1,0,"2,3,4",5,2,12,12,12,"NE",0,1,0,0,"kom",null,1,0,0,"339,102",0,0,null,0,0,0,"I","S","SPPD,LJ","Sustav suspenzije s aktivnim vakuumom, mogućnost magnetne konekcije s uloškom. Minimalno 200mbar vakuum. Stupanj aktivnosti 2-4.",0,"545,6000",5,{"$nulls":6},0,0,"'0624540346000"]
["POTROŠNI DIJELOVI ZA PROTEZE ZA NOGE","Drugi potrošni dijelovi",43,496,"'062454034651","'0624540346002","Potkoljeni sustav suspenzije sa pasivnim vakuumom  ,Alps ,VIP (Vacuum Integrated Pump)","Alps","Otos","01.06.2024",null,1,0,"2,3,4",5,2,12,12,12,"NE",0,1,0,0,"kom",null,1,0,0,"339,102",0,0,null,0,0,0,"I","S","SPPD,LJ","Sustav suspenzije s pasivnim vakuumom. Minimalno dvije opcije jačine vakuuma ovisno o potrebama osigurane osobe. Raspon jačina vakuuma min 5in Hg do 13in Hg ili više. Stupanj aktivnosti 2-4",0,"400,0000",5,{"$nulls":6},0,0,"'0624540346000"]
["POTROŠNI DIJELOVI ZA PROTEZE ZA NOGE","Drugi potrošni dijelovi",43,497,"'062454034681","'0624540346003","Natkoljeni sustav suspenzije koji omogućuje proksimalnu i distalnu vezu silikonskog uloška i ležišta za sprječavanje torzije bataljka u ležištu  ,Ottobock SE & Co. KGaA ,4R60=1","Ottobock SE & Co. KGaA","Otto Bock Adria","01.06.2024",null,1,0,"2,3,4",5,2,12,12,12,"NE",0,1,0,0,"kom",null,1,0,0,"339,102",0,0,null,0,0,0,"I","S","SPPD,LJ","Sustav transfemoralne suspenzije sa kožnim spojenim trakama. Sustav eliminira pojavu rotacije ležišta oko bataljka te čini izrazito sigurnu vezu bataljka i ležišta. Olakšano navlačenje proteze iz sjedećeg položaja. Mala visina ugradnje u ležište pogodno za osigurane osobe sa dugačkim bataljkom. Stupanj 1-4.",0,"545,6000",5,{"$nulls":6},0,0,"'0624540346000"]
["POTROŠNI DIJELOVI ZA PROTEZE ZA NOGE","Drugi potrošni dijelovi",43,498,"'062454034681","'0624540346004","Natkoljeni sustav suspenzije koji omogućuje proksimalnu i distalnu vezu silikonskog uloška i ležišta za sprječavanje torzije bataljka u ležištu  ,Ottobock SE & Co. KGaA , 4R160=2 Kiss","Ottobock SE & Co. KGaA","Otto Bock Adria","01.06.2024",null,1,0,"2,3,4",5,2,12,12,12,"NE",0,1,0,0,"kom",null,1,0,0,"339,102",0,0,null,0,0,0,"I","S","SPPD,LJ","Sustav transfemoralne suspenzije sa kožnim spojenim trakama. Sustav eliminira pojavu rotacije ležišta oko bataljka te čini izrazito sigurnu vezu bataljka i ležišta. Olakšano navlačenje proteze iz sjedećeg položaja. Mala visina ugradnje u ležište pogodno za osigurane osobe sa dugačkim bataljkom. Stupanj 1-4.",0,"545,6000",5,{"$nulls":6},0,0,"'0624540346000"]
["POTROŠNI DIJELOVI ZA PROTEZE ZA NOGE","Drugi potrošni dijelovi",43,499,"'062454034701","'0624540347001","Sustav za podešavanje kompresije i volumena  ,Ottobock SE & Co. KGaA ,RevoFit","Ottobock SE & Co. KGaA","Otto Bock Adria","01.06.2024",null,1,0,"2,3,4",5,2,12,12,12,"NE",0,1,0,0,"kom",null,1,0,0,"339,102",0,0,null,0,0,0,"I","S","SPPD,LJ","Sustav za mikropodešavanje kompresije, volumena i retencije ležišta na bataljku. Mehanizam za podešavanje kompresije se ulaminirava u ležište i sadrži koloture i vezice sa kojima se ostvaruje funkcija. Stupanj aktivnosti 1-4.",0,"570,7000",5,{"$nulls":6},0,0,"'0624540347000"]
["POTROŠNI DIJELOVI ZA PROTEZE ZA NOGE","Drugi potrošni dijelovi",43,509,"'062454034682","'0624540346007","Natkoljeni sustav suspenzije koji omogućuje proksimalnu i distalnu vezu silikonskog uloška i ležišta za sprječavanje torzije bataljka u ležištu 102 ,Ossur ,Icelock 850 Hybrid","Ossur","Ossur Hrvatska","23.11.2024",null,1,0,"2,3,4",5,2,12,12,12,"NE",0,1,0,0,"kom",null,1,0,0,339,0,0,null,0,0,0,"I","S","SPPD,LJ","Sustav transfemoralne suspenzije sa kožnim spojenim trakama. Sustav eliminira pojavu rotacije ležišta oko bataljka te čini izrazito sigurnu vezu bataljka i ležišta. Olakšano navlačenje proteze iz sjedećeg položaja. Mala visina ugradnje u ležište pogodno za osigurane osobe sa dugačkim bataljkom. Stupanj 1-4.",0,"545,0000",5,{"$nulls":6},0,0,"'0624540346000"]
["ORTOZE ","Ortoze za prste, ručni zglob i šaku",46,522,"'060603040202","'0606030402004","Ortoza za prst, dinamička, fleksijska ili ekstenzijska  ,PRIM S.A. ,C2","PRIM S.A.","Karl Dietz","13.05.2023",null,1,1,"2,3",5,2,12,24,24,"NE",0,1,0,0,"kom",null,1,0,0,109,0,0,null,1,0,0,"I","S","SP,LJ","Plastika, tekstil, gumene trake. Gotov proizvod. ",0,"28,3371",5,{"$nulls":6},0,0,"'0606030402000"]
["ORTOZE ","Ortoze za prste, ručni zglob i šaku",46,529,"'060613040302","'0606130403014","Ortoza za ručni zglob i/ili palac, stabilizacijska, plastična  ,Ossur ,Universal Neoprene Thumb Support","Ossur","Delko, Bauerfeind","13.05.2023",null,1,1,"2,3,6",5,2,12,24,24,"NE",0,1,0,0,"kom",null,1,0,0,110,0,0,null,1,0,0,"I","S","SP,LJ","Plastika/metal, s čičak trakom. Gotov proizvod. ",0,"31,2358",5,{"$nulls":6},0,0,"'0606130403000"]
["ORTOZE ","Ortoze za prste, ručni zglob i šaku",46,545,"'060613040309","'0606130403035","Ortoza za ručni zglob i/ili palac, stabilizacijska, plastična  ,Basko ,Handgelenkorthese mit Fingerauflage","Basko","Egeria","01.01.2023",null,1,1,"2,3,6",5,2,12,24,24,"NE",0,1,0,0,"kom",null,1,0,0,110,0,0,null,1,0,0,"I","S","SP,LJ","Plastika/metal, s čičak trakom. Gotov proizvod. ",0,"22,5204",5,{"$nulls":6},0,0,"'0606130403000"]
["ORTOZE ","Ortoze za prste, ručni zglob i šaku",46,551,"'060613040312","'0606130403041","Ortoza za ručni zglob i/ili palac, stabilizacijska, plastična  ,Lohmann & Rauscher  ,Cellacare Rhizocast izvedba lijevo vel.  > 24","Lohmann & Rauscher ","Lohmann & Rauscher ","13.05.2023",null,1,1,"2,3,6",5,2,12,24,24,"NE",0,1,0,0,"kom",null,1,0,0,110,0,0,null,1,0,0,"I","S","SP,LJ","Plastika/metal, s čičak trakom. Gotov proizvod. ",0,"28,6032",5,{"$nulls":6},0,0,"'0606130403000"]
["ORTOZE ","Ortoze za prste, ručni zglob i šaku",46,564,"'060613040315","'0606130403054","Ortoza za ručni zglob i/ili palac, stabilizacijska, plastična  ,Streifeneder ortho production GmbH ,191561","Streifeneder ortho production GmbH","Nostrum Medical","13.05.2023",null,1,1,"2,3,6",5,2,12,24,24,"NE",0,1,0,0,"kom",null,1,0,0,110,0,0,null,1,0,0,"I","S","SP,LJ","Plastika/metal, s čičak trakom. Gotov proizvod. ",0,"28,6009",5,{"$nulls":6},0,0,"'0606130403000"]
["ORTOZE ","Ortoze za prste, ručni zglob i šaku",46,586,"'060603040602","'0606030406009","Ortoza za razgibavanje prstiju, fleksijska ili ekstenzijska 1 ,PRIM S.A. ,C.8","PRIM S.A.","Karl Dietz","01.01.2023",null,1,1,"2,3,6",5,2,12,24,24,"NE",0,1,0,0,"kom",null,1,0,0,111,0,0,null,1,0,0,"I","S/I","SPPD","Plastika, metal, čičak traka, guma. Modularna prilagodba. ",0,"63,0433",5,{"$nulls":6},0,0,"'0606030406000"]
["ORTOZE ","Ortoze za prste, ručni zglob i šaku",46,587,"'060603040602","'0606030406010","Ortoza za razgibavanje prstiju, fleksijska ili ekstenzijska 1 ,PRIM S.A. ,C.6","PRIM S.A.","Karl Dietz","01.01.2023",null,1,1,"2,3,6",5,2,12,24,24,"NE",0,1,0,0,"kom",null,1,0,0,111,0,0,null,1,0,0,"I","S/I","SPPD","Plastika, metal, čičak traka, guma. Modularna prilagodba. ",0,"63,0433",5,{"$nulls":6},0,0,"'0606030406000"]
["ORTOZE ","Ortoze za prste, ručni zglob i šaku",46,608,"'060613040319","'0606130403068","Ortoza za ručni zglob i/ili palac, stabilizacijska, plastična  ,Gibaud ,Wrist brace attack","Gibaud","Mevjema","01.01.2023",null,1,1,"2,3,6",5,2,12,24,24,"NE",0,1,0,0,"kom",null,1,0,0,110,0,0,null,1,0,0,"I","S","SP,LJ","Plastika/metal, s čičak trakom. Gotov proizvod. ",0,"22,5204",5,{"$nulls":6},0,0,"'0606130403000"]
["ORTOZE ","Ortoze za lakat i rame",48,622,"'060624040901","'0606240409001","Ortoza za rame i lakat, stabilizacijska  ,Ossur ,Sling & Swathe","Ossur","Delko, Bauerfeind","13.05.2023",null,1,1,"2,3",5,2,0,24,24,"NE",0,1,0,0,"kom",null,1,0,0,114,0,0,null,1,0,0,"I","S","SP,LJ","Elastično tkanje koje lokalno ne povisuje temperaturu kože. Gotov proizvod. ",0,"43,6934",5,{"$nulls":6},0,0,"'0606240409000"]
["ORTOZE ","Ortoze za lakat i rame",48,634,"'060624040910","'0606240409015","Ortoza za rame i lakat, stabilizacijska  ,Lohmann & Rauscher  ,Cellacare Gilchrist vel.  S","Lohmann & Rauscher ","Lohmann & Rauscher ","13.05.2023",null,1,1,"2,3",5,2,0,24,24,"NE",0,1,0,0,"kom",null,1,0,0,114,0,0,null,1,0,0,"I","S","SP,LJ","Elastično tkanje koje lokalno ne povisuje temperaturu kože. Gotov proizvod. ",0,"43,6934",5,{"$nulls":6},0,0,"'0606240409000"]
["ORTOZE ","Ortoze za lakat i rame",48,645,"'060624040911","'0606240409026","Ortoza za rame i lakat, stabilizacijska  ,GLO s.r.l ,415","GLO s.r.l","Karl Dietz","13.05.2023",null,1,1,"2,3",5,2,0,24,24,"NE",0,1,0,0,"kom",null,1,0,0,114,0,0,null,1,0,0,"I","S","SP,LJ","Elastično tkanje koje lokalno ne povisuje temperaturu kože. Gotov proizvod. ",0,"43,6934",5,{"$nulls":6},0,0,"'0606240409000"]
["ORTOZE ","Ortoza za nožni zglob i stopalo",50,656,"'061206041400","'0612060414000","Ortoza za nožni zglob i stopalo, zglobna  ",null,null,"13.05.2023",null,1,1,"2,3",5,2,8,12,"24 ","NE",0,1,0,0,"kom",null,1,0,0,117,0,0,null,1,0,0,"I","I","SPPD","Plastična, izrada po sadrenom odljevu. ",0,"487,7564",5,{"$nulls":6},0,0,"'0612060414000"]
["ORTOZE ","Ortoza za nožni zglob i stopalo",50,664,"'061206041103","'0612060411009","Ortoza za nožni zglob i stopalo, stabilizacijska, s plastičnim pojačanjem  ,Ottobock SE & Co. KGaA ,Ortoza za nožni zglob i stopalo, stabilizacijska, s plastičnim pojačanjem 50S9","Ottobock SE & Co. KGaA","Otto Bock Adria","01.01.2023",null,1,1,"2,3",5,2,12,12,12,"NE",0,1,0,0,"kom",null,1,0,0,116,0,0,null,1,0,0,"I","S/I","SPPD","Plastika s ili bez pojačanja, elastično tkanje koje lokalno ne povisuje temperaturu kože. Mogućnost individualne prilagodbe. Uloživa u standardnu obuću. ",0,"44,4834",5,{"$nulls":6},0,0,"'0612060411000"]
["ORTOZE ","Ortoza za nožni zglob i stopalo",50,678,"'061206041111","'0612060411024","Ortoza za nožni zglob i stopalo, stabilizacijska, s plastičnim pojačanjem  ,Bort ,Bort Stabilo Ankle Support 114100","Bort","SimBex","13.05.2023",null,1,1,"2,3",5,2,12,12,12,"NE",0,1,0,0,"kom",null,1,0,0,116,0,0,null,1,0,0,"I","S/I","SPPD","Plastika s ili bez pojačanja, elastično tkanje koje lokalno ne povisuje temperaturu kože. Mogućnost individualne prilagodbe. Uloživa u standardnu obuću. ",0,"51,2538",5,{"$nulls":6},0,0,"'0612060411000"]
["ORTOZE ","Ortoza za nožni zglob i stopalo",50,687,"'061206041202","'0612060412005","Ortoza za nožni zglob i stopalo, peronealna  ,Ossur ,Afo Leaf Spring","Ossur","Delko, Bauerfeind","13.05.2023",null,1,1,"2,3,6",5,2,8,12,24,"NE",0,1,0,0,"kom",null,1,0,0,117,0,0,null,1,0,0,"I","S/I","SP,LJ","Plastična, gotov proizvod, bez cipele - uloživa u standardnu obuću. Uz individualnu prilagodbu. ",0,"43,3713",5,{"$nulls":6},0,0,"'0612060412000"]
["ORTOZE ","Ortoza za nožni zglob i stopalo",50,700,"'061206041209","'0612060412018","Ortoza za nožni zglob i stopalo, peronealna  ,Egeria ,ONZ007","Egeria","Egeria","01.01.2023",null,1,1,"2,3,6",5,2,8,12,24,"NE",0,1,0,0,"kom",null,1,0,0,117,0,0,null,1,0,0,"I","S/I","SP,LJ","Plastična, gotov proizvod, bez cipele - uloživa u standardnu obuću. Uz individualnu prilagodbu. ",0,"33,3625",5,{"$nulls":6},0,0,"'0612060412000"]
["ORTOZE ","Ortoza za nožni zglob i stopalo",50,722,"'061206041507","'0612060415008","Ortoza za nožni zglob i stopalo, od ugljičnih vlakana, dinamička. ,Nova ortopedija ,NO-ON-15","Nova ortopedija","Nova ortopedija","01.01.2023",null,1,0,"2,3",5,2,0,0,36,"NE",0,1,0,0,"kom",null,1,0,0,117,0,0,null,0,0,0,"I","S/I","SPPD","Od ugljičnih vlakana, izrada po mjeri.",0,"312,6326",5,{"$nulls":6},0,0,"'0612060415000"]
["ORTOZE ","Ortoza za nožni zglob i stopalo",50,726,"'061206041703","'0612060417003","Ortoza za nožni zglob i stopalo, stabilizacijska, zglobna ,MDH sp.z.o.o. ,Foot and shin brace (pneumatic)","MDH sp.z.o.o.","Plasting ortopedija","13.05.2023",null,1,1,"2,8",5,2,0,12,24,"NE",0,1,0,0,"kom",null,1,0,0,355,0,0,null,1,0,0,"I","S","SP,LJ","Plastika, tekstil, čičak traka, gotov proizvod",0,"145,0464",5,{"$nulls":6},0,0,"'0612060417000"]
["ORTOZE ","Ortoze za koljeno ",51,745,"'061209041705","'0612090417012","Ortoza za stabilizaciju koljena, zglobna, duga  ,NIKE ,PE566","NIKE","Bauerfeind","13.05.2023",null,1,1,"2,3,8",5,2,0,24,24,"NE",0,1,0,0,"kom",null,1,0,0,118,0,0,null,1,0,0,"I","S","SP,LJ","Elastično tkanje koje lokalno ne povisuje temperaturu kože. Metal, šine, mogućnost ograničenja pokreta fleksije i ekstenzije. Gotov proizvod. ",0,"100,3733",5,{"$nulls":6},0,0,"'0612090417000"]
["ORTOZE ","Ortoze za koljeno ",51,761,"'061209041712","'0612090417038","Ortoza za stabilizaciju koljena, zglobna, duga  ,Lohmann & Rauscher  ,Cellacare Genucast Modular vel. 3","Lohmann & Rauscher ","Lohmann & Rauscher ","13.05.2023",null,1,1,"2,3,8",5,2,0,24,24,"NE",0,1,0,0,"kom",null,1,0,0,118,0,0,null,1,0,0,"I","S","SP,LJ","Elastično tkanje koje lokalno ne povisuje temperaturu kože. Metal, šine, mogućnost ograničenja pokreta fleksije i ekstenzije. Gotov proizvod. ",0,"98,1110",5,{"$nulls":6},0,0,"'0612090417000"]
["ORTOZE ","Ortoze za koljeno ",51,768,"'061209041715","'0612090417045","Ortoza za stabilizaciju koljena, zglobna, duga  ,Streifeneder ortho production GmbH ,150R3","Streifeneder ortho production GmbH","Nostrum Medical","13.05.2023",null,1,1,"2,3,8",5,2,0,24,24,"NE",0,1,0,0,"kom",null,1,0,0,118,0,0,null,1,0,0,"I","S","SP,LJ","Elastično tkanje koje lokalno ne povisuje temperaturu kože. Metal, šine, mogućnost ograničenja pokreta fleksije i ekstenzije. Gotov proizvod. ",0,"97,2849",5,{"$nulls":6},0,0,"'0612090417000"]
["ORTOZE ","Ortoze za kuk",52,783,"'061215041801","'0612150418001","Remenčići po Pavliku  ,Prima-protetika ,Remenčići po Pavliku PPJ-630","Prima-protetika","Rothmed","01.01.2023",null,1,1,2,5,2,6,0,0,"NE",0,1,0,0,"kom",null,1,0,0,119,0,0,null,1,0,0,"I","S","SP,LJ","Koža, tekstil, metal. Gotov proizvod. ",0,"45,0395",5,{"$nulls":6},0,0,"'0612150418000"]
["ORTOZE ","Ortoze za kuk",52,787,"'061215041805","'0612150418005","Remenčići po Pavliku  ,Nova ortopedija ,KA-2","Nova ortopedija","Nova ortopedija","01.01.2023",null,1,1,2,5,2,6,0,0,"NE",0,1,0,0,"kom",null,1,0,0,119,0,0,null,1,0,0,"I","S","SP,LJ","Koža, tekstil, metal. Gotov proizvod. ",0,"45,0395",5,{"$nulls":6},0,0,"'0612150418000"]
["ORTOZE ","Ortoze za koljeno, nožni zglob i stopalo (KAFO)",53,805,"'061212042400","'0612120424000","Ortoza za koljeno, nožni zglob i stopalo, dvozglobna  ",null,null,"13.05.2023",null,1,1,"2,3",9,3,12,12,"36 ","NE",0,1,0,0,"kom",null,1,0,0,124,0,0,null,1,0,0,"I","I","SPPD","Ugljična vlakna, metal, čičak traka, izrada po sadrenom odljevu. ",0,"1229,8645",5,{"$nulls":6},0,0,"'0612120424000"]
["ORTOZE ","Dijelovi za ortoze",55,822,"'061227043102","'0612270431002","Zglob kuka ,Streifeneder ortho production GmbH ,19P1","Streifeneder ortho production GmbH","Nostrum Medical","01.01.2023",null,1,1,4,5,2,24,24,24,"NE",0,1,0,0,"kom",null,1,0,0,127,0,0,null,0,1,0,"I","S","SP,LJ","Plastika - metal. ",0,"77,8459",5,{"$nulls":6},0,0,"'0612270431000"]
["ORTOZE ","Dijelovi za ortoze",55,831,"'061230043403","'0612300434003","Tračnica (šina), metalna ,Nova ortopedija ,TM","Nova ortopedija","Nova ortopedija","01.01.2023",null,1,1,4,5,2,24,24,24,"NE",0,1,0,0,"kom",null,1,0,0,130,0,0,null,0,1,0,"I","S","SP,LJ","Metal. ",0,"34,0646",5,{"$nulls":6},0,0,"'0612300434000"]
["ORTOZE ","Ortoze za vratnu kralježnicu",57,845,"'060312043710","'0603120437015","Ortoza za vratnu kralježnicu ,Lohmann & Rauscher  ,Cellacare Cervical vel.  10","Lohmann & Rauscher ","Lohmann & Rauscher ","01.01.2023",null,1,1,"2,6,7,30",5,2,12,24,24,"NE",0,1,0,0,"kom",null,1,0,0,133,0,0,null,1,0,0,"I","S","SP,LJ","Ortoza za vratnu kralježnicu, kruta ili polukruta. Gotov proizvod. ",0,"9,2481",5,{"$nulls":6},0,0,"'0603120437000"]
["ORTOZE ","Ortoze za vratnu kralježnicu",57,854,"'060312043804","'0603120438004","Ortoza za vratnu kralješnicu (Philadelphia) ,NIKE ,NK707","NIKE","Bauerfeind","13.05.2023",null,1,1,"2,3,6,30",5,2,12,24,24,"NE",0,1,0,0,"kom",null,1,0,0,134,0,0,null,1,0,0,"I","S","SP,LJ","Plastika, čičak traka, spužva, koža. Kruta. Gotov proizvod. ",0,"37,1699",5,{"$nulls":6},0,0,"'0603120438000"]
["ORTOZE ","Ortoze za vratnu kralježnicu",57,868,"'060312043904","'0603120439005","Ortoza za vratnu kralježnicu, cervikotorakosternalna ,GLO s.r.l ,204/MA","GLO s.r.l","Karl Dietz","13.05.2023",null,1,1,"2,3,6,30",5,2,12,24,24,"NE",0,1,0,0,"kom",null,1,0,0,135,0,0,null,1,0,0,"I","S","SP,LJ","Plastika, metal, spužva, čičak traka, podesiva. Gotov proizvod. ",0,"108,4291",5,{"$nulls":6},0,0,"'0603120439000"]
["ORTOZE ","Ortoze za prsnu i slabinskokrižnu kralježnicu ",59,877,"'060309044300","'0603090443000","Ortoza po Cheneau, korektivna ",null,null,"13.05.2023",null,1,1,"2,3",5,2,8,12,"0 ","NE",0,1,0,0,"kom",null,1,0,0,139,0,0,null,1,0,0,"I","I","SPPD","Plastika, čičak traka, izrada po sadrenom odljevu ili fotometrijski.",0,"860,0120",5,{"$nulls":6},0,0,"'0603090443000"]
["ORTOZE ","Ortoze za prsnu i slabinskokrižnu kralježnicu ",59,894,"'060309044111","'0603090441018","Potporno-rasteretna ortoza, TLSO 7 ,Otos ,Potporno-rasteretna ortoza za kralježnicu TLSO","Otos","Otos","05.10.2023",null,1,1,"2,3,30",5,2,0,12,24,"NE",0,1,0,0,"kom",null,1,0,0,137,0,0,null,1,0,0,"I","S","SP,LJ","Elastično tkanje koje lokalno ne povisuje temperaturu kože. Pojačanje. Plastika. Čičak traka. Gotov proizvod. ",0,"142,1788",5,{"$nulls":6},0,0,"'0603090441000"]
["ORTOZE ","Ortoze za prsnu i slabinskokrižnu kralježnicu ",59,900,"'060309044113","'0603090441024","Potporno-rasteretna ortoza, TLSO ,Streifeneder ortho production GmbH ,41R1","Streifeneder ortho production GmbH","Nostrum Medical","13.05.2023",null,1,1,"2,3,30",5,2,0,12,24,"NE",0,1,0,0,"kom",null,1,0,0,137,0,0,null,1,0,0,"I","S","SP,LJ","Elastično tkanje koje lokalno ne povisuje temperaturu kože. Pojačanje. Plastika. Čičak traka. Gotov proizvod. ",0,"142,1803",5,{"$nulls":6},0,0,"'0603090441000"]
["ORTOZE ","Ortoze za prsnu i slabinskokrižnu kralježnicu ",59,916,"'060309044212","'0603090442016","Ortoza za kralježnicu, trouporišna, hiperekstenzijska, Jewett ,Streifeneder ortho production GmbH ,25R20","Streifeneder ortho production GmbH","Nostrum Medical","13.05.2023",null,1,1,"2,3,6,30",5,2,0,12,24,"NE",0,1,0,0,"kom",null,1,0,0,138,0,0,null,1,0,0,"I","S","SP,LJ","Plastika, metal. Gotov proizvod. Mogućnost prilagodbe. ",0,"136,2491",5,{"$nulls":6},0,0,"'0603090442000"]
["ORTOZE ","Ortoze za prsnu i slabinskokrižnu kralježnicu ",59,931,"'060309044215","'0603090442033","Ortoza za kralježnicu, trouporišna, hiperekstenzijska, Jewett ,PRIM S.A. ,C32","PRIM S.A.","Karl Dietz","13.05.2023",null,1,1,"2,3,6,30",5,2,0,12,24,"NE",0,1,0,0,"kom",null,1,0,0,138,0,0,null,1,0,0,"I","S","SP,LJ","Plastika, metal. Gotov proizvod. Mogućnost prilagodbe. ",0,"156,3500",5,{"$nulls":6},0,0,"'0603090442000"]
["ORTOZE ","Ortoze za prsnu i slabinskokrižnu kralježnicu ",59,938,"'060309044217","'0603090442036","Ortoza za kralježnicu, trouporišna, hiperekstenzijska, Jewett ,Egeria ,Jewett Brace OL-HE001","Egeria","Egeria","13.05.2023",null,1,1,"2,3,6,30",5,2,0,12,24,"NE",0,1,0,0,"kom",null,1,0,0,138,0,0,null,0,0,0,"I","S","SP,LJ","Plastika, metal. Gotov proizvod. Mogućnost prilagodbe. ",0,"156,3500",5,{"$nulls":6},0,0,"'0603090442000"]
["ORTOZE ","Ortoze za slabinskokrižnu kralježnicu ",60,954,"'060306044606","'0603060446019","Potporno-rasteretna ortoza, LSO ,Medi GmbH & Co.KG ,Lumbamed stabil","Medi GmbH & Co.KG","Rozi Step","13.05.2023",null,1,1,"2,3,30",5,2,0,12,24,"NE",0,1,0,0,"kom",null,1,0,0,137,0,0,null,1,0,0,"I","S","SP,LJ","Elastično tkanje koje ne povisuje lokalno temperaturu kože. Pojačanje. Plastika. Čičak traka. Gotov proizvod. ",0,"81,0139",5,{"$nulls":6},0,0,"'0603060446000"]
["ORTOZE ","Ortoze za slabinskokrižnu kralježnicu ",60,973,"'060306044616","'0603060446042","Potporno-rasteretna ortoza, LSO ,Nova ortopedija ,LSO-1","Nova ortopedija","Nova ortopedija","01.01.2023",null,1,1,"2,3,30",5,2,0,12,24,"NE",0,1,0,0,"kom",null,1,0,0,137,0,0,null,1,0,0,"I","S","SP,LJ","Elastično tkanje koje ne povisuje lokalno temperaturu kože. Pojačanje. Plastika. Čičak traka. Gotov proizvod. ",0,"57,8671",5,{"$nulls":6},0,0,"'0603060446000"]
["ORTOZE ","Ortoze za slabinskokrižnu kralježnicu ",60,977,"'060306044704","'0603060447004","Ortoza za imobilizaciju slabinskokrižne kralježnice ,REBOLE ,LS - LUMBALNA ORTOZA POJAČANA art. 3300","REBOLE","Nova ortopedija","01.01.2023",null,1,1,"2,6",5,2,8,12,24,"NE",0,1,0,0,"kom",null,1,0,0,138,0,0,null,1,0,0,"I","S","SP,LJ","Elastični materijal koji lokalno ne povisuje temperaturu kože. Prozračni materijal. Plastika. Pojačanje. Čičak traka.",0,"67,0595",5,{"$nulls":6},0,0,"'0603060447000"]
["ORTOZE ","Ortoze za slabinskokrižnu kralježnicu ",60,986,"'060306044709","'0603060447013","Ortoza za imobilizaciju slabinskokrižne kralježnice ,Thuasne ,LOMBACROSS","Thuasne","Fokus Medical","13.05.2023",null,1,1,"2,6",5,2,8,12,24,"NE",0,1,0,0,"kom",null,1,0,0,138,0,0,null,1,0,0,"I","S","SP,LJ","Elastični materijal koji lokalno ne povisuje temperaturu kože. Prozračni materijal. Plastika. Pojačanje. Čičak traka.",0,"87,1774",5,{"$nulls":6},0,0,"'0603060447000"]
["ORTOZE ","Ortoze za slabinskokrižnu kralježnicu ",60,1000,"'060306044619","'0603060446182","Potporno-rasteretna ortoza, LSO 7 ,MDH sp.z.o.o. ,Lumbo Medical Light","MDH sp.z.o.o.","PAR MAR; Plasting ortopedija","05.10.2023",null,1,1,"2,3,30",5,2,0,12,24,"NE",0,1,0,0,"kom",null,1,0,0,137,0,0,null,1,0,0,"I","S","SP,LJ","Elastično tkanje koje ne povisuje lokalno temperaturu kože. Pojačanje. Plastika. Čičak traka. Gotov proizvod. ",0,"75,2272",5,{"$nulls":6},0,0,"'0603060446000"]
["ORTOZE ","Ortoze za slabinskokrižnu kralježnicu ",60,1021,"'060306044621","'0603060446203","Potporno-rasteretna ortoza, LSO ,Gibaud ,Lombogib®arthrose","Gibaud","Mevjema","01.01.2023",null,1,1,"2,3,30",5,2,0,12,24,"NE",0,1,0,0,"kom",null,1,0,0,137,0,0,null,1,0,0,"I","S","SP,LJ","Elastično tkanje koje ne povisuje lokalno temperaturu kože. Pojačanje. Plastika. Čičak traka. Gotov proizvod. ",0,"57,8671",5,{"$nulls":6},0,0,"'0603060446000"]
["ORTOPROTEZE I ELEKTRONIČKI UREĐAJI","Ortoproteze  ",62,1035,"'062451050100","'0624510501000","Ortoproteza za potkoljenicu, endoskeletna 3 ",null,null,"01.01.2023",null,1,0,"2,3",9,3,18,24,"36 ","NE",0,1,0,0,"kom",null,1,0,0,"103,341",0,0,null,1,0,0,"I","I","SPPD","Plastika, metal, modul originalni proizvod. ",0,"0,0000",5,{"$nulls":6},0,0,"'0624510501000"]
["ORTOPROTEZE I ELEKTRONIČKI UREĐAJI","Rezervni dijelovi elektronskih uređaja",66,1043,"'062454050900","'0624540509000","Elektrode za elektronske uređaje  ",null,null,"01.01.2023",null,1,1,"2,3,4",5,2,0,24,"24 ","NE",0,1,0,0,"kom",null,1,0,0,102,0,0,null,0,1,0,"I","S","SP,LJ","Metal, plastika, svi moduli i materijali-originalni proizvod. ",0,"31,2164",5,{"$nulls":6},0,0,"'0624540509000"]
["ORTOPEDSKE CIPELE","Ortopedske cipele",136,1054,"'063306060331","'0633060603004","Ortopedska obuća za dijabetičko stopalo-kategorija 3 ,Bauerfeind ,Lavandon ortopedska obuća za dijabetičko stopalo - kategorija 3","Bauerfeind","Bauerfeind","20.03.2025",null,1,1,"2,3,12,32",5,2,0,0,24,"NE",0,1,0,0,"par",null,1,0,0,373,0,0,null,1,0,0,"I","I","SPPD","Jamstveni rok 2 godine. U sastavu ortopedske obuće za dijabetičko stopalo-kategorija 3, isporučuju se i odgovarajući, pripadajući ulošci. Za vrijeme roka uporabe pomagala proizvođač se obvezuje o svom trošku osigurati 1 par uložaka za svaku godinu korištenja. Individualna izrada. Odgovarajući certifikat potvrde kvalitete. ",0,"224,8190",5,{"$nulls":6},0,0,"'0633060603000"]
["POMAGALA ZA KRETANJE","ŠTAKE, ŠTAP I HODALICE",69,1065,"'120306070107","'1203060701015","Podlaktične štake s podešavanjem visine ,Ossenberg GmbH, ,Štake podlaktne  220D","Ossenberg GmbH,","Karl Dietz","18.03.2023",null,1,1,"2,3,6,14",10,1,12,36,36,"DA",1,1,1,0,"kom","do",2,0,0,149,1,0,null,1,0,0,"I",null,"SP,LJ","Metal, aluminij, plastika, guma. ",0,"11,0598",5,{"$nulls":6},0,0,"'1203060701000"]
["POMAGALA ZA KRETANJE","ŠTAKE, ŠTAP I HODALICE",69,1077,"'120312070204","'1203120702004","Potpazušne štake s podešavanjem visine ,Rebotec ,Quick n easy","Rebotec","Egeria","05.10.2023",null,1,1,"2,3,6",10,1,12,36,36,"DA",1,1,1,0,"kom","do",2,0,0,150,1,0,null,0,0,0,"I","S","SP,LJ","Metal, aluminij, plastika, guma, drvo. ",0,"9,3672",5,{"$nulls":6},0,0,"'1203120702000"]
["POMAGALA ZA KRETANJE","ŠTAKE, ŠTAP I HODALICE",69,1091,"'120316070307","'1203160703009","Štap s četiri noge ,Dietz GmbH ,Hodalica, štap s četiri noge  VFG-1","Dietz GmbH","Karl Dietz","18.03.2023",null,1,1,"2,3",10,1,12,36,36,"DA",1,1,1,0,"kom",null,1,0,0,151,1,0,null,0,0,0,"I","S","SP,LJ","Metal, aluminij, plastika, guma. ",0,"15,6131",5,{"$nulls":6},0,0,"'1203160703000"]
["POMAGALA ZA KRETANJE","ŠTAKE, ŠTAP I HODALICE",69,1100,"'120603070406","'1206030704012","Hodalica s četiri noge ili dvije noge i dva kotača ,BISCHOFF&BISCHOFF ,REZI","BISCHOFF&BISCHOFF","Salvus","18.03.2023",null,1,1,"2,3,6,14",5,2,12,36,36,"DA",1,1,1,0,"kom",null,1,0,0,152,1,0,null,1,0,0,"I","S","SP,LJ","Metal, aluminij, plastika, guma. ",0,"40,8660",5,{"$nulls":6},0,0,"'1206030704000"]
["POMAGALA ZA KRETANJE","ŠTAKE, ŠTAP I HODALICE",69,1113,"'120603070412","'1206030704026","Hodalica s četiri noge ili dvije noge i dva kotača ,Foshan Dongfang Medical Equipment Manufactory ,FS915L (hodalica s četiri noge)","Foshan Dongfang Medical Equipment Manufactory","Arcus Vita","05.10.2023",null,1,1,"2,3,6,14",5,2,12,36,36,"DA",1,1,1,0,"kom",null,1,0,0,152,1,0,null,0,0,0,"I","S","SP,LJ","Metal, aluminij, plastika, guma. ",0,"40,8660",5,{"$nulls":6},0,0,"'1206030704000"]
["POMAGALA ZA KRETANJE","ŠTAKE, ŠTAP I HODALICE",69,1135,"'120606070515","'1206060705021","Hodalica s tri kotača ili četiri kotača ,Herdegen ,4 wheeled (4 kotača)","Herdegen","Plasting ortopedija","18.03.2023",null,1,1,"2,3",5,2,0,36,36,"DA",1,1,1,0,"kom",null,1,0,0,152,1,0,null,1,0,0,"I","S","SP,LJ","Metal, aluminij, plastika, guma. ",0,"64,4073",5,{"$nulls":6},0,0,"'1206060705000"]
["POMAGALA ZA KRETANJE","ŠTAKE, ŠTAP I HODALICE",69,1148,"'120306070112","'1203060701031","Podlaktične štake s podešavanjem visine ,Moretti Spa , RP700C (dječije)","Moretti Spa","Inko Centar","18.03.2023",null,1,1,"2,3,6,14",10,1,12,36,36,"DA",1,1,1,0,"kom","do",2,0,0,149,1,0,null,0,0,0,"I",null,"SP,LJ","Metal, aluminij, plastika, guma. ",0,"10,7216",5,{"$nulls":6},0,0,"'1203060701000"]
["POMAGALA ZA KRETANJE","ŠTAKE, ŠTAP I HODALICE",69,1154,"'120603070416","'1206030704034","Hodalica s četiri noge ili dvije noge i dva kotača ,Moretti Spa , RP749","Moretti Spa","Inko Centar","18.03.2023",null,1,1,"2,3,6,14",5,2,12,36,36,"DA",1,1,1,0,"kom",null,1,0,0,152,1,0,null,1,0,0,"I","S","SP,LJ","Metal, aluminij, plastika, guma. ",0,"38,8232",5,{"$nulls":6},0,0,"'1206030704000"]
["POMAGALA ZA KRETANJE","INVALIDSKA KOLICA",70,1170,"'122103070706","'1221030707008","Invalidska kolica za privremenu uporabu ,BISCHOFF&BISCHOFF ,S-ECO 300","BISCHOFF&BISCHOFF","Salvus","18.03.2023",null,1,1,"2,3,6,14",5,2,0,24,24,"DA+",0,1,0,0,"kom",null,1,0,0,"154,314,342",1,0,null,1,0,0,"I","S","SP,LJ","Okvir od aluminija ili čelika, naslon i sjedalo od tehničke tkanine, papučice podesive po visini, čičak traka za stopala, standardna širina sjedišta od 38 do 50 cm. ",0,"171,5787",5,{"$nulls":6},0,0,"'1221030707000"]
["POMAGALA ZA KRETANJE","INVALIDSKA KOLICA",70,1177,"'122103070802","'1221030708003","Standardna invalidska kolica s ili bez pomaknutog težišta ,Thuasne ,CLASSIC DF  (širina 45 cm)","Thuasne","Fokus Medical","05.10.2023",null,1,1,"2,3",5,2,0,24,60,"DA+",0,1,0,0,"kom",null,1,0,0,"342,314,155",1,0,null,1,0,0,"I","S","SP,LJ","Okvir od čelika. Naslon  i sjedalo od tehničke tkanine. Papuče podesive po visini. Čičak traka za stopala. Standardna širina sjedišta od najmanje 38 cm, balanser protiv prevrtanja.",0,"185,8770",5,{"$nulls":6},0,0,"'1221030708000"]
["POMAGALA ZA KRETANJE","INVALIDSKA KOLICA",70,1190,"'122106070902","'1221060709003","Standardna lagana invalidska kolica sa ili bez pomaknutog težišta ,Thuasne ,CLASSIC LIGHT  ( širina 41 cm)","Thuasne","Fokus Medical","05.10.2023",null,1,1,"2,3",5,2,0,24,60,"DA+",0,1,0,0,"kom",null,1,0,0,"342,314,155",1,0,null,1,0,0,"I","S","SP,LJ","Okvir od aluminija. Naslon  i sjedalo od tehničke tkanine, težina pomagala do 17 kg (kod minimalne proizvođačke širine) zajedno s papučicama podesivih po visini, čičak traka za stopala, mogučnost skidanja zadnjih kotača bez alata, standardna širina sjedišta od najmanje 38 cm, balanser protiv prevrtanja.",0,"550,6900",5,{"$nulls":6},0,0,"'1221060709000"]
["POMAGALA ZA KRETANJE","INVALIDSKA KOLICA",70,1198,"'122106070907","'1221060709012","Standardna lagana invalidska kolica sa ili bez pomaknutog težišta ,BISCHOFF&BISCHOFF ,PYRO LIGHT","BISCHOFF&BISCHOFF","Salvus","18.03.2023",null,1,1,"2,3",5,2,0,24,60,"DA+",0,1,0,0,"kom",null,1,0,0,"155,314,342",1,0,null,1,0,0,"I","S","SP,LJ","Okvir od aluminija. Naslon  i sjedalo od tehničke tkanine, težina pomagala do 17 kg (kod minimalne proizvođačke širine) zajedno s papučicama podesivih po visini, čičak traka za stopala, mogučnost skidanja zadnjih kotača bez alata, standardna širina sjedišta od najmanje 38 cm, balanser protiv prevrtanja.",0,"611,2488",5,{"$nulls":6},0,0,"'1221060709000"]
["POMAGALA ZA KRETANJE","INVALIDSKA KOLICA",70,1221,"'122103071201","'1221030712002","Invalidska kolica s posebnom prilagodbom ,Sunrise medical ,Breezy 321 (za odrasle)","Sunrise medical","Bauerfeind","18.03.2023",null,1,1,"2,3",5,2,12,24,60,"DA+",1,1,1,0,"kom",null,1,0,0,"157a,314,342",1,0,null,1,0,0,"I","S/I","SPPD","STANDARD ZA DJEČJA KOLICA: Okvir od aluminija ili čelika, naslon  i sjedalo obloženi spužvom  i presvučeni tehničkom tkaninom, težina do 25 kg, oslonac za glavu, mogućnost nagiba naslona do 30 stupnjeva, papučice podesive po visini. Sastavni dijelovi pomagala: abdukcijski klin, sigurnosni pojas, naslon za glavu.  STANDARD ZA KOLICA ZA ODRASLE:  Okvir od aluminija ili čelika, naslon i sjedalo obloženi spužvom i presvučeni tehničkom tkaninom, težina do 35 kg, naslon za glavu prilagodljiv, mogućnost nagiba naslona do 30%, nagib sjedala, podešavanje naslona za ruke, papučice podesive po visini i naprijed. Sastavni dijelovi pomagala su: naslon za glavu, oslonac za ruke, sigurnosni pojas, abdukcijski klin.",0,"1339,5182",5,{"$nulls":6},0,0,"'1221030712000"]
["POMAGALA ZA KRETANJE","INVALIDSKA KOLICA",70,1233,"'122103071213","'1221030712027","Invalidska kolica s posebnom prilagodbom ,Fumagalli S.R.l. ,Mitico S","Fumagalli S.R.l.","Plasting ortopedija","18.03.2023",null,1,1,"2,3",5,2,12,24,60,"DA+",1,1,1,0,"kom",null,1,0,0,"157a,314,342",1,0,null,1,0,0,"I","S/I","SPPD","STANDARD ZA DJEČJA KOLICA: Okvir od aluminija ili čelika, naslon  i sjedalo obloženi spužvom  i presvučeni tehničkom tkaninom, težina do 25 kg, oslonac za glavu, mogućnost nagiba naslona do 30 stupnjeva, papučice podesive po visini. Sastavni dijelovi pomagala: abdukcijski klin, sigurnosni pojas, naslon za glavu.  STANDARD ZA KOLICA ZA ODRASLE:  Okvir od aluminija ili čelika, naslon i sjedalo obloženi spužvom i presvučeni tehničkom tkaninom, težina do 35 kg, naslon za glavu prilagodljiv, mogućnost nagiba naslona do 30%, nagib sjedala, podešavanje naslona za ruke, papučice podesive po visini i naprijed. Sastavni dijelovi pomagala su: naslon za glavu, oslonac za ruke, sigurnosni pojas, abdukcijski klin.",0,"1339,5182",5,{"$nulls":6},0,0,"'1221030712000"]
["POMAGALA ZA KRETANJE","INVALIDSKA KOLICA",70,1244,"'122106071501","'1221060715001","Dječja aktivna invalidska kolica ,Sunrise medical ,Youngster","Sunrise medical","Bauerfeind","18.03.2023",null,1,1,"2,3",5,2,12,24,0,"DA+",1,1,1,0,"kom",null,1,0,0,"159,314,342",1,0,null,1,0,0,"I","S/I","SPPD","Okvir od aluminija ili od druge lake legure, sjedalo i naslon od  tehničke tkanine, težina do 11 kg s papučicama podesivih po visini s čičak trakom za stopala, širina sjedišta do 36 cm,  sjedište od poda visine do 46 cm, mogućnost skidanja zadnjih kotača bez alata. Pogon kolica duplim obručima.",0,"1725,0000",5,{"$nulls":6},0,0,"'1221060715000"]
["POMAGALA ZA KRETANJE","INVALIDSKA KOLICA",70,1259,"'122201071003","'1222010710004","Modularna dječja invalidska kolica za prilagodbu i pozicioniranje ,Patron ,Tom 5 Streeter","Patron","Orto Rea","18.03.2023",null,1,1,"2,3",5,2,0,36,0,"DA+",1,1,1,0,"kom",null,1,0,0,"157b,314,342",1,0,null,1,0,0,"I","S/I","SPPD","Okvir od aluminija, naslon i sjedalo obloženi spužvom i presvučeni tehničkom tkaninom. Podešavanje širine i dubine sjedišta, visine naslona za leđa, dužine potkoljenice. Podešavanje nagiba sjedišta, leđa i potkoljenice, podešavanje nagiba sjedne jedinice do 30 stupnjeva. Mehanizam za stavljanje i pomicanje sjedne jedinice/promjena smjera u kojem se kreće. Oslonac za stopala s mogućnošću odmicanja i podesiv po visini. Sastavni dijelovi pomagala: lateralna potpora s presvlakom, abdukcioni klin, naslon za glavu, pojas za trup, pelote za trup, prednji metalni štitnik, remen za stopala. Jamstveni rok za pomagalo iznosi najmanje 3 godine.",0,"2338,0052",5,{"$nulls":6},0,0,"'1222010710000"]
["POMAGALA ZA KRETANJE","INVALIDSKA KOLICA",70,1267,"'122115071110","'1221150711016","Invalidska kolica s pogonom jednom rukom ili polugom ,Vassilli ,Evolution light plus","Vassilli","Plasting ortopedija","18.03.2023",null,1,1,"2,3",5,2,0,0,60,"NE",0,1,0,0,"kom",null,1,0,0,"157,314,342",0,0,null,1,0,0,"I","S","SP,LJ","Okvir od aluminija, čelika  ili lake legure,  naslon  i sjedalo od tehničke tkanine. Pogon kolica duplim obručima s prijenosom na lijevoj ili desnoj strani, težine do 21 kg (kod minimalne proizvođačke širine) zajedno s papučicama podesivih po visini, ili pogon kolica polugom za jednu ruku na lijevoj ili desnoj strani, težina do 27 kg zajedno s papučicama podesivih po visini, čičak traka za stopala, jedna kočnica. ",0,"996,4276",5,{"$nulls":6},0,0,"'1221150711000"]
["POMAGALA ZA KRETANJE","INVALIDSKA KOLICA",70,1281,"'122103071219","'1221030712126","Invalidska kolica s posebnom prilagodbom ,Mobilex Sp.z.o.o. ,Barracuda (za odrasle)","Mobilex Sp.z.o.o.","Nova ortopedija","05.10.2023",null,1,1,"2,3",5,2,12,24,60,"DA+",0,1,0,0,"kom",null,1,0,0,"342,314,157a",0,0,null,1,0,0,"I","S/I","SPPD","STANDARD ZA DJEČJA KOLICA: Okvir od aluminija ili čelika, naslon  i sjedalo obloženi spužvom  i presvučeni tehničkom tkaninom, težina do 25 kg, oslonac za glavu, mogućnost nagiba naslona do 30 stupnjeva, papučice podesive po visini. Sastavni dijelovi pomagala: abdukcijski klin, sigurnosni pojas, naslon za glavu.  STANDARD ZA KOLICA ZA ODRASLE:  Okvir od aluminija ili čelika, naslon i sjedalo obloženi spužvom i presvučeni tehničkom tkaninom, težina do 35 kg, naslon za glavu prilagodljiv, mogućnost nagiba naslona do 30%, nagib sjedala, podešavanje naslona za ruke, papučice podesive po visini i naprijed. Sastavni dijelovi pomagala su: naslon za glavu, oslonac za ruke, sigurnosni pojas, abdukcijski klin.",0,"1339,5182",5,{"$nulls":6},0,0,"'1221030712000"]
["POMAGALA ZA KRETANJE","INVALIDSKA KOLICA",70,1290,"'122106070915","'1221060709024","Standardna lagana invalidska kolica sa ili bez pomaknutog težišta ,MDH sp.z.o.o. ,Cameleon","MDH sp.z.o.o.","Plasting ortopedija","05.10.2023",null,1,1,"2,3",5,2,0,24,60,"DA+",0,1,0,0,"kom",null,1,0,0,"342,314,155",0,0,null,1,0,0,"I","S","SP,LJ","Okvir od aluminija. Naslon  i sjedalo od tehničke tkanine, težina pomagala do 17 kg (kod minimalne proizvođačke širine) zajedno s papučicama podesivih po visini, čičak traka za stopala, mogučnost skidanja zadnjih kotača bez alata, standardna širina sjedišta od najmanje 38 cm, balanser protiv prevrtanja.",0,"550,6900",5,{"$nulls":6},0,0,"'1221060709000"]
["POMAGALA ZA KRETANJE","INVALIDSKA KOLICA",70,1303,"'122106072001","'1221060720001","Barijatrijska invalidska kolica ,Plasting ortopedija ,Evolution Light 17.60XL","Plasting ortopedija","Plasting ortopedija","01.06.2024",null,1,0,"2,3",5,2,0,24,60,"DA+",0,1,0,0,"kom",null,1,0,0,"386,342,314",0,0,null,0,0,0,"I","S","SPPD","Okvir od aluminija i/ili čelika. Naslon i sjedalo od tehničke tkanine, zajedno s papučicama podesivih po visini, čičak traka za stopala, mogućnost skidanja zadnjih kotača bez alata. Nosivost do 170 kg. Pojačana konstrukcija s dvostrukim škarama.",0,"850,0000",5,{"$nulls":6},0,0,"'1221060720000"]
["POMAGALA ZA KRETANJE","Rezervni dijelovi za invalidska kolica",72,1321,"'122421071804","'1224210718004","Vanjska guma zadnja, kolica na ručni pogon  ,Invacare   ,Tyres for manule wheel-chairs","Invacare  ","Orto Rea","18.03.2023",null,1,1,4,5,2,12,12,12,"NE",0,1,0,0,"kom","do",2,0,0,"102,314",0,0,null,1,1,0,"I","S","SP,LJ","Originalni dio prema kolicima. ",0,"11,0818",25,{"$nulls":6},0,0,"'1224210718000"]
["POMAGALA ZA KRETANJE","Rezervni dijelovi za invalidska kolica",72,1325,"'122421071809","'1224210718010","Vanjska guma zadnja, kolica na ručni pogon  ,Maxhealth Corporation ,original prema modelu","Maxhealth Corporation","Karl Dietz","18.03.2023",null,1,1,4,5,2,12,12,12,"NE",0,1,0,0,"kom","do",2,0,0,"102,314",0,0,null,1,1,0,"I","S","SP,LJ","Originalni dio prema kolicima. ",0,"11,0818",25,{"$nulls":6},0,0,"'1224210718000"]
["POMAGALA ZA KRETANJE","Rezervni dijelovi za invalidska kolica",72,1344,"'122421072009","'1224210720010","Zračnica zadnja,  kolica na ručni pogon   ,Maxhealth Corporation ,original prema modelu","Maxhealth Corporation","Karl Dietz","18.03.2023",null,1,1,4,5,2,12,12,12,"NE",0,1,0,0,"kom","do",2,0,0,"102,314",0,0,null,1,1,0,"I","S","SP,LJ","Originalni dio prema kolicima. ",0,"4,4279",25,{"$nulls":6},0,0,"'1224210720000"]
["POMAGALA ZA KRETANJE","Rezervni dijelovi za invalidska kolica",72,1351,"'122421072105","'1224210721005","Zračnica prednja,  kolica na ručni pogon  ,Meyra ,Zračnica prednja,  kolica na ručni pogon","Meyra","Famax","18.03.2023",null,1,1,4,5,2,12,12,12,"NE",0,1,0,0,"kom","do",2,0,0,"102,314",0,0,null,1,1,0,"I","S","SP,LJ","Originalni dio prema kolicima. ",0,"4,5394",25,{"$nulls":6},0,0,"'1224210721000"]
["POMAGALA ZA KRETANJE","Rezervni dijelovi za invalidska kolica",72,1367,"'122421072213","'1224210722019","Puna guma prednja, kolica na ručni pogon  ,Thomashilfen ,Original prema modelu","Thomashilfen","Plasting ortopedija","18.03.2023",null,1,1,4,5,2,12,12,12,"NE",0,1,0,0,"kom","do",2,0,0,"102,314",0,0,null,1,1,0,"I","S","SP,LJ","Originalni dio prema kolicima. ",0,"17,6558",25,{"$nulls":6},0,0,"'1224210722000"]
["POMAGALA ZA KRETANJE","Rezervni dijelovi za invalidska kolica",72,1373,"'122421072307","'1224210723012","Puna guma zadnja kolica na ručni pogon  ,Dietz GmbH ,original prema modelu","Dietz GmbH","Karl Dietz","18.03.2023",null,1,1,4,5,2,24,24,24,"NE",0,1,0,0,"kom","do",2,0,0,"102,314",0,0,null,1,1,0,"I","S","SP,LJ","Originalni dio prema kolicima. ",0,"27,7435",25,{"$nulls":6},0,0,"'1224210723000"]
["POMAGALA ZA KRETANJE","Rezervni dijelovi za invalidska kolica",72,1390,"'122418072501","'1224180725002","Kočnica za standardna kolica  ,Sunrise medical ,C03059","Sunrise medical","Bauerfeind","15.04.2023",null,1,1,4,5,2,24,24,24,"NE",0,1,0,0,"kom","do",2,0,0,"102,314",0,0,null,1,1,0,"I","S","SP,LJ","Originalni dio prema kolicima. ",0,"17,1861",5,{"$nulls":6},0,0,"'1224180725000"]
["POMAGALA ZA KRETANJE","Rezervni dijelovi za invalidska kolica",72,1408,"'122418072607","'1224180726010","Kočnica za aktivna kolica  ,Dietz GmbH ,original prema modelu","Dietz GmbH","Karl Dietz","18.03.2023",null,1,1,4,5,2,24,24,24,"NE",0,1,0,0,"kom","do",2,0,0,"102,314",0,0,null,1,1,0,"I","S","SP,LJ","Original. Rezervni dio.",0,"80,3041",5,{"$nulls":6},0,0,"'1224180726000"]
["POMAGALA ZA KRETANJE","Rezervni dijelovi za invalidska kolica",72,1421,"'122418072803","'1224180728003","Kočnica s produžetkom  ,Meyra ,Kočnica s produžetkom","Meyra","Famax","01.01.2023",null,1,1,4,5,2,24,24,24,"NE",0,1,0,0,"kom","do",2,0,0,"102,314",0,0,null,1,1,0,"I","S","SP,LJ","Originalni dio prema kolicima. ",0,"19,4572",5,{"$nulls":6},0,0,"'1224180728000"]
["POMAGALA ZA KRETANJE","Rezervni dijelovi za invalidska kolica",72,1430,"'122430072906","'1224300729006","Sigurnosni pojas  ,Dietz GmbH ,original prema modelu","Dietz GmbH","Karl Dietz","15.04.2023",null,1,1,"2,3,4",5,2,12,12,12,"NE",0,1,0,0,"kom",null,1,0,0,"102,314",0,0,null,1,1,0,"I","S","SP,LJ","Originalni dio prema kolicima. ",0,"14,6420",5,{"$nulls":6},0,0,"'1224300729000"]
["POMAGALA ZA KRETANJE","Rezervni dijelovi za invalidska kolica",72,1444,"'122430073009","'1224300730009","Pojas za trup  ,Off Carr S.r.l. ,original prema modelu","Off Carr S.r.l.","Karl Dietz","18.03.2023",null,1,1,"2,3,4",5,2,12,12,12,"NE",0,1,0,0,"kom",null,1,0,0,"102,314",0,0,null,1,1,0,"I","S","SP,LJ","Originalni dio prema kolicima. ",0,"32,8237",5,{"$nulls":6},0,0,"'1224300730000"]
["POMAGALA ZA KRETANJE","Rezervni dijelovi za invalidska kolica",72,1452,"'122430073106","'1224300731006","Potporna i rasteretna pelota ,Dietz GmbH ,original prema modelu","Dietz GmbH","Karl Dietz","18.03.2023",null,1,1,"2,3,4",5,2,12,12,12,"NE",0,1,0,0,"kom","do",2,0,0,"162,314",0,0,null,1,1,0,"I","S","SP,LJ","Originalni dio prema kolicima. ",0,"55,2419",5,{"$nulls":6},0,0,"'1224300731000"]
["POMAGALA ZA KRETANJE","Rezervni dijelovi za invalidska kolica",72,1467,"'122406073209","'1224060732009","Naslon za glavu ,Maxhealth Corporation ,original prema modelu","Maxhealth Corporation","Karl Dietz","18.03.2023",null,1,1,4,5,2,24,24,24,"NE",0,1,0,0,"kom",null,1,0,0,"163,314",0,0,null,1,1,0,"I","S","SP,LJ","Originalni dio prema kolicima. ",0,"57,6128",5,{"$nulls":6},0,0,"'1224060732000"]
["POMAGALA ZA KRETANJE","Rezervni dijelovi za invalidska kolica",72,1478,"'122406073307","'1224060733008","Oslonac za ruke  ,BISCHOFF&BISCHOFF ,ARMLEHNENPOLSTER","BISCHOFF&BISCHOFF","Salvus","18.03.2023",null,1,1,4,5,2,24,24,24,"NE",0,1,0,0,"kom","do",2,0,0,"102,314",0,0,null,1,1,0,"I","S","SP,LJ","Originalni dio prema kolicima. ",0,"39,2342",5,{"$nulls":6},0,0,"'1224060733000"]
["POMAGALA ZA KRETANJE","Rezervni dijelovi za invalidska kolica",72,1490,"'122406073408","'1224060734009","Oslonac za ruke s podešavanjem visine  ,Dietz GmbH ,original prema modelu","Dietz GmbH","Karl Dietz","18.03.2023",null,1,1,4,5,2,24,24,24,"NE",0,1,0,0,"kom","do",2,0,0,"102,314",0,0,null,1,1,0,"I","S","SP,LJ","Originalni dio prema kolicima. ",0,"73,3492",5,{"$nulls":6},0,0,"'1224060734000"]
["POMAGALA ZA KRETANJE","Rezervni dijelovi za invalidska kolica",72,1500,"'122406073505","'1224060735005","Oslonac za noge  ,Meyra ,Oslonac za noge","Meyra","Famax","18.03.2023",null,1,1,4,5,2,24,24,24,"NE",0,1,0,0,"kom",null,1,0,0,"102,314",0,0,null,1,1,0,"I","S","SP,LJ","Originalni dio prema kolicima. ",0,"56,7507",5,{"$nulls":6},0,0,"'1224060735000"]
["POMAGALA ZA KRETANJE","Rezervni dijelovi za invalidska kolica",72,1521,"'122406073702","'1224060737002","Naslon za leđa  ,Vermeiren ,Naslon za leđa","Vermeiren","Otos","09.11.2023",null,1,1,4,5,2,36,36,36,"NE",0,1,0,0,"kom",null,1,0,0,"314,102",0,0,null,1,1,0,"I","S","SP,LJ","Originalni dio prema kolicima. ",0,"43,4001",5,{"$nulls":6},0,0,"'1224060737000"]
["POMAGALA ZA KRETANJE","Rezervni dijelovi za invalidska kolica",72,1535,"'122406073806","'1224060738006","Sjedište - aktivna kolica  ,Ottobock SE & Co. KGaA ,Sjedište - aktivna kolica, 481C61=SK055","Ottobock SE & Co. KGaA","Otto Bock Adria","18.03.2023",null,1,1,4,5,2,36,36,36,"NE",0,1,0,0,"kom",null,1,0,0,"102,314",0,0,null,1,1,0,"I","S","SP,LJ","Originalni dio prema kolicima. ",0,"106,5900",5,{"$nulls":6},0,0,"'1224060738000"]
["POMAGALA ZA KRETANJE","Rezervni dijelovi za invalidska kolica",72,1544,"'122406073905","'1224060739005","Naslon za leđa - aktivna kolica  ,Ottobock SE & Co. KGaA ,Naslon za leđa - aktivna kolica, 481D61=SK010","Ottobock SE & Co. KGaA","Otto Bock Adria","01.01.2023",null,1,1,4,5,2,12,12,12,"NE",0,1,0,0,"kom",null,1,0,0,"102,314",0,0,null,1,1,0,"I","S","SP,LJ","Originalni dio prema kolicima. ",0,"90,8395",5,{"$nulls":6},0,0,"'1224060739000"]
["POMAGALA ZA KRETANJE","Rezervni dijelovi za invalidska kolica",72,1557,"'122409074008","'1224090740008","Dodatak za pomicanje stražnjih kotača kod dvostruke amputacije  ,RvS Alvema ,original prema modelu","RvS Alvema","Karl Dietz","01.01.2023",null,1,1,4,5,2,36,36,36,"NE",0,1,0,0,"kom",null,1,0,0,"102,314",0,0,null,1,1,0,"I","S","SP,LJ","Originalni dio prema kolicima. ",0,"7,0263",5,{"$nulls":6},0,0,"'1224090740000"]
["POMAGALA ZA KRETANJE","Rezervni dijelovi za invalidska kolica",72,1563,"'122406074201","'1224060742001","Sigurnosni kotač  ,Sunrise medical ,URIC06236","Sunrise medical","Bauerfeind","01.01.2023",null,1,1,4,5,2,36,36,36,"NE",0,1,0,0,"kom",null,1,0,0,"102,314",0,0,null,1,1,0,"I","S","SP,LJ","Originalni dio prema kolicima. ",0,"18,8546",5,{"$nulls":6},0,0,"'1224060742000"]
["POMAGALA ZA KRETANJE","Rezervni dijelovi za invalidska kolica",72,1576,"'122406074317","'1224060743005","Držač za štake  ,Ottobock SE & Co. KGaA ,Držač za štake, 481A53=SK018","Ottobock SE & Co. KGaA","Otto Bock Adria","18.03.2023",null,1,1,4,5,2,48,48,48,"NE",0,1,0,0,"kom",null,1,0,0,"102,314",0,0,null,1,1,0,"I","S","SP,LJ","Originalni dio prema kolicima. ",0,"19,4620",5,{"$nulls":6},0,0,"'1224060743000"]
["POMAGALA ZA KRETANJE","Rezervni dijelovi za invalidska kolica",72,1585,"'122430074409","'1224300744009","Remen za stopala  ,RvS Alvema ,original prema modelu","RvS Alvema","Karl Dietz","01.01.2023",null,1,1,4,5,2,24,24,24,"NE",0,1,0,0,"kom","do",2,0,0,"102,314",0,0,null,1,1,0,"I","S","SP,LJ","Tehnička tkanina, čičak traka. ",0,"13,9624",5,{"$nulls":6},0,0,"'1224300744000"]
["POMAGALA ZA KRETANJE","Rezervni dijelovi za invalidska kolica",72,1599,"'122430074610","'1224300746003","Upravljačka kutija za elektromotorna kolica ,Invacare ,rem 24sd","Invacare","Orto Rea","05.10.2023",null,1,1,4,9,3,0,24,24,"NE",0,1,0,0,"kom",null,1,0,0,"314,164",0,0,null,1,1,0,"I","S","SP,LJ","Originalni dio prema kolicima. ",0,"443,5535",5,{"$nulls":6},0,0,"'1224300746000"]
["POMAGALA ZA KRETANJE","Rezervni dijelovi za invalidska kolica",72,1611,"'122430072913","'1224300729015","Sigurnosni pojas  ,Foshan Dongfang Medical Equipment Manufactory ,original prema modelu","Foshan Dongfang Medical Equipment Manufactory","Arcus Vita","01.06.2024",null,1,1,"2,3,4",5,2,12,12,12,"NE",0,1,0,0,"kom",null,1,0,0,"314,102",0,0,null,1,1,0,"I","S","SP,LJ","Originalni dio prema kolicima. ",0,"10,4586",5,{"$nulls":6},0,0,"'1224300729000"]
["POMAGALA ZA KRETANJE","Rezervni dijelovi za invalidska kolica",72,1634,"'122421072219","'1224210722026","Puna guma prednja, kolica na ručni pogon  ,Vassilli ,Original prema modelu","Vassilli","Plasting ortopedija","18.03.2023",null,1,1,4,5,2,12,12,12,"NE",0,1,0,0,"kom","do",2,0,0,"102,314",0,0,null,1,1,0,"I","S","SP,LJ","Originalni dio prema kolicima. ",0,"17,6558",25,{"$nulls":6},0,0,"'1224210722000"]
["POMAGALA ZA KRETANJE","Rezervni dijelovi za invalidska kolica",72,1646,"'122406073715","'1224060737017","Naslon za leđa  ,Vassilli ,original prema modelu","Vassilli","Plasting ortopedija","18.03.2023",null,1,1,4,5,2,36,36,36,"NE",0,1,0,0,"kom",null,1,0,0,"102,314",0,0,null,1,1,0,"I","S","SP,LJ","Originalni dio prema kolicima. ",0,"44,7695",5,{"$nulls":6},0,0,"'1224060737000"]
["POMAGALA ZA KRETANJE","Rezervni dijelovi za invalidska kolica",72,1657,"'122421074004","'1224210740006","Puna guma zadnja, modularna dječja invalidska kolica za prilagodbu i pozicioniranje  ,Thomashilfen ,Puna guma zadnja, modularna dječja invalidska kolica za prilagodbu i pozicioniranje Easys","Thomashilfen","Plasting ortopedija","18.03.2023",null,1,1,4,5,2,0,18,0,"NE",0,1,0,0,"kom","do",2,0,0,"102,314",0,0,null,1,1,0,"I","S","SP,LJ","Originalni dio prema kolicima. ",0,"64,8001",25,{"$nulls":6},0,0,"'1224210740000"]
["POMAGALA ZA KRETANJE","Rezervni dijelovi za invalidska kolica",72,1668,"'122430072916","'1224300729018","Sigurnosni pojas  ,Ottobock SE & Co. KGaA ,original prema modelu Start M","Ottobock SE & Co. KGaA","Otto Bock Adria","01.01.2023",null,1,1,"2,3,4",5,2,12,12,12,"NE",0,1,0,0,"kom",null,1,0,0,"102,314",0,0,null,1,1,0,"I","S","SP,LJ","Originalni dio prema kolicima. ",0,"10,4586",5,{"$nulls":6},0,0,"'1224300729000"]
["POMAGALA ZA KRETANJE","Rezervni dijelovi za invalidska kolica",72,1676,"'122430074414","'1224300744016","Remen za stopala  ,Ottobock SE & Co. KGaA ,original prema modelu Start M","Ottobock SE & Co. KGaA","Otto Bock Adria","01.01.2023",null,1,1,4,5,2,24,24,24,"NE",0,1,0,0,"kom","do",2,0,0,"102,314",0,0,null,1,1,0,"I","S","SP,LJ","Tehnička tkanina, čičak traka. ",0,"13,9624",5,{"$nulls":6},0,0,"'1224300744000"]
["POMAGALA ZA KRETANJE","Rezervni dijelovi za invalidska kolica",72,1690,"'122421072117","'1224210721020","Zračnica prednja,  kolica na ručni pogon ,NEATECH S.R.L. ,Zračnica prednja,  kolica na ručni pogon, NEATECH S.R.L.","NEATECH S.R.L.","Ortho Medical Diffusion","01.01.2023",null,1,0,4,5,2,12,12,12,"NE",0,1,0,0,"kom","do",2,0,0,"314,102",0,0,null,1,0,0,"I","S","SP,LJ","Originalni dio prema kolicima. ",0,"2,9770",25,{"$nulls":6},0,0,"'1224210721000"]
["POMAGALA ZA KRETANJE","Rezervni dijelovi za invalidska kolica",72,1699,"'122421072118","'1224210721021","Zračnica prednja,  kolica na ručni pogon  ,Vassilli ,original prema modelu, Vario plus (za odrasle)","Vassilli","Plasting ortopedija","18.03.2023",null,1,1,4,5,2,12,12,12,"NE",0,1,0,0,"kom","do",2,0,0,"102,314",0,0,null,1,0,0,"I","S","SP,LJ","Originalni dio prema kolicima. ",0,"4,1678",25,{"$nulls":6},0,0,"'1224210721000"]
["POMAGALA ZA KRETANJE","Rezervni dijelovi za invalidska kolica",72,1712,"'122421072411","'1224210724012","Set guma za elektromotorna kolica  ,MDH sp.z.o.o. ,Set guma za elektromotorna kolica, Limber","MDH sp.z.o.o.","Plasting ortopedija","18.03.2023",null,1,1,4,9,3,12,12,12,"NE",0,1,0,0,"komplet",null,1,0,0,"102,314",0,0,null,1,0,0,"I","S","SP,LJ","Set guma. 4 gume i 4 zračnice.",0,"172,9909",25,{"$nulls":6},0,0,"'1224210724000"]
["POMAGALA ZA KRETANJE","Rezervni dijelovi za invalidska kolica",72,1734,"'122430073118","'1224300731018","Potporna i rasteretna pelota ,MDH sp.z.o.o. ,original prema modelu Junior/Junior Plus","MDH sp.z.o.o.","Plasting ortopedija","18.03.2023",null,1,1,"2,3,4",5,2,12,12,12,"NE",0,1,0,0,"kom","do",2,0,0,"162,314",0,0,null,1,0,0,"I","S","SP,LJ","Originalni dio prema kolicima. ",0,"55,2419",5,null,1,{"$nulls":4},0,0,"'1224300731000"]
["POMAGALA ZA KRETANJE","Rezervni dijelovi za invalidska kolica",72,1738,"'122430074416","'1224300744018","Remen za stopala  ,MDH sp.z.o.o. ,original prema modelu Junior/Junior Plus","MDH sp.z.o.o.","Plasting ortopedija","18.03.2023",null,1,1,4,5,2,24,24,24,"NE",0,1,0,0,"kom","do",2,0,0,"102,314",0,0,null,1,0,0,"I","S","SP,LJ","Tehnička tkanina, čičak traka. ",0,"19,5474",5,null,1,{"$nulls":4},0,0,"'1224300744000"]
["POMAGALA ZA KRETANJE","Rezervni dijelovi za invalidska kolica",72,1757,"'122406074221","'1224060742023","Sigurnosni kotač  ,MDH sp.z.o.o. ,original prema modelu, Solid Plus/Forte Plus/Cameleon","MDH sp.z.o.o.","Plasting ortopedija","18.03.2023",null,1,1,4,5,2,36,36,36,"NE",0,1,0,0,"kom",null,1,0,0,"102,314",0,0,null,1,0,0,"I","S","SP,LJ","Originalni dio prema kolicima. ",0,"26,3964",5,{"$nulls":6},0,0,"'1224060742000"]
["POMAGALA ZA KRETANJE","Rezervni dijelovi za invalidska kolica",72,1760,"'122410070102","'1224100701002","Akumulator za elektromotorna invalidska kolica s posebnim načinima upravljanja ,Meyra ,Akumulator za elektromotorna invalidska kolica pojačani","Meyra","Famax","05.01.2024",null,1,0,4,9,3,18,18,18,"NE",0,1,0,0,"kom","do",2,0,0,"314,102",0,0,null,1,0,0,"I","S","SP,LJ","Akumulator od 75 Ah hermetički zatvoren. ",0,"248,8600",25,{"$nulls":6},0,0,"'1224100701000"]
["POMAGALA ZA KRETANJE","Rezervni dijelovi za invalidska kolica",72,1776,"'122430074417","'1224300744019","Remen za stopala 102 ,Patron ,feet fixation","Patron","Orto Rea","19.03.2026",null,1,0,4,5,2,24,24,24,"NE",0,1,0,0,"kom","do",2,0,0,314,0,0,null,1,0,0,"I","S","SP,LJ","Tehnička tkanina, čičak traka. ",0,"13,9624",5,{"$nulls":6},0,0,"'1224300744000"]
["POMAGALA ZA KRETANJE","Antidekubitalna pomagala",73,1795,"'180942174706","'1809421747020","Antidekubitalni jastuk (punjen zrakom) ,Conform  ,SKN","Conform ","Karl Dietz","18.03.2023",null,1,1,"2,3,6",5,2,36,36,36,"NE",0,1,0,0,"kom",null,1,0,0,165,0,0,null,0,0,0,"I",null,"SP,LJ","Pregrade  punjene zrakom,  guma, tekstil, presvlaka s donjim protukliznim dijelom, više veličina i dvije visine.",0,"375,3772",5,{"$nulls":6},0,0,"'1809421747000"]
["POMAGALA ZA KRETANJE","Antidekubitalna pomagala",73,1799,"'180942174707","'1809421747024","Antidekubitalni jastuk (punjen zrakom) ,RICANT SCN ,RG/K.AIR 4540-06","RICANT SCN","Legadema;Arcus Vita","19.03.2026",null,1,1,"2,3,6",5,2,36,36,36,"NE",0,1,0,0,"kom",null,1,0,0,165,0,0,null,0,0,0,"I","S ","SP,LJ","Pregrade  punjene zrakom,  guma, tekstil, presvlaka s donjim protukliznim dijelom, više veličina i dvije visine.",0,"288,7517",5,{"$nulls":6},0,0,"'1809421747000"]
["POMAGALA ZA KRETANJE","Antidekubitalna pomagala",73,1817,"'180942174802","'1809421748014","Antidekubitalni jastuk (punjen gelom) ,Sunrise medical ,Jay Easy Visco","Sunrise medical","Bauerfeind","18.03.2023",null,1,1,"2,3,6",5,2,36,36,36,"NE",0,1,0,0,"kom",null,1,0,0,165,0,0,null,0,0,0,"I",null,"SP,LJ","Gornji dio polimerski gel, donji dio spužva  ili visokoelastična  ili termoaktivna pjena, presvlaka od tehničke tkanine s donjim protukliznim dijelom. ",0,"280,2452",5,{"$nulls":6},0,0,"'1809421748000"]
["POMAGALA ZA KRETANJE","Antidekubitalna pomagala",73,1834,"'181218175008","'1812181750021","Antidekubitalni madrac, debljine do 10 cm ,MDH sp.z.o.o. ,ANTI-BEDSORE ALTERNATING PRESSURE MATTRESS VCM 505","MDH sp.z.o.o.","PAR MAR; Nova ortopedija; Plasting ortopedija","18.03.2023",null,1,1,"2,3,6",5,2,36,36,36,"NE",0,1,0,0,"kom",null,1,0,0,167,0,0,null,0,0,0,"I","S","SP,Lj","Madrac sa ili bez kompresora. Pregrade punjene zrakom po cijeloj površini madraca. Guma, poliuretan. Visina do 10 cm. Dimenzije minimalno 180x80 cm. Ograničenje za težinu pacijenta do 100 kg. ",0,"254,5375",5,{"$nulls":6},0,0,"'1812181750000"]
["POMAGALA ZA KRETANJE","Antidekubitalna pomagala",73,1843,"'181218174909","'1812181749016","Antidekubitalni madrac, iznad 10 cm ,Foshan Hongfeng Co. , HF6005+HF608","Foshan Hongfeng Co.","Karl Dietz Kijevo","18.03.2023",null,1,0,"2,3,6",5,2,36,36,36,"NE",0,1,0,0,"kom",null,1,0,0,166,0,0,null,0,0,0,"I","S","SP,Lj","Madrac s kompresorom. Pregrade punjene zrakom po cijeloj površini madraca. Guma, poliuretan. Visina iznad 10 cm. Dimenzije minimalno 180x80 cm. Ograničenje za težinu pacijenta do 120 kg. Mogućnost izmjene ili popravak pregrada/ komora. ",0,"414,7760",5,{"$nulls":6},0,0,"'1812181749000"]
["POMAGALA KOD ŠEĆERNE BOLESTI","Potrošni materijal za inzulinsku pumpu",75,1857,"'032121080901","'0321210809005","Sustav za infuziju  inzulinske pumpe (igle i kateteri) ,Unomedical ,Medtronic Minimed Infusion Sets Paradigm Quick-set  MMT-396","Unomedical","MediLigo","01.01.2023",null,"12,13",1,14,"1a",0,3,3,3,"NE",0,7,0,0,"kom",null,30,0,0,"175,343",0,0,null,0,0,0,"IIb","S","SP,LJ","Plastične cijevi (kateteri) s kanilom od nehrđajućeg medicinskog čelika. Infuzijski setovi dužine do 110 cm i dužine kanila do 17 mm. Kateter iznutra polietilen, izvana poliuretan. CE certifikat.",0,"14,7893",5,{"$nulls":6},0,1,"'0321210809000"]
["POMAGALA KOD ŠEĆERNE BOLESTI","Potrošni materijal za inzulinsku pumpu",75,1865,"'032118081101","'0321180811003","Baterije za inzulinsku pumpu ,Energizer SA ,Medtronic MiniMed Insulin Pump Batteries  MMT 625EU 4AAA","Energizer SA","MediLigo","01.01.2023",null,"12,13",1,14,"1a",0,3,3,3,"NE",0,7,0,0,"paket",null,1,0,0,"343,175",0,0,null,0,0,0,null,"S","SP,LJ","Srebrni oksid, alkalne baterije. LR03 AAA ili 4AA alkalne baterije sa garancijom proizvođača da neće procuriti u inzulinsku pumpu.",0,"6,4304",5,{"$nulls":6},0,1,"'0321180811000"]
["POMAGALA KOD ŠEĆERNE BOLESTI","Potrošni materijal za inzulinsku pumpu",75,1880,"'032121080903","'0321210809024","Sustav za infuziju  inzulinske pumpe (igle i kateteri) ,Ypsomed ,Ypsomed   mylife™ YpsoPump® Orbit® micro komplet za infuziju 8,5mm/60cm","Ypsomed","Salvus","01.01.2023",null,"12,13",1,14,"1a",0,3,3,3,"NE",0,7,0,0,"kom",null,45,0,0,"343,330",0,0,null,0,0,0,"IIb","S","SP,LJ","Plastične cijevi (kateteri) s kanilom od nehrđajućeg medicinskog čelika. Infuzijski setovi dužine do 110 cm i dužine kanila do 17 mm. Kateter iznutra polietilen, izvana poliuretan, 48h. CE certifikat.",0,"10,1745",5,{"$nulls":6},0,1,"'0321210809000"]
["POMAGALA KOD ŠEĆERNE BOLESTI","Potrošni materijal za inzulinsku pumpu",75,1889,"'032121080904","'0321210809027","Sustav za infuziju  inzulinske pumpe (igle i kateteri) ,Unomedical ,MiniMedTM MioTM 30 Infusion sets","Unomedical","Mediligo","01.01.2023",null,"12,13",1,14,"1a",0,3,3,3,"NE",0,7,0,0,"kom",null,30,0,0,"175,343",0,0,null,0,0,0,"IIb","S","SP,LJ","Plastične cijevi (kateteri) s kanilom od nehrđajućeg medicinskog čelika. Infuzijski setovi dužine do 110 cm i dužine kanila do 17 mm. Kateter iznutra polietilen, izvana poliuretan. CE certifikat.",0,"14,7893",5,{"$nulls":6},0,1,"'0321210809000"]
["POMAGALA KOD ŠEĆERNE BOLESTI","Pomagala kod šećerne bolesti",137,1906,"'032118080201","'0321180802002","Inzulinski injektor za davanje inzulina ,Sanofi-Aventis Deutschland GmbH ,OptiPen Pro 1","Sanofi-Aventis Deutschland GmbH","Sanofi- Aventis","01.01.2023",null,1,1,14,"1a",0,36,36,36,"NE",0,7,0,0,"kom",null,1,0,0,169,0,0,null,0,0,0,"IIB","S","SP,LJ","Plastika, metal. Za davanje inzulina koji je pakiran u staklenom ulošku koji se umeće u injektor. Različiti oblici prema vrsti  inzulina koji se primjenjuje. CE certifikat.",0,"22,2072",5,{"$nulls":6},0,1,"'0321180802000"]
["POMAGALA KOD ŠEĆERNE BOLESTI","Pomagala kod šećerne bolesti",137,1912,"'032112080303","'0321120803004","Igle za injektor za terapiju šećerne bolesti ,Nipro Medical Industries Ltd.; Nipro (Thailand) Corporation Limited za Novo Nordisk A/S, Danska; Novo Nordisk A/S ,NovoFine 30G(0,30mm x 8 mm)","Nipro Medical Industries Ltd.; Nipro (Thailand) Corporation Limited za Novo Nordisk A/S, Danska; Novo Nordisk A/S","Novo Nordisk","29.01.2026",null,1,1,14,"1a",0,3,3,3,"NE",0,7,0,0,"kom","do",360,0,0,170,0,0,null,0,0,0,"IIa","S","SP,LJ","Tvrda plastika, igle različitih promjera: 28 G i više, odgovarajućih duljina. Medicinski nehrđajući čelik. Za davanje terapije kod šećerne bolesti putem injektora. CE certifikat.",0,"0,1009",5,{"$nulls":6},0,1,"'0321120803000"]
["POMAGALA KOD ŠEĆERNE BOLESTI","Pomagala kod šećerne bolesti",137,1928,"'032412080518","'0324120805031","Set za brzo očitavanje koncentracije šećera u krvi ,Philosys Co ,Gmate Wheel blood glucose monitoring system","Philosys Co","DE Medicus","01.01.2023",null,"12,13,14",1,14,"1a",0,60,60,60,"NE",0,7,0,0,"kom",null,1,0,0,172,0,0,null,0,0,0,"IVD","S","SP,LJ","Baterijski elektronički uređaj za mjerenje glukoze u krvi - 1 uređaj odobrava se na period od 5 godine. Mjerne jedinice - mmol, tvornički blokirano, bez mogućnosti promjene od strane korisnika. Automatsko uvlačenje uzorka, osim kod fotometrijske metode. Automatska detekcija nedostatnog volumena uzorka. Kalibracija - plazma. Postotak pogreške pri mjerenju u skladu s FDA, ISO, CE standardima. Potrebna količina krvi za test do 1,5 µL, brzina mjerenja ne duža od 10 s, minimalni broj podataka u memoriji 300, startni lancetar obavezan, raspon mjerenja 1,1 do 27,8 mmol/l, oznaka za niski i visoki GUK, traka u uređaju u trenutku mjerenja. CE certifikat.",0,"0,0916",5,{"$nulls":6},0,1,"'0324120805000"]
["POMAGALA KOD ŠEĆERNE BOLESTI","Pomagala kod šećerne bolesti",137,1943,"'032412080714","'0324120807023","Dijagnostičke trakice za mjerenje glukoze u krvi uređajem ,Abbott Diabetes Care ,FreeStyle Optium test trake za mjerenje glukoze u krvi a10, a25, a50, a100","Abbott Diabetes Care","Abbott laboratories","01.01.2023",null,1,1,14,"1a",0,3,3,3,"NE",0,7,0,0,"kom","do",375,0,0,174,0,0,null,0,0,0,"IVD","S","SP,LJ","Plastika, elektroda ili fotometrijski film/indikator. CE certifikat.",0,"0,2639",5,{"$nulls":6},0,1,"'0324120807000"]
["POMAGALA KOD ŠEĆERNE BOLESTI","Pomagala kod šećerne bolesti",137,1950,"'032412080723","'0324120807035","Dijagnostičke trakice za mjerenje glukoze u krvi uređajem ,Medisana AG ,MediTouch Test Strips","Medisana AG","GOLIA","01.01.2023",null,1,1,14,"1a",0,3,3,3,"NE",0,7,0,0,"kom","do",375,0,0,174,0,0,null,0,0,0,"IVD","S","SP,LJ","Plastika, elektroda ili fotometrijski film/indikator. CE certifikat.",0,"0,2880",5,{"$nulls":6},0,1,"'0324120807000"]
["POMAGALA KOD ŠEĆERNE BOLESTI","Pomagala kod šećerne bolesti",137,1966,"'032112080812","'0321120808014","Lancete za vađenje krvi iz prsta za kontrolu glukoze u krvi ,BIONIME ,BIONIME RIGHTEST STERILNE LANCETE","BIONIME","Salvus","01.01.2023",null,1,1,14,"1a",0,3,3,3,"NE",0,7,0,0,"kom","do",375,0,0,174,0,0,null,0,0,0,"IIa","S","SP,LJ","Plastična ovojnica i kapica oko metalne igle za lancetar.  Dubina igala G26-G30. CE certifikat.",0,"0,0504",5,{"$nulls":6},0,1,"'0321120808000"]
["POMAGALA KOD ŠEĆERNE BOLESTI","Pomagala kod šećerne bolesti",137,1972,"'032112080821","'0321120808023","Lancete za vađenje krvi iz prsta za kontrolu glukoze u krvi ,HTL-Strefa S.A. ,Glucoject lancetes PLUS","HTL-Strefa S.A.","A.Menarini Dijagnostika Hrvatska","01.01.2023",null,1,1,14,"1a",0,3,3,3,"NE",0,7,0,0,"kom","do",375,0,0,174,0,0,null,0,0,0,"IIa","S","SP,LJ","Plastična ovojnica i kapica oko metalne igle za lancetar.  Dubina igala G26-G30. CE certifikat.",0,"0,0504",5,{"$nulls":6},0,1,"'0321120808000"]
["POMAGALA KOD ŠEĆERNE BOLESTI","Pomagala kod šećerne bolesti",137,1989,"'032112080301","'0321120803045","Igle za injektor za terapiju šećerne bolesti ,FEEL TECH BIO CO. Ltd. ,Feel Fine 32G (0,23mm x 4mm)","FEEL TECH BIO CO. Ltd.","Bauerfeind","01.06.2024",null,1,1,14,"1a",0,3,3,3,"NE",0,7,0,0,"kom","do",360,0,0,170,0,0,null,0,0,0,"IIa","S","SP,LJ","Tvrda plastika, igle različitih promjera: 28 G i više, odgovarajućih duljina. Medicinski nehrđajući čelik. Za davanje terapije kod šećerne bolesti putem injektora. CE certifikat.",0,"0,1009",5,{"$nulls":6},0,1,"'0321120803000"]
["POMAGALA KOD ŠEĆERNE BOLESTI","Pomagala kod šećerne bolesti",137,1998,"'032112080304","'0321120803057","Igle za injektor za terapiju šećerne bolesti ,Artsana S.p.A. ,INSUPEN PIC 32G(0,23mm x 4mm)","Artsana S.p.A.","Golia","01.06.2024",null,1,1,14,"1a",0,3,3,3,"NE",0,7,0,0,"kom","do",360,0,0,170,0,0,null,0,0,0,"IIa","S","SP,LJ","Tvrda plastika, igle različitih promjera: 28 G i više, odgovarajućih duljina. Medicinski nehrđajući čelik. Za davanje terapije kod šećerne bolesti putem injektora. CE certifikat.",0,"0,1009",5,{"$nulls":6},0,1,"'0321120803000"]
["POMAGALA KOD ŠEĆERNE BOLESTI","Pomagala kod šećerne bolesti",137,2012,"'032412080802","'0324120807090","Dijagnostičke trakice za mjerenje ketona u krvi uređajem ,Med Trust ,Wellion GALILEO KET test strips","Med Trust","Med Trust","01.01.2023",null,1,1,14,"1a",0,12,12,0,"NE",0,7,0,0,"kom","do",50,0,0,"174a",0,"032412080733",null,0,0,0,"IVD","S","SP,LJ","Plastika, elektroda. CE certifikat.",1,"0,3252",5,{"$nulls":6},0,1,"'0324120807000"]
["POMAGALA KOD ŠEĆERNE BOLESTI","Pomagala kod šećerne bolesti",137,2033,"'032112080311","'0321120803075","Igle za injektor za terapiju šećerne bolesti ,Ayset Tibbi Urunler San A.S. ,Ayset Fine 31G (0,25mm x 6mm)","Ayset Tibbi Urunler San A.S.","Medicline","01.06.2024",null,1,1,14,"1a",0,3,3,3,"NE",0,7,0,0,"kom","do",360,0,0,170,0,0,null,0,0,0,"IIa","S","SP,LJ","Tvrda plastika, igle različitih promjera: 28 G i više, odgovarajućih duljina. Medicinski nehrđajući čelik. Za davanje terapije kod šećerne bolesti putem injektora. CE certifikat.",0,"0,1009",5,{"$nulls":6},0,1,"'0321120803000"]
["POMAGALA KOD ŠEĆERNE BOLESTI","Pomagala kod šećerne bolesti",137,2043,"'032112080312","'0321120803082","Igle za injektor za terapiju šećerne bolesti ,MedExel Co. , Wellfine 31G (0,25mm x 8mm)","MedExel Co.","Karl Dietz","01.06.2024",null,1,1,14,"1a",0,3,3,3,"NE",0,7,0,0,"kom","do",360,0,0,170,0,0,null,0,0,0,"IIa","S","SP,LJ","Tvrda plastika, igle različitih promjera: 28 G i više, odgovarajućih duljina. Medicinski nehrđajući čelik. Za davanje terapije kod šećerne bolesti putem injektora. CE certifikat.",0,"0,1009",5,null,1,{"$nulls":4},0,1,"'0321120803000"]
["POMAGALA KOD ŠEĆERNE BOLESTI","Pomagala kod šećerne bolesti",137,2055,"'032112080824","'0321120808051","Lancete za vađenje krvi iz prsta za kontrolu glukoze u krvi ,Tianjin Huahong Technology Co. , Sterile Lancetes CareSensTM 30G","Tianjin Huahong Technology Co.","Karl Dietz","01.01.2023",null,1,0,14,"1a",0,3,3,3,"NE",0,7,0,0,"kom","do",375,0,0,174,0,0,null,0,0,0,"IIa","S","SP,LJ","Plastična ovojnica i kapica oko metalne igle za lancetar.  Dubina igala G26-G30. CE certifikat.",0,"0,0504",5,{"$nulls":6},0,1,"'0321120808000"]
["POMAGALA KOD ŠEĆERNE BOLESTI","Pomagala kod šećerne bolesti",137,2066,"'032412080543","'0324120805203","Set za brzo očitavanje koncentracije šećera u krvi ,Cofoe Medical Technology Co.Ltd ,KF-A04-C","Cofoe Medical Technology Co.Ltd","Egeria","22.02.2024",null,"12,13,14",1,14,"1a",0,60,60,60,"NE",0,7,0,0,"kom",null,1,0,0,172,0,0,null,0,0,0,"IVD","S","SP,LJ","Baterijski elektronički uređaj za mjerenje glukoze u krvi - 1 uređaj odobrava se na period od 5 godine. Mjerne jedinice - mmol, tvornički blokirano, bez mogućnosti promjene od strane korisnika. Automatsko uvlačenje uzorka, osim kod fotometrijske metode. Automatska detekcija nedostatnog volumena uzorka. Kalibracija - plazma. Postotak pogreške pri mjerenju u skladu s FDA, ISO, CE standardima. Potrebna količina krvi za test do 1,5 µL, brzina mjerenja ne duža od 10 s, minimalni broj podataka u memoriji 300, startni lancetar obavezan, raspon mjerenja 1,1 do 27,8 mmol/l, oznaka za niski i visoki GUK, traka u uređaju u trenutku mjerenja. CE certifikat.",0,"0,0870",5,{"$nulls":6},0,1,"'0324120805000"]
["POMAGALA KOD ŠEĆERNE BOLESTI","Pomagala kod šećerne bolesti",137,2077,"'032412080743","'0324120807101","Dijagnostičke trakice za mjerenje glukoze u krvi uređajem ,Med Trust ,Wellion NEWTON GDH-FAD test strips","Med Trust","Med Trust","02.09.2024",null,1,0,14,"1a",0,3,3,3,"NE",0,7,0,0,"kom","do",375,0,0,174,0,0,null,0,0,0,"IVD","S","SP,LJ","Plastika, elektroda ili fotometrijski film/indikator. CE certifikat.",0,"0,2382",5,{"$nulls":6},0,1,"'0324120807000"]
["POMAGALA KOD ŠEĆERNE BOLESTI","Pomagala kod šećerne bolesti",137,2089,"'032112080313","'0321120803091","Igle za injektor za terapiju šećerne bolesti ,Sandstone Medical  (Suzhou) Inc , ApWell IzyPin Plus 31G (0,25mm x 6mm)","Sandstone Medical  (Suzhou) Inc","Salvus","23.10.2025",null,1,0,14,"1a",0,3,3,3,"NE",0,7,0,0,"kom","do",360,0,0,170,0,0,null,0,0,0,"IIa","S","SP,LJ","Tvrda plastika, igle različitih promjera: 28 G i više, odgovarajućih duljina. Medicinski nehrđajući čelik. Za davanje terapije kod šećerne bolesti putem injektora. CE certifikat.",0,"0,0908",5,{"$nulls":6},0,1,"'0321120803000"]
["POMAGALA KOD ŠEĆERNE BOLESTI","Inzulinske pumpe bez katetera",176,2103,"'041924021203","'0419240212003","Uređaj Patch za isporuku inzulina, s automatskim umetanjem kanile, potpuno sklopljen (spremnik za inzulin, infuzijski set i mehanizam za isporuku u jednoj cjelini) ,Medtrum Technologies Inc. ,Medtrum TouchCare A8 NANO Rezervoar Patch","Medtrum Technologies Inc.","Bauerfiend","17.07.2025",null,"32,31",1,14,"1a",0,0,0,3,"NE",0,7,0,0,"kom","do",30,0,0,"343,375",0,0,null,0,0,0,"IIb","S","SP,LJ","Uređaj Patch za isporuku inzulina bez katetera. U spoju s Bazom pumpe vodootporan IP28. Za kontinuirano trodnevno nošenje. Sadrži spremnik za inzulin, infuzijski set i mehanizam za isporuku. Minimalno povećanje bazalne doze i doze bolusa 0,05 jedinica. Generira sigurnosna zvučna upozorenja opasnosti za prazan spremnik, okluziju, istek Patcha, automatsko isključivanje i pogrešku uređaja Patch. CE certifikat. U godini ostvarivanja prava na Sustav za upravljanje isporukom inzulina  osigurana osoba ostvaruje pravo na još 90 uređaja Patch (30 uređaja Patch sadržano u startnom setu), a nadalje 120 uređaja godišnje. ",0,"23,1548",5,null,null,"30,3603",null,"7,2055",null,1,1,"'0419240212000"]
["POMAGALA ZA PROBAVNI SUSTAV, STOMA POMAGALA","Pomagala za osobe sa stomom- JEDNODJELNI SUSTAVI",77,2112,"'091804090201","'0918040902001","Pedijatrijski jednodjelni sustav za kolostomu ,Coloplast A/S ,ALTERNA Children Range one piece bags closed(080050)","Coloplast A/S","Medikal Lux","23.02.2023",null,"7,6",1,14,"1a",0,3,3,0,"NE",0,1,0,0,"kom","do",180,0,0,"177,344",0,0,null,0,0,0,"I","S","SP,LJ","Višeslojni PVC materijal. Zatvorena samoljepiva vrećica za izmet s mikroporoznom zaštitnom tkaninom uz tijelo, u boji kože ili prozirna, s filterom ili bez filtera. ",0,"2,4800",5,{"$nulls":6},0,1,"'0918040902000"]
["POMAGALA ZA PROBAVNI SUSTAV, STOMA POMAGALA","Pomagala za osobe sa stomom- JEDNODJELNI SUSTAVI",77,2125,"'091804090502","'0918040905004","Jednodjelni sustav za urostomu ,Coloplast A/S ,SENSURA 1-PC urostomy bags  118040","Coloplast A/S","Medikal Lux","23.02.2023",null,"6,17",1,14,"1a",0,0,3,3,"NE",0,1,0,0,"kom","do",180,0,0,"180,344",0,0,null,0,0,0,"I","S","SP,LJ","Višeslojni PVC materijal. Samoljepiva vrećica sa ispustom, s mikroporoznom zaštitnom tkaninom uz tijelo, u boji kože ili prozirna, s filterom ili bez filtera. S nepovratnom refluksnom bakterijskom branom. ",0,"2,9688",5,{"$nulls":6},0,1,"'0918040905000"]
["POMAGALA ZA PROBAVNI SUSTAV, STOMA POMAGALA","Pomagala za osobe sa stomom- JEDNODJELNI SUSTAVI",77,2135,"'091804090303","'0918040903007","Jednodjelni sustav za ileostomu ,OxMed International GmbH ,ZenSiv 1-p ileostomy beige window filter øcut to fit (D1NB10)","OxMed International GmbH","Medicline","23.02.2023",null,6,1,14,"1a",0,0,3,3,"NE",0,1,0,0,"kom","do",180,0,0,"178,344",0,0,null,0,0,0,"I","S","SP,LJ","Višeslojni PVC materijal. Otvorena samoljepiva vrećica za izmet s mikroporoznom zaštitnom tkaninom uz tijelo, u boji kože ili prozirna, s filterom ili bez filtera. ",0,"2,0848",5,null,1,{"$nulls":4},0,1,"'0918040903000"]
["POMAGALA ZA PROBAVNI SUSTAV, STOMA POMAGALA","Pomagala za osobe sa stomom- JEDNODJELNI SUSTAVI",77,2147,"'091804090304","'0918040903011","Jednodjelni sustav za ileostomu ,Lentismed , LENTELL ileoTouch L (201108)","Lentismed","Lentismed","05.10.2023",null,6,1,14,"1a",0,0,3,3,"NE",0,1,0,0,"kom","do",180,0,0,"344,178",0,0,null,0,0,0,"I","S","SP,LJ","Višeslojni PVC materijal. Otvorena samoljepiva vrećica za izmet s mikroporoznom zaštitnom tkaninom uz tijelo, u boji kože ili prozirna, s filterom ili bez filtera. ",0,"2,0848",5,{"$nulls":6},0,1,"'0918040903000"]
["POMAGALA ZA PROBAVNI SUSTAV, STOMA POMAGALA","Pomagala za osobe sa stomom- DVODIJELNI SUSTAVI",78,2166,"'091805090701","'0918050907010","Vrećice za kolostomu (dvodjelni sustav) ,ConvaTec ,Combihesive 2S Closed Pouch, Filter 70mm","ConvaTec","Stoma Medical","23.02.2023",null,6,1,14,"1a",0,0,3,3,"NE",0,1,0,0,"kom","do",180,0,0,"176,344",0,0,null,0,0,0,"I","S","SP,LJ","Višeslojni PVC materijal. Zatvorena vrećica za izmet s mikroporoznom zaštitnom tkaninom uz tijelo, u boji kože ili prozirna, s filterom ili bez filtera. Spoj s prstenom. Mogućnost prilagodbe baznih pločica. ",0,"1,1165",5,{"$nulls":6},0,1,"'0918050907000"]
["POMAGALA ZA PROBAVNI SUSTAV, STOMA POMAGALA","Pomagala za osobe sa stomom- DVODIJELNI SUSTAVI",78,2182,"'091805090701","'0918050907026","Vrećice za kolostomu (dvodjelni sustav) ,ConvaTec ,Natura Closed  Mini Pouch, Filter 45mm","ConvaTec","Stoma Medical","23.02.2023",null,6,1,14,"1a",0,0,3,3,"NE",0,1,0,0,"kom","do",180,0,0,"176,344",0,0,null,0,0,0,"I","S","SP,LJ","Višeslojni PVC materijal. Zatvorena vrećica za izmet s mikroporoznom zaštitnom tkaninom uz tijelo, u boji kože ili prozirna, s filterom ili bez filtera. Spoj s prstenom. Mogućnost prilagodbe baznih pločica. ",0,"1,1165",5,{"$nulls":6},0,1,"'0918050907000"]
["POMAGALA ZA PROBAVNI SUSTAV, STOMA POMAGALA","Pomagala za osobe sa stomom- DVODIJELNI SUSTAVI",78,2189,"'091805090702","'0918050907033","Vrećice za kolostomu (dvodjelni sustav) ,Coloplast A/S ,ALTERNA FREE two-piece colostomy bags  464680","Coloplast A/S","Medikal Lux","23.02.2023",null,6,1,14,"1a",0,0,3,3,"NE",0,1,0,0,"kom","do",180,0,0,"176,344",0,0,null,0,0,0,"I","S","SP,LJ","Višeslojni PVC materijal. Zatvorena vrećica za izmet s mikroporoznom zaštitnom tkaninom uz tijelo, u boji kože ili prozirna, s filterom ili bez filtera. Spoj s prstenom. Mogućnost prilagodbe baznih pločica. ",0,"1,1165",5,{"$nulls":6},0,1,"'0918050907000"]
["POMAGALA ZA PROBAVNI SUSTAV, STOMA POMAGALA","Pomagala za osobe sa stomom- DVODIJELNI SUSTAVI",78,2208,"'091805091001","'0918050910010","Vrećice za ileostomu (dvodjelni sustav) ,ConvaTec ,Natura Draianble Pouch, Clip 70mm","ConvaTec","Stoma Medical","23.02.2023",null,6,1,14,"1a",0,0,3,3,"NE",0,1,0,0,"kom","do",60,0,0,"178,344",0,0,null,0,0,0,"I","S","SP,LJ","Višeslojni PVC materijal. Otvorena  vrećica za izmet s mikroporoznom zaštitnom tkaninom uz tijelo, u boji kože ili prozirna, s filterom ili bez filtera. S prstenom. ",0,"1,9908",5,{"$nulls":6},0,1,"'0918050910000"]
["POMAGALA ZA PROBAVNI SUSTAV, STOMA POMAGALA","Pomagala za osobe sa stomom- DVODIJELNI SUSTAVI",78,2212,"'091805091001","'0918050910014","Vrećice za ileostomu (dvodjelni sustav) ,ConvaTec ,Natura Draianble Pouch,Filter, Clip 57mm","ConvaTec","Stoma Medical","23.02.2023",null,6,1,14,"1a",0,0,3,3,"NE",0,1,0,0,"kom","do",60,0,0,"178,344",0,0,null,0,0,0,"I","S","SP,LJ","Višeslojni PVC materijal. Otvorena  vrećica za izmet s mikroporoznom zaštitnom tkaninom uz tijelo, u boji kože ili prozirna, s filterom ili bez filtera. S prstenom. ",0,"1,9908",5,{"$nulls":6},0,1,"'0918050910000"]
["POMAGALA ZA PROBAVNI SUSTAV, STOMA POMAGALA","Pomagala za osobe sa stomom- DVODIJELNI SUSTAVI",78,2233,"'091805091202","'0918050912005","Vrećice za ileostomu (pedijatrijski dvodjelni sustav) ,Coloplast A/S ,ALTERNA  Children Range two piece bags, open(017810)","Coloplast A/S","Medikal Lux","01.01.2023",null,"6,7",1,14,"1a",0,3,3,0,"NE",0,1,0,0,"kom","do",60,0,0,"344,179",0,0,null,0,0,0,"I","S","SP,LJ","Višeslojni PVC materijal. Otvorena  vrećica za izmet s mikroporoznom zaštitnom tkaninom uz tijelo, u boji kože ili prozirna, s filterom ili bez filtera. S prstenom. ",0,"2,1196",5,{"$nulls":6},0,1,"'0918050912000"]
["POMAGALA ZA PROBAVNI SUSTAV, STOMA POMAGALA","Pomagala za osobe sa stomom- DVODIJELNI SUSTAVI",78,2245,"'091805091301","'0918050913012","Vrećice za urostomu (dvodjelni sustav) ,ConvaTec ,Natura Urostomy Mini Pouch, FUT  32mm","ConvaTec","Stoma Medical","23.02.2023",null,"6,17",1,14,"1a",0,0,3,3,"NE",0,1,0,0,"kom","do",60,0,0,"180,344",0,0,null,0,0,0,"I","S","SP,LJ","Višeslojni PVC materijal. Vrećica s ispustom, s mikroporoznom zaštitnom tkaninom uz tijelo, u boji kože ili prozirna, s filterom ili bez filtera. S nepovratnom refluksnom bakterijskom branom. ",0,"2,6231",5,{"$nulls":6},0,1,"'0918050913000"]
["POMAGALA ZA PROBAVNI SUSTAV, STOMA POMAGALA","Pomagala za osobe sa stomom- DVODIJELNI SUSTAVI",78,2256,"'091805091302","'0918050913023","Vrećice za urostomu (dvodjelni sustav) ,Coloplast A/S ,SENSURA 2-PC URO  118450","Coloplast A/S","Medikal Lux","01.04.2024",null,"6,17",1,14,"1a",0,0,3,3,"NE",0,1,0,0,"kom","do",60,0,0,"344,180",0,0,null,0,0,0,"I","S","SP,LJ","Višeslojni PVC materijal. Vrećica s ispustom, s mikroporoznom zaštitnom tkaninom uz tijelo, u boji kože ili prozirna, s filterom ili bez filtera. S nepovratnom refluksnom bakterijskom branom. ",0,"2,5435",5,{"$nulls":6},0,1,"'0918050913000"]
["POMAGALA ZA PROBAVNI SUSTAV, STOMA POMAGALA","Pomagala za osobe sa stomom- DVODIJELNI SUSTAVI",78,2271,"'091812091501","'0918120915008","Podložne pločice standardne ili fleksibilne ,ConvaTec ,Combihesive 2S Flexible Wafer  70mm","ConvaTec","Stoma Medical","23.02.2023",null,"7,6,17",1,14,"1a",0,0,3,3,"NE",0,1,0,0,"kom","do",60,0,0,"176,178,180,344",0,0,null,0,0,0,"I","S","SP,LJ","Višekomponentni ljepljivi materijal s prstenom. S ili bez mikropore ruba za izrezivanje otvora za stomu. ",0,"2,7840",5,{"$nulls":6},0,1,"'0918120915000"]
["POMAGALA ZA PROBAVNI SUSTAV, STOMA POMAGALA","Pomagala za osobe sa stomom- DVODIJELNI SUSTAVI",78,2279,"'091812091501","'0918120915016","Podložne pločice standardne ili fleksibilne ,ConvaTec ,Natura Wafer Stomahesive  32mm","ConvaTec","Stoma Medical","23.02.2023",null,"7,6,17",1,14,"1a",0,0,3,3,"NE",0,1,0,0,"kom","do",60,0,0,"176,178,180,344",0,0,null,0,0,0,"I","S","SP,LJ","Višekomponentni ljepljivi materijal s prstenom. S ili bez mikropore ruba za izrezivanje otvora za stomu. ",0,"2,7840",5,{"$nulls":6},0,1,"'0918120915000"]
["POMAGALA ZA PROBAVNI SUSTAV, STOMA POMAGALA","Pomagala za osobe sa stomom- DVODIJELNI SUSTAVI",78,2293,"'091812091501","'0918120915030","Podložne pločice standardne ili fleksibilne ,ConvaTec ,Natura Wafer, Durahesive 70mm","ConvaTec","Stoma Medical","23.02.2023",null,"7,6,17",1,14,"1a",0,0,3,3,"NE",0,1,0,0,"kom","do",60,0,0,"176,178,180,344",0,0,null,0,0,0,"I","S","SP,LJ","Višekomponentni ljepljivi materijal s prstenom. S ili bez mikropore ruba za izrezivanje otvora za stomu. ",0,"2,7840",5,{"$nulls":6},0,1,"'0918120915000"]
["POMAGALA ZA PROBAVNI SUSTAV, STOMA POMAGALA","Pomagala za osobe sa stomom- DVODIJELNI SUSTAVI",78,2302,"'091812091502","'0918120915039","Podložne pločice standardne ili fleksibilne ,Coloplast A/S ,SENSURA baseplates  100410","Coloplast A/S","Medikal Lux","23.02.2023",null,"7,6,17",1,14,"1a",0,0,3,3,"NE",0,1,0,0,"kom","do",60,0,0,"176,178,180,344",0,0,null,0,0,0,"I","S","SP,LJ","Višekomponentni ljepljivi materijal s prstenom. S ili bez mikropore ruba za izrezivanje otvora za stomu. ",0,"2,7840",5,{"$nulls":6},0,1,"'0918120915000"]
["POMAGALA ZA PROBAVNI SUSTAV, STOMA POMAGALA","Pomagala za osobe sa stomom- DVODIJELNI SUSTAVI",78,2315,"'091812091502","'0918120915052","Podložne pločice standardne ili fleksibilne ,Coloplast A/S ,ALTERNA Extra 028310","Coloplast A/S","Medikal Lux","23.02.2023",null,"7,6,17",1,14,"1a",0,0,3,3,"NE",0,1,0,0,"kom","do",60,0,0,"176,178,180,344",0,0,null,0,0,0,"I","S","SP,LJ","Višekomponentni ljepljivi materijal s prstenom. S ili bez mikropore ruba za izrezivanje otvora za stomu. ",0,"2,7840",5,{"$nulls":6},0,1,"'0918120915000"]
["POMAGALA ZA PROBAVNI SUSTAV, STOMA POMAGALA","Pomagala za osobe sa stomom- DVODIJELNI SUSTAVI",78,2333,"'091812091601","'0918120916012","Modelirajuća podložna pločica ,ConvaTec ,Natura Durahesive Moldable Flexible Hydrocolloid Wafer  33-45/57mm","ConvaTec","Stoma Medical","23.02.2023",null,"7,6,17",1,14,"1a",0,3,3,3,"NE",0,1,0,0,"kom","do",60,0,0,"183,344",0,0,null,0,0,0,"I","S","SP,LJ","Višekomponentni ljepljivi materijal s prstenom. Otvor za stomu modelira se prstima prema veličini stome. Samoprilagodljiva. ",0,"5,1508",5,{"$nulls":6},0,1,"'0918120916000"]
["POMAGALA ZA PROBAVNI SUSTAV, STOMA POMAGALA","Pomagala za osobe sa stomom- DVODIJELNI SUSTAVI",78,2337,"'091812091701","'0918120917003","Podložne pločice spoj bez prstena ,ConvaTec ,Esteem Synergy Moldable Skin Barrier","ConvaTec","Stoma Medical","23.02.2023",null,"6,17",1,14,"1a",0,3,3,3,"NE",0,1,0,0,"kom","do",60,0,0,"184,344",0,0,null,0,0,0,"I","S","SP,LJ","Višekomponentni ljepljivi materijal bez prstena. Sa ili bez mikropore ruba za izrezivanje otvora za stomu. ",0,"5,4374",5,{"$nulls":6},0,1,"'0918120917000"]
["POMAGALA ZA PROBAVNI SUSTAV, STOMA POMAGALA","Pomagala za osobe sa stomom- DVODIJELNI SUSTAVI",78,2356,"'091805091003","'0918050910029","Vrećice za ileostomu (dvodjelni sustav) ,OxMed International GmbH ,ZenSiv 2-p ileostomy beige window filter 40 ring (D2B4)","OxMed International GmbH","Medicline","23.02.2023",null,6,1,14,"1a",0,0,3,3,"NE",0,1,0,0,"kom","do",60,0,0,"178,344",0,0,null,0,0,0,"I","S","SP,LJ","Višeslojni PVC materijal. Otvorena  vrećica za izmet s mikroporoznom zaštitnom tkaninom uz tijelo, u boji kože ili prozirna, s filterom ili bez filtera. S prstenom. ",0,"1,9288",5,null,1,{"$nulls":4},0,1,"'0918050910000"]
["POMAGALA ZA PROBAVNI SUSTAV, STOMA POMAGALA","Pomagala za osobe sa stomom- DVODIJELNI SUSTAVI",78,2363,"'091805091303","'0918050913028","Vrećice za urostomu (dvodjelni sustav) ,OxMed International GmbH ,ZenSiv 2-p urostomy beige window flex tap 40 ring (U2B4F)","OxMed International GmbH","Medicline","23.02.2023",null,"6,17",1,14,"1a",0,0,3,3,"NE",0,1,0,0,"kom","do",60,0,0,"180,344",0,0,null,0,0,0,"I","S","SP,LJ","Višeslojni PVC materijal. Vrećica s ispustom, s mikroporoznom zaštitnom tkaninom uz tijelo, u boji kože ili prozirna, s filterom ili bez filtera. S nepovratnom refluksnom bakterijskom branom. ",0,"2,5435",5,null,1,{"$nulls":4},0,1,"'0918050913000"]
["POMAGALA ZA PROBAVNI SUSTAV, STOMA POMAGALA","Pomagala za osobe sa stomom- DVODIJELNI SUSTAVI",78,2379,"'091805090704","'0918050907045","Vrećice za kolostomu (dvodjelni sustav) ,Lentismed , LENTELL colobag II L (201105)","Lentismed","Lentismed","05.10.2023",null,6,1,14,"1a",0,0,3,3,"NE",0,1,0,0,"kom","do",180,0,0,"344,176",0,0,null,0,0,0,"I","S","SP,LJ","Višeslojni PVC materijal. Zatvorena vrećica za izmet s mikroporoznom zaštitnom tkaninom uz tijelo, u boji kože ili prozirna, s filterom ili bez filtera. Spoj s prstenom. Mogućnost prilagodbe baznih pločica. ",0,"1,0814",5,{"$nulls":6},0,1,"'0918050907000"]
["POMAGALA ZA PROBAVNI SUSTAV, STOMA POMAGALA","Pomagala za osobe sa stomom- DVODIJELNI SUSTAVI",78,2385,"'091805091004","'0918050910037","Vrećice za ileostomu (dvodjelni sustav) ,Lentismed , LENTELL ileobag II L (201111)","Lentismed","Lentismed","05.10.2023",null,6,1,14,"1a",0,0,3,3,"NE",0,1,0,0,"kom","do",60,0,0,"344,178",0,0,null,0,0,0,"I","S","SP,LJ","Višeslojni PVC materijal. Otvorena  vrećica za izmet s mikroporoznom zaštitnom tkaninom uz tijelo, u boji kože ili prozirna, s filterom ili bez filtera. S prstenom. ",0,"1,9288",5,{"$nulls":6},0,1,"'0918050910000"]
["POMAGALA ZA PROBAVNI SUSTAV, STOMA POMAGALA","Pomagala za osobe sa stomom- DVODIJELNI SUSTAVI",78,2402,"'091812091904","'0918120919008","Stoma zatvarač s filterom za kolostomu i ileostomu ,Lentismed ,LENTELL ostozip I mini (201125)","Lentismed","Lentismed","05.10.2023",null,"6,7",1,14,"1a",0,3,3,3,"NE",0,1,0,0,"kom","do",180,0,0,"344,178,176",0,0,null,0,0,0,"I","S","SP,LJ","Samoljepiv ili s prstenom. ",0,"1,3379",5,{"$nulls":6},0,1,"'0918120919000"]
["POMAGALA ZA PROBAVNI SUSTAV, STOMA POMAGALA","Pomagala za osobe sa stomom- DVODIJELNI SUSTAVI",78,2420,"'091812091503","'0918120915076","Podložne pločice standardne ili fleksibilne ,OxMed International GmbH ,ZenSiv 2-p plaster baseplate normal 50 ring cut to fit (B2P510)","OxMed International GmbH","Medicline","23.02.2023",null,"7,6,17",1,14,"1a",0,0,3,3,"NE",0,1,0,0,"kom","do",60,0,0,"176,178,180,344",0,0,null,0,0,0,"I","S","SP,LJ","Višekomponentni ljepljivi materijal s prstenom. S ili bez mikropore ruba za izrezivanje otvora za stomu. ",0,"2,6996",5,{"$nulls":6},0,1,"'0918120915000"]
["POMAGALA ZA PROBAVNI SUSTAV, STOMA POMAGALA","Pomagala za osobe sa stomom- DVODIJELNI SUSTAVI",78,2433,"'091812101201","'0918121012001","Podložna pločica sa rastezljivom spojnicom, konveksna ,ConvaTec ,Natura Durahesive Convex Accordion Wafer 45mm","ConvaTec","Stoma Medical","29.05.2025",null,"6,7,17",1,14,"1a",0,0,3,3,"NE",0,1,0,0,"kom","do",60,0,0,"389,344",0,0,null,0,0,0,"I","S","SP,LJ","Višekomponentni ljepljivi materijal s prstenom, konveksan sa rastezljivom spojnicom. S ili bez  mikropore ruba za izrezivanje otvora za stomu. ",0,"8,8300",5,{"$nulls":6},0,1,"'0918121012000"]
["POMAGALA ZA PROBAVNI SUSTAV, STOMA POMAGALA","Pomagala za osobe sa stomom- DVODIJELNI SUSTAVI",78,2442,"'091812101102","'0918121011005","Podložna pločica sa rastezljivom spojnicom, standardna ,Lentismed ,Lentell Flexi II S extended wear time (201120ET)","Lentismed","Lentismed","19.03.2026",null,"7,6,17",1,14,"1a",0,0,3,3,"NE",0,1,0,0,"kom","do",60,0,0,"344,389",0,0,null,0,0,0,"I","S","SP,LJ","Višekomponentni ljepljivi materijal s prstenom i rastezljivom spojnicom. S ili bez  mikropore ruba za izrezivanje otvora za stomu. ",0,"6,6500",5,{"$nulls":6},0,1,"'0918121011000"]
["POMAGALA ZA PROBAVNI SUSTAV, STOMA POMAGALA","Druga pomagala za probavni sustav",79,2456,"'091812092502","'0918120925003","Puder za stome ,Coloplast A/S ,Brava Powder (Ostomy Powder) (019070)","Coloplast A/S","Medikal Lux","01.04.2024",null,"6,7,17",1,14,"1a",0,3,3,3,"NE",0,1,0,0,"gram","do",75,0,0,"344,189",0,0,null,0,0,0,"I","S","SP,LJ","Aktivna supstanca. ",0,"0,2755",5,{"$nulls":6},0,1,"'0918120925000"]
["POMAGALA ZA PROBAVNI SUSTAV, STOMA POMAGALA","Druga pomagala za probavni sustav",79,2468,"'091812092403","'0918120924005","Pasta za stome ,OxMed International GmbH ,ZenSetiv hydrocolloid paste (A2001)","OxMed International GmbH","Medicline","23.02.2023",null,"7,6,17",1,14,"1a",0,3,3,3,"NE",0,1,0,0,"gram","do",180,0,0,"188,344",0,0,null,0,0,0,"I","S","SP,LJ","Ljepljiva baza s aktivnom supstancom i želatinom. Za zaštitu kože i bolje prianjanje vrećice ili pločice. ",0,"0,1577",5,null,1,{"$nulls":4},0,1,"'0918120924000"]
["POMAGALA ZA PROBAVNI SUSTAV, STOMA POMAGALA","Enteralna pumpa i potrošni materijal za enteralnu pumpu",80,2479,"'041909093300","'0419090933000","Plastične štrcaljke od 20 ccm za umjetnu prehranu ",null,null,"01.01.2023",null,1,1,14,"1a",0,12,12,"12 ","NE",0,1,0,0,"kom",null,365,0,0,192,0,0,null,0,0,0,"I","S","SP,LJ","Polikarbonat. ",0,"0,5269",5,{"$nulls":6},0,1,"'0419090933000"]
["POMAGALA ZA PROBAVNI SUSTAV, STOMA POMAGALA","Enteralna pumpa i potrošni materijal za enteralnu pumpu",80,2490,"'091812093202","'0918120932002","Sistem bez vrećice ,B. Braun AG ,Infusomat Space line","B. Braun AG","B.Braun","01.01.2023",null,"6,11",1,14,"1a",0,3,3,3,"NE",0,1,0,0,"kom",null,90,0,0,"344,192",0,0,null,0,0,0,"I","S","SP,LJ","Set za enteralnu pumpu, bez vrećice.",0,"3,2783",5,{"$nulls":6},0,1,"'0918120932000"]
["POMAGALA ZA PROBAVNI SUSTAV, STOMA POMAGALA","Enteralna pumpa i potrošni materijal za enteralnu pumpu",80,2502,"'091812093204","'0918120932005","Sistem bez vrećice ,Fresenius Kabi AG ,Amika Pump Set Easy Bag","Fresenius Kabi AG","Fresenius Kabi","23.02.2023",null,"11,6",1,14,"1a",0,3,3,3,"NE",0,1,0,0,"kom",null,90,0,0,"192,344",0,0,null,0,0,0,"IIa","S","SP,LJ","Set za enteralnu pumpu, bez vrećice.",0,"3,6061",5,{"$nulls":6},0,1,"'0918120932000"]
["POMAGALA ZA PROBAVNI SUSTAV, STOMA POMAGALA","Enteralna pumpa i potrošni materijal za enteralnu pumpu",80,2512,"'091812093402","'0918120934002","Plastična štrcaljka 2 ml (EPSV439) ,B. Braun AG ,Injekt® Luer Solo 2ml, dvodijelne","B. Braun AG","B.Braun","17.07.2025",null,1,0,14,"1a",0,12,12,12,"NE",0,1,0,0,"kom",null,365,0,0,192,0,0,null,0,0,0,"I","S","SP,LJ","Polikarbonat ili polipropilen.",0,"0,0400",5,null,1,{"$nulls":4},0,1,"'0918120934000"]
["POMAGALA ZA PROBAVNI SUSTAV, STOMA POMAGALA","Zamjenski gastrični kateter",185,2533,"'092408101201","'0924081012002","Zamjenski gastrični kateter ,Degania Silicone Limited ,Flocare Gastrostomy Tube ( G-Tube) Ch 14","Degania Silicone Limited","GM Pharma","22.02.2024",null,"7,27,6,15",1,14,"1a",0,12,12,12,"NE",0,1,0,0,"kom","do",4,0,0,192,0,0,null,0,0,0,"IIb","S","SP,LJ","Silikon. CE certifikat.",0,"65,5335",5,{"$nulls":6},0,1,"'0924081012000"]
["POMAGALA ZA PROBAVNI SUSTAV, STOMA POMAGALA","Zamjenski gastrični kateter",185,2534,"'092408101202","'0924081012003","Zamjenski gastrični kateter ,Degania Silicone Limited ,Flocare Gastrostomy Tube (G-Tuube) Ch16","Degania Silicone Limited","GM Pharma","22.02.2024",null,"7,27,6,15",1,14,"1a",0,12,12,12,"NE",0,1,0,0,"kom","do",2,0,0,192,0,0,null,0,0,0,"IIb","S","SP,LJ","Silikon. CE certifikat.",0,"65,5335",5,{"$nulls":6},0,1,"'0924081012000"]
["POMAGALA ZA UROGENITALNI SUSTAV","Plastične vrećice za urin",84,2556,"'092705100901","'0927051009001","Vrećice za urin  za višekratnu uporabu s ispustom i nepovratnim ventilom  2000 ml ,LATEX ,Vrećice za urin višekratne","LATEX","Omikron","01.01.2023",null,1,1,14,"1a",0,3,3,3,"NE",0,1,0,0,"kom","do",30,0,0,196,0,0,null,0,0,0,"I","S","SP,LJ","PVC materijal, plastika. ",0,"0,2933",5,{"$nulls":6},0,1,"'0927051009000"]
["POMAGALA ZA UROGENITALNI SUSTAV","Kateteri",85,2569,"'092403101402","'0924031014002","Kateteri urinarni, od silikoniziranog latexa  po Foley-u ,Well Lead Medical Co.Ltd. ,Kateter latex Foley (silikonizirani)","Well Lead Medical Co.Ltd.","Medicina trgovina","01.01.2023",null,1,1,14,"1a",0,3,3,3,"NE",0,1,0,0,"kom","do",7,0,0,196,0,0,null,0,0,0,"IIa","S","SP,LJ","Silikonizirani lateks. CE certifikat.",0,"0,4977",5,{"$nulls":6},0,1,"'0924031014000"]
["POMAGALA ZA UROGENITALNI SUSTAV","Kateteri",85,2579,"'092407101801","'0924071018005","Kateteri za samokateterizaciju jednokratni, hidrofilni ,Coloplast A/S ,EASICATH Catheter Men Nelaton  5356","Coloplast A/S","Medikal Lux","18.03.2023",null,1,1,14,"1a",0,3,3,3,"NE",0,1,0,0,"kom","do",450,0,0,199,0,0,null,0,0,0,"IIa","S","SP,LJ","Sterilan. Konektor. PVC. Lubrikant s hidrofilnim svojstvima.    Ili     Sterilan. Konektor. Od poliuretana. Presvučen hidrofilnim slojem. Odmah spreman za uporabu.",0,"1,2443",5,{"$nulls":6},0,1,"'0924071018000"]
["POMAGALA ZA UROGENITALNI SUSTAV","Kateteri",85,2588,"'092407101801","'0924071018016","Kateteri za samokateterizaciju jednokratni, hidrofilni ,Coloplast A/S ,Paediatric  5010","Coloplast A/S","Medikal Lux","18.03.2023",null,1,1,14,"1a",0,3,3,3,"NE",0,1,0,0,"kom","do",450,0,0,199,0,0,null,0,0,0,"IIa","S","SP,LJ","Sterilan. Konektor. PVC. Lubrikant s hidrofilnim svojstvima.    Ili     Sterilan. Konektor. Od poliuretana. Presvučen hidrofilnim slojem. Odmah spreman za uporabu.",0,"1,2443",5,{"$nulls":6},0,1,"'0924071018000"]
["POMAGALA ZA UROGENITALNI SUSTAV","Kateteri",85,2597,"'092407101804","'0924071018027","Kateteri za samokateterizaciju jednokratni, hidrofilni ,TELEFLEX MEDICAL  ,Flocatch hydro gel   851143","TELEFLEX MEDICAL ","Kirkomerc","22.02.2024",null,1,1,14,"1a",0,3,3,3,"NE",0,1,0,0,"kom","do",450,0,0,199,0,0,null,0,0,0,"IIa","S","SP,LJ","Sterilan. Konektor. PVC. Lubrikant s hidrofilnim svojstvima.    Ili     Sterilan. Konektor. Od poliuretana. Presvučen hidrofilnim slojem. Odmah spreman za uporabu.",0,"1,2098",5,{"$nulls":6},0,1,"'0924071018000"]
["POMAGALA ZA UROGENITALNI SUSTAV","Kateteri",85,2611,"'092407101807","'0924071018042","Kateteri za samokateterizaciju jednokratni, hidrofilni ,Coloplast A/S ,SPEEDICATH STANDARD Female 28510","Coloplast A/S","Medikal Lux","18.03.2023",null,1,1,14,"1a",0,3,3,3,"NE",0,1,0,0,"kom","do",450,0,0,199,0,0,null,0,0,0,"I","S","SP,LJ","Sterilan. Konektor. PVC. Lubrikant s hidrofilnim svojstvima.    Ili     Sterilan. Konektor. Od poliuretana. Presvučen hidrofilnim slojem. Odmah spreman za uporabu.",0,"1,2443",5,{"$nulls":6},0,1,"'0924071018000"]
["POMAGALA ZA UROGENITALNI SUSTAV","Kateteri",85,2623,"'092407101809","'0924071018054","Kateteri za samokateterizaciju jednokratni, hidrofilni ,ConvaTec ,GentleCath ™ Glide","ConvaTec","Stoma medical","18.03.2023",null,1,1,14,"1a",0,3,3,3,"NE",0,1,0,0,"kom","do",450,0,0,199,0,0,null,0,0,0,"I","S","SP,LJ","Sterilan. Konektor. PVC. Lubrikant s hidrofilnim svojstvima.    Ili     Sterilan. Konektor. Od poliuretana. Presvučen hidrofilnim slojem. Odmah spreman za uporabu.",0,"1,2098",5,{"$nulls":6},0,1,"'0924071018000"]
["POMAGALA ZA UROGENITALNI SUSTAV","Kateteri",85,2634,"'092407101810","'0924071018058","Kateteri za samokateterizaciju jednokratni, hidrofilni ,Curan Medical BV ,Curan Advantage Male WHM14","Curan Medical BV","Elbi Medikal","22.02.2024",null,1,1,14,"1a",0,3,3,3,"NE",0,1,0,0,"kom","do",450,0,0,199,0,0,null,0,0,0,"I","S","SP,LJ","Sterilan. Konektor. PVC. Lubrikant s hidrofilnim svojstvima.    Ili     Sterilan. Konektor. Od poliuretana. Presvučen hidrofilnim slojem. Odmah spreman za uporabu.",0,"1,2098",5,{"$nulls":6},0,1,"'0924071018000"]
["POMAGALA ZA UROGENITALNI SUSTAV","Kateteri",85,2658,"'092118101506","'0921181015010","Gel za kateteriziranje ,Kaf Grup Saglik Hizmetleri Ina San Ltd , 11ml","Kaf Grup Saglik Hizmetleri Ina San Ltd","Sanitas","01.04.2024",null,"26,samo",1,14,"1a",0,3,3,3,"NE",0,1,0,0,"g ili ml","do",1350,0,0,197,0,0,null,0,0,0,"III","S","SP,LJ","Sredstvo za podmazivanje, lokalni anestetik i dezinficijens. Sterilno pakiranje. Količina sukladna broju kateterizacija. ",0,"0,2270",5,{"$nulls":6},0,1,"'0921181015000"]
["POMAGALA ZA UROGENITALNI SUSTAV","Kateteri",85,2669,"'092403101105","'0924031011005","Kateteri jednokratni za urin ,ZARYS International Group ,Nelaton kateter ","ZARYS International Group","Medicina trgovina","23.10.2025",null,26,1,14,"1a",0,3,3,3,"NE",0,1,0,0,"kom","do",450,0,0,196,0,0,null,0,0,0,"IIa","S","SP,LJ","PVC materijal. CH 06-20 različitih dužina. CE certifikat.",0,"0,2068",5,{"$nulls":6},0,1,"'0924031011000"]
["POMAGALA ZA UROGENITALNI SUSTAV","Kateteri",85,2680,"'092407101812","'0924071018087","Kateteri za samokateterizaciju jednokratni, hidrofilni ,Hangzhou Bever Medical Devices  ,Wellflex Pre-Lubricated Hydrophilic Catheter, Tapered-tip Tiemann, w/ Insertion aid, Male, Size 14FR (40cm)","Hangzhou Bever Medical Devices ","Wellcare","19.03.2026",null,1,0,14,"1a",0,3,3,3,"NE",0,1,0,0,"kom","do",450,0,0,199,0,0,null,0,0,0,"I","S","SP,LJ","Sterilan. Konektor. PVC. Lubrikant s hidrofilnim svojstvima.    Ili     Sterilan. Konektor. Od poliuretana. Presvučen hidrofilnim slojem. Odmah spreman za uporabu.",0,"1,1493",5,{"$nulls":6},0,1,"'0924071018000"]
["POMAGALA ZA UROGENITALNI SUSTAV","Pelene",86,2688,"'093004102003","'0930041020005","Pelene u spoju s gaćicama, male ,Essity Hygiene and Health AB ,Libero Comfort fit 4","Essity Hygiene and Health AB","Essity Croatia","18.03.2023",null,1,1,14,"1a",0,3,3,3,"NE",0,1,0,0,"kom","do-",460,0,0,200,0,0,null,0,0,0,null,"S","SP,LJ","Veličina do 30 kg, moć upijanja minimalno 500,00 g. prema MDS 1/93 certifikatu ili 900 ml po Rothwell ISO certifikatu; veličina od 30 do 40 kg minimalna moć upijanja 600 g. prema MDS 1/93 certifikatu ili 1350 ml po Rothwell ISO certifikatu;  brzina upijanja minimalno 4ml/s prema MDS 1/93 certifikatu, ispuštanje tekućine maksimalno 2 g prema MDS 1/93 Certifikatu, indikator vlažnosti, anatomski oblik.",0,"0,2831",5,{"$nulls":6},0,1,"'0930041020000"]
["POMAGALA ZA UROGENITALNI SUSTAV","Pelene",86,2702,"'093004102009","'0930041020022","Pelene u spoju s gaćicama, male ,Karl Dietz Kijevo ,Lena Kids Maxi 3030","Karl Dietz Kijevo","Karl Dietz ","18.03.2023",null,1,1,14,"1a",0,3,3,3,"NE",0,1,0,0,"kom","do-",460,0,0,200,0,0,null,0,0,0,null,"S","SP,LJ","Veličina do 30 kg, moć upijanja minimalno 500,00 g. prema MDS 1/93 certifikatu ili 900 ml po Rothwell ISO certifikatu; veličina od 30 do 40 kg minimalna moć upijanja 600 g. prema MDS 1/93 certifikatu ili 1350 ml po Rothwell ISO certifikatu;  brzina upijanja minimalno 4ml/s prema MDS 1/93 certifikatu, ispuštanje tekućine maksimalno 2 g prema MDS 1/93 Certifikatu, indikator vlažnosti, anatomski oblik.",0,"0,2726",5,{"$nulls":6},0,1,"'0930041020000"]
["POMAGALA ZA UROGENITALNI SUSTAV","Pelene",86,2711,"'093004102102","'0930041021008","Pelene u spoju s gaćicama niskoupijajuće ,TZMO ,Seni standard Air medium pelene","TZMO","Bauerfeind","18.03.2023",null,1,1,14,"1a",0,3,3,3,"NE",0,1,0,0,"kom","do-",400,0,0,201,0,0,null,0,0,0,"I","S","SP,LJ","Male - moć upijanja najmanje 700 g prema MDS 1/93 certifikatu. Srednje - moć upijanja najmanje 900 g prema MDS 1/93 certifikatu. Velike - moć upijanja najmanje 1100 g prema MDS 1/93 certifikatu. Brzina upijanja minimalno 4 ml/s prema MDS 1/93 certifikatu. Ispuštanje tekućine maksimalno 2 g prema MDS 1/93 certifikatu. Anatomski oblik. Indikator vlažnosti. ",0,"0,4910",5,{"$nulls":6},0,1,"'0930041021000"]
["POMAGALA ZA UROGENITALNI SUSTAV","Pelene",86,2728,"'093004102108","'0930041021035","Pelene u spoju s gaćicama niskoupijajuće ,Eurofil s.r.l., Castilenti,Cda Cancelli ,VENIXE PELENE MEDIUM","Eurofil s.r.l., Castilenti,Cda Cancelli","Otos","18.03.2023",null,1,1,14,"1a",0,3,3,3,"NE",0,1,0,0,"kom","do-",400,0,0,201,0,0,null,0,0,0,"I","S","SP,LJ","Male - moć upijanja najmanje 700 g prema MDS 1/93 certifikatu. Srednje - moć upijanja najmanje 900 g prema MDS 1/93 certifikatu. Velike - moć upijanja najmanje 1100 g prema MDS 1/93 certifikatu. Brzina upijanja minimalno 4 ml/s prema MDS 1/93 certifikatu. Ispuštanje tekućine maksimalno 2 g prema MDS 1/93 certifikatu. Anatomski oblik. Indikator vlažnosti. ",0,"0,4727",5,{"$nulls":6},0,1,"'0930041021000"]
["POMAGALA ZA UROGENITALNI SUSTAV","Pelene",86,2734,"'093004102111","'0930041021042","Pelene u spoju s gaćicama niskoupijajuće ,SILC ,SOFFISOF CLASSIC EXTRA MEDIUM","SILC","Salvus","18.03.2023",null,1,1,14,"1a",0,3,3,3,"NE",0,1,0,0,"kom","do-",400,0,0,201,0,0,null,0,0,0,"I","S","SP,LJ","Male - moć upijanja najmanje 700 g prema MDS 1/93 certifikatu. Srednje - moć upijanja najmanje 900 g prema MDS 1/93 certifikatu. Velike - moć upijanja najmanje 1100 g prema MDS 1/93 certifikatu. Brzina upijanja minimalno 4 ml/s prema MDS 1/93 certifikatu. Ispuštanje tekućine maksimalno 2 g prema MDS 1/93 certifikatu. Anatomski oblik. Indikator vlažnosti. ",0,"0,4910",5,{"$nulls":6},0,1,"'0930041021000"]
["POMAGALA ZA UROGENITALNI SUSTAV","Pelene",86,2750,"'093004102201","'0930041022003","Pelene u spoju s gaćicama, visokoupijajuće ,Attends Healthcare AB ,Attends Slip Active 10 Medium","Attends Healthcare AB","Elbi Medikal","19.03.2026",null,1,1,14,"1a",0,3,3,3,"NE",0,1,0,0,"kom","do-",320,0,0,202,0,0,null,0,0,0,"I","S","SP,LJ","Male - moć upijanja najmanje 800 g prema MDS 1/93 certifikatu. Srednje - moć upijanja najmanje 1100 g prema MDS 1/93 certifikatu. Velike - moć upijanja najmanje 1300 g prema MDS 1/93 certifikatu. Brzina upijanja minimalno 4 ml/s prema MDS 1/93 certifikatu. Ispuštanje tekućine maksimalno 2 g prema MDS 1/93 certifikatu. Anatomski oblik. Indikator vlažnosti. ",0,"0,5985",5,{"$nulls":6},0,1,"'0930041022000"]
["POMAGALA ZA UROGENITALNI SUSTAV","Pelene",86,2769,"'093004102210","'0930041022033","Pelene u spoju s gaćicama, visokoupijajuće ,Lohmann & Rauscher  ,Sentina Inko Slip pelene gaćice vel. S","Lohmann & Rauscher ","Lohmann & Rauscher ","18.03.2023",null,1,1,14,"1a",0,3,3,3,"NE",0,1,0,0,"kom","do-",320,0,0,202,0,0,null,0,0,0,"I","S","SP,LJ","Male - moć upijanja najmanje 800 g prema MDS 1/93 certifikatu. Srednje - moć upijanja najmanje 1100 g prema MDS 1/93 certifikatu. Velike - moć upijanja najmanje 1300 g prema MDS 1/93 certifikatu. Brzina upijanja minimalno 4 ml/s prema MDS 1/93 certifikatu. Ispuštanje tekućine maksimalno 2 g prema MDS 1/93 certifikatu. Anatomski oblik. Indikator vlažnosti. ",0,"0,5909",5,{"$nulls":6},0,1,"'0930041022000"]
["POMAGALA ZA UROGENITALNI SUSTAV","Pelene",86,2772,"'093004102212","'0930041022037","Pelene u spoju s gaćicama, visokoupijajuće ,SILC ,SOFFISOF CLASSIC MAXI MEDIUM","SILC","Salvus","18.03.2023",null,1,1,14,"1a",0,3,3,3,"NE",0,1,0,0,"kom","do-",320,0,0,202,0,0,null,0,0,0,"I","S","SP,LJ","Male - moć upijanja najmanje 800 g prema MDS 1/93 certifikatu. Srednje - moć upijanja najmanje 1100 g prema MDS 1/93 certifikatu. Velike - moć upijanja najmanje 1300 g prema MDS 1/93 certifikatu. Brzina upijanja minimalno 4 ml/s prema MDS 1/93 certifikatu. Ispuštanje tekućine maksimalno 2 g prema MDS 1/93 certifikatu. Anatomski oblik. Indikator vlažnosti. ",0,"0,5985",5,{"$nulls":6},0,1,"'0930041022000"]
["POMAGALA ZA UROGENITALNI SUSTAV","Pelene",86,2788,"'093004102215","'0930041022053","Pelene u spoju s gaćicama, visokoupijajuće ,Karl Dietz Kijevo ,Lena Slip Medium Plus 6010","Karl Dietz Kijevo","Karl Dietz ","18.03.2023",null,1,1,14,"1a",0,3,3,3,"NE",0,1,0,0,"kom","do-",320,0,0,202,0,0,null,0,0,0,"I","S","SP,LJ","Male - moć upijanja najmanje 800 g prema MDS 1/93 certifikatu. Srednje - moć upijanja najmanje 1100 g prema MDS 1/93 certifikatu. Velike - moć upijanja najmanje 1300 g prema MDS 1/93 certifikatu. Brzina upijanja minimalno 4 ml/s prema MDS 1/93 certifikatu. Ispuštanje tekućine maksimalno 2 g prema MDS 1/93 certifikatu. Anatomski oblik. Indikator vlažnosti. ",0,"0,5985",5,{"$nulls":6},0,1,"'0930041022000"]
["POMAGALA ZA UROGENITALNI SUSTAV","Pelene",86,2807,"'093004102105","'0930041021062","Pelene u spoju s gaćicama niskoupijajuće ,ONTEX ,iD Expert Slip Extra Medium","ONTEX","Fokus Medical","05.10.2023",null,1,1,14,"1a",0,3,3,3,"NE",0,1,0,0,"kom","do-",400,0,0,201,0,0,null,0,0,0,"I","S","SP,LJ","Male - moć upijanja najmanje 700 g prema MDS 1/93 certifikatu. Srednje - moć upijanja najmanje 900 g prema MDS 1/93 certifikatu. Velike - moć upijanja najmanje 1100 g prema MDS 1/93 certifikatu. Brzina upijanja minimalno 4 ml/s prema MDS 1/93 certifikatu. Ispuštanje tekućine maksimalno 2 g prema MDS 1/93 certifikatu. Anatomski oblik. Indikator vlažnosti. ",0,"0,4727",5,{"$nulls":6},0,1,"'0930041021000"]
["POMAGALA ZA UROGENITALNI SUSTAV","Pelene",86,2811,"'093004102206","'0930041022059","Pelene u spoju s gaćicama, visokoupijajuće ,ONTEX ,iD Expert Slip Super S","ONTEX","Fokus Medical","29.01.2026",null,1,1,14,"1a",0,3,3,3,"NE",0,1,0,0,"kom","do-",320,0,0,202,0,0,null,0,0,0,"I","S","SP,LJ","Male - moć upijanja najmanje 800 g prema MDS 1/93 certifikatu. Srednje - moć upijanja najmanje 1100 g prema MDS 1/93 certifikatu. Velike - moć upijanja najmanje 1300 g prema MDS 1/93 certifikatu. Brzina upijanja minimalno 4 ml/s prema MDS 1/93 certifikatu. Ispuštanje tekućine maksimalno 2 g prema MDS 1/93 certifikatu. Anatomski oblik. Indikator vlažnosti. ",0,"0,5909",5,{"$nulls":6},0,1,"'0930041022000"]
["POMAGALA ZA UROGENITALNI SUSTAV","Pelene",86,2829,"'093004102316","'0930041023022","Pelene u spoju s gaćicama za noć, visokoupijajuće, ekstravelike ,UNIZEL MEDICARE ,Nur Premium Super XXL","UNIZEL MEDICARE","Medicline","19.03.2026",null,1,1,14,"1a",0,0,3,3,"NE",0,1,0,0,"kom","do",320,0,0,203,0,0,null,0,0,0,"I","S","SP,LJ","Opseg kukova od 150 cm i više, moć upijanja minimalno 1400 g prema MDS 1/93 certifikatu, brzina upijanja minimalno 4ml/s prema MDS 1/93 certifikatu, ispuštanje tekućine maksimalno 2 g prema MDS 1/93 Certifikatu, anatomski oblik, indikator vlažnosti.",0,"0,7933",5,{"$nulls":6},0,1,"'0930041023000"]
["POMAGALA ZA UROGENITALNI SUSTAV","Pelene",86,2834,"'093004102317","'0930041023023","Pelene u spoju s gaćicama za noć, visokoupijajuće, ekstravelike ,Atilim Saglik ,Onlyone XL","Atilim Saglik","Festta","23.11.2024",null,1,0,14,"1a",0,0,3,3,"NE",0,1,0,0,"kom","do",320,0,0,203,0,0,null,0,0,0,"I","S","SP,LJ","Opseg kukova od 150 cm i više, moć upijanja minimalno 1400 g prema MDS 1/93 certifikatu, brzina upijanja minimalno 4ml/s prema MDS 1/93 certifikatu, ispuštanje tekućine maksimalno 2 g prema MDS 1/93 Certifikatu, anatomski oblik, indikator vlažnosti.",0,"0,7536",5,{"$nulls":6},0,1,"'0930041023000"]
["POMAGALA ZA UROGENITALNI SUSTAV","Anatomski ulošci",87,2855,"'093004102403","'0930041024016","Anatomski ulošci ,TZMO ,Seni San Normal","TZMO","Bauerfeind","05.10.2023",null,1,1,14,"1a",0,0,3,3,"NE",0,1,0,0,"kom","do-",275,0,0,204,0,0,null,0,0,0,"I","S ","SP,LJ","Moć upijanja za žene minimalno 500 g, za muškarce minimalno 250 g  prema MDS certifikatu, brzina upijanja minimalno 4ml/s prema MDS 1/93 certifikatu, ispuštanje tekućine maksimalno 2 g prema MDS 1/93 Certifikatu, anatomski oblik, indikator vlažnosti.",0,"0,3602",5,{"$nulls":6},0,1,"'0930041024000"]
["POMAGALA ZA UROGENITALNI SUSTAV","Anatomski ulošci",87,2869,"'093004102408","'0930041024032","Anatomski ulošci ,PAUL HARTMANN AG ,MoliCare Premium Form 6D P32","PAUL HARTMANN AG","PAUL HARTMANN ","29.01.2026",null,1,1,14,"1a",0,0,3,3,"NE",0,1,0,0,"kom","do-",275,0,0,204,0,0,null,0,0,0,"I",null,"SP,LJ","Moć upijanja za žene minimalno 500 g, za muškarce minimalno 250 g  prema MDS certifikatu, brzina upijanja minimalno 4ml/s prema MDS 1/93 certifikatu, ispuštanje tekućine maksimalno 2 g prema MDS 1/93 Certifikatu, anatomski oblik, indikator vlažnosti.",0,"0,3602",5,{"$nulls":6},0,1,"'0930041024000"]
["POMAGALA ZA UROGENITALNI SUSTAV","Anatomski ulošci",87,2877,"'093004102410","'0930041024041","Anatomski ulošci ,Lohmann & Rauscher  ,Sentina Inko Form ulošci Tag","Lohmann & Rauscher ","Lohmann & Rauscher ","18.03.2023",null,1,1,14,"1a",0,0,3,3,"NE",0,1,0,0,"kom","do-",275,0,0,204,0,0,null,0,0,0,"I",null,"SP,LJ","Moć upijanja za žene minimalno 500 g, za muškarce minimalno 250 g  prema MDS certifikatu, brzina upijanja minimalno 4ml/s prema MDS 1/93 certifikatu, ispuštanje tekućine maksimalno 2 g prema MDS 1/93 Certifikatu, anatomski oblik, indikator vlažnosti.",0,"0,3602",5,{"$nulls":6},0,1,"'0930041024000"]
["POMAGALA ZA UROGENITALNI SUSTAV","Anatomski ulošci",87,2888,"'093004102413","'0930041024053","Anatomski ulošci ,ABENA  ,Abena Man Formula 2","ABENA ","SimBex","23.11.2024",null,1,1,14,"1a",0,0,3,3,"NE",0,1,0,0,"kom","do-",275,0,0,204,0,0,null,0,0,0,"I",null,"SP,LJ","Moć upijanja za žene minimalno 500 g, za muškarce minimalno 250 g  prema MDS certifikatu, brzina upijanja minimalno 4ml/s prema MDS 1/93 certifikatu, ispuštanje tekućine maksimalno 2 g prema MDS 1/93 Certifikatu, anatomski oblik, indikator vlažnosti.",0,"0,3602",5,{"$nulls":6},0,1,"'0930041024000"]
["POMAGALA ZA UROGENITALNI SUSTAV","Anatomski ulošci",87,2899,"'093004102416","'0930041024066","Anatomski ulošci ,Karl Dietz Kijevo ,Lena Classic Extra Plus 2040","Karl Dietz Kijevo","Karl Dietz ","18.03.2023",null,1,1,14,"1a",0,0,3,3,"NE",0,1,0,0,"kom","do-",275,0,0,204,0,0,null,0,0,0,"I",null,"SP,LJ","Moć upijanja za žene minimalno 500 g, za muškarce minimalno 250 g  prema MDS certifikatu, brzina upijanja minimalno 4ml/s prema MDS 1/93 certifikatu, ispuštanje tekućine maksimalno 2 g prema MDS 1/93 Certifikatu, anatomski oblik, indikator vlažnosti.",0,"0,3602",5,{"$nulls":6},0,1,"'0930041024000"]
["POMAGALA ZA UROGENITALNI SUSTAV","Anatomski ulošci",87,2911,"'093009102506","'0930091025013","Gaćice mrežaste elastične ,UNIZEL MEDICARE ,FORMACARE FIX MREŽASTE GAĆICE M","UNIZEL MEDICARE","Medicline","18.03.2023",null,1,1,14,"1a",0,0,3,3,"NE",0,1,0,0,"kom","do-",10,0,0,296,0,0,null,0,0,0,"I","S","SP,LJ","Gaćice mrežaste, elastične, prema tjelesnoj težini.  Opseg kukova od 80 do 140 cm, poliester, elastin, Dugotrajan proizvod s  izrezima za noge i elastičnom vrpcom, povećava udobnost i sigurnost, podnošljivost za kožu.",0,"0,4200",5,{"$nulls":6},0,1,"'0930091025000"]
["POMAGALA ZA UROGENITALNI SUSTAV","Anatomski ulošci",87,2924,"'093009102514","'0930091025033","Gaćice mrežaste elastične ,ABENA  ,Abri-Fix Net Large","ABENA ","SimBex","05.10.2023",null,1,1,14,"1a",0,0,3,3,"NE",0,1,0,0,"kom","do-",10,0,0,296,0,0,null,0,0,0,"I","S","SP,LJ","Gaćice mrežaste, elastične, prema tjelesnoj težini.  Opseg kukova od 80 do 140 cm, poliester, elastin, Dugotrajan proizvod s  izrezima za noge i elastičnom vrpcom, povećava udobnost i sigurnost, podnošljivost za kožu.",0,"0,4211",5,{"$nulls":6},0,1,"'0930091025000"]
["POMAGALA ZA UROGENITALNI SUSTAV","Anatomski ulošci",87,2940,"'093009102515","'0930091025038","Gaćice mrežaste elastične ,PAUL HARTMANN AG , MoliCare Premium Fixpants Short Leg XL","PAUL HARTMANN AG","PAUL HARTMANN ","18.03.2023",null,1,1,14,"1a",0,0,3,3,"NE",0,1,0,0,"kom","do",10,0,0,296,0,0,null,0,0,0,"I","S","SP,LJ","Gaćice mrežaste, elastične, prema tjelesnoj težini.  Opseg kukova od 80 do 140 cm, poliester, elastin, Dugotrajan proizvod s  izrezima za noge i elastičnom vrpcom, povećava udobnost i sigurnost, podnošljivost za kožu.",0,"0,4211",5,{"$nulls":6},0,1,"'0930091025000"]
["POMAGALA ZA UROGENITALNI SUSTAV","Anatomski ulošci",87,2955,"'093021110102","'0930211101002","Upijajuće gaćice za muškarce ,Essity Hygiene and Health AB ,TENA Men Premium Fit Level 4 M/L","Essity Hygiene and Health AB","Essity Croatia","18.03.2023",null,1,1,14,"1a",0,0,0,3,"NE",0,1,0,0,"kom","do",180,0,0,353,0,0,null,0,0,0,"I",null,"SP,LJ","Opseg kukova 95-125 cm. Moć upijanja najmanje 806 g prema MDS 1/93 certifikatu. Brzina upijanja minimalno 7 ml/s prema MDS 1/93 certifikatu. Ispuštanje tekućine maksimalno 1 g prema MDS 1/93 certifikatu. Anatomski oblik prilagođen muškom tijelu, dvostruka jezgra upijanja, neutralizator vlage i neugodnih mirisa, tanak dizajn, diskretan i muževan dizajn koji imitira muško donje rublje. ",0,"0,4433",5,null,null,"1,1945",null,"0,7512",null,1,1,"'0930211101000"]
["POMAGALA ZA UROGENITALNI SUSTAV","Anatomski ulošci",87,2962,"'093004102421","'0930041024194","Anatomski ulošci ,TZMO , Seni Man Extra","TZMO","Bauerfeind","18.03.2023",null,1,1,14,"1a",0,0,3,3,"NE",0,1,0,0,"kom","do",275,0,0,204,0,0,null,0,0,0,"I",null,"SP,LJ","Moć upijanja za žene minimalno 500 g, za muškarce minimalno 250 g  prema MDS certifikatu, brzina upijanja minimalno 4ml/s prema MDS 1/93 certifikatu, ispuštanje tekućine maksimalno 2 g prema MDS 1/93 Certifikatu, anatomski oblik, indikator vlažnosti.",0,"0,3422",5,null,1,{"$nulls":4},0,1,"'0930041024000"]
["POMAGALA ZA UROGENITALNI SUSTAV","Anatomski ulošci",87,2978,"'093004102425","'0930041024212","Anatomski ulošci ,AMD Active Medical Disposable , AMD Form extra","AMD Active Medical Disposable","Salvus","09.11.2023",null,1,0,14,"1a",0,0,3,3,"NE",0,1,0,0,"kom","do",275,0,0,204,0,0,null,0,0,0,"I",null,"SP,LJ","Moć upijanja za žene minimalno 500 g, za muškarce minimalno 250 g  prema MDS certifikatu, brzina upijanja minimalno 4ml/s prema MDS 1/93 certifikatu, ispuštanje tekućine maksimalno 2 g prema MDS 1/93 Certifikatu, anatomski oblik, indikator vlažnosti.",0,"0,3099",5,null,1,{"$nulls":4},0,1,"'0930041024000"]
["POMAGALA ZA UROGENITALNI SUSTAV","Anatomski ulošci",87,2984,"'093004102427","'0930041024218","Anatomski ulošci ,UNIZEL MEDICARE ,Nur lady mini","UNIZEL MEDICARE","Medicline","19.03.2026",null,1,0,14,"1a",0,0,3,3,"NE",0,1,0,0,"kom","do",275,0,0,204,0,0,null,0,0,0,"I",null,"SP,LJ","Moć upijanja za žene minimalno 500 g, za muškarce minimalno 250 g  prema MDS certifikatu, brzina upijanja minimalno 4ml/s prema MDS 1/93 certifikatu, ispuštanje tekućine maksimalno 2 g prema MDS 1/93 Certifikatu, anatomski oblik, indikator vlažnosti.",0,"0,3251",5,{"$nulls":6},0,1,"'0930041024000"]
["POMAGALA ZA UROGENITALNI SUSTAV","Zaštitni podmetač za krevet ",88,3001,"'090300102611","'0903001026019","Zaštitni podmetač za krevet za jednokratnu uporabu ,Lohmann & Rauscher  ,Sentina podloške W vel.  60x60","Lohmann & Rauscher ","Lohmann & Rauscher ","18.03.2023",null,1,1,14,"1a",0,3,3,3,"NE",0,1,0,0,"kom","do-",90,0,0,205,0,0,null,0,0,0,"I","S","SP,LJ","Netkani tekstil, polietilen i celuloza. ",0,"0,2849",25,{"$nulls":6},0,1,"'0903001026000"]
["POMAGALA ZA UROGENITALNI SUSTAV","Zaštitni podmetač za krevet ",88,3010,"'090300102614","'0903001026030","Zaštitni podmetač za krevet za jednokratnu uporabu ,ABENA  ,Abri-Soft Classic 60x60 cm","ABENA ","SimBex","13.05.2023",null,1,1,14,"1a",0,3,3,3,"NE",0,1,0,0,"kom","do-",90,0,0,205,0,0,null,0,0,0,"I","S","SP,LJ","Netkani tekstil, polietilen i celuloza. ",0,"0,2849",25,{"$nulls":6},0,1,"'0903001026000"]
["POMAGALA ZA UROGENITALNI SUSTAV","Zaštitni podmetač za krevet ",88,3024,"'090300102618","'0903001026045","Zaštitni podmetač za krevet za jednokratnu uporabu ,PAUL HARTMANN AG ,MoliCare Premium Bed Mat 60x90, 30 kom, 7 drops","PAUL HARTMANN AG","PAUL HARTMANN ","18.03.2023",null,1,1,14,"1a",0,3,3,3,"NE",0,1,0,0,"kom","do",90,0,0,205,0,0,null,0,0,0,"I","S","SP,LJ","Netkani tekstil, polietilen i celuloza. ",0,"0,2849",25,{"$nulls":6},0,1,"'0903001026000"]
["POMAGALA ZA UROGENITALNI SUSTAV","Pelene - gaćice",162,3045,"'093021110004","'0930211100012","Upijajuće gaćice, niskoupijajuće ,Attends Healthcare AB , Attends Pull-Ons 4L ","Attends Healthcare AB","Elbi Medikal","05.10.2023",null,1,0,14,"1a",0,3,3,3,"NE",0,1,0,0,"kom","do",180,0,0,334,0,0,null,0,0,0,"I","S","SP,LJ","Opseg kukova 65-135 cm. Moć upijanja najmanje 550 g prema MDS 1/93 certifikatu. Brzina upijanja minimalno 5,5 ml/s prema MDS 1/93 certifikatu. Ispuštanje tekućine maksimalno 0,1 g prema MDS 1/93 certifikatu. Anatomski oblik. Neutralizator neugodnih mirisa. ",0,"0,4910",5,null,null,"0,8400",null,"0,3490",null,1,1,"'0930211100000"]
["POMAGALA ZA UROGENITALNI SUSTAV","Pelene - gaćice",162,3055,"'093021110001","'0930211100016","Upijajuće gaćice, niskoupijajuće ,Essity Hygiene and Health AB ,TENA Pants Normal XL","Essity Hygiene and Health AB","Essity Croatia","23.10.2025",null,1,1,14,"1a",0,3,3,3,"NE",0,1,0,0,"kom","do",180,0,0,334,0,0,null,0,0,0,"I","S","SP,LJ","Opseg kukova 65-135 cm. Moć upijanja najmanje 600 g prema MDS 1/93 certifikatu. Brzina upijanja minimalno 5 ml/s prema MDS 1/93 certifikatu. Ispuštanje tekućine maksimalno 1 g prema MDS 1/93 certifikatu. Anatomski oblik. Neutralizator neugodnih mirisa.",0,"0,3637",5,null,null,"0,7300",null,"0,3663",null,1,1,"'0930211100000"]
["OBLOGE ZA RANE","Alginati",90,3067,"'021803110203","'0218031102006","Alginatna obloga za rane iznad 75 cm2 ,Coloplast A/S ,BIATAIN Alginate (SEASORB Soft Dressing)  3715 (15x15 cm)","Coloplast A/S","Medikal Lux","20.07.2023",null,1,1,14,"1a",0,1,1,1,"NE",0,8,0,0,"cm2","do",10,15,15,"351,206",0,0,null,0,0,0,"IIb","S ","SP,LJ","Mekana primarna obloga. Kalcij/natrijeva alginatna vlakna, sterilna netkana. CE certifikat.",0,"0,0224",5,null,1,{"$nulls":4},0,1,"'0218031102000"]
["OBLOGE ZA RANE","Alginati",90,3078,"'021803110208","'0218031102017","Alginatna obloga za rane iznad 75 cm2 ,T&L Co. ,Renocare alginatna obloga za rane 15x20 cm","T&L Co.","Sanitas","20.07.2023",null,1,1,14,"1a",0,1,1,1,"NE",0,8,0,0,"cm2","do",10,15,20,"351,206",0,0,null,0,0,0,"IIb","S ","SP,LJ","Mekana primarna obloga. Kalcij/natrijeva alginatna vlakna, sterilna netkana. CE certifikat.",0,"0,0224",5,null,1,{"$nulls":4},0,1,"'0218031102000"]
["OBLOGE ZA RANE","Alginati",90,3089,"'021803110210","'0218031102020","Alginatna obloga za rane iznad 75 cm2 ,Farmac Zabban  ,Farmactive Alginato 10x10cm","Farmac Zabban ","Lola Ribar","01.01.2023",null,1,1,14,"1a",0,1,1,1,"NE",0,8,0,0,"cm2","do",10,10,10,"351,206",0,0,null,0,0,0,"IIb","S ","SP,LJ","Mekana primarna obloga. Kalcij/natrijeva alginatna vlakna, sterilna netkana. CE certifikat.",0,"0,0186",5,null,1,{"$nulls":4},0,1,"'0218031102000"]
["OBLOGE ZA RANE","Alginati",90,3101,"'021803110212","'0218031102025","Alginatna obloga za rane iznad 75 cm2 ,Eurofarm S.p.O. ,Eurosorb 10x10cm","Eurofarm S.p.O.","BelMa Medic; Bauerfeind","23.11.2024",null,1,1,14,"1a",0,1,1,1,"NE",0,8,0,0,"cm2","do",10,10,10,"351,206",0,0,null,0,0,0,"IIb","S ","SP,LJ","Mekana primarna obloga. Kalcij/natrijeva alginatna vlakna, sterilna netkana. CE certifikat.",0,"0,0176",5,{"$nulls":6},0,1,"'0218031102000"]
["OBLOGE ZA RANE","Vlaknaste celulozne obloge",92,3115,"'021203110701","'0212031107003","Vlaknasta celulozna obloga za rane do 75 cm2 ,ConvaTec ,Aquacel Extra 5x5cm","ConvaTec","Stoma medical","29.01.2026",null,1,1,14,"1a",0,1,1,1,"NE",0,8,0,0,"cm2","do",10,5,5,"210,351",0,0,null,0,0,0,"IIb","S","SP,LJ","Natrijkarboksimetilceluloza ili etil sulfonat celuloza. Mekani savitljivi, za zrak propustan. Mekana primarna obloga. CE certifikat.",0,"0,0538",5,null,1,{"$nulls":4},0,1,"'0212031107000"]
["OBLOGE ZA RANE","Vlaknaste celulozne obloge",92,3124,"'021203110802","'0212031108017"," Vlaknasta celulozna obloga za rane iznad 75 cm2 ,Smith&Nephew Medical Limited ,Durafiber 4x20cm","Smith&Nephew Medical Limited","Rozi Step","20.07.2023",null,1,1,14,"1a",0,1,1,1,"NE",0,8,0,0,"cm2","do",10,4,20,"351,210",0,0,null,0,0,0,"IIb","S","SP,LJ","Natrijkarboksimetilceluloza ili etil sulfonat celuloza. Mekani savitljivi, za zrak propustan. Mekana primarna obloga. CE certifikat.",0,"0,0404",5,null,1,{"$nulls":4},0,1,"'0212031108000"]
["OBLOGE ZA RANE","Vlaknaste celulozne obloge",92,3137,"'021203110805","'0212031108025"," Vlaknasta celulozna obloga za rane iznad 75 cm2 ,Advanced Medical Solutions Ltd. ,Nurocel extra 20x30 cm$","Advanced Medical Solutions Ltd.","Medicline","02.09.2024",null,1,1,14,"1a",0,1,1,1,"NE",0,8,0,0,"cm2","do",10,20,30,"210,351",0,0,null,0,0,0,"IIb","S","SP,LJ","Natrijkarboksimetilceluloza ili etil sulfonat celuloza. Mekani savitljivi, za zrak propustan. Mekana primarna obloga. CE certifikat.",0,"0,0353",5,null,1,{"$nulls":4},0,1,"'0212031108000"]
["OBLOGE ZA RANE","Vlaknaste celulozne obloge",92,3155,"'021203110808","'0212031108037"," Vlaknasta celulozna obloga za rane iznad 75 cm2 ,Eurofarm S.p.O. ,Eurocell Hydro extra 15x15cm","Eurofarm S.p.O.","Bauerfeind","29.05.2025",null,1,1,14,"1a",0,1,1,1,"NE",0,8,0,0,"cm2","do",10,15,15,"351,210",0,0,null,0,0,0,"IIb","S","SP,LJ","Natrijkarboksimetilceluloza ili etil sulfonat celuloza. Mekani savitljivi, za zrak propustan. Mekana primarna obloga. CE certifikat.",0,"0,0318",5,{"$nulls":6},0,1,"'0212031108000"]
["OBLOGE ZA RANE","Vlaknaste celulozne obloge",92,3159,"'021203110807","'0212031108040"," Vlaknasta celulozna obloga za rane iznad 75 cm2 ,Pharmaplast S.A.E. ,Fibrosol Extra Non-Adhesive 20x20cm$","Pharmaplast S.A.E.","Hospitalija Pharmacum","19.03.2026",null,1,1,14,"1a",0,1,1,1,"NE",0,8,0,0,"cm2","do",10,20,20,"210,351",0,0,null,0,0,0,"IIb","S","SP,LJ","Natrijkarboksimetilceluloza ili etil sulfonat celuloza. Mekani savitljivi, za zrak propustan. Mekana primarna obloga. CE certifikat.",0,"0,0384",5,null,1,{"$nulls":4},0,1,"'0212031108000"]
["OBLOGE ZA RANE","Vlaknaste celulozne obloge s dodatkom",93,3178,"'021203111002","'0212031110004","Vlaknaste celulozne obloge za rane s dodatkom srebra do 75cm2 ,Speciality Fibres and Materials Ltd ,Suprasorb Liquacel Ag 4x10cm","Speciality Fibres and Materials Ltd","Lohmann & Rauscher ","23.11.2024",null,1,1,14,"1a",0,1,1,1,"NE",0,8,0,0,"cm2","do",10,4,10,"212,351",0,0,null,0,0,0,"III","S","SP,LJ","Natrijkarboksimetilceluloza ili etil sulfonat celuloza s 1,2% ionizirajućeg srebra te svojstvom inkapsuliranja bakterija unutar vlakana; sterilna, netkana  antimikrobna obloga sa svojstvom autolitičkog debridmana. Pakirano u zatamnjenim košuljicama radi osjetljivosti iona srebra na svjetlo. Mekana primarna obloga. CE certifikat.",0,"0,0926",5,{"$nulls":6},0,1,"'0212031110000"]
["OBLOGE ZA RANE","Hidrokoloidi",94,3194,"'021203111401","'0212031114002","Hidrokoloidna obloga za rane, do 150 cm2 ,3M ,3M TEGADERM HYDROCOLLOID THIN 10x10cm","3M","Medical intertrade","01.01.2023",null,1,1,14,"1a",0,1,1,1,"NE",0,8,0,0,"cm2","do",10,10,10,"351,214",0,0,null,0,0,0,"IIb","S","SP,LJ","Sterilna samoljepljiva slojevita hidrokoloidna podloga u bazi elastomera pokrivena pjenastim filmom, poliuretan. Standardna, ili s rubom, ili tanka, ili anatomski oblikovana. CE certifikat.",0,"0,0544",5,null,1,{"$nulls":4},0,1,"'0212031114000"]
["OBLOGE ZA RANE","Hidrokoloidi",94,3201,"'021203111404","'0212031114010","Hidrokoloidna obloga za rane, do 150 cm2 ,Lohmann & Rauscher  ,Suprasorb H tanki 5 x 20 cm","Lohmann & Rauscher ","Lohmann & Rauscher ","20.07.2023",null,1,1,14,"1a",0,1,1,1,"NE",0,8,0,0,"cm2","do",10,5,20,"351,214",0,0,null,0,0,0,"IIb","S","SP,LJ","Sterilna samoljepljiva slojevita hidrokoloidna podloga u bazi elastomera pokrivena pjenastim filmom, poliuretan. Standardna, ili s rubom, ili tanka, ili anatomski oblikovana. CE certifikat.",0,"0,0612",5,null,1,{"$nulls":4},0,1,"'0212031114000"]
["OBLOGE ZA RANE","Hidrokoloidi",94,3220,"'021203111502","'0212031115004","Hidrokoloidna obloga za rane, iznad 150 cm2 ,Coloplast A/S ,COMFEEL Plus Transparent Dressing 33 545 (20x20 cm) ","Coloplast A/S","Medikal Lux","22.02.2024",null,1,1,14,"1a",0,1,1,1,"NE",0,8,0,0,"cm2","do",10,20,20,"214,351",0,0,null,0,0,0,"IIb","S","SP,LJ","Sterilna samoljepljiva slojevita hidrokoloidna podloga u bazi elastomera pokrivena pjenastim filmom, poliuretan. Standardna, ili s rubom, ili tanka, ili anatomski oblikovana. CE certifikat.",0,"0,0314",5,null,1,{"$nulls":4},0,1,"'0212031115000"]
["OBLOGE ZA RANE","Hidrokoloidi",94,3224,"'021203111503","'0212031115008","Hidrokoloidna obloga za rane, iznad 150 cm2 ,Lohmann & Rauscher  ,Suprasorb H standard 15 x 15 cm","Lohmann & Rauscher ","Lohmann & Rauscher ","20.07.2023",null,1,1,14,"1a",0,1,1,1,"NE",0,8,0,0,"cm2","do",10,15,15,"351,214",0,0,null,0,0,0,"IIb","S","SP,LJ","Sterilna samoljepljiva slojevita hidrokoloidna podloga u bazi elastomera pokrivena pjenastim filmom, poliuretan. Standardna, ili s rubom, ili tanka, ili anatomski oblikovana. CE certifikat.",0,"0,0314",5,null,1,{"$nulls":4},0,1,"'0212031115000"]
["OBLOGE ZA RANE","Hidrokoloidi",94,3242,"'021203111506","'0212031115027","Hidrokoloidna obloga za rane, iznad 150 cm2 ,T&L Co. ,Renocare hidrokoloidna obloga za rane 15x15cm, standardna 0,85mm","T&L Co.","Sanitas","20.07.2023",null,1,1,14,"1a",0,1,1,1,"NE",0,8,0,0,"cm2","do",10,15,15,"351,214",0,0,null,0,0,0,"IIb","S","SP,LJ","Sterilna samoljepljiva slojevita hidrokoloidna podloga u bazi elastomera pokrivena pjenastim filmom, poliuretan. Standardna, ili s rubom, ili tanka, ili anatomski oblikovana. CE certifikat.",0,"0,0314",5,null,1,{"$nulls":4},0,1,"'0212031115000"]
["OBLOGE ZA RANE","Hidrokoloidi",94,3247,"'021203111506","'0212031115032","Hidrokoloidna obloga za rane, iznad 150 cm2 ,T&L Co. ,Renocare hidrokoloidna obloga za rane 20x20cm, tanka 0,35mm","T&L Co.","Sanitas","20.07.2023",null,1,1,14,"1a",0,1,1,1,"NE",0,8,0,0,"cm2","do",10,20,20,"351,214",0,0,null,0,0,0,"IIb","S","SP,LJ","Sterilna samoljepljiva slojevita hidrokoloidna podloga u bazi elastomera pokrivena pjenastim filmom, poliuretan. Standardna, ili s rubom, ili tanka, ili anatomski oblikovana. CE certifikat.",0,"0,0314",5,null,1,{"$nulls":4},0,1,"'0212031115000"]
["OBLOGE ZA RANE","Hidrokoloidi",94,3264,"'021203111508","'0212031115037","Hidrokoloidna obloga za rane, iznad 150 cm2 ,Pharmaplast S.A.E. , Pharmacoll 15x15 cm","Pharmaplast S.A.E.","Hospitalija Pharmacum","20.07.2023",null,1,1,14,"1a",0,1,1,1,"NE",0,8,0,0,"cm2","do",10,15,15,"351,214",0,0,null,0,0,0,"IIb","S","SP,LJ","Sterilna samoljepljiva slojevita hidrokoloidna podloga u bazi elastomera pokrivena pjenastim filmom, poliuretan. Standardna, ili s rubom, ili tanka, ili anatomski oblikovana. CE certifikat.",0,"0,0298",5,{"$nulls":6},0,1,"'0212031115000"]
["OBLOGE ZA RANE","Hidrokoloidi",94,3278,"'021203111508","'0212031115051","Hidrokoloidna obloga za rane, iznad 150 cm2 ,Pharmaplast S.A.E. , Pharmacoll Comfort Concave 18x16,5 cm","Pharmaplast S.A.E.","Hospitalija Pharmacum","20.07.2023",null,1,1,14,"1a",0,1,1,1,"NE",0,8,0,0,"cm2","do",10,18,16.5,"351,214",0,0,null,0,0,0,"IIb","S","SP,LJ","Sterilna samoljepljiva slojevita hidrokoloidna podloga u bazi elastomera pokrivena pjenastim filmom, poliuretan. Standardna, ili s rubom, ili tanka, ili anatomski oblikovana. CE certifikat.",0,"0,0298",5,{"$nulls":6},0,1,"'0212031115000"]
["OBLOGE ZA RANE","Hidrokoloidi",94,3291,"'021203111509","'0212031115059","Hidrokoloidna obloga za rane, iznad 150 cm2 ,Medeco BV , Klinion Kliniderm hydrocolloid standard wound dressing 20x20cm$","Medeco BV","Salvus","22.02.2024",null,1,0,14,"1a",0,1,1,1,"NE",0,8,0,0,"cm2","do",10,20,20,"351,214",0,0,null,0,0,0,"IIb","S","SP,LJ","Sterilna samoljepljiva slojevita hidrokoloidna podloga u bazi elastomera pokrivena pjenastim filmom, poliuretan. Standardna, ili s rubom, ili tanka, ili anatomski oblikovana. CE certifikat.",0,"0,0239",5,null,1,{"$nulls":4},0,1,"'0212031115000"]
["OBLOGE ZA RANE","Druge obloge s dodatkom srebra ili aktivnog ugljena",95,3305,"'023003111703","'0230031117010","Obloga za rane s dodatkom srebra ili aktivnog ugljena, iznad 75 cm2 ,Lohmann & Rauscher  ,Vliwaktiv AG  kompresa 10 x 20 cm","Lohmann & Rauscher ","Lohmann & Rauscher ","20.07.2023",null,1,1,14,"1a",0,1,1,1,"NE",0,8,0,0,"cm2","do",10,10,20,"351,215",0,0,null,0,0,0,"IIb","S","SP,LJ","Polietilenska, viskozna ili akrilatna obloga s dodatkom srebra i/ili aktivnog ugljena. CE certifikat.",0,"0,0672",5,null,1,{"$nulls":4},0,1,"'0230031117000"]
["OBLOGE ZA RANE","Druge obloge s dodatkom srebra ili aktivnog ugljena",95,3310,"'023003111602","'0230031116004","Obloga za rane s dodatkom srebra ili aktivnog ugljena, do 75 cm2 ,Chemviron Carbon Cloth Division ,Zorflex 5x5cm","Chemviron Carbon Cloth Division","Sanitas","20.07.2023",null,1,1,14,"1a",0,1,1,1,"NE",0,8,0,0,"cm2","do",10,5,5,"351,215",0,0,null,0,0,0,"IIb","S","SP,LJ","Polietilenska, viskozna ili akrilatna obloga s dodatkom aktivne supstance, srebra i/ili aktivnog ugljena.CE certifikat. ",0,"0,0807",5,null,1,{"$nulls":4},0,1,"'0230031116000"]
["OBLOGE ZA RANE","Poliuretani / Pjene",96,3327,"'020903111802","'0209031118004","Poliuretan/Pjena do 75 cm2 ,Lohmann & Rauscher  ,Suprasorb P PU spužvasti povoj, ne ljepljiv 5 x 5 cm","Lohmann & Rauscher ","Lohmann & Rauscher ","20.07.2023",null,1,1,14,"1a",0,1,1,1,"NE",0,8,0,0,"cm2","do",10,5,5,"351,216",0,0,null,0,0,0,"IIb","S","SP,LJ","Poliuretan. Pjenasta obloga od poliuretanske mase.  Ljepiva ili neljepiva. CE certifikat.",0,"0,0478",5,null,1,{"$nulls":4},0,1,"'0209031118000"]
["OBLOGE ZA RANE","Poliuretani / Pjene",96,3333,"'020903111805","'0209031118013","Poliuretan/Pjena do 75 cm2 ,T&L Co. ,RenoFoam F 5x5cm,ljepljiva,debela 5mm","T&L Co.","Sanitas","20.07.2023",null,1,1,14,"1a",0,1,1,1,"NE",0,8,0,0,"cm2","do",10,5,5,"351,216",0,0,null,0,0,0,"IIb","S","SP,LJ","Poliuretan. Pjenasta obloga od poliuretanske mase.  Ljepiva ili neljepiva. CE certifikat.",0,"0,0478",5,null,1,{"$nulls":4},0,1,"'0209031118000"]
["OBLOGE ZA RANE","Poliuretani / Pjene",96,3349,"'020903111902","'0209031119011","Poliuretan/Pjena iznad 75 cm2 ,Smith&Nephew Medical Limited ,Allevyn adhesive 12,5cmx12,5cm","Smith&Nephew Medical Limited","Rozi Step","20.07.2023",null,1,1,14,"1a",0,1,1,1,"NE",0,8,0,0,"cm2","do",10,12.5,12.5,"351,216",0,0,null,0,0,0,"IIb","S","SP,LJ","Poliuretan. Pjenasta obloga od poliuretanske mase.  Ljepiva ili neljepiva. CE certifikat.",0,"0,0452",5,null,1,{"$nulls":4},0,1,"'0209031119000"]
["OBLOGE ZA RANE","Poliuretani / Pjene",96,3368,"'020903111906","'0209031119050","Poliuretan/Pjena iznad 75 cm2 ,ConvaTec ,Aquacel Foam Adhesive Heel Dressing 19,8x14cm","ConvaTec","Stoma medical","20.07.2023",null,1,1,14,"1a",0,1,1,1,"NE",0,8,0,0,"cm2","do",10,19.8,14,"351,216",0,0,null,0,0,0,"IIb","S","SP,LJ","Poliuretan. Pjenasta obloga od poliuretanske mase.  Ljepiva ili neljepiva. CE certifikat.",0,"0,0462",5,null,1,{"$nulls":4},0,1,"'0209031119000"]
["OBLOGE ZA RANE","Poliuretani / Pjene",96,3375,"'020903111907","'0209031119057","Poliuretan/Pjena iznad 75 cm2 ,T&L Co. ,RenoFoam F ,ljepljiva, debela 5mm  5x20cm","T&L Co.","Sanitas","20.07.2023",null,1,1,14,"1a",0,1,1,1,"NE",0,8,0,0,"cm2","do",10,5,20,"351,216",0,0,null,0,0,0,"IIb","S","SP,LJ","Poliuretan. Pjenasta obloga od poliuretanske mase.  Ljepiva ili neljepiva. CE certifikat.",0,"0,0462",5,null,1,{"$nulls":4},0,1,"'0209031119000"]
["OBLOGE ZA RANE","Poliuretani / Pjene",96,3391,"'020903111907","'0209031119073","Poliuretan/Pjena iznad 75 cm2 ,T&L Co. ,RenoFoam A ,ljepljiva, debela 5mm 15x20cm","T&L Co.","Sanitas","20.07.2023",null,1,1,14,"1a",0,1,1,1,"NE",0,8,0,0,"cm2","do",10,15,20,"351,216",0,0,null,0,0,0,"IIb","S","SP,LJ","Poliuretan. Pjenasta obloga od poliuretanske mase.  Ljepiva ili neljepiva. CE certifikat.",0,"0,0462",5,null,1,{"$nulls":4},0,1,"'0209031119000"]
["OBLOGE ZA RANE","Poliuretani / Pjene",96,3397,"'020903111907","'0209031119079","Poliuretan/Pjena iznad 75 cm2 ,T&L Co. ,RenoFoam,neljepljiva,tanka 2mm  15x20cm","T&L Co.","Sanitas","20.07.2023",null,1,1,14,"1a",0,1,1,1,"NE",0,8,0,0,"cm2","do",10,15,20,"351,216",0,0,null,0,0,0,"IIb","S","SP,LJ","Poliuretan. Pjenasta obloga od poliuretanske mase.  Ljepiva ili neljepiva. CE certifikat.",0,"0,0462",5,null,1,{"$nulls":4},0,1,"'0209031119000"]
["OBLOGE ZA RANE","Poliuretani / Pjene",96,3410,"'020903111909","'0209031119097","Poliuretan/Pjena iznad 75 cm2 ,Brightwake Limited ,Advazorb 10x10cm","Brightwake Limited","Advancis Medical Adria","09.11.2023",null,1,1,14,"1a",0,1,1,1,"NE",0,8,0,0,"cm2","do",10,10,10,"351,216",0,0,null,0,0,0,"IIb","S","SP,LJ","Poliuretan. Pjenasta obloga od poliuretanske mase.  Ljepiva ili neljepiva. CE certifikat.",0,"0,0398",5,null,1,{"$nulls":4},0,1,"'0209031119000"]
["OBLOGE ZA RANE","Poliuretani / Pjene",96,3432,"'020903111809","'0209031118028","Poliuretan/Pjena do 75 cm2 ,Pharmaplast S.A.E. ,Espuma Non Adhesive 5x5 cm","Pharmaplast S.A.E.","Hospitalija Pharmacum","20.07.2023",null,1,1,14,"1a",0,1,1,1,"NE",0,8,0,0,"cm2","do",10,5,5,"351,216",0,0,null,0,0,0,"IIb","S","SP,LJ","Poliuretan. Pjenasta obloga od poliuretanske mase.  Ljepiva ili neljepiva. CE certifikat.",0,"0,0448",5,{"$nulls":6},0,1,"'0209031118000"]
["OBLOGE ZA RANE","Poliuretani / Pjene",96,3433,"'020903111809","'0209031118029","Poliuretan/Pjena do 75 cm2 ,Pharmaplast S.A.E. , Espuma Non Adhesive 7,5x7,5 cm","Pharmaplast S.A.E.","Hospitalija Pharmacum","20.07.2023",null,1,1,14,"1a",0,1,1,1,"NE",0,8,0,0,"cm2","do",10,7.5,7.5,"351,216",0,0,null,0,0,0,"IIb","S","SP,LJ","Poliuretan. Pjenasta obloga od poliuretanske mase.  Ljepiva ili neljepiva. CE certifikat.",0,"0,0448",5,{"$nulls":6},0,1,"'0209031118000"]
["OBLOGE ZA RANE","Poliuretani / Pjene",96,3454,"'020903111911","'0209031119130","Poliuretan/Pjena iznad 75 cm2 ,Pharmaplast S.A.E. , Espuma Sealed Edges 10x15 cm","Pharmaplast S.A.E.","Hospitalija Pharmacum","20.07.2023",null,1,1,14,"1a",0,1,1,1,"NE",0,8,0,0,"cm2","do",10,10,15,"351,216",0,0,null,0,0,0,"IIb","S","SP,LJ","Poliuretan. Pjenasta obloga od poliuretanske mase.  Ljepiva ili neljepiva. CE certifikat.",0,"0,0433",5,{"$nulls":6},0,1,"'0209031119000"]
["OBLOGE ZA RANE","Poliuretani / Pjene",96,3468,"'020903111911","'0209031119144","Poliuretan/Pjena iznad 75 cm2 ,Pharmaplast S.A.E. , Espuma Adhesive Plus 15x20 cm","Pharmaplast S.A.E.","Hospitalija Pharmacum","20.07.2023",null,1,1,14,"1a",0,1,1,1,"NE",0,8,0,0,"cm2","do",10,15,20,"351,216",0,0,null,0,0,0,"IIb","S","SP,LJ","Poliuretan. Pjenasta obloga od poliuretanske mase.  Ljepiva ili neljepiva. CE certifikat.",0,"0,0433",5,{"$nulls":6},0,1,"'0209031119000"]
["OBLOGE ZA RANE","Poliuretani / Pjene",96,3480,"'020903111912","'0209031119156","Poliuretan/Pjena iznad 75 cm2 ,Eurofarm S.p.O. , Euroderm Foam Plus 10x10cm","Eurofarm S.p.O.","BelMa Medic; Bauerfeind","23.11.2024",null,1,1,14,"1a",0,1,1,1,"NE",0,8,0,0,"cm2","do",10,10,10,"351,216",0,0,null,0,0,0,"IIb","S","SP,LJ","Poliuretan. Pjenasta obloga od poliuretanske mase.  Ljepiva ili neljepiva. CE certifikat.",0,"0,0365",5,{"$nulls":6},0,1,"'0209031119000"]
["OBLOGE ZA RANE","Poliuretani / Pjene",96,3491,"'020903111914","'0209031119164","Poliuretan/Pjena iznad 75 cm2 ,Farmac Zabban  , Farmactive PU FOAM 17x17 cm non adhesive","Farmac Zabban ","Lola Ribar","09.11.2023",null,1,0,14,"1a",0,1,1,1,"NE",0,8,0,0,"cm2","do",10,17,17,"216,351",0,0,null,0,0,0,"IIb","S","SP,LJ","Poliuretan. Pjenasta obloga od poliuretanske mase.  Ljepiva ili neljepiva. CE certifikat.",0,"0,0390",5,null,1,{"$nulls":4},0,1,"'0209031119000"]
["OBLOGE ZA RANE","Poliuretani / Pjene",96,3502,"'020903111811","'0209031118046","Poliuretan/Pjena do 75 cm2 ,Medeco BV ,Klinion Kliniderm foam 5x5cm","Medeco BV","Salvus","22.02.2024",null,1,0,14,"1a",0,1,1,1,"NE",0,8,0,0,"cm2","do",10,5,5,"351,216",0,0,null,0,0,0,"IIb","S","SP,LJ","Poliuretan. Pjenasta obloga od poliuretanske mase.  Ljepiva ili neljepiva. CE certifikat.",0,"0,0404",5,{"$nulls":6},0,1,"'0209031118000"]
["OBLOGE ZA RANE","Poliuretani / Pjene",96,3514,"'020903111812","'0209031118047","Poliuretan/Pjena do 75 cm2 ,Eurofarm S.p.O. ,Euroderm foam tracheo 8,5x8,5cm","Eurofarm S.p.O.","Bauerfeind","20.03.2025",null,1,0,14,"1a",0,1,1,1,"NE",0,8,0,0,"cm2","do",10,8.5,8.5,"351,216",0,0,null,0,0,0,"IIb","S","SP,LJ","Poliuretan. Pjenasta obloga od poliuretanske mase.  Ljepiva ili neljepiva. CE certifikat.",0,"0,0383",5,{"$nulls":6},0,1,"'0209031118000"]
["OBLOGE ZA RANE","Poliuretani / Pjene",96,3524,"'020903111918","'0209031119193","Poliuretan/Pjena iznad 75 cm2 ,Derma Science Canada Inc. , Xtrasorb Foam Adhesiv 15,5x15,5cm","Derma Science Canada Inc.","BelMa Medic","23.10.2025",null,1,0,14,"1a",0,1,1,1,"NE",0,8,0,0,"cm2","do",10,15.5,15.5,"351,216",0,0,null,0,0,0,"IIb","S","SP,LJ","Poliuretan. Pjenasta obloga od poliuretanske mase.  Ljepiva ili neljepiva. CE certifikat.",0,"0,0314",5,{"$nulls":6},0,1,"'0209031119000"]
["OBLOGE ZA RANE","Poliuretani / Pjene s dodatkom",97,3533,"'020903112102","'0209031121008","Poliuretan/Pjena sa dodatkom srebra ili aktivnog ugljena, iznad 75 cm2 ,Smith&Nephew Medical Limited ,Allevyn Ag non adhesive 10cmx10cm","Smith&Nephew Medical Limited","Rozi Step","20.07.2023",null,1,1,14,"1a",0,1,1,1,"NE",0,8,0,0,"cm2","do",10,10,10,"351,217",0,0,null,0,0,0,"IIb","S","SP,LJ","Pjenasta obloga od poliuretanske mase.  Ljepiva ili neljepiva. S dodatkom aktivne supstance, srebra i/ili aktivnog ugljena. Standardna ili s rubom, ili tanka ili anatomski oblikovana. CE certifikat.",0,"0,0584",5,null,1,{"$nulls":4},0,1,"'0209031121000"]
["OBLOGE ZA RANE","Poliuretani / Pjene s dodatkom",97,3546,"'020903112104","'0209031121022","Poliuretan/Pjena sa dodatkom srebra ili aktivnog ugljena, iznad 75 cm2 ,ConvaTec  ,Aquacel Ag Foam Adhesive Heel Dressing 19,8x14cm","ConvaTec ","Stoma medical","20.07.2023",null,1,1,14,"1a",0,1,1,1,"NE",0,8,0,0,"cm2","do",10,19.8,14,"351,217",0,0,null,0,0,0,"IIb","S","SP,LJ","Pjenasta obloga od poliuretanske mase.  Ljepiva ili neljepiva. S dodatkom aktivne supstance, srebra i/ili aktivnog ugljena. Standardna ili s rubom, ili tanka ili anatomski oblikovana. CE certifikat.",0,"0,0597",5,null,1,{"$nulls":4},0,1,"'0209031121000"]
["OBLOGE ZA RANE","Poliuretani / Pjene s dodatkom",97,3568,"'020903112004","'0209031120012","Poliuretan/Pjena sa dodatkom srebra ili aktivnog ugljena, do 75 cm2 ,Zadi Tibbi Gerecler San , Difa Ag Adhesive 7,5x7,5cm","Zadi Tibbi Gerecler San","Sanitas","29.05.2025",null,1,1,14,"1a",0,1,1,1,"NE",0,8,0,0,"cm2","do",10,7.5,7.5,"351,217",0,0,null,0,0,0,"III","S","SP,LJ","Pjenasta obloga od poliuretanske mase.  Ljepiva ili neljepiva. S dodatkom aktivne supstance, srebra i/ili aktivnog ugljena. Standardna ili s rubom, ili tanka ili anatomski oblikovana. CE certifikat.",0,"0,0618",5,{"$nulls":6},0,1,"'0209031120000"]
["OBLOGE ZA RANE","Poliuretani / Pjene s dodatkom",97,3572,"'020903112106","'0209031121038","Poliuretan/Pjena sa dodatkom srebra ili aktivnog ugljena, iznad 75 cm2 ,Zadi Tibbi Gerecler San , Difa Ag Non Adhesive 15x15cm","Zadi Tibbi Gerecler San","Sanitas","29.05.2025",null,1,1,14,"1a",0,1,1,1,"NE",0,8,0,0,"cm2","do",10,15,15,"351,217",0,0,null,0,0,0,"IIb","S","SP,LJ","Pjenasta obloga od poliuretanske mase.  Ljepiva ili neljepiva. S dodatkom aktivne supstance, srebra i/ili aktivnog ugljena. Standardna ili s rubom, ili tanka ili anatomski oblikovana. CE certifikat.",0,"0,0492",5,{"$nulls":6},0,1,"'0209031121000"]
["OBLOGE ZA RANE","Poliuretani / Pjene s dodatkom",97,3591,"'020903113501","'0209031135012","Poliuretan/Pjena sa dodatkom PHMB-a, iznad 75 cm2 ,Advanced Medical Solutions Ltd. ,Nurofoam non adhesive PHMB 20x20 cm","Advanced Medical Solutions Ltd.","Medicline","02.09.2024",null,1,1,14,"1a",0,1,1,1,"NE",0,8,0,0,"cm2","do",10,20,20,"351,376",0,0,null,0,0,0,"III","S","SP,LJ","Pjenasta obloga od poliuretanske mase.  Ljepiva ili neljepiva. S dodatkom aktivne supstance, PHMB-a. Standardna ili s rubom, ili tanka ili anatomski oblikovana. CE certifikat.",0,"0,0404",5,{"$nulls":6},0,1,"'0209031135000"]
["OBLOGE ZA RANE","Poliuretani / Pjene s dodatkom",97,3607,"'020903113504","'0209031135026","Pjenasta obloga s hidrogelnim kontaktnim slojem iznad 75 cm2 ,PAUL HARTMANN AG , HydroTac Comfort 10x30cm","PAUL HARTMANN AG","PAUL HARTMANN ","12.10.2024",null,1,0,14,"1a",0,1,1,1,"NE",0,8,0,0,"cm2","do",10,10,30,"351,214",0,0,null,0,0,0,"III","S","SP,LJ","Pjenasta obloga s hidrogelnim kontaktnim slojem.  Ljepiva ili neljepiva. Bez ruba ili s rubom ili anatomski oblikovana. CE certifikat.",0,"0,0452",5,{"$nulls":6},0,1,"'0209031135000"]
["OBLOGE ZA RANE","Silikonske obloge",98,3614,"'020903112201","'0209031122004","Silikonska obloga za rane do 75 cm2 ,Molnlycke Health Care AB ,Mepilex  E.M. 7,5x8,5","Molnlycke Health Care AB","Molnlycke Health Care Adria","02.09.2024",null,1,1,14,"1a",0,1,1,1,"NE",0,8,0,0,"cm2","do",10,7.5,8.5,"351,218",0,0,null,0,0,0,"IIb","S","SP,LJ","Poliuretanska pjena s dodatkom silikona. Sloj silikona mora biti nanešen na cijelu površinu obloge koja prekriva ranu i okolnu kožu. Standardna, ili s rubom, ili tanka, ili tanka s rubom, ili anatomski oblikovana. Višeslojna obloga. Poliamidna mrežica. Obavezan upijajući sloj i zaštitna folija. Poliamidna mrežica. / Atraumatska mrežica obložena mekim silikonom, omogućuje drenažu eksudata iz rane, nježno prijanja za kožu oko rane, a ne uz samu ranu. CE certifikat.",0,"0,0552",5,null,1,{"$nulls":4},0,1,"'0209031122000"]
["OBLOGE ZA RANE","Silikonske obloge",98,3623,"'020903112301","'0209031123003","Silikonska obloga za rane iznad 75 cm2 ,Molnlycke Health Care AB ,Mepilex 12,5x12,5","Molnlycke Health Care AB","Molnlycke Health Care Adria","29.01.2026",null,1,1,14,"1a",0,1,1,1,"NE",0,8,0,0,"cm2","do",10,12.5,12.5,"218,351",0,0,null,0,0,0,"IIb","S","SP,LJ","Poliuretanska pjena s dodatkom silikona. Sloj silikona mora biti nanešen na cijelu površinu obloge koja prekriva ranu i okolnu kožu. Standardna, ili s rubom, ili tanka, ili tanka s rubom, ili anatomski oblikovana. Višeslojna obloga. Poliamidna mrežica. Obavezan upijajući sloj i zaštitna folija. Poliamidna mrežica. / Atraumatska mrežica obložena mekim silikonom, omogućuje drenažu eksudata iz rane, nježno prijanja za kožu oko rane, a ne uz samu ranu. CE certifikat.",0,"0,0492",5,{"$nulls":6},0,1,"'0209031123000"]
["OBLOGE ZA RANE","Silikonske obloge",98,3635,"'020903112301","'0209031123015","Silikonska obloga za rane iznad 75 cm2 ,Molnlycke Health Care AB ,Mepilex E.M. 17,5x17,5","Molnlycke Health Care AB","Molnlycke Health Care Adria","29.01.2026",null,1,1,14,"1a",0,1,1,1,"NE",0,8,0,0,"cm2","do",10,17.5,17.5,"218,351",0,0,null,0,0,0,"IIb","S","SP,LJ","Poliuretanska pjena s dodatkom silikona. Sloj silikona mora biti nanešen na cijelu površinu obloge koja prekriva ranu i okolnu kožu. Standardna, ili s rubom, ili tanka, ili tanka s rubom, ili anatomski oblikovana. Višeslojna obloga. Poliamidna mrežica. Obavezan upijajući sloj i zaštitna folija. Poliamidna mrežica. / Atraumatska mrežica obložena mekim silikonom, omogućuje drenažu eksudata iz rane, nježno prijanja za kožu oko rane, a ne uz samu ranu. CE certifikat.",0,"0,0492",5,null,1,{"$nulls":4},0,1,"'0209031123000"]
["OBLOGE ZA RANE","Silikonske obloge",98,3646,"'020903112304","'0209031123037","Silikonska obloga za rane iznad 75 cm2 ,Lohmann & Rauscher  ,Suprasorb P silicone 10x10","Lohmann & Rauscher ","Lohmann & Rauscher ","20.07.2023",null,1,1,14,"1a",0,1,1,1,"NE",0,8,0,0,"cm2","do",10,10,10,"351,304",0,0,null,0,0,0,"IIb","S","SP,LJ","Poliuretanska pjena s dodatkom silikona. Sloj silikona mora biti nanešen na cijelu površinu obloge koja prekriva ranu i okolnu kožu. Standardna, ili s rubom, ili tanka, ili tanka s rubom, ili anatomski oblikovana. Višeslojna obloga. Poliamidna mrežica. Obavezan upijajući sloj i zaštitna folija. Poliamidna mrežica. / Atraumatska mrežica obložena mekim silikonom, omogućuje drenažu eksudata iz rane, nježno prijanja za kožu oko rane, a ne uz samu ranu. CE certifikat.",0,"0,0493",5,null,1,{"$nulls":4},0,1,"'0209031123000"]
["OBLOGE ZA RANE","Silikonske obloge",98,3657,"'020903112305","'0209031123088","Silikonska obloga za rane iznad 75 cm2 ,Smith&Nephew Medical Limited ,Allevyn Life 10,3cmx10,3cm","Smith&Nephew Medical Limited","Rozi Step","20.07.2023",null,1,1,14,"1a",0,1,1,1,"NE",0,8,0,0,"cm2","do",10,10.3,10.3,"351,304",0,0,null,0,0,0,"IIb","S","SP,LJ","Poliuretanska pjena s dodatkom silikona. Sloj silikona mora biti nanešen na cijelu površinu obloge koja prekriva ranu i okolnu kožu. Standardna, ili s rubom, ili tanka, ili tanka s rubom, ili anatomski oblikovana. Višeslojna obloga. Poliamidna mrežica. Obavezan upijajući sloj i zaštitna folija. Poliamidna mrežica. / Atraumatska mrežica obložena mekim silikonom, omogućuje drenažu eksudata iz rane, nježno prijanja za kožu oko rane, a ne uz samu ranu. CE certifikat.",0,"0,0482",5,null,1,{"$nulls":4},0,1,"'0209031123000"]
["OBLOGE ZA RANE","Silikonske obloge",98,3681,"'020903112307","'0209031123109","Silikonska obloga za rane iznad 75 cm2 ,Brightwake Limited ,Advazorb Border Sacrum (22x23cm)","Brightwake Limited","Advancis Medical Adria","09.11.2023",null,1,1,14,"1a",0,1,1,1,"NE",0,8,0,0,"cm2","do",10,22,23,"351,218",0,0,null,0,0,0,"IIb","S","SP,LJ","Poliuretanska pjena s dodatkom silikona. Sloj silikona mora biti nanešen na cijelu površinu obloge koja prekriva ranu i okolnu kožu. Standardna, ili s rubom, ili tanka, ili tanka s rubom, ili anatomski oblikovana. Višeslojna obloga. Poliamidna mrežica. Obavezan upijajući sloj i zaštitna folija. Poliamidna mrežica. / Atraumatska mrežica obložena mekim silikonom, omogućuje drenažu eksudata iz rane, nježno prijanja za kožu oko rane, a ne uz samu ranu. CE certifikat.",0,"0,0438",5,null,1,{"$nulls":4},0,1,"'0209031123000"]
["OBLOGE ZA RANE","Silikonske obloge",98,3692,"'020903112309","'0209031123114","Silikonska obloga za rane iznad 75 cm2 ,ConvaTec ,Foam Lite™ ConvaTec 10x10","ConvaTec","Stoma medical","20.07.2023",null,1,1,14,"1a",0,1,1,1,"NE",0,8,0,0,"cm2","do",10,10,10,"351,304",0,0,null,0,0,0,"IIb","S","SP,LJ","Poliuretanska pjena s dodatkom silikona. Sloj silikona mora biti nanešen na cijelu površinu obloge koja prekriva ranu i okolnu kožu. Standardna, ili s rubom, ili tanka, ili tanka s rubom, ili anatomski oblikovana. Višeslojna obloga. Poliamidna mrežica. Obavezan upijajući sloj i zaštitna folija. Poliamidna mrežica. / Atraumatska mrežica obložena mekim silikonom, omogućuje drenažu eksudata iz rane, nježno prijanja za kožu oko rane, a ne uz samu ranu. CE certifikat.",0,"0,0493",5,null,1,{"$nulls":4},0,1,"'0209031123000"]
["OBLOGE ZA RANE","Silikonske obloge",98,3700,"'020903112208","'0209031122026","Silikonska obloga za rane do 75 cm2 ,T&L Co. , RenoFoam SB 8x8cm (debljine 5mm)","T&L Co.","Sanitas","20.07.2023",null,1,1,14,"1a",0,1,1,1,"NE",0,8,0,0,"cm2","do",10,8,8,"351,304",0,0,null,0,0,0,"IIb","S","SP,LJ","Poliuretanska pjena s dodatkom silikona. Sloj silikona mora biti nanešen na cijelu površinu obloge koja prekriva ranu i okolnu kožu. Standardna, ili s rubom, ili tanka, ili tanka s rubom, ili anatomski oblikovana. Višeslojna obloga. Poliamidna mrežica. Obavezan upijajući sloj i zaštitna folija. Poliamidna mrežica. / Atraumatska mrežica obložena mekim silikonom, omogućuje drenažu eksudata iz rane, nježno prijanja za kožu oko rane, a ne uz samu ranu. CE certifikat.",0,"0,0552",5,{"$nulls":6},0,1,"'0209031122000"]
["OBLOGE ZA RANE","Silikonske obloge",98,3714,"'020903112310","'0209031123128","Silikonska obloga za rane iznad 75 cm2 ,T&L Co. , RenoFoam SB 8x23cm (debljine 5mm)","T&L Co.","Sanitas","20.07.2023",null,1,1,14,"1a",0,1,1,1,"NE",0,8,0,0,"cm2","do",10,8,23,"351,304",0,0,null,0,0,0,"IIb","S","SP,LJ","Poliuretanska pjena s dodatkom silikona. Sloj silikona mora biti nanešen na cijelu površinu obloge koja prekriva ranu i okolnu kožu. Standardna, ili s rubom, ili tanka, ili tanka s rubom, ili anatomski oblikovana. Višeslojna obloga. Poliamidna mrežica. Obavezan upijajući sloj i zaštitna folija. Poliamidna mrežica. / Atraumatska mrežica obložena mekim silikonom, omogućuje drenažu eksudata iz rane, nježno prijanja za kožu oko rane, a ne uz samu ranu. CE certifikat.",0,"0,0493",5,{"$nulls":6},0,1,"'0209031123000"]
["OBLOGE ZA RANE","Silikonske obloge",98,3723,"'020903112302","'0209031123137","Silikonska obloga za rane iznad 75 cm2 ,Coloplast A/S ,Biatain Silicone 33401 (10 x 30 cm)","Coloplast A/S","Medikal Lux","20.07.2023",null,1,1,14,"1a",0,1,1,1,"NE",0,8,0,0,"cm2","do",10,10,30,"351,304",0,0,null,0,0,0,"IIb","S","SP,LJ","Poliuretanska pjena s dodatkom silikona. Sloj silikona mora biti nanešen na cijelu površinu obloge koja prekriva ranu i okolnu kožu. Standardna, ili s rubom, ili tanka, ili tanka s rubom, ili anatomski oblikovana. Višeslojna obloga. Poliamidna mrežica. Obavezan upijajući sloj i zaštitna folija. Poliamidna mrežica. / Atraumatska mrežica obložena mekim silikonom, omogućuje drenažu eksudata iz rane, nježno prijanja za kožu oko rane, a ne uz samu ranu. CE certifikat.",0,"0,0493",5,{"$nulls":6},0,1,"'0209031123000"]
["OBLOGE ZA RANE","Silikonske obloge",98,3740,"'020903112311","'0209031123148","Silikonska obloga za rane iznad 75 cm2 ,Huizhou Foryou Medical Devices Co. , Suprasorb P Sensitive non-border 10x20","Huizhou Foryou Medical Devices Co.","Lohmann & Rauscher ","20.07.2023",null,1,1,14,"1a",0,1,1,1,"NE",0,8,0,0,"cm2","do",10,10,20,"351,304",0,0,null,0,0,0,"IIb","S","SP,LJ","Poliuretanska pjena s dodatkom silikona. Sloj silikona mora biti nanešen na cijelu površinu obloge koja prekriva ranu i okolnu kožu. Standardna, ili s rubom, ili tanka, ili tanka s rubom, ili anatomski oblikovana. Višeslojna obloga. Poliamidna mrežica. Obavezan upijajući sloj i zaštitna folija. Poliamidna mrežica. / Atraumatska mrežica obložena mekim silikonom, omogućuje drenažu eksudata iz rane, nježno prijanja za kožu oko rane, a ne uz samu ranu. CE certifikat.",0,"0,0493",5,null,1,{"$nulls":4},0,1,"'0209031123000"]
["OBLOGE ZA RANE","Silikonske obloge",98,3746,"'020903112403","'0209031124007","Silikonska obloga za rane iznad 400 cm2 ,Huizhou Foryou Medical Devices Co. , Suprasorb P Sensitive non-border 20x20","Huizhou Foryou Medical Devices Co.","Lohmann & Rauscher ","20.07.2023",null,1,1,14,"1a",0,1,1,1,"NE",0,8,0,0,"cm2","do",10,20,20,"351,304",0,0,null,0,0,0,"IIb","S","SP,LJ","Poliuretanska pjena s dodatkom silikona. Sloj silikona mora biti nanešen na cijelu površinu obloge koja prekriva ranu i okolnu kožu. Standardna, ili s rubom, ili tanka, ili tanka s rubom, ili anatomski oblikovana. Višeslojna obloga. Poliamidna mrežica. Obavezan upijajući sloj i zaštitna folija. Poliamidna mrežica. / Atraumatska mrežica obložena mekim silikonom, omogućuje drenažu eksudata iz rane, nježno prijanja za kožu oko rane, a ne uz samu ranu. CE certifikat.",0,"0,0478",5,null,1,{"$nulls":4},0,1,"'0209031124000"]
["OBLOGE ZA RANE","Silikonske obloge",98,3762,"'020903112212","'0209031122038","Silikonska obloga za rane do 75 cm2 ,Pharmaplast S.A.E. , Espuma Gentle 7,5x10 cm","Pharmaplast S.A.E.","Hospitalija Pharmacum","29.05.2025",null,1,1,14,"1a",0,1,1,1,"NE",0,8,0,0,"cm2","do",10,7.5,10,"351,218",0,0,null,0,0,0,"IIb","S","SP,LJ","Poliuretanska pjena s dodatkom silikona. Sloj silikona mora biti nanešen na cijelu površinu obloge koja prekriva ranu i okolnu kožu. Standardna, ili s rubom, ili tanka, ili tanka s rubom, ili anatomski oblikovana. Višeslojna obloga. Poliamidna mrežica. Obavezan upijajući sloj i zaštitna folija. Poliamidna mrežica. / Atraumatska mrežica obložena mekim silikonom, omogućuje drenažu eksudata iz rane, nježno prijanja za kožu oko rane, a ne uz samu ranu. CE certifikat.",0,"0,0552",5,{"$nulls":6},0,1,"'0209031122000"]
["OBLOGE ZA RANE","Silikonske obloge",98,3781,"'020903112314","'0209031123171","Silikonska obloga za rane iznad 75 cm2 ,Pharmaplast S.A.E. , Espuma Gentle Xtra Comfort 10x15 cm","Pharmaplast S.A.E.","Hospitalija Pharmacum","29.05.2025",null,1,1,14,"1a",0,1,1,1,"NE",0,8,0,0,"cm2","do",10,10,15,"351,218",0,0,null,0,0,0,"IIb","S","SP,LJ","Poliuretanska pjena s dodatkom silikona. Sloj silikona mora biti nanešen na cijelu površinu obloge koja prekriva ranu i okolnu kožu. Standardna, ili s rubom, ili tanka, ili tanka s rubom, ili anatomski oblikovana. Višeslojna obloga. Poliamidna mrežica. Obavezan upijajući sloj i zaštitna folija. Poliamidna mrežica. / Atraumatska mrežica obložena mekim silikonom, omogućuje drenažu eksudata iz rane, nježno prijanja za kožu oko rane, a ne uz samu ranu. CE certifikat.",0,"0,0493",5,{"$nulls":6},0,1,"'0209031123000"]
["OBLOGE ZA RANE","Silikonske obloge",98,3784,"'020903112314","'0209031123174","Silikonska obloga za rane iznad 75 cm2 ,Pharmaplast S.A.E. , Espuma Gentle Transfer 10x10 cm","Pharmaplast S.A.E.","Hospitalija Pharmacum","29.05.2025",null,1,1,14,"1a",0,1,1,1,"NE",0,8,0,0,"cm2","do",10,10,10,"351,218",0,0,null,0,0,0,"IIb","S","SP,LJ","Poliuretanska pjena s dodatkom silikona. Sloj silikona mora biti nanešen na cijelu površinu obloge koja prekriva ranu i okolnu kožu. Standardna, ili s rubom, ili tanka, ili tanka s rubom, ili anatomski oblikovana. Višeslojna obloga. Poliamidna mrežica. Obavezan upijajući sloj i zaštitna folija. Poliamidna mrežica. / Atraumatska mrežica obložena mekim silikonom, omogućuje drenažu eksudata iz rane, nježno prijanja za kožu oko rane, a ne uz samu ranu. CE certifikat.",0,"0,0493",5,{"$nulls":6},0,1,"'0209031123000"]
["OBLOGE ZA RANE","Silikonske obloge",98,3800,"'020903112405","'0209031124020","Silikonska obloga za rane iznad 400 cm2 ,Pharmaplast S.A.E. , Espuma Gentle Transfer 20x20 cm$","Pharmaplast S.A.E.","Hospitalija Pharmacum","29.05.2025",null,1,1,14,"1a",0,1,1,1,"NE",0,8,0,0,"cm2","do",10,20,20,"351,218",0,0,null,0,0,0,"IIb","S","SP,LJ","Poliuretanska pjena s dodatkom silikona. Sloj silikona mora biti nanešen na cijelu površinu obloge koja prekriva ranu i okolnu kožu. Standardna, ili s rubom, ili tanka, ili tanka s rubom, ili anatomski oblikovana. Višeslojna obloga. Poliamidna mrežica. Obavezan upijajući sloj i zaštitna folija. Poliamidna mrežica. / Atraumatska mrežica obložena mekim silikonom, omogućuje drenažu eksudata iz rane, nježno prijanja za kožu oko rane, a ne uz samu ranu. CE certifikat.",0,"0,0478",5,null,1,{"$nulls":4},0,1,"'0209031124000"]
["OBLOGE ZA RANE","Silikonske obloge",98,3819,"'020903112316","'0209031123193","Silikonska obloga za rane iznad 75 cm2 ,Laboratories Urgo ,Urgotul Apsorb Border 13x13cm","Laboratories Urgo","Lentismed","05.10.2023",null,1,0,14,"1a",0,1,1,1,"NE",0,8,0,0,"cm2","do",10,13,13,"351,304",0,0,null,0,0,0,"IIb","S","SP,LJ","Poliuretanska pjena s dodatkom silikona. Sloj silikona mora biti nanešen na cijelu površinu obloge koja prekriva ranu i okolnu kožu. Standardna, ili s rubom, ili tanka, ili tanka s rubom, ili anatomski oblikovana. Višeslojna obloga. Poliamidna mrežica. Obavezan upijajući sloj i zaštitna folija. Poliamidna mrežica. / Atraumatska mrežica obložena mekim silikonom, omogućuje drenažu eksudata iz rane, nježno prijanja za kožu oko rane, a ne uz samu ranu. CE certifikat.",0,"0,0416",5,{"$nulls":6},0,1,"'0209031123000"]
["OBLOGE ZA RANE","Silikonske obloge",98,3823,"'020903112317","'0209031123195","Silikonska obloga za rane iznad 75 cm2 ,Farmac Zabban  ,Farmactive foam silicon non adhesive 10x10 cm","Farmac Zabban ","Lola Ribar","09.11.2023",null,1,0,14,"1a",0,1,1,1,"NE",0,8,0,0,"cm2","do",10,10,10,"304,351",0,0,null,0,0,0,"IIb","S","SP,LJ","Poliuretanska pjena s dodatkom silikona. Sloj silikona mora biti nanešen na cijelu površinu obloge koja prekriva ranu i okolnu kožu. Standardna, ili s rubom, ili tanka, ili tanka s rubom, ili anatomski oblikovana. Višeslojna obloga. Poliamidna mrežica. Obavezan upijajući sloj i zaštitna folija. Poliamidna mrežica. / Atraumatska mrežica obložena mekim silikonom, omogućuje drenažu eksudata iz rane, nježno prijanja za kožu oko rane, a ne uz samu ranu. CE certifikat.",0,"0,0416",5,null,1,{"$nulls":4},0,1,"'0209031123000"]
["OBLOGE ZA RANE","Silikonske obloge",98,3832,"'020903112318","'0209031123203","Silikonska obloga za rane iznad 75 cm2 ,Huizou Foryou Medical Devices Ltd. ,Suprasorb P Sensitive traceo non border 10x9cm","Huizou Foryou Medical Devices Ltd.","Lohmann & Rauscher ","05.01.2024",null,1,0,14,"1a",0,1,1,1,"NE",0,8,0,0,"cm2","do",10,10,9,"304,351",0,0,null,0,0,0,"IIb","S","SP,LJ","Poliuretanska pjena s dodatkom silikona. Sloj silikona mora biti nanešen na cijelu površinu obloge koja prekriva ranu i okolnu kožu. Standardna, ili s rubom, ili tanka, ili tanka s rubom, ili anatomski oblikovana. Višeslojna obloga. Poliamidna mrežica. Obavezan upijajući sloj i zaštitna folija. Poliamidna mrežica. / Atraumatska mrežica obložena mekim silikonom, omogućuje drenažu eksudata iz rane, nježno prijanja za kožu oko rane, a ne uz samu ranu. CE certifikat.",0,"0,0438",5,{"$nulls":6},0,1,"'0209031123000"]
["OBLOGE ZA RANE","Silikonske obloge",98,3846,"'020903112319","'0209031123212","Silikonska obloga za rane iznad 75 cm2 ,Medeco BV , Klinion Kliniderm foam silicone border wound dressing 10x10cm","Medeco BV","Salvus","22.02.2024",null,1,0,14,"1a",0,1,1,1,"NE",0,8,0,0,"cm2","do",10,10,10,"304,351",0,0,null,0,0,0,"IIb","S","SP,LJ","Poliuretanska pjena s dodatkom silikona. Sloj silikona mora biti nanešen na cijelu površinu obloge koja prekriva ranu i okolnu kožu. Standardna, ili s rubom, ili tanka, ili tanka s rubom, ili anatomski oblikovana. Višeslojna obloga. Poliamidna mrežica. Obavezan upijajući sloj i zaštitna folija. Poliamidna mrežica. / Atraumatska mrežica obložena mekim silikonom, omogućuje drenažu eksudata iz rane, nježno prijanja za kožu oko rane, a ne uz samu ranu. CE certifikat.",0,"0,0395",5,{"$nulls":6},0,1,"'0209031123000"]
["OBLOGE ZA RANE","Silikonske obloge",98,3867,"'020903112320","'0209031123224","Silikonska obloga za rane iznad 75 cm2 ,Molnlycke Health Care AB , Mepitel Film 10,5x12cm","Molnlycke Health Care AB","Molnlycke Health Care Adria","20.03.2025",null,1,1,14,"1a",0,1,1,1,"NE",0,8,0,0,"cm2","do",10,10.5,12,"304,351",0,0,null,0,0,0,"IIb","S","SP,LJ","Poliuretanska pjena s dodatkom silikona. Sloj silikona mora biti nanešen na cijelu površinu obloge koja prekriva ranu i okolnu kožu. Standardna, ili s rubom, ili tanka, ili tanka s rubom, ili anatomski oblikovana. Višeslojna obloga. Poliamidna mrežica. Obavezan upijajući sloj i zaštitna folija. Poliamidna mrežica. / Atraumatska mrežica obložena mekim silikonom, omogućuje drenažu eksudata iz rane, nježno prijanja za kožu oko rane, a ne uz samu ranu. CE certifikat.",0,"0,0458",5,{"$nulls":6},0,1,"'0209031123000"]
["OBLOGE ZA RANE","Silikonske obloge",98,3881,"'020903112321","'0209031123245","Silikonska obloga za rane iznad 75 cm2 ,Eurofarm S.p.O. , Euroderm Foam plus silicon 10x20cm","Eurofarm S.p.O.","Bauerfeind","29.05.2025",null,1,1,14,"1a",0,1,1,1,"NE",0,8,0,0,"cm2","do",10,10,20,"351,304",0,0,null,0,0,0,"IIb","S","SP,LJ","Poliuretanska pjena s dodatkom silikona. Sloj silikona mora biti nanešen na cijelu površinu obloge koja prekriva ranu i okolnu kožu. Standardna, ili s rubom, ili tanka, ili tanka s rubom, ili anatomski oblikovana. Višeslojna obloga. Poliamidna mrežica. Obavezan upijajući sloj i zaštitna folija. Poliamidna mrežica. / Atraumatska mrežica obložena mekim silikonom, omogućuje drenažu eksudata iz rane, nježno prijanja za kožu oko rane, a ne uz samu ranu. CE certifikat.",0,"0,0375",5,{"$nulls":6},0,1,"'0209031123000"]
["OBLOGE ZA RANE","Silikonske obloge",98,3889,"'020903112411","'0209031124041","Silikonska obloga za rane iznad 400 cm2 ,Winner Medical Co.Ltd , Sacral Silicone Foam Dressing with Border 23x23cm$","Winner Medical Co.Ltd","BelMa Medic","23.10.2025",null,1,0,14,"1a",0,1,1,1,"NE",0,8,0,0,"cm2","do",10,23,23,"351,218",0,0,null,0,0,0,"IIb","S","SP,LJ","Poliuretanska pjena s dodatkom silikona. Sloj silikona mora biti nanešen na cijelu površinu obloge koja prekriva ranu i okolnu kožu. Standardna, ili s rubom, ili tanka, ili tanka s rubom, ili anatomski oblikovana. Višeslojna obloga. Poliamidna mrežica. Obavezan upijajući sloj i zaštitna folija. Poliamidna mrežica. / Atraumatska mrežica obložena mekim silikonom, omogućuje drenažu eksudata iz rane, nježno prijanja za kožu oko rane, a ne uz samu ranu. CE certifikat.",0,"0,0338",5,null,1,{"$nulls":4},0,1,"'0209031124000"]
["OBLOGE ZA RANE","Silikonske obloge s dodatkom",99,3900,"'020903112601","'0209031126001","Silikonska obloga za rane s dodatkom srebra iznad 75 cm2 ,Molnlycke Health Care AB ,Mepilex Ag 10x10","Molnlycke Health Care AB","Molnlycke Health Care Adria","20.07.2023",null,1,1,14,"1a",0,1,1,1,"NE",0,8,0,0,"cm2","do",10,10,10,"351,220",0,0,null,0,0,0,"III","S","SP,LJ","Poliuretanska pjena sa silikonom nanešenim na cijelu površinu obloge koja prekriva ranu i okolnu kožu, silikon s dodatkom aktivne supstance, srebra. Mekani savitljivi, za zrak propustan, selektivno ljepljiv - ljepljiv za kožu ali ne za ranu. CE certifikat.",0,"0,0761",5,null,1,{"$nulls":4},0,1,"'0209031126000"]
["OBLOGE ZA RANE","Silikonske obloge s dodatkom",99,3911,"'020903112601","'0209031126012","Silikonska obloga za rane s dodatkom srebra iznad 75 cm2 ,Molnlycke Health Care AB ,Mepilex Border Sacrum Ag 20x20","Molnlycke Health Care AB","Molnlycke Health Care Adria","20.07.2023",null,1,1,14,"1a",0,1,1,1,"NE",0,8,0,0,"cm2","do",10,20,20,"351,220",0,0,null,0,0,0,"III","S","SP,LJ","Poliuretanska pjena sa silikonom nanešenim na cijelu površinu obloge koja prekriva ranu i okolnu kožu, silikon s dodatkom aktivne supstance, srebra. Mekani savitljivi, za zrak propustan, selektivno ljepljiv - ljepljiv za kožu ali ne za ranu. CE certifikat.",0,"0,0761",5,null,1,{"$nulls":4},0,1,"'0209031126000"]
["OBLOGE ZA RANE","Silikonske obloge s dodatkom",99,3923,"'020903112603","'0209031126040","Silikonska obloga za rane s dodatkom srebra iznad 75 cm2 ,Coloplast A/S ,Biatain Silicone Ag Foam Dressing Sacral 25x25 cm$ (kataloški broj 39651)","Coloplast A/S","Medikal Lux","20.07.2023",null,1,1,14,"1a",0,1,1,1,"NE",0,8,0,0,"cm2","do",10,25,25,"351,220",0,0,null,0,0,0,"III","S","SP,LJ","Poliuretanska pjena sa silikonom nanešenim na cijelu površinu obloge koja prekriva ranu i okolnu kožu, silikon s dodatkom aktivne supstance, srebra. Mekani savitljivi, za zrak propustan, selektivno ljepljiv - ljepljiv za kožu ali ne za ranu. CE certifikat.",0,"0,0762",5,null,1,{"$nulls":4},0,1,"'0209031126000"]
["OBLOGE ZA RANE","Silikonske obloge s dodatkom",99,3933,"'020903112604","'0209031126049","Silikonska obloga za rane s dodatkom PHMB iznad 75 cm2 ,Resorba Medical GmbH ,Nurofoam sensitive PHMB12,5x12,5cm","Resorba Medical GmbH","Medicline","29.05.2025",null,1,0,14,"1a",0,1,1,1,"NE",0,8,0,0,"cm2","do",10,12.5,12.5,"351,376",0,0,null,0,0,0,"III","S","SP,LJ","Poliuretanska pjena s dodatkom silikona. S dodatkom aktivne supstance PHMB-a. Sloj silikona mora biti nanesen na cijelu površinu obloge koja prekriva ranu i okolnu kožu.Standardna ili s rubom ili tanka ili tanka s rubom ili anatomski oblikovana.Višeslojna obloga. Poliamidna mrežica. Obavezan upijajući sloj i zaštitna folija. Poliamidna mrežica/Atraumatska mrežica obložena mekim silikonom,omogućuje drenažu eksudata iz rane, nježno pijanja za kožu oko rane, a ne uz samu ranu. CE certifikat.",0,"0,0761",5,{"$nulls":6},0,1,"'0209031126000"]
["OBLOGE ZA RANE","Ostala pomagala za cijeljenje rana",100,3946,"'023003113101","'0230031131001","Gaza od netkanog materijala 10x10, sterilna ,Molnlycke Health Care AB ,Mesoft 10x10","Molnlycke Health Care AB","Molnlycke Health Care Adria","01.01.2023",null,1,1,14,"1a",0,3,3,3,"NE",0,8,0,0,"kom","do",450,0,0,"351,219",0,0,null,0,0,0,"I","S","SP,LJ","Od netkanog materijala, veličina 10x10 cm. ",0,"0,0398",5,{"$nulls":6},0,1,"'0230031131000"]
["OBLOGE ZA RANE","Ostala pomagala za cijeljenje rana",100,3967,"'023003113801","'0230031138002","Zavoj od netkanog materijala srednji ,Tosama ,Vivalast zavoj 6cm x 4m","Tosama","InMedic","01.01.2023",null,1,1,14,"1a",0,3,3,3,"NE",0,8,0,0,"kom","do",15,0,0,"351,219",0,0,null,0,0,0,"I","S","SP,LJ","Od netkanog materijala, fiksirni zavoj bijeli, materijal viskoza, poliamid, poliester, rastezljivost najmanje 100%, , površina najmanje 2.400 cm2. ",0,"0,2601",5,{"$nulls":6},0,1,"'0230031138000"]
["OBLOGE ZA RANE","Ostala pomagala za cijeljenje rana",100,3974,"'023003113902","'0230031139004","Zavoj od netkanog materijala veliki ,Lohmann & Rauscher  ,Raucolast  10 cm x 4 m folija","Lohmann & Rauscher ","Lohmann & Rauscher ","20.07.2023",null,1,1,14,"1a",0,3,3,3,"NE",0,8,0,0,"kom","do",15,0,0,"351,219",0,0,null,0,0,0,"I","S","SP,LJ","Od netkanog materijala, fiksirni zavoj bijeli, materijal viskoza, poliamid, poliester, rastezljivost najmanje 100%  površina najmanje 3.200cm2. ",0,"0,1852",5,{"$nulls":6},0,1,"'0230031139000"]
["OBLOGE ZA RANE","Ostala pomagala za cijeljenje rana",100,3990,"'023003116050","'0230031160001","Medicinski med ,Brightwake Limited ,Activon tube 25g","Brightwake Limited","Advancis Medical Adria","29.01.2026",null,1,1,14,"1a",0,1,1,1,"NE",0,8,0,0,"gram","do",150,0,0,"328,351",0,0,null,0,0,0,"IIb","S","SP,LJ","100%-tni prirodni Manuka med u tubi, CE certifikat.",0,"0,1898",5,null,null,"0,4420",null,"0,2522",null,1,1,"'0230031160000"]
["OBLOGE ZA RANE","Ostala pomagala za cijeljenje rana",100,4000,"'044900110003","'0449001100003","10%-karbonilirani hemoglobin u spreju za površinu rane veću od 10,0 a manju od 14,5 cm2 ,Hälsa Pharma ,Granulox sprej 12 ml","Hälsa Pharma","Molnlycke Health Care Adria","23.11.2024",null,"6,24",1,14,"1a",0,1,1,1,"NE",0,8,0,0,"kom",null,1,0,0,"351,333",0,0,null,0,0,0,"III","S","SP,LJ","Sprej s 10%-tnim karboniliranim hemoglobinom. Ostale tvari su: 0,7% fenoksi etanol; 0,9 % natrij klorid; 0,05% N-acetil cistein; do 100% voda. Jedna bočica sadrži 12 ml spreja. CE certifikat.",0,"52,0041",5,null,null,"140,0000",null,"87,9959",null,1,1,"'0449001100000"]
["OBLOGE ZA RANE","Ostala pomagala za cijeljenje rana",100,4013,"'023003113007","'0230031130015","Gaza od netkanog materijala, sterilna 5x5 ,Henan Zhende Medical Products Co.Ltd. ,Sterilne netkane komprese 5x5cm","Henan Zhende Medical Products Co.Ltd.","Pura Nova","29.01.2026",null,1,0,14,"1a",0,3,3,3,"NE",0,8,0,0,"kom","do",450,0,0,"219,351",0,0,null,0,0,0,"I","S","SP,LJ","Od netkanog materijala, veličina 5x5 cm. ",0,"0,0177",5,{"$nulls":6},0,1,"'0230031130000"]
["OBLOGE ZA RANE","Praškaste instant obloge",138,4022,"'023003111501","'0230031115001","Praškasta instant obloga za rane ,Uluru Inc. ,Altrazeal 0,75g","Uluru Inc.","Agmar","01.01.2023",null,1,1,14,"1a",0,1,1,1,"NE",0,8,0,0,"kom","do",5,0,0,"351,214a",0,0,null,0,0,0,"IIb","S","SP,LJ","Praškasta obloga za rane. CE certifikat.",0,"19,5103",5,null,1,{"$nulls":4},0,1,"'0230031115000"]
["OBLOGE ZA RANE","Hidroaktivne obloge s dodatkom",154,4036,"'021203113105","'0212031131014","Hidroaktivna obloga s Ringerovom otopinom i SAP-om do 75 cm2 ,PAUL HARTMANN AG , HydroClean advance ø 5,5cm round = 23,75 cm","PAUL HARTMANN AG","PAUL HARTMANN ","29.05.2025",null,1,0,14,"1a",0,1,1,1,"NE",0,8,0,0,"cm2","do",10,1,23.75,"351,214",0,0,null,0,0,0,"IIb","S","SP,LJ","Hidroaktivna obloga sa superupijajućim poliakrilat (SAP-om) i Ringerovom otopinom. Sloj obloge koji je u kontaktu s ranom sastoji se od polipropilenske tkanine sa silikonskim trakicama. CE certifikat",0,"0,0823",5,{"$nulls":6},0,1,"'0212031131000"]
["OBLOGE ZA RANE","Visoko upijajuće obloge od polimera sa silikonom",158,4044,"'020903113101","'0209031131003","Visoko upijajuće obloge od polimera sa silikonom iznad 75cm2 ,Brightwake Limited ,ECLIPSE Border Oval 10x20 cm","Brightwake Limited","Advancis Medical Adria","09.11.2023",null,1,1,14,"1a",0,1,1,1,"NE",0,8,0,0,"cm2","do",10,10,20,"351,320",0,0,null,0,0,0,"IIb","S","SP,LJ","Visoko upijajuće obloge od polimera sa silikonom i sa slojem koji pri kontaktu s eksudatom iz rane stvara gel i koji ne propušta eksudat te nepropusnim gornjim slojem. Moć upijanja najmanje 80 g/100 cm2, odnosno najmanje 2500 g/m2/24 h, sterilna, CE certifikat",0,"0,0504",5,null,1,{"$nulls":4},0,1,"'0209031131000"]
["OBLOGE ZA RANE","Visoko upijajuće obloge od polimera sa silikonom",158,4067,"'020903113123","'0209031131021","Visoko upijajuće obloge od polimera sa silikonom iznad 75cm2 ,Medeco BV ,Klinion Kliniderm superapsorbent dressing 10x10cm","Medeco BV","Salvus","22.02.2024",null,1,0,14,"1a",0,1,1,1,"NE",0,8,0,0,"cm2","do",10,10,10,"351,382",0,0,null,0,0,0,"IIb","S","SP,LJ","Visoko upijajuće obloge od polimera sa silikonom i sa slojem koji pri kontaktu s eksudatom iz rane stvara gel i koji ne propušta eksudat te nepropusnim gornjim slojem. Moć upijanja najmanje 80 g/100 cm2, odnosno najmanje 2500 g/m2/24 h, sterilna, CE certifikat",0,"0,0442",5,{"$nulls":6},0,1,"'0209031131000"]
["OBLOGE ZA RANE","Visoko upijajuće obloge od polimera sa silikonom",158,4079,"'020903113125","'0209031131028","Visoko upijajuće obloge od polimera sa silikonom iznad 75cm2 ,Huizhou Foryou Medical Devices Co. ,Nurosorb sensitive border 10,5x10,5cm","Huizhou Foryou Medical Devices Co.","Medicline","19.03.2026",null,1,0,14,"1a",0,1,1,1,"NE",0,8,0,0,"cm2","do",10,10.5,10.5,"351,382",0,0,null,0,0,0,"IIb","S","SP,LJ","Visoko upijajuće obloge od polimera sa silikonom i sa slojem koji pri kontaktu s eksudatom iz rane stvara gel i koji ne propušta eksudat te nepropusnim gornjim slojem. Moć upijanja najmanje 80 g/100 cm2, odnosno najmanje 2500 g/m2/24 h, sterilna, CE certifikat",0,"0,0466",5,{"$nulls":6},0,1,"'0209031131000"]
["OBLOGE ZA RANE","Alginati s dodatkom",159,4090,"'021803110504","'0218031105009","Alginatna obloga za rane s dodatkom srebra ili aktivnog ugljena iznad 75 cm2 ,Lohmann & Rauscher  ,Suprasorb A + AG 10 x 10 cm","Lohmann & Rauscher ","Lohmann & Rauscher ","20.07.2023",null,1,1,14,"1a",0,1,1,1,"NE",0,8,0,0,"cm2","do",10,10,10,"351,208",0,0,null,0,0,0,"III","S","SP,LJ","Mekana primarna obloga s dodatkom aktivne supstance, srebra i/ili aktivnog ugljena. Kalcij/natrijeva alginatna vlakna, sterilna netkana. CE certifikat.",0,"0,0537",5,null,1,{"$nulls":4},0,1,"'0218031105000"]
["OBLOGE ZA RANE","Alginati s dodatkom",159,4101,"'021803110605","'0218031106006","Alginat za kavitete s dodatkom srebra ili aktivnog ugljena ,Farmac Zabban  ,Farmactive Ag alginat sa srebrom, traka 32cm","Farmac Zabban ","Lola Ribar","01.01.2023",null,1,1,14,"1a",0,1,1,1,"NE",0,8,0,0,"kom","do",10,0,0,"351,209",0,0,null,0,0,0,"III","S","SP,LJ","Mekana obloga u obliku trake s dodatkom aktivne supstance, srebra i/ili aktivnog ugljena. Kalcij/natrijeva alginatna vlakna, sterilna netkana. CE certifikat.",0,"5,3633",5,null,1,{"$nulls":4},0,1,"'0218031106000"]
["OBLOGE ZA RANE","Alginati s dodatkom",159,4113,"'021803110508","'0218031105020","Alginatna obloga za rane s dodatkom srebra ili aktivnog ugljena iznad 75 cm2 ,Advanced Medical Solutions Ltd. , Alginur Ag 15x15cm","Advanced Medical Solutions Ltd.","Medicline","23.11.2024",null,1,0,14,"1a",0,1,1,1,"NE",0,8,0,0,"cm2","do",10,15,15,"351,208",0,0,null,0,0,0,"IIb","S","SP,LJ","Mekana primarna obloga s dodatkom aktivne supstance, srebra i/ili aktivnog ugljena. Kalcij/natrijeva alginatna vlakna, sterilna netkana. CE certifikat.",0,"0,0416",5,{"$nulls":6},0,1,"'0218031105000"]
["OBLOGE ZA RANE","Vlaknaste PVA obloge za rane s dodatkom",169,4127,"'021203122001","'0212031220001","Vlaknasta PVA obloga za rane s dodatkom srebra do 75cm2 ,Molnlycke Health Care AB ,Exufiber Ag+ 5x5cm","Molnlycke Health Care AB","Molnlycke Health Care Adria","20.07.2023",null,1,1,14,"1a",0,1,1,1,"NE",0,8,0,0,"cm2","do",10,5,5,"351,212a",0,0,null,0,0,0,"III","S","SP,LJ","Polivinil-alkoholna (PVA) vlakna s dodatkom kristala srebrovog sulfata, u dodiru s eksudatom pretvara se u gel te sa svojstvom inkapsuliranja bakterija unutar vlakana; sterilna, netkana antimikrobna obloga sa svojstvom autolitičkog debridmana. Pakirano u zatamnjenim košuljicama radi osjetljivosti iona srebra na svjetlo. Mekana primarna obloga. CE certifikat.",0,"0,0955",5,null,1,{"$nulls":4},0,1,"'0212031220000"]
["OBLOGE ZA RANE","Visoko upijajuće obloge od polimera ",189,4136,"'020903113601","'0209031136004","Visoko upijajuće obloge od polimera iznad 75cm2 ,Huizhou Foryou Medical Devices Co. (za ConvaTec) ,  ConvaMax Supabs N/Adh. 15x15cm","Huizhou Foryou Medical Devices Co. (za ConvaTec)","Stoma medical","01.06.2024",null,1,1,14,"1a",0,1,1,1,"NE",0,8,0,0,"cm2","do",10,15,15,"351,382",0,0,null,0,0,0,"IIb","S","SP,LJ","Visoko upijajuće obloge od polimera i sa slojem koji pri kontaktu s eksudatom iz rane stvara gel i koji ne propušta eksudat te nepropusnim gornjim slojem. Moć upijanja najmanje 80 g/100 cm2, odnosno najmanje 2500 g/m2/24 h, sterilna, CE certifikat",0,"0,0491",5,{"$nulls":6},0,1,"'0209031136000"]
["OBLOGE ZA RANE","Visoko upijajuće obloge od polimera ",189,4149,"'020903113603","'0209031136017","Visoko upijajuće obloge od polimera iznad 75cm2 ,Molnlycke Health Care AB ,  Mextra Superapsorbent 10x10cm","Molnlycke Health Care AB","Molnlycke Health Care Adria","20.03.2025",null,1,0,14,"1a",0,1,1,1,"NE",0,8,0,0,"cm2","do",10,10,10,"351,382",0,0,null,0,0,0,"IIb","S","SP,LJ","Visoko upijajuće obloge od polimera i sa slojem koji pri kontaktu s eksudatom iz rane stvara gel i koji ne propušta eksudat te nepropusnim gornjim slojem. Moć upijanja najmanje 80 g/100 cm2, odnosno najmanje 2500 g/m2/24 h, sterilna, CE certifikat",0,"0,0443",5,{"$nulls":6},0,1,"'0209031136000"]
["POMAGALA ZA DISANJE","Respirator i pripadajući potrošni materijal",102,4167,"'050512120104","'0505121201004","Respirator za kućnu uporabu ,Philips Respironics  ,Trilogy Evo","Philips Respironics ","Eksa Grupa","22.02.2024",null,1,1,"18,16",9,3,120,120,120,"DA",1,1,1,0,"kom",null,1,0,0,224,1,0,null,0,0,0,"IIb","S","SP,LJ","Metal,plastika, električno napajanje. Mogućnost napajanja baterijama do 15 sati rada. CE certifikat. Respirator je za invazivnu i neinvazivnu ventilaciju.",0,"7111,4900",5,{"$nulls":6},0,0,"'0505121201000"]
["POMAGALA ZA DISANJE","Respirator i pripadajući potrošni materijal",102,4171,"'050512120106","'0505121201006","Respirator za kućnu uporabu ,Siare Engineering International Group S.p.A. ,Falco 101","Siare Engineering International Group S.p.A.","Aktiv Medical","29.01.2026",null,1,0,"18,16",9,3,120,120,120,"DA",1,1,1,0,"kom",null,1,0,0,224,1,0,null,0,0,0,"IIb","S","SP,LJ","Metal, plastika, električno napajanje. Mogućnost napajanja baterijama do min. 4,5 sati rada. CE certifikat. Respirator je za invazivnu i neinvazivnu ventilaciju.",0,"5704,9930",5,{"$nulls":6},0,0,"'0505121201000"]
["POMAGALA ZA DISANJE","Koncentrator kisika i pripadajući potrošni materijal",103,4190,"'030312121704","'0303121217003","Vanjski grubi filter ,AirSep Corporation ,Vanjski grubi filter","AirSep Corporation","Bauerfeind","22.02.2024",null,1,1,"4,16,18",5,2,12,12,12,"NE",0,1,0,0,"kom",null,1,0,0,233,0,0,null,0,1,0,"IIa","S","SP,LJ","Original prema modelu koncentratora. CE certifikat.",0,"1,0124",5,{"$nulls":6},0,0,"'0303121217000"]
["POMAGALA ZA DISANJE","Koncentrator kisika i pripadajući potrošni materijal",103,4206,"'030318121507","'0303181215008","Obnovljeni koncentrator kisika za kućnu uporabu-do najmanje 5 litara ,Sysmed Co. ,OT-Elite5","Sysmed Co.","OxyMar","01.06.2024",null,"16,18",1,"16,18",5,2,72,72,72,"DA",1,1,1,0,"kom",null,1,0,0,231,1,0,null,0,0,1,"IIa","S","SP,LJ","Preuzimanje rabljenog pomagala i obnova: zamjena potrošnog materijala, testiranje funkcionalnosti pomagala, isporuka pomagala slijedećoj osiguranoj osobi. CE certifikat.",0,"243,8781",5,{"$nulls":6},0,0,"'0303181215000"]
["POMAGALA ZA DISANJE","Koncentrator kisika i pripadajući potrošni materijal",103,4213,"'091503121307","'0915031213018","Koncentrator kisika za kućnu uporabu-do najmanje 5 litara ,Nidek Medical Products Inc. ,Mark 5 Nuvo Lite Oxygen Concentrators","Nidek Medical Products Inc.","Inel medicinska tehnika","01.01.2023",null,"16,18",1,"16,18",5,2,72,72,72,"DA",1,1,1,0,"kom",null,1,0,0,231,1,0,null,0,0,1,"IIa","S","SP,LJ","Plastika, metal, elektroničke komponente, mrežno napajanje. Koncentracija kisika minimalno 90% uz protok 4 litre, izlazni tlak 35 kPa. Mogućnost korištenja dodatnog katetera do 10 m. Brojač sati rada. Alarmi: zvučni, svjetlosni, alarm pada koncentracije kisika. Protok kisika od 0 do najmanje 5 l/min. Filteri: vanjski, unutarnji, Trajanje filtera: 12 mj, Buka: do 50 dB, Jamstveni rok: 2 godine, upute na hrvatskom jeziku. CE certifikat.",0,"566,9215",5,{"$nulls":6},0,0,"'0915031213000"]
["POMAGALA ZA DISANJE","Koncentrator kisika i pripadajući potrošni materijal",103,4219,"'030312121806","'0303121218026","Unutarnji filter ,Nidek Medical Products Inc. ,Air Intake Filter","Nidek Medical Products Inc.","Inel medicinska tehnika","01.01.2023",null,1,1,"4,16,18",5,2,12,12,12,"NE",0,1,0,0,"kom",null,1,0,0,233,0,0,null,0,1,0,"IIa","S","SP,LJ","Original prema modelu koncentratora. CE certifikat.",0,"7,2055",5,{"$nulls":6},0,0,"'0303121218000"]
["POMAGALA ZA DISANJE","Koncentrator kisika i pripadajući potrošni materijal",103,4236,"'030318121603","'0303181216003","Obnovljeni koncentrator kisika za kućnu uporabu-do najmanje 8 litara ,Sysmed Co. ,OT-Elite8","Sysmed Co.","OxyMar","01.06.2024",null,18,1,18,5,2,0,0,72,"DA",1,1,1,2,"kom",null,1,0,0,231,1,"030318121603",null,0,0,1,"IIa","S","SP,LJ","Preuzimanje rabljenog pomagala i obnova: zamjena potrošnog materijala, testiranje funkcionalnosti pomagala, isporuka pomagala slijedećoj osiguranoj osobi. CE certifikat.",0,"243,8781",5,{"$nulls":6},0,0,"'0303181216000"]
["POMAGALA ZA DISANJE","Koncentrator kisika i pripadajući potrošni materijal",103,4254,"'030312121910","'0303121219063","Bakterijski filter ,Oxytek Medical Technology Co. ,Bakterijski filter OX-10A","Oxytek Medical Technology Co.","Optimed","09.11.2023",null,1,1,"4,16,18",5,2,12,12,12,"NE",0,1,0,0,"kom",null,1,0,0,233,0,0,null,0,0,0,"IIa","S","SP,LJ","Baktericidna svojstva. CE certifikat.",0,"4,5033",5,{"$nulls":6},0,0,"'0303121219000"]
["POMAGALA ZA DISANJE","Koncentrator kisika i pripadajući potrošni materijal",103,4267,"'030312121912","'0303121219065","Bakterijski filter ,Zhengzhou Olive Electronic  Technology Co ,Bakterijski filter OLV-10S","Zhengzhou Olive Electronic  Technology Co","Messer Croatia plin","05.10.2023",null,1,0,"4,16,18",5,2,12,12,12,"NE",0,1,0,0,"kom",null,1,0,0,233,0,0,null,0,0,0,"IIa","S","SP,LJ","Baktericidna svojstva. CE certifikat.",0,"4,2781",5,{"$nulls":6},0,0,"'0303121219000"]
["POMAGALA ZA DISANJE","Koncentrator kisika i pripadajući potrošni materijal",103,4276,"'030318121514","'0303181215050","Obnovljeni koncentrator kisika za kućnu uporabu-do najmanje 5 litara ,Elmaslar A.S. ,Obnovljeni koncentrator kisika Healthtime OC5","Elmaslar A.S.","Aktiv Medical","12.10.2024",null,"16,18",1,"16,18",5,2,72,72,72,"DA",1,1,1,0,"kom",null,1,0,0,231,1,0,null,0,0,0,"IIa","S","SP,LJ","Preuzimanje rabljenog pomagala i obnova: zamjena potrošnog materijala, testiranje funkcionalnosti pomagala, isporuka pomagala slijedećoj osiguranoj osobi. CE certifikat.",0,"185,8119",5,{"$nulls":6},0,0,"'0303181215000"]
["POMAGALA ZA DISANJE","Inhalator i pripadajući potrošni materijal",104,4290,"'030306122202","'0303061222003","Inhalator za kućnu uporabu ,Wellell Inc. ,Minineb","Wellell Inc.","Bauerfeind","29.05.2025",null,"16,18,19",1,14,"1a",0,36,48,48,"NE",0,1,0,0,"kom",null,1,0,0,234,0,0,null,0,0,0,"IIa","S","SP,LJ","Metal, plastika, mrežno napajanje. Kompletni uređaj sastoji se od: kučišta, kompresora, cijevi i raspršivača, mogućnost inhalacije usnikom i maskom, čestice aerosola: maksimalno 5 mikrona, zapremina posude za lijek: minimalno 5 ml, protok kroz raspršivač: 8-10 l/min, brzina raspršivanja najmanje 0,3 ml/min. Prenosivi. CE certifikat.",0,"57,7503",5,{"$nulls":6},0,1,"'0303061222000"]
["POMAGALA ZA DISANJE","Inhalator i pripadajući potrošni materijal",104,4298,"'030312122302","'0303121223002","Maska i sustav za inhalaciju ,Wellell Inc. ,Dodaci za inhalator","Wellell Inc.","Bauerfeind","29.05.2025",null,"18,15,4",1,14,"1a",0,24,24,24,"NE",0,1,0,0,"kom",null,1,0,0,232,0,0,null,0,0,0,"IIa","S","SP,LJ","Plastika, guma. Maska s cijevi za disanje. 100%tni kisik. CE certifikat.",0,"1,9032",5,{"$nulls":6},0,1,"'0303121223000"]
["POMAGALA ZA DISANJE","Inhalator i pripadajući potrošni materijal",104,4313,"'091503122701","'0915031227001","Aspiracijski kateteri ,Servona GmbH ,Suction catheter","Servona GmbH","Bauerfeind","22.02.2024",null,"3,15,16,18,19,33",1,14,"1a",0,3,3,3,"NE",0,1,0,0,"kom","do",900,0,0,235,0,0,null,0,0,0,"IIa","S","SP,LJ","Silikonizirani lateks. CE certifikat.",0,"0,1941",5,{"$nulls":6},0,1,"'0915031227000"]
["POMAGALA ZA DISANJE","Inhalator i pripadajući potrošni materijal",104,4322,"'030312122906","'0303121229006","Filter za osobni aspirator ,ANDREAS FAHL MEDIZINTECHNIK-VERTRIEB ,Bakterijski filter, Andreas Fahl","ANDREAS FAHL MEDIZINTECHNIK-VERTRIEB","Egeria","01.01.2023",null,1,1,"4,15,18",5,2,12,12,12,"NE",0,1,0,0,"kom",null,6,0,0,299,0,0,null,0,0,0,"IIa","S","SP,LJ","Metal, plastika. CE certifikat.",0,"2,6943",5,{"$nulls":6},0,0,"'0303121229000"]
["POMAGALA ZA DISANJE","Inhalator i pripadajući potrošni materijal",104,4339,"'030312120702","'0303121207002","Ovlaživač kod traheostome ,Primed Halberstadt Medizintechnik GmbH ,Primediair HME Primediair-dual","Primed Halberstadt Medizintechnik GmbH","Aktiv Medical","23.10.2025",null,1,1,"4,16,18,19,33",9,3,3,3,3,"NE",0,1,0,0,"kom","do",90,0,0,384,0,0,null,0,0,0,"IIa","S","SP,LJ","CE certifikat.",0,"2,3000",5,{"$nulls":6},0,0,"'0303121207000"]
["POMAGALA ZA DISANJE","Druga pomagala za disanje",106,4345,"'030415123103","'0304151231004","Uređaj za potpomognuto disanje (CPAP) ,Wellell Inc. ,CPAP ICH AUTO","Wellell Inc.","Bauerfeind","29.05.2025",null,1,1,20,5,2,0,96,96,"DA",1,1,1,0,"kom",null,1,0,0,236,1,0,null,0,0,0,"IIa","S","SP,LJ","CPAP uređaj  s ovlaživačem. Nivo radnog tlaka: od 4 do 20 mmH2O; ugrađena mogućnost prepoznavanja udisaja i izdisaja; ugrađena mogućnost smanjenja tlaka pri izdisaju; rampa od 0 do 45 min; početni tlak rampe 4 cm H2O; mogućnost podešavanja nadmorske visine na kojoj se koristi uređaj; mogućnosti uključivanja i isključivanja uređaja;  ugrađena memorijska kartica i/ili drugi memorijski medij koja bilježi korištenje uređaja; filteri za višekratnu uporabu; napajanje 220 V, 50 Hz; ugrađen LCD ekran. Pribor: crijevo za spajanje maske za višekratnu upotrebu, torba za uređaj. Izdaje se na preporuku liječnika specijaliste, educiranog za medicinu spavanja u bolničkim ustanovama koje sa Zavodom imaju ugovoreni postupak polisomnografije. Uređaj se odobrava na godinu dana uz dokaz da je bio korišten (zapis na memorijskoj kartici i/ili drugom memorijskom mediju) te uz potvrdu potrebe za nastavkom provođenja terapije. CE certifikat.",0,"604,9306",5,{"$nulls":6},0,0,"'0304151231000"]
["POMAGALA ZA DISANJE","Druga pomagala za disanje",106,4361,"'030415123206","'0304151232008","Maska za uređaj za potpomognuto disanje (CPAP) ,Resmed ,Mirage Micro","Resmed","Tehnomedika","01.01.2023",null,1,1,20,5,2,0,12,12,"NE",0,1,0,0,"kom",null,1,0,0,236,0,0,null,0,0,0,"IIa","S","SP,LJ","Maska za nos; okretno sučelje za spajanje na CPAP uređaj s mogućnošću okretanja od 360 stupnjeva; ugrađen čeoni fiksator s mogučnošću podešavanja u više nivoa; unutarnji dio maske izgrađen od silikona; tijelo maske od plastike; pričvršćivanje maske fleksibilnim fiksatorima preko cijele glave; ugrađen izlaz za izdahnuti zrak (exhalation port) CE certifikat.",0,"59,7359",5,{"$nulls":6},0,0,"'0304151232000"]
["POMAGALA ZA DISANJE","Druga pomagala za disanje",106,4380,"'030330123803","'0303301238007","Senzor jednokratni za pulsni oksimetar ,Nonin Medical Inc. ,Senzor jednokratni 6000CI","Nonin Medical Inc.","Orto Rea","05.10.2023",null,1,1,"4,16,18",5,2,12,12,12,"NE",0,1,0,0,"kom",null,12,0,0,240,0,0,null,0,1,0,"IIb","S","SP,LJ","Tehničkim karakteristikama mora odgovarati odobrenom puls oksimetru. CE certifikat.",0,"15,0202",5,{"$nulls":6},0,0,"'0303301238000"]
["POMAGALA ZA DISANJE","Druga pomagala za disanje",106,4387,"'030415123210","'0304151232016","Maska za uređaj za potpomognuto disanje (CPAP) ,Hsiner Co.Ltd. , D100N-M","Hsiner Co.Ltd.","Dr Pharma","20.07.2023",null,1,1,20,5,2,0,12,12,"NE",0,1,0,0,"kom",null,1,0,0,236,0,0,null,0,0,0,"IIa","S","SP,LJ","Maska za nos; okretno sučelje za spajanje na CPAP uređaj s mogućnošću okretanja od 360 stupnjeva; ugrađen čeoni fiksator s mogučnošću podešavanja u više nivoa; unutarnji dio maske izgrađen od silikona; tijelo maske od plastike; pričvršćivanje maske fleksibilnim fiksatorima preko cijele glave; ugrađen izlaz za izdahnuti zrak (exhalation port) CE certifikat.",0,"71,6831",5,{"$nulls":6},0,0,"'0304151232000"]
["POMAGALA ZA DISANJE","Druga pomagala za disanje",106,4403,"'030330123804","'0303301238012","Senzor jednokratni za pulsni oksimetar ,Beijing Choice Electronic Technology Co. , Senzor jednokratni pediatric","Beijing Choice Electronic Technology Co.","Optimed","01.01.2023",null,1,0,"4,16,18",5,2,12,12,12,"NE",0,1,0,0,"kom",null,12,0,0,240,0,0,null,0,0,0,"IIb","S","SP,LJ","Tehničkim karakteristikama mora odgovarati odobrenom puls oksimetru. CE certifikat.",0,"12,9484",5,{"$nulls":6},0,0,"'0303301238000"]
["POMAGALA ZA DISANJE","Druga pomagala za disanje",106,4409,"'040312151102","'0403121511002","Maska za uređaj za potpomognuto disanje (CPAP) ,ResMed  ,AirFit P10","ResMed ","Tehnomedika","01.01.2023",null,1,1,20,5,2,0,12,12,"NE",0,1,0,0,"kom",null,1,0,0,236,0,0,null,0,0,0,"IIa","S","SP,LJ","Maska za nos; okretno sučelje za spajanje na CPAP uređaj s mogućnošću okretanja od 360 stupnjeva; fiksatori maske na stražnjoj strani glave, slobodno lice; unutarnji dio maske izgrađen od silikona; tijelo maske od plastike; pričvršćivanje maske fleksibilnim fiksatorima preko cijele glave; QuietAir™ ventilacijski otvor visokoučinkovita maska koja nježno difundira izdahnuti zrak kako bi se smanjila buka.  CE certifikat.",0,"59,7359",5,null,null,"98,8758",null,"39,1400",null,1,0,"'0403121511000"]
["POMAGALA ZA DISANJE","Druga pomagala za disanje",106,4422,"'030330123805","'0303301238018","Senzor jednokratni za pulsni oksimetar ,Covidien Ilc. , Senzor jednokratni MAX-PI ","Covidien Ilc.","Eksa Grupa","05.10.2023",null,1,1,"4,16,18",5,2,12,12,12,"NE",0,1,0,0,"kom",null,12,0,0,240,0,0,null,0,0,0,"IIb","S","SP,LJ","Tehničkim karakteristikama mora odgovarati odobrenom puls oksimetru. CE certifikat.",0,"15,0202",5,{"$nulls":6},0,0,"'0303301238000"]
["POMAGALA ZA DISANJE","Druga pomagala za disanje",106,4431,"'030415123214","'0304151232034","Maska za uređaj za potpomognuto disanje (CPAP) ,Guangzhou Hypnus Healthcare Co.Ltd. ,Full Face Mask HP-F20, S","Guangzhou Hypnus Healthcare Co.Ltd.","Dr Pharma","01.04.2024",null,1,0,20,5,2,0,12,12,"NE",0,1,0,0,"kom",null,1,0,0,236,0,0,null,0,0,0,"IIa","S","SP,LJ","Maska za nos; okretno sučelje za spajanje na CPAP uređaj s mogućnošću okretanja od 360 stupnjeva; ugrađen čeoni fiksator s mogučnošću podešavanja u više nivoa; unutarnji dio maske izgrađen od silikona; tijelo maske od plastike; pričvršćivanje maske fleksibilnim fiksatorima preko cijele glave; ugrađen izlaz za izdahnuti zrak (exhalation port) CE certifikat.",0,"68,0989",5,{"$nulls":6},0,0,"'0304151232000"]
["POMAGALA ZA DISANJE","Pripadajući potrošni materijal za respirator HT50",144,4445,"'050512120311","'0505121203012","Filter proksimalni za respirator ,Medtronic/Covidien/Newport ,Filter proksimalni, HT6004701","Medtronic/Covidien/Newport","Tehnomedika","09.11.2023",null,1,1,"18,15,4","9b",2,3,3,3,"NE",0,1,0,0,"kom","do",2,0,0,378,0,0,null,0,0,0,"IIa","S ","SP,LJ","CE certifikat., original za model respiratora HT50",0,"8,1943",5,{"$nulls":6},0,0,"'0505121203000"]
["POMAGALA ZA DISANJE","Mehanički insuflator/eksuflator  i pripadajući potrošni materijal",149,4466,"'040327120502","'0403271205002","Obnovljeni mehanički insuflator/ eksuflator za kućnu uporabu  s tehnologijom ubrzanja ekspiratornog protoka ,Medical Products Research Srl ,Kalos MPR 402","Medical Products Research Srl","Tehnomedika","02.09.2024",null,16,1,16,9,3,60,60,0,"DA",1,1,1,0,"kom",null,1,0,0,301,1,0,null,0,0,0,"IIa","S","SP,LJ","Preuzimanje rabljenog pomagala i obnova: kompletan pregled, čišćenje i dezinfekcija uređaja. Zamijena zračnih filtera i promjena ulaznih i izlaznih dijelova koji su neposredno pod utjecajem pacijenta i okoliša (sklop izlaznog konektora, nosač puhala, sklop puhala, SD kartica, sati rada). Provjera funkcionalnosti uređaja, test provjere baterije. Isporuka pomagala slijedećoj osiguranoj osobi. CE certifikat. Nije potrebno rutinsko servisiranje. Jamstveni rok jednak roku uporabe pomagala, odnosno 5 godina. Rok uporabe pomagala računa se od datuma prve isporuke. ",0,"1242,2855",5,{"$nulls":6},0,0,"'0403271205000"]
["POMAGALA ZA DISANJE","Pripadajući potrošni materijal za respirator Trilogy 100-za neinvazivnu ventilaciju",155,4480,"'050512120355","'0505121203038","Nazalna maska za neinvazivnu ventilaciju odraslih ,Philips Respironics  ,Wisp maska, kat.br. 1094062","Philips Respironics ","Eksa Grupa","09.11.2023",null,1,1,"18,15","9b",2,12,12,12,"NE",0,1,0,0,"kom",null,1,0,0,378,0,0,null,0,0,0,"IIa","S ","SP,LJ","CE certifikat., Napomena-kad se odobri pomagalo za odrasle, ne može se odobriti isto pomagalo za djecu.",0,"193,8018",5,{"$nulls":6},0,0,"'0505121203000"]
["POMAGALA ZA DISANJE","Pripadajući potrošni materijal za respirator Trilogy 100-za neinvazivnu ventilaciju",155,4492,"'050512120365","'0505121203050","Ekshalacijska valvula ,Philips Respironics  ,Whisper Swivel II (332113)","Philips Respironics ","Eksa Grupa","09.11.2023",null,1,1,"18,15,4","9b",2,12,12,12,"NE",0,1,0,0,"kom","do",2,0,0,378,0,0,null,0,0,0,"IIa","S ","SP,LJ","CE certifikat., original za model respiratora Trilogy Evo",0,"126,5565",5,{"$nulls":6},0,0,"'0505121203000"]
["POMAGALA ZA DISANJE","Pripadajući potrošni materijal za respirator Trilogy 100-za neinvazivnu ventilaciju",155,4503,"'050512120377","'0505121203061","Maska za cijelo lice za neinvazivnu ventilaciju odraslih ,Philips Respironics  , PerforMax maska, kat.br. 1080423 (XL)","Philips Respironics ","Eksa Grupa","09.11.2023",null,1,1,"18,15","9b",2,12,12,12,"NE",0,1,0,0,"kom",null,1,0,0,378,0,0,null,0,0,0,"IIa","S ","SP,LJ","CE certifikat., Napomena-kad se odobri pomagalo za odrasle, ne može se odobriti isto pomagalo za djecu.",0,"308,9123",5,{"$nulls":6},0,0,"'0505121203000"]
["POMAGALA ZA DISANJE","Prijenosni koncentrator kisika ",157,4514,"'030318121701","'0303181217001","Obnovljeni prijenosni koncentrator kisika ,CAIRE Inc. ,FreeStyle Comfort","CAIRE Inc.","Bauerfeind","20.03.2025",null,"16,18",1,"16,18",9,3,72,72,72,"DA",1,1,1,0,"kom",null,1,0,0,388,1,0,null,1,0,0,"IIa","S","SP,LJ","Preuzimanje rabljenog pomagala i obnova: zamjena potrošnog materijala, zamijena baterije, testiranje funkcionalnosti pomagala, isporuka pomagala slijedećoj osiguranoj osobi.  Jamstveni rok: 6 godina. Rok uporabe pomagala računa se od datuma prve isporuke. Upute na hrvatskom jeziku. CE certifikat. Redovito održavanje uređaja kao i potrošni dijelovi za period od 6 godina (nosni kateter-12 kom godišnje, filter usisa zraka-1x godišnje, baterija, kolone ili silikatna sita, kompresor, ventil, matična ploča i ostali elementi uređaja-po potrebi) uključeni su u cijenu uređaja i ne odobravaju se posebno na trošak Zavoda. ",0,"1378,4644",5,{"$nulls":6},0,0,"'0303181217000"]
["POMAGALA ZA DISANJE","Prijenosni koncentrator kisika ",157,4522,"'030318121706","'0303181217006","Obnovljeni prijenosni koncentrator kisika ,Inogen Europe BV ,Inkogen Rove 6","Inogen Europe BV","Orto Rea","20.03.2025",null,"18,16",1,"16,18",9,3,72,72,72,"DA",1,1,1,0,"kom",null,1,0,0,388,1,0,null,0,0,0,"IIa","S","SP,LJ","Preuzimanje rabljenog pomagala i obnova: zamjena potrošnog materijala, zamijena baterije, testiranje funkcionalnosti pomagala, isporuka pomagala slijedećoj osiguranoj osobi.  Jamstveni rok: 6 godina. Rok uporabe pomagala računa se od datuma prve isporuke. Upute na hrvatskom jeziku. CE certifikat. Redovito održavanje uređaja kao i potrošni dijelovi za period od 6 godina (nosni kateter-12 kom godišnje, filter usisa zraka-1x godišnje, baterija, kolone ili silikatna sita, kompresor, ventil, matična ploča i ostali elementi uređaja-po potrebi) uključeni su u cijenu uređaja i ne odobravaju se posebno na trošak Zavoda. ",0,"1202,6399",5,{"$nulls":6},0,0,"'0303181217000"]
["POMAGALA ZA DISANJE","Dijelovi respiratora Trilogy Evo",170,4536,"'040312120202","'0403121202002","Dijelovi respiratora Trilogy Evo  koji se mijenjaju nakon 4 godine ,Philips Respironics  ,1135260 RP - Trilogy Evo Air Inlet Foam Filter, 1135257 RP – Trilogy Evo Muffler Assembly, 1135217 RP – Trilogy Evo Proportional Valve (AECM), 1135218 RP – Trilogy Evo 3 Way Solenoid Valve (Located on Blower Chassis Plate),  1127881 Trilogy EVO Internal","Philips Respironics ","Eksa Grupa","20.03.2025",null,1,1,"18,15,4",9,3,0,0,0,"NE",0,1,0,0,"komplet",null,1,0,0,357,0,0,null,0,0,0,null,"S","SP,LJ","Original prema modelu",0,"2914,7840",5,{"$nulls":6},0,0,"'0403121202000"]
["POMAGALA ZA DISANJE","Pripadajući potrošni materijal za neinvazivni ventilator BPAP System G3B30VT",179,4545,"'040312130502","'0403121305002","Filter sitnih čestica bijeli ,BMC Medical Co. ,Fini filter za BPAP System G3B30VT          ","BMC Medical Co.","Optimed","09.11.2023",null,1,1,"18,15,4","9b",2,6,6,6,"NE",0,1,0,0,"kom","do",6,0,0,378,0,0,null,0,0,0,null,"S ","SP,LJ","Original prema modelu. Zamjena 1 mjesečno. Kod prve opskrbe osiguranika novim uređajem odobravaju se 5 komada/6mj., a nadalje 6 komada/6mj.",0,"2,1277",5,{"$nulls":6},0,0,"'0403121305000"]
["POMAGALA ZA DISANJE","Pripadajući potrošni materijal za neinvazivni ventilator BPAP System G3B30VT",179,4558,"'040312131102","'0403121311007","Oronazalna maska za uređaj za neinvazivnu ventilaciju ,BMC Medical Co. , Full Face Mask F5A-S","BMC Medical Co.","Optimed","09.11.2023",null,1,1,"18,15","9b",2,6,6,6,"NE",0,1,0,0,"kom",null,1,0,0,378,0,0,null,0,0,0,"IIa","S","SP,LJ","Maska za nos i usta; okretni koljenasti nastavak za spajanje crijeva na neinvazivni ventilator s mogućnošću okretanja od 360 stupnjeva; ugrađen čeoni fiksator s mogućnošću podešavanja u više nivoa; unutarnji dio maske izgrađen od silikona; tijelo maske od plastike; pričvršćivanje maske fleksibilnim fiksatorima preko cijele glave; ugrađen izlaz za izdahnuti zrak (exhalation port), CE certifikat.",0,"65,1468",5,{"$nulls":6},0,0,"'0403121311000"]
["POMAGALA ZA DISANJE","Pripadajući potrošni materijal za neinvazivni ventilator Lumis 150 VPAP ST, 28117",181,4580,"'050512120703","'0505121207015","Endotrahealna kanila bez balona s konekcijom ,Servona GmbH ,Servox Rota Tube voice","Servona GmbH","Bauerfeind","01.01.2023",null,1,1,"19,33",5,2,0,12,12,"NE",0,1,0,0,"kom",null,4,0,0,226,0,0,null,0,0,0,"IIa","S","SP,LJ","PVC, polietilen. CE certifikat.",0,"82,8323",5,{"$nulls":6},0,0,"'0505121207000"]
["POMAGALA ZA DISANJE","Pripadajući potrošni materijal za neinvazivni ventilator Lumis 150 VPAP ST, 28117",181,4584,"'040312130703","'0403121307003","Cijev za zrak ,Resmed ,SlimLine 36810","Resmed","Tehnomedika","09.11.2023",null,1,1,"18,15,4","9b",2,6,6,6,"NE",0,1,0,0,"kom","do",2,0,0,378,0,0,null,0,0,0,"IIa","S ","SP,LJ","Original za Lumis 150 VPAP ST. Kod prve opskrbe  osiguranika novim uređajem odobrava se 1 komad/6mj., a nadalje 2 komada/6mj.",0,"14,9313",5,{"$nulls":6},0,0,"'0403121307000"]
["POMAGALA ZA DISANJE","Pripadajući potrošni materijal za neinvazivni ventilator Trend III Autobilevel ST",184,4603,"'050512121203","'0505121212004","Govorna kanila ,ANDREAS FAHL MEDIZINTECHNIK-VERTRIEB ,Duravent","ANDREAS FAHL MEDIZINTECHNIK-VERTRIEB","Egeria","05.10.2023",null,"19,33",1,"19,33",5,2,12,12,12,"NE",0,1,0,0,"kom",null,1,0,0,230,0,0,null,0,0,0,"IIa","S","SP,LJ","PVC, metal ili poliuretan. CE certifikat.",0,"326,9524",5,{"$nulls":6},0,0,"'0505121212000"]
["POMAGALA ZA DISANJE","Pripadajući potrošni materijal za neinvazivni ventilator Trend III Autobilevel ST",184,4606,"'040312130503","'0403121305003","Filter sitnih čestica bijeli ,Hoffrichter GmbH ,Fine filter, 00015064","Hoffrichter GmbH","Orto Rea","09.11.2023",null,1,1,"18,15,4","9b",2,6,6,6,"NE",0,1,0,0,"kom","do",6,0,0,378,0,0,null,0,0,0,null,"S ","SP,LJ","Original prema modelu. Zamjena 1 mjesečno. Kod prve opskrbe osiguranika novim uređajem odobravaju se 5 komada/6mj., a nadalje 6 komada/6mj.",0,"1,7971",5,{"$nulls":6},0,0,"'0403121305000"]
["POMAGALA ZA DISANJE","Neinvazivni ventilator iBreeze 25 STA i pripadajući potrošni materijal",191,4626,"'040312130107","'0403121301009","Neinvazivni ventilator  za kućnu uporabu sa ovlaživačem ,Resvent Medical Technology Co.Ltd. ,iBreeze 25 STA","Resvent Medical Technology Co.Ltd.","Nostrum Medical","01.06.2024",null,1,0,"16,18",9,3,60,60,60,"DA",1,1,1,0,"kom",null,1,0,0,350,1,0,null,0,0,0,"IIa",null,"SP,LJ","Metal,plastika, električno napajanje, 5 modaliteta ventilacije. Trajanje ventilacije do 16 sati/24 sata. Uključeni ovlaživač, filter vanjski grubi crni, filter sitnih čestica bijeli i cijev za zrak. Dual mode za prebacivanje rada iz budnog stanja u spavanje. Mogućnost bilježenja podataka. Zaključavanje postavki. Jamstvo 3 god. CE certifikat. ",0,"3772,4412",5,{"$nulls":6},0,0,"'0403121301000"]
["POMAGALA ZA DISANJE","Pripadajući potrošni materijal za respirator i obnovljeni respirator Carat II pro - za neinvazivnu terapiju",198,4641,"'050512120347","'0505121203064","Ulazni zračni filter za respirator ,Hoffrichter GmbH ,Fine filter 00014951","Hoffrichter GmbH","Orto Rea","05.01.2024",null,1,0,"18,15,4","9b",0,3,3,3,"NE",0,1,0,0,"kom","do",3,0,0,378,0,0,null,0,0,0,"IIa","S","SP,LJ","Kod 1. opskrbe odobravaju se 2 kom/3 mj, a nastavno 3 kom/3 mj. CE certifikat.  ",0,"14,8530",5,{"$nulls":6},0,0,"'0505121203000"]
["POMAGALA ZA DISANJE","Pripadajući potrošni materijal za respirator i obnovljeni respirator Carat II pro - za neinvazivnu terapiju",198,4645,"'050512120350","'0505121203068","Nazalna maska za neinvazivnu ventilaciju odraslih ,Hsiner Co.Ltd.  ,Cirri Comfort Nasal Mask S 00003486","Hsiner Co.Ltd. ","Orto Rea","05.01.2024",null,1,0,"18,15,4","9b",0,12,12,12,"NE",0,1,0,0,"kom",null,1,0,0,378,0,0,null,0,0,0,"IIa","S","SP,LJ","CE certifikat.  ",0,"184,1117",5,{"$nulls":6},0,0,"'0505121203000"]
["POMAGALA ZA DISANJE","Pripadajući potrošni materijal za respirator i obnovljeni respirator Carat II pro - za neinvazivnu terapiju",198,4658,"'040327110002","'0403271100011","Maska za neinvazivnu ventilaciju djece ,Hsiner Co.Ltd.  , Cirri Mini Comfort Nasal Mask Child L 00003498","Hsiner Co.Ltd. ","Orto Rea","05.01.2024",null,1,0,"18,15,4","9b",0,12,12,12,"NE",0,1,0,0,"kom",null,1,0,0,378,0,0,null,0,0,0,"IIa","S","SP,LJ","CE certifikat.  ",0,"202,9066",5,{"$nulls":6},0,0,"'0403271100000"]
["POMAGALA ZA DISANJE","Neinvazivni ventilator B5-BPAP i pripadajući potrošni materijal",200,4669,"'040312130109","'0403121301011","Neinvazivni ventilator  za kućnu uporabu sa ovlaživačem ,Micomme Medical Technology ,B5-BPAP","Micomme Medical Technology","Egeria","20.03.2025",null,1,0,"16,18",9,3,60,60,60,"DA",1,1,1,0,"kom",null,1,0,0,350,1,0,null,1,0,0,"IIa",null,"SP,LJ","Metal,plastika, električno napajanje, 5 modaliteta ventilacije. Trajanje ventilacije do 16 sati/24 sata. Uključeni ovlaživač, filter vanjski grubi crni, filter sitnih čestica bijeli i cijev za zrak. Dual mode za prebacivanje rada iz budnog stanja u spavanje. Mogućnost bilježenja podataka. Zaključavanje postavki. Jamstvo 3 god. CE certifikat. ",0,"3583,8191",5,{"$nulls":6},0,0,"'0403121301000"]
["POMAGALA ZA DISANJE","Pripadajući potrošni materijal za neinvazivni ventilator Luvar STA",208,4689,"'050512120704","'0505121207022","Endotrahealna kanila bez balona s konekcijom ,Primed Halberstadt Medizintechnik GmbH ,Priflex","Primed Halberstadt Medizintechnik GmbH","Aktiv Medical","23.10.2025",null,1,1,"19,33",5,2,0,12,12,"NE",0,1,0,0,"kom",null,4,0,0,226,0,0,null,0,0,0,"IIa","S","SP,LJ","PVC, polietilen. CE certifikat.",0,"91,9439",5,{"$nulls":6},0,0,"'0505121207000"]
["POMAGALA ZA DISANJE","Pripadajući potrošni materijal za neinvazivni ventilator Luvar STA",208,4704,"'040312130607","'0403121306007","Bakterijski filter ,Heyer Medical AG ,Bacterial filter","Heyer Medical AG","Aktiv Medical","29.05.2025",null,1,0,"18,15,4","9b",0,6,6,6,"NE",0,1,0,0,"kom",null,2,0,0,378,0,0,null,0,0,0,null,null,"SP,LJ","Original prema modelu. Zamjena 1 u tri mjeseca.",0,"4,2781",5,{"$nulls":6},0,0,"'0403121306000"]
["POMAGALA ZA DISANJE","Pripadajući potrošni materijal za neinvazivni ventilator Luvar STA",208,4712,"'040312131005","'0403121310017","Nazalna maska za neinvazivnu ventilaciju ,Heyer Medical AG , LuvON-N2 L","Heyer Medical AG","Aktiv Medical","19.03.2026",null,1,1,"18,15","9b",0,6,6,6,"NE",0,1,0,0,"kom",null,1,0,0,378,0,0,null,0,0,0,"IIa","S ","SP,LJ","Maska za nos; okretni koljenasti nastavak za spajanje crijeva na neinvazivni ventilator s mogućnošću okretanja od 360 stupnjeva; ugrađen čeoni fiksator s mogućnošću podešavanja u više nivoa; unutarnji dio maske izgrađen od silikona; tijelo maske od plastike; pričvršćivanje maske fleksibilnim fiksatorima preko cijele glave; ugrađen izlaz za izdahnuti zrak (exhalation port), CE certifikat.",0,"61,8895",5,{"$nulls":6},0,0,"'0403121310000"]
["POMAGALA ZA DISANJE","Pripadajući potrošni materijal za neinvazivni ventilator Luvar STA",208,4726,"'050512120901","'0505121209001","Fiksacijske trake za kanilu-dječje (EPSR64T) ,VBM Medizintehchnik ,Tracheostomy necktape, blue, for child and infant 40-005-011","VBM Medizintehchnik","Tehnomedika","17.07.2025",null,"15,18,19,33",1,14,"1a",0,1,3,0,"NE",0,1,0,0,"kom",null,30,0,0,228,0,0,null,0,0,0,"I","S","SP,LJ","PVC. ",0,"4,2564",5,null,1,{"$nulls":4},0,1,"'0505121209000"]
["POMAGALA ZA DISANJE","Pripadajući potrošni materijal za respirator i obnovljeni respirator Falco 101 - za invazivnu terapiju",211,4735,"'040327110012","'0403271100025","Cijev za respirator ,R.Vent Medical Uretim A.S. ,Adult IPPB Circuit, kat.br.20005006","R.Vent Medical Uretim A.S.","Aktiv Medical","29.01.2026",null,1,0,"18,15,4","9b",0,3,3,3,"NE",0,1,0,0,"kom","do",5,0,0,378,0,0,null,0,0,0,"IIa","S","SP,LJ","CE certifikat.",0,"12,7272",5,{"$nulls":6},0,0,"'0403271100000"]
["POMAGALA ZA DISANJE","Pripadajući potrošni materijal za respirator i obnovljeni respirator Falco 101 - za neinvazivnu terapiju",212,4752,"'040327110024","'0403271100041","Maska za neinvazivnu ventilaciju djece ,Hsiner Co., Ltd ,Child Silicone Nasal Mask  M","Hsiner Co., Ltd","Aktiv Medical","29.01.2026",null,1,0,"18,15","9b",0,12,12,12,"NE",0,1,0,0,"kom",null,1,0,0,378,0,0,null,0,0,0,"IIa",null,"SP,LJ","CE certifikat., Napomena-kad se odobri pomagalo za odrasle, ne može se odobriti isto pomagalo za djecu.",0,"192,7613",5,{"$nulls":6},0,0,"'0403271100000"]
["POMAGALA ZA DISANJE","Pripadajući potrošni materijal za respirator i obnovljeni respirator Falco 101 - za neinvazivnu terapiju",212,4758,"'040327110024","'0403271100047","Maska za neinvazivnu ventilaciju djece ,Hsiner Co., Ltd ,Child Silicone Full Face Mask XL","Hsiner Co., Ltd","Aktiv Medical","29.01.2026",null,1,0,"18,15","9b",0,12,12,12,"NE",0,1,0,0,"kom",null,1,0,0,378,0,0,null,0,0,0,"IIa",null,"SP,LJ","CE certifikat., Napomena-kad se odobri pomagalo za odrasle, ne može se odobriti isto pomagalo za djecu.",0,"192,7613",5,{"$nulls":6},0,0,"'0403271100000"]
["POMAGALA ZA DIJALIZU","Pomagala za peritonejsku dijalizu",108,4774,"'041506131301","'0415061313001","Automatska peritonejska dijaliza 17 litara ,VANTIVE/BAXTER ,Dianeal PD4 + MiniCap with Povidone-Iodine+Connection Shield Sys II with Povidone –Iodine Solution + HomeChoice Automated PD set with Cassete, 4 Prong, Luers/8 Prong Luers + 3,65m Extension set","VANTIVE/BAXTER","AGMAR","29.05.2025",null,1,1,21,9,3,0,3,3,"NE",0,1,0,0,"komplet 17 litara",null,92,0,0,243,0,0,null,0,0,0,null,"S","SP,LJ","Jednostruke vrećice s 5000 ml otopine i/ili jednostruke vrećice sa 2000 ml otopine uz koncentraciju glukoze od 1,36%, 2,27% ili 3,86 % sa Mini-capom, provodnim sustavom za APD4 od 4 ili 8 priključaka, cijevi za odvođenje iskorištene otopine i zaštitnom klemom-obujmicom. Rješenje za stavljanje lijeka u promet. CE certfikat",0,"85,9792",5,{"$nulls":6},0,0,"'0415061313000"]
["POMAGALA ZA DIJALIZU","Pomagala za peritonejsku dijalizu",108,4781,"'041506131403","'0415061314003","Automatska peritonejska dijaliza 20 litara ,FRESENIUS MEDICAL CARE ,BALANCE","FRESENIUS MEDICAL CARE","FRESENIUS MEDICAL CARE HRVATSKA d.o.o.","23.02.2023",null,1,1,21,9,3,0,3,3,"NE",0,1,0,0,"komplet 20 litara",null,92,0,0,243,0,0,null,0,0,0,null,"S","SP,LJ","Jednostruke vrečice sa dvije komore ili jednostruke vrečice s provodnim sustavom s kazetom - drenažni set. CE certifikat.",0,"97,2423",5,{"$nulls":6},0,0,"'0415061314000"]
["POMAGALA ZA DIJALIZU","Pomagala za dijalizu",140,4796,"'041503130100","'0415031301000","Bikarbonatna hemodijaliza s membranom dijalizatora od sintetike ",null,null,"01.01.2023",null,1,1,21,9,3,1,1,"1 ","NE",0,1,0,0,"komplet","do",14,0,0,242,0,0,null,0,0,0,"IIb","S ","SP,LJ","Dijalizator, krvna linija, igla, kiseli i bikarbonatni koncentrat. CE certifikat.",0,"31,6371",5,{"$nulls":6},0,0,"'0415031301000"]
["OČNA I TIFLOTEHNIČKA  POMAGALA","Okviri za naočale",110,4812,"'210306140102","'2103061401007","Okvir za naočale ,Revin ,Leo 52x18","Revin","Revin","01.01.2023",null,1,1,23,10,1,12,24,36,"NE",0,4,0,0,"kom",null,1,0,0,null,0,0,null,0,0,0,"I","S ","SPPD,LJ","Plastika, acetat, četiri različita modela dizajnom prihvatljivih (oblik i boja), četiri veličine. ",0,"2,6014",5,{"$nulls":6},0,0,"'2103061401000"]
["OČNA I TIFLOTEHNIČKA  POMAGALA","Okviri za naočale",110,4818,"'210306140102","'2103061401013","Okvir za naočale ,Revin ,Dora 49x18","Revin","Revin","01.01.2023",null,1,1,23,10,1,12,24,36,"NE",0,4,0,0,"kom",null,1,0,0,null,0,0,null,0,0,0,"I","S ","SPPD,LJ","Plastika, acetat, četiri različita modela dizajnom prihvatljivih (oblik i boja), četiri veličine. ",0,"2,6014",5,{"$nulls":6},0,0,"'2103061401000"]
["OČNA I TIFLOTEHNIČKA  POMAGALA","Plastične leće za naočale",112,4835,"'210303140800","'2103031409000","Plastične lentikularne leće, TORUS konveksne (+) do 18 dioptrija, do 4 cilindra ",null,null,"01.01.2023",null,1,1,23,10,1,12,24,"24 ","NE",0,4,0,0,"kom","do",2,0,0,null,0,0,null,0,0,0,"I","S","SPPD,LJ","Plastika CR39, UVB zaštita. ",0,"27,1843",5,{"$nulls":6},0,0,"'2103031409000"]
["OČNA I TIFLOTEHNIČKA  POMAGALA","Teleskopske leće",113,4844,"'210321140900","'2103211409000","Teleskopske leće za blizinu odnosno daljinu - sustav staklenih leća ",null,null,"01.01.2023",null,1,1,23,5,2,36,36,"36 ","NE",0,4,0,0,"kom","do",2,0,0,244,0,0,null,0,0,0,"I","I ","SPPD",null,0,"345,9818",5,{"$nulls":6},0,0,"'2103211409000"]
["OČNA I TIFLOTEHNIČKA  POMAGALA","OČNE PROTEZE ",117,4858,"'063021142400","'0630211424000","Očna proteza ljuskasta staklena - po mjeri ",null,null,"01.01.2023",null,1,1,23,5,2,12,24,"36 ","NE",0,4,0,0,"kom",null,1,0,0,248,0,0,null,0,0,0,"I","I","SPPD","Staklo. ",0,"224,8630",5,{"$nulls":6},0,0,"'0630211424000"]
["OČNA I TIFLOTEHNIČKA  POMAGALA","TIFLOTEHNIČKA POMAGALA",118,4879,"'213031143401","'2130311434001","Reproduktor i snimač zvučnih knjiga u DAISY formatu za slijepe osobe ,Plextor ,Plextalk Pocket  PTP1","Plextor","Udruženje za unapređivanje obrazovanja slijepih i slabovidnih osoba","01.01.2023",null,1,1,23,5,2,60,60,60,"DA+",2,4,2,0,"kom",null,1,0,0,"345,256",1,0,null,0,0,0,"IIa","S","SP","CE certifikat.",0,"306,9348",5,{"$nulls":6},0,0,"'2130311434000"]
["OČNA I TIFLOTEHNIČKA  POMAGALA","TIFLOTEHNIČKA POMAGALA",118,4881,"'213031143402","'2130311434003","Reproduktor i snimač zvučnih knjiga u DAISY formatu za slijepe osobe ,Shinano Kenshi Europe ,Plextalk   PTN2","Shinano Kenshi Europe","Tiflotehna","05.10.2023",null,1,1,23,5,2,60,60,60,"DA+",0,4,0,0,"kom",null,1,0,0,"345,256",1,0,null,0,0,0,"IIa","S","SP","CE certifikat.",0,"414,3620",5,{"$nulls":6},0,0,"'2130311434000"]
["SLUŠNA I SURDOTEHNIČKA POMAGALA","Slušno pomagalo",120,4901,"'214506150110","'2145061501010","Zaušno slušno pomagalo ,BHM Tech ,Viper 170P","BHM Tech","Neuroth slušna pomagala","20.07.2023",null,19,1,19,5,2,24,60,84,"NE",0,2,0,0,"kom",null,1,0,0,"346,315,258",0,0,null,1,0,0,"IIa","S ","SP,LJ","Plastika,  metal, elektroničke komponente. CE certifikat.",0,"223,9697",5,{"$nulls":6},0,0,"'2145061501000"]
["SLUŠNA I SURDOTEHNIČKA POMAGALA","Slušno pomagalo",120,4912,"'214503150203","'2145031502011","Digitalno kanalno  slušno pomagalo ,Sonic Innovations ,Quartet ITE","Sonic Innovations","Neuroth slušna pomagala","01.01.2023",null,19,1,19,5,2,0,0,84,"NE",0,2,0,0,"kom",null,1,0,0,"346,315,259",0,0,null,1,0,0,"IIa","S ","SP,LJ","Plastika,  metal, elektroničke komponente, računalno podešavanje. CE certifikat.",0,"199,0842",5,{"$nulls":6},0,0,"'2145031502000"]
["SLUŠNA I SURDOTEHNIČKA POMAGALA","Slušno pomagalo",120,4923,"'214506150301","'2145061503001","Digitalno zaušno slušno pomagalo ,Bernafon ,Slušno pomagalo  WIN-102","Bernafon","Elton","01.01.2023",null,19,1,19,5,2,24,60,84,"NE",0,2,0,0,"kom",null,1,0,0,"346,315,260",0,0,null,1,0,0,"IIa","S ","SP,LJ","Plastika,  metal, elektroničke komponente, računalno podešavanje. CE certifikat.",0,"199,0842",5,{"$nulls":6},0,0,"'2145061503000"]
["SLUŠNA I SURDOTEHNIČKA POMAGALA","Slušno pomagalo",120,4935,"'214506150307","'2145061503016","Digitalno zaušno slušno pomagalo ,Widex ,BRAVO B11-VC","Widex","Microton","01.01.2023",null,19,1,19,5,2,24,60,84,"NE",0,2,0,0,"kom",null,1,0,0,"346,315,260",0,0,null,1,0,0,"IIa","S ","SP,LJ","Plastika,  metal, elektroničke komponente, računalno podešavanje. CE certifikat.",0,"199,0842",5,{"$nulls":6},0,0,"'2145061503000"]
["SLUŠNA I SURDOTEHNIČKA POMAGALA","Slušno pomagalo",120,4949,"'214515150502","'2145151505004","Slušno pomagalo za koštanu vodljivost  u naočalama ili naglavno ,BHM Tech ,Contact mini","BHM Tech","Neuroth slušna pomagala","20.07.2023",null,19,1,19,5,2,60,60,84,"NE",0,2,0,0,"kom",null,1,0,0,"346,315,262",0,0,null,1,0,0,"IIa","S ","SP,LJ","Plastika, metal, elektroničke komponenete, komplet: okvir, slijepo krilo, dva adaptera i aktivno krilo, CE certifikat",0,"725,6351",5,{"$nulls":6},0,0,"'2145151505000"]
["SLUŠNA I SURDOTEHNIČKA POMAGALA","Slušno pomagalo",120,4958,"'214503150212","'2145031502036","Digitalno kanalno  slušno pomagalo ,Audifon , VICO IS+","Audifon","Salvus","01.01.2023",null,19,1,19,5,2,0,0,84,"NE",0,2,0,0,"kom",null,1,0,0,"346,315,259",0,0,null,1,0,0,"IIa","S ","SP,LJ","Plastika,  metal, elektroničke komponente, računalno podešavanje. CE certifikat.",0,"199,0842",5,null,1,{"$nulls":4},0,0,"'2145031502000"]
["SLUŠNA I SURDOTEHNIČKA POMAGALA","Slušno pomagalo",120,4971,"'220612150201","'2206121502001","Digitalno zaušno slušno pomagalo bez kanala sa prijemnikom slušalicom u uhu ,Bernafon  ,NEVERA 1 PICO RITE, PS BE/ GR/ GB/ DB/ MAC ","Bernafon ","Elton","01.01.2023",null,19,1,19,5,2,0,0,84,"NE",0,2,0,0,"kom",null,1,0,0,"260,315,346",0,0,null,1,0,0,"IIa","S","SP,LJ","Plastika, metal, elektroničke komponente, računalno podešavanje. Prijemnik slušalica u uhu, antialergijski nastavak za slušalicu, direktan zvuk, bežićno podešavanje, ChalnelFree, suzbijanje mikrofonije, redukacija buke, binauralna usklađenost, digitalna obrada signala, hidrofobni premaz, zaštita od prašine i vode. CE certifikat.",0,"199,0842",5,null,null,"453,9120",null,"254,8278",null,1,0,"'2206121502000"]
["SLUŠNA I SURDOTEHNIČKA POMAGALA","Slušno pomagalo",120,4981,"'214506150317","'2145061503032","Digitalno zaušno slušno pomagalo ,GN INTERTON ,MV170-DW","GN INTERTON","Mijeton","29.05.2025",null,19,1,19,5,2,24,60,84,"NE",0,2,0,0,"kom",null,1,0,0,"346,315,260",0,0,null,1,0,0,"IIa","S ","SP,LJ","Plastika,  metal, elektroničke komponente, računalno podešavanje. CE certifikat.",0,"189,1200",5,{"$nulls":6},0,0,"'2145061503000"]
["SLUŠNA I SURDOTEHNIČKA POMAGALA","Pomagala za poboljšanje komunikacije",121,4993,"'214218150802","'2142181508005","Prijamnik ,Phonak ,ML10i","Phonak","Microton","01.01.2023",null,19,1,19,5,2,0,60,60,"DA",1,2,1,0,"kom",null,1,0,0,263,1,0,null,1,0,0,"IIa","S ","SP,LJ","Plastika,  metal, elektroničke komponente, frekventno modulirani bežični sustav, komplet: konektor za slušno pomagalo, baterija i punjač baterije. CE certifikat.",0,"677,1358",5,{"$nulls":6},0,0,"'2142181508000"]
["SLUŠNA I SURDOTEHNIČKA POMAGALA","Dijelovi i potrošni materijal za slušna pomagala",122,5012,"'214515151803","'2145151518003","Vibrator ,Widex ,Vibrator Widex","Widex","Microton","01.01.2023",null,1,1,19,5,2,60,60,60,"NE",0,2,0,0,"kom",null,1,0,0,315,0,0,null,1,0,0,null,"S","SP,LJ","Plastika, metal. CE certifikat.",0,"23,7441",5,{"$nulls":6},0,0,"'2145151518000"]
["SLUŠNA I SURDOTEHNIČKA POMAGALA","Dijelovi i potrošni materijal za slušna pomagala",122,5025,"'214530152004","'2145301520004","Kabel ,Unitron ,Kabel Unitron","Unitron","Microton","01.01.2023",null,1,1,4,5,2,12,12,12,"NE",0,2,0,0,"kom",null,1,0,0,315,0,0,null,1,1,0,null,"S","SP,LJ","Metal, plastika, dvožilni, trožilni. CE certifikat.",0,"5,5890",5,{"$nulls":6},0,0,"'2145301520000"]
["SLUŠNA I SURDOTEHNIČKA POMAGALA","Dijelovi i potrošni materijal za slušna pomagala",122,5034,"'214530152401","'2145301524001","Mikrofon ,Bernafon ,Mikrofon","Bernafon","Elton","01.01.2023",null,1,1,4,5,2,12,12,12,"NE",0,2,0,0,"kom",null,1,0,0,315,0,0,null,1,1,0,null,"S","SP,LJ","Metal, plastika. CE certifikat.",0,"63,1070",25,{"$nulls":6},0,0,"'2145301524000"]
["SLUŠNA I SURDOTEHNIČKA POMAGALA","Dijelovi i potrošni materijal za slušna pomagala",122,5048,"'214530152410","'2145301524015","Mikrofon ,Unitron ,Mikrofon Unitron","Unitron","Microton","01.01.2023",null,1,1,4,5,2,12,12,12,"NE",0,2,0,0,"kom",null,1,0,0,315,0,0,null,1,1,0,null,"S","SP,LJ","Metal, plastika. CE certifikat.",0,"63,1070",25,{"$nulls":6},0,0,"'2145301524000"]
["SLUŠNA I SURDOTEHNIČKA POMAGALA","Dijelovi i potrošni materijal za slušna pomagala",122,5056,"'214530152504","'2145301525006","Slušalica ,GNReSound ,Rec compl. For  501D,ES 10P/30P/50P","GNReSound","Bontech","01.01.2023",null,1,1,4,5,2,12,12,12,"NE",0,2,0,0,"kom",null,1,0,0,315,0,0,null,1,1,0,null,"S","SP,LJ","Metal, plastika, guma. CE certifikat.",0,"59,8195",25,{"$nulls":6},0,0,"'2145301525000"]
["SLUŠNA I SURDOTEHNIČKA POMAGALA","Dijelovi i potrošni materijal za slušna pomagala",122,5079,"'214530152605","'2145301526011","Kućište pomagala ,Oticon A/S ,Face plate for service,left","Oticon A/S","Bontech","01.01.2023",null,1,1,4,5,2,12,12,12,"NE",0,2,0,0,"kom",null,1,0,0,315,0,0,null,1,1,0,null,"S","SP,LJ","Metal, plastika. CE certifikat.",0,"11,8946",25,{"$nulls":6},0,0,"'2145301526000"]
["SLUŠNA I SURDOTEHNIČKA POMAGALA","Dijelovi i potrošni materijal za slušna pomagala",122,5091,"'214530152704","'2145301527004","Preklopnik ,GNReSound ,PB for ES70/ES80","GNReSound","Bontech","01.01.2023",null,1,1,4,5,2,12,12,12,"NE",0,2,0,0,"kom",null,1,0,0,315,0,0,null,1,1,0,null,"S","SP,LJ","Metal, plastika. CE certifikat.",0,"25,5226",25,{"$nulls":6},0,0,"'2145301527000"]
["SLUŠNA I SURDOTEHNIČKA POMAGALA","Dijelovi i potrošni materijal za slušna pomagala",122,5102,"'214530152709","'2145301527015","Preklopnik ,Widex ,Preklopnik, Widex","Widex","Microton","01.01.2023",null,1,1,4,5,2,12,12,12,"NE",0,2,0,0,"kom",null,1,0,0,315,0,0,null,1,1,0,null,"S","SP,LJ","Metal, plastika. CE certifikat.",0,"25,5226",25,{"$nulls":6},0,0,"'2145301527000"]
["SLUŠNA I SURDOTEHNIČKA POMAGALA","Dijelovi i potrošni materijal za slušna pomagala",122,5117,"'214530152809","'2145301528012","Potenciometar ,Unitron ,Potenciometar, Unitron","Unitron","Microton","01.01.2023",null,1,1,4,5,2,12,12,12,"NE",0,2,0,0,"kom",null,1,0,0,315,0,0,null,1,1,0,null,"S","SP,LJ","Metal, plastika, staklo. CE certifiukat.",0,"17,4716",25,{"$nulls":6},0,0,"'2145301528000"]
["SLUŠNA I SURDOTEHNIČKA POMAGALA","Dijelovi i potrošni materijal za slušna pomagala",122,5125,"'214530153202","'2145301532002","Ovjes mikrofona ,Hansaton ,Ovjes mikrofona","Hansaton","Neuroth slušna pomagala","01.01.2023",null,1,1,4,5,2,12,12,12,"NE",0,2,0,0,"kom",null,1,0,0,315,0,0,null,1,1,0,null,"S","SP,LJ","Metal, plastika. CE certifikat.",0,"13,8987",25,{"$nulls":6},0,0,"'2145301532000"]
["SLUŠNA I SURDOTEHNIČKA POMAGALA","Dijelovi i potrošni materijal za slušna pomagala",122,5139,"'214530153211","'2145301532016","Ovjes mikrofona ,Audio-Service ,Ovjes mikrofona","Audio-Service","Slušni centar Pavlović","01.01.2023",null,1,1,4,5,2,12,12,12,"NE",0,2,0,0,"kom",null,1,0,0,315,0,0,null,1,1,0,null,"S","SP,LJ","Metal, plastika. CE certifikat.",0,"13,8987",25,{"$nulls":6},0,0,"'2145301532000"]
["SLUŠNA I SURDOTEHNIČKA POMAGALA","Dijelovi i potrošni materijal za slušna pomagala",122,5148,"'214530153305","'2145301533008","Ovjes slušalice ,Oticon A/S ,Suspension for microphone for  Ergo compact","Oticon A/S","Bontech","01.01.2023",null,1,1,4,5,2,12,12,12,"NE",0,2,0,0,"kom",null,1,0,0,315,0,0,null,1,1,0,null,"S","SP,LJ","Metal, plastika. CE certifikat.",0,"10,7174",25,{"$nulls":6},0,0,"'2145301533000"]
["SLUŠNA I SURDOTEHNIČKA POMAGALA","Dijelovi i potrošni materijal za slušna pomagala",122,5161,"'214530153402","'2145301534002","Kabel unutar slušnog pomagala ,Hansaton ,Kablaža aparata","Hansaton","Neuroth slušna pomagala","01.01.2023",null,1,1,4,5,2,12,12,12,"NE",0,2,0,0,"kom",null,1,0,0,315,0,0,null,1,1,0,null,"S","SP,LJ","Metal, plastika. CE certifikat.",0,"15,9506",25,{"$nulls":6},0,0,"'2145301534000"]
["SLUŠNA I SURDOTEHNIČKA POMAGALA","Dijelovi i potrošni materijal za slušna pomagala",122,5179,"'214530153506","'2145301535008","Zvukovod ,Siemens ,Sound conductor for BTE","Siemens","Bontech","01.01.2023",null,1,1,4,5,2,12,12,12,"NE",0,2,0,0,"kom",null,1,0,0,315,0,0,null,1,1,0,null,"S","SP,LJ","Metal, plastika. CE certifikat.",0,"14,8185",25,{"$nulls":6},0,0,"'2145301535000"]
["SLUŠNA I SURDOTEHNIČKA POMAGALA","Dijelovi i potrošni materijal za slušna pomagala",122,5183,"'214530153510","'2145301535012","Zvukovod ,Unitron ,Zvukovod, Unitron","Unitron","Microton","01.01.2023",null,1,1,4,5,2,12,12,12,"NE",0,2,0,0,"kom",null,1,0,0,315,0,0,null,1,1,0,null,"S","SP,LJ","Metal, plastika. CE certifikat.",0,"14,8185",25,{"$nulls":6},0,0,"'2145301535000"]
["SLUŠNA I SURDOTEHNIČKA POMAGALA","Dijelovi i potrošni materijal za slušna pomagala",122,5202,"'214530153702","'2145301537002","Pločica pojačala ,Hansaton ,Pločica pojačala","Hansaton","Neuroth slušna pomagala","01.01.2023",null,1,1,4,5,2,12,12,12,"NE",0,2,0,0,"kom",null,1,0,0,315,0,0,null,1,1,0,null,"S","SP,LJ","Metal, plastika. CE certifikat.",0,"101,6657",25,{"$nulls":6},0,0,"'2145301537000"]
["SLUŠNA I SURDOTEHNIČKA POMAGALA","Dijelovi i potrošni materijal za slušna pomagala",122,5205,"'214530153704","'2145301537005","Pločica pojačala ,GNReSound ,AMP COMPL  for MA2T80/MA2T90, 501D,ES 10P/30P/50P","GNReSound","Bontech","01.01.2023",null,1,1,4,5,2,12,12,12,"NE",0,2,0,0,"kom",null,1,0,0,315,0,0,null,1,1,0,null,"S","SP,LJ","Metal, plastika. CE certifikat.",0,"101,6657",25,{"$nulls":6},0,0,"'2145301537000"]
["SLUŠNA I SURDOTEHNIČKA POMAGALA","Dijelovi i potrošni materijal za slušna pomagala",122,5225,"'214530153804","'2145301538007","Adapter za slušno pomagalo ,Phonak ,Adapter za slušno pomagalo, Phonak","Phonak","Microton","01.01.2023",null,1,1,19,5,2,0,60,60,"NE",0,2,0,0,"kom",null,1,0,0,315,0,0,null,1,0,0,null,"S","SP,LJ","CE certifikat.",0,"342,4275",5,{"$nulls":6},0,0,"'2145301538000"]
["SLUŠNA I SURDOTEHNIČKA POMAGALA","Dijelovi i potrošni materijal za slušna pomagala",122,5231,"'214221151104","'2142211511011","Umetak za zvukovod, veličina 1 - 5 ,Audio-Service ,Umetak za zvukovod, veličina 4","Audio-Service","Slušni centar Pavlović","01.01.2023",null,1,1,19,10,1,12,12,12,"NE",0,2,0,0,"kom","do",2,0,0,315,0,0,null,1,0,0,null,"S","SP,LJ","Plastika, guma. CE certifikat.",0,"1,6232",5,{"$nulls":6},0,0,"'2142211511000"]
["SLUŠNA I SURDOTEHNIČKA POMAGALA","Vanjski dijelovi za umjetnu pužnicu ",123,5248,"'214527153906","'2145271539005","Baterije za govorni procesor ,Varta ,P675 POWERONE IMPLANT PLUS","Varta","Microton","01.01.2023",null,1,1,4,10,1,3,3,3,"NE",0,2,0,0,"kom","do",96,0,0,264,0,0,null,0,1,0,null,"S","SP,LJ","Standard. ",0,"1,3007",5,{"$nulls":6},0,0,"'2145271539000"]
["SLUŠNA I SURDOTEHNIČKA POMAGALA","Vanjski dijelovi za umjetnu pužnicu-Cochlear",152,5266,"'214527154202","'2145271542003","Govorni procesor ,Cochlear ,CP 900 series processing unit, CR 210 remote assistant","Cochlear","Medical Intertrade","20.07.2023",null,1,1,19,9,3,84,84,84,"DA",0,2,1,0,"kom",null,1,0,0,347,0,0,null,1,0,0,null,"S","SP,LJ","CE certifikat.",0,"9533,0523",5,{"$nulls":6},0,0,"'2145271542000"]
["SLUŠNA I SURDOTEHNIČKA POMAGALA","Vanjski dijelovi za umjetnu pužnicu-Cochlear",152,5279,"'220621110002","'2206211100004","Zavojnica s kablom za govorni procesor ,Cochlear ,Freedom litewear cable","Cochlear","Medical Intertrade","20.07.2023",null,1,1,19,9,3,6,12,12,"NE",0,2,0,0,"kom",null,1,0,0,347,0,0,null,0,0,0,null,"S","SP,LJ","Metal, plastika, dvožilni, trožilni. CE certifikat.",0,"197,3872",5,{"$nulls":6},0,0,"'2206211100000"]
["SLUŠNA I SURDOTEHNIČKA POMAGALA","Vanjski dijelovi za umjetnu pužnicu-Cochlear",152,5288,"'214527154306","'2145271543039","Magnet za govorni procesor ,Cochlear ,CP1150 series SP magnet","Cochlear","Medical Intertrade","01.01.2023",null,1,0,19,9,3,36,36,36,"NE",0,2,0,0,"kom",null,1,0,0,347,0,0,null,1,0,0,null,"S","SP,LJ","CE certifikat.",0,"32,3299",5,{"$nulls":6},0,0,"'2145271543000"]
["SLUŠNA I SURDOTEHNIČKA POMAGALA","Vanjski dijelovi za umjetnu pužnicu-Med-el",153,5302,"'214527154211","'2145271542014","Govorni procesor ,Med-el ,Sonnet 3","Med-el","Media","29.01.2026",null,1,0,19,9,3,84,84,84,"DA",1,2,1,0,"kom",null,1,0,0,347,1,0,null,1,0,0,null,"S","SP,LJ","CE certifikat.",0,"9526,0000",5,{"$nulls":6},0,0,"'2145271542000"]
["POMAGALA ZA GOVOR","Dijelovi za govorno pomagalo",126,5310,"'091506161200","'0915061612000","Mekana membrana ",null,null,"01.01.2023",null,1,1,4,5,2,0,0,"60 ","NE",0,1,0,0,"kom",null,1,0,0,null,0,0,null,0,1,0,null,"S","SP,LJ","Plastika,metal. CE certifikat.",0,"21,4825",25,{"$nulls":6},0,0,"'0915061612000"]
["POMAGALA ZA GOVOR","Pomagala za govor",141,5325,"'063042160202","'0630421602003","Govorna proteza ,Helix Medical, LCC/InHeaalth Technologies  ,Blom-Singer Voice Prostheses","Helix Medical, LCC/InHeaalth Technologies ","Egeria","20.07.2023",null,1,1,19,5,2,0,0,12,"NE",0,1,0,0,"kom","do",4,0,0,266,0,0,null,0,0,0,"IIa","S","SP,LJ","Silikon. CE certifikat.",0,"316,2508",5,{"$nulls":6},0,0,"'0630421602000"]
["POMAGALA ZA GOVOR","Pomagala za govor",141,5336,"'091506160602","'0915061606002","Početni set za održavanje vlažnosti i topline zraka ,Helix Medical, LCC/InHeaalth Technologies  ,HumidFilter System Starter Kit","Helix Medical, LCC/InHeaalth Technologies ","Egeria","01.01.2023",null,1,1,"19,33",5,2,1,1,1,"NE",0,1,0,0,"kom",null,1,0,0,269,0,0,null,0,0,0,"IIa","S","SP,LJ","Početni set sadrži najmanje: štitnik za tuširanje, samoljepivi držač kazete (najmanje po 5 kom. od svakog tipa), kazeta za održavanje vlažnosti zraka (najmanje 20 kom. HME high flow i najmanje 20 kom. HME standardnih), maramice za skidanje ljepila (najmanje 6 kom.), maramice za njegu kože (najmanje 6 kom.), lampica, ogledalo. CE certifikat",0,"239,5169",5,null,4,{"$nulls":4},0,0,"'0915061606000"]
["POMAGALA ZA GOVOR","Pomagala za govor",141,5348,"'000000161102","'0000001611002","Traheofix ,ANDREAS FAHL MEDIZINTECHNIK-VERTRIEB ,Traheostoma-fix","ANDREAS FAHL MEDIZINTECHNIK-VERTRIEB","Egeria","01.01.2023",null,1,1,"19,33",5,2,6,6,6,"NE",0,1,0,0,"kom",null,30,0,0,null,0,0,null,0,0,0,"I","S","SP,LJ","Zrakopropusni pjenasti materijal s ljepljivom trakom. ",0,"0,6742",5,{"$nulls":6},0,0,"'0000001611000"]
["POMAGALA ZA GOVOR","Pomagala za govor",141,5357,"'091506160604","'0915061606004","Početni set za održavanje vlažnosti i topline zraka ,Atos ,Provox Coming Home 8224","Atos","Inel medicinska tehnika","01.01.2023",null,1,1,"19,33",5,2,1,1,1,"NE",0,1,0,0,"kom",null,1,0,0,269,0,"091506160604",null,0,0,0,"I","S","SP,LJ","Početni set sadrži najmanje: štitnik za tuširanje, samoljepivi držač kazete (najmanje po 5 kom. od svakog tipa), kazeta za održavanje vlažnosti zraka (najmanje 20 kom. HME high flow i najmanje 20 kom. HME standardnih), maramice za skidanje ljepila (najmanje 6 kom.), maramice za njegu kože (najmanje 6 kom.), lampica, ogledalo. ",0,"239,5169",5,null,4,{"$nulls":4},0,0,"'0915061606000"]
["POMAGALA ZA GOVOR","Pomagala za govor",141,5377,"'091507100101","'0915071001001","Govorna valvula-jednosmjerna s konekcijom za kisik ,Primed Halberstadt Medizintechnik GmbH ,NovaPhon","Primed Halberstadt Medizintechnik GmbH","Aktiv Medical","29.01.2026",null,1,0,"15,19,33",5,2,12,12,12,"NE",0,1,0,0,"kom",null,4,0,0,400,0,0,null,0,0,0,"IIa","S","SP,LJ","Plastika. CE certifikat.",0,"201,7000",5,{"$nulls":6},0,0,"'0915071001000"]
["POMAGALA ZA GOVOR","Pomagala za govor",141,5380,"'091507100102","'0915071001002","Govorna valvula-jednosmjerna s konekcijom za kisik ,Passy-Muir Inc. ,Passy Muir Tracheostomy & Ventilator Speaking Valves, Passy Muir Valve Oxygen adapter","Passy-Muir Inc.","Egeria","19.03.2026",null,1,0,"15,19,33",5,2,12,12,12,"NE",0,1,0,0,"kom",null,4,0,0,400,0,0,null,0,0,0,"IIa","S","SP,LJ","Plastika. CE certifikat.",0,"201,7000",5,{"$nulls":6},0,0,"'0915071001000"]
["DRUGA POMAGALA","Toaletni stolac ",128,5399,"'091209170205","'0912091702009","Toaletni stolac s posudom ,Invacare ,H407","Invacare","Orto Rea","01.01.2023",null,"3,29",1,14,"1a",0,0,84,84,"NE",0,1,0,0,"kom",null,1,0,0,271,0,0,null,0,0,0,"I","S","SP,LJ","Metal, plastika. ",0,"48,5805",5,{"$nulls":6},0,1,"'0912091702000"]
["DRUGA POMAGALA","Rukavice, elastično - kompresivna pomagala",129,5415,"'090615170301","'0906151703001","Kožne rukavice za vožnju invalidskih kolica ,Otos ,Rukavice za invalidska kolica","Otos","Otos","05.10.2023",null,1,1,"2,3,4",5,2,12,12,12,"NE",0,1,0,0,"par",null,1,0,0,272,0,0,null,0,1,0,null,"S","SP,LJ","Materijal - koža. S prstima ili bez. Rukavice s protukliznom podloškom. Čičak traka za zglob.",0,"35,1692",5,{"$nulls":6},0,0,"'0906151703000"]
["DRUGA POMAGALA","Rukavice, elastično - kompresivna pomagala",129,5421,"'030609170404","'0306091704009","Elastično-kompresivni terapijski rukav s rukavicom ,Schibler ,Compression Sleeves","Schibler","Egeria","20.07.2023",null,1,1,"6,3",5,2,6,6,6,"NE",0,1,0,0,"kom",null,1,0,0,273,0,0,null,0,0,0,"I","S","SP,LJ","Tekstilno tkanje, čičak traka. Elastično kompresivni stupanj I do III",0,"36,7430",5,{"$nulls":6},0,0,"'0306091704000"]
["DRUGA POMAGALA","Rukavice, elastično - kompresivna pomagala",129,5434,"'030606170505","'0306061705051","Elastično-kompresivna terapijska nogavica ,Medi GmbH & Co.KG ,mediven elegance - I. stupanj kompresije  AG pte.","Medi GmbH & Co.KG","Rozi Step","01.06.2024",null,1,1,"2,3,6,11,24,25",5,2,6,6,6,"NE",0,1,0,0,"kom",null,1,0,0,274,0,0,null,0,0,0,"I","S","SP,LJ","Tekstilno elastično tkanje. Elastično kompresivni stupanj I do IV. Minimalno 10 različitih veličina u ponudi. S petom.",0,"26,1239",5,{"$nulls":6},0,0,"'0306061705000"]
["DRUGA POMAGALA","Rukavice, elastično - kompresivna pomagala",129,5443,"'030606170505","'0306061705060","Elastično-kompresivna terapijska nogavica ,Medi GmbH & Co.KG ,mediven forte  - II.  stupanj kompresije  AD","Medi GmbH & Co.KG","Rozi Step","01.06.2024",null,1,1,"2,3,6,11,24,25",5,2,6,6,6,"NE",0,1,0,0,"kom",null,1,0,0,274,0,0,null,0,0,0,"I","S","SP,LJ","Tekstilno elastično tkanje. Elastično kompresivni stupanj I do IV. Minimalno 10 različitih veličina u ponudi. S petom.",0,"26,1239",5,{"$nulls":6},0,0,"'0306061705000"]
["DRUGA POMAGALA","Rukavice, elastično - kompresivna pomagala",129,5457,"'030606170508","'0306061705092","Elastično-kompresivna terapijska nogavica ,COMPRESSANA ,NOVA 181 A-g","COMPRESSANA","SimBex","20.07.2023",null,1,1,"2,3,6,11,24,25",5,2,6,6,6,"NE",0,1,0,0,"kom",null,1,0,0,274,0,0,null,0,0,0,"I","S","SP,LJ","Tekstilno elastično tkanje. Elastično kompresivni stupanj I do IV. Minimalno 10 različitih veličina u ponudi. S petom.",0,"27,5751",5,{"$nulls":6},0,0,"'0306061705000"]
["DRUGA POMAGALA","Rukavice, elastično - kompresivna pomagala",129,5478,"'030606170510","'0306061705116","Elastično-kompresivna terapijska nogavica ,BSN medical ,Jobst Ultrasheer","BSN medical","Delko, Essity Croatia","19.03.2026",null,1,1,"2,3,6,11,24,25",5,2,6,6,6,"NE",0,1,0,0,"kom",null,1,0,0,274,0,0,null,0,0,0,"I","S","SP,LJ","Tekstilno elastično tkanje. Elastično kompresivni stupanj I do IV. Minimalno 10 različitih veličina u ponudi. S petom.",0,"27,5751",5,{"$nulls":6},0,0,"'0306061705000"]
["DRUGA POMAGALA","Rukavice, elastično - kompresivna pomagala",129,5480,"'030606170510","'0306061705119","Elastično-kompresivna terapijska nogavica ,BSN medical ,Jobst Ulcer Care","BSN medical","Delko, Essity Croatia","19.03.2026",null,1,1,"2,3,6,11,24,25",5,2,6,6,6,"NE",0,1,0,0,"kom",null,1,0,0,274,0,0,null,0,0,0,"I","S","SP,LJ","Tekstilno elastično tkanje. Elastično kompresivni stupanj I do IV. Minimalno 10 različitih veličina u ponudi. S petom.",0,"27,5751",5,{"$nulls":6},0,0,"'0306061705000"]
["DRUGA POMAGALA","Rukavice, elastično - kompresivna pomagala",129,5504,"'030606170505","'0306061705121","Elastično-kompresivna terapijska nogavica ,Medi GmbH & Co.KG ,mediven elegance - II. stupanj kompresije  AD pte.","Medi GmbH & Co.KG","Rozi Step","01.06.2024",null,1,1,"2,3,6,11,24,25",5,2,6,6,6,"NE",0,1,0,0,"kom",null,1,0,0,274,0,0,null,0,0,0,"I","S","SP,LJ","Tekstilno elastično tkanje. Elastično kompresivni stupanj I do IV. Minimalno 10 različitih veličina u ponudi. S petom.",0,"26,1239",5,{"$nulls":6},0,0,"'0306061705000"]
["DRUGA POMAGALA","Rukavice, elastično - kompresivna pomagala",129,5515,"'030606170505","'0306061705132","Elastično-kompresivna terapijska nogavica ,Medi GmbH & Co.KG ,mediven forte  -  III. stupanj kompresije  AD","Medi GmbH & Co.KG","Rozi Step","01.06.2024",null,1,1,"2,3,6,11,24,25",5,2,6,6,6,"NE",0,1,0,0,"kom",null,1,0,0,274,0,0,null,0,0,0,"I","S","SP,LJ","Tekstilno elastično tkanje. Elastično kompresivni stupanj I do IV. Minimalno 10 različitih veličina u ponudi. S petom.",0,"26,1239",5,{"$nulls":6},0,0,"'0306061705000"]
["DRUGA POMAGALA","Rukavice, elastično - kompresivna pomagala",129,5526,"'030606170503","'0306061705151","Elastično-kompresivna terapijska nogavica ,Maxis ,MAXIS MICRO compressive stockings   AD, size 1 S","Maxis","Stoma Medical","20.07.2023",null,1,1,"2,3,6,11,24,25",5,2,6,6,6,"NE",0,1,0,0,"kom",null,1,0,0,274,0,0,null,0,0,0,"I","S","SP,LJ","Tekstilno elastično tkanje. Elastično kompresivni stupanj I do IV. Minimalno 10 različitih veličina u ponudi. S petom.",0,"27,5751",5,{"$nulls":6},0,0,"'0306061705000"]
["DRUGA POMAGALA","Rukavice, elastično - kompresivna pomagala",129,5534,"'030606170503","'0306061705159","Elastično-kompresivna terapijska nogavica ,Maxis ,MAXIS MICRO compressive stockings  AF, size 2 N","Maxis","Stoma Medical","20.07.2023",null,1,1,"2,3,6,11,24,25",5,2,6,6,6,"NE",0,1,0,0,"kom",null,1,0,0,274,0,0,null,0,0,0,"I","S","SP,LJ","Tekstilno elastično tkanje. Elastično kompresivni stupanj I do IV. Minimalno 10 različitih veličina u ponudi. S petom.",0,"27,5751",5,{"$nulls":6},0,0,"'0306061705000"]
["DRUGA POMAGALA","Rukavice, elastično - kompresivna pomagala",129,5548,"'030606170503","'0306061705173","Elastično-kompresivna terapijska nogavica ,Maxis ,MAXIS MICRO compressive stockings  AF, size 8 S","Maxis","Stoma Medical","20.07.2023",null,1,1,"2,3,6,11,24,25",5,2,6,6,6,"NE",0,1,0,0,"kom",null,1,0,0,274,0,0,null,0,0,0,"I","S","SP,LJ","Tekstilno elastično tkanje. Elastično kompresivni stupanj I do IV. Minimalno 10 različitih veličina u ponudi. S petom.",0,"27,5751",5,{"$nulls":6},0,0,"'0306061705000"]
["DRUGA POMAGALA","Rukavice, elastično - kompresivna pomagala",129,5557,"'030606170503","'0306061705182","Elastično-kompresivna terapijska nogavica ,Maxis ,MAXIS MICRO compressive stockings  AG, size 2 S","Maxis","Stoma Medical","20.07.2023",null,1,1,"2,3,6,11,24,25",5,2,6,6,6,"NE",0,1,0,0,"kom",null,1,0,0,274,0,0,null,0,0,0,"I","S","SP,LJ","Tekstilno elastično tkanje. Elastično kompresivni stupanj I do IV. Minimalno 10 različitih veličina u ponudi. S petom.",0,"27,5751",5,{"$nulls":6},0,0,"'0306061705000"]
["DRUGA POMAGALA","Rukavice, elastično - kompresivna pomagala",129,5570,"'030606170503","'0306061705195","Elastično-kompresivna terapijska nogavica ,Maxis ,MAXIS MICRO compressive stockings  AT, size 8 N","Maxis","Stoma Medical","20.07.2023",null,1,1,"2,3,6,11,24,25",5,2,6,6,6,"NE",0,1,0,0,"kom",null,1,0,0,274,0,0,null,0,0,0,"I","S","SP,LJ","Tekstilno elastično tkanje. Elastično kompresivni stupanj I do IV. Minimalno 10 različitih veličina u ponudi. S petom.",0,"27,5751",5,{"$nulls":6},0,0,"'0306061705000"]
["DRUGA POMAGALA","Rukavice, elastično - kompresivna pomagala",129,5580,"'030606170505","'0306061705209","Elastično-kompresivna terapijska nogavica ,Medi GmbH & Co.KG ,mediven plus - III. stupanj kompresije  AD","Medi GmbH & Co.KG","Rozi Step","01.06.2024",null,1,1,"2,3,6,11,24,25",5,2,6,6,6,"NE",0,1,0,0,"kom",null,1,0,0,274,0,0,null,0,0,0,"I","S","SP,LJ","Tekstilno elastično tkanje. Elastično kompresivni stupanj I do IV. Minimalno 10 različitih veličina u ponudi. S petom.",0,"26,1239",5,{"$nulls":6},0,0,"'0306061705000"]
["DRUGA POMAGALA","Rukavice, elastično - kompresivna pomagala",129,5596,"'030606170511","'0306061705217","Elastično-kompresivna terapijska nogavica ,Sigvaris ,Sigvaris Cotton I.stupanj kompresije  CM1 AG s pojasom","Sigvaris","Danon","01.01.2023",null,1,1,"2,3,6,11,24,25",5,2,6,6,6,"NE",0,1,0,0,"kom",null,1,0,0,274,0,0,null,0,0,0,"I","S","SP,LJ","Tekstilno elastično tkanje. Elastično kompresivni stupanj I do IV. Minimalno 10 različitih veličina u ponudi. S petom.",0,"24,5112",5,{"$nulls":6},0,0,"'0306061705000"]
["DRUGA POMAGALA","Rukavice, elastično - kompresivna pomagala",129,5615,"'030606170511","'0306061705236","Elastično-kompresivna terapijska nogavica ,Sigvaris ,Sigvaris Magic II.stupanj kompresije MG2 AG","Sigvaris","Danon","01.01.2023",null,1,1,"2,3,6,11,24,25",5,2,6,6,6,"NE",0,1,0,0,"kom",null,1,0,0,274,0,0,null,0,0,0,"I","S","SP,LJ","Tekstilno elastično tkanje. Elastično kompresivni stupanj I do IV. Minimalno 10 različitih veličina u ponudi. S petom.",0,"24,5112",5,{"$nulls":6},0,0,"'0306061705000"]
["DRUGA POMAGALA","Rukavice, elastično - kompresivna pomagala",129,5618,"'030606170511","'0306061705239","Elastično-kompresivna terapijska nogavica ,Sigvaris ,Sigvaris Traditional 504 III.stupanj kompresije 504 AG s pojasom","Sigvaris","Danon","01.01.2023",null,1,1,"2,3,6,11,24,25",5,2,6,6,6,"NE",0,1,0,0,"kom",null,1,0,0,274,0,0,null,0,0,0,"I","S","SP,LJ","Tekstilno elastično tkanje. Elastično kompresivni stupanj I do IV. Minimalno 10 različitih veličina u ponudi. S petom.",0,"24,5112",5,{"$nulls":6},0,0,"'0306061705000"]
["DRUGA POMAGALA","Rukavice, elastično - kompresivna pomagala",129,5634,"'030606170512","'0306061705255","Elastično-kompresivna terapijska nogavica ,Gibaud ,Venactif® II.stupanj kompresije: Reflets de teint (suspender stockings)","Gibaud","Mevjema","01.01.2023",null,1,1,"2,3,6,11,24,25",5,2,6,6,6,"NE",0,1,0,0,"kom",null,1,0,0,274,0,0,null,0,0,0,"I","S","SP,LJ","Tekstilno elastično tkanje. Elastično kompresivni stupanj I do IV. Minimalno 10 različitih veličina u ponudi. S petom.",0,"24,5112",5,{"$nulls":6},0,0,"'0306061705000"]
["DRUGA POMAGALA","Rukavice, elastično - kompresivna pomagala",129,5653,"'030609170406","'0306091704018","Elastično-kompresivni terapijski rukav s rukavicom ,Sigvaris ,Sigvaris Traditional Armsleeve 503 II.stupanj kompresije with shoulder cap and mitten","Sigvaris","Danon","01.01.2023",null,1,1,"6,3",5,2,6,6,6,"NE",0,1,0,0,"kom",null,1,0,0,273,0,0,null,0,0,0,"I","S","SP,LJ","Tekstilno tkanje, čičak traka. Elastično kompresivni stupanj I do III",0,"32,6604",5,{"$nulls":6},0,0,"'0306091704000"]
["DRUGA POMAGALA","Rukavice, elastično - kompresivna pomagala",129,5657,"'040606120001","'0406061200001","Terapijski komplet za nogu ,Lohmann & Rauscher  ,Rosidal Lymphset 1 noga mala","Lohmann & Rauscher ","Lohmann & Rauscher ","01.01.2023",null,1,1,"3,6,24",5,2,6,6,6,"NE",0,1,0,0,"kom",null,1,0,0,310,0,0,null,0,0,0,"I","S","SP,LJ","Tekstilno elastično tkanje. Elastično kompresivni stupanj I do III.",0,"66,3587",5,{"$nulls":6},0,0,"'0406061200000"]
["DRUGA POMAGALA","Rukavice, elastično - kompresivna pomagala",129,5675,"'040606140001","'0406061400015","Elastično-kompresivne terapijske čarape ,Medi GmbH & Co.KG ,Mediven plus AT - II. stupanj kompresije","Medi GmbH & Co.KG","Rozi Step","01.06.2024",null,1,1,"3,6,24",5,2,6,6,6,"NE",0,1,0,0,"kom",null,1,0,0,312,0,0,null,0,0,0,"I","S","SP,LJ","Tekstilno elastično tkanje. Elastično kompresivni stupanj I do III.",0,"61,8739",5,{"$nulls":6},0,0,"'0406061400000"]
["DRUGA POMAGALA","Rukavice, elastično - kompresivna pomagala",129,5680,"'040606140001","'0406061400020","Elastično-kompresivne terapijske čarape ,Medi GmbH & Co.KG ,Mediven plus ATH pte - II. stupanj kompresije","Medi GmbH & Co.KG","Rozi Step","01.06.2024",null,1,1,"3,6,24",5,2,6,6,6,"NE",0,1,0,0,"kom",null,1,0,0,312,0,0,null,0,0,0,"I","S","SP,LJ","Tekstilno elastično tkanje. Elastično kompresivni stupanj I do III.",0,"61,8739",5,{"$nulls":6},0,0,"'0406061400000"]
["DRUGA POMAGALA","Rukavice, elastično - kompresivna pomagala",129,5701,"'030606170513","'0306061705274","Elastično-kompresivna terapijska nogavica ,Schibler ,Doktus (prošivena)","Schibler","Egeria","20.07.2023",null,1,1,"2,3,6,11,24,25",5,2,6,6,6,"NE",0,1,0,0,"kom",null,1,0,0,274,0,0,null,0,0,0,"I","S","SP,LJ","Tekstilno elastično tkanje. Elastično kompresivni stupanj I do IV. Minimalno 10 različitih veličina u ponudi. S petom.",0,"26,1239",5,{"$nulls":6},0,0,"'0306061705000"]
["DRUGA POMAGALA","Rukavice, elastično - kompresivna pomagala",129,5716,"'030606170514","'0306061705278","Elastično-kompresivna terapijska nogavica ,Sanyleg ,SANYLEG compressive stockings (Class II- T42 samostojeće)","Sanyleg","Vitafarm","01.01.2023",null,1,0,"2,3,6,11,24,25",5,2,6,6,6,"NE",0,1,0,0,"kom",null,1,0,0,274,0,0,null,0,0,0,"I","S","SP,LJ","Tekstilno elastično tkanje. Elastično kompresivni stupanj I do IV. Minimalno 10 različitih veličina u ponudi. S petom.",0,"23,2212",5,{"$nulls":6},0,0,"'0306061705000"]
["DRUGA POMAGALA","Rukavice, elastično - kompresivna pomagala",129,5724,"'030606170515","'0306061705284","Elastično-kompresivna terapijska nogavica ,Cizeta Medicali ,Varisan TOP kompresivna nogavica (izvedba AGTL)","Cizeta Medicali","Otos","05.10.2023",null,1,1,"2,3,6,11,24,25",5,2,6,6,6,"NE",0,1,0,0,"kom",null,1,0,0,274,0,0,null,0,0,0,"I","S","SP,LJ","Tekstilno elastično tkanje. Elastično kompresivni stupanj I do IV. Minimalno 10 različitih veličina u ponudi. S petom.",0,"26,1239",5,{"$nulls":6},0,0,"'0306061705000"]
["DRUGA POMAGALA","Rukavice, elastično - kompresivna pomagala",129,5738,"'030606170517","'0306061705294","Elastično-kompresivna terapijska nogavica ,Aries , Avicenum phlebo 360 travel","Aries","Egeria","20.03.2025",null,1,0,"2,3,6,11,24,25",5,2,6,6,6,"NE",0,1,0,0,"kom",null,1,0,0,274,0,0,null,0,0,0,"I","S","SP,LJ","Tekstilno elastično tkanje. Elastično kompresivni stupanj I do IV. Minimalno 10 različitih veličina u ponudi. S petom.",0,"22,0600",5,{"$nulls":6},0,0,"'0306061705000"]
["DRUGA POMAGALA","Utege i suspenzor",130,5747,"'031206171604","'0312061716005","Utega jednostrana na gumenom pojasu za ingvinalnu, femoralnu i skrotalnu kilu s pelotom ,THUASNE ,ORTEL","THUASNE","Fokus Medical","01.01.2023",null,6,1,14,"1a",0,6,12,12,"NE",0,1,0,0,"kom",null,1,0,0,276,0,0,null,0,0,0,"I","S ","SP,LJ","Gumeno elastično tkanje, metal. ",0,"30,0259",5,{"$nulls":6},0,1,"'0312061716000"]
["DRUGA POMAGALA","Trbušni pojasevi",131,5764,"'031203172204","'0312031722003","Elastični trbušni pojas, za pupčanu kilu ,Nova ortopedija ,TP-4","Nova ortopedija","Nova ortopedija","01.01.2023",null,"6,7",1,14,"1a",0,6,12,12,"NE",0,1,0,0,"kom",null,1,0,0,278,0,0,null,0,0,0,"I","S ","SP,LJ","Elastični tekstil.",0,"16,2147",5,{"$nulls":6},0,1,"'0312031722000"]
["DRUGA POMAGALA","Trbušni pojasevi",131,5770,"'031203172301","'0312031723001","Elastični trbušni pojas za trbušnu kilu ,Otos ,Elastični trbušni pojas za trbušnu kilu","Otos","Otos","01.01.2023",null,"6,7,25",1,14,"1a",0,6,12,12,"NE",0,1,0,0,"kom",null,1,0,0,279,0,0,null,0,0,0,"I","S","SP,LJ","Elastični tekstil.",0,"16,2147",5,{"$nulls":6},0,1,"'0312031723000"]
["DRUGA POMAGALA","Trbušni pojasevi",131,5786,"'031203172406","'0312031724011","Elastični trbušni pojas za trudnice ,Lohmann & Rauscher  ,Cellacare Materna vel. 3","Lohmann & Rauscher ","Lohmann & Rauscher ","13.05.2023",null,25,1,14,"1a",0,0,12,12,"NE",0,1,0,0,"kom",null,1,0,0,280,0,0,null,0,0,0,"I","S","SP,LJ","Elastični tekstil, čičak traka. ",0,"34,0302",5,{"$nulls":6},0,1,"'0312031724000"]
["DRUGA POMAGALA","Dojka i  grudnjak",132,5801,"'090324172701","'0903241727002","Grudnjak, nakon amputacije dojke ,Anita ,grudnjak 5309","Anita","Fanat Jadrijević","13.05.2023",null,1,1,14,"1a",0,0,12,12,"NE",0,1,0,0,"kom",null,2,0,0,283,0,0,null,0,0,0,"I","S","SP,LJ","Tekstil.",0,"26,3389",5,{"$nulls":6},0,1,"'0903241727000"]
["DRUGA POMAGALA","Dojka i  grudnjak",132,5808,"'063018172604","'0630181726008","Dojka od silikona ,ABC Breast Care ,11242","ABC Breast Care","Delko","12.10.2024",null,1,1,14,"1a",0,0,12,12,"NE",0,1,0,0,"kom",null,1,0,0,282,0,0,null,0,0,0,"I","S","SP,LJ","Silikon. ",0,"66,1690",5,{"$nulls":6},0,1,"'0630181726000"]
["DRUGA POMAGALA","Dojka i  grudnjak",132,5824,"'090324172706","'0903241727044","Grudnjak, nakon amputacije dojke ,Amoena ,Amoena Soft Bra SB 44803","Amoena","PRISKA","05.10.2023",null,1,1,14,"1a",0,0,12,12,"NE",0,1,0,0,"kom",null,2,0,0,283,0,0,null,0,0,0,"I","S","SP,LJ","Tekstil.",0,"26,3389",5,{"$nulls":6},0,1,"'0903241727000"]
["DRUGA POMAGALA","Dojka i  grudnjak",132,5830,"'063018172604","'0630181726017","Dojka od silikona ,ABC Breast Care ,10271","ABC Breast Care","Delko","12.10.2024",null,1,1,14,"1a",0,0,12,12,"NE",0,1,0,0,"kom",null,1,0,0,282,0,0,null,0,0,0,"I","S","SP,LJ","Silikon. ",0,"66,1690",5,{"$nulls":6},0,1,"'0630181726000"]
["DRUGA POMAGALA","Vlasulje",133,5847,"'063003172902","'0630031729002","Vlasulja za žene s dugim vlaknom ,Otos ,Vlasulja Yucca","Otos","Otos","20.03.2025",null,1,1,14,"1a",0,0,12,12,"NE",0,1,0,0,"kom",null,1,0,0,284,0,0,null,0,0,0,null,"S/I","SP,LJ","Kanekalon, modakrilikna vlakna, kombinacija akrilnitrila i vinilklorida kopolimerizacije. European Medical Devices Directive 93/42 EEC. ",0,"51,3903",25,{"$nulls":6},0,1,"'0630031729000"]
["DRUGA POMAGALA","Vlasulje",133,5856,"'063003172904","'0630031729040","Vlasulja za žene s dugim vlaknom ,Ellen Wille ,Branka-1271","Ellen Wille","Perike","20.03.2025",null,1,1,14,"1a",0,0,12,12,"NE",0,1,0,0,"kom",null,1,0,0,284,0,0,null,0,0,0,null,"S/I","SP,LJ","Modakrilna vlakna, Nylon 15D, 30D, 40D, 70D, 80D, 100D, 210D, Spandex 420D, 800D, European Medical Devices Directive 93/42 EEC.",0,"51,3903",25,{"$nulls":6},0,1,"'0630031729000"]
["DRUGA POMAGALA","Igle za injektor za primjenu somatropina",164,5870,"'041915174002","'0419151740010","Igle za injektor za primjenu lijeka Omnitrope® (somatropin) 5mg, 10mg i 15mg, stakleni uložak s lijekom-Sandoz ,B. Braun AG , Omnican Fine 31G (0,25mm x 4mm)","B. Braun AG","B.Braun","01.01.2023",null,1,1,14,"1a",0,3,3,3,"NE",0,1,0,0,"kom",null,100,0,0,348,0,0,null,0,0,0,"IIa","S","SP,LJ","Tvrda plastika, igle različitih promjera: 28 G i više, odgovarajućih duljina. Medicinski nehrđajući čelik. Za davanje terapije hormonom rasta putem injektora. CE certifikat.",0,"0,1062",5,{"$nulls":6},0,1,"'0419151740000"]
["PROTEZE ZA NOGE","Stopalo",35,5891,"'062427101001","'0624271010002","Stopalo od ugljičnih vlakana (za visoko aktivne)  ,Ottobock SE & Co. KGaA ,Stopalo od ugljičnih vlakana (za visoko aktivne), 1C61","Ottobock SE & Co. KGaA","Otto Bock Adria","02.09.2024","19.03.2025",1,1,"2,3",5,2,0,24,36,"NE",0,1,0,0,"kom",null,1,0,0,"102,339",0,0,null,0,0,0,"I",null,"SPPD,LJ","Ugljična vlakna, stopalo s visokim povratom energije, modul originalni proizvod. ",0,"1300,1367",5,null,null,"1958,6834",null,"658,5467",null,1,0,"'0624271010000"]
["PROTEZE ZA NOGE","Stopalo",35,5893,"'062427023901","'0624270239001","SACH stopalo, standard  ,Ottobock SE & Co. KGaA ,SACH stopalo 1S90","Ottobock SE & Co. KGaA","Otto Bock Adria","15.04.2023","28.01.2026",1,1,"2,3",5,2,12,24,24,"NE",0,1,0,0,"kom",null,1,0,0,"102,339",0,0,null,1,0,0,"I","S ","SPPD,LJ","Plastika, drvo, guma, modul, originalni proizvod. ",0,"77,8459",5,{"$nulls":6},0,0,"'0624270239000"]
["PROTEZE ZA NOGE","Koljeno",37,5913,"'062433026001","'0624330260001","Višeosovinsko koljeno, hidraulično  ,Ottobock SE & Co. KGaA ,Višeosovinsko koljeno, hidraulično, 3R55","Ottobock SE & Co. KGaA","Otto Bock Adria","15.04.2023","19.03.2025",1,1,"2,3",5,2,0,36,36,"NE",0,1,0,0,"kom",null,1,0,0,"102,339",0,0,null,1,0,0,"I","S","SPPD,LJ","Metal, modul originalni proizvod. ",0,"1923,6050",5,{"$nulls":6},0,0,"'0624330260000"]
["PROTEZE ZA NOGE","Koljeno",37,5924,"'062433026203","'0624330262003","Koljeno za djecu, višeosovinsko  ,Centri ,Koljeno za djecu, višeosovinsko, FC100500","Centri","Bauerfeind","01.01.2023","28.01.2026",1,1,"2,3",5,2,0,18,0,"NE",0,1,0,0,"kom",null,1,0,0,"102,339",0,0,null,1,0,0,"I","S","SPPD,LJ","Metal, modul originalni proizvod. ",0,"350,9735",5,{"$nulls":6},0,0,"'0624330262000"]
["POTROŠNI DIJELOVI ZA PROTEZE ZA NOGE","Ulošci za proteze",42,5935,"'062454031001","'0624540310001","Silikonski uložak proteze za potkoljenicu  ,Ottobock SE & Co. KGaA ,Silikonski uložak proteze za potkoljenicu, 6Y42","Ottobock SE & Co. KGaA","Otto Bock Adria","15.04.2023","19.03.2025",1,1,"2,3,4",5,2,0,12,12,"NE",0,1,0,0,"kom",null,1,0,0,"102,339",0,0,null,0,1,0,"I","S","SPPD,LJ","Silikon, svi  materijali originalni proizvod. ",0,"336,2941",5,{"$nulls":6},0,0,"'0624540310000"]
["POTROŠNI DIJELOVI ZA PROTEZE ZA NOGE","Drugi potrošni dijelovi",43,5947,"'062454031902","'0624540319002","Spojnica za stopalo, čelik  ,IB-ER ,Sach Foot Adapter E01S-M10S","IB-ER","Otos","01.01.2023","12.05.2023",1,1,"2,3,4",5,2,24,24,24,"NE",0,1,0,0,"kom",null,1,0,0,"102,339",0,0,null,0,1,0,"I","S","SPPD,LJ","Metal, modul originalni proizvod. ",0,"24,3600",5,{"$nulls":6},0,0,"'0624540319000"]
["ORTOZE ","Ortoze za prste, ručni zglob i šaku",46,5961,"'060603040601","'0606030406005","Ortoza za razgibavanje prstiju, fleksijska ili ekstenzijska 1 ,Buraca ,DE-2307x","Buraca","Delko","01.01.2023","01.09.2024",1,1,"2,3,6",5,2,12,24,24,"NE",0,1,0,0,"kom",null,1,0,0,111,0,0,null,1,0,0,"I","S/I","SPPD","Plastika, metal, čičak traka, guma. Modularna prilagodba. ",0,"63,0433",5,{"$nulls":6},0,0,"'0606030406000"]
["ORTOZE ","Ortoze za lakat i rame",48,5970,"'060624040905","'0606240409009","Ortoza za rame i lakat, stabilizacijska ,Medi  GmbH & Co. KG Bayreuth ,Medi arm fix","Medi  GmbH & Co. KG Bayreuth","Rozi Step","01.01.1995","02.11.2016",1,0,"2,3",5,2,0,24,24,"NE",0,1,0,0,"kom",null,1,0,0,114,0,0,null,1,0,0,"I","S","SP,LJ","Elastično tkanje koje lokalno ne povisuje temperaturu kože. Gotov proizvod. ",0,"279,9400",5,{"$nulls":6},0,0,"'0606240409000"]
["ORTOZE ","Ortoza za nožni zglob i stopalo",50,5983,"'061206041304","'0612060413006","Ortoza za nožni zglob i stopalo, peronealna ,Karl Dietz Kijevo ,197P1","Karl Dietz Kijevo","Karl Dietz","01.01.1995","27.04.2017",1,0,"2,3",5,2,0,0,24,"NE",0,1,0,0,"kom",null,1,0,0,117,0,0,null,1,0,0,"I","S/I","SPPD","Metal, plastika, pleteni tekstil. Čelična, spojena s cipelom, izradba po mjeri. ",0,"891,1000",5,{"$nulls":6},0,0,"'0612060413000"]
["ORTOZE ","Ortoze za koljeno ",51,5993,"'061209041706","'0612090417019","Ortoza za stabilizaciju koljena, zglobna, duga  ,Medi GmbH & Co.KG ,Medi ROM cool long","Medi GmbH & Co.KG","Rozi Step","13.05.2023","28.01.2026",1,1,"2,3,8",5,2,0,24,24,"NE",0,1,0,0,"kom",null,1,0,0,118,0,0,null,1,0,0,"I","S","SP,LJ","Elastično tkanje koje lokalno ne povisuje temperaturu kože. Metal, šine, mogućnost ograničenja pokreta fleksije i ekstenzije. Gotov proizvod. ",0,"100,3733",5,{"$nulls":6},0,0,"'0612090417000"]
["ORTOZE ","Ortoze za vratnu kralježnicu",57,6005,"'060312043701","'0603120437002","Ortoza za vratnu kralježnicu ,Buraca ,DE-1002x","Buraca","Delko","01.01.2023","01.09.2024",1,1,"2,6,7,30",5,2,12,24,24,"NE",0,1,0,0,"kom",null,1,0,0,133,0,0,null,1,0,0,"I","S","SP,LJ","Ortoza za vratnu kralježnicu, kruta ili polukruta. Gotov proizvod. ",0,"9,2481",5,{"$nulls":6},0,0,"'0603120437000"]
["ORTOZE ","Ortoze za vratnu kralježnicu",57,6024,"'060312043613","'0603120436018","Ortoza za vratnu kralježnicu, elastična ,Lohmann & Rauscher ,Cellacare Cervidur vel.  6","Lohmann & Rauscher","Lohmann & Rauscher ","01.01.2016","23.06.2017",1,0,"2,3,6",5,2,12,24,24,"NE",0,1,0,0,"kom",null,1,0,0,132,0,0,null,0,0,0,"I","S","SP,LJ","Spužva, čičak traka, tekstil, elastična, gotov proizvod. ",0,"55,0000",5,{"$nulls":6},0,0,"'0603120436000"]
["ORTOZE ","Ortoze za prsnu i slabinskokrižnu kralježnicu ",59,6040,"'060309044216","'0603090442035","Ortoza za kralježnicu, trouporišna, hiperekstenzijska, Jewett ,MDH sp.z.o.o. ,Hyperextension brace Jewett, type  DRQB0B MDH sp.z.o.o.","MDH sp.z.o.o.","Egeria","01.01.2018","14.02.2018",1,1,"2,3,6,30",5,2,0,12,24,"NE",0,1,0,0,"kom",null,1,0,0,138,0,0,null,1,0,0,"I","S","SP,LJ","Plastika, metal. Gotov proizvod. Mogućnost prilagodbe. ",0,"934,9400",5,{"$nulls":6},0,0,"'0603090442000"]
["ORTOZE ","Ortoze za slabinskokrižnu kralježnicu ",60,6047,"'060306044606","'0603060446016","Potporno-rasteretna ortoza, LSO ,Medi  GmbH & Co. KG Bayreuth ,Lumbamed activ","Medi  GmbH & Co. KG Bayreuth","Rozi Step","01.01.2016","02.11.2016",1,0,"2,3",5,2,0,12,24,"NE",0,1,0,0,"kom",null,1,0,0,137,0,0,null,1,0,0,"I","S","SP,LJ","Elastično tkanje koje ne povisuje lokalno temperaturu kože. Pojačanje. Plastika. Čičak traka. Gotov proizvod. ",0,"511,0000",5,{"$nulls":6},0,0,"'0603060446000"]
["ORTOZE ","Ortoze za slabinskokrižnu kralježnicu ",60,6056,"'060306044610","'0603060446024","Potporno-rasteretna ortoza, LSO ,Ortex ,Lumbar brace Lumbosacral-LS","Ortex","Egeria","01.01.2023","28.01.2026",1,1,"2,3,30",5,2,0,12,24,"NE",0,1,0,0,"kom",null,1,0,0,137,0,0,null,1,0,0,"I","S","SP,LJ","Elastično tkanje koje ne povisuje lokalno temperaturu kože. Pojačanje. Plastika. Čičak traka. Gotov proizvod. ",0,"57,8671",5,{"$nulls":6},0,0,"'0603060446000"]
["POMAGALA ZA KRETANJE","ŠTAKE, ŠTAP I HODALICE",69,6068,"'120316070309","'1203160703013","Štap s četiri noge ,Better  Medical Technology Co. ,BT759","Better  Medical Technology Co.","MediX-ray","01.01.2023","11.10.2024",1,1,"2,3",10,1,12,36,36,"DA",1,1,1,0,"kom",null,1,0,0,151,1,0,null,0,0,0,"I","S","SP,LJ","Metal, aluminij, plastika, guma. ",0,"12,0101",5,{"$nulls":6},0,0,"'1203160703000"]
["POMAGALA ZA KRETANJE","ŠTAKE, ŠTAP I HODALICE",69,6079,"'120312070203","'1203120702003","Potpazušne štake s podešavanjem visine ,Invacare   ,Quick Adjust","Invacare  ","Orto Rea","01.01.2023","14.04.2023",1,1,"2,3,6",10,1,12,36,36,"DA",1,1,1,0,"kom","do",2,0,0,150,1,0,null,0,0,0,"I","S","SP,LJ","Metal, aluminij, plastika, guma, drvo. ",0,"7,2100",5,{"$nulls":6},0,0,"'1203120702000"]
["POMAGALA ZA KRETANJE","INVALIDSKA KOLICA",70,6103,"'122103070707","'1221030707009","Invalidska kolica za privremenu uporabu ,Ottobock SE & Co. KGaA ,Centro S1","Ottobock SE & Co. KGaA","Otto Bock Adria","01.01.2023","14.04.2023",1,1,"2,3,6,14c",5,2,0,24,24,"DA+",0,1,0,0,"kom",null,1,0,0,"342,314,154",1,0,null,0,0,0,"I","S","SP,LJ","Okvir od aluminija ili čelika, naslon i sjedalo od tehničke tkanine, papučice podesive po visini, čičak traka za stopala, standardna širina sjedišta od 38 do 50 cm. ",0,"122,5600",5,{"$nulls":6},0,0,"'1221030707000"]
["POMAGALA ZA KRETANJE","INVALIDSKA KOLICA",70,6114,"'122115071104","'1221150711006","Invalidska kolica s pogonom jednom rukom ili polugom ,Invacare ,Variable Plus","Invacare","Orto Rea","18.03.2023","14.04.2023",1,1,"2,3",5,2,0,0,60,"NE",0,1,0,0,"kom",null,1,0,0,"157,314,342",0,0,null,1,0,0,"I","S","SP,LJ","Okvir od aluminija, čelika  ili lake legure,  naslon  i sjedalo od tehničke tkanine. Pogon kolica duplim obručima s prijenosom na lijevoj ili desnoj strani, težine do 21 kg (kod minimalne proizvođačke širine) zajedno s papučicama podesivih po visini, ili ",0,"996,4300",5,{"$nulls":6},0,0,"'1221150711000"]
["POMAGALA ZA KRETANJE","INVALIDSKA KOLICA",70,6116,"'122103071208","'1221030712015","Invalidska kolica s posebnom prilagodbom ,F.A.O.C. Srl ,Bascula Kid Basic 1","F.A.O.C. Srl","Otto Bock Adria","01.01.2023","14.04.2023",1,0,"2,3",5,2,12,24,60,"DA+",2,1,2,0,"kom",null,1,0,0,"342,314,157a",1,0,null,1,0,0,"I","S/I","SPPD","STANDARD ZA DJEČJA KOLICA: Okvir od aluminija ili čelika, naslon  i sjedalo obloženi spužvom  i presvučeni tehničkom tkaninom, težina do 25 kg, oslonac za glavu, mogućnost nagiba naslona do 30 stupnjeva, papučice podesive po visini. Sastavni dijelovi pomagala: abdukcijski klin, sigurnosni pojas, naslon za glavu.  STANDARD ZA KOLICA ZA ODRASLE:  Okvir od aluminija ili čelika, naslon i sjedalo obloženi spužvom i presvučeni tehničkom tkaninom, težina do 35 kg, naslon za glavu prilagodljiv, mogućnost nagiba naslona do 30%, nagib sjedala, podešavanje naslona za ruke, papučice podesive po visini i naprijed. Sastavni dijelovi pomagala su: naslon za glavu, oslonac za ruke, sigurnosni pojas, abdukcijski klin.",0,"956,8000",5,{"$nulls":6},0,0,"'1221030712000"]
["POMAGALA ZA KRETANJE","Rezervni dijelovi za invalidska kolica",72,6137,"'122421072218","'1224210722052","Puna guma prednja, modularna dječja invalidska kolica za prilagodbu i pozicioniranje ,Patron ,Puna guma prednja, modularna dječja Tom 5 Streeter invalidska kolica za prilagodbu i pozicioniranje (original prema modelu)","Patron","Orto Rea","03.11.2016","02.12.2016",1,0,4,5,2,0,18,0,"NE",0,1,0,0,"kom","do",2,0,0,102,0,0,null,1,1,0,"I","S","SP,LJ","Originalni dio prema kolicima. ",0,"276,3000",25,{"$nulls":6},0,0,"'1224210722000"]
["POMAGALA ZA KRETANJE","Rezervni dijelovi za invalidska kolica",72,6151,"'122421071914","'1224210719017","Vanjska guma prednja kolica na ručni pogon  ,Herdegen ,original prema modelu","Herdegen","Plasting ortopedija","01.01.2023","12.05.2023",1,1,4,5,2,12,12,12,"NE",0,1,0,0,"kom","do",2,0,0,"102,314",0,0,null,1,1,0,"I","S","SP,LJ","Originalni dio prema kolicima. ",0,"7,1100",25,{"$nulls":6},0,0,"'1224210719000"]
["POMAGALA ZA KRETANJE","Rezervni dijelovi za invalidska kolica",72,6160,"'122421071803","'1224210718003","Vanjska guma zadnja, kolica na ručni pogon  ,Reha TEAM Progeo ,Vanjska guma zadnja","Reha TEAM Progeo","Otos","01.01.2023","14.04.2023",1,1,4,5,2,12,12,12,"NE",0,1,0,0,"kom","do",2,0,0,"102,314",0,0,null,1,1,0,"I","S","SP,LJ","Originalni dio prema kolicima. ",0,"7,9200",25,{"$nulls":6},0,0,"'1224210718000"]
["POMAGALA ZA KRETANJE","Rezervni dijelovi za invalidska kolica",72,6173,"'122421072207","'1224210722007","Puna guma prednja, kolica na ručni pogon  ,Ottobock SE & Co. KGaA ,Puna guma prednja, kolica na ručni pogon  481F00=SV304","Ottobock SE & Co. KGaA","Otto Bock Adria","01.01.2023","14.04.2023",1,1,4,5,2,12,12,12,"NE",0,1,0,0,"kom","do",2,0,0,"102,314",0,0,null,1,1,0,"I","S","SP,LJ","Originalni dio prema kolicima. ",0,"12,6100",25,{"$nulls":6},0,0,"'1224210722000"]
["POMAGALA ZA KRETANJE","Rezervni dijelovi za invalidska kolica",72,6179,"'122421072207","'1224210722013","Puna guma prednja, kolica na ručni pogon  ,Ottobock SE & Co. KGaA ,Puna guma prednja, kolica na ručni pogon  481F00=SV326","Ottobock SE & Co. KGaA","Otto Bock Adria","01.01.2023","14.04.2023",1,1,4,5,2,12,12,12,"NE",0,1,0,0,"kom","do",2,0,0,"102,314",0,0,null,1,1,0,"I","S","SP,LJ","Originalni dio prema kolicima. ",0,"12,6100",25,{"$nulls":6},0,0,"'1224210722000"]
["POMAGALA ZA KRETANJE","Rezervni dijelovi za invalidska kolica",72,6195,"'122418072801","'1224180728001","Kočnica s produžetkom  ,Reha TEAM Progeo ,Kočnica s produžetkom","Reha TEAM Progeo","Otos","01.01.2023","14.04.2023",1,1,4,5,2,24,24,24,"NE",0,1,0,0,"kom","do",2,0,0,"102,314",0,0,null,1,1,0,"I","S","SP,LJ","Originalni dio prema kolicima. ",0,"19,4600",5,{"$nulls":6},0,0,"'1224180728000"]
["POMAGALA ZA KRETANJE","Rezervni dijelovi za invalidska kolica",72,6214,"'122430074405","'1224300744005","Remen za stopala 102 ,Ottobock SE & Co. KGaA ,Remen za stopala, 481B53=SK010","Ottobock SE & Co. KGaA","Otto Bock Adria","18.03.2023","14.04.2023",1,1,4,5,2,24,24,24,"NE",0,1,0,0,"kom","do",2,0,0,314,0,0,null,1,1,0,"I","S","SP,LJ","Tehnička tkanina, čičak traka. ",0,"18,7900",5,{"$nulls":6},0,0,"'1224300744000"]
["POMAGALA ZA KRETANJE","Antidekubitalna pomagala",73,6221,"'180942174808","'1809421748024","Antidekubitalni jastuk (punjen gelom) ,SINGA Technology Corporation ,CareMate  CF003","SINGA Technology Corporation","MediX-ray","01.01.2023","11.10.2024",1,1,"2,3,6",5,2,36,36,36,"NE",0,1,0,0,"kom",null,1,0,0,165,0,0,null,0,0,0,"I","S ","SP,LJ","Gornji dio polimerski gel, donji dio spužva  ili visokoelastična  ili termoaktivna pjena, presvlaka od tehničke tkanine s donjim protukliznim dijelom. ",0,"233,5377",5,{"$nulls":6},0,0,"'1809421748000"]
["POMAGALA KOD ŠEĆERNE BOLESTI","Potrošni materijal za inzulinsku pumpu",75,6237,"'032118081301","'0321180813001","Pojas za struk za inzulinsku pumpu ,Medtronic MiniMed ,Medtronic Insulin Pump Cases Case belt for kids ACC-123BL","Medtronic MiniMed","MediLigo","15.02.2018","05.04.2020","12,13",1,14,"1a",0,12,12,12,"NE",0,7,0,0,"kom",null,1,0,0,175,0,0,null,0,0,0,null,"S","SP,LJ","Pojas za nošenje inzulinske pumpe.",0,"125,0000",5,{"$nulls":6},0,1,"'0321180813000"]
["POMAGALA KOD ŠEĆERNE BOLESTI","Potrošni materijal za inzulinsku pumpu",75,6243,"'032118081301","'0321180813004","Pojas za struk za inzulinsku pumpu ,Medtronic MiniMed ,Medtronic Insulin Pump Cases  Waist Pouch ACC-255xx","Medtronic MiniMed","MediLigo","15.02.2018","05.04.2020","12,13",1,14,"1a",0,12,12,12,"NE",0,7,0,0,"kom",null,1,0,0,175,0,0,null,0,0,0,null,"S","SP,LJ","Pojas za nošenje inzulinske pumpe.",0,"125,0000",5,{"$nulls":6},0,1,"'0321180813000"]
["POMAGALA KOD ŠEĆERNE BOLESTI","Potrošni materijal za inzulinsku pumpu",75,6260,"'032118081201","'0321180812003","Zaštitna navlaka za inzulinsku pumpu ,Medtronic MiniMed ,Medtronic Insulin Pump Cases  ACC-207WH","Medtronic MiniMed","MediLigo","01.01.1995","14.02.2018","12,13a",1,14,"1a",0,12,12,12,"NE",0,7,0,0,"kom",null,1,0,0,175,0,0,null,0,0,0,null,"S","SP,LJ","Navlaka za potpunu zaštitu inzulinske pumpe. Pamuk, likra, koža, najlon, neopren, polivinil klorid.",0,"150,0000",5,{"$nulls":6},0,0,"'0321180812000"]
["POMAGALA ZA PROBAVNI SUSTAV, STOMA POMAGALA","Druga pomagala za probavni sustav",79,6278,"'091812092602","'0918120926002","Elastični remen za osiguranje za stoma pomagala ,Coloplast A/S ,Alterna Belt 004210","Coloplast A/S","Oktal Pharma","01.01.1995","13.04.2016","6,7,17a",1,14,"1a",0,3,3,3,"NE",0,1,0,0,"kom",null,3,null,null,"176,178,180",0,0,null,0,0,0,"I","S","SP,LJ","Pamuk, elastin. Prilagodljive veličine, mogućnost pranja.",0,"34,0100",5,{"$nulls":6},0,0,"'0918120926000"]
["POMAGALA ZA PROBAVNI SUSTAV, STOMA POMAGALA","Druga pomagala za probavni sustav",79,6279,"'091812092803","'0918120928003","Sredstvo za skidanje ljepila ,ConvaTec ,Convacare Adhesive Remover Wipe","ConvaTec","Stoma Medical","23.02.2023","22.10.2025","7,6,17",1,14,"1a",0,3,3,3,"NE",0,1,0,0,"kom","do",90,0,0,"191,344",0,0,null,0,0,0,"I","S","SP,LJ","Mekana, netkana celuloza u obliku jednokratnog rupčića. ",0,"0,1958",5,{"$nulls":6},0,1,"'0918120928000"]
["POMAGALA ZA UROGENITALNI SUSTAV","Kateteri",85,6300,"'092403101302","'0924031013005","Kateteri urinarni od silikona  po Foley-u ,Rochester medical ,Silicone Foley Catheters  12 Fr","Rochester medical","Stoma medical","18.03.2023","21.02.2024",1,1,14,"1a",0,3,3,3,"NE",0,1,0,0,"kom","do",4,0,0,196,0,0,null,0,0,0,"IIa","S","SP,LJ","Silikon. CE certifikat.",0,"6,1300",5,{"$nulls":6},0,1,"'0924031013000"]
["POMAGALA ZA UROGENITALNI SUSTAV","Pelene",86,6314,"'093004102004","'0930041020010","Pelene u spoju s gaćicama, male ,ONTEX ,Euron Form extra small","ONTEX","Fokus Medical","27.12.2019","14.08.2020",1,0,14,"1a",0,3,3,3,"NE",0,1,0,0,"kom","do-",460,0,0,200,0,0,null,0,0,0,null,"S","SP,LJ","Veličina do 30 kg, moć upijanja minimalno 500,00 g. prema MDS 1/93 certifikatu ili 900 ml po Rothwell ISO certifikatu; veličina od 30 do 40 kg minimalna moć upijanja 600 g. prema MDS 1/93 certifikatu ili 1350 ml po Rothwell ISO certifikatu;  brzina upijanja minimalno 4ml/s prema MDS 1/93 certifikatu, ispuštanje tekućine maksimalno 2 g prema MDS 1/93 Certifikatu, indikator vlažnosti, anatomski oblik.",0,"1,6100",5,{"$nulls":6},0,1,"'0930041020000"]
["POMAGALA ZA UROGENITALNI SUSTAV","Pelene",86,6326,"'093004102206","'0930041022020","Pelene u spoju s gaćicama, visokoupijajuće ,ONTEX ,Euron Form Medium extra plus","ONTEX","Fokus Medical","01.01.1995","14.08.2020",1,0,14,"1a",0,3,3,3,"NE",0,1,0,0,"kom","do-",320,0,0,202,0,0,null,0,0,0,"I","S","SP,LJ","Male - moć upijanja najmanje 800 g prema MDS 1/93 certifikatu. Srednje - moć upijanja najmanje 1100 g prema MDS 1/93 certifikatu. Velike - moć upijanja najmanje 1300 g prema MDS 1/93 certifikatu. Brzina upijanja minimalno 4 ml/s prema MDS 1/93 certifikatu. Ispuštanje tekućine maksimalno 2 g prema MDS 1/93 certifikatu. Anatomski oblik. Indikator vlažnosti. ",0,"3,5200",5,{"$nulls":6},0,1,"'0930041022000"]
["POMAGALA ZA UROGENITALNI SUSTAV","Pelene",86,6337,"'093004102207","'0930041022024","Pelene u spoju s gaćicama, visokoupijajuće ,PAUL HARTMANN AG ,MOLICARE COMFORT SUPER MEDIUM","PAUL HARTMANN AG","PAUL HARTMANN ","01.01.2023","17.03.2023",1,1,14,"1a",0,3,3,3,"NE",0,1,0,0,"kom","do-",320,0,0,202,0,0,null,0,0,0,"I","S","SP,LJ","Male - moć upijanja najmanje 800 g prema MDS 1/93 certifikatu. Srednje - moć upijanja najmanje 1100 g prema MDS 1/93 certifikatu. Velike - moć upijanja najmanje 1300 g prema MDS 1/93 certifikatu. Brzina upijanja minimalno 4 ml/s prema MDS 1/93 certifikatu. Ispuštanje tekućine maksimalno 2 g prema MDS 1/93 certifikatu. Anatomski oblik. Indikator vlažnosti. ",0,"0,4400",5,{"$nulls":6},0,1,"'0930041022000"]
["POMAGALA ZA UROGENITALNI SUSTAV","Pelene",86,6348,"'093004102218","'0930041022118","Pelene u spoju s gaćicama, visokoupijajuće ,Drylock Tehnologies NV , Care Slip Maxi M","Drylock Tehnologies NV","Moje zdravlje","18.03.2023","22.10.2025",1,1,14,"1a",0,3,3,3,"NE",0,1,0,0,"kom","do",320,0,0,202,0,0,null,0,0,0,"I","S","SP,LJ","Male - moć upijanja najmanje 800 g prema MDS 1/93 certifikatu. Srednje - moć upijanja najmanje 1100 g prema MDS 1/93 certifikatu. Velike - moć upijanja najmanje 1300 g prema MDS 1/93 certifikatu. Brzina upijanja minimalno 4 ml/s prema MDS 1/93 certifikatu. Ispuštanje tekućine maksimalno 2 g prema MDS 1/93 certifikatu. Anatomski oblik. Indikator vlažnosti. ",0,"0,5985",5,{"$nulls":6},0,1,"'0930041022000"]
["POMAGALA ZA UROGENITALNI SUSTAV","Anatomski ulošci",87,6360,"'093004102404","'0930041024021","Anatomski ulošci ,Ontex ,Anaform super","Ontex","Tosama","01.01.2023","04.10.2023",1,1,14,"1a",0,0,3,3,"NE",0,1,0,0,"kom","do-",275,0,0,204,0,0,null,0,0,0,"I","S ","SP,LJ","Moć upijanja za žene minimalno 500 g, za muškarce minimalno 250 g  prema MDS certifikatu, brzina upijanja minimalno 4ml/s prema MDS 1/93 certifikatu, ispuštanje tekućine maksimalno 2 g prema MDS 1/93 Certifikatu, anatomski oblik, indikator vlažnosti.",0,"0,2700",5,{"$nulls":6},0,1,"'0930041024000"]
["POMAGALA ZA UROGENITALNI SUSTAV","Anatomski ulošci",87,6370,"'093004102407","'0930041024073","Anatomski ulošci ,ONTEX ,Euron flex extra (za muškarce)","ONTEX","Fokus Medical","01.01.1995","14.08.2020",1,0,14,"1a",0,0,3,3,"NE",0,1,0,0,"kom","do-",275,0,0,204,0,0,null,0,0,0,"I","S","SP,LJ","Moć upijanja za žene minimalno 500 g, za muškarce minimalno 250 g  prema MDS certifikatu, brzina upijanja minimalno 4ml/s prema MDS 1/93 certifikatu, ispuštanje tekućine maksimalno 2 g prema MDS 1/93 Certifikatu, anatomski oblik, indikator vlažnosti.",0,"2,2300",5,{"$nulls":6},0,1,"'0930041024000"]
["POMAGALA ZA UROGENITALNI SUSTAV","Anatomski ulošci",87,6379,"'093009102508","'0930091025020","Gaćice mrežaste elastične ,PAUL HARTMANN AG ,MOLIPANTS XLARGE NO.2","PAUL HARTMANN AG","PAUL HARTMANN ","01.01.2023","17.03.2023",1,1,14,"1a",0,0,3,3,"NE",0,1,0,0,"kom","do-",10,0,0,296,0,0,null,0,0,0,"I","S","SP,LJ","Gaćice mrežaste, elastične, prema tjelesnoj težini.  Opseg kukova od 80 do 140 cm, poliester, elastin, Dugotrajan proizvod s  izrezima za noge i elastičnom vrpcom, povećava udobnost i sigurnost, podnošljivost za kožu.",0,"0,3100",5,{"$nulls":6},0,1,"'0930091025000"]
["POMAGALA ZA UROGENITALNI SUSTAV","Zaštitni podmetač za krevet ",88,6392,"'090300102611","'0903001026020","Zaštitni podmetač za krevet za jednokratnu uporabu ,Lohmann & Rauscher ,Sentina podloške W vel. 60x90","Lohmann & Rauscher","Lohmann & Rauscher ","12.12.2015","02.12.2016",1,0,14,"1a",0,3,3,3,"NE",0,1,0,0,"kom","do-",90,0,0,205,0,0,null,0,0,0,"I","S","SP,LJ","Netkani tekstil, polietilen i celuloza. ",0,"1,6700",25,{"$nulls":6},0,0,"'0903001026000"]
["OBLOGE ZA RANE","Vlaknaste celulozne obloge",92,6411,"'021203110801","'0212031108005","Vlaknasta celulozna obloga za rane iznad 75 cm2 ,ConvaTec ,Versiva XC Gelling Dressing Non-Adhesive 20x20 cm","ConvaTec","Stoma medical","01.01.1995","27.04.2017",1,0,14,"1a",0,1,1,1,"NE",0,8,0,0,"cm2","do",10,20,20,210,0,0,null,0,0,0,"IIb","S","SP,LJ","Natrijkarboksimetilceluloza ili etil sulfonat celuloza. Mekani savitljivi, za zrak propustan. Mekana primarna obloga. CE certifikat.",0,"0,2900",5,{"$nulls":6},0,0,"'0212031108000"]
["OBLOGE ZA RANE","Hidrokoloidi",94,6427,"'021203111505","'0212031115026","Hidrokoloidna obloga za rane, iznad 150 cm2 ,ConvaTec ,Combiderm Adhesive Absorbent Dressing 14x14 cm","ConvaTec","Stoma medical","01.01.1995","27.04.2017",1,0,14,"1a",0,1,1,1,"NE",0,8,0,0,"cm2","do",10,14,14,214,0,0,null,0,0,0,"IIb","S","SP,LJ","Sterilna samoljepljiva slojevita hidrokoloidna podloga u bazi elastomera pokrivena pjenastim filmom, poliuretan. Standardna, ili s rubom, ili tanka, ili anatomski oblikovana. CE certifikat.",0,"0,2100",5,{"$nulls":6},0,0,"'0212031115000"]
["OBLOGE ZA RANE","Druge obloge s dodatkom srebra ili aktivnog ugljena",95,6433,"'023003111704","'0230031117016","Obloga za rane s dodatkom srebra ili aktivnog ugljena, iznad 75 cm2 ,PAUL HARTMANN AG ,COSMOPOR ANTIBACTERIAL 15X8 CM","PAUL HARTMANN AG","PAUL HARTMANN d.o.o.","01.01.1995","25.04.2018",1,0,14,"1a",0,1,1,1,"NE",0,8,0,0,"cm2","do",10,15,8,215,0,0,null,0,0,0,"IIb","S","SP,LJ","Polietilenska, viskozna ili akrilatna obloga s dodatkom srebra i/ili aktivnog ugljena. CE certifikat.",0,"0,5000",5,{"$nulls":6},0,0,"'0230031117000"]
["OBLOGE ZA RANE","Poliuretani / Pjene",96,6446,"'020903111908","'0209031119093","Poliuretan/Pjena iznad 75 cm2 ,Genewel Co. ,MediFoam N 10x10x0,2cm","Genewel Co.","Sanitas","15.08.2020","04.06.2021",1,1,14,"1a",0,1,1,1,"NE",0,8,0,0,"cm2","do",10,10,10,"351,216",0,0,null,0,0,0,"IIb","S","SP,LJ","Poliuretan. Pjenasta obloga od poliuretanske mase.  Ljepiva ili neljepiva. CE certifikat.",0,"0,3300",5,null,1,{"$nulls":4},0,1,"'0209031119000"]
["OBLOGE ZA RANE","Poliuretani / Pjene",96,6455,"'020903111904","'0209031119036","Poliuretan/Pjena iznad 75 cm2 ,PAUL HARTMANN AG ,PERMAFOAM COMFORT 10X20 CM, STERILNI","PAUL HARTMANN AG","PAUL HARTMANN ","01.01.2023","17.03.2023",1,1,14,"1a",0,1,1,1,"NE",0,8,0,0,"cm2","do",10,10,20,"351,216",0,0,null,0,0,0,"IIb","S","SP,LJ","Poliuretan. Pjenasta obloga od poliuretanske mase.  Ljepiva ili neljepiva. CE certifikat.",0,"0,0400",5,null,1,{"$nulls":4},0,1,"'0209031119000"]
["OBLOGE ZA RANE","Poliuretani / Pjene",96,6469,"'020903111902","'0209031119019","Poliuretan/Pjena iznad 75 cm2 ,Smith&Nephew Medical Limited ,Allevyn plus adhesive 12,5cmx22,5cm","Smith&Nephew Medical Limited","Rozi Step","01.01.1995","27.04.2017",1,0,14,"1a",0,1,1,1,"NE",0,8,0,0,"cm2","do",10,12.5,22.5,216,0,0,null,0,0,0,"IIb","S","SP,LJ","Poliuretan. Pjenasta obloga od poliuretanske mase.  Ljepiva ili neljepiva. CE certifikat.",0,"0,3300",5,{"$nulls":6},0,0,"'0209031119000"]
["OBLOGE ZA RANE","Silikonske obloge",98,6481,"'020903112320","'0209031123234","Silikonska obloga za rane iznad 75 cm2 ,Molnlycke Health Care AB , Mextra Superapsorbent 15x20cm","Molnlycke Health Care AB","Molnlycke Health Care Adria","23.11.2024","19.03.2025",1,0,14,"1a",0,1,1,1,"NE",0,8,0,0,"cm2","do",10,15,20,"351,304",0,0,null,0,0,0,"IIb","S","SP,LJ","Poliuretanska pjena s dodatkom silikona. Sloj silikona mora biti nanešen na cijelu površinu obloge koja prekriva ranu i okolnu kožu. Standardna, ili s rubom, ili tanka, ili tanka s rubom, ili anatomski oblikovana. Višeslojna obloga. Poliamidna mrežica. Obavezan upijajući sloj i zaštitna folija. Poliamidna mrežica. / Atraumatska mrežica obložena mekim silikonom, omogućuje drenažu eksudata iz rane, nježno prijanja za kožu oko rane, a ne uz samu ranu. CE certifikat.",0,"0,0458",5,{"$nulls":6},0,1,"'0209031123000"]
["OBLOGE ZA RANE","Silikonske obloge",98,6492,"'020903112301","'0209031123018","Silikonska obloga za rane iznad 75 cm2 ,Molnlycke Health Care AB ,Mepilex Border 15x15","Molnlycke Health Care AB","Molnlycke Health Care Adria","02.09.2024","28.01.2026",1,1,14,"1a",0,1,1,1,"NE",0,8,0,0,"cm2","do",10,15,15,"351,218",0,0,null,0,0,0,"IIb","S","SP,LJ","Poliuretanska pjena s dodatkom silikona. Sloj silikona mora biti nanešen na cijelu površinu obloge koja prekriva ranu i okolnu kožu. Standardna, ili s rubom, ili tanka, ili tanka s rubom, ili anatomski oblikovana. Višeslojna obloga. Poliamidna mrežica. Obavezan upijajući sloj i zaštitna folija. Poliamidna mrežica. / Atraumatska mrežica obložena mekim silikonom, omogućuje drenažu eksudata iz rane, nježno prijanja za kožu oko rane, a ne uz samu ranu. CE certifikat.",0,"0,0492",5,null,1,{"$nulls":4},0,1,"'0209031123000"]
["OBLOGE ZA RANE","Ostala pomagala za cijeljenje rana",100,6503,"'021503112704","'0215031127004","Gel za rane s nekrotičnim naslagama ,Lohmann & Rauscher ,Suprasorb G gel 20 g šprica","Lohmann & Rauscher","Lohmann & Rauscher ","01.01.1995","05.04.2020",1,0,14,"1a",0,1,1,1,"NE",0,8,0,0,"gram","do",150,0,0,221,0,0,null,0,0,0,"IIb","S","SP,LJ","Sterilni hipertonični 20%tni NaCl gel,  hidrokoloid. CE certifikat.",0,"1,4600",5,null,1,{"$nulls":4},0,1,"'0215031127000"]
["POMAGALA ZA DISANJE","Koncentrator kisika i pripadajući potrošni materijal",103,6527,"'091503121305","'0915031213005","Koncentrator kisika za kućnu uporabu-do najmanje 5 litara ,Krober Medizintechnik ,Aeroplus 5","Krober Medizintechnik","Messer Croatia Plin","01.01.2023","19.03.2025","16,18",1,"16,18",5,2,72,72,72,"DA",1,1,1,0,"kom",null,1,0,0,231,1,0,null,0,0,1,"IIa","S","SP,LJ","Plastika, metal, elektroničke komponente, mrežno napajanje. Koncentracija kisika minimalno 90% uz protok 4 litre, izlazni tlak 35 kPa. Mogućnost korištenja dodatnog katetera do 10 m. Brojač sati rada. Alarmi: zvučni, svjetlosni, alarm pada koncentracije kisika. Protok kisika od 0 do najmanje 5 l/min. Filteri: vanjski, unutarnji, Trajanje filtera: 12 mj, Buka: do 50 dB, Jamstveni rok: 2 godine, upute na hrvatskom jeziku. CE certifikat.",0,"566,9215",5,{"$nulls":6},0,0,"'0915031213000"]
["POMAGALA ZA DISANJE","Inhalator i pripadajući potrošni materijal",104,6538,"'030306122208","'0303061222011","Inhalator za kućnu uporabu ,EP S.p.A. ,Dr.FREI TURBO MINI","EP S.p.A.","Dr.Pharma","01.01.2023","17.07.2024",18,1,14,"1a",0,36,48,48,"NE",0,1,0,0,"kom",null,1,0,0,234,0,0,null,0,0,0,"IIa","S","SP,LJ","Metal, plastika, mrežno napajanje. Kompletni uređaj sastoji se od: kučišta, kompresora, cijevi i raspršivača, mogućnost inhalacije usnikom i maskom, čestice aerosola: maksimalno 5 mikrona, zapremina posude za lijek: minimalno 5 ml, protok kroz raspršivač: 8-10 l/min, brzina raspršivanja najmanje 0,3 ml/min. Prenosivi. CE certifikat.",0,"53,0400",5,{"$nulls":6},0,1,"'0303061222000"]
["POMAGALA ZA DISANJE","Druga pomagala za disanje",106,6546,"'030415123101","'0304151231001","Uređaj za potpomognuto disanje (CPAP) ,Philips Respironics ,RemStar Plus with Humidifier, SD Card,  C-flex","Philips Respironics","Eksa Grupa","01.01.2016","02.11.2016",1,0,20,5,2,0,96,96,"DA",1,1,1,0,"kom",null,1,0,0,236,1,0,null,0,0,1,"IIa","S","SP,LJ","CPAP uređaj  s ovlaživačem. Nivo radnog tlaka: od 4 do 20 mmH2O; ugrađena mogućnost prepoznavanja udisaja i izdisaja; ugrađena mogućnost smanjenja tlaka pri izdisaju; rampa od 0 do 45 min; početni tlak rampe 4 cm H2O; mogućnost podešavanja nadmorske visine na kojoj se koristi uređaj; mogućnosti uključivanja i isključivanja uređaja;  ugrađena memorijska kartica i/ili drugi memorijski medij koja bilježi korištenje uređaja; filteri za višekratnu uporabu; napajanje 220 V, 50 Hz; ugrađen LCD ekran. Pribor: crijevo za spajanje maske za višekratnu upotrebu, torba za uređaj. Izdaje se na preporuku liječnika specijaliste, educiranog za medicinu spavanja -  u jednoj od navedenih ustanova: 1) Centar za medicinu spavanja Psihijatrijske bolnice Vrapče, Zagreb 2) Centar za medicinu spavanja KBC Split i Medicinskog fakulteta u Splitu, 3) Laboratorij za polisomnografiju, Klinike za plućne bolesti KBC Split, 4) Laboratorij za poremećaje disanja tijekom spavanja, KBC Zagreb, Klinika za plućne bolesti (Jordanovac) te 5) Laboratorij za poremećaje disanja tijekom spavanja, Zavoda za pulmologiju KBC Rijeka. Uređaj se odobrava na godinu dana uz dokaz da je bio korišten (zapis na memorijskoj kartici i/ili drugom memorijskom mediju) te uz potvrdu potrebe za nastavkom provođenja terapije. CE certifikat.",0,"4738,5000",5,{"$nulls":6},0,0,"'0304151231000"]
["OČNA I TIFLOTEHNIČKA  POMAGALA","Okviri za naočale",110,6560,"'210306140103","'2103061401022","Okvir za naočale  ,Ghetalus ,G-9","Ghetalus","Ghetaldus","01.01.1995","13.04.2016",1,0,23,10,1,12,24,36,"NE",0,4,0,0,"kom",null,1,{"$nulls":3},0,0,null,0,0,0,"I","S","SPPD,LJ","Plastika, acetat, četiri različita modela dizajnom prihvatljivih (oblik i boja), četiri veličine. ",0,"20,0000",5,{"$nulls":6},0,0,"'2103061401000"]
["OČNA I TIFLOTEHNIČKA  POMAGALA","Plastične leće za naočale",112,6569,"'210303140501","'2103031405002","Plastične leće za blizinu odnosno daljinu ,Ghetaldus ,Poligetal 1.50 lenti konveks","Ghetaldus","Ghetaldus","01.01.1995","13.04.2016",1,0,23,10,1,12,24,24,"NE",0,4,0,0,"kom","do",2,null,null,"243b",0,0,null,0,0,0,"I","S","SPPD,LJ","Plastika CR39, UV B zaštita, isključivo sferična leća. ",0,"38,4800",5,{"$nulls":6},0,0,"'2103031405000"]
["OČNA I TIFLOTEHNIČKA  POMAGALA","OČNE PROTEZE ",117,6582,"'000000142701","'0000001427004","Vlažne komorice za oko ,Lohmann & Rauscher  ,Pro Ophta S vlažna komora za oko velika, pakiranje  a50","Lohmann & Rauscher ","Lohmann & Rauscher ","13.05.2023","28.01.2026",1,1,23,5,2,12,12,12,"NE",0,4,0,0,"kom","do",100,0,0,null,0,0,null,0,0,0,"I","S","SPPD,LJ",null,0,"1,9552",5,{"$nulls":6},0,0,"'0000001427000"]
["SLUŠNA I SURDOTEHNIČKA POMAGALA","Slušno pomagalo",120,6592,"'214503150205","'2145031502016","Digitalno kanalno  slušno pomagalo ,GNReSound ,501D","GNReSound","Bontech","01.01.1995","25.04.2018",19,1,19,5,2,0,0,84,"NE",0,2,0,0,"kom",null,1,0,0,259,0,0,null,1,0,0,"IIa","S","SP,LJ","Plastika,  metal, elektroničke komponente, računalno podešavanje. CE certifikat.",0,"2850,0000",5,{"$nulls":6},0,0,"'2145031502000"]
["SLUŠNA I SURDOTEHNIČKA POMAGALA","Vanjski dijelovi za umjetnu pužnicu ",123,6608,"'214527154302","'2145271543012","Magnet za govorni procesor ,Cochlear ,CP 800 series coil  1/2M","Cochlear","Medical Intertrade","01.01.1995","11.12.2015",1,0,19,9,3,36,36,36,"NE",0,2,0,0,"kom",null,1,{"$nulls":3},0,0,null,0,0,0,null,"S","SP,LJ","CE certifikat.",0,"270,6600",5,{"$nulls":6},0,0,"'2145271543000"]
["DRUGA POMAGALA","Rukavice, elastično - kompresivna pomagala",129,6627,"'030606170510","'0306061705109","Elastično-kompresivna terapijska nogavica ili terapijski zavoj ,BSN medical ,S.Jobst comprilane","BSN medical","Delko","01.01.1995","02.12.2016",1,0,"2,3,6,11,24,25",5,2,6,6,6,"NE",0,1,0,0,"kom",null,1,0,0,274,0,0,null,0,0,0,"I","S","SP,LJ","Tekstilno elastično tkanje. Elastično kompresivni stupanj I do IV. Minimalno 10 različitih veličina u ponudi. S petom.",0,"216,0000",5,{"$nulls":6},0,0,"'0306061705000"]
["DRUGA POMAGALA","Rukavice, elastično - kompresivna pomagala",129,6630,"'030606170510","'0306061705118","Elastično-kompresivna terapijska nogavica ili terapijski zavoj ,BSN medical ,Jobst Comprihaft","BSN medical","Delko","01.01.1995","02.12.2016",1,0,"2,3,6,11,24,25",5,2,6,6,6,"NE",0,1,0,0,"kom",null,1,0,0,274,0,0,null,0,0,0,"I","S","SP,LJ","Tekstilno elastično tkanje. Elastično kompresivni stupanj I do IV. Minimalno 10 različitih veličina u ponudi. S petom.",0,"216,0000",5,{"$nulls":6},0,0,"'0306061705000"]
["DRUGA POMAGALA","Rukavice, elastično - kompresivna pomagala",129,6646,"'030618170603","'0306181706012","Elastično-kompresivna terapijska odjeća za ostale dijelove tijela, ili terapijski komplet ,Lohmann & Rauscher ,Lymphset vel. 1","Lohmann & Rauscher","Lohmann & Rauscher ","01.01.2018","20.06.2018",1,1,"6,24",5,2,6,6,6,"NE",0,1,0,0,"kom",null,1,0,0,274,0,0,null,0,0,0,"I","S","SP,LJ","Tekstilno elastično tkanje. Elastično kompresivni stupanj I do III.",0,"510,1800",5,{"$nulls":6},0,0,"'0306181706000"]
["DRUGA POMAGALA","Rukavice, elastično - kompresivna pomagala",129,6665,"'030618170605","'0306181706031","Elastično-kompresivna terapijska odjeća za ostale dijelove tijela, ili terapijski komplet ,Medi GmbH & Co.KG ,Mediven elegance  -II. stupanj kompresije AT","Medi GmbH & Co.KG","Rozi Step","01.01.2018","20.06.2018",1,1,"6,24",5,2,6,6,6,"NE",0,1,0,0,"kom",null,1,0,0,274,0,0,null,0,0,0,"I","S","SP,LJ","Tekstilno elastično tkanje. Elastično kompresivni stupanj I do III.",0,"510,1800",5,{"$nulls":6},0,0,"'0306181706000"]
["DRUGA POMAGALA","Rukavice, elastično - kompresivna pomagala",129,6669,"'030618170605","'0306181706035","Elastično-kompresivna terapijska odjeća za ostale dijelove tijela, ili terapijski komplet ,Medi GmbH & Co.KG ,Mediven plus  III. stupanj kompresije AT","Medi GmbH & Co.KG","Rozi Step","01.01.2018","20.06.2018",1,1,"6,24",5,2,6,6,6,"NE",0,1,0,0,"kom",null,1,0,0,274,0,0,null,0,0,0,"I","S","SP,LJ","Tekstilno elastično tkanje. Elastično kompresivni stupanj I do III.",0,"510,1800",5,{"$nulls":6},0,0,"'0306181706000"]
["DRUGA POMAGALA","Rukavice, elastično - kompresivna pomagala",129,6687,"'030606170507","'0306061705068","Elastično-kompresivna terapijska nogavica ,Lohmann & Rauscher  ,Actico TPS dokoljenica, izvedba normal  vel. M","Lohmann & Rauscher ","Lohmann & Rauscher ","20.07.2023","21.02.2024",1,1,"2,3,6,11,24,25",5,2,6,6,6,"NE",0,1,0,0,"kom",null,1,0,0,274,0,0,null,0,0,0,"I","S","SP,LJ","Tekstilno elastično tkanje. Elastično kompresivni stupanj I do IV. Minimalno 10 različitih veličina u ponudi. S petom.",0,"27,5800",5,{"$nulls":6},0,0,"'0306061705000"]
["DRUGA POMAGALA","Rukavice, elastično - kompresivna pomagala",129,6692,"'030606170507","'0306061705073","Elastično-kompresivna terapijska nogavica ,Lohmann & Rauscher  ,Actico TPS čarapa, izvedba kratka, vel. L","Lohmann & Rauscher ","Lohmann & Rauscher ","20.07.2023","21.02.2024",1,1,"2,3,6,11,24,25",5,2,6,6,6,"NE",0,1,0,0,"kom",null,1,0,0,274,0,0,null,0,0,0,"I","S","SP,LJ","Tekstilno elastično tkanje. Elastično kompresivni stupanj I do IV. Minimalno 10 različitih veličina u ponudi. S petom.",0,"27,5800",5,{"$nulls":6},0,0,"'0306061705000"]
["DRUGA POMAGALA","Utege i suspenzor",130,6713,"'031206171605","'0312061716006","Utega jednostrana na gumenom pojasu za ingvinalnu, femoralnu i skrotalnu kilu s pelotom ,THUASNE ,ORTEL","THUASNE","Fokus Medical","01.01.2023","28.01.2026",6,1,14,"1a",0,6,12,12,"NE",0,1,0,0,"kom",null,1,0,0,276,0,0,null,0,0,0,"I","S ","SP,LJ","Gumeno elastično tkanje, metal. ",0,"30,0259",5,{"$nulls":6},0,1,"'0312061716000"]
["DRUGA POMAGALA","Dojka i  grudnjak",132,6727,"'090324172701","'0903241727007","Grudnjak, nakon amputacije dojke ,Anita ,grudnjak 5366","Anita","Fanat Jadrijević","01.01.2018","25.04.2018",1,1,14,"1a",0,0,12,12,"NE",2,1,2,0,"kom",null,2,0,0,283,0,0,null,0,0,0,"I","S","SP,LJ","Tekstil.",0,"162,0000",5,{"$nulls":6},0,0,"'0903241727000"]
["DRUGA POMAGALA","Dojka i  grudnjak",132,6735,"'090324172702","'0903241727026","Grudnjak, nakon amputacije dojke ,Amoena ,Amoena grudnjak Natalie","Amoena","PRISKA","01.01.2018","27.02.2019",1,1,14,"1a",0,0,12,12,"NE",0,1,0,0,"kom",null,2,0,0,283,0,0,null,0,0,0,"I","S","SP,LJ","Tekstil.",0,"162,0000",5,{"$nulls":6},0,0,"'0903241727000"]
["POMAGALA KOD ŠEĆERNE BOLESTI","Pomagala kod šećerne bolesti",137,6741,"'032412080524","'0324120805038","Set za brzo očitavanje koncentracije šećera u krvi ,IME-DC GmbH ,IME-DC \"iDia\"","IME-DC GmbH","Karl Dietz ","01.01.2023","01.09.2024","12,13,14",1,14,"1a",0,60,60,60,"NE",0,7,0,0,"kom",null,1,0,0,172,0,0,null,0,0,0,"IVD","S","SP,LJ","Baterijski elektronički uređaj za mjerenje glukoze u krvi - 1 uređaj odobrava se na period od 5 godine. Mjerne jedinice - mmol, tvornički blokirano, bez mogućnosti promjene od strane korisnika. Automatsko uvlačenje uzorka, osim kod fotometrijske metode. Automatska detekcija nedostatnog volumena uzorka. Kalibracija - plazma. Postotak pogreške pri mjerenju u skladu s FDA, ISO, CE standardima. Potrebna količina krvi za test do 1,5 µL, brzina mjerenja ne duža od 10 s, minimalni broj podataka u memoriji 300, startni lancetar obavezan, raspon mjerenja 1,1 do 27,8 mmol/l, oznaka za niski i visoki GUK, traka u uređaju u trenutku mjerenja. CE certifikat.",0,"0,0916",5,{"$nulls":6},0,1,"'0324120805000"]
["POMAGALA KOD ŠEĆERNE BOLESTI","Pomagala kod šećerne bolesti",137,6742,"'032412080726","'0324120807039","Dijagnostičke trakice za mjerenje glukoze u krvi uređajem ,IME-DC GmbH ,IME-DC \"iDia\", Test trakice","IME-DC GmbH","Karl Dietz ","01.01.2023","01.09.2024",1,1,14,"1a",0,3,3,3,"NE",0,7,0,0,"kom","do",375,0,0,174,0,0,null,0,0,0,"IVD","S","SP,LJ","Plastika, elektroda ili fotometrijski film/indikator. CE certifikat.",0,"0,2880",5,{"$nulls":6},0,1,"'0324120807000"]
["POMAGALA KOD ŠEĆERNE BOLESTI","Pomagala kod šećerne bolesti",137,6743,"'032112080817","'0321120808019","Lancete za vađenje krvi iz prsta za kontrolu glukoze u krvi ,IME-DC GmbH ,IME-DC \"iDia\" Lancete","IME-DC GmbH","Karl Dietz","01.01.2023","01.09.2024",1,1,14,"1a",0,3,3,3,"NE",0,7,0,0,"kom","do",375,0,0,174,0,0,null,0,0,0,"IIa","S","SP,LJ","Plastična ovojnica i kapica oko metalne igle za lancetar.  Dubina igala G26-G30. CE certifikat.",0,"0,0504",5,{"$nulls":6},0,1,"'0321120808000"]
["POMAGALA KOD ŠEĆERNE BOLESTI","Pomagala kod šećerne bolesti",137,6744,"'032112080307","'0321120803047","Igle za injektor za terapiju šećerne bolesti ,IME-DC GmbH ,Ime Fine 31G (0,26mm x 4mm)","IME-DC GmbH","Karl Dietz","01.06.2024","01.09.2024",1,1,14,"1a",0,3,3,3,"NE",0,7,0,0,"kom","do",360,0,0,170,0,0,null,0,0,0,"IIa","S","SP,LJ","Tvrda plastika, igle različitih promjera: 28 G i više, odgovarajućih duljina. Medicinski nehrđajući čelik. Za davanje terapije kod šećerne bolesti putem injektora. CE certifikat.",0,"0,1009",5,{"$nulls":6},0,1,"'0321120803000"]
["POMAGALA KOD ŠEĆERNE BOLESTI","Pomagala kod šećerne bolesti",137,6745,"'032112080307","'0321120803048","Igle za injektor za terapiju šećerne bolesti ,IME-DC GmbH ,Ime Fine 31G (0,26mm x 6mm)","IME-DC GmbH","Karl Dietz","01.06.2024","01.09.2024",1,1,14,"1a",0,3,3,3,"NE",0,7,0,0,"kom","do",360,0,0,170,0,0,null,0,0,0,"IIa","S","SP,LJ","Tvrda plastika, igle različitih promjera: 28 G i više, odgovarajućih duljina. Medicinski nehrđajući čelik. Za davanje terapije kod šećerne bolesti putem injektora. CE certifikat.",0,"0,1009",5,{"$nulls":6},0,1,"'0321120803000"]
["POMAGALA KOD ŠEĆERNE BOLESTI","Pomagala kod šećerne bolesti",137,6746,"'032112080307","'0321120803049","Igle za injektor za terapiju šećerne bolesti ,IME-DC GmbH ,Ime Fine 31G (0,26mm x 8mm)\t","IME-DC GmbH","Karl Dietz","01.06.2024","01.09.2024",1,1,14,"1a",0,3,3,3,"NE",0,7,0,0,"kom","do",360,0,0,170,0,0,null,0,0,0,"IIa","S","SP,LJ","Tvrda plastika, igle različitih promjera: 28 G i više, odgovarajućih duljina. Medicinski nehrđajući čelik. Za davanje terapije kod šećerne bolesti putem injektora. CE certifikat.",0,"0,1009",5,{"$nulls":6},0,1,"'0321120803000"]
["POMAGALA KOD ŠEĆERNE BOLESTI","Pomagala kod šećerne bolesti",137,6747,"'032412080506","'0324120805012","Set za brzo očitavanje količine šećera u krvi ,NIPRO DIAGNOSTICS ,TRUEresult Blood Glucose Monitoring System","NIPRO DIAGNOSTICS","Hospitalija","01.01.2016","01.11.2017","14,12,13",1,14,"1a",0,60,60,60,"NE",0,7,0,0,"kom",null,1,0,0,172,0,0,null,0,0,0,"IVD","S","SP,LJ","Baterijski elektronički uređaj za mjerenje glukoze u krvi - 1 uređaj odobrava se na period od 5 godine. Mjerne jedinice - mmol, tvornički blokirano, bez mogućnosti promjene od strane korisnika. Automatsko uvlačenje uzorka, osim kod fotometrijske metode. Automatska detekcija nedostatnog volumena uzorka. Kalibracija - plazma. Postotak pogreške pri mjerenju u skladu s FDA, ISO, CE standardima. Potrebna količina krvi za test do 1,5 µL, brzina mjerenja ne duža od 10 s, minimalni broj podataka u memoriji 300, startni lancetar obavezan, raspon mjerenja 1,1 do 27,8 mmol/l, oznaka za niski i visoki GUK, traka u uređaju u trenutku mjerenja. CE certifikat.",0,"0,9500",5,{"$nulls":6},0,0,"'0324120805000"]
["POMAGALA KOD ŠEĆERNE BOLESTI","Pomagala kod šećerne bolesti",137,6748,"'032412080703","'0324120807005","Dijagnostičke trakice za mjerenje glukoze u krvi uređajem ,BAYER Consumer Care AG / Ascensia Diabetes Care Holdings AG ,Bayer Breeze test senzori","BAYER Consumer Care AG / Ascensia Diabetes Care Holdings AG","Medilab","24.06.2017","01.11.2017",1,0,14,"1a",0,3,3,3,"NE",0,7,0,0,"kom","do",375,0,0,174,0,0,null,0,0,0,"IVD","S","SP,LJ","Plastika, elektroda ili fotometrijski film/indikator. CE certifikat.",0,"2,7200",5,{"$nulls":6},0,0,"'0324120807000"]
["POMAGALA KOD ŠEĆERNE BOLESTI","Pomagala kod šećerne bolesti",137,6749,"'032412080533","'0324120805188","Set za brzo očitavanje koncentracije šećera u krvi ,Ascensia Diabetes Care Holdings AG ,Contour Next One","Ascensia Diabetes Care Holdings AG","Medi-lab","26.04.2018","03.05.2019","12,13,14",1,14,"1a",0,60,60,60,"NE",0,7,0,0,"kom",null,1,0,0,172,0,0,null,0,0,0,"IVD","S","SP,LJ","Baterijski elektronički uređaj za mjerenje glukoze u krvi - 1 uređaj odobrava se na period od 5 godine. Mjerne jedinice - mmol, tvornički blokirano, bez mogućnosti promjene od strane korisnika. Automatsko uvlačenje uzorka, osim kod fotometrijske metode. Automatska detekcija nedostatnog volumena uzorka. Kalibracija - plazma. Postotak pogreške pri mjerenju u skladu s FDA, ISO, CE standardima. Potrebna količina krvi za test do 1,5 µL, brzina mjerenja ne duža od 10 s, minimalni broj podataka u memoriji 300, startni lancetar obavezan, raspon mjerenja 1,1 do 27,8 mmol/l, oznaka za niski i visoki GUK, traka u uređaju u trenutku mjerenja. CE certifikat.",0,"0,7700",5,{"$nulls":6},0,0,"'0324120805000"]
["POMAGALA KOD ŠEĆERNE BOLESTI","Pomagala kod šećerne bolesti",137,6750,"'032118080203","'0321180802005","Inzulinski injektor za davanje inzulina ,Lilly Pharma Fertigung und Distribution GmbH&Co.KG ,HUMAPEN LUXURA HD","Lilly Pharma Fertigung und Distribution GmbH&Co.KG","Elli Lilly","01.01.1995","04.06.2021",1,0,14,"1a",0,36,36,36,"NE",0,7,0,0,"kom",null,1,0,0,169,0,0,null,0,0,0,"IIb","S","SP,LJ","Plastika, metal. Za davanje inzulina koji je pakiran u staklenom ulošku koji se umeće u injektor. Različiti oblici prema vrsti  inzulina koji se primjenjuje. CE certifikat.",0,"170,7300",5,{"$nulls":6},0,1,"'0321180802000"]
["POMAGALA KOD ŠEĆERNE BOLESTI","Pomagala kod šećerne bolesti",137,6751,"'032112080303","'0321120803003","Igle za injektor za terapiju šećerne bolesti ,Nipro Medical Industries Ltd.; Nipro (Thailand) Corporation Limited za Novo Nordisk A/S, Danska; Novo Nordisk A/S ,NovoFine 28G x 12 mm","Nipro Medical Industries Ltd.; Nipro (Thailand) Corporation Limited za Novo Nordisk A/S, Danska; Novo Nordisk A/S","Novo Nordisk","01.01.2016","13.04.2016",1,0,14,"1a",0,3,3,3,"NE",0,7,0,0,"kom","do",300,null,null,170,0,0,null,0,0,0,"IIa","S","SP,LJ","Tvrda plastika, igle različitih promjera: 28 G i više, odgovarajućih duljina. Medicinski nehrđajući čelik. Za davanje terapije kod šećerne bolesti putem injektora. CE certifikat.",0,"0,8000",5,{"$nulls":6},0,0,"'0321120803000"]
["POMAGALA KOD ŠEĆERNE BOLESTI","Pomagala kod šećerne bolesti",137,6752,"'032112080306","'0321120803011","Igle za injektor za terapiju šećerne bolesti ,Becton Dickinson and Company ,BD Micro-Fine 30G (0,30x8 mm)","Becton Dickinson and Company","Hospitalija trgovina","01.01.2016","13.04.2016",1,0,14,"1a",0,3,3,3,"NE",0,7,0,0,"kom","do",300,null,null,170,0,0,null,0,0,0,"IIa","S","SP,LJ","Tvrda plastika, igle različitih promjera: 28 G i više, odgovarajućih duljina. Medicinski nehrđajući čelik. Za davanje terapije kod šećerne bolesti putem injektora. CE certifikat.",0,"0,8000",5,{"$nulls":6},0,0,"'0321120803000"]
["POMAGALA KOD ŠEĆERNE BOLESTI","Pomagala kod šećerne bolesti",137,6753,"'032112080306","'0321120803012","Igle za injektor za terapiju šećerne bolesti ,Becton Dickinson and Company ,BD Micro-Fine 31G (0,25x8 mm)","Becton Dickinson and Company","Hospitalija trgovina","01.01.2016","13.04.2016",1,0,14,"1a",0,3,3,3,"NE",0,7,0,0,"kom","do",300,null,null,170,0,0,null,0,0,0,"IIa","S","SP,LJ","Tvrda plastika, igle različitih promjera: 28 G i više, odgovarajućih duljina. Medicinski nehrđajući čelik. Za davanje terapije kod šećerne bolesti putem injektora. CE certifikat.",0,"0,8000",5,{"$nulls":6},0,0,"'0321120803000"]
["POMAGALA KOD ŠEĆERNE BOLESTI","Pomagala kod šećerne bolesti",137,6754,"'032112080306","'0321120803013","Igle za injektor za terapiju šećerne bolesti ,Becton Dickinson and Company ,BD Micro-Fine 31G (0,25x5 mm)","Becton Dickinson and Company","Hospitalija trgovina","01.01.2016","13.04.2016",1,0,14,"1a",0,3,3,3,"NE",0,7,0,0,"kom","do",300,null,null,170,0,0,null,0,0,0,"IIa","S","SP,LJ","Tvrda plastika, igle različitih promjera: 28 G i više, odgovarajućih duljina. Medicinski nehrđajući čelik. Za davanje terapije kod šećerne bolesti putem injektora. CE certifikat.",0,"0,8000",5,{"$nulls":6},0,0,"'0321120803000"]
["POMAGALA KOD ŠEĆERNE BOLESTI","Pomagala kod šećerne bolesti",137,6755,"'032112080306","'0321120803015","Igle za injektor za terapiju šećerne bolesti ,Becton Dickinson and Company ,BD Micro-Fine + 31G (0,25x8 mm)","Becton Dickinson and Company","Hospitalija trgovina","01.01.2016","13.04.2016",1,0,14,"1a",0,3,3,3,"NE",0,7,0,0,"kom","do",300,null,null,170,0,0,null,0,0,0,"IIa","S","SP,LJ","Tvrda plastika, igle različitih promjera: 28 G i više, odgovarajućih duljina. Medicinski nehrđajući čelik. Za davanje terapije kod šećerne bolesti putem injektora. CE certifikat.",0,"0,8000",5,{"$nulls":6},0,0,"'0321120803000"]
["POMAGALA KOD ŠEĆERNE BOLESTI","Pomagala kod šećerne bolesti",137,6756,"'032535401902","'0325354019002","Odašiljač za kontinuirano mjerenje glukoze, samostalan (standalone), bežičnom tehnologijom, poveziv s aplikacijom pametnih uređaja ,Medtrum Technologies Inc. ,Medtrum TouchCare Slim Real time Transmitter","Medtrum Technologies Inc.","Bauerfeind","01.01.2023","16.07.2025","32,31",1,14,"1a",0,12,12,12,"NE",0,7,0,0,"kom",null,1,0,0,349,0,0,null,0,0,0,"IIa","S","SP,LJ","Odašiljač sadrži punjivu bateriju i kabel za napajanje.  Jamstveni rok 1 godina. CE certifikat. Odašiljač je samostalan  (standalone) i bluetooth tehnologijom povezuje se s aplikacijom pametnih uređaja. Aplikacija dostupna besplatno za preuzimanje.",0,"257,3761",5,null,1,{"$nulls":4},0,1,"'0325354019000"]
["POMAGALA KOD ŠEĆERNE BOLESTI","Pomagala kod šećerne bolesti",137,6757,"'032535402002","'0325354020002","Senzor za kontinuirano mjerenje glukoze ,Medtrum Technologies Inc. ,Medtrum TouchCare Slim senzor","Medtrum Technologies Inc.","Bauerfeind","01.01.2023","16.07.2025","32,31",1,14,"1a",0,3,3,3,"NE",0,7,0,0,"kom","do",7,0,0,349,0,0,null,0,0,0,"IIa","S","SP,LJ","Senzor za mjerenje glukoze u međustaničnoj tekućini do 14 dana. Kalibracija 1x dnevno.Senzor individualno pakiran s pripadajućim aplikatorom i nosačem odašiljača. CE certifikat. Tromjesečni set sastoji se od:  - do 7 senzora  uz uvjet da ukupna godišnja količina ne prelazi 26 senzora,  - od 100 trakica i 100 lanceta",0,"64,3440",5,null,1,{"$nulls":4},0,1,"'0325354020000"]
["POMAGALA KOD ŠEĆERNE BOLESTI","Pomagala kod šećerne bolesti",137,6758,"'032412080708","'0324120807014","Dijagnostičke trakice za mjerenje glukoze u krvi uređajem ,NDP ,Betachek G5 strips","NDP","Otos","01.01.2023","17.03.2023",1,1,14,"1a",0,3,3,3,"NE",0,7,0,0,"kom","do",375,0,0,174,0,0,null,0,0,0,"IVD","S","SP,LJ","Plastika, elektroda ili fotometrijski film/indikator. CE certifikat.",0,"0,2900",5,{"$nulls":6},0,1,"'0324120807000"]
["POMAGALA KOD ŠEĆERNE BOLESTI","Pomagala kod šećerne bolesti",137,6759,"'032535401901","'0325354019001","Odašiljač za kontinuirano mjerenje glukoze, samostalan (standalone), bežičnom tehnologijom, poveziv s aplikacijom pametnih uređaja ,Medtrum Technologies Inc. ,Medtrum EasySense S7 Real time transmitter","Medtrum Technologies Inc.","Bauerfeind","01.01.2023","19.03.2025","32,31",1,14,"1a",0,3,3,3,"NE",0,7,0,0,"kom",null,1,0,0,349,0,0,null,0,0,0,"IIa","S","SP,LJ","Odašiljač sadrži nezamjenjivu bateriju. Jamstveni rok 3 mjeseca. CE certifikat. Odašiljač je samostalan  (standalone) i bluetooth tehnologijom povezuje se s aplikacijom pametnih uređaja. Aplikacija dostupna besplatno za preuzimanje.",0,"64,3440",5,{"$nulls":6},0,1,"'0325354019000"]
["POMAGALA KOD ŠEĆERNE BOLESTI","Pomagala kod šećerne bolesti",137,6760,"'032535402001","'0325354020001","Senzor za kontinuirano mjerenje glukoze ,Medtrum Technologies Inc. ,Medtrum EasySense S7 senzor","Medtrum Technologies Inc.","Bauerfeind","01.01.2023","19.03.2025","32,31",1,14,"1a",0,3,3,3,"NE",0,7,0,0,"kom","do",7,0,0,349,0,0,null,0,0,0,"IIa","S","SP,LJ","Senzor za mjerenje glukoze u međustaničnoj tekućini do 14 dana. Kalibracija 1x dnevno.Senzor individualno pakiran s pripadajućim aplikatorom i nosačem odašiljača. CE certifikat. Tromjesečni set sastoji se od:  - do 7 senzora  uz uvjet da ukupna godišnja količina ne prelazi 26 senzora,  - od 100 trakica i 100 lanceta",0,"64,3440",5,{"$nulls":6},0,1,"'0325354020000"]
["POMAGALA KOD ŠEĆERNE BOLESTI","Pomagala kod šećerne bolesti",137,6761,"'032424180901","'0324241809001","Početni komplet za kontinuirano mjerenje glukoze ,Dexcom, Inc. ,Početni komplet Dexcom One","Dexcom, Inc.","Medilab One","04.04.2024","19.03.2025","31,32",1,14,"1a",0,1,1,1,"NE",0,7,0,0,"kom",null,1,0,0,368,0,0,null,0,0,0,"IIb","S","SP,LJ","Početni komplet sadrži jedan odašiljač i jedan senzor. Izdaje se jednokratno, samo za prvo uvođenje. U paket je uključen i uređaj za mjerenje glukoze u krvi.",0,"83,3912",5,{"$nulls":6},0,1,"'0324241809000"]
["POMAGALA KOD ŠEĆERNE BOLESTI","Pomagala kod šećerne bolesti",137,6762,"'032535401904","'0325354019004","Odašiljač za kontinuirano mjerenje glukoze, samostalan (standalone), bežičnom tehnologijom, poveziv s aplikacijom pametnih uređaja ,Dexcom, Inc. ,Odašiljač Dexcom One","Dexcom, Inc.","Medilab One","04.04.2024","19.03.2025","31,32",1,14,"1a",0,3,3,3,"NE",0,7,0,0,"kom",null,1,0,0,368,0,0,null,0,0,0,"IIb","S","SP,LJ","Odašiljač sadrži nezamjenjivu bateriju. Jamstveni rok 3 mjeseca. CE certifikat. Odašiljač je samostalan  (standalone)  i bluetooth tehnologijom povezuje se s aplikacijom pametnih uređaja ili dodatnim neobaveznim prijemnikom.. Aplikacija dostupna besplatno za preuzimanje.     ",0,"41,6956",5,{"$nulls":6},0,1,"'0325354019000"]
["POMAGALA KOD ŠEĆERNE BOLESTI","Pomagala kod šećerne bolesti",137,6763,"'032535402004","'0325354020004","Senzor za kontinuirano mjerenje glukoze ,Dexcom, Inc. ,Senzor Dexcom One","Dexcom, Inc.","Medilab One","04.04.2024","19.03.2025","31,32",1,14,"1a",0,3,3,3,"NE",0,7,0,0,"kom",null,9,0,0,368,0,0,null,0,0,0,"IIb","S","SP,LJ","Senzor za mjerenje glukoze u međustaničnoj tekućini do 10 dana. Bez kalibracije. Senzor dolazi s pripadajućim aplikatorom i nosačem odašiljača. CE certifikat. Tromjesečni set sastoji se od:  - 9 senzora, - 100 dijagnostičkih traka za očitavanje iz krvi i 100 lanceta.                                                                                        U godini ostvarivanja prava na početni komplet za kontinuirano mjerenje glukoze, osigurana osoba ostvaruje pravo na 35 senzora, jer je 1 senzor sadržan u početnom kompletu, sveukupno 36 senzora godišnje.",0,"41,6956",5,{"$nulls":6},0,1,"'0325354020000"]
["POMAGALA KOD ŠEĆERNE BOLESTI","Pomagala kod šećerne bolesti",137,6764,"'032536402001","'0325364020001","Prijemnik za kontinuirano mjerenje glukoze ,Dexcom, Inc. ,Prijemnik Dexcom One","Dexcom, Inc.","Medilab One","04.04.2024","19.03.2025","31,32",1,14,"1a",0,12,12,12,"NE",0,7,0,0,"kom",null,1,0,0,368,0,0,null,0,0,0,"IIb","S","SP,LJ","Prijemnik je neobavezan, sadrži punjivu bateriju. Jamstveni rok 1 godina. CE certifikat. Prijemnik se povezuje s odašiljačem za kontinuirano mjerenje glukoze. U slučaju povezivanja odašiljača Dexcom One s aplikacijom na pametnom uređaju prijemnik nije potreban.        ",0,"42,7497",5,{"$nulls":6},0,1,"'0325364020000"]
["POMAGALA KOD ŠEĆERNE BOLESTI","Pomagala kod šećerne bolesti",137,6765,"'032412080527","'0324120805041","Set za brzo očitavanje koncentracije šećera u krvi ,Life Scan ,OneTouch Verio system mmol/L","Life Scan","Johnson&Johnson","01.12.2020","19.12.2022","12,13,14",1,14,"1a",0,60,60,60,"NE",0,7,0,0,"kom",null,1,0,0,172,0,0,null,0,0,0,"IVD","S","SP,LJ","Baterijski elektronički uređaj za mjerenje glukoze u krvi - 1 uređaj odobrava se na period od 5 godine. Mjerne jedinice - mmol, tvornički blokirano, bez mogućnosti promjene od strane korisnika. Automatsko uvlačenje uzorka, osim kod fotometrijske metode. Automatska detekcija nedostatnog volumena uzorka. Kalibracija - plazma. Postotak pogreške pri mjerenju u skladu s FDA, ISO, CE standardima. Potrebna količina krvi za test do 1,5 µL, brzina mjerenja ne duža od 10 s, minimalni broj podataka u memoriji 300, startni lancetar obavezan, raspon mjerenja 1,1 do 27,8 mmol/l, oznaka za niski i visoki GUK, traka u uređaju u trenutku mjerenja. CE certifikat.",0,"0,6900",5,{"$nulls":6},0,1,"'0324120805000"]
["POMAGALA KOD ŠEĆERNE BOLESTI","Pomagala kod šećerne bolesti",137,6766,"'032412080709","'0324120807015","Dijagnostičke trakice za mjerenje glukoze u krvi uređajem ,Life Scan ,OneTouch Ultra  test strip","Life Scan","Johnson&Johnson","26.10.2019","19.12.2022",1,0,14,"1a",0,3,3,3,"NE",0,7,0,0,"kom","do",375,0,0,174,0,0,null,0,0,0,"IVD","S","SP,LJ","Plastika, elektroda ili fotometrijski film/indikator. CE certifikat.",0,"2,2100",5,{"$nulls":6},0,1,"'0324120807000"]
["POMAGALA KOD ŠEĆERNE BOLESTI","Pomagala kod šećerne bolesti",137,6767,"'032412080709","'0324120807016","Dijagnostičke trakice za mjerenje glukoze u krvi uređajem ,Life Scan ,OneTouch Vita  test strip","Life Scan","Johnson&Johnson","26.10.2019","19.12.2022",1,0,14,"1a",0,3,3,3,"NE",0,7,0,0,"kom","do",375,0,0,174,0,0,null,0,0,0,"IVD","S","SP,LJ","Plastika, elektroda ili fotometrijski film/indikator. CE certifikat.",0,"2,2100",5,{"$nulls":6},0,1,"'0324120807000"]
["POMAGALA KOD ŠEĆERNE BOLESTI","Pomagala kod šećerne bolesti",137,6768,"'032412080709","'0324120807018","Dijagnostičke trakice za mjerenje glukoze u krvi uređajem ,Life Scan ,OneTouch Verio  test strip","Life Scan","Johnson&Johnson","26.10.2019","19.12.2022",1,0,14,"1a",0,3,3,3,"NE",0,7,0,0,"kom","do",375,0,0,174,0,0,null,0,0,0,"IVD","S","SP,LJ","Plastika, elektroda ili fotometrijski film/indikator. CE certifikat.",0,"2,2100",5,{"$nulls":6},0,1,"'0324120807000"]
["POMAGALA KOD ŠEĆERNE BOLESTI","Pomagala kod šećerne bolesti",137,6769,"'032112080806","'0321120808007","Lancete za vađenje krvi iz prsta za kontrolu glukoze u krvi ,Life Scan ,OneTouch UltraSoft lancet","Life Scan","Johnson&Johnson","26.10.2019","19.12.2022",1,0,14,"1a",0,3,3,3,"NE",0,7,0,0,"kom","do",375,0,0,174,0,0,null,0,0,0,"IIa","S","SP,LJ","Plastična ovojnica i kapica oko metalne igle za lancetar.  Dubina igala G26-G30. CE certifikat.",0,"0,4000",5,{"$nulls":6},0,1,"'0321120808000"]
["POMAGALA KOD ŠEĆERNE BOLESTI","Pomagala kod šećerne bolesti",137,6770,"'032112080806","'0321120808008","Lancete za vađenje krvi iz prsta za kontrolu glukoze u krvi ,Life Scan ,OneTouch Comfort lancet","Life Scan","Johnson&Johnson","26.10.2019","19.12.2022",1,0,14,"1a",0,3,3,3,"NE",0,7,0,0,"kom","do",375,0,0,174,0,0,null,0,0,0,"IIa","S","SP,LJ","Plastična ovojnica i kapica oko metalne igle za lancetar.  Dubina igala G26-G30. CE certifikat.",0,"0,4000",5,{"$nulls":6},0,1,"'0321120808000"]
["POMAGALA KOD ŠEĆERNE BOLESTI","Pomagala kod šećerne bolesti",137,6771,"'032112080820","'0321120808022","Lancete za vađenje krvi iz prsta za kontrolu glukoze u krvi ,Life Scan ,OneTouch Delica lancet","Life Scan","Johnson&Johnson","26.10.2019","19.12.2022",1,0,14,"1a",0,3,3,3,"NE",0,7,0,0,"kom","do",375,0,0,174,0,0,null,0,0,0,"IIa","S","SP,LJ","Plastična ovojnica i kapica oko metalne igle za lancetar.  Dubina igala G26-G30. CE certifikat.",0,"0,4000",5,{"$nulls":6},0,1,"'0321120808000"]
["POMAGALA KOD ŠEĆERNE BOLESTI","Pomagala kod šećerne bolesti",137,6772,"'032412080529","'0324120805045","Set za brzo očitavanje koncentracije šećera u krvi ,Life Scan ,OneTouch Verio Flex system mmol/L","Life Scan","Johnson&Johnson","01.12.2020","19.12.2022","12,13,14",1,14,"1a",0,60,60,60,"NE",0,7,0,0,"kom",null,1,0,0,172,0,0,null,0,0,0,"IVD","S","SP,LJ","Baterijski elektronički uređaj za mjerenje glukoze u krvi - 1 uređaj odobrava se na period od 5 godine. Mjerne jedinice - mmol, tvornički blokirano, bez mogućnosti promjene od strane korisnika. Automatsko uvlačenje uzorka, osim kod fotometrijske metode. Automatska detekcija nedostatnog volumena uzorka. Kalibracija - plazma. Postotak pogreške pri mjerenju u skladu s FDA, ISO, CE standardima. Potrebna količina krvi za test do 1,5 µL, brzina mjerenja ne duža od 10 s, minimalni broj podataka u memoriji 300, startni lancetar obavezan, raspon mjerenja 1,1 do 27,8 mmol/l, oznaka za niski i visoki GUK, traka u uređaju u trenutku mjerenja. CE certifikat.",0,"0,6900",5,{"$nulls":6},0,1,"'0324120805000"]
["POMAGALA KOD ŠEĆERNE BOLESTI","Pomagala kod šećerne bolesti",137,6773,"'032412080519","'0324120805032","Set za brzo očitavanje koncentracije šećera u krvi ,Nova Biomedical Corp. ,StatStrip Xpress","Nova Biomedical Corp.","Tea-medicina","26.04.2018","21.11.2018","12,13,14",1,14,"1a",0,60,60,60,"NE",0,7,0,0,"kom",null,1,0,0,172,0,0,null,0,0,0,"IVD","S","SP,LJ","Baterijski elektronički uređaj za mjerenje glukoze u krvi - 1 uređaj odobrava se na period od 5 godine. Mjerne jedinice - mmol, tvornički blokirano, bez mogućnosti promjene od strane korisnika. Automatsko uvlačenje uzorka, osim kod fotometrijske metode. Automatska detekcija nedostatnog volumena uzorka. Kalibracija - plazma. Postotak pogreške pri mjerenju u skladu s FDA, ISO, CE standardima. Potrebna količina krvi za test do 1,5 µL, brzina mjerenja ne duža od 10 s, minimalni broj podataka u memoriji 300, startni lancetar obavezan, raspon mjerenja 1,1 do 27,8 mmol/l, oznaka za niski i visoki GUK, traka u uređaju u trenutku mjerenja. CE certifikat.",0,"0,7700",5,{"$nulls":6},0,0,"'0324120805000"]
["POMAGALA KOD ŠEĆERNE BOLESTI","Pomagala kod šećerne bolesti",137,6774,"'032412080503","'0324120805004","Set za brzo očitavanje koncentracije šećera u krvi , Ascensia Diabetes Care Holdings AG ,Bayer Contour XT"," Ascensia Diabetes Care Holdings AG","Medilab One","01.12.2020","22.06.2022","12,13,14",1,14,"1a",0,60,60,60,"NE",0,7,0,0,"kom",null,1,0,0,172,0,0,null,0,0,0,"IVD","S","SP,LJ","Baterijski elektronički uređaj za mjerenje glukoze u krvi - 1 uređaj odobrava se na period od 5 godine. Mjerne jedinice - mmol, tvornički blokirano, bez mogućnosti promjene od strane korisnika. Automatsko uvlačenje uzorka, osim kod fotometrijske metode. Automatska detekcija nedostatnog volumena uzorka. Kalibracija - plazma. Postotak pogreške pri mjerenju u skladu s FDA, ISO, CE standardima. Potrebna količina krvi za test do 1,5 µL, brzina mjerenja ne duža od 10 s, minimalni broj podataka u memoriji 300, startni lancetar obavezan, raspon mjerenja 1,1 do 27,8 mmol/l, oznaka za niski i visoki GUK, traka u uređaju u trenutku mjerenja. CE certifikat.",0,"0,6900",5,{"$nulls":6},0,1,"'0324120805000"]
["POMAGALA KOD ŠEĆERNE BOLESTI","Pomagala kod šećerne bolesti",137,6775,"'032412080503","'0324120805003","Set za brzo očitavanje količine šećera u krvi ,BAYER Consumer Care AG ,Bayer Breeze","BAYER Consumer Care AG","Medilab","01.01.2016","23.06.2017","14,12,13",1,14,"1a",0,60,60,60,"NE",0,7,0,0,"kom",null,1,0,0,172,0,0,null,0,0,0,"IVD","S","SP,LJ","Baterijski elektronički uređaj za mjerenje glukoze u krvi - 1 uređaj odobrava se na period od 5 godine. Mjerne jedinice - mmol, tvornički blokirano, bez mogućnosti promjene od strane korisnika. Automatsko uvlačenje uzorka, osim kod fotometrijske metode. Automatska detekcija nedostatnog volumena uzorka. Kalibracija - plazma. Postotak pogreške pri mjerenju u skladu s FDA, ISO, CE standardima. Potrebna količina krvi za test do 1,5 µL, brzina mjerenja ne duža od 10 s, minimalni broj podataka u memoriji 300, startni lancetar obavezan, raspon mjerenja 1,1 do 27,8 mmol/l, oznaka za niski i visoki GUK, traka u uređaju u trenutku mjerenja. CE certifikat.",0,"0,9500",5,{"$nulls":6},0,0,"'0324120805000"]
["POMAGALA KOD ŠEĆERNE BOLESTI","Pomagala kod šećerne bolesti",137,6776,"'032412080505","'0324120805010","Set za brzo očitavanje količine šećera u krvi ,Roche Diagnostics ,Accu-Chek GO","Roche Diagnostics","Roche","01.01.2016","23.06.2017","14,12,13",1,14,"1a",0,60,60,60,"NE",0,7,0,0,"kom",null,1,0,0,172,0,0,null,0,0,0,"IVD","S","SP,LJ","Baterijski elektronički uređaj za mjerenje glukoze u krvi - 1 uređaj odobrava se na period od 5 godine. Mjerne jedinice - mmol, tvornički blokirano, bez mogućnosti promjene od strane korisnika. Automatsko uvlačenje uzorka, osim kod fotometrijske metode. Automatska detekcija nedostatnog volumena uzorka. Kalibracija - plazma. Postotak pogreške pri mjerenju u skladu s FDA, ISO, CE standardima. Potrebna količina krvi za test do 1,5 µL, brzina mjerenja ne duža od 10 s, minimalni broj podataka u memoriji 300, startni lancetar obavezan, raspon mjerenja 1,1 do 27,8 mmol/l, oznaka za niski i visoki GUK, traka u uređaju u trenutku mjerenja. CE certifikat.",0,"0,9500",5,{"$nulls":6},0,0,"'0324120805000"]
["POMAGALA KOD ŠEĆERNE BOLESTI","Pomagala kod šećerne bolesti",137,6777,"'032412080507","'0324120805013","Set za brzo očitavanje količine šećera u krvi ,Life Scan, Inc ,OneTouch Ultra Easy system mmol/L","Life Scan, Inc","Johnson&Johnson","28.03.2016","23.06.2017","12,13,14",1,14,"1a",0,60,60,60,"NE",0,7,0,0,"kom",null,1,0,0,172,0,0,null,0,0,0,"IVD","S","SP,LJ","Baterijski elektronički uređaj za mjerenje glukoze u krvi - 1 uređaj odobrava se na period od 5 godine. Mjerne jedinice - mmol, tvornički blokirano, bez mogućnosti promjene od strane korisnika. Automatsko uvlačenje uzorka, osim kod fotometrijske metode. Automatska detekcija nedostatnog volumena uzorka. Kalibracija - plazma. Postotak pogreške pri mjerenju u skladu s FDA, ISO, CE standardima. Potrebna količina krvi za test do 1,5 µL, brzina mjerenja ne duža od 10 s, minimalni broj podataka u memoriji 300, startni lancetar obavezan, raspon mjerenja 1,1 do 27,8 mmol/l, oznaka za niski i visoki GUK, traka u uređaju u trenutku mjerenja. CE certifikat.",0,"0,9500",5,{"$nulls":6},0,0,"'0324120805000"]
["POMAGALA KOD ŠEĆERNE BOLESTI","Pomagala kod šećerne bolesti",137,6778,"'032412080507","'0324120805014","Set za brzo očitavanje količine šećera u krvi ,Life Scan, Inc ,OneTouch Vita system mmol/L","Life Scan, Inc","Johnson&Johnson","28.03.2016","23.06.2017","12,13,14",1,14,"1a",0,60,60,60,"NE",0,7,0,0,"kom",null,1,0,0,172,0,0,null,0,0,0,"IVD","S","SP,LJ","Baterijski elektronički uređaj za mjerenje glukoze u krvi - 1 uređaj odobrava se na period od 5 godine. Mjerne jedinice - mmol, tvornički blokirano, bez mogućnosti promjene od strane korisnika. Automatsko uvlačenje uzorka, osim kod fotometrijske metode. Automatska detekcija nedostatnog volumena uzorka. Kalibracija - plazma. Postotak pogreške pri mjerenju u skladu s FDA, ISO, CE standardima. Potrebna količina krvi za test do 1,5 µL, brzina mjerenja ne duža od 10 s, minimalni broj podataka u memoriji 300, startni lancetar obavezan, raspon mjerenja 1,1 do 27,8 mmol/l, oznaka za niski i visoki GUK, traka u uređaju u trenutku mjerenja. CE certifikat.",0,"0,9500",5,{"$nulls":6},0,0,"'0324120805000"]
["POMAGALA KOD ŠEĆERNE BOLESTI","Pomagala kod šećerne bolesti",137,6779,"'032412080507","'0324120805015","Set za brzo očitavanje količine šećera u krvi ,Life Scan, Inc ,OneTouch Select system mmol/L","Life Scan, Inc","Johnson&Johnson","28.03.2016","23.06.2017","12,13,14",1,14,"1a",0,60,60,60,"NE",0,7,0,0,"kom",null,1,0,0,172,0,0,null,0,0,0,"IVD","S","SP,LJ","Baterijski elektronički uređaj za mjerenje glukoze u krvi - 1 uređaj odobrava se na period od 5 godine. Mjerne jedinice - mmol, tvornički blokirano, bez mogućnosti promjene od strane korisnika. Automatsko uvlačenje uzorka, osim kod fotometrijske metode. Automatska detekcija nedostatnog volumena uzorka. Kalibracija - plazma. Postotak pogreške pri mjerenju u skladu s FDA, ISO, CE standardima. Potrebna količina krvi za test do 1,5 µL, brzina mjerenja ne duža od 10 s, minimalni broj podataka u memoriji 300, startni lancetar obavezan, raspon mjerenja 1,1 do 27,8 mmol/l, oznaka za niski i visoki GUK, traka u uređaju u trenutku mjerenja. CE certifikat.",0,"0,9500",5,{"$nulls":6},0,0,"'0324120805000"]
["POMAGALA KOD ŠEĆERNE BOLESTI","Pomagala kod šećerne bolesti",137,6780,"'032412080507","'0324120805016","Set za brzo očitavanje količine šećera u krvi ,Life Scan, Inc ,OneTouch VerioPro system mmol/L","Life Scan, Inc","Johnson&Johnson","28.03.2016","23.06.2017","12,13,14",1,14,"1a",0,60,60,60,"NE",0,7,0,0,"kom",null,1,0,0,172,0,0,null,0,0,0,"IVD","S","SP,LJ","Baterijski elektronički uređaj za mjerenje glukoze u krvi - 1 uređaj odobrava se na period od 5 godine. Mjerne jedinice - mmol, tvornički blokirano, bez mogućnosti promjene od strane korisnika. Automatsko uvlačenje uzorka, osim kod fotometrijske metode. Automatska detekcija nedostatnog volumena uzorka. Kalibracija - plazma. Postotak pogreške pri mjerenju u skladu s FDA, ISO, CE standardima. Potrebna količina krvi za test do 1,5 µL, brzina mjerenja ne duža od 10 s, minimalni broj podataka u memoriji 300, startni lancetar obavezan, raspon mjerenja 1,1 do 27,8 mmol/l, oznaka za niski i visoki GUK, traka u uređaju u trenutku mjerenja. CE certifikat.",0,"0,9500",5,{"$nulls":6},0,0,"'0324120805000"]
["POMAGALA KOD ŠEĆERNE BOLESTI","Pomagala kod šećerne bolesti",137,6781,"'032412080508","'0324120805018","Set za brzo očitavanje količine šećera u krvi ,MED TRUST ,WELLION CALLA PREMIUM SET","MED TRUST","Med Trust","01.01.2016","23.06.2017","14,12,13",1,14,"1a",0,60,60,60,"NE",0,7,0,0,"kom",null,1,0,0,172,0,0,null,0,0,0,"IVD","S","SP,LJ","Baterijski elektronički uređaj za mjerenje glukoze u krvi - 1 uređaj odobrava se na period od 5 godine. Mjerne jedinice - mmol, tvornički blokirano, bez mogućnosti promjene od strane korisnika. Automatsko uvlačenje uzorka, osim kod fotometrijske metode. Automatska detekcija nedostatnog volumena uzorka. Kalibracija - plazma. Postotak pogreške pri mjerenju u skladu s FDA, ISO, CE standardima. Potrebna količina krvi za test do 1,5 µL, brzina mjerenja ne duža od 10 s, minimalni broj podataka u memoriji 300, startni lancetar obavezan, raspon mjerenja 1,1 do 27,8 mmol/l, oznaka za niski i visoki GUK, traka u uređaju u trenutku mjerenja. CE certifikat.",0,"0,9500",5,{"$nulls":6},0,0,"'0324120805000"]
["POMAGALA KOD ŠEĆERNE BOLESTI","Pomagala kod šećerne bolesti",137,6782,"'032412080509","'0324120805019","Set za brzo očitavanje količine šećera u krvi ,TaiDoc Tech ,Clever Chek TD 3213 -set","TaiDoc Tech","Markuss","01.01.2016","23.06.2017","14,12,13",1,14,"1a",0,60,60,60,"NE",0,7,0,0,"kom",null,1,0,0,172,0,0,null,0,0,0,"IVD","S","SP,LJ","Baterijski elektronički uređaj za mjerenje glukoze u krvi - 1 uređaj odobrava se na period od 5 godine. Mjerne jedinice - mmol, tvornički blokirano, bez mogućnosti promjene od strane korisnika. Automatsko uvlačenje uzorka, osim kod fotometrijske metode. Automatska detekcija nedostatnog volumena uzorka. Kalibracija - plazma. Postotak pogreške pri mjerenju u skladu s FDA, ISO, CE standardima. Potrebna količina krvi za test do 1,5 µL, brzina mjerenja ne duža od 10 s, minimalni broj podataka u memoriji 300, startni lancetar obavezan, raspon mjerenja 1,1 do 27,8 mmol/l, oznaka za niski i visoki GUK, traka u uređaju u trenutku mjerenja. CE certifikat.",0,"0,9500",5,{"$nulls":6},0,0,"'0324120805000"]
["POMAGALA KOD ŠEĆERNE BOLESTI","Pomagala kod šećerne bolesti",137,6783,"'032412080510","'0324120805020","Set za brzo očitavanje količine šećera u krvi ,EPS Bio Technology Corp ,EasyPlus mini Self monitoring Blood Glucose System","EPS Bio Technology Corp","Medexo centar","01.01.2016","23.06.2017","14,12,13",1,14,"1a",0,60,60,60,"NE",0,7,0,0,"kom",null,1,0,0,172,0,0,null,0,0,0,"IVD","S","SP,LJ","Baterijski elektronički uređaj za mjerenje glukoze u krvi - 1 uređaj odobrava se na period od 5 godine. Mjerne jedinice - mmol, tvornički blokirano, bez mogućnosti promjene od strane korisnika. Automatsko uvlačenje uzorka, osim kod fotometrijske metode. Automatska detekcija nedostatnog volumena uzorka. Kalibracija - plazma. Postotak pogreške pri mjerenju u skladu s FDA, ISO, CE standardima. Potrebna količina krvi za test do 1,5 µL, brzina mjerenja ne duža od 10 s, minimalni broj podataka u memoriji 300, startni lancetar obavezan, raspon mjerenja 1,1 do 27,8 mmol/l, oznaka za niski i visoki GUK, traka u uređaju u trenutku mjerenja. CE certifikat.",0,"0,9500",5,{"$nulls":6},0,0,"'0324120805000"]
["POMAGALA KOD ŠEĆERNE BOLESTI","Pomagala kod šećerne bolesti",137,6784,"'032412080511","'0324120805022","Set za brzo očitavanje količine šećera u krvi ,A.Menarini Diagnostics S.r.l. ,Glucofix mio plus","A.Menarini Diagnostics S.r.l.","A.Menarini Diagnostics ","01.01.2016","23.06.2017","14,12,13",1,14,"1a",0,60,60,60,"NE",0,7,0,0,"kom",null,1,0,0,172,0,0,null,0,0,0,"IVD","S","SP,LJ","Baterijski elektronički uređaj za mjerenje glukoze u krvi - 1 uređaj odobrava se na period od 5 godine. Mjerne jedinice - mmol, tvornički blokirano, bez mogućnosti promjene od strane korisnika. Automatsko uvlačenje uzorka, osim kod fotometrijske metode. Automatska detekcija nedostatnog volumena uzorka. Kalibracija - plazma. Postotak pogreške pri mjerenju u skladu s FDA, ISO, CE standardima. Potrebna količina krvi za test do 1,5 µL, brzina mjerenja ne duža od 10 s, minimalni broj podataka u memoriji 300, startni lancetar obavezan, raspon mjerenja 1,1 do 27,8 mmol/l, oznaka za niski i visoki GUK, traka u uređaju u trenutku mjerenja. CE certifikat.",0,"0,9500",5,{"$nulls":6},0,0,"'0324120805000"]
["POMAGALA KOD ŠEĆERNE BOLESTI","Pomagala kod šećerne bolesti",137,6785,"'032412080512","'0324120805023","Set za brzo očitavanje količine šećera u krvi ,Abbott Diabetes Care ,FreeStyle Optium sustav za kontrolu dijabetesa","Abbott Diabetes Care","Abbott laboratories","01.01.2016","23.06.2017","14,12,13",1,14,"1a",0,60,60,60,"NE",0,7,0,0,"kom",null,1,0,0,172,0,0,null,0,0,0,"IVD","S","SP,LJ","Baterijski elektronički uređaj za mjerenje glukoze u krvi - 1 uređaj odobrava se na period od 5 godine. Mjerne jedinice - mmol, tvornički blokirano, bez mogućnosti promjene od strane korisnika. Automatsko uvlačenje uzorka, osim kod fotometrijske metode. Automatska detekcija nedostatnog volumena uzorka. Kalibracija - plazma. Postotak pogreške pri mjerenju u skladu s FDA, ISO, CE standardima. Potrebna količina krvi za test do 1,5 µL, brzina mjerenja ne duža od 10 s, minimalni broj podataka u memoriji 300, startni lancetar obavezan, raspon mjerenja 1,1 do 27,8 mmol/l, oznaka za niski i visoki GUK, traka u uređaju u trenutku mjerenja. CE certifikat.",0,"0,9500",5,{"$nulls":6},0,0,"'0324120805000"]
["POMAGALA KOD ŠEĆERNE BOLESTI","Pomagala kod šećerne bolesti",137,6786,"'032412080513","'0324120805025","Set za brzo očitavanje količine šećera u krvi ,ACON ,ON- CALL PLUS GLUKOMETAR","ACON","Biognost","01.01.2016","23.06.2017","14,12,13",1,14,"1a",0,60,60,60,"NE",0,7,0,0,"kom",null,1,0,0,172,0,0,null,0,0,0,"IVD","S","SP,LJ","Baterijski elektronički uređaj za mjerenje glukoze u krvi - 1 uređaj odobrava se na period od 5 godine. Mjerne jedinice - mmol, tvornički blokirano, bez mogućnosti promjene od strane korisnika. Automatsko uvlačenje uzorka, osim kod fotometrijske metode. Automatska detekcija nedostatnog volumena uzorka. Kalibracija - plazma. Postotak pogreške pri mjerenju u skladu s FDA, ISO, CE standardima. Potrebna količina krvi za test do 1,5 µL, brzina mjerenja ne duža od 10 s, minimalni broj podataka u memoriji 300, startni lancetar obavezan, raspon mjerenja 1,1 do 27,8 mmol/l, oznaka za niski i visoki GUK, traka u uređaju u trenutku mjerenja. CE certifikat.",0,"0,9500",5,{"$nulls":6},0,0,"'0324120805000"]
["POMAGALA KOD ŠEĆERNE BOLESTI","Pomagala kod šećerne bolesti",137,6787,"'032412080516","'0324120805029","Set za brzo očitavanje količine šećera u krvi ,i-SENS ,CareSens N Blood Glucose Monitoring Sistem","i-SENS","Proximum","01.01.2016","23.06.2017","14,12,13",1,14,"1a",0,60,60,60,"NE",0,7,0,0,"kom",null,1,0,0,172,0,0,null,0,0,0,"IVD","S","SP,LJ","Baterijski elektronički uređaj za mjerenje glukoze u krvi - 1 uređaj odobrava se na period od 5 godine. Mjerne jedinice - mmol, tvornički blokirano, bez mogućnosti promjene od strane korisnika. Automatsko uvlačenje uzorka, osim kod fotometrijske metode. Automatska detekcija nedostatnog volumena uzorka. Kalibracija - plazma. Postotak pogreške pri mjerenju u skladu s FDA, ISO, CE standardima. Potrebna količina krvi za test do 1,5 µL, brzina mjerenja ne duža od 10 s, minimalni broj podataka u memoriji 300, startni lancetar obavezan, raspon mjerenja 1,1 do 27,8 mmol/l, oznaka za niski i visoki GUK, traka u uređaju u trenutku mjerenja. CE certifikat.",0,"0,9500",5,{"$nulls":6},0,0,"'0324120805000"]
["POMAGALA KOD ŠEĆERNE BOLESTI","Pomagala kod šećerne bolesti",137,6788,"'032412080517","'0324120805030","Set za brzo očitavanje količine šećera u krvi ,Nipro Diagnostics ,Truebalance","Nipro Diagnostics","Pliva Hrvatska","01.01.2016","23.06.2017","14,12,13",1,14,"1a",0,60,60,60,"NE",0,7,0,0,"kom",null,1,0,0,172,0,0,null,0,0,0,"IVD","S","SP,LJ","Baterijski elektronički uređaj za mjerenje glukoze u krvi - 1 uređaj odobrava se na period od 5 godine. Mjerne jedinice - mmol, tvornički blokirano, bez mogućnosti promjene od strane korisnika. Automatsko uvlačenje uzorka, osim kod fotometrijske metode. Automatska detekcija nedostatnog volumena uzorka. Kalibracija - plazma. Postotak pogreške pri mjerenju u skladu s FDA, ISO, CE standardima. Potrebna količina krvi za test do 1,5 µL, brzina mjerenja ne duža od 10 s, minimalni broj podataka u memoriji 300, startni lancetar obavezan, raspon mjerenja 1,1 do 27,8 mmol/l, oznaka za niski i visoki GUK, traka u uređaju u trenutku mjerenja. CE certifikat.",0,"0,9500",5,{"$nulls":6},0,0,"'0324120805000"]
["POMAGALA KOD ŠEĆERNE BOLESTI","Pomagala kod šećerne bolesti",137,6789,"'032412080520","'0324120805033","Set za brzo očitavanje količine šećera u krvi ,Medisana AG ,MediTouch","Medisana AG","Golia","01.01.2016","23.06.2017","14,12,13",1,14,"1a",0,60,60,60,"NE",0,7,0,0,"kom",null,1,0,0,172,0,0,null,0,0,0,"IVD","S","SP,LJ","Baterijski elektronički uređaj za mjerenje glukoze u krvi - 1 uređaj odobrava se na period od 5 godine. Mjerne jedinice - mmol, tvornički blokirano, bez mogućnosti promjene od strane korisnika. Automatsko uvlačenje uzorka, osim kod fotometrijske metode. Automatska detekcija nedostatnog volumena uzorka. Kalibracija - plazma. Postotak pogreške pri mjerenju u skladu s FDA, ISO, CE standardima. Potrebna količina krvi za test do 1,5 µL, brzina mjerenja ne duža od 10 s, minimalni broj podataka u memoriji 300, startni lancetar obavezan, raspon mjerenja 1,1 do 27,8 mmol/l, oznaka za niski i visoki GUK, traka u uređaju u trenutku mjerenja. CE certifikat.",0,"0,9500",5,{"$nulls":6},0,0,"'0324120805000"]
["POMAGALA KOD ŠEĆERNE BOLESTI","Pomagala kod šećerne bolesti",137,6790,"'032412080521","'0324120805034","Set za brzo očitavanje količine šećera u krvi ,Medisana AG ,GlucoDock","Medisana AG","Golia","01.01.2016","23.06.2017","14,12,13",1,14,"1a",0,60,60,60,"NE",0,7,0,0,"kom",null,1,0,0,172,0,0,null,0,0,0,"IVD","S","SP,LJ","Baterijski elektronički uređaj za mjerenje glukoze u krvi - 1 uređaj odobrava se na period od 5 godine. Mjerne jedinice - mmol, tvornički blokirano, bez mogućnosti promjene od strane korisnika. Automatsko uvlačenje uzorka, osim kod fotometrijske metode. Automatska detekcija nedostatnog volumena uzorka. Kalibracija - plazma. Postotak pogreške pri mjerenju u skladu s FDA, ISO, CE standardima. Potrebna količina krvi za test do 1,5 µL, brzina mjerenja ne duža od 10 s, minimalni broj podataka u memoriji 300, startni lancetar obavezan, raspon mjerenja 1,1 do 27,8 mmol/l, oznaka za niski i visoki GUK, traka u uređaju u trenutku mjerenja. CE certifikat.",0,"0,9500",5,{"$nulls":6},0,0,"'0324120805000"]
["POMAGALA KOD ŠEĆERNE BOLESTI","Pomagala kod šećerne bolesti",137,6791,"'032412080522","'0324120805035","Set za brzo očitavanje količine šećera u krvi ,ACON ,ON-CALL Simple","ACON","Biognost","01.01.2016","23.06.2017","14,12,13",1,14,"1a",0,60,60,60,"NE",0,7,0,0,"kom",null,1,0,0,172,0,0,null,0,0,0,"IVD","S","SP,LJ","Baterijski elektronički uređaj za mjerenje glukoze u krvi - 1 uređaj odobrava se na period od 5 godine. Mjerne jedinice - mmol, tvornički blokirano, bez mogućnosti promjene od strane korisnika. Automatsko uvlačenje uzorka, osim kod fotometrijske metode. Automatska detekcija nedostatnog volumena uzorka. Kalibracija - plazma. Postotak pogreške pri mjerenju u skladu s FDA, ISO, CE standardima. Potrebna količina krvi za test do 1,5 µL, brzina mjerenja ne duža od 10 s, minimalni broj podataka u memoriji 300, startni lancetar obavezan, raspon mjerenja 1,1 do 27,8 mmol/l, oznaka za niski i visoki GUK, traka u uređaju u trenutku mjerenja. CE certifikat.",0,"0,9500",5,{"$nulls":6},0,0,"'0324120805000"]
["POMAGALA KOD ŠEĆERNE BOLESTI","Pomagala kod šećerne bolesti",137,6792,"'032412080525","'0324120805039","Set za brzo očitavanje količine šećera u krvi ,Mendor OY ,Mendor discreet sustav","Mendor OY","A.Menarini Diagnostika Hrvatska ","01.01.2016","23.06.2017","14,12,13",1,14,"1a",0,60,60,60,"NE",0,7,0,0,"kom",null,1,0,0,172,0,0,null,0,0,0,"IVD","S","SP,LJ","Baterijski elektronički uređaj za mjerenje glukoze u krvi - 1 uređaj odobrava se na period od 5 godine. Mjerne jedinice - mmol, tvornički blokirano, bez mogućnosti promjene od strane korisnika. Automatsko uvlačenje uzorka, osim kod fotometrijske metode. Automatska detekcija nedostatnog volumena uzorka. Kalibracija - plazma. Postotak pogreške pri mjerenju u skladu s FDA, ISO, CE standardima. Potrebna količina krvi za test do 1,5 µL, brzina mjerenja ne duža od 10 s, minimalni broj podataka u memoriji 300, startni lancetar obavezan, raspon mjerenja 1,1 do 27,8 mmol/l, oznaka za niski i visoki GUK, traka u uređaju u trenutku mjerenja. CE certifikat.",0,"0,9500",5,{"$nulls":6},0,0,"'0324120805000"]
["POMAGALA KOD ŠEĆERNE BOLESTI","Pomagala kod šećerne bolesti",137,6793,"'032412080703","'0324120807003","Dijagnostičke trakice za mjerenje glukoze u krvi uređajem ,BAYER Consumer Care AG / Ascensia Diabetes Care Holdings AG ,Bayer ELITE test senzori","BAYER Consumer Care AG / Ascensia Diabetes Care Holdings AG","Medilab","28.04.2017","23.06.2017",1,0,14,"1a",0,3,3,3,"NE",0,7,0,0,"kom","do",375,0,0,174,0,0,null,0,0,0,"IVD","S","SP,LJ","Plastika, elektroda ili fotometrijski film/indikator. CE certifikat.",0,"2,7200",5,{"$nulls":6},0,0,"'0324120807000"]
["POMAGALA KOD ŠEĆERNE BOLESTI","Pomagala kod šećerne bolesti",137,6794,"'032412080709","'0324120807017","Dijagnostičke trakice za mjerenje glukoze u krvi uređajem ,Life Scan, Inc ,OneTouch Select  test strip","Life Scan, Inc","Johnson&Johnson","01.01.1995","23.06.2017",1,0,14,"1a",0,3,3,3,"NE",0,7,0,0,"kom","do",375,0,0,174,0,0,null,0,0,0,"IVD","S","SP,LJ","Plastika, elektroda ili fotometrijski film/indikator. CE certifikat.",0,"2,7200",5,{"$nulls":6},0,0,"'0324120807000"]
["POMAGALA KOD ŠEĆERNE BOLESTI","Pomagala kod šećerne bolesti",137,6795,"'032412080711","'0324120807020","Dijagnostičke trakice za mjerenje glukoze u krvi uređajem ,TaiDoc Tech ,Clever Chek TD 3213 glucosa test strips","TaiDoc Tech","Markuss","01.01.1995","23.06.2017",1,0,14,"1a",0,3,3,3,"NE",0,7,0,0,"kom","do",375,0,0,174,0,0,null,0,0,0,"IVD","S","SP,LJ","Plastika, elektroda ili fotometrijski film/indikator. CE certifikat.",0,"2,7200",5,{"$nulls":6},0,0,"'0324120807000"]
["POMAGALA KOD ŠEĆERNE BOLESTI","Pomagala kod šećerne bolesti",137,6796,"'032412080712","'0324120807021","Dijagnostičke trakice za mjerenje glukoze u krvi uređajem ,EPS Bio Technology Corp ,EasyPlus mini Blood Glucose Test Strips","EPS Bio Technology Corp","Medexo centar","01.01.1995","23.06.2017",1,0,14,"1a",0,3,3,3,"NE",0,7,0,0,"kom","do",375,0,0,174,0,0,null,0,0,0,"IVD","S","SP,LJ","Plastika, elektroda ili fotometrijski film/indikator. CE certifikat.",0,"2,7200",5,{"$nulls":6},0,0,"'0324120807000"]
["POMAGALA KOD ŠEĆERNE BOLESTI","Pomagala kod šećerne bolesti",137,6797,"'032412080717","'0324120807029","Dijagnostičke trakice za mjerenje glukoze u krvi uređajem ,i-SENS ,CareSens N Blood Glucose Test Strip","i-SENS","Proximum","01.01.1995","23.06.2017",1,0,14,"1a",0,3,3,3,"NE",0,7,0,0,"kom","do",375,0,0,174,0,0,null,0,0,0,"IVD","S","SP,LJ","Plastika, elektroda ili fotometrijski film/indikator. CE certifikat.",0,"2,7200",5,{"$nulls":6},0,0,"'0324120807000"]
["POMAGALA KOD ŠEĆERNE BOLESTI","Pomagala kod šećerne bolesti",137,6798,"'032412080719","'0324120807031","Dijagnostičke trakice za mjerenje glukoze u krvi uređajem ,NIPRO DIAGNOSTICS ,Truebalance","NIPRO DIAGNOSTICS","Pliva Hrvatska","01.01.1995","23.06.2017",1,0,14,"1a",0,3,3,3,"NE",0,7,0,0,"kom","do",375,0,0,174,0,0,null,0,0,0,"IVD","S","SP,LJ","Plastika, elektroda ili fotometrijski film/indikator. CE certifikat.",0,"2,7200",5,{"$nulls":6},0,0,"'0324120807000"]
["POMAGALA KOD ŠEĆERNE BOLESTI","Pomagala kod šećerne bolesti",137,6799,"'032112080808","'0321120808010","Lancete za vađenje krvi iz prsta za kontrolu glukoze u krvi ,TaiDoc Tech ,Clever Chek TD 3213 blood lancet","TaiDoc Tech","Markuss","01.01.2016","23.06.2017",1,0,14,"1a",0,3,3,3,"NE",0,7,0,0,"kom","do",375,0,0,174,0,0,null,0,0,0,"IIa","S","SP,LJ","Plastična ovojnica i kapica oko metalne igle za lancetar.  Dubina igala G26-G30. CE certifikat.",0,"0,5000",5,{"$nulls":6},0,0,"'0321120808000"]
["POMAGALA KOD ŠEĆERNE BOLESTI","Pomagala kod šećerne bolesti",137,6800,"'032112080814","'0321120808016","Lancete za vađenje krvi iz prsta za kontrolu glukoze u krvi ,Gentrol ,CareSens lancete","Gentrol","Proximum","01.01.2016","23.06.2017",1,0,14,"1a",0,3,3,3,"NE",0,7,0,0,"kom","do",375,0,0,174,0,0,null,0,0,0,"IIa","S","SP,LJ","Plastična ovojnica i kapica oko metalne igle za lancetar.  Dubina igala G26-G30. CE certifikat.",0,"0,5000",5,{"$nulls":6},0,0,"'0321120808000"]
["POMAGALA KOD ŠEĆERNE BOLESTI","Pomagala kod šećerne bolesti",137,6801,"'032112080815","'0321120808017","Lancete za vađenje krvi iz prsta za kontrolu glukoze u krvi ,NIPRO DIAGNOSTICS ,Trueplus","NIPRO DIAGNOSTICS","Pliva Hrvatska","01.01.2016","23.06.2017",1,0,14,"1a",0,3,3,3,"NE",0,7,0,0,"kom","do",375,0,0,174,0,0,null,0,0,0,"IIa","S","SP,LJ","Plastična ovojnica i kapica oko metalne igle za lancetar.  Dubina igala G26-G30. CE certifikat.",0,"0,5000",5,{"$nulls":6},0,0,"'0321120808000"]
["POMAGALA KOD ŠEĆERNE BOLESTI","Pomagala kod šećerne bolesti",137,6802,"'032412080528","'0324120805044","Set za brzo očitavanje količine šećera u krvi ,A.Menarini Diagnostics S.r.l. ,GlucoMen Areo","A.Menarini Diagnostics S.r.l.","A.Menarini Dijagnostika Hrvatska","01.01.2016","23.06.2017","14,12,13",1,14,"1a",0,60,60,60,"NE",0,7,0,0,"kom",null,1,0,0,172,0,0,null,0,0,0,"IVD","S","SP,LJ","Baterijski elektronički uređaj za mjerenje glukoze u krvi - 1 uređaj odobrava se na period od 5 godine. Mjerne jedinice - mmol, tvornički blokirano, bez mogućnosti promjene od strane korisnika. Automatsko uvlačenje uzorka, osim kod fotometrijske metode. Automatska detekcija nedostatnog volumena uzorka. Kalibracija - plazma. Postotak pogreške pri mjerenju u skladu s FDA, ISO, CE standardima. Potrebna količina krvi za test do 1,5 µL, brzina mjerenja ne duža od 10 s, minimalni broj podataka u memoriji 300, startni lancetar obavezan, raspon mjerenja 1,1 do 27,8 mmol/l, oznaka za niski i visoki GUK, traka u uređaju u trenutku mjerenja. CE certifikat.",0,"0,9500",5,{"$nulls":6},0,0,"'0324120805000"]
["POMAGALA KOD ŠEĆERNE BOLESTI","Pomagala kod šećerne bolesti",137,6803,"'032106080102","'0321060801001","Štrcaljke za inzulin s integriranom iglom ,Insulution ,Daily Dose 10","Insulution","Bauerfeind","01.01.1995","26.02.2021",1,0,14,"1a",0,3,3,3,"NE",0,7,0,0,"kom","do",200,0,0,168,0,0,null,0,0,0,"IIb","S","SP,LJ","Štrcaljke za inzulin s integriranom iglom za davanje inzulina koji je pakiran u bočici. Polikarbonat, medicinski nehrđajući čelik. Veličina štrcaljke i debljina igala: 0,3 ml - 0,3 x 8mm; 0,5ml - 0,3 x 8mm  0,33x12,7 mm; 1,0ml-0,3x0,8mm i 0,33x12,7 mm. CE certifikat.",0,"0,6900",5,{"$nulls":6},0,1,"'0321060801000"]
["POMAGALA KOD ŠEĆERNE BOLESTI","Pomagala kod šećerne bolesti",137,6804,"'032106080102","'0321060801002","Štrcaljke za inzulin s integriranom iglom ,Insulution ,Daily Dose 30","Insulution","Bauerfeind","01.01.1995","26.02.2021",1,0,14,"1a",0,3,3,3,"NE",0,7,0,0,"kom","do",200,0,0,168,0,0,null,0,0,0,"IIb","S","SP,LJ","Štrcaljke za inzulin s integriranom iglom za davanje inzulina koji je pakiran u bočici. Polikarbonat, medicinski nehrđajući čelik. Veličina štrcaljke i debljina igala: 0,3 ml - 0,3 x 8mm; 0,5ml - 0,3 x 8mm  0,33x12,7 mm; 1,0ml-0,3x0,8mm i 0,33x12,7 mm. CE certifikat.",0,"0,6900",5,{"$nulls":6},0,1,"'0321060801000"]
["POMAGALA KOD ŠEĆERNE BOLESTI","Pomagala kod šećerne bolesti",137,6805,"'032412080605","'0324120806005","Dijagnostičke trakice za kontrolu ketona i glukoze u urinu ,Erba Lachema ,DiaPhan Laura","Erba Lachema","Bauerfeind","01.01.1995","26.02.2021",1,0,14,"1a",0,12,12,12,"NE",0,7,0,0,"kom","do",300,0,0,173,0,0,null,0,0,0,"IVD","S","SP,LJ","Plastika. Mjerni interval: glukoza u urinu od najmanje 0-44.4 mmol/L, ketoni u urinu od najmanje 0-10 mmol/L. CE certifikat.",0,"1,0700",5,{"$nulls":6},0,1,"'0324120806000"]
["POMAGALA KOD ŠEĆERNE BOLESTI","Pomagala kod šećerne bolesti",137,6806,"'032412080605","'0324120806006","Dijagnostičke trakice za kontrolu ketona i glukoze u urinu ,Erba Lachema ,PentaPhan Laura","Erba Lachema","Bauerfeind","01.01.1995","26.02.2021",1,0,14,"1a",0,12,12,12,"NE",0,7,0,0,"kom","do",300,0,0,173,0,0,null,0,0,0,"IVD","S","SP,LJ","Plastika. Mjerni interval: glukoza u urinu od najmanje 0-44.4 mmol/L, ketoni u urinu od najmanje 0-10 mmol/L. CE certifikat.",0,"1,0700",5,{"$nulls":6},0,1,"'0324120806000"]
["POMAGALA KOD ŠEĆERNE BOLESTI","Pomagala kod šećerne bolesti",137,6807,"'032412080605","'0324120806007","Dijagnostičke trakice za kontrolu ketona i glukoze u urinu ,Erba Lachema ,HeptaPhan Laura","Erba Lachema","Bauerfeind","01.01.1995","26.02.2021",1,0,14,"1a",0,12,12,12,"NE",0,7,0,0,"kom","do",300,0,0,173,0,0,null,0,0,0,"IVD","S","SP,LJ","Plastika. Mjerni interval: glukoza u urinu od najmanje 0-44.4 mmol/L, ketoni u urinu od najmanje 0-10 mmol/L. CE certifikat.",0,"1,0700",5,{"$nulls":6},0,1,"'0324120806000"]
["POMAGALA KOD ŠEĆERNE BOLESTI","Pomagala kod šećerne bolesti",137,6808,"'032412080605","'0324120806008","Dijagnostičke trakice za kontrolu ketona i glukoze u urinu ,Erba Lachema ,DekaPhan Laura","Erba Lachema","Bauerfeind","01.01.1995","26.02.2021",1,0,14,"1a",0,12,12,12,"NE",0,7,0,0,"kom","do",300,0,0,173,0,0,null,0,0,0,"IVD","S","SP,LJ","Plastika. Mjerni interval: glukoza u urinu od najmanje 0-44.4 mmol/L, ketoni u urinu od najmanje 0-10 mmol/L. CE certifikat.",0,"1,0700",5,{"$nulls":6},0,1,"'0324120806000"]
["POMAGALA KOD ŠEĆERNE BOLESTI","Pomagala kod šećerne bolesti",137,6809,"'032412080703","'0324120807004","Dijagnostičke trakice za mjerenje glukoze u krvi uređajem ,Ascensia Diabetes Care Holdings AG ,Bayer Contour test senzori","Ascensia Diabetes Care Holdings AG","Medilab One","13.05.2023","28.01.2026",1,1,14,"1a",0,3,3,3,"NE",0,7,0,0,"kom","do",375,0,0,174,0,0,null,0,0,0,"IVD","S","SP,LJ","Plastika, elektroda ili fotometrijski film/indikator. CE certifikat.",0,"0,3000",5,{"$nulls":6},0,1,"'0324120807000"]
["POMAGALA KOD ŠEĆERNE BOLESTI","Pomagala kod šećerne bolesti",137,6810,"'032112080303","'0321120803006","Igle za injektor za terapiju šećerne bolesti ,Nipro Medical Industries Ltd.; Nipro (Thailand) Corporation Limited za Novo Nordisk A/S, Danska; Novo Nordisk A/S ,NovoTwist 30G(0,30mm x 8 mm)","Nipro Medical Industries Ltd.; Nipro (Thailand) Corporation Limited za Novo Nordisk A/S, Danska; Novo Nordisk A/S","Novo Nordisk","07.12.2021","28.02.2022",1,1,14,"1a",0,3,3,3,"NE",0,7,0,0,"kom","do",300,0,0,170,0,0,null,0,0,0,"IIa","S","SP,LJ","Tvrda plastika, igle različitih promjera: 28 G i više, odgovarajućih duljina. Medicinski nehrđajući čelik. Za davanje terapije kod šećerne bolesti putem injektora. CE certifikat.",0,"0,7600",5,{"$nulls":6},0,1,"'0321120803000"]
["POMAGALA KOD ŠEĆERNE BOLESTI","Pomagala kod šećerne bolesti",137,6811,"'032412080505","'0324120805008","Set za brzo očitavanje koncentracije šećera u krvi ,Roche Diabetes Care GmbH ,Accu-Chek Performa Nano","Roche Diabetes Care GmbH","Roche","01.12.2020","28.02.2022","12,13,14",1,14,"1a",0,60,60,60,"NE",0,7,0,0,"kom",null,1,0,0,172,0,0,null,0,0,0,"IVD","S","SP,LJ","Baterijski elektronički uređaj za mjerenje glukoze u krvi - 1 uređaj odobrava se na period od 5 godine. Mjerne jedinice - mmol, tvornički blokirano, bez mogućnosti promjene od strane korisnika. Automatsko uvlačenje uzorka, osim kod fotometrijske metode. Automatska detekcija nedostatnog volumena uzorka. Kalibracija - plazma. Postotak pogreške pri mjerenju u skladu s FDA, ISO, CE standardima. Potrebna količina krvi za test do 1,5 µL, brzina mjerenja ne duža od 10 s, minimalni broj podataka u memoriji 300, startni lancetar obavezan, raspon mjerenja 1,1 do 27,8 mmol/l, oznaka za niski i visoki GUK, traka u uređaju u trenutku mjerenja. CE certifikat.",0,"0,6900",5,{"$nulls":6},0,1,"'0324120805000"]
["POMAGALA KOD ŠEĆERNE BOLESTI","Pomagala kod šećerne bolesti",137,6812,"'032412080505","'0324120805011","Set za brzo očitavanje koncentracije šećera u krvi ,Roche Diabetes Care GmbH ,Accu-Chek Compact Plus","Roche Diabetes Care GmbH","Roche","01.12.2020","28.02.2022","12,13,14",1,14,"1a",0,60,60,60,"NE",0,7,0,0,"kom",null,1,0,0,172,0,0,null,0,0,0,"IVD","S","SP,LJ","Baterijski elektronički uređaj za mjerenje glukoze u krvi - 1 uređaj odobrava se na period od 5 godine. Mjerne jedinice - mmol, tvornički blokirano, bez mogućnosti promjene od strane korisnika. Automatsko uvlačenje uzorka, osim kod fotometrijske metode. Automatska detekcija nedostatnog volumena uzorka. Kalibracija - plazma. Postotak pogreške pri mjerenju u skladu s FDA, ISO, CE standardima. Potrebna količina krvi za test do 1,5 µL, brzina mjerenja ne duža od 10 s, minimalni broj podataka u memoriji 300, startni lancetar obavezan, raspon mjerenja 1,1 do 27,8 mmol/l, oznaka za niski i visoki GUK, traka u uređaju u trenutku mjerenja. CE certifikat.",0,"0,6900",5,{"$nulls":6},0,1,"'0324120805000"]
["POMAGALA KOD ŠEĆERNE BOLESTI","Pomagala kod šećerne bolesti",137,6813,"'032412080705","'0324120807010","Dijagnostičke trakice za mjerenje glukoze u krvi uređajem ,Roche Diabetes Care GmbH ,Accu-Chek Go","Roche Diabetes Care GmbH","Roche","01.01.2018","28.02.2022",1,0,14,"1a",0,3,3,3,"NE",0,7,0,0,"kom","do",375,0,0,174,0,0,null,0,0,0,"IVD","S","SP,LJ","Plastika, elektroda ili fotometrijski film/indikator. CE certifikat.",0,"2,2100",5,{"$nulls":6},0,1,"'0324120807000"]
["POMAGALA KOD ŠEĆERNE BOLESTI","Pomagala kod šećerne bolesti",137,6814,"'032412080705","'0324120807011","Dijagnostičke trakice za mjerenje glukoze u krvi uređajem ,Roche Diabetes Care GmbH ,Accu-Chek Compact Plus","Roche Diabetes Care GmbH","Roche","01.01.2018","28.02.2022",1,0,14,"1a",0,3,3,3,"NE",0,7,0,0,"kom","do",375,0,0,174,0,0,null,0,0,0,"IVD","S","SP,LJ","Plastika, elektroda ili fotometrijski film/indikator. CE certifikat.",0,"2,2100",5,{"$nulls":6},0,1,"'0324120807000"]
["POMAGALA KOD ŠEĆERNE BOLESTI","Pomagala kod šećerne bolesti",137,6815,"'032112080805","'0321120808006","Lancete za vađenje krvi iz prsta za kontrolu glukoze u krvi ,Roche Diabetes Care GmbH ,Accu-Chek Multiclix","Roche Diabetes Care GmbH","Roche","01.01.2018","28.02.2022",1,0,14,"1a",0,3,3,3,"NE",0,7,0,0,"kom","do",375,0,0,174,0,0,null,0,0,0,"IIa","S","SP,LJ","Plastična ovojnica i kapica oko metalne igle za lancetar.  Dubina igala G26-G30. CE certifikat.",0,"0,4000",5,{"$nulls":6},0,1,"'0321120808000"]
["POMAGALA KOD ŠEĆERNE BOLESTI","Pomagala kod šećerne bolesti",137,6816,"'032412080602","'0324120806002","Dijagnostičke trakice za kontrolu ketona i glukoze u urinu ,Roche Diabetes Care GmbH ,Keto-Diabur 5000","Roche Diabetes Care GmbH","Roche","01.01.2023","28.05.2025",1,1,14,"1a",0,12,12,12,"NE",0,7,0,0,"kom","do",300,0,0,173,0,0,null,0,0,0,"IVD","S","SP,LJ","Plastika. Mjerni interval: glukoza u urinu od najmanje 0-44.4 mmol/L, ketoni u urinu od najmanje 0-10 mmol/L. CE certifikat.",0,"0,1394",5,{"$nulls":6},0,1,"'0324120806000"]
["POMAGALA KOD ŠEĆERNE BOLESTI","Pomagala kod šećerne bolesti",137,6817,"'032424080901","'0324240809001","Senzor za mjerenje glukoze u međustaničnoj tekućini ,Abbott Diabetes Care ,FreeStyle Libre Flash Glucose Monitoring System-Senzor","Abbott Diabetes Care","Abbott Laboratories ","05.10.2023","28.05.2025","31,32",1,14,"1a",0,3,3,3,"NE",0,7,0,0,"kom","do",7,0,0,306,0,0,null,0,0,0,"IIb","S","SP,LJ","Senzor za mjerenje glukoze u međustaničnoj tekućini kroz 14 dana pomoću uređaja FreeStyle Libre. Bez kalibracije. Senzor individualno pakiran s pripadajućim aplikatorom. CE certifikat. Kvartalni set sastoji se od:  - do 7 senzora  uz uvjet da ukupna godišnja količina ne prelazi 26 senzora,  - od 50 trakica i 50 lanceta za odrasle osobe,  - od 150 trakica i 150 lanceta za djecu.  ",0,"47,8160",5,null,5,{"$nulls":4},0,1,"'0324240809000"]
["POMAGALA KOD ŠEĆERNE BOLESTI","Pomagala kod šećerne bolesti",137,6818,"'032535401903","'0325354019003","Odašiljač za kontinuirano mjerenje glukoze, samostalan (standalone), bežičnom tehnologijom, poveziv s aplikacijom pametnih uređaja ,Medtronic MiniMed ,Medtronic MiniMed Guardian Connect Transmitter","Medtronic MiniMed","Mediligo","01.01.2023","28.05.2025","32,31",1,14,"1a",0,12,12,12,"NE",0,7,0,0,"kom",null,1,0,0,360,0,0,null,0,0,0,"IIa","S","SP,LJ","Odašiljač sadrži nezamjenjivu bateriju.. Jamstveni rok jedna godina. CE certifikat. Odašiljač je samostalan  (standalone)  i bluetooth tehnologijom povezuje se s aplikacijom pametnih uređaja. Aplikacija dostupna besplatno za preuzimanje.             ",0,"411,4407",5,null,1,{"$nulls":4},0,1,"'0325354019000"]
["POMAGALA KOD ŠEĆERNE BOLESTI","Pomagala kod šećerne bolesti",137,6819,"'032535402003","'0325354020003","Senzor za kontinuirano mjerenje glukoze ,Medtronic MiniMed ,Medtronic MiniMed Guardian (3) sensor","Medtronic MiniMed","Mediligo","01.01.2023","28.05.2025","32,31",1,14,"1a",0,3,3,3,"NE",0,7,0,0,"kom",null,11,0,0,360,0,0,null,0,0,0,"IIb","S","SP,LJ","Elektroda premazana reagensima za mjerenje glukoze, s vodilicom od nehrđajućeg medicinskog čelika. CE certifikat.",0,"28,6416",5,null,1,{"$nulls":4},0,1,"'0325354020000"]
["POMAGALA KOD ŠEĆERNE BOLESTI","Pomagala kod šećerne bolesti",137,6820,"'032412080541","'0324120805200","Set za brzo očitavanje koncentracije šećera u krvi ,EPS Bio Technology Corp. ,EasyMax Tag","EPS Bio Technology Corp.","Mediligo","01.01.2023","28.05.2025","14,12,13",1,14,"1a",0,60,60,60,"NE",0,7,0,0,"kom",null,1,0,0,172,0,0,null,0,0,0,"IVD","S","SP,LJ","Baterijski elektronički uređaj za mjerenje glukoze u krvi - 1 uređaj odobrava se na period od 5 godine. Mjerne jedinice - mmol, tvornički blokirano, bez mogućnosti promjene od strane korisnika. Automatsko uvlačenje uzorka, osim kod fotometrijske metode. Automatska detekcija nedostatnog volumena uzorka. Kalibracija - plazma. Postotak pogreške pri mjerenju u skladu s FDA, ISO, CE standardima. Potrebna količina krvi za test do 1,5 µL, brzina mjerenja ne duža od 10 s, minimalni broj podataka u memoriji 300, startni lancetar obavezan, raspon mjerenja 1,1 do 27,8 mmol/l, oznaka za niski i visoki GUK, traka u uređaju u trenutku mjerenja. CE certifikat.",0,"0,0876",5,{"$nulls":6},0,1,"'0324120805000"]
["POMAGALA KOD ŠEĆERNE BOLESTI","Pomagala kod šećerne bolesti",137,6821,"'032412080738","'0324120807095","Dijagnostičke trakice za mjerenje glukoze u krvi uređajem ,EPS Bio Technology Corp. ,EasyMax Blood Glucose Test Strips","EPS Bio Technology Corp.","Mediligo","01.01.2023","28.05.2025",1,0,14,"1a",0,3,3,3,"NE",0,7,0,0,"kom","do",375,0,0,174,0,0,null,0,0,0,"IVD","S","SP,LJ","Plastika, elektroda ili fotometrijski film/indikator. CE certifikat.",0,"0,2787",5,{"$nulls":6},0,1,"'0324120807000"]
["POMAGALA KOD ŠEĆERNE BOLESTI","Pomagala kod šećerne bolesti",137,6822,"'032112080825","'0321120808052","Lancete za vađenje krvi iz prsta za kontrolu glukoze u krvi ,Shandong Lianfa Medical Plastic Products Co. Ltd. ,EasyMax lancets","Shandong Lianfa Medical Plastic Products Co. Ltd.","Mediligo","01.01.2023","28.05.2025",1,0,14,"1a",0,3,3,3,"NE",0,7,0,0,"kom","do",375,0,0,174,0,0,null,0,0,0,"IIa","S","SP,LJ","Plastična ovojnica i kapica oko metalne igle za lancetar.  Dubina igala G26-G30. CE certifikat.",0,"0,0504",5,{"$nulls":6},0,1,"'0321120808000"]
["POMAGALA KOD ŠEĆERNE BOLESTI","Pomagala kod šećerne bolesti",137,6823,"'032412080604","'0324120806004","Dijagnostičke trakice za kontrolu ketona i glukoze u urinu ,MACHEREY NAGEL ,MACHEREY-NAGEL TRAKE ZA OKULARNO UTVRĐIVANJE GLUKOZE MEDITEST GLUCOSE 3","MACHEREY NAGEL","Salvus","01.01.1995","30.11.2020",1,0,14,"1a",0,12,12,12,"NE",0,7,0,0,"kom","do",300,0,0,173,0,0,null,0,0,0,"IVD","S","SP,LJ","Plastika. Mjerni interval: glukoza u urinu od najmanje 0-44.4 mmol/L, ketoni u urinu od najmanje 0-10 mmol/L. CE certifikat.",0,"1,0700",5,{"$nulls":6},0,1,"'0324120806000"]
["POMAGALA ZA GOVOR","Pomagala za govor",141,6824,"'091506160601","'0915061606001","Početni set za održavanje vlažnosti i topline zraka ,Atos ,Provox Starter Kit","Atos","Inel medicinska tehnika","01.01.1995","01.11.2017",1,0,19,5,2,36,36,36,"NE",0,1,0,0,"kom",null,1,0,0,269,0,0,null,0,0,0,"IIa","S","SP,LJ","Plastika,metal. CE certifikat.",0,"2005,1500",5,{"$nulls":6},0,0,"'0915061606000"]
["POMAGALA ZA GOVOR","Pomagala za govor",141,6825,"'091506160801","'0915061608001","Automatski govorni ventil ,Atos ,FreeHands  HME","Atos","Inel medicinska tehnika","01.01.2023","17.07.2024",1,1,"19,33",5,2,0,0,12,"NE",0,1,0,0,"kom",null,1,0,0,null,0,0,null,0,0,0,"I","S","SP,LJ","Plastika. ",0,"442,0000",5,{"$nulls":6},0,0,"'0915061608000"]
["POMAGALA ZA DISANJE","Dijelovi respiratora HT50",142,6826,"'040312120101","'0403121201001","Dijelovi respiratora HT50 koji se mijenjaju nakon 10000 h/2 god./alarm ,Newport Medical Instruments Inc. ,Interna baterija G19-00001-029, Motorna pumpa V11-21000-60, Ulazni filter zraka V11-35300-60, Solenoidni ventil V11-21400-69","Newport Medical Instruments Inc.","Tehnomedika","01.01.2023","28.01.2026",1,1,"18,15,4",9,3,0,0,0,"NE",0,1,0,3,"komplet",null,1,0,0,291,0,0,null,0,0,0,null,"S","SP,LJ","Original prema modelu",0,"2006,6162",5,{"$nulls":6},0,0,"'0403121201000"]
["POMAGALA ZA DISANJE","Dijelovi respiratora HT50",142,6827,"'040312120102","'0403121201002","Dijelovi respiratora HT50 koji se mijenjaju nakon 20000 h//alarm ,Newport Medical Instruments Inc. ,Interna baterija G19-00001-029, Motorna pumpa V11-21000-60, Ulazni filter zraka V11-35300-60, Solenoidni ventil V11-21400-69, Interna baterija NiM","Newport Medical Instruments Inc.","Tehnomedika","01.01.2023","28.01.2026",1,1,"18,15,4",9,3,0,0,0,"NE",0,1,0,3,"komplet",null,1,0,0,292,0,0,null,0,0,0,null,"S","SP,LJ","Original prema modelu",0,"2107,1073",5,{"$nulls":6},0,0,"'0403121201000"]
["POMAGALA ZA DISANJE","Pripadajući potrošni materijal za respirator HT50",144,6828,"'050512120313","'0505121203014","Cijev za respirator ,Medtronic/Covidien/Newport ,Cijev za respirator, BCD43811P","Medtronic/Covidien/Newport","Tehnomedika","09.11.2023","28.01.2026",1,1,"18,15,4","9b",2,3,3,3,"NE",0,1,0,0,"kom","do",4,0,0,378,0,0,null,0,0,0,"IIa","S ","SP,LJ","CE certifikat., original za model respiratora HT50",0,"11,2522",5,{"$nulls":6},0,0,"'0505121203000"]
["POMAGALA ZA DISANJE","Pripadajući potrošni materijal za respirator HT50",144,6829,"'050512120314","'0505121203015","Bakterijsko-virusni filter ,Flexicare ,Bakterijsko-virusni filter, 038-41-370","Flexicare","Tehnomedika","09.11.2023","28.01.2026",1,1,"18,15,4","9b",2,3,3,3,"NE",0,1,0,0,"kom","do",8,0,0,378,0,0,null,0,0,0,"IIa","S ","SP,LJ","CE certifikat., original za model respiratora HT50",0,"2,6797",5,{"$nulls":6},0,0,"'0505121203000"]
["POMAGALA ZA DISANJE","Prijenosni koncentrator kisika ",157,6830,"'091503121503","'0915031215003","Prijenosni koncentrator kisika ,Oxytek Medical Technology Co. ,OX-2A","Oxytek Medical Technology Co.","Optimed","01.01.2023","21.02.2024","16,18",1,"16,18",9,3,72,72,72,"DA",1,1,1,0,"kom",null,1,0,0,317,1,0,null,0,0,0,"IIa","S","SP,LJ","Plastika, metal, elektroničke komponente. Uređaj, baterija, kabel za napajanje 220V AC, kabel za napajanje 12 V DC, torba za nošenje. Koncentracija kisika minimalno 90% (+5,5% - 3%) uz protok u ekvivalentu 5 litara. Mogućnost protoka kisika u ekvivalentu 1, 2, 3, 4 ili 5 litara. Minimalno trajanje baterije 2 sata pri ekvivalentu protoka kisika 5L/min.Alarmi: zvučni, svjetlosni. Buka: do 50 dB. Jamstveni rok: 6 godina. Upute na hrvatskom jeziku. CE certifikat. Redovito održavanje uređaja kao i potrošni dijelovi za period od 6 godina (nosni kateter-12 kom godišnje, filter usisa zraka-1x godišnje, baterija, kolone ili silikatna sita, kompresor, ventil, matična ploča i ostali elementi uređaja-po potrebi) uključeni su u cijenu uređaja i ne odobravaju se posebno na trošak Zavoda. ",0,"4147,2800",5,{"$nulls":6},0,0,"'0915031215000"]
["POMAGALA ZA DISANJE","Prijenosni koncentrator kisika ",157,6831,"'030318121703","'0303181217003","Obnovljeni prijenosni koncentrator kisika ,Oxytek Medical Technology Co. ,OX-2A","Oxytek Medical Technology Co.","Optimed","01.01.2023","21.02.2024","16,18",1,"16,18",9,3,72,72,72,"DA",1,1,1,0,"kom",null,1,0,0,317,1,0,null,0,0,0,"IIa","S","SP,LJ","Preuzimanje rabljenog pomagala i obnova: zamjena potrošnog materijala, zamijena baterije, testiranje funkcionalnosti pomagala, isporuka pomagala slijedećoj osiguranoj osobi.  Jamstveni rok: 6 godina. Rok uporabe pomagala računa se od datuma prve isporuke. Upute na hrvatskom jeziku. CE certifikat. Redovito održavanje uređaja kao i potrošni dijelovi za period od 6 godina (nosni kateter-12 kom godišnje, filter usisa zraka-1x godišnje, baterija, kolone ili silikatna sita, kompresor, ventil, matična ploča i ostali elementi uređaja-po potrebi) uključeni su u cijenu uređaja i ne odobravaju se posebno na trošak Zavoda. ",0,"1378,4600",5,{"$nulls":6},0,0,"'0303181217000"]
["OBLOGE ZA RANE","Alginati s dodatkom",159,6832,"'021803110410","'0218031104006","Alginatna obloga za rane s medicinskim medom do 75 cm2 ,Brightwake Limited ,Algivon plus 5x5 cm","Brightwake Limited","Lola Ribar","26.10.2019","26.12.2019",1,0,14,"1a",0,1,1,1,"NE",0,8,0,0,"cm2","do",10,5,5,322,0,0,null,0,0,0,"IIb","S","SP,LJ","Mekana primarna obloga od alginatnih vlakana sa 100%-tnim Manuka medom, sterilna, netkana. CE certifikat.",0,"1,2000",5,null,1,{"$nulls":4},0,0,"'0218031104000"]
["OBLOGE ZA RANE","Alginati s dodatkom",159,6833,"'021803110450","'0218031104005","Alginatna obloga za rane s medicinskim medom do 75cm2 ,Brightwake Limited ,Algivon plus 5x5cm","Brightwake Limited","Lola Ribar","01.12.2019","30.11.2020",1,0,14,"1a",0,1,1,1,"NE",0,8,0,0,"cm2","do",10,5,5,326,0,0,null,0,0,0,"IIb","S","SP,LJ","Mekana primarna obloga od alginatnih vlakana sa 100%-tnim Manuka medom, sterilna, netkana. CE certifikat.",0,"0,3700",5,null,1,"1,2000",null,"0,8300",null,1,0,"'0218031104000"]
["OBLOGE ZA RANE","Alginati s dodatkom",159,6834,"'021803111401","'0218031114001","Alginatna obloga za rane s medicinskim medom do 75 cm2 ,Brightwake Limited ,Algivon plus 5x5 cm","Brightwake Limited","Lola Ribar","15.08.2020","30.11.2020",1,1,14,"1a",0,1,1,1,"NE",0,8,0,0,"cm2","do",10,5,5,"351,322",0,0,null,0,0,0,"IIb","S","SP,LJ","Mekana primarna obloga od alginatnih vlakana sa 100%-tnim Manuka medom, sterilna, netkana. CE certifikat.",0,"1,2000",5,null,1,{"$nulls":4},0,1,"'0218031114000"]
["POMAGALA ZA UROGENITALNI SUSTAV","Pelene - gaćice",162,6835,"'093021110001","'0930211100017","Upijajuće gaćice, niskoupijajuće ,Essity Hygiene and Health AB ,TENA Pants Plus XS","Essity Hygiene and Health AB","Essity Croatia","20.03.2025","22.10.2025",1,1,14,"1a",0,3,3,3,"NE",0,1,0,0,"kom","do",180,0,0,334,0,0,null,0,0,0,"I","S","SP,LJ","Opseg kukova 65-135 cm. Moć upijanja najmanje 600 g prema MDS 1/93 certifikatu. Brzina upijanja minimalno 5 ml/s prema MDS 1/93 certifikatu. Ispuštanje tekućine maksimalno 1 g prema MDS 1/93 certifikatu. Anatomski oblik. Neutralizator neugodnih mirisa.",0,"0,3637",5,null,null,"0,7300",null,"0,3663",null,1,1,"'0930211100000"]
["POMAGALA ZA UROGENITALNI SUSTAV","Pelene - gaćice",162,6836,"'093021110001","'0930211100018","Upijajuće gaćice, niskoupijajuće ,Essity Hygiene and Health AB ,TENA Pants Plus XL","Essity Hygiene and Health AB","Essity Croatia","20.03.2025","22.10.2025",1,1,14,"1a",0,3,3,3,"NE",0,1,0,0,"kom","do",180,0,0,334,0,0,null,0,0,0,"I","S","SP,LJ","Opseg kukova 65-135 cm. Moć upijanja najmanje 600 g prema MDS 1/93 certifikatu. Brzina upijanja minimalno 5 ml/s prema MDS 1/93 certifikatu. Ispuštanje tekućine maksimalno 1 g prema MDS 1/93 certifikatu. Anatomski oblik. Neutralizator neugodnih mirisa.",0,"0,3637",5,null,null,"0,7300",null,"0,3663",null,1,1,"'0930211100000"]
["POMAGALA ZA UROGENITALNI SUSTAV","Pelene - gaćice",162,6837,"'093021112001","'0930211120013","Upijajuće gaćice, visokoupijajuće ,Essity Hygiene and Health AB ,TENA Pants Normal XL","Essity Hygiene and Health AB","Essity Croatia","20.03.2025","22.10.2025",1,1,14,"1a",0,3,3,3,"NE",0,1,0,0,"kom","do",180,0,0,334,0,0,null,0,0,0,"I",null,"SP,LJ","Opseg kukova 65-135 cm. Moć upijanja najmanje 700 g prema MDS 1/93 certifikatu. Brzina upijanja minimalno 8 ml/s prema MDS 1/93 certifikatu. Ispuštanje tekućine maksimalno 1 g prema MDS 1/93 certifikatu. Anatomski oblik. Neutralizator neugodnih mirisa ",0,"0,4433",5,null,null,"0,8627",null,"0,4194",null,1,1,"'0930211120000"]
["DRUGA POMAGALA","Igle za injektor za primjenu somatropina",164,6838,"'041915175001","'0419151750003","Igle za injektor za primjenu lijeka Norditropin (somatropin) za supkutanu primjenu-Novo Nordisk ,Nipro Medical Industries Ltd.; Nipro (Thailand) Corporation Limited za Novo Nordisk A/S, Danska; Novo Nordisk A/S , NovoTwist 30G (0,30mm x 8 mm)","Nipro Medical Industries Ltd.; Nipro (Thailand) Corporation Limited za Novo Nordisk A/S, Danska; Novo Nordisk A/S","Novo Nordisk","15.11.2021","28.02.2022",1,1,14,"1a",0,3,3,3,"NE",0,1,0,0,"kom",null,100,0,0,361,0,0,null,0,0,0,"IIa","S","SP,LJ","Tvrda plastika, igle različitih promjera: 28 G i više, odgovarajućih duljina. Medicinski nehrđajući čelik. Za davanje terapije hormonom rasta putem injektora. CE certifikat.",0,"0,8000",5,{"$nulls":6},0,1,"'0419151750000"]
["POMAGALA ZA DISANJE","Neinvazivni ventilator CUBE 30 ATV i pripadajući potrošni materijal",165,6839,"'040312130101","'0403121301001","Neinvazivni ventilator  za kućnu uporabu sa ovlaživačem ,JFR Medical Instrumnts GmbH ,Cube 30 ATV","JFR Medical Instrumnts GmbH","Dr Pharma ","01.01.2023","31.05.2024",1,1,"16,18",9,3,60,60,60,"DA",1,1,1,0,"kom",null,1,0,0,350,1,0,null,0,0,0,"IIa","S ","SP,LJ","Metal,plastika, električno napajanje, 5 modaliteta ventilacije. Trajanje ventilacije do 16 sati/24 sata. Uključeni ovlaživač, filter vanjski grubi crni, filter sitnih čestica bijeli i cijev za zrak. Dual mode za prebacivanje rada iz budnog stanja u spavanje. Cubeconnect softver za očitanje podataka. Zaključavanje postavki.  Jamstvo 3 god. CE certifikat. ",0,"4179,9900",5,{"$nulls":6},0,0,"'0403121301000"]
["POMAGALA ZA DISANJE","Neinvazivni ventilator CUBE 30 ATV i pripadajući potrošni materijal",165,6840,"'040312130201","'0403121302001","Obnovljeni neinvazivni ventilator  za kućnu uporabu sa ovlaživačem ,JFR Medical Instrumnts GmbH ,Cube 30 ATV","JFR Medical Instrumnts GmbH","Dr Pharma ","01.01.2023","31.05.2024",1,0,"16,18",9,3,60,60,60,"DA",1,1,1,0,"kom",null,1,0,0,350,1,0,null,0,0,0,"IIa","S","SP,LJ","Metal,plastika, električno napajanje, 5 modaliteta ventilacije. Trajanje ventilacije do 16 sati/24 sata. Uključen ovlaživač. Dual mode za prebacivanje rada iz budnog stanja u spavanje. Cubeconnect softver za očitanje podataka. Zaključavanje postavki.  Jamstvo 3 god. CE certifikat. Cijena uključuje  vanjski i unutarnji pregled uređaja, čišćenje i dezinfekciju uređaja, zamjenu potrošnog materijala, isporuku i edukaciju novog korisnika.",0,"617,7900",5,{"$nulls":6},0,0,"'0403121302000"]
["POMAGALA ZA DISANJE","Dijelovi neinvazivnog ventilatora CUBE 30 ATV sa ovlaživačem",166,6841,"'040312130301","'0403121303001","Dijelovi neinvazivnog ventilatora Cube 30 ATV koji se mijenjaju nakon 20.000 radnih sati ,JFR Medical Instrumnts GmbH ,Ventilator komplet za Cube 30 ATV, P001E007   ","JFR Medical Instrumnts GmbH","Dr Pharma ","01.01.2023","31.05.2024",1,0,"18,15,4",9,3,0,0,0,"NE",0,1,0,0,"komplet",null,1,0,0,null,0,0,null,0,0,0,null,"S","SP,LJ","Original prema modelu; cijena uključuje i sate rada.",0,"1231,6700",5,{"$nulls":6},0,0,"'0403121303000"]
["POMAGALA ZA DISANJE","Pripadajući potrošni materijal za neinvazivni ventilator CUBE 30 ATV",167,6842,"'040312130401","'0403121304001","Filter vanjski grubi crni ,JFR Medical Instrumnts GmbH ,Grubi filter  za Cube 30 ATV, DV51D-602                             ","JFR Medical Instrumnts GmbH","Dr Pharma ","09.11.2023","31.05.2024",1,1,"18,15,4","9b",2,6,6,6,"NE",0,1,0,0,"kom","do",6,0,0,378,0,0,null,0,0,0,null,"S ","SP,LJ","Original za Cube 30 ATV. Zamjena 1 mjesečno.  Kod prve opskrbe  osiguranika novim uređajem odobravaju se 5 komada/6mj., a nadalje 6 komada/6mj.",0,"1,9900",5,{"$nulls":6},0,0,"'0403121304000"]
["POMAGALA ZA DISANJE","Pripadajući potrošni materijal za neinvazivni ventilator CUBE 30 ATV",167,6843,"'040312130501","'0403121305001","Filter sitnih čestica bijeli ,JFR Medical Instrumnts GmbH ,Fini filter za Cube 30 ATV, DV51D-603          ","JFR Medical Instrumnts GmbH","Dr Pharma ","09.11.2023","31.05.2024",1,1,"18,15,4","9b",2,6,6,6,"NE",0,1,0,0,"kom","do",6,0,0,378,0,0,null,0,0,0,null,"S ","SP,LJ","Original za Cube 30 ATV. Zamjena 1 mjesečno. Kod prve opskrbe osiguranika novim uređajem odobravaju se 5 komada/6mj., a nadalje 6 komada/6mj.",0,"1,9900",5,{"$nulls":6},0,0,"'0403121305000"]
["POMAGALA ZA DISANJE","Pripadajući potrošni materijal za neinvazivni ventilator CUBE 30 ATV",167,6844,"'040312130601","'0403121306001","Bakterijski filter ,JFR Medical Instrumnts GmbH ,Bakterijski filter za Cube 30 ATV, 9135080189","JFR Medical Instrumnts GmbH","Dr Pharma ","09.11.2023","31.05.2024",1,1,"18,15,4","9b",2,6,6,6,"NE",0,1,0,0,"kom",null,2,0,0,378,0,0,null,0,0,0,null,"S ","SP,LJ","Original za Cube 30 ATV. Zamjena 1 u tri mjeseca.",0,"5,5700",5,{"$nulls":6},0,0,"'0403121306000"]
["POMAGALA ZA DISANJE","Pripadajući potrošni materijal za neinvazivni ventilator CUBE 30 ATV",167,6845,"'040312130701","'0403121307001","Cijev za zrak ,JFR Medical Instrumnts GmbH ,Cijev za zrak za Cube 30 ATV, DV61D-629                                         ","JFR Medical Instrumnts GmbH","Dr Pharma ","09.11.2023","31.05.2024",1,1,"18,15,4","9b",2,6,6,6,"NE",0,1,0,0,"kom","do",2,0,0,378,0,0,null,0,0,0,null,"S ","SP,LJ","Original za Cube 30 ATV. Zamjena 1 u tri mjeseca.  Kod prve opskrbe osiguranika novim uređajem odobrava se 1 komad/6mj., a nadalje 2 komada/6mj.",0,"26,4100",5,{"$nulls":6},0,0,"'0403121307000"]
["POMAGALA ZA DISANJE","Pripadajući potrošni materijal za neinvazivni ventilator CUBE 30 ATV",167,6846,"'040312130801","'0403121308001","Posuda ovlaživača ,JFR Medical Instrumnts GmbH ,Posuda za vodu za Cube 30 ATV, P005E001","JFR Medical Instrumnts GmbH","Dr Pharma ","09.11.2023","31.05.2024",1,1,"18,15,4","9b",2,12,12,12,"NE",0,1,0,0,"kom",null,1,0,0,378,0,0,null,0,0,0,null,"S ","SP,LJ","Original za Cube 30 ATV. Zamjena 1 godišnje.",0,"122,1100",5,{"$nulls":6},0,0,"'0403121308000"]
["POMAGALA ZA DISANJE","Pripadajući potrošni materijal za neinvazivni ventilator CUBE 30 ATV",167,6847,"'040312130901","'0403121309001","Koljeno za bakterijski filter ,JFR Medical Instrumnts GmbH ,Koljenasti nastavak za bakterijski filter za Cube 30 ATV, KA70022220","JFR Medical Instrumnts GmbH","Dr Pharma ","09.11.2023","31.05.2024",1,1,"18,15,4","9b",2,12,12,12,"NE",0,1,0,0,"kom",null,1,0,0,378,0,0,null,0,0,0,null,"S ","SP,LJ","Original za Cube 30 ATV. Zamjena 1 godišnje.",0,"7,3000",5,{"$nulls":6},0,0,"'0403121309000"]
["POMAGALA KOD ŠEĆERNE BOLESTI","Inzulinske pumpe sa kateterom",174,6848,"'041924010101","'0419240101001","Inzulinska pumpa sa kateterom, sa mogućnošću automatskog zaustavljanja isporuke inzulina ,Medtronic MiniMed ,Medtronic MiniMed 640G insulin pump","Medtronic MiniMed","Mediligo","01.01.2023","14.04.2023",32,1,"31,32","9a",0,0,0,0,"DA",1,7,1,0,"kom",null,1,0,0,364,1,0,null,1,0,0,"IIb","S","SP,LJ","Minimalna bazalna doza 0,025 J/h. Mogućnost promjene bazalne doze svakih pola sata. Minimalna bolus doza 0,025 J. Više različitih oblika bolusa. Bolus kalkulator kao dio softvera pumpe. Mogućnost povezivanja sa aparatićem za mjerenje GUK-a koji se isporučuje zajedno s inzulinskom pumpom. Mogućnost spajanja sa sustavom za kontinuirano mjerenje glukoze pomoću senzora u međustaničnoj tekućini. Prikazivanje informacija o glukozi izmjerenoj senzorom na zaslonu pumpe. Alarmi (upozorenja) ako se  razina glukoze mijenja određenom brzinom ili ako se približava ili je već dosegla određenu donju ili gornju granicu. Automatsko zaustavljanje isporuke inzulina kada se vrijednost glukoze izmjerene senzorom približava donjoj granici, automatsko nastavljanje isporuke inzulina kada glukoza počinje rasti. Vodootporna. Isporuka inzulina vrši se putem katetera/sustava za infuziju. Jamstveni rok je četiri godine. CE certifikat.",0,"2411,5700",5,{"$nulls":6},0,0,"'0419240101000"]
["POMAGALA KOD ŠEĆERNE BOLESTI","Inzulinske pumpe sa kateterom",174,6849,"'041924010201","'0419240102001","Obnovljena inzulinska pumpa sa kateterom, sa mogućnošću automatskog zaustavljanja isporuke inzulina ,Medtronic MiniMed ,Medtronic MiniMed 640G insulin pump","Medtronic MiniMed","Mediligo","05.01.2024","28.05.2025","31,32",1,"31,32",9,3,0,0,0,"DA",1,7,1,0,"kom",null,1,0,0,364,1,0,null,1,0,0,"IIb","S","SP,LJ,BZU","Preuzimanje rabljenog pomagala i obnova: provedba samotestiranja pomagala (Self Test). Isporuka pomagala slijedećoj osiguranoj osobi. CE certifikat. Jamstveni rok četiri godine, računa se od dana prve isporuke.",0,"46,4530",5,{"$nulls":6},0,0,"'0419240102000"]
["POMAGALA ZA DISANJE","Pripadajući potrošni materijal za neinvazivni ventilator Lumis 150 VPAP ST, 28117",181,6850,"'050512120900","'0505121209000","Fiksacijske trake za kanilu-dječje ",null,null,"01.01.2023","16.07.2025","15,18,19,33",1,14,"1a",0,3,3,"0 ","NE",0,1,0,0,"kom",null,30,0,0,228,0,0,null,0,0,0,"I","S","SP,LJ","PVC. ",0,"4,2564",5,{"$nulls":6},0,1,"'0505121209000"]
["POMAGALA ZA DISANJE","Pripadajući potrošni materijal za neinvazivni ventilator Lumis 150 VPAP ST, 28117",181,6851,"'050512121201","'0505121212001","Govorna kanila ,Atos ,FreeVent PUR Speech","Atos","INEL","01.01.2023","17.07.2024","19,33",1,"19,33",5,2,12,12,12,"NE",0,1,0,0,"kom",null,1,0,0,230,0,0,null,0,0,0,"IIa","S","SP,LJ","PVC, metal ili poliuretan. CE certifikat.",0,"294,5500",5,{"$nulls":6},0,0,"'0505121212000"]
["POMAGALA ZA DISANJE","Dijelovi respiratora Carat II pro",197,6852,"'040312120303","'0403121203003","Dio respiratora Carat II pro  koji se mijenja nakon 2 godine ,Hoffrichter GmbH ,0004994-2 membrana ventila","Hoffrichter GmbH","Orto Rea","05.01.2024","28.01.2026",1,0,"18,15,4",9,3,24,24,24,"NE",0,1,0,0,"kom",null,1,0,0,380,0,0,null,0,0,0,null,"S","SP,LJ","Original prema modelu",0,"1753,1393",5,{"$nulls":6},0,0,"'0403121203000"]
["POMAGALA ZA DISANJE","Dijelovi respiratora Carat II pro",197,6853,"'040312120303","'0403121203004","Dio respiratora Carat II pro  koji se mijenja nakon 2 godine ,Hoffrichter GmbH , 2 gumena brtva","Hoffrichter GmbH","Orto Rea","05.01.2024","28.01.2026",1,0,"18,15,4",9,3,24,24,24,"NE",0,1,0,0,"kom",null,1,0,0,380,0,0,null,0,0,0,null,"S","SP,LJ","Original prema modelu",0,"1753,1393",5,{"$nulls":6},0,0,"'0403121203000"]
["POMAGALA ZA DISANJE","Dijelovi respiratora Carat II pro",197,6854,"'040312120303","'0403121203005","Dio respiratora Carat II pro  koji se mijenja nakon 2 godine ,Hoffrichter GmbH , 1 vanjski grubi filter","Hoffrichter GmbH","Orto Rea","05.01.2024","28.01.2026",1,0,"18,15,4",9,3,24,24,24,"NE",0,1,0,0,"kom",null,1,0,0,380,0,0,null,0,0,0,null,"S","SP,LJ","Original prema modelu",0,"1753,1393",5,{"$nulls":6},0,0,"'0403121203000"]
["POMAGALA ZA DISANJE","Dijelovi respiratora Carat II pro",197,6855,"'040312120303","'0403121203006","Dio respiratora Carat II pro  koji se mijenja nakon 2 godine ,Hoffrichter GmbH , 1 filter sitnih čestica","Hoffrichter GmbH","Orto Rea","05.01.2024","28.01.2026",1,0,"18,15,4",9,3,24,24,24,"NE",0,1,0,0,"kom",null,1,0,0,380,0,0,null,0,0,0,null,"S","SP,LJ","Original prema modelu",0,"1753,1393",5,{"$nulls":6},0,0,"'0403121203000"]
["POMAGALA ZA DISANJE","Dijelovi respiratora Carat II pro",197,6856,"'040312120303","'0403121203007","Dio respiratora Carat II pro  koji se mijenja nakon 2 godine ,Hoffrichter GmbH , 1 set cijevi","Hoffrichter GmbH","Orto Rea","05.01.2024","28.01.2026",1,0,"18,15,4",9,3,24,24,24,"NE",0,1,0,0,"kom",null,1,0,0,380,0,0,null,0,0,0,null,"S","SP,LJ","Original prema modelu",0,"1753,1393",5,{"$nulls":6},0,0,"'0403121203000"]
["POMAGALA ZA DISANJE","Dijelovi respiratora Carat II pro",197,6857,"'040312120303","'0403121203008","Dio respiratora Carat II pro  koji se mijenja nakon 2 godine ,Hoffrichter GmbH , 1 paket interne baterije","Hoffrichter GmbH","Orto Rea","05.01.2024","28.01.2026",1,0,"18,15,4",9,3,24,24,24,"NE",0,1,0,0,"kom",null,1,0,0,380,0,0,null,0,0,0,null,"S","SP,LJ","Original prema modelu",0,"1753,1393",5,{"$nulls":6},0,0,"'0403121203000"]
["POMAGALA ZA DISANJE","Dijelovi respiratora Carat II pro",197,6858,"'040312120304","'0403121203009","Djelovi respiratora Carat II pro koji se mijenjaju nakon 15.000 sati/5 godina ,Hoffrichter GmbH ,0004996-2 membrana ventila","Hoffrichter GmbH","Orto Rea","05.01.2024","28.01.2026",1,0,"18,15,4",9,3,0,0,0,"NE",0,1,0,0,"komplet",null,1,0,0,381,0,0,null,0,0,0,null,"S","SP,LJ","Original prema modelu",0,"2791,3319",5,{"$nulls":6},0,0,"'0403121203000"]
["POMAGALA ZA DISANJE","Dijelovi respiratora Carat II pro",197,6859,"'040312120304","'0403121203010","Djelovi respiratora Carat II pro koji se mijenjaju nakon 15.000 sati/5 godina ,Hoffrichter GmbH , 2 gumena brtva","Hoffrichter GmbH","Orto Rea","05.01.2024","28.01.2026",1,0,"18,15,4",9,3,0,0,0,"NE",0,1,0,0,"komplet",null,1,0,0,381,0,0,null,0,0,0,null,"S","SP,LJ","Original prema modelu",0,"2791,3319",5,{"$nulls":6},0,0,"'0403121203000"]
["POMAGALA ZA DISANJE","Dijelovi respiratora Carat II pro",197,6860,"'040312120304","'0403121203011","Djelovi respiratora Carat II pro koji se mijenjaju nakon 15.000 sati/5 godina ,Hoffrichter GmbH , 1 vanjski grubi filter","Hoffrichter GmbH","Orto Rea","05.01.2024","28.01.2026",1,0,"18,15,4",9,3,0,0,0,"NE",0,1,0,0,"komplet",null,1,0,0,381,0,0,null,0,0,0,null,"S","SP,LJ","Original prema modelu",0,"2791,3319",5,{"$nulls":6},0,0,"'0403121203000"]
["POMAGALA ZA DISANJE","Dijelovi respiratora Carat II pro",197,6861,"'040312120304","'0403121203012","Djelovi respiratora Carat II pro koji se mijenjaju nakon 15.000 sati/5 godina ,Hoffrichter GmbH , 1 filter sitnih čestica","Hoffrichter GmbH","Orto Rea","05.01.2024","28.01.2026",1,0,"18,15,4",9,3,0,0,0,"NE",0,1,0,0,"komplet",null,1,0,0,381,0,0,null,0,0,0,null,"S","SP,LJ","Original prema modelu",0,"2791,3319",5,{"$nulls":6},0,0,"'0403121203000"]
["POMAGALA ZA DISANJE","Dijelovi respiratora Carat II pro",197,6862,"'040312120304","'0403121203013","Djelovi respiratora Carat II pro koji se mijenjaju nakon 15.000 sati/5 godina ,Hoffrichter GmbH , 1 set cijevi","Hoffrichter GmbH","Orto Rea","05.01.2024","28.01.2026",1,0,"18,15,4",9,3,0,0,0,"NE",0,1,0,0,"komplet",null,1,0,0,381,0,0,null,0,0,0,null,"S","SP,LJ","Original prema modelu",0,"2791,3319",5,{"$nulls":6},0,0,"'0403121203000"]
["POMAGALA ZA DISANJE","Dijelovi respiratora Carat II pro",197,6863,"'040312120304","'0403121203014","Djelovi respiratora Carat II pro koji se mijenjaju nakon 15.000 sati/5 godina ,Hoffrichter GmbH , 1 interni hladnjak","Hoffrichter GmbH","Orto Rea","05.01.2024","28.01.2026",1,0,"18,15,4",9,3,0,0,0,"NE",0,1,0,0,"komplet",null,1,0,0,381,0,0,null,0,0,0,null,"S","SP,LJ","Original prema modelu",0,"2791,3319",5,{"$nulls":6},0,0,"'0403121203000"]
["POMAGALA ZA DISANJE","Dijelovi respiratora Carat II pro",197,6864,"'040312120304","'0403121203015","Djelovi respiratora Carat II pro koji se mijenjaju nakon 15.000 sati/5 godina ,Hoffrichter GmbH , set kablova","Hoffrichter GmbH","Orto Rea","05.01.2024","28.01.2026",1,0,"18,15,4",9,3,0,0,0,"NE",0,1,0,0,"komplet",null,1,0,0,381,0,0,null,0,0,0,null,"S","SP,LJ","Original prema modelu",0,"2791,3319",5,{"$nulls":6},0,0,"'0403121203000"]
["SLUŠNA I SURDOTEHNIČKA POMAGALA","Vanjski dijelovi za umjetnu pužnicu-Advanced Bionics LLC",209,6865,"'214527155101","'2145271551002","Kabel za govorni procesor ,Advanced Bionics LLC ,RF Cable","Advanced Bionics LLC","Incite Code","17.07.2025","28.01.2026",1,0,19,9,3,12,12,12,"NE",0,2,0,0,"kom",null,1,0,0,347,0,0,null,0,0,0,null,"S","SP,LJ","Metal, plastika, dvožilni, trožilni. CE certifikat.",0,"110,3100",5,null,1,{"$nulls":4},0,0,"'2145271551000"]

{"sheet":"indikacije","index":1,"n_rows":462,"n_cols":5,"rows_kept":462}
["INDIKACIJA_ID","SIFRA_INDIKACIJE","INDIKACIJA","VRIJEDI_OD","VRIJEDI_DO"]
[1,100,"Prva primjena bolnički, a sljedeća bolnički ili u ugovornoj specijalističkoj ordinaciji, timski, prema algoritmu rehabilitacijskih postupaka  ","01.01.1995"]
[2,101,"Samo kod primarne protetičke opskrbe.","01.01.1995"]
[3,102," Zamjena kod istrošenosti (nemogućnosti uporabe)","01.01.1995","15.07.2022"]
[4,103,"Prva primjena bolnički, prema algoritmu rehabilitacijskih postupaka, a sekundarna primjena i u  ugovornoj specijalističkoj ordinaciji, stupanj aktivnosti određuje se u ugovornoj zdravstvenoj  ustanovi ","01.01.1995"]
[5,104,"Prva primjena bolnički, a sljedeća bolnički ili u ugovornoj specijalističkoj ordinaciji, timski, prema algoritmu rehabilitacijskih postupaka (za kratki bataljak, prisutnost stranog tijela, ožiljkasto tkivo, koštane prominencije)","01.01.1995"]
[6,105," Zamjena kod istrošenosti (nemogućnosti uporabe) za potkoljenicu i natkoljenicu","01.01.1995"]
[7,106," Zamjena kod istrošenosti (nemogućnosti uporabe) za potkoljenicu, natkoljenicu, te ortoprotezu","01.01.1995"]
[8,107," Zamjena kod istrošenosti (nemogućnosti uporabe) za protezu potkoljenice, natkoljenice i kuka","01.01.1995"]
[9,108,"Kod rupture tetiva. Kod upalnih reumatoidnih bolesti.","01.01.1995"]
[10,109,"Kod kontrakture. Kod upalnih reumatskih bolesti. ","01.01.1995"]
[11,110,"Statička ortoza: kod reumatoidnog artritisa, tetraplegije, prirođene mane, paralize ruke, teških artroza.","01.01.1995"]
[12,111,"Dinamička ortoza: u konzervativnom ili operacijskom liječenju lezija živaca i tetiva (modularna prilagodba)","01.01.1995"]
[13,112,"Kod kljenuti ruke, kao trajno stanje.","01.01.1995"]
[14,113,"Kod reumatoidnog artritisa, kljenuti ruke kao trajnog stanja. ","01.01.1995"]
[15,114,"Kod kljenuti kao trajnog stanja, nakon rekonstrukcije rotatorne manžete ramenog zgloba i nakon stabilizacijskih zahvata.","01.01.1995"]
[16,115,"Za trajnu uporabu kod kljenuti kao trajnog stanja ili kod kroničnog instabiliteta kod upalnih reumatskih bolesti. ","01.01.1995"]
[17,116,"Za kretanje, kroničnog instabiliteta kod upalne reumatske bolesti.","01.01.1995"]
[18,117,"Za kretanje, kod kljenuti stopala bilo koje geneze.","01.01.1995"]
[19,118,"Nakon puknuća postraničnih sveza koljena, nakon rekonstruktivnih zahvata ligamenata koljena, nakon šavova meniska, nakon transplantacije meniska.","01.01.1995"]
[20,119,"Kod djece u liječenju razvojnog poremećaja kuka.","01.01.1995"]
[21,120,"Kod stabilizacije konzervativno reponiranog kuka ","01.01.1995","06.12.2021"]
[22,121,"Iznimno, kod Legg-Calvé-Perthesove bolesti.  ","01.01.1995"]
[23,122,"Za kretanje, u pravilu, kod mlohave kljenuti bilo koje geneze.","01.01.1995","30.11.2020"]
[24,123,"Za kretanje, u pravilu, kod mlohave kljenuti bilo koje geneze, osigurane osobe velike tjelesne težine.","01.01.1995","30.11.2020"]
[25,124,"Za kretanje, u pravilu, kod mlohave kljenuti bilo koje geneze ako se ne može opskrbiti drugom orotozom, uz obrazloženje.","01.01.1995","12.05.2023"]
[26,125,"Za kretanje, u pravilu, kod mlohave ili spastične kljenuti bilo koje geneze.","01.01.1995","12.05.2023"]
[27,126," Zamjena strremena","01.01.1995"]
[28,127," Zamjena zgloba kuka","01.01.1995"]
[29,128," Zamjena  zgloba koljena","01.01.1995"]
[30,129," Zamjena zgloba gležnja","01.01.1995"]
[31,130," Zamjena metalne šine","01.01.1995"]
[32,131," Zamjena  plastične šine","01.01.1995"]
[33,132,"Indikacija se postavlja temeljem najmanje tri egzacerbacije/aktivacije bolnog sindroma vrata uz vrtoglavice/omaglice u zadnjih godinu dana zabilježenih u zdravstvenoj dokumentaciji/popratnom pismu izabranog liječnika primarne zdravstvene zaštite ili vidljive u bolničkom informacijskom sustavu/elektroničkom zdravstvenom zapisu osigurane osobe.","01.01.1995","18.03.2026"]
[34,133,"Indikacija se postavlja nakon ozljede i/ili temeljem najmaje tri egzacerbacije/aktivacije bolnog sindroma u zadnjih godinu dana zabilježenih u zdravstvenoj dokumentaciji/popratnom pismu izabranog liječnika primarne zdravstvene zaštite ili vidljive u bolničkom informacijskom sustavu/elektroničkom zdravstvenom zapisu osigurane osobe.","01.01.1995","23.06.2017"]
[35,134,"Kod ozljede ili patološkog prijeloma i nakon operativnog zahvata.","01.01.1995"]
[36,135,"Za imobilizaciju kralježnice kod ozljede, patološkog prijeloma, spondilodeze i  atlantoaksijalne luksacije kod RA.","01.01.1995"]
[37,136,"Kod idiopatske skolioze Cobbov kut 20-45 stupnjeva, do Risser 4, kod kifoze Cobbov kut veći od 50 stupnjeva ","01.01.1995","23.06.2017"]
[38,137,"Indikacija se postavlja pri i/ili spondilolistezi 2. stupnja, i/ili denzitometrijski dokazanoj osteoporozi, i/ili bolnim sindromima nakon kompresivne frakture kralježaka, i/ili temeljem najmanje tri egzacerbacije/aktivacije bolnog sindroma u zadnjih godinu dana zabilježenih u zdravstvenoj dokumentaciji/popratnom pismu izabranog liječnika primarne zdravstvene zaštite ili vidljive u bolničkom informacijskom sustavu/elektroničkom zdravstvenom zapisu osigurane osobe.","01.01.1995"]
[39,138,"Za konzervativno liječenje prijeloma kralježnice i nakon spondilodeze.","01.01.1995","23.06.2017"]
[40,139,"Kod idiopatske skolioze, Cobbov kut od 20 stupnjeva na više, do Risser 4 ","01.01.1995","23.06.2017"]
[41,140,"Kod adolescentne kifoze, Cobbov kut veći od 50 stupnjeva ","01.01.1995","23.06.2017"]
[42,141," Za konzervativno liječenje prijeloma kralježnice L4-S1 i nakon spondilodeze ","01.01.1995","23.06.2017"]
[43,142,"Kod idiopatske lumbalne skolioze, Cobbov kut 20-45 stupnjeva, uključujući i odrasle osigurane osobe nakon završetka koštane zrelosti sa skoliozom iznad 40 stupnjeva po Cobbu s izraženim disbalanskom trupa.","01.01.1995","18.03.2026"]
[44,143,"Primjena kod pareze šake nakon pozitivnog rezultata testiranja s FES. Za trajnu primjenu kao ortotsko pomagalo.","01.01.1995"]
[45,144,"Primjena kod pareze stopala nakon pozitivnog rezultata testiranja s FES. Za trajnu primjenu kao ortotsko pomagalo.","01.01.1995"]
[46,145,"Za osigurane osobe koji hodaju, Pes equinus, Pes equinovarus, skraćenje noge veće od 10 cm, te unutrašnja \"U\" cipela.","01.01.1995","05.04.2020"]
[47,146,"Za osigurane osobe koje hodaju, Pes paralyticus (kod kljenuti stopala koju je moguće kontrolirati ortopedskom cipelom), kod nedostatka palca ili tri prsta stopala, ili nedostatak dijela nožja ili donožja (kada se ne koristi proteza), te skraćenje noge od 5 do 10 cm, individualna izrada.","01.01.1995","05.04.2020"]
[48,147,"Za osigurane osobe koje hodaju, skraćenje noge od 1,5 do 5 cm kod djece i od 2,5 do 5 cm kod odraslih osiguranih osoba, te kod reumatskih bolesti s teškim deformitetima stopala i nožnog zgloba uz nemogućnost korištenja konfekcijske obuće, Pes excavatus, trofičke promjene s ulceracijom stopala ili elefantijazom kod koje se ne može nositi konfekcijska obuća, ukočen gornji nožni zglob ili više drugih zglobova, ortopedske cipele kao sastavni dio ortoze, te ortopedska cipela uz ortozu ukoliko nije moguće nositi konfekcijsku obuću.","01.01.1995","05.04.2020"]
[49,149,"Za dugotrajnu pomoć pri hodanju osiguranim osobama s privremenim ili trajnim slabijim mobilitetom.","01.01.1995"]
[50,150,"Za osigurane osobe s privremenim invaliditetom nakon ozljede noge, za prebacivanje težine tijela s nogu na ruke i ramena","01.01.1995"]
[51,151,"Za osigurane osobe s hemiparezom.","01.01.1995"]
[52,152,"Za bolju pokretljivost i stabilnost pri kretanju teže pokretnih osiguranih osoba. Djeca do 7. godine - 4 noge.","01.01.1995"]
[53,153,"Za učenje hodanja za djecu s neurološkim ili ortopedskim smetnjama u razvoju koji nemaju adekvatnu vertikalnu kontrolu trupa i zdjelice","01.01.1995"]
[54,154,"Za osigurane osobe u terminalnom stadiju maligne bolesti, za bolesnike koji se privremeno ne mogu kretati sa štakama ili hodalicom zbog: nesraslog prijeloma donjeg ekstremiteta, kod amputacije do definitivnog rješenja mobilnosti. Izabrani doktor (14) pomagalo propisuje samo bolesnicima u terminalnom stadiju maligne bolesti.","01.01.1995"]
[55,155,"Kod osigurane osobe s trajnom onesposobljenosti kretanja  uz priloženi klinički i funkcionalni status i medicinsko-tehnički mjerni list. Osiguranoj osobi s obostranom amputacijom nogu mogu se propisati  invalidska kolica s težištem pomaknutim unazad","01.01.1995"]
[56,156,"Osiguranim osobama s visokom razinom aktivnosti u svakodnevnom životu koja samostalno mogu upravljati invalidskim kolicima, propisuju se aktivna invalidska kolica. Uz povijest bolesti i potvrdu o pomagalu obvezan i medicinsko-tehnički mjerni list. ","01.01.1995","23.06.2017"]
[57,157,"Za osigurane osobe s teškom hemiparezom i hemiplegijom. Za osigurane osobe koje su trajno onesposobljene. Uz povijest bolesti i potvrdu o pomagalu obavezan i medicinsko-tehnički mjerni list. ","01.01.1995"]
[58,"157a","Osiguranoj osobi koja zbog svoga kliničkog statusa i deformacija koštano zglobnog sustava ne može samostalno upravljati kolicima niti pravilno sjediti u kolicima, propisuju se kolica s posebnom prilagodbom za odrasle, odnosno posebnom prilagodbom za djecu","01.01.1995","05.04.2020"]
[59,"157b","Djeca koja zbog svoga kliničkog statusa i deformacija koštano zglobnog sustava ne mogu samostalno upravljati kolicima niti pravilno sjediti u kolicima, u dobi od 7 do 10 godina, a koja su na redovnom školovanju, ostvaruju pravo na samo jedna modularna dječja invalidska kolica za prilagodbu i pozicioniranje, umjesto na dvoja invalidska kolica s posebnom prilagodbom.","01.01.1995"]
[60,158,"Samo za osigurane osobe koje mogu sjediti. Stalna vezanost za kolica bez voljne aktivne motorike, s teškim poremećajem mišićnog tonusa-spastičnost ili hipotonija, s nekontroliranim pokretima i kontrakturama u zglobovima donjih udova za više od 45° ili (iznimka hipotona stanja) s luksacijom odnosno subluksacijom jednog ili obaju zglobova kuka, s deformacijama trupa, tj. skoliozom od više od 35° i kifozom iznad 45°, s asimetrijom prsnog koša i zdjelice, bez kontrole položaja glave i ne može upravljati invalidskim kolicima na ručni pogon za djecu ili odrasle, ili kolicima na elektromotorni pogon, ili je onemogućeno sjedenje u kolicima s posebnom prilagodbom. Prva opskrba isključivo stacionarno, timski propisuju specijalist ortoped i specijalist fizikalne medicine i rehabilitacje. Svaki sljedeći prijedlog za propisivanje invalidskih kolica s posebnom prilagodbom sjedišta, može se obavljati i u ugovornim zdravstvenim ustanovama, timski propisuju specijalist ortoped i specijalist fizikalne medicine i rehabilitacije. Osigurana osoba koja ostvari pravo na invalidska kolica s posebnom prilagodbom sjedišta ne može ostvariti pravo na dvoja invalidska kolica.","01.01.1995","23.06.2017"]
[61,159,"Kod prve opskrbe  timski u rehabilitacijskoj ustanovi, sljedeća može  i u ugovornoj specijalističkoj ordinaciji, obavezno priložiti medicinsko-tehnički mjerni list","01.01.1995"]
[62,160,"Kod prve opskrbe i kod promjene funkcionalnog statusa  timski u  rehabilitacijskoj ustanovi, obavezno priložiti medicinsko-tehnički mjerni list - za djecu od navršene 12. do 18. godine uz pismenu suglasnost roditelja, skrbnika odnosno osobe kojoj je dijete dodijeljeno. Potrebno je priložiti i nalaz psihologa.","01.01.1995","14.02.2018"]
[63,161,"Kod amputacija donjih ekstremiteta, hemiplegija i hemipareza, para i tetrapareza, kod osiguranih osoba koje za kretanje koriste invalidska kolica i nemaju potpuni gubitak senzibiliteta  ","01.01.1995"]
[64,162,"Kod promjene funkcionalnog statusa, kod deformacija lokomotornog sustava. Zamjena kod istrošenosti, nemogućnosti uporabe.","01.01.1995"]
[65,163,"Kod promjene funkcionalnog statusa.  Zamjena kod istrošenosti, nemogućnosti uporabe.","01.01.1995"]
[66,164,"Uz obrazloženje","01.01.1995"]
[67,165,"Parapareza, tetrapareza, paraplegija, tetraplegija i obostrana natkoljenična amputacija","01.01.1995"]
[68,166,"Kod  osiguranih osoba s tetraplegijom ASIA A i B, kod potpuno nepokretnih osiguranih osoba s neurološkim deficitom distalno od cervikotorakalnog prijelaza kao posljedica neurološke bolesti.","01.01.1995","26.05.2021"]
[69,167,"a. Za osigurane osobe s paraplegijom. b. Za potpuno nepokretne osigurane osobe koje imaju dekubitalne ulceracije kože (stupanj 3-4).","01.01.1995","26.05.2021"]
[70,168,"Osigurane osobe  na jednoj dozi inzulina dnevno ili druge subkutane terapije za šećernu bolest, ostvaruju pravo na 100 komada, a osigurane osobe na dvije ili više doza inzulina dnevno ili druge subkutane terapije za šećernu bolest, ostvaruju pravo na najviše 200 komada.","01.01.1995"]
[71,169,"Za liječenje šećerne bolesti kod koje je potrebno više vrsta inzulina, za svaku vrstu inzulina odobrava se poseban injektor. ","01.01.1995"]
[72,170,"Osigurane osobe  na jednoj dnevnoj dozi inzulina ili drugoj subkutanoj terapiji za šećernu bolest ostvaruju pravo na 100 komada za 3 mjeseca. Osigurane osobe koje su na dvije dnevne doze inzulina ili na drugoj subkutanoj terapiji za šećernu bolest ostvaruju pravo na 200 komada za 3 mjeseca, a osigurane osobe na tri ili više dnevnih doza inzulina ili drugoj subkutanoj terapiji za šećernu bolest ostvaruju pravo na najviše 300 komada za 3 mjeseca.","01.01.1995","31.05.2024"]
[73,171,"Za slijepe osigurane osobe s dijabetesom. Za precizno mjerenje šećera u krvi u liječenju šećerne bolesti za sve osigurane osobe koje primaju inzulin 2 i više puta dnevno","01.01.1995"]
[74,172,"Za osigurane osobe koje šećernu bolest liječe tabletama ili primaju inzulin jedan ili više puta dnevno,  za mjerenje šećera u krvi. Uređaj osiguranim osobama koji šećernu bolest liječe tabletama predlaže i propisuje izabrani doktor. Uređaj osiguranim osobama koji primaju inzulin jedan ili više puta dnevno, samo kod prve opskrbe, predlažu specijalist interne medicine, endokrinolog dijabetolog i specijalist pedijatar endokrinolog dijabetolog a propisuje izabrani doktor.","01.01.1995","13.04.2016"]
[75,173,"Sve osigurane osobe koje primaju inzulin jednom dnevno ostvaruju pravo na 50 trakica godišnje. Osigurane osobe koje primaju inzulin 2 i više puta dnevno, ostvaruju: djeca do 7 godina do 300 trakica godišnje, osiguranici od 7 do 18 godina do 200 trakica godišnje, osigurane osobe starije od 18 godina do 50 trakica godišnje. Osigurane osobe na peroralnoj terapiji antidijabeticima ne ostvaruju pravo na trakice.","01.01.1995"]
[76,174,"Osigurane osobe koje šećernu bolest liječe tabletama-ostvaruju pravo na 50 komada za 6 mjeseci, osigurane osobe koje primaju inzulin jednom dnevno ili su na drugoj subkutanoj terapiji za šećernu bolest ostvaruju pravo na 90 komada za 3 mjeseca, osigurane osobe koje primaju inzulin 2 puta dnevno ostvaruju pravo na 180 komada za 3 mjeseca, osigurane osobe koje primaju inzulin 3 puta dnevno ostvaruju pravo na 275 komada za 3 mjeseca, osigurane osobe koje primaju inzulin više od 3 puta dnevno ostvaruju pravo na najviše 375 komada za 3 mjeseca. Osigurane osobe  ostvaruju pravo na pomagalo isključivo uz predočenje dnevnika ili softvera samokontrole. Iznimno, za trudnice na terapiji inzulinom, može se odobriti do 500 trakica za 3 mjeseca, a za djecu do 18. godine života s lošom regulacijom šećera u krvi koja su na terapiji inzulinom može se odobriti do 625 trakica za 3 mjeseca.","01.01.1995","31.05.2018"]
[77,"174a","Za djecu do 18. godine života koja boluju od šećerne bolesti tip I, s lošom regulacijom šećera u krvi, te povišenim rizikom od razvoja dijabetičke ketoacidoze. Djeca do 18.godine života koja ostvaruju pravo na dijagnostičke trakice za mjerenje ketona u krvi uređajem, ne mogu ostvariti pravo na dijagnostičke trakice za mjerenje ketona i glukoze u urinu.","01.01.1995"]
[78,175,"Liječenje šećerne bolesti pomoću inzulinske pumpe. ","01.01.1995"]
[79,176,"Za osigurane osobe s kolostomom","01.01.1995"]
[80,177,"Za osigurane osobe s kolostomom do 18. godine života.","01.01.1995"]
[81,178,"Za osigurane osobe s ileostomom","01.01.1995"]
[82,179,"Za osigurane osobe s ileostomom do 18. godine života.","01.01.1995"]
[83,180,"Za osigurane osobe s urostomom.","01.01.1995"]
[84,181,"Za osigurane osobe s urostomom do 18. godine života.","01.01.1995"]
[85,182,"Za osigurane osobe s ileostomom, uz herniju, pretilost, nepravilne konture trbuha ili uz blizinu ožiljkastog tkiva.","01.01.1995"]
[86,183,"Za osigurane osobe s kolostomom, ileostomom i urinostomom koje imaju oštećenu peristomalnu kožu, stomu nepravilnog oblika, koje imaju herniju, koje su pretile, koje imaju nepravilne konture trbuha ili je pločicu potrebno aplicirati u blizinu ožiljkastog tkiva. Primjenjuje se kada nema mogućnosti za korištenje standardne pločice.","01.01.1995"]
[87,184,"Za osigurane osobe s kolostomom i ileostomom uz herniju, pretilost, nepravilne konture trbuha ili blizina ožiljkastog tkiva.","01.01.1995"]
[88,185,"Za osigurane osobe s kolostomom, ileostomom i urostomom do 18. godine života.","01.01.1995"]
[89,186,"Za pomoć pri pražnjenju stolice.","01.01.1995"]
[90,187,"Za osigurane osobe na enteralnoj prehrani.","01.01.1995"]
[91,188,"Kod erozije kože oko stome.","01.01.1995"]
[92,189,"Za liječenje kože kod erozije kože oko stome, te kod parastomalnog dermatitisa.","01.01.1995"]
[93,190,"Za prevenciju postoperativno ili za osobe s hernijom kod kolostome, ileostome i urostome.","01.01.1995"]
[94,191,"Za uklanjanje ljepljivog sadržaja pločice i zaštitu kože.","01.01.1995"]
[95,192,"Osigurane osobe na enteralnoj prehrani. Ili radi davanja terapije enteralnim putem.","01.01.1995"]
[96,193,"Za intravensko davanje terapije i različitih infuzijskih otopina.","01.01.1995"]
[97,194,"Za osigurane osobe na parenteralnoj prehrani.","01.01.1995"]
[98,195,"Kod inkontinencije urina, za osigurane osobe alergične na lateks","01.01.1995"]
[99,196,"Kod inkontinencija urina. Kod neurogenog mjehura.","01.01.1995"]
[100,197,"Za podmazivanje i dezinfekciju uretre kod intermitentne samokateterizacije.","01.01.1995"]
[101,198,"Za pomoć pri samokateterizaciji.","01.01.1995","18.03.2026"]
[102,199,"Kod dokazane alergije na lateks. Kod suženja uretre. Epididimitis. Kod kronične recidivirajuće urinarne infekcije dokumentirane medicinskom dokumentacijom kod izabranog doktora. ","01.01.1995"]
[103,200,"Kod inkontinencije osoba starijih od 3 godine,  tjelesna težina do 40 kilograma. ","01.01.1995","14.02.2018"]
[104,201,"Kod inkontinencije osoba starijih od 3 godine. Osigurana osoba ostvaruje pravo ili samo na  niskoupijajuće pelene do 400 kom, ili na kombinaciju niskoupijajućih i visokoupijajućih pelena, ili na kombinaciju niskoupijajućih pelena i anatomskih uložaka do maksimalne količine određene Pravilnikom.","01.01.1995","14.02.2018"]
[105,202,"Kod inkontinencije osiguranih osoba starijih od 3 godine. Osigurana osoba ostvaruje pravo ili samo na  visokoupijajuće pelene do 320 kom, ili na kombinaciju visokoupijajućih pelena i niskoupijajućih pelena ili na kombinaciju visokoupijajućih pelena i anatomskih uložaka do maksimalne količine određene Pravilnikom. ","01.01.1995","14.02.2018"]
[106,203,"Kod inkontinencije osiguranih osoba starijih od 7 godina. Osigurana osoba ostvaruje pravo ili samo na  visokoupijajuće, ekstravelike pelene do 320 kom, ili na kombinaciju visokoupijajućih, ekstravelikih pelena i anatomskih uložaka do maksimalne količine određene Pravilnikom. ","01.01.1995","14.02.2018"]
[107,204,"Kod inkontinencije osiguranih osoba starijih od 7 godina. Osigurana osoba ostvaruje pravo ili samo na anatomske uloške do 275 komada ili u kombinaciji s pelenama na način kako je objašnjeno u indikacijema 201, 202 i 203.","01.01.1995","14.02.2018"]
[108,205,"Kod inkontinencije stolice i urina. Osigurane osobe koje po Barthelovom indeksu potpuno ovise o tuđoj pomoći ostvaruju pravo na do 90 komada na 3 mjeseca; osigurane osobe koje se samokateteriziraju ostvaruju pravo na 30 komada u 3 mjeseca.","01.01.1995","14.02.2018"]
[109,206,"Obilna eksudacija  II - IV stupanj dekubitusa, potkoljenični vrijed, dijabetičko stopalo, opekline do 2b stupnja, pilonidalni sinus. Ukoliko nakon 3 mjeseca terapije oblogama za rane  nema znakova cijeljenja rane, liječnik obiteljske medicine ili specijalist pedijatar, obavezan je osiguranu osobu uputiti na specijalistički pregled specijalistu dermatovenerologu. Ukoliko niti nakon 6 mjeseci terapije oblogama za rane nema znakova cijeljenja rane, obustavlja se terapijska primjena obloga za rane.","01.01.1995","02.08.2019"]
[110,207,"Tamponiranje kaviteta, obilna eksudacija  II - IV stupanj dekubitusa, potkoljenični vrijed, dijabetičko stopalo, opekline do 2b stupnja, pilonidalni sinus.","01.01.1995","02.08.2019"]
[111,208," Inficirane rane, obilna eksudacija,  II - IV stupanj dekubitusa, potkoljenični vrijed, dijabetičko stopalo, opekline do 2b stupnja, pilonidalni sinus. Maksimalna duljina trajanja terapije oblogama za rane s dodatkom srebra ili aktivnog ugljena je 3 mjeseca.","01.01.1995"]
[112,209,"Tamponiranje kaviteta, inficirane rane, obilna eksudacija, II - IV stupanj dekubitusa, potkoljenični vrijed, dijabetičko stopalo, opekline do 2b stupnja, pilonidalni sinus.","01.01.1995","02.08.2019"]
[113,210,"Obilna eksudacija  II - IV stupanj dekubitusa, potkoljenični vrijed, dijabetičko stopalo, opekline do 2b stupnja, pilonidalni sinus. Ukoliko nakon 3 mjeseca terapije oblogama za rane  nema znakova cijeljenja rane, liječnik obiteljske medicine ili specijalist pedijatar, obavezan je pacijenta uputiti na specijalistički pregled specijalistu dermatovenerologu. Ukoliko niti nakon 6 mjeseci terapije oblogama za rane nema znakova cijeljenja rane, obustavlja se terapijska primjena obloga za rane. ","01.01.1995","02.08.2019"]
[114,211,"Tamponiranje kaviteta, obilna eksudacija  II - IV stupanj dekubitusa, potkoljenični vrijed, dijabetičko stopalo, opekline do 2b stupnja, pilonidalni sinus.","01.01.1995","02.08.2019"]
[115,212," Inficirane rane, obilna eksudacija,  II - IV stupanj dekubitusa, potkoljenični vrijed, dijabetičko stopalo, opekline do 2b stupnja,  pilonidalni sinus. Maksimalna duljina trajanja terapije oblogama za rane s dodatkom je 3 mjeseca.","01.01.1995"]
[116,"212a"," Inficirane rane, obilna eksudacija,  II - IV stupanj dekubitusa, potkoljenični vrijed, dijabetičko stopalo, pilonidalni sinus. Maksimalna duljina trajanja terapije oblogama za rane s dodatkom je 3 mjeseca.","01.01.1995"]
[117,213,"Tamponiranje kaviteta, inficirane rane, obilna eksudacija, II - IV stupanj dekubitusa, potkoljenični vrijed, dijabetičko stopalo, opekline do 2b stupnja, pilonidalni sinus.","01.01.1995","02.08.2019"]
[118,"213a"," Tamponiranje kaviteta, inficirane rane, obilna eksudacija, II - IV stupanj dekubitusa, potkoljenični vrijed, dijabetičko stopalo, pilonidalni sinus.","01.01.1995","02.08.2019"]
[119,214,"Slabija i srednja eksudacija, kao primarna obloga za I - IV stupanj dekubitusa, potkoljenični vrijed i dijabetičko stopalo ili kao sekundarna obloga za III i IV stupanj dekubitusa, potkoljenični vrijed, dijabetičko stopalo. Ukoliko nakon 3 mjeseca terapije oblogama za rane  nema znakova cijeljenja rane, liječnik obiteljske medicine ili specijalist pedijatar, obavezan je pacijenta uputiti na specijalistički pregled specijalisti dermatovenerologu. Ukoliko niti nakon 6 mjeseci terapije oblogama za rane nema znakova cijeljenja rane, obustavlja se terapijska primjena obloga za rane.","01.01.1995","02.08.2019"]
[120,"214a","Primarna obloga za kronične rane, veličine do 5 cm u promjeru, koje sporo zacjeljuju: vrijedovi na nogama, vrijedovi uzrokovani pritiskom I-III stupnja te dijabetički vrijedovi, sa slabijom ili srednjom eksudacijom. Ukoliko nakon 3 mjeseca terapije oblogama za rane nema znakova cijeljenja rane, obustavlja se terapijska primjena obloga za rane.","01.01.1995"]
[121,215,"Za inficirane rane, jača eksudacija praćena neugodnim mirisom kod dekubitusa, potkoljeničnog vrijeda, dijabetičkog stopala, opeklina. Maksimalna duljina trajanja terapije oblogama za rane s dodatkom srebra ili aktivnog ugljena je 3 mjeseca.","01.01.1995"]
[122,216,"Srednja do jaka eksudacija, primarna obloga za II stupanj dekubitusa, potkoljenični vrijed, dijabetičko stopalo ili kao sekundarna obloga za III - IV stupanj dekubitusa, potkoljenični vrijed, dijabetičko stopalo. Ukoliko nakon 3 mjeseca terapije oblogama za rane  nema znakova cijeljenja rane, liječnik obiteljske medicine ili specijalist pedijatar, obavezan je pacijenta uputiti na specijalistički pregled specijalisti dermatovenerologu. Ukoliko niti nakon 6 mjeseci terapije oblogama za rane nema znakova cijeljenja rane, obustavlja se terapijska primjena obloga za rane.","01.01.1995","02.08.2019"]
[123,217,"Za inficirane rane, srednja do jaka eksudacija, kao primarna obloga za II-IV stupanj dekubitusa, potkoljenični vrijed, dijabetičko stopalo ili za tamponiranje kaviteta. Maksimalna duljina trajanja terapije oblogama za rane s dodatkom srebra ili aktivnog ugljena je 3 mjeseca.","01.01.1995"]
[124,218,"Rane koje eksudiraju: dekubitus, potkoljenični vrijed, dijabetičko stopalo, opekline i bulozna epidermoliza. Ukoliko nakon 3 mjeseca terapije oblogama za rane  nema znakova cijeljenja rane, liječnik obiteljske medicine ili specijalist pedijatar, obavezan je pacijenta uputiti na specijalistički pregled specijalisti dermatovenerologu. Ukoliko niti nakon 6 mjeseci terapije oblogama za rane nema znakova cijeljenja rane, obustavlja se terapijska primjena obloga za rane.","01.01.1995","02.08.2019"]
[125,219,"Za osobe koje boluju od bulozne epidermolize.","01.01.1995"]
[126,220,"Minimalna do jaka eksudacija za inficirane i bolne rane, I do IV stupanj dekubitusa, potkoljenični vrijed, dijabetičko stopalo, opekline, bulozna epidermoliza, komplikacije radijacijskog dermatitisa. Samo kod radijacijskog dermatitisa, bulozne epidermolize te kod bolesnika s potpunim gubitkom motorike/osjeta (ASIA A) - prva metoda izbora. Kod rana druge etiologije, koristi se kao druga metoda liječenja, nakon neuspješnog liječenja drugim oblogama za rane. Maksimalna duljina trajanja terapije oblogama za rane s dodatkom srebra ili aktivnog ugljena je 3 mjeseca.","01.01.1995"]
[127,221,"Za debridman nekrotične rane","01.01.1995"]
[128,222,"Za rane čistog dna i rubova u fazi cijeljenja.","01.01.1995","18.03.2026"]
[129,223,"Za popunjavanje defekta rane.","01.01.1995"]
[130,224,"Za osigurane osobe s kroničnom, globalnom respiratornom insuficijencijom koje mogu biti na kućnoj njezi, koje su trajno ovisne o mehaničkoj ventilaciji.","01.01.1995"]
[131,225,"Rezervni dijelovi za respirator. ","01.01.1995","18.03.2026"]
[132,226,"Kod osiguranih osoba s traheostomom.","01.01.1995"]
[133,227,"Kod djece s traheostomom.","01.01.1995"]
[134,228,"Za fiksaciju kanile kod djece s traheostomom.","01.01.1995"]
[135,229,"Za fiksaciju kanile kod odraslih osiguranih osoba s traheostomom.","01.01.1995"]
[136,230,"Za govor za osigurane osobe s traheostomom.","01.01.1995"]
[137,231,"Za osigurane osobe kojima je potrebna terapija kisikom zbog bolesti ili stanja koja dovode do smanjenja respiratorne površine i insuficijencije pluća (KOBP, kronični bronhitis, zastoj srca, emfizem, cistična fibroza, astma, maligne - primarne i sekundarne i druge bolesti). Kod dugotrajnog liječenja u kući, unutar 24 sata potreba za  kisikom  najmanje 16 sati, uz priloženi nalaz analize plinova prije i uz terapiju kisikom. Uređaj se propisuje na period od 6 godina ili na 35,000 radnih sati kontinuiranog rada.","01.01.1995"]
[138,"231a","Samo kod prve opskrbe i kod povećane količine obavezno predlaže specijalist pedijatar, pulmolog ili specijalist interne medicine, pulmolog.","01.01.1995"]
[139,232,"Za inhalacijsku terapiju. Za nadopunu kisikom zbog deficita kisika u organizmu, najčešće radi (KOBP, kronični bronhitis, astma, emfizem, neuromišićne bolesti, maligne bolesti ili druge bolesti s plućnim komplikacijama.)","01.01.1995"]
[140,233,"Rezervni dio za koncentrator kisika.","01.01.1995"]
[141,234,"KOBP  -  priložiti nalaze plućne funkcije (spirometrije, difuzije i pletizmografije), kod maligne bolesti s posljedičnom laringektomijom. Osigurane osobe koje boluju od cistične fibroze, ostvaruju pravo na inhalator svake 2 godine.","01.01.1995"]
[142,235,"Kod traheotomije i kod pojačane sekrecije traheotomiranih osoba. Osigurane osobe starije od 18 godina ostvaruju pravo na 275 aspiracijskih katetera/aspiracijskih katetera Ch 8 - 10 u 3 mjeseca, osobe do 18 godina ostvaruju pravo na do 450 aspiracijskih katetera/aspiracijskih katetera Ch 8 - 10 u 3 mjeseca. Nepokretne traheotomirane osobe, potpuno ovisne o tuđoj pomoći, te osobe koje boluju od spinalne mišićne atrofije ostvaruju pravo na do 900 aspiracijskih katetera/aspiracijskih katetera Ch 8 - 10 u 3 mjeseca.","01.01.1995","25.10.2019"]
[143,236,"Opstrukcijska ili centralna apneja tijekom spavanja. 1) Dijagnoza potvrđena polisomnografskim/poligrafskim cjelonoćnim snimanjem u specijaliziranom Laboratoriju za poremećaje spavanja ili Centru za medicinu spavanja. 2) AHI indeks veći od 30 puta na sat s trajanjem pojedinačnih epizoda najmanje 10 sekundi ili, ukoliko je AHI indeks od 15 do 30 puta na sat s trajanjem pojedinačnih epizoda najmanje 10 sekundi, osigurana osoba mora imati najmanje 3 simptoma, i to po jedan iz 3 od 4 sljedeće navedene skupine: a) dokumentacija o prekomjernoj pospanosti tijekom dana, koja dovodi do smanjene učinkovitosti na poslu i promjene raspoloženja, b) hipertenzija, c) TIA, CVI, srčano zatajenje ili infarkt miokarda (dovoljan 1 simptom) d) pretilost (BMI veći od 30) 3) Potvrđena djelotvornost CPAP uređaja.","01.01.1995","22.06.2022"]
[144,237,"Rezervni dio za bocu za kisik.","01.01.1995","17.06.2020"]
[145,238,"Samo za osigurane osobe koje su u radnom odnosu  i za djecu na redovnom školovanju. Propisuje se isključivo u Dječjoj bolnici Srebrnjak i u Specijalnoj bolnici za plućne bolesti, Zagreb.","01.01.1995"]
[146,239,"Kod osiguranih osoba kod kojih je potrebno monitoriranje srčane frekvencije i koncentracije kisika u arterijskoj krvi. Kod osiguranih osoba koje koriste koncentrator kisika, tj. koje su na terapiji kisikom (KOBP, kronični bronhitis, astma, emfizem, neuromišićne bolesti, maligne bolesti ili druge bolesti s plućnim komplikacijama.)","01.01.1995"]
[147,240,"Za osigurane osobe koji koriste puls oksimetar.","01.01.1995"]
[148,241,"Za ventilaciju pluća kod osiguranih osoba s respiratornim teškoćama.","01.01.1995"]
[149,242,"Za osigurane osobe na kućnoj hemodijalizi","01.01.1995","16.07.2025"]
[150,243,"Za osigurane osobe na  peritonejskoj dijalizi","01.01.1995"]
[151,"243a","Osigurana osoba ostvaruje pravo na pomagala kod jednostrane i obostrane afakije ili sfernih ametropija većih od 9 dioptrija.","01.01.1995"]
[152,"243b","Osigurana osoba ostvaruje pravo na pomagalo kod jednostrane ili obostrane afakije, sfernih ametropija većih od 3 dioptrije i astigmatizma većeg od 2 cilindra. Pomagalo se može propisati i djeci do navršenih 18 godina života zbog kratkovidnosti, odnosno dalekovidnosti bez obzira na vrstu i stupanj nepravilnosti vida.","01.01.1995","01.11.2017"]
[153,244,"Slabovidna osigurana osoba koja optimalnom korekcijom lećama ili kontaktnim lećama na oku s boljim vidnim poljem ima oštrinu vida manju od 30%, ali bolju od osjeta svjetla ili vidno polje uže od 30° na oku s boljim vidnim poljem ima pravo na teleskopske leće. Osigurana osoba ima pravo na teleskopske leće i u slučaju kada uz optimalnu korekciju oštrine vida lećama ili kontaktnim lećama oštrina vida ne prelazi 30% na oku s boljom oštrinom vida. Kliničke indikacije za propisivanje teleskopskih leća su organsko (slabovidnost-ambliopija) oštećenje centralnog vida.","01.01.1995","05.04.2020"]
[154,"244a","Osigurana osoba ima pravo na prizmu u kombinaciji s lećom odgovarajuće dioptrije za blizinu, odnosno daljinu zbog diplopije, odnosno u kombinaciji sa staklom sa ili bez dioptrije zbog strabizma.","01.01.1995"]
[155,245,"Osigurana osoba ima pravo na tamna stakla bez dioptrije u slučaju potpune sljepoće, odnosno trajne unakaženosti vanjskog dijela oka, kroničnog uveitisa, retinitisa, aniridije, koloboma šarenice izvan razine ruba gornje vijeđe i albinizma.","01.01.1995"]
[156,246,"Osigurana osoba ima pravo na prozirno staklo bez dioptrije zbog strabizma, odnosno u slučaju nepravilnosti vida samo jednog oka. ","01.01.1995"]
[157,247,"Osigurana osoba ima pravo na kontaktne leće zbog sljedećih indikacija: 1. keratokonusa, 2. jednostrane, odnosno obostrane afakije, 3. anizometropije veće od 3 dioptrije, 4. sfernih ametropija većih od 5 dioptrija ili astigmatizma većeg od 2 cilindra gdje se korekcijskim staklima ne može postići oštrina vida 1.0,5 aniridije, 6. koloboma šarenice izvan razine ruba gornje vijeđe, 7. albinizma, 8 iregularnog astigmatizma.","01.01.1995"]
[158,248,"Osigurana osoba ima pravo na očnu protezu : 1. punu, zbog anoftalmusa, 2. ljuskastu, zbog djelomičnog odstranjenja ili atrofije očne jabučice, 3. orbitalnu, zbog unakaženja vanjskih dijelova oka i nedostatka očne jabučice, odnosno nakon egzenteracije orbite. osigurana osoba kojoj je izvršena enukleacija očne jabučice ili ima atrofiju očne jabučice ima pravo na privremenu prilagođavajuću očnu protezu.","01.01.1995"]
[159,249,"Osigurana osoba ima pravo na očnu protezu : 1. punu, zbog anoftalmusa, 2. ljuskastu, zbog djelomičnog odstranjenja ili atrofije očne jabučice, 3. orbitalnu, zbog unakaženja vanjskih dijelova oka i nedostatka očne jabučice, odnosno nakon egzenteracije orbite. Osigurana osoba kojoj je izvršena enukleacija očne jabučice ili ima atrofiju očne jabučice ima pravo na privremenu prilagođavajuću očnu protezu. Kod enoftalmusa bulbusa.","01.01.1995"]
[160,250,"Osigurana osoba ima pravo na očnu protezu : 1. punu, zbog anoftalmusa, 2. ljuskastu, zbog djelomičnog odstranjenja ili atrofije očne jabučice, 3. orbitalnu, zbog unakaženja vanjskih dijelova oka i nedostatka očne jabučice, odnosno nakon egzenteracije orbite. osigurana osoba kojoj je izvršena enukleacija očne jabučice ili ima atrofiju očne jabučice ima pravo na privremenu prilagođavajuću očnu protezu. Kod nepravilne konjuktivalne vrećice, ožiljaka, stanja nakon plastičnih rekonstruktivnih zahvata.","01.01.1995"]
[161,251,"Osigurana osoba ima pravo na očnu protezu : 1. punu, zbog anoftalmusa, 2. ljuskastu, zbog djelomičnog odstranjenja ili atrofije očne jabučice, 3. orbitalnu, zbog unakaženja vanjskih dijelova oka i nedostatka očne jabučice, odnosno nakon egzenteracije orbite. Osigurana osoba kojoj je izvršena enukleacija očne jabučice ili ima atrofiju očne jabučice ima pravo na privremenu prilagođavajuću očnu protezu. Kod tumora kostiju orbite.","01.01.1995"]
[162,252,"Svjetlosni signalizator plača djeteta odobrava se osiguranoj osobi - jednom od roditelja koji ima potpuni gubitak sluha do navršene sedme godine života djeteta.","01.01.1995"]
[163,"252a","Za slijepe osigurane osobe od 6. godine života.","01.01.1995"]
[164,253,"Obavezno priložiti potvrdu o završenom školovanju iz Brailleevog pisma te preporuku Hrvatskog saveza slijepih ili temeljne udruge Hrvatskog saveza slijepih da je osigurana osoba sposobna služiti se Brailleevim pismom.","01.01.1995","23.06.2016"]
[165,254,"Za vrijeme redovnog školovanja a o tome obavezno priložiti potvrdu i preporuku Hrvatskog saveza slijepih.","01.01.1995"]
[166,255,"Za vrijeme redovnog školovanja te prekvalifikacije a o tome obavezno priložiti potvrdu o završenom školovanju iz Brailleevog pisma te preporuku Hrvatskog saveza slijepih ili temeljne udruge Hrvatskog saveza slijepih da je osigurana osoba sposobna služiti se Brailleevim pismom.","01.01.1995"]
[167,256,"Za sve slijepe osigurane osobe","01.01.1995"]
[168,257,"Umjesto Brailleeve elektroničke bilježnice za slijepe za djecu na redovnom školovanju, te osobe na prekvalifikaciji. Za osigurane osobe s vidnom oštrinom manjom od 20% koje se nalaze na redovnom školovanju i prekvalifikaciji.","01.01.1995","05.04.2020"]
[169,258,"Nagluhost od 40 do 93 dB","01.01.1995"]
[170,259,"Kontraindikacija je kronična upalna promjena","01.01.1995","22.06.2022"]
[171,260,"Kontraindikacija su kronične upalne promjene vanjskog zvukovoda uha, egzostoze i druge malformacije","01.01.1995","22.06.2022"]
[172,261,"Kod malformacije uške ili druga nemogućnost za zaušno nošenje pomagala, nagluhost 93 dB i više","01.01.1995"]
[173,262,"Kod malformacije ili potpune opstrukcije zvukovoda. Kod provodnog gubitka sluha.","01.01.1995"]
[174,263,"Osigurana osoba s obostranim trajnim gubitkom sluha predškolska dob (od navršenih pet godina života), te za vrijeme redovnog školovanja uz predočenje potvrde.","01.01.1995"]
[175,264,"Za osigurane osobe koje imaju ugrađenu umjetnu pužnicu","01.01.1995","27.04.2017"]
[176,"264a","Svjetlosna ili vibracijska budilica odobrava se osiguranoj osobi  s potpunim gubitkom sluha.","01.01.1995"]
[177,"264b","Telefaks uređaj odobrava se osiguranoj osobi s potpunim gubitkom sluha koja ima navršenih 14 godina života. Osigurana osoba obvezna je priložiti pisanu izjavu o članovima zajedničkog kućanstva  s njihovim osobnim podacima (ime, prezime, adresa i broj osigurane osobe u Zavodu). Ako u zajedničkom kućanstvu živi više osoba s potpunim gubitkom sluha pomagalo se odobrava samo jednoj osiguranoj osobi u tom kućanstvu.","01.01.1995"]
[178,265,"Za osigurane osobe koje su izgubile sposobnost glasnog govora","01.01.1995","05.04.2020"]
[179,266,"Totalna laringektomija, osigurana osoba koja je ostvarila pravo na govornu protezu ne može istovremeno ostvariti pravo na pomagalo za glasni govor, osim u slučaju kada iz medicinsko tehničkih razloga ne može koristiti već odobrenu govornu protezu.","01.01.1995","02.12.2016"]
[180,267,"Kod osiguranih osoba koje su ostvarile pravo na govornu protezu","01.01.1995"]
[181,268,"Nakon totalne laringektomije, trajna traheostoma","01.01.1995"]
[182,269,"Osigurana osoba ostvaruje pravo na pomagalo samo kod prve opskrbe","01.01.1995"]
[183,270,"Kod trajnog neuroškog deficita uz obrazloženje indikacije i klinički status ","01.01.1995"]
[184,271,"Kod definitivnih stanja lokomotornog sustava, ako osigurana osoba koja nije inkontinentna ne ispunjava uvjete za invalidska kolica s toaletnim dodatkom ","01.01.1995"]
[185,272,"Za vožnju  invalidskih kolica na ručni pogon","01.01.1995"]
[186,273,"Kod limfedema. Ako postoji medicinska indikacija obostrano, osigurana osoba ostvaruje pravo na dvostruku količinu.","01.01.1995"]
[187,274,"Kao kompresivna terapija kod ulcusa crurisa koji je u tretmanu pokrivalima, te kod dokazane tromboze, limfedema, varikoziteta II i III stupnja. Za liječenje opekotina. Ako postoji medicinska indikacija obostrano, osigurana osoba ostvaruje pravo na dvostruku količinu.","01.01.1995"]
[188,275,"Za sprečavanje nastajanja hipertrofčnih i keloidnih ožiljaka nakon plastičnih rekonstrukcija. Ako postoji medicinska indikacija obostrano, osigurana osoba ostvaruje pravo na dvostruku količinu.","01.01.1995"]
[189,"275a","Za sprečavanje nastajanja hipertrofčnih i keloidnih ožiljaka nakon plastičnih rekonstrukcija. Ako postoji medicinska indikacija obostrano, osigurana osoba ostvaruje pravo na dvostruku količinu. Komplet se odnosi na 1 elastičnu masku za lice kod keloida ili 6 silikonskih pločica ili 6 silikonskih gelova.","01.01.1995","27.02.2019"]
[190,276,"Ingvinalne, femoralne, skrotalne kile koja se ne može operacijski izliječiti ","01.01.1995"]
[191,277,"Pupčana kila koja se ne može operacijski izliječiti","01.01.1995"]
[192,278,"Za pupčanu kilu.","01.01.1995"]
[193,279,"Za trbušnu kilu","01.01.1995"]
[194,280,"Za trudnice sa izričito slabom trbušnom stjenkom","01.01.1995"]
[195,281,"Nakon amputacije dojke, nakon operacije, privremena, prilagođavajuća. U slučaju obostrane amputacije, osigurana osoba ostvaruje pravo na dvostruku količinu.","01.01.1995"]
[196,282,"Nakon amputacije dojke, nakon nošenja privremene dojke. Propisuje se sukladno kliničkom statusu, nakon zacjeljivanja rane. U slučaju obostrane amputacije, osigurana osoba ostvaruje pravo na dvostruku količinu.","01.01.1995"]
[197,283,"Odobrava se osiguranoj osobi kod amputacije dojke","01.01.1995"]
[198,284,"Privremeni ili trajni gubitak kose (kao posljedice zračenja kemoterapije, hormonalne disfunkcije ili kod skalpiranja kože glave radi ozljede)","01.01.1995"]
[199,285,"Za djecu do 18 godina koja su na trajnoj antikoagulantnoj terapiji i moraju kontrolirati protrombinsko vrijeme najmanje jedan puta tjedno.","01.01.1995"]
[201,286,"Osigurane osobe ispod 18. godine sa spastičnom cerebralnom paralizom i dinamičkom adukcijskom kontrakturom kod hoda te za primjenu kao poslijeoperacijska ortoza nakon tenotomije aduktora te kod djece sa cerebralnom paralizom koja ne hodaju i imaju povećan rizik od migracije kukova.","01.01.1995","11.02.2016"]
[205,172,"Za osigurane osobe koje šećernu bolest liječe tabletama ili primaju inzulin jedan ili više puta dnevno, za mjerenje šećera u krvi. Uređaj osiguranim osobama koji šećernu bolest liječe tabletama predlaže i propisuje izabrani doktor. Uređaj osiguranim osobama koji primaju inzulin jedan ili više puta dnevno, kod prve opskrbe predlaže specijalist koji uvodi inzulinsku terapiju (specijalist interne medicine, endokrinolog dijabetolog; specijalist pedijatar, endokrinolog dijabetolog; specijalist opće/obiteljske medicine), a propisuje izabrani doktor. ","14.04.2016","31.05.2018"]
[206,286,"1. Akromatopsija - (utvrđena nakon obrade prema pravilima struke od strane odgovarajuće educiranog specijaliste oftamologa, zaposlenog na Klinici)  - moguće je odobriti 1 okvir za naočale za filtere za pojačavanje kontrasta s filterima za pojačavanje kontrasta, s polarizacijom, za vanjski prostor u uvjetima najčešćeg korištenja i 1 okvir za naočale za filtere za pojačavanje kontrasta s filterima za pojačavanje kontrasta, bez polarizacije, za korištenje u zatvorenom prostoru, na period od 2 godine. Iznimno, uz detaljno obrazloženje oftamologa, može se umjesto filtera za pojačavanje kontrasta, s polarizacijom, za vanjski prostor u uvjetima najčešćeg korištenja, ostvariti pravo na fotosenzibilne filtere za pojačavanje kontrasta, s polarizacijom. Ukoliko, unutar perioda od 2 godine dođe do promjene dioptrije za ≥+/-1 dioptrije, moguće je odobriti nove filtere za pojačavanje kontrasta uz korištenje istih okvira za naočale za filtere za pojačavanje kontrasta. 2. Albinizam - (utvrđen nakon obrade prema pravilima struke od strane odgovarajuće educiranog specijaliste oftamologa, zaposlenog na Klinici) – odobrava se 1 okvir za naočale za filtere za pojačavanje kontrasta s filterima za pojačavanje kontrasta, s polarizacijom, za vanjski prostor u uvjetima najčešćeg korištenja, na period od 2 godine. Ukoliko, unutar perioda od 2 godine dođe do promjene dioptrije za ≥+/-1 dioptrije, moguće je odobriti nove filtere za pojačavanje kontrasta uz korištenje istih okvira za naočale za filtere za pojačavanje kontrasta.","11.02.2016"]
[209,288,"Za kronične, inficirane rane (potkoljenični vrijed, dekubitus 2-4 stupnja, dijabetičko stopalo) u fazi čišćenja rane i fazi nekroze. Maksimalna duljina trajanja terapije ovim oblogama je 2 mjeseca","22.02.2016","05.05.2016"]
[210,253,"Obavezno priložiti potvrdu o završenom školovanju iz Brailleevog pisma te preporuku Hrvatskog saveza slijepih ili temeljne udruge Hrvatskog saveza slijepih ili Centra za odgoj i obrazovanje \"Vinko Bek\", da je osigurana osoba sposobna služiti se Brailleevim pismom. ","23.06.2016"]
[211,287,"Ukoliko osigurana osoba realizira pravo na pomagalo „Punjač baterija sa dvije baterije za punjenje govornog procesora“ ista ostvaruje pravo na izdavanje najviše do 24 komada pomagala generičkog naziva „Baterije za govorni procesor“ u 3 mjeseca, za vrijeme trajanja roka uporabe pomagala „Punjač baterija sa dvije baterije za punjenje govornog procesora“ (5 godina).","04.05.2016","21.11.2018"]
[212,288,"Za osigurane osobe starosti do 18. godine života. Za kretanje, kod spastične kljenuti bilo koje geneze. Obavezna provjera funkcionalnosti pomagala, medicinski dokumentirana. Ukoliko osigurana osoba ostvari pravo na SWASH ortozu ne može ostvariti pravo na HKAFO ortozu.","05.05.2016","02.11.2016"]
[215,288,"Za osigurane osobe starosti do 18. godine života. Za kretanje, kod spastične kljenuti bilo koje geneze. Obavezna provjera funkcionalnosti pomagala, medicinski dokumentirana. Ukoliko osigurana osoba ostvari pravo na VAHO ortozu ne može ostvariti pravo na HKAFO ortozu. ","03.11.2016"]
[216,289,"Za osigurane osobe koje su opskrbljene koncentratorima kisika, kao rezervna opskrba.","03.11.2016"]
[217,290,"Bolesti epitela rožnice: 1. bulozna keratopatija, 2. recidivirajuće erozije rožnice, 3. ostali defekti rožnice koji ne reagiraju na ostale oblike liječenja (keratopatije).","25.10.2016","18.03.2026"]
[220,266,"Totalna laringektomija. Nakon ugradnje proteze odobrava se jedna rezervna proteza, a svaka slijedeća uz medicinski evidentiranu ugradnju prethodno odobrene proteze. Osigurana osoba koja je ostvarila pravo na govornu protezu ne može istovremeno ostvariti pravo na pomagalo za glasni govor, osim u slučaju kada iz medicinsko tehničkih razloga ne može koristiti već odobrenu govornu protezu.","03.12.2016"]
[221,264,"Za osigurane osobe koje imaju ugrađenu umjetnu pužnicu. Ukoliko osigurana osoba realizira pravo na pomagalo \"Punjač baterija sa dvije baterije za punjenje govornog procesora\" ista ostvaruje pravo na izdavanje najviše do 24 komada pomagala generičkog naziva \"Baterije za govorni procesor\" u 3 mjeseca, za vrijeme trajanja roka uporabe pomagala \"Punjač baterija sa dvije baterije za punjenje govornog procesora\" (5 godina).","28.04.2017","21.11.2018"]
[222,291,"Dijelovi respiratora HT50 koji se mijenjaju nakon 10.000 sati rada ili nakon 2 godine ili alarma uređaja kod približnih sati rada.Rad i testiranje do 5 sati.","26.01.2017","18.03.2026"]
[223,292,"Dijelovi respiratora HT50 koji se mijenjaju nakon 20.000 sati rada ili alarma uređaja kod približnih sati rada. Rad i testiranje do 6 sati.","26.01.2017","18.03.2026"]
[224,293,"Dijelovi respiratora Trilogy 100 koji se mijenjaju nakon 17500 sati rada ili nakon 2 godine. Rad i testiranje do 8 sati.","26.01.2017"]
[225,296,"Kod inkontinencije osiguranih osoba starijih od 7 godina. Osigurana osoba ostvaruje pravo na pomagalo u količini do 10 komada za razdoblje od 3 mjeseca.  ","26.01.2017","14.02.2018"]
[226,294,"Dio respiratora Astral 100 koji se mijenja nakon 2 godine. Rad i testiranje do 4 sata.  ","01.03.2017"]
[227,295,"Dijelovi respiratora Astral 100 koji se mijenjaju nakon 35.000 sati rada. Rad i testiranje do 6 sati.  ","01.03.2017"]
[228,156,"Osiguranim osobama s visokom razinom aktivnosti u svakodnevnom životu koja samostalno mogu upravljati invalidskim kolicima, propisuju se aktivna invalidska kolica. Kod prve opskrbe timski, u rehabilitacijskoj ustanovi, sljedeća može i u ugovornoj specijalističkoj ordinaciji. Uz povijest bolesti i potvrdu o pomagalu obvezan i medicinsko-tehnički mjerni list.","01.01.2018"]
[229,133,"Indikacija se postavlja nakon ozljede.","24.06.2017"]
[230,133,"Indikacija se postavlja nakon ozljede.","24.06.2017","24.06.2017"]
[231,133,"Indikacija se postavlja nakon ozljede.","24.06.2017","24.06.2017"]
[232,133,"Indikacija se postavlja nakon ozljede.","24.06.2017","24.06.2017"]
[233,156,"Osiguranim osobama s visokom razinom aktivnosti u svakodnevnom životu koja samostalno mogu upravljati invalidskim kolicima, propisuju se aktivna invalidska kolica. Kod prve opskrbe timski, u rehabilitacijskoj ustanovi, sljedeća može i u ugovornoj specijalističkoj ordinaciji. Uz povijest bolesti i potvrdu o pomagalu obvezan i medicinsko-tehnički mjerni list. ","24.06.2017","24.06.2017"]
[234,156,"Osiguranim osobama s visokom razinom aktivnosti u svakodnevnom životu koja samostalno mogu upravljati invalidskim kolicima, propisuju se aktivna invalidska kolica. Kod prve opskrbe timski, u rehabilitacijskoj ustanovi, sljedeća može i u ugovornoj specijalističkoj ordinaciji. Uz povijest bolesti i potvrdu o pomagalu obvezan i medicinsko-tehnički mjerni list. ","24.06.2017","24.06.2017"]
[235,156,"Osiguranim osobama s visokom razinom aktivnosti u svakodnevnom životu koja samostalno mogu upravljati invalidskim kolicima, propisuju se aktivna invalidska kolica. Kod prve opskrbe timski, u rehabilitacijskoj ustanovi, sljedeća može i u ugovornoj specijalističkoj ordinaciji. Uz povijest bolesti i potvrdu o pomagalu obvezan i medicinsko-tehnički mjerni list. ","24.06.2017","01.01.2018"]
[236,158,"Samo za osigurane osobe koje mogu sjediti. Stalna vezanost za kolica bez voljne aktivne motorike, s teškim poremećajem mišićnog tonusa-spastičnost ili hipotonija, s nekontroliranim pokretima i kontrakturama u zglobovima donjih udova za više od 45° ili (iznimka hipotona stanja) s luksacijom odnosno subluksacijom jednog ili obaju zglobova kuka, s deformacijama trupa, tj. skoliozom od više od 35° i kifozom iznad 45°, s asimetrijom prsnog koša i zdjelice, bez kontrole položaja glave i ne može upravljati invalidskim kolicima na ručni pogon za djecu ili odrasle, ili kolicima na elektromotorni pogon, ili je onemogućeno sjedenje u kolicima s posebnom prilagodbom. Prva opskrba isključivo stacionarno, timski propisuju specijalist ortoped/specijalist ortopedije i traumatologije i specijalist fizikalne medicine i rehabilitacije. Svaki sljedeći prijedlog za propisivanje invalidskih kolica s posebnom prilagodbom sjedišta, može se obavljati i u ugovornim zdravstvenim ustanovama, timski propisuju specijalist ortoped/specijalist ortopedije i traumatologije i specijalist fizikalne medicine i rehabilitacije. Osigurana osoba koja ostvari pravo na invalidska kolica s posebnom prilagodbom sjedišta ne može ostvariti pravo na dvoja invalidska kolica.","24.06.2017"]
[237,133,"Indikacija se postavlja nakon ozljede.","24.06.2017","24.06.2017"]
[238,136,"Kod kifoze Cobbov kut veći od 50 stupnjeva, Risser do 4 kod prvog propisivanja   ","24.06.2017"]
[239,138,"Za konzervativno liječenje prijeloma kralježnice.  ","24.06.2017"]
[240,139,"Kod idiopatske skolioze, Cobbov kut od 20 do 45 stupnjeva, Risser do 4 kod prvog propisivanja   ","24.06.2017"]
[241,140,"Kod adolescentne kifoze, Cobbov kut veći od 50 stupnjeva, Risser do 4 kod prvog propisivanja   ","24.06.2017"]
[242,141,"Za konzervativno liječenje prijeloma kralježnice L4-S1   ","24.06.2017"]
[243,297,"Za debridman nekrotične rane s naslagama (venski i arterijski ulkus, dijabetički ulkus, dekubitalni ulkus). Propisuje se jednokratno, do najviše 5 komada po rani. Opetovano propisivanje nije indicirano, već je potrebno promijeniti modalitet liječenja.","31.08.2017"]
[245,"243b","Osigurana osoba ostvaruje pravo na pomagalo kod jednostrane ili obostrane afakije, sfernih ametropija većih od 3 dioptrije i astigmatizma većeg od 2 cilindra. Pomagalo se može propisati i djeci do navršenih 18 godina života zbog kratkovidnosti, odnosno dalekovidnosti bez obzira na vrstu i stupanj nepravilnosti vida.  Kod jednostrane dioptrije preko +3,00 dsph moguće obostrano propisivanje plastičnih leća.","02.11.2017"]
[246,297,"Za debridman nekrotične rane s naslagama (venski i arterijski ulkus, dijabetički ulkus, dekubitalni ulkus). Propisuje se jednokratno, do najviše 5 komada po rani. Opetovano propisivanje nije indicirano, već je potrebno promijeniti modalitet liječenja.","31.12.2017","12.07.2021"]
[247,"243b","Osigurana osoba ostvaruje pravo na pomagalo kod jednostrane ili obostrane afakije, sfernih ametropija većih od 3 dioptrije i astigmatizma većeg od 2 cilindra. Pomagalo se može propisati i djeci do navršenih 18 godina života zbog kratkovidnosti, odnosno dalekovidnosti bez obzira na vrstu i stupanj nepravilnosti vida.  Kod jednostrane dioptrije preko +3,00 dsph moguće obostrano propisivanje plastičnih leća.","02.11.2017","02.11.2017"]
[248,160,"Kod prve opskrbe stacionarno timski (specijalist fizikalne medicine i rehabilitacije i/ili specijalist ortoped/specijalist ortopedije i traumatologije i radni terapeut i fizioterapeut i psiholog) u ugovornoj rehabilitacijskoj ustanovi uz obvezno testiranje probne vožnje. Svaka sljedeća opskrba moguća je i u ugovornoj specijalističkoj ordinaciji. Kod svakog zahtjeva obavezno je priložiti: 1. medicinsko-tehnički mjerni list, 2. za djecu od navršene 12. do 18. godine uz pisanu suglasnost roditelja, skrbnika odnosno osobe kojoj je dijete dodijeljeno za samostalno korištenje elektromotornih kolica i 3. nalaz psihologa o sposobnosti samostalnog i sigurnog upravljanja predmetnim kolicima.","31.12.2017","31.12.2017"]
[249,201,"Kod inkontinencije osoba starijih od 3 godine. Osigurana osoba ostvaruje pravo: 1. ili samo na  niskoupijajuće pelene do najviše 400 kom,  2. ili na kombinaciju niskoupijajućih i visokoupijajućih pelena, količina pojedinih pomagala u kombinaciji računa se na način: broj niskoupijajućih pelena= (400xX%), broj visokoupijajućih pelena= (320xY%), s tim da X%+Y%=100%, a ukupan maksimalan broj pomagala u kombinaciji uvijek je manji od 400 komada 3. ili na kombinaciju niskoupijajućih pelena i anatomskih uložaka, količina pojedinih pomagala u kombinaciji računa se na način: broj niskoupijajućih pelena= (400xX%), broj anatomskih uložaka= (275xY%), s tim da je X%+Y%=100%, a ukupan maksimalan broj pomagala u kombinaciji uvijek je manji od 400 komada.  ","31.12.2017","31.12.2017"]
[250,202,"Kod inkontinencije osiguranih osoba starijih od 3 godine. Osigurana osoba ostvaruje pravo: 1. ili samo na  visokoupijajuće pelene do najviše 320 kom,  2. ili na kombinaciju visokoupijajućih pelena i niskoupijajućih pelena, količina pojedinih pomagala u kombinaciji računa se na način: broj visokoupijajućih pelena= (320 x X%), broj niskoupijajućih pelena= (400xY%), s tim da X%+Y%=100%, a ukupan maksimalan broj pomagala u kombinaciji uvijek je manji od 400 komada, 3. ili na kombinaciju visokoupijajućih pelena i anatomskih uložaka, količina pojedinih pomagala u kombinaciji računa se na način: broj visokoupijajućih pelena= (320 x X%), broj anatomskih uložaka= (275 x Y%), s tim da X%+Y%=100%, a ukupan maksimalan broj pomagala u kombinaciji uvijek je manji od 320 komada.  ","31.12.2017","31.12.2017"]
[251,203,"Kod inkontinencije osiguranih osoba starijih od 7 godina. Osigurana osoba ostvaruje pravo: 1. ili samo na  visokoupijajuće, ekstravelike pelene do najviše 320 kom,  2. ili na kombinaciju visokoupijajućih, ekstravelikih pelena i anatomskih uložaka, količina pojedinih pomagala u kombinaciji računa se na način: broj visokoupijajućih, ekstravelikih pelena= (320 x X%), broj anatomskih uložaka= (275 x Y%), s tim da X%+Y%=100%, a ukupan maksimalan broj pomagala u kombinaciji uvijek je manji od 320 komada ","31.12.2017","31.12.2017"]
[252,204,"Kod inkontinencije osiguranih osoba starijih od 7 godina. Osigurana osoba ostvaruje pravo: 1. ili samo na anatomske uloške do najviše 275 komada, 2. ili u kombinaciji s pelenama na način kako je objašnjeno u indikacijama 201, 202 i 203 ","31.12.2017","31.12.2017"]
[253,298,"Kod traheotomije i kod pojačane sekrecije traheotomiranih osoba.","31.12.2017","31.12.2017"]
[254,299,"Odobrava se kao potrošni materijal  osiguranim osobama koje ostvaruju pravo na aspirator za kućnu uporabu.","31.12.2017","31.12.2017"]
[255,300,"Kod svake opskrbe stacionarno, timski (specijalist fizikalne medicine i rehabilitacije i/ili specijalist ortoped/specijalist ortopedije i traumatologije i radni terapeut i fizioterapeut i psiholog) u ugovornoj rehabilitacijskoj ustanovi. Isporuka pomagala uvijek u ustanovi propisivanja pomagala uz obvezno učenje vožnje i ocjenu funkcionalnosti pomagala. Kod svakog zahtjeva obavezno priložiti: 1. medicinsko-tehnički mjerni list,2. za djecu od navršene 12. do 18. godine pisanu suglasnost roditelja, skrbnika odnosno osobe kojoj je dijete dodijeljeno za korištenje elektromotornih kolica i 3. nalaz psihologa o sposobnosti sigurnog upravljanja predmetnim kolicima.","31.12.2017","31.12.2017"]
[256,301,"Za osigurane osobe Zavoda s neuromuskularnim bolestima i nemogućnošću izbacivanja sekreta, starosti do 18. godine života, koje su opskrbljene respiratorom za kućnu uporabu. Ukoliko je osoba ostvarila pravo na pomagalo do 18. godine života na teret sredstava Zavoda, na isto ostvaruje pravo i nakon navršene 18. godine. Ukoliko je osoba ostvarila pravo na mehanički insuflator/eksuflator za kućnu uporabu ili obnovljeni mehanički insuflator/eksuflator za kućnu uporabu, ista ne ostvaruje pravo na aspirator za kućnu uporabu niti na aspiracijske katetere, aspiracijske katetere Ch8-10 i filter za osobni aspirator. ","31.12.2017","31.12.2017"]
[257,302,"Za osigurane osobe Zavoda opskrbljene mehaničkim insuflatorom/eksuflatorom za kućnu uporabu na teret sredstava Zavoda. Ukoliko je osigurana osoba ostvarila pravo na potrošni materijal do 18.godine, isto ostvaruje i nakon navršene 18.godine. Za odobravanje seta potrošnog materijala za mehanički insuflator/eksuflator potrebno je Liječničkom povjerenstvu Direkcije dostaviti najmanje jedan puta godišnje ispis SD kartice uređaja na kojem mora biti vidljivo kako se pomagalo koristi u prosjeku minimalno 4 puta dnevno.","31.12.2017","31.12.2017"]
[258,303,"Odobrava se jednokratno, nakon isteka jamstvenog roka za mehanički insuflator/ eksuflator , u slučaju eventualne, dokumentirano opravdane potrebe popravka u roku uporabe pomagala.","31.12.2017","18.03.2026"]
[259,304,"Rane koje eksudiraju: dekubitus, potkoljenični vrijed, dijabetičko stopalo i opekline. Ukoliko nakon 3 mjeseca terapije oblogama za rane nema znakova cijeljenja rane, liječnik opće/obiteljske medicine ili specijalist pedijatar, obavezan je pacijenta uputiti na specijalistički pregled specijalisti dermatovenerologu. Ukoliko niti nakon 6 mjeseci terapije oblogama za rane nema znakova cijeljenja rane, obustavlja se terapijska primjena obloga za rane.","31.12.2017","31.12.2017"]
[260,200,"Kod inkontinencije osoba starijih od 3 godine, tjelesna težina do 40 kilograma. Kod indikacija iz članka 50. Pravilnika o ortopedskim i drugim pomagalima.","15.02.2018","25.10.2019"]
[261,205,"Kod inkontinencije stolice i urina. Osigurane osobe koje po Barthelovom indeksu potpuno ovise o tuđoj pomoći ostvaruju pravo na do 90 komada na 3 mjeseca; osigurane osobe koje se samokateteriziraju ostvaruju pravo na 30 komada u 3 mjeseca. Kod indikacija iz članka 50. Pravilnika o ortopedskim i drugim pomagalima.","15.02.2018","25.10.2019"]
[262,296,"Kod inkontinencije osiguranih osoba starijih od 7 godina. Osigurana osoba ostvaruje pravo na pomagalo u količini do 10 komada za razdoblje od 3 mjeseca. Kod indikacija iz članka 50. Pravilnika o ortopedskim i drugim pomagalima.","15.02.2018","25.10.2019"]
[263,160,"Kod prve opskrbe stacionarno timski (specijalist fizikalne medicine i rehabilitacije i/ili specijalist ortoped/specijalist ortopedije i traumatologije i radni terapeut i fizioterapeut i psiholog) u ugovornoj rehabilitacijskoj ustanovi uz obvezno testiranje probne vožnje. Svaka sljedeća opskrba moguća je i u ugovornoj specijalističkoj ordinaciji. Kod svakog zahtjeva obavezno je priložiti: 1. medicinsko-tehnički mjerni list, 2. za djecu od navršene 12. do 18. godine uz pisanu suglasnost roditelja, skrbnika odnosno osobe kojoj je dijete dodijeljeno za samostalno korištenje elektromotornih kolica i 3. nalaz psihologa o sposobnosti samostalnog i sigurnog upravljanja predmetnim kolicima.","15.02.2018","20.05.2019"]
[264,201,"Kod inkontinencije osoba starijih od 3 godine. Osigurana osoba ostvaruje pravo kod indikacija iz članka 50. Pravilnika o ortopedskim i drugim pomagalima: 1. ili samo na  niskoupijajuće pelene do najviše 400 kom,  2. ili na kombinaciju niskoupijajućih i visokoupijajućih pelena, količina pojedinih pomagala u kombinaciji računa se na način: broj niskoupijajućih pelena= (400xX%), broj visokoupijajućih pelena= (320xY%), s tim da X%+Y%=100%, a ukupan maksimalan broj pomagala u kombinaciji uvijek je manji od 400 komada 3. ili na kombinaciju niskoupijajućih pelena i anatomskih uložaka, količina pojedinih pomagala u kombinaciji računa se na način: broj niskoupijajućih pelena= (400xX%), broj anatomskih uložaka= (275xY%), s tim da je X%+Y%=100%, a ukupan maksimalan broj pomagala u kombinaciji uvijek je manji od 400 komada.  ","15.02.2018","25.10.2019"]
[265,202,"Kod inkontinencije osiguranih osoba starijih od 3 godine. Osigurana osoba ostvaruje pravo kod indikacija iz članka 50. Pravilnika o ortopedskim i drugim pomagalima: 1. ili samo na  visokoupijajuće pelene do najviše 320 kom,  2. ili na kombinaciju visokoupijajućih pelena i niskoupijajućih pelena, količina pojedinih pomagala u kombinaciji računa se na način: broj visokoupijajućih pelena= (320 x X%), broj niskoupijajućih pelena= (400xY%), s tim da X%+Y%=100%, a ukupan maksimalan broj pomagala u kombinaciji uvijek je manji od 400 komada, 3. ili na kombinaciju visokoupijajućih pelena i anatomskih uložaka, količina pojedinih pomagala u kombinaciji računa se na način: broj visokoupijajućih pelena= (320 x X%), broj anatomskih uložaka= (275 x Y%), s tim da X%+Y%=100%, a ukupan maksimalan broj pomagala u kombinaciji uvijek je manji od 320 komada.  ","15.02.2018","25.10.2019"]
[266,203,"Kod inkontinencije osiguranih osoba starijih od 7 godina. Osigurana osoba ostvaruje pravo kod indikacija iz članka 50. Pravilnika o ortopedskim i drugim pomagalima: 1. ili samo na  visokoupijajuće, ekstravelike pelene do najviše 320 kom,  2. ili na kombinaciju visokoupijajućih, ekstravelikih pelena i anatomskih uložaka, količina pojedinih pomagala u kombinaciji računa se na način: broj visokoupijajućih, ekstravelikih pelena= (320 x X%), broj anatomskih uložaka= (275 x Y%), s tim da X%+Y%=100%, a ukupan maksimalan broj pomagala u kombinaciji uvijek je manji od 320 komada ","15.02.2018","25.10.2019"]
[267,204,"Kod inkontinencije osiguranih osoba starijih od 7 godina. Osigurana osoba ostvaruje pravo kod indikacija iz članka 50. Pravilnika o ortopedskim i drugim pomagalima: 1. ili samo na anatomske uloške do najviše 275 komada, 2. ili u kombinaciji s pelenama na način kako je objašnjeno u indikacijama 201, 202 i 203 ","15.02.2018","25.10.2019"]
[268,298,"Kod traheotomije i kod pojačane sekrecije traheotomiranih osoba.","15.02.2018"]
[269,299,"Odobrava se kao potrošni materijal  osiguranim osobama koje ostvaruju pravo na aspirator za kućnu uporabu.","15.02.2018"]
[270,300,"Kod svake opskrbe stacionarno, timski (specijalist fizikalne medicine i rehabilitacije i/ili specijalist ortoped/specijalist ortopedije i traumatologije i radni terapeut i fizioterapeut i psiholog) u ugovornoj rehabilitacijskoj ustanovi. Isporuka pomagala uvijek u ustanovi propisivanja pomagala uz obvezno učenje vožnje i ocjenu funkcionalnosti pomagala. Kod svakog zahtjeva obavezno priložiti: 1. medicinsko-tehnički mjerni list,2. za djecu od navršene 12. do 18. godine pisanu suglasnost roditelja, skrbnika odnosno osobe kojoj je dijete dodijeljeno za korištenje elektromotornih kolica i 3. nalaz psihologa o sposobnosti sigurnog upravljanja predmetnim kolicima.","15.02.2018","21.11.2018"]
[271,301,"Za osigurane osobe Zavoda s neuromuskularnim bolestima i nemogućnošću izbacivanja sekreta, starosti do 18. godine života, koje su opskrbljene respiratorom za kućnu uporabu. Ukoliko je osoba ostvarila pravo na pomagalo do 18. godine života na teret sredstava Zavoda, na isto ostvaruje pravo i nakon navršene 18. godine. Ukoliko je osoba ostvarila pravo na mehanički insuflator/eksuflator za kućnu uporabu ili obnovljeni mehanički insuflator/eksuflator za kućnu uporabu, ista ne ostvaruje pravo na aspirator za kućnu uporabu niti na aspiracijske katetere, aspiracijske katetere Ch8-10 i filter za osobni aspirator. ","15.02.2018","25.10.2019"]
[272,302,"Za osigurane osobe Zavoda opskrbljene mehaničkim insuflatorom/eksuflatorom za kućnu uporabu na teret sredstava Zavoda. Ukoliko je osigurana osoba ostvarila pravo na potrošni materijal do 18.godine, isto ostvaruje i nakon navršene 18.godine. Za odobravanje seta potrošnog materijala za mehanički insuflator/eksuflator potrebno je Liječničkom povjerenstvu Direkcije dostaviti najmanje jedan puta godišnje ispis SD kartice uređaja na kojem mora biti vidljivo kako se pomagalo koristi u prosjeku minimalno 4 puta dnevno.","15.02.2018"]
[273,303,"Odobrava se jednokratno, nakon isteka jamstvenog roka za mehanički insuflator/ eksuflator , u slučaju eventualne, dokumentirano opravdane potrebe popravka u roku uporabe pomagala.","15.02.2018","18.03.2026"]
[274,304,"Rane koje eksudiraju: dekubitus, potkoljenični vrijed, dijabetičko stopalo i opekline. Ukoliko nakon 3 mjeseca terapije oblogama za rane nema znakova cijeljenja rane, liječnik opće/obiteljske medicine ili specijalist pedijatar, obavezan je pacijenta uputiti na specijalistički pregled specijalisti dermatovenerologu. Ukoliko niti nakon 6 mjeseci terapije oblogama za rane nema znakova cijeljenja rane, obustavlja se terapijska primjena obloga za rane.","15.02.2018","02.08.2019"]
[275,172,"Za osigurane osobe koje šećernu bolest liječe tabletama ili primaju inzulin jedan ili više puta dnevno,  za mjerenje šećera u krvi. Uređaj osiguranim osobama koji šećernu bolest liječe tabletama predlaže i propisuje izabrani doktor. Uređaj osiguranim osobama koji primaju inzulin jedan ili više puta dnevno, kod prve opskrbe predlaže specijalist koji uvodi inzulinsku terapiju (specijalist interne medicine, endokrinolog dijabetolog;  specijalist pedijatar, endokrinolog dijabetolog; specijalist opće/obiteljske medicine), a propisuje izabrani doktor. Osigurana osoba koja je ostvarila pravo na uređaj za neograničeno skeniranje razine glukoze u međustaničnoj tekućini uz dodatnu mogućnost mjerenja glukoze i ketona u krvi \"FreeStyle Libre\", ne ostvaruje pravo na set za brzo očitavanje koncentracije šećera u krvi.","01.06.2018"]
[276,174,"Osigurane osobe koje šećernu bolest liječe tabletama-ostvaruju pravo na 50 komada za 6 mjeseci, osigurane osobe koje primaju inzulin jednom dnevno ili su na drugoj subkutanoj terapiji za šećernu bolest ostvaruju pravo na 90 komada za 3 mjeseca, osigurane osobe koje primaju inzulin 2 puta dnevno ostvaruju pravo na 180 komada za 3 mjeseca, osigurane osobe koje primaju inzulin 3 puta dnevno ostvaruju pravo na 275 komada za 3 mjeseca, osigurane osobe koje primaju inzulin više od 3 puta dnevno ostvaruju pravo na najviše 375 komada za 3 mjeseca. Osigurane osobe ostvaruju pravo na pomagalo isključivo uz predočenje dnevnika ili softvera samokontrole. Iznimno, za trudnice na terapiji inzulinom, može se odobriti do 500 trakica za 3 mjeseca, a za djecu do 18. godine života s lošom regulacijom šećera u krvi koja su na terapiji inzulinom može se odobriti do 625 trakica za 3 mjeseca. Osigurana osoba koje je ostvarila pravo na uređaj za neograničeno skeniranje razine glukoze u međustaničnoj tekućini \"FreeStyle Libre\" i pripadajući senzor, ne ostvaruje pravo na dijagnostičke trakice za mjerenje glukoze u krvi uređajem i lancete za vađenje krvi iz prsta za kontrolu glukoze u krvi, jer su iste sadržane u kvartalnom setu. Osigurana osoba koje je ostvarila pravo na odašiljač za kontinuirano mjerenje glukoze \"Medtronic MiniMed\" i pripadajući senzor, ostvaruje pravo na najviše do 1475 komada godišnje dijagnostičkih trakica za mjerenje glukoze u krvi uređajem i na najviše do 1475 komada godišnje lanceta za vađenje krvi iz prsta za kontrolu glukoze u krvi.","01.06.2018","14.08.2020"]
[277,305,"Za osigurane osobe do navršene 8. godine života koje boluju od šećerne bolesti i primaju inzulin putem inzulinske pumpe te i dalje imaju lošu regulaciju glikemije (HbA1c>7,5%).  Osigurana osoba koja je ostvarila pravo na predmetno pomagalo, ne ostvaruje pravo na uređaj za neograničeno skeniranje razine glukoze u međustaničnoj tekućini „FreeStyle Libre“ i pripadajući senzor.  Osigurana osoba koja je ostvarila pravo na predmetno pomagalo, ostvaruje pravo na najviše do 1475 komada godišnje dijagnostičkih trakica za mjerenje glukoze u krvi uređajem i na najviše do 1475 komada godišnje lanceta za vađenje krvi iz prsta za kontrolu glukoze u krvi.  Osigurana osoba ne ostvaruje pravo na povećanu količinu senzora za kontinuirano mjerenje glukoze.  ","01.06.2018","05.04.2020"]
[278,306,"Za osigurane osobe koje boluju od šećerne bolesti:   - djeca od navršene 4. do navršene 18. godine života  - trudnice  - slijepe osobe  - bolesnici sa šećernom bolešću tipa 1 i na intenziviranoj terapiji inzulinom (4 i više doza inzulina ili inzulinska pumpa), s dokazanom hipoglikemijom u hospitalnim uvjetima, a uz preporuku specijaliste dijabetologa iz: KBC Zagreb, KBC Sestre milosrdnice, KB Dubrava, Sveučilišna klinika za dijabetes, endokrinologiju i bolesti metabolizma Vuk Vrhovac, KBC Split, KBC Osijek i KBC Rijeka.   Osigurana osoba koja je ostvarila pravo na predmetno pomagalo, ne ostvaruje pravo na odašiljač za kontinuirano mjerenje glukoze i pripadajući senzor za kontinuirano mjerenje glukoze „Medtronic MiniMed“.  Osigurana osoba koja je ostvarila pravo na predmetno pomagalo, ne ostvaruje pravo na set za brzo očitavanje koncentracije šećera u krvi.  Osigurana osoba koja je ostvarila pravo na predmetno pomagalo, ne ostvaruje pravo na dijagnostičke trakice za mjerenje glukoze u krvi uređajem i lancete za vađenje krvi iz prsta za kontrolu glukoze u krvi, jer su iste sadržane u kvartalnom setu.  Kvartalni set sastoji se od:   - do 7 senzora  uz uvjet da ukupna godišnja količina ne prelazi 26 senzora,   - od 50 trakica i 50 lanceta za odrasle osobe,   - od 150 trakica i 150 lanceta za djecu.  U godini ostvarivanja prava na uređaj za neograničeno skeniranje razine glukoze, osigurana osoba ostvaruje pravo na još 25 senzora, jer je 1 senzor sadržan u startnom setu, a nadalje 26 senzora godišnje.  ","01.06.2018","18.03.2026"]
[279,306,"Za osigurane osobe koje boluju od šećerne bolesti:   - djeca od navršene 4. do navršene 18. godine života  - trudnice  - slijepe osobe  - bolesnici sa šećernom bolešću tipa 1 i na intenziviranoj terapiji inzulinom (4 i više doza inzulina ili inzulinska pumpa), s dokazanom hipoglikemijom u hospitalnim uvjetima u: KBC Zagreb, KBC Sestre milosrdnice, KB Dubrava, Sveučilišna klinika za dijabetes, endokrinologiju i bolesti metabolizma Vuk Vrhovac, KBC Split, KBC Osijek i KBC Rijeka.   Osigurana osoba koja je ostvarila pravo na predmetno pomagalo, ne ostvaruje pravo na odašiljač za kontinuirano mjerenje glukoze i pripadajući senzor za kontinuirano mjerenje glukoze „Medtronic MiniMed“.  Osigurana osoba koja je ostvarila pravo na predmetno pomagalo, ne ostvaruje pravo na set za brzo očitavanje koncentracije šećera u krvi.  Osigurana osoba koja je ostvarila pravo na predmetno pomagalo, ne ostvaruje pravo na dijagnostičke trakice za mjerenje glukoze u krvi uređajem i lancete za vađenje krvi iz prsta za kontrolu glukoze u krvi, jer su iste sadržane u kvartalnom setu.  Kvartalni set sastoji se od:   - do 7 senzora  uz uvjet da ukupna godišnja količina ne prelazi 26 senzora,   - od 50 trakica i 50 lanceta za odrasle osobe,   - od 150 trakica i 150 lanceta za djecu.  U godini ostvarivanja prava na uređaj za neograničeno skeniranje razine glukoze, osigurana osoba ostvaruje pravo na još 25 senzora, jer je 1 senzor sadržan u startnom setu, a nadalje 26 senzora godišnje.  ","21.06.2018","18.03.2026"]
[280,307,"Za vrijeme roka uporabe pomagala „Kabel za govorni procesor“, ne može se odobriti pomagalo „Zavojnica za govorni procesor\".","21.06.2018"]
[281,308,"Ukoliko osigurana osoba ima odobreno pomagalo Govorni procesor Kanso CP950 series processing unit, CR 210 remote assistant;  Kanso CP950 series processing unit, CR 230 remote assistant, ista ne ostvaruje pravo na pomagala Kabel za govorni procesor, Zavojnica za govorni procesor, Zavojnica s kablom za govorni procesor i Punjač baterija sa dvije baterije za punjenje govornog procesora, budući isto nije potrebno za rad navedenog procesora.    ","21.06.2018"]
[282,309,"Kao kompresivna terapija  kod dokazane tromboze, limfedema. Ako postoji medicinska indikacija obostrano, osigurana osoba ostvaruje pravo na dvostruku količinu.","21.06.2018"]
[283,310,"Kao kompresivna terapija kod ulcusa crurisa koji je u tretmanu pokrivalima, te kod dokazane tromboze, limfedema, varikoziteta II i III stupnja. Ako postoji medicinska indikacija obostrano, osigurana osoba ostvaruje pravo na dvostruku količinu.","21.06.2018","02.08.2019"]
[284,311,"Kao kompresivna terapija kod ulcusa crurisa koji je u tretmanu pokrivalima. Ako postoji medicinska indikacija obostrano, osigurana osoba ostvaruje pravo na dvostruku količinu.","21.06.2018"]
[285,312,"Kao kompresivna terapija kod ulcusa crurisa koji je u tretmanu pokrivalima, te kod dokazane tromboze, limfedema, varikoziteta II i III stupnja.","21.06.2018","02.08.2019"]
[287,306,"Za osigurane osobe koje boluju od šećerne bolesti:   1. djeca od navršene 4. do navršene 18. godine života  2. trudnice  3. slijepe osobe  4. bolesnici sa šećernom bolešću tipa 1 i na intenziviranoj terapiji inzulinom (4 i više doza inzulina), s dokazanom hipoglikemijom u bolničkim uvjetima u:   KBC Zagreb, KBC Sestre milosrdnice, KB Dubrava, Sveučilišna klinika za dijabetes, endokrinologiju i bolesti metabolizma Vuk Vrhovac, KBC Split, KBC Osijek i KBC Rijeka.   Za sve gore navedene četiri kategorije osiguranih osoba, u navedenim centrima, u bolničkim uvjetima, odnosno tijekom obrade u dnevnoj bolnici, pregleda u ambulanti ili tijekom bolničkog liječenja, postavlja se indikacija za navedeno pomagalo.  Osigurana osoba koja je ostvarila pravo na predmetno pomagalo, ne ostvaruje pravo na odašiljač za kontinuirano mjerenje glukoze i pripadajući senzor za kontinuirano mjerenje glukoze „Medtronic MiniMed“.  Osigurana osoba koja je ostvarila pravo na predmetno pomagalo, ne ostvaruje pravo na set za brzo očitavanje koncentracije šećera u krvi.  Osigurana osoba koja je ostvarila pravo na predmetno pomagalo, ne ostvaruje pravo na dijagnostičke trakice za mjerenje glukoze u krvi uređajem i lancete za vađenje krvi iz prsta za kontrolu glukoze u krvi, jer su iste sadržane u kvartalnom setu.  Kvartalni set sastoji se od:   - do 7 senzora  uz uvjet da ukupna godišnja količina ne prelazi 26 senzora,   - od 50 trakica i 50 lanceta za odrasle osobe,   - od 150 trakica i 150 lanceta za djecu.  U godini ostvarivanja prava na uređaj za neograničeno skeniranje razine glukoze, osigurana osoba ostvaruje pravo na još 25 senzora, jer je 1 senzor sadržan u startnom setu, a nadalje 26 senzora godišnje.  ","16.08.2018","18.03.2026"]
[288,225,"Rezervni dijelovi za respirator. ","22.11.2018","18.03.2026"]
[289,264,"Za osigurane osobe koje imaju ugrađenu umjetnu pužnicu. Ukoliko osigurana osoba realizira pravo na pomagalo \"Punjač baterija sa dvije baterije za punjenje govornog procesora\" ista ostvaruje pravo na izdavanje najviše do 24 komada pomagala generičkog naziva \"Baterije za govorni procesor\" u 3 mjeseca, za vrijeme trajanja roka uporabe pomagala \"Punjač baterija sa dvije baterije za punjenje govornog procesora\".","22.11.2018","30.11.2020"]
[290,287,"Ukoliko osigurana osoba realizira pravo na pomagalo \"Punjač baterija sa dvije baterije za punjenje govornog procesora\" ista ostvaruje pravo na izdavanje najviše do 24 komada pomagala generičkog naziva \"Baterije za govorni procesor\" u 3 mjeseca, za vrijeme trajanja roka uporabe pomagala \"Punjač baterija sa dvije baterije za punjenje govornog procesora\".","22.11.2018"]
[291,300,"Kod svake opskrbe timski (specijalist fizikalne medicine i rehabilitacije i/ili specijalist ortoped/specijalist ortopedije i traumatologije i radni terapeut i fizioterapeut i psiholog) u ugovornoj stacionarnoj rehabilitacijskoj ustanovi. Isporuka pomagala uvijek u ustanovi propisivanja pomagala uz obvezno učenje vožnje i ocjenu funkcionalnosti pomagala. Kod svakog zahtjeva obavezno priložiti: 1. medicinsko-tehnički mjerni list, 2. za djecu od navršene 12. do 18. godine pisanu suglasnost roditelja, skrbnika odnosno osobe kojoj je dijete dodijeljeno za korištenje elektromotornih kolica i 3. nalaz psihologa o sposobnosti sigurnog upravljanja predmetnim kolicima.","22.11.2018","20.05.2019"]
[292,313,"Za debridman nekrotične rane, za inficirane rane s obilnom eksudacijom: II-IV stupanj dekubitusa, potkoljenični vrijed, dijabetičko stopalo, opekline do 2b stupnja, pilonidalni sinus. Maksimalna duljina trajanja terapije oblogama za rane s dodatkom Ringerove otopine i PHMB-a je 3 mjeseca. Nije indicirana istovremena primjena s pomagalom generičkog naziva:\"Gel za ranes nekrotičnim naslagama\" niti s pomagalima iz podskupine \"Vlaknaste celulozne obloge s dodatkom\". Nije potrebna sekundarna obloga. Fiksirati običnom sterilnom kompresom i ljepljivom trakom.","22.11.2018"]
[293,"275a","Za sprečavanje nastajanja hipertrofčnih i keloidnih ožiljaka nakon plastičnih rekonstrukcija. Ako postoji medicinska indikacija obostrano, osigurana osoba ostvaruje pravo na dvostruku količinu. Komplet se odnosi na 1 elastičnu masku za lice kod keloida ili 6 silikonskih pločica ili 6  odnosno 9 silikonskih gelova, ovisno o proizvođaču, za ukupno 90 g gela.","28.02.2019","26.02.2021"]
[294,306,"Za osigurane osobe koje boluju od šećerne bolesti: 1. djeca od navršene 4. do navršene 18. god. života (Nakon navršene 18. god. života provodi se evaluacija o uspješnosti liječenja i procjena indikacije za daljnje korištenje.) 2. trudnice 3. slijepe osobe 4. bolesnici sa šećernom bolešću tipa 1 i na intenziviranoj terapiji inzulinom (4 i više doza inzulina), s dokazanom hipoglikemijom:  prema podacima iz uređaja za očitavanje konc. šećera osig. osobe i/ili lab. opremom pri pregledu kod bol. specijaliste pedijatra, endokrinologa dijabetologa ili bol. specijaliste interne medicine, endokrinologa dijabetologa ili bol. specijaliste endokrinologije i dijabetologije u dolje pobrojanim ustanovama. Za sve gore navedene četiri kategorije osig. osoba, u bolničkim uvjetima, odnosno tijekom obrade u dnevnoj bolnici, pregleda u ambulanti ili tijekom bolničkog liječenja, indikaciju za navedeno pomagalo može postaviti bol. specijalist koji se bavi liječenjem šećerne bolesti, a zaposlenik je u: KBC Zagreb, KBC Sestre milosrdnice, KB Dubrava, Sveučilišna klinika za dijabetes i endokrinologiju u KB Merkur, KBC Split, KBC Osijek i KBC Rijeka. Bol. doktor specijalist koji postavlja indikaciju za pomagalo, obavezan je uz specijalistički nalaz priložiti i ispisani dokument kojim se potvrđuje da je osig. osoba registrirana na mrežnoj domeni za praćenje ishoda liječenja. Obaveznu evaluaciju primjene pomagala obvezan je provoditi i evidentirati na mrežnoj domeni za praćenje ishoda liječenja: -bol. specijalist koji je dao preporuku za pomagalo ili specijalist endokrinolog/dijabetolog iz druge zdravstvene ustanove uz suradnju s ustanovom u kojoj je dana preporuka za pomagalo: prvi puta nakon 2 tjedna od početka korištenja pomagala, a zatim u intervalima od jednog, tri, šest i 12 mjeseci. [Indikacija nije kompletna]","04.05.2019","18.03.2026"]
[295,160,"Osigurana osoba s najvećim stupnjem onesposobljenosti sustava za kretanje kada zbog kljenuti ili deformacije ruku i nogu ne može aktivno pokretati kolica na ručni pogon, ali pokretom prstiju može sugurno i samostalno upravljati elektromotornim invalidskim kolicima. Kod prve opskrbe stacionarno timski (specijalist fizikalne medicine i rehabilitacije i/ili specijalist ortoped/specijalist ortopedije i traumatologije i radni terapeut i fizioterapeut i psiholog) u ugovornoj rehabilitacijskoj ustanovi uz obvezno testiranje probne vožnje. Svaka sljedeća opskrba moguća je i u ugovornoj specijalističkoj ordinaciji. Kod svakog zahtjeva obavezno je priložiti: 1. medicinsku dokumentaciju, 2. medicinsko-tehnički mjerni list, 3. za djecu od navršene 12. do 18. godine uz pisanu suglasnost roditelja, skrbnika odnosno osobe kojoj je dijete dodijeljeno za samostalno korištenje elektromotornih kolica, 4. nalaz psihologa o sposobnosti samostalnog i sigurnog upravljanja predmetnim kolicima i 5. kod neuromuskularnih bolesti nalaz neurologa","21.05.2019","05.04.2020"]
[296,300,"Osigurana osoba s najvećim stupnjem onesposobljenosti sustava za kretanje kada zbog kljenuti ili deformacije ruku i nogu ne može aktivno pokretati kolica na ručni pogon niti upravljati elektromotornim invalidskim kolicima ali pokretom glave može sigurno upravljati elektromotornim invalidskim kolicima s posebnim načinima upravljanja. Kod svake opskrbe timski i interdisciplinarno (specijalist fizikalne medicine i rehabilitacije i/ili specijalist ortoped/specijalist ortopedije i traumatologije i radni terapeut i fizioterapeut i psiholog) u ugovornoj stacionarnoj rehabilitacijskoj ustanovi. Isporuka pomagala uvijek u ustanovi propisivanja pomagala uz obvezno učenje vožnje i ocjenu funkcionalnosti pomagala. Kod svakog zahtjeva obavezno priložiti: 1. medicinska dokumentacija, 2. medicinsko-tehnički mjerni list, 3. za djecu od navršene 12. do 18. godine pisanu suglasnost roditelja, skrbnika odnosno osobe kojoj je dijete dodijeljeno za korištenje elektromotornih kolica, 4. nalaz psihologa o sposobnosti sigurnog upravljanja predmetnim kolicima i 5. kod neuromuskularnih bolesti nalaz neurologa.","21.05.2019","05.04.2020"]
[297,314,"Prije odobrenja novog istovrsnog pomagala obavezno se provodi provjera funkcionalnosti od strane nadležnog doktora specijaliste iz djelatnosti koji je ovlašten za propisivanje pomagala.  Prije odobrenja novog rezervnog dijela provjeru funkcionalnosti za sve rezervne dijelove provodi i odobrava Zavod.","21.05.2019"]
[298,315,"Prije odobrenja novog istovrsnog pomagala ili njegovog dijela obavezno se provodi provjera funkcionalnosti od strane nadležnog doktora specijaliste iz djelatnosti koji je ovlašten za propisivanje pomagala. ","21.05.2019","22.06.2022"]
[299,206,"Obilna eksudacija  II - IV stupanj dekubitusa, potkoljenični vrijed, dijabetičko stopalo, opekline do 2b stupnja, pilonidalni sinus. Ukoliko nakon 3 mjeseca terapije oblogama za rane  nema znakova cijeljenja rane, liječnik obiteljske medicine ili specijalist pedijatar, obavezan je osiguranu osobu uputiti na specijalistički pregled specijalisti dermatovenerologu ili specijalisti kirurgu. Ukoliko niti nakon 6 mjeseci terapije oblogama za rane nema znakova cijeljenja rane, obustavlja se terapijska primjena obloga za rane.","03.08.2019"]
[300,207,"Tamponiranje kaviteta, obilna eksudacija  II - IV stupanj dekubitusa, potkoljenični vrijed, dijabetičko stopalo, opekline do 2b stupnja, pilonidalni sinus. Ukoliko  nakon 3 mjeseca terapije oblogama za rane nema znakova cijeljenja rane, liječnik obiteljske medicine ili specijalist pedijatar, obavezan je osiguranu osobu uputiti na specijalistički pregled specijalisti dermatovenerologu ili specijalisti kirurgu. Ukoliko niti nakon 6 mjeseci terapije oblogama za rane nema znakova cijeljenja rane, obustavlja se terapijska primjena obloga za rane.","03.08.2019"]
[301,209,"Tamponiranje kaviteta, inficirane rane, obilna eksudacija, II - IV stupanj dekubitusa, potkoljenični vrijed, dijabetičko stopalo, opekline do 2b stupnja, pilonidalni sinus. Maksimalna duljina trajanja terapije oblogama za rane s dodatkom srebra ili aktivnog ugljena je 3 mjeseca.","03.08.2019"]
[302,210,"Obilna eksudacija  II - IV stupanj dekubitusa, potkoljenični vrijed, dijabetičko stopalo, opekline do 2b stupnja, pilonidalni sinus. Ukoliko nakon 3 mjeseca terapije oblogama za rane  nema znakova cijeljenja rane, liječnik obiteljske medicine ili specijalist pedijatar, obavezan je pacijenta uputiti na specijalistički pregled specijalisti dermatovenerologu ili specijalisti kirurgu. Ukoliko niti nakon 6 mjeseci terapije oblogama za rane nema znakova cijeljenja rane, obustavlja se terapijska primjena obloga za rane. ","03.08.2019"]
[303,211,"Tamponiranje kaviteta, obilna eksudacija  II - IV stupanj dekubitusa, potkoljenični vrijed, dijabetičko stopalo, opekline do 2b stupnja, pilonidalni sinus. Ukoliko nakon 3 mjeseca terapije oblogama za rane  nema znakova cijeljenja rane, liječnik obiteljske medicine ili specijalist pedijatar, obavezan je osiguranu osobu uputiti na specijalistički pregled specijalisti dermatovenerologu ili specijalisti kirurgu. Ukoliko niti nakon 6 mjeseci terapije oblogama za rane nema znakova cijeljenja rane, obustavlja se terapijska primjena obloga za rane.","03.08.2019"]
[304,213,"Tamponiranje kaviteta, inficirane rane, obilna eksudacija, II - IV stupanj dekubitusa, potkoljenični vrijed, dijabetičko stopalo, opekline do 2b stupnja, pilonidalni sinus. Maksimalna duljina trajanja terapije oblogama za rane s dodatkom  je 3 mjeseca.","03.08.2019"]
[305,"213a"," Tamponiranje kaviteta, inficirane rane, obilna eksudacija, II - IV stupanj dekubitusa, potkoljenični vrijed, dijabetičko stopalo, pilonidalni sinus. Maksimalna duljina trajanja terapije oblogama za rane s dodatkom  je 3 mjeseca.","03.08.2019"]
[306,214,"Slabija i srednja eksudacija, kao primarna obloga za I - IV stupanj dekubitusa, potkoljenični vrijed i dijabetičko stopalo ili kao sekundarna obloga za III i IV stupanj dekubitusa, potkoljenični vrijed, dijabetičko stopalo. Ukoliko nakon 3 mjeseca terapije oblogama za rane  nema znakova cijeljenja rane, liječnik obiteljske medicine ili specijalist pedijatar, obavezan je pacijenta uputiti na specijalistički pregled specijalisti dermatovenerologu ili specijalisti kirurgu. Ukoliko niti nakon 6 mjeseci terapije oblogama za rane nema znakova cijeljenja rane, obustavlja se terapijska primjena obloga za rane.","03.08.2019"]
[307,216,"Srednja do jaka eksudacija, primarna obloga za II stupanj dekubitusa, potkoljenični vrijed, dijabetičko stopalo ili kao sekundarna obloga za III - IV stupanj dekubitusa, potkoljenični vrijed, dijabetičko stopalo. Ukoliko nakon 3 mjeseca terapije oblogama za rane  nema znakova cijeljenja rane, liječnik obiteljske medicine ili specijalist pedijatar, obavezan je pacijenta uputiti na specijalistički pregled specijalisti dermatovenerologu ili specijalisti kirurgu. Ukoliko niti nakon 6 mjeseci terapije oblogama za rane nema znakova cijeljenja rane, obustavlja se terapijska primjena obloga za rane.","03.08.2019"]
[308,218,"Rane koje eksudiraju: dekubitus, potkoljenični vrijed, dijabetičko stopalo, opekline i bulozna epidermoliza. Ukoliko nakon 3 mjeseca terapije oblogama za rane  nema znakova cijeljenja rane, liječnik obiteljske medicine ili specijalist pedijatar, obavezan je pacijenta uputiti na specijalistički pregled specijalisti dermatovenerologu ili specijalisti kirurgu. Ukoliko niti nakon 6 mjeseci terapije oblogama za rane nema znakova cijeljenja rane, obustavlja se terapijska primjena obloga za rane.","03.08.2019"]
[309,304,"Rane koje eksudiraju: dekubitus, potkoljenični vrijed, dijabetičko stopalo i opekline. Ukoliko nakon 3 mjeseca terapije oblogama za rane nema znakova cijeljenja rane, liječnik opće/obiteljske medicine ili specijalist pedijatar, obavezan je pacijenta uputiti na specijalistički pregled specijalisti dermatovenerologu ili specijalisti kirurgu. Ukoliko niti nakon 6 mjeseci terapije oblogama za rane nema znakova cijeljenja rane, obustavlja se terapijska primjena obloga za rane.","03.08.2019"]
[310,310,"Kao kompresivna terapija kod ulcusa crurisa koji je u tretmanu pokrivalima, te kod dokazane tromboze, limfedema, varikoziteta II i III stupnja. Ako postoji medicinska indikacija obostrano, osigurana osoba ostvaruje pravo na dvostruku količinu. Specijalist fizikalne medicine i rehabilitacije (3) pomagalo propisuje samo bolesnicima kod limfedema.","03.08.2019"]
[311,312,"Kao kompresivna terapija kod ulcusa crurisa koji je u tretmanu pokrivalima, te kod dokazane tromboze, limfedema, varikoziteta II i III stupnja. Specijalist fizikalne medicine i rehabilitacije (3) pomagalo propisuje samo bolesnicima kod limfedema.","03.08.2019"]
[312,316,"Za traheotomirane osigurane osobe.","03.08.2019","05.04.2020"]
[313,317,"Za osigurane osobe kojima je potrebna terapija kisikom zbog kronične bolesti ili stanja koja dovode do smanjenja respiratorne površine i kronične respiratorne insuficijencije.   Kao dodatna opskrba uz koncentrator kisika za kućnu uporabu.    Za osigurane osobe s održanom primjerenom razinom tjelesne aktivnosti u svakodnevnom životu (svakodnevno samostalno kretanje izvan kuće koje zahtjeva osiguravanje minimalno 2 sata prijenosne opskrbe kisikom).  Uvjeti:  1. Parcijalni tlak kisika arterijske krvi PaO2 ≤ 55 mmHg (7.32 kPa) ili saturacija hemoglobina (SpO2) ≤88%  2. PaO2 ≤ 59 mmHg (7.85 kPa), ili saturacija hemoglobina (SpO2) ≤89% uz prisustvo jednog od: poliglobulija (hematokrit > 55%), plućna hipertenzija, cor pulmonale ili zatajivanje srca.   3. Pad vrijednosti PaO2 ≤ 55 mmHg (7.32 kPa) ili saturacije hemoglobina (SpO2) ≤88% tijekom fizičke aktivnosti.   Napomena: pad vrijednosti tijekom fizičke aktivnosti dokazuje se testom hoda, spiroergometrijom ili ergometrijom.   Uređaj se propisuje na period od najmanje 6 godina. Prije propisivanja novog, obavezna provjera funkcionalnosti i dotrajalosti već odobrenog uređaja.   Uređaj propisuju specijalist pedijatar, pulmolog i specijalist interne medicine, pulmolog u KBC Zagreb, KBC Sestre milosrdnice, KBC Osijek, KBC Rijeka i KBC Split.  Osigurana osoba kojoj je odobren Prijenosni ili Obnovljeni prijenosni koncentrator kisika, na teret sredstava Zavoda, ne ostvaruje pravo na pomagala iz Osnovne liste pomagala Zavoda:   Prenosni sustav boca s kisikom, Regulator za bocu, Boca s kisikom , 3 ili 5 litara i Punjenje boca medicinskim kisikom, 3 ili 5 litara.  Osigurana osoba koja je na trajnoj mehaničkoj ventilaciji (invazivna ili neinvazivna) ne ostvaruje pravo na  pomagala Prijenosni ili Obnovljeni prijenosni koncentrator kisika.        ","03.08.2019","18.03.2026"]
[314,318,"Nakon opskrbe osnovnim setom koji sadrži 2 kabla za govorni procesor, djeca do 7. godine, na novi kabel ostvaruju pravo nakon roka uporabe od 1 godine, a zatim na rok uporabe od 6 mjeseci, a osigurane osobe starosti od 7. do 18. godina i iznad 18. godine, nakon roka uporabe od 2 godine, a zatim na rok uporabe od 1 godine.","03.08.2019"]
[315,319,"Nakon opskrbe osnovnim setom koji sadrži 2 zaštite za mikrofon govornog procesora, osigurana osoba na novu zaštitu za mikrofon ostvaruje pravo nakon roka uporabe od 2 godine, a zatim na rok uporabe od 1 godine.","03.08.2019"]
[316,320,"Obloga za rane sa srednjom do jakom eksudacijom: dekubitus, potkoljenični vrijed, dijabetičko stopalo, opekline i bulozna epidermoliza. Koristi se kao primarna i sekundarna obloga. Kontraindikacije za primjenu: arterijska krvarenja i rane koje jako krvare. Ukoliko nakon 3 mjeseca terapije oblogama za rane  nema znakova cijeljenja rane, liječnik obiteljske medicine ili specijalist pedijatar, obavezan je osiguranu osobu uputiti na specijalistički pregled specijalisti dermatovenerologu ili specijalisti kirurgu. Ukoliko niti nakon 6 mjeseci terapije oblogama za rane nema znakova cijeljenja rane, obustavlja se terapijska primjena obloga za rane.","03.08.2019"]
[317,200,"Kod inkontinencije osoba starijih od 3 godine, tjelesna težina do 40 kilograma. Kod indikacija iz članka 49. Pravilnika o ortopedskim i drugim pomagalima. ","26.10.2019","26.12.2019"]
[318,201,"Kod inkontinencije osoba starijih od 3 godine. Osigurana osoba ostvaruje pravo kod indikacija iz članka 49.Pravilnika o ortopedskim i drugim pomagalima: 1. ili samo na  niskoupijajuće pelene do najviše 400 kom,  2. ili na kombinaciju niskoupijajućih i visokoupijajućih pelena, količina pojedinih pomagala u kombinaciji računa se na način: broj niskoupijajućih pelena= (400xX%), broj visokoupijajućih pelena= (320xY%), s tim da X%+Y%=100%, a ukupan maksimalan broj pomagala u kombinaciji uvijek je manji od 400 komada 3. ili na kombinaciju niskoupijajućih pelena i anatomskih uložaka, količina pojedinih pomagala u kombinaciji računa se na način: broj niskoupijajućih pelena= (400xX%), broj anatomskih uložaka= (275xY%), s tim da je X%+Y%=100%, a ukupan maksimalan broj pomagala u kombinaciji uvijek je manji od 400 komada.  ","26.10.2019"]
[319,202,"Kod inkontinencije osiguranih osoba starijih od 3 godine. Osigurana osoba ostvaruje pravo kod indikacija iz članka 49. Pravilnika o ortopedskim i drugim pomagalima: 1. ili samo na  visokoupijajuće pelene do najviše 320 kom,  2. ili na kombinaciju visokoupijajućih pelena i niskoupijajućih pelena, količina pojedinih pomagala u kombinaciji računa se na način: broj visokoupijajućih pelena= (320 x X%), broj niskoupijajućih pelena= (400xY%), s tim da X%+Y%=100%, a ukupan maksimalan broj pomagala u kombinaciji uvijek je manji od 400 komada, 3. ili na kombinaciju visokoupijajućih pelena i anatomskih uložaka, količina pojedinih pomagala u kombinaciji računa se na način: broj visokoupijajućih pelena= (320 x X%), broj anatomskih uložaka= (275 x Y%), s tim da X%+Y%=100%, a ukupan maksimalan broj pomagala u kombinaciji uvijek je manji od 320 komada.  ","26.10.2019"]
[320,203,"Kod inkontinencije osiguranih osoba starijih od 7 godina. Osigurana osoba ostvaruje pravo kod indikacija iz članka 49. Pravilnika o ortopedskim i drugim pomagalima: 1. ili samo na  visokoupijajuće, ekstravelike pelene do najviše 320 kom,  2. ili na kombinaciju visokoupijajućih, ekstravelikih pelena i anatomskih uložaka, količina pojedinih pomagala u kombinaciji računa se na način: broj visokoupijajućih, ekstravelikih pelena= (320 x X%), broj anatomskih uložaka= (275 x Y%), s tim da X%+Y%=100%, a ukupan maksimalan broj pomagala u kombinaciji uvijek je manji od 320 komada ","26.10.2019"]
[321,204,"Kod inkontinencije osiguranih osoba starijih od 7 godina. Osigurana osoba ostvaruje pravo kod indikacija iz članka 49. Pravilnika o ortopedskim i drugim pomagalima: 1. ili samo na anatomske uloške do najviše 275 komada, 2. ili u kombinaciji s pelenama na način kako je objašnjeno u indikacijama 201, 202 i 203 ","26.10.2019"]
[322,205,"Kod inkontinencije stolice i urina. Osigurane osobe koje po Barthelovom indeksu potpuno ovise o tuđoj pomoći ostvaruju pravo na do 90 komada na 3 mjeseca; osigurane osobe koje se samokateteriziraju ostvaruju pravo na 30 komada u 3 mjeseca. Kod indikacija iz članka 49. Pravilnika o ortopedskim i drugim pomagalima.","26.10.2019"]
[323,235,"Kod traheotomije i kod pojačane sekrecije traheotomiranih osoba. Osigurane osobe starije od 18 godina ostvaruju pravo na 275 aspiracijskih katetera/aspiracijskih katetera Ch 8 - 10 u 3 mjeseca, osobe do 18 godina ostvaruju pravo na do 450 aspiracijskih katetera/aspiracijskih katetera Ch 8 - 10 u 3 mjeseca. Nepokretne traheotomirane osobe, potpuno ovisne o tuđoj pomoći, te osobe koje boluju od spinalne mišićne atrofije ostvaruju pravo na do 900 aspiracijskih katetera/aspiracijskih katetera Ch 8 - 10 u 3 mjeseca. Osigurane osobe opskrbljene pomagalima mehanički insuflator/eksuflator za kućnu uporabu i obnovljeni mehanički insuflator/eksuflator za kućnu uporabu ostvaruju pravo na do 500 aspiracijskih katetera/aspiracijskih katetera Ch 8-10 u 3 mjeseca.","26.10.2019","22.10.2025"]
[324,296,"Kod inkontinencije osiguranih osoba starijih od 7 godina. Osigurana osoba ostvaruje pravo na pomagalo u količini do 10 komada za razdoblje od 3 mjeseca. Kod indikacija iz članka 49. Pravilnika o ortopedskim i drugim pomagalima.","26.10.2019"]
[325,301,"Za osigurane osobe Zavoda s neuromuskularnim bolestima i nemogućnošću izbacivanja sekreta, starosti do 18. godine života, koje su opskrbljene respiratorom za kućnu uporabu. Ukoliko je osoba ostvarila pravo na pomagalo do 18. godine života na teret sredstava Zavoda, na isto ostvaruje pravo i nakon navršene 18. godine. Ukoliko je osoba ostvarila pravo na mehanički insuflator/eksuflator za kućnu uporabu ili obnovljeni mehanički insuflator/eksuflator za kućnu uporabu, ista ostvaruje pravo na do 500 aspiracijskih katetera/ aspiracijskih katetera Ch8-10 u 3 mjeseca. ","26.10.2019","26.02.2021"]
[327,306,"Za osigurane osobe koje boluju od šećerne bolesti:   1. djeca od navršene 4. do navršene 18. godine života (Nakon navršene 18. godine života provodi se evaluacija o uspješnosti liječenja i procjena indikacije za daljnje korištenje.)  2. trudnice  3. slijepe osobe  4. bolesnici sa šećernom bolešću tipa 1 i na intenziviranoj terapiji inzulinom (4 i više doza inzulina), s dokazanom hipoglikemijom:  prema podacima iz uređaja za očitavanje koncentracije šećera osigurane osobe i/ili laboratorijskom opremom pri pregledu kod bolničkog specijaliste pedijatra, endokrinologa dijabetologa ili bolničkog specijaliste interne medicine, endokrinologa dijabetologa ili bolničkog specijaliste endokrinologije i dijabetologije u dolje pobrojanim ustanovama. Za sve gore navedene četiri kategorije osiguranih osoba, u bolničkim uvjetima, odnosno tijekom obrade u dnevnoj bolnici, pregleda u ambulanti ili tijekom bolničkog liječenja, indikaciju za navedeno pomagalo može postaviti bolnički specijalist koji se bavi liječenjem šećerne bolesti, a zaposlenik je u:  KBC Zagreb, KBC Sestre milosrdnice, KB Dubrava, Sveučilišna klinika za dijabetes i endokrinologiju u KB Merkur, KBC Split, KBC Osijek i KBC Rijeka.   Bolnički doktor specijalist koji postavlja indikaciju za pomagalo, obavezan je specijalistički nalaz.Obaveznu evaluaciju primjene pomagala obvezan je provoditi: -bolnički specijalist koji je dao preporuku za pomagalo ili specijalist endokrinolog/dijabetolog iz druge zdravstvene ustanove uz suradnju s ustanovom u kojoj je dana preporuka za pomagalo: prvi puta nakon 2 tjedna od početka korištenja pomagala, a zatim u intervalima od jednog, tri, šest i 12 mjeseci. Za nastavno propisivanje pomagala potrebno je priložiti odgovarajuću medicinsku dokumentaciju osnovnom koje bolnički specijalista daje preporuku, zajedno s dokazom o provedenim kontrolama.  Osigurana osoba ne može ostvariti pravo na nastavno propisivanje pomagala, ukoliko nakon 12 mjeseci od početka korištenja pomagala nije došlo prema mišljenju specijaliste koji je predložio pomagalo i/ili provodio kontrolne preglede, do očekivanog ishoda primjene pomagala. Napomena: Osigurana osoba koja je ostvarila pravo na predmetno pomagalo, ne ostvaruje pravo na odašiljač za kontinuirano mjerenje glukoze i pripadajući senzor za kontinuirano mjerenje glukoze „Medtronic MiniMed“.  Osigurana osoba koja je ostvarila pravo na predmetno pomagalo, ne ostvaruje pravo na set za brzo očitavanje koncentracije šećera u krvi.  Osigurana osoba koja je ostvarila pravo na predmetno pomagalo, ne ostvaruje pravo na dijagnostičke trakice za mjerenje glukoze u krvi uređajem i lancete za vađenje krvi iz prsta za kontrolu glukoze u krvi, jer su iste sadržane u kvartalnom setu.  Kvartalni set sastoji se od:   - do 7 senzora  uz uvjet da ukupna godišnja količina ne prelazi 26 senzora,   - od 50 trakica i 50 lanceta za odrasle osobe,   - od 150 trakica i 150 lanceta za djecu.  U godini ostvarivanja prava na uređaj za neograničeno skeniranje razine glukoze, osigurana osoba ostvaruje pravo na još 25 senzora, jer je 1 senzor sadržan u startnom setu, a nadalje 26 senzora godišnje.  ","26.10.2019","18.03.2026"]
[328,321,"Bulozna epidermoliza, opekline do II b stupnja za djecu do 18. godine života. Uz med se preporuča sekundarna obloga - sve obloge sa srednjim do visokim stupnjem apsorpcije. Obloge koje se ne mogu koristiti kao sekundarne obloge su: Alginati s dodatkom srebra ili aktivnog ugljena, Vlaknaste celulozne obloge, Vlaknaste celulozne obloge s dodatkom, Hidrokoloidi, Hidroaktivne obloge s dodatkom, Praškaste instant obloge, Druge obloge s dodatkom srebra ili aktivnog ugljena, Poliuretani/Pjene s dodatkom srebra ili aktivnog ugljena, Silikonske obloge s dodatkom srebra, Gel za rane s nekrotičnim naslagama, Pasta za rane koje cijele, Gel za rane koje cijele. Ukoliko nakon 2 mjeseca terapije nema znakova cijeljenja rane, liječnik obiteljske medicine ili specijalist pedijatar, obavezan je osiguranu osobu uputiti na specijalistički pregled specijalisti dermatovenerologu ili specijalisti kirurgu. Ukoliko niti nakon 4 mjeseca terapije nema znakova cijeljenja rane, obustavlja se terapijska primjena.","26.10.2019"]
[329,322,"Bulozna epidermoliza, opekline do II b stupnja za djecu do 18. godine života. Koristi se kao primarna obloga. Uz ovu oblogu se preporuča sekundarna obloga-sve obloge sa srednjim do visokim stupnjem apsorpcije.  Obloge koje se ne mogu koristiti kao sekundarne obloge su: Alginati s dodatkom srebra ili aktivnog ugljena, Vlaknaste celulozne obloge, Vlaknaste celulozne obloge s dodatkom, Hidrokoloidi, Hidroaktivne obloge s dodatkom, Praškaste instant obloge, Druge obloge s dodatkom srebra ili aktivnog ugljena,  Poliuretani / Pjene s dodatkom srebra ili aktivnog ugljena, Silikonske obloge s dodatkom srebra, Gel za rane s nekrotičnm naslagama, Pasta za rane koje cijele, Gel za rane koje cijele. Ukoliko nakon 2 mjeseca terapije oblogama za rane nema znakova cijeljenja rane, liječnik obiteljske medicine ili specijalist pedijatar, obavezan je osiguranu osobu uputiti na specijalistički pregled specijalisti dermatovenerologu ili specijalisti kirurgu. Ukoliko niti nakon 4 mjeseca terapije oblogama za rane nema znakova cijeljenja rane, obustavlja se terapijska primjena obloga za rane. ","26.10.2019"]
[330,323,"Tamponiranje kaviteta. Bulozna epidermoliza, opekline do II b stupnja za djecu do 18. godine života. Koristi se kao primarna obloga. Uz ove oblogu se preporuča sekundarna obloga-sve obloge sa srednjim do visokim stupnjem apsorpcije.  Obloge koje se ne mogu koristiti kao sekundarne obloge su: Alginati s dodatkom srebra ili aktivnog ugljena, Vlaknaste celulozne obloge, Vlaknaste celulozne obloge s dodatkom, Hidrokoloidi, Hidroaktivne obloge s dodatkom, Praškaste instant obloge, Druge obloge s dodatkom srebra ili aktivnog ugljena,  Poliuretani / Pjene s dodatkom srebra ili aktivnog ugljena, Silikonske obloge s dodatkom srebra, Gel za rane s nekrotičnm naslagama, Pasta za rane koje cijele, Gel za rane koje cijele. Ukoliko nakon 2 mjeseca terapije oblogama za rane nema znakova cijeljenja rane, liječnik obiteljske medicine ili specijalist pedijatar, obavezan je osiguranu osobu uputiti na specijalistički pregled specijalisti dermatovenerologu ili specijalisti kirurgu. Ukoliko niti nakon 4 mjeseca terapije oblogama za rane nema znakova cijeljenja rane, obustavlja se terapijska primjena obloga za rane. ","26.10.2019"]
[331,324,"Obloga za površinske i duboke kronične rane s nekrozom, fibrinskim naslagama i infekcijom: dekubitus, potkoljenični vrijed, dijabetičko stopalo, opekline do 2b stupnja i bulozna epidermoliza. Koristi se kao primarna obloga. Preporučene sekundarne obloge: sve obloge sa srednjim do visokim kapacitetom apsorpcije. Kao sekundarne obloge uz predmetnu oblogu ne mogu se koristiti:  Alginati s dodatkom srebra ili aktivnog ugljena, Vlaknaste celulozne obloge, Vlaknaste celulozne obloge s dodatkom, Hidrokoloidi, Hidroaktivne obloge s dodatkom, Praškaste instant obloge, Druge obloge s dodatkom srebra ili aktivnog ugljena, Poliuretani / Pjene s dodatkom srebra ili aktivnog ugljena,  Silikonske obloge s dodatkom srebra, Gel za rane s nekrotičnim naslagama, Pasta za rane koje cijele i Gel za rane koje cijele. Ukoliko nakon 2 mjeseca terapije oblogama za rane  nema znakova cijeljenja rane, liječnik obiteljske medicine ili specijalist pedijatar, obavezan je pacijenta uputiti na specijalistički pregled specijalisti dermatovenerologu ili specijalisti kirurgu. Ukoliko niti nakon 4 mjeseci terapije oblogama za rane nema znakova cijeljenja rane, obustavlja se terapijska primjena obloga za rane.","26.10.2019"]
[332,325,"Koristi se kao primarna obloga za zbrinjavanje kroničnih rana. Za površinske i duboke rane s nekrozom, fibrinskim naslagama i infekcijom: dekubitus II-IV stupanj, potkoljenični vrijed, dijabetičko stoipalo, opekline do II b stupnja te kod osiguranih osoba s buloznom epidermolizom. Uz ove obloge se preporuča sekundarna obloga - sve obloge sa srednjim do visokim stupnjem apsorbcije. Obloge koje se ne mogu koristiti kao sekundarne obloge su: Alginati s dodatkom srebra ili aktivnog ugljena, Vlaknaste celulozne obloge, Vlaknaste celulozne obloge s dodatkom, Hidrokoloidi, Hidroaktivne obloge s dodatkom, Praškaste instant obloge, Druge obloge s dodatkom srebra ili aktivnog ugljena, Poliuretani/Pjene s dodatkom srebra ili aktivnog ugljena, Silikonske obloge s dodatkom srebra, Gel za rane s nekrotičnim naslagama, Pasta za rane koje cijele, Gel za rane koje cijele. Ukoliko nakon 2 mjeseca terapije oblogama za rane nema znakova cijeljenja rane, liječnik obiteljske medicine ili specijalist pedijatar, obavezan je osiguranu osobu uputiti na specijalistički pregled specijalisti dermatovenerologu ili specijalisti kirurgu. Ukoliko niti nakon 4 mjeseca terapije oblogama za rane nema znakova cijeljenja rane, obustavlja se terapijska primjena obloga za rane.","26.10.2019"]
[333,326,"Obloga se koristi kao primarna obloga. Za zbrinjavanje kroničnih rana. Za  površinske i duboke rane s nekrozom, fibrinskim naslagama i infekcijom: dekubitus II-IV stupanj, potkoljenični vrijed, dijabetičko stopalo, opekline do 2.b stupnja kod osiguranih osoba starijih od 18 godina.  Uz ove oblogu se preporuča sekundarna obloga-sve obloge sa srednjim do visokim stupnjem apsorpcije.  Obloge koje se ne mogu koristiti kao sekundarne obloge su: Alginati s dodatkom srebra ili aktivnog ugljena, Vlaknaste celulozne obloge, Vlaknaste celulozne obloge s dodatkom, Hidrokoloidi, Hidroaktivne obloge s dodatkom, Praškaste instant obloge, Druge obloge s dodatkom srebra ili aktivnog ugljena,  Poliuretani / Pjene s dodatkom srebra ili aktivnog ugljena, Silikonske obloge s dodatkom srebra, Gel za rane s nekrotičnm naslagama, Pasta za rane koje cijele, Gel za rane koje cijele. Ukoliko nakon 2 mjeseca terapije oblogama za rane nema znakova cijeljenja rane, liječnik obiteljske medicine ili specijalist pedijatar, obavezan je osiguranu osobu uputiti na specijalistički pregled specijalisti dermatovenerologu ili specijalisti kirurgu. Ukoliko niti nakon 4 mjeseca terapije oblogama za rane nema znakova cijeljenja rane, obustavlja se terapijska primjena obloga za rane. ","26.10.2019"]
[334,327,"Tamponiranje kaviteta. Obloga se koristi kao primarna obloga. Za zbrinjavanje kroničnih rana. Za  površinske i duboke rane s nekrozom, fibrinskim naslagama i infekcijom: dekubitus II-IV stupanj, potkoljenični vrijed, dijabetičko stopalo, opekline do 2.b stupnja kod osiguranih osoba starijih od 18 godina.  Uz ove oblogu se preporuča sekundarna obloga-sve obloge sa srednjim do visokim stupnjem apsorpcije.  Obloge koje se ne mogu koristiti kao sekundarne obloge su: Alginati s dodatkom srebra ili aktivnog ugljena, Vlaknaste celulozne obloge, Vlaknaste celulozne obloge s dodatkom, Hidrokoloidi, Hidroaktivne obloge s dodatkom, Praškaste instant obloge, Druge obloge s dodatkom srebra ili aktivnog ugljena,  Poliuretani / Pjene s dodatkom srebra ili aktivnog ugljena, Silikonske obloge s dodatkom srebra, Gel za rane s nekrotičnm naslagama, Pasta za rane koje cijele, Gel za rane koje cijele. Ukoliko nakon 2 mjeseca terapije oblogama za rane nema znakova cijeljenja rane, liječnik obiteljske medicine ili specijalist pedijatar, obavezan je osiguranu osobu uputiti na specijalistički pregled specijalisti dermatovenerologu ili specijalisti kirurgu. Ukoliko niti nakon 4 mjeseca terapije oblogama za rane nema znakova cijeljenja rane, obustavlja se terapijska primjena obloga za rane.","26.10.2019"]
[335,328,"Za zbrinjavanje kroničnih rana. Za  površinske i duboke rane s nekrozom, fibrinskim naslagama i infekcijom: dekubitus II-IV stupanj, potkoljenični vrijed, dijabetičko stopalo, opekline do 2.b stupnja kod osiguranih osoba starijih od 18 godina.  Uz med se preporuča sekundarna obloga-sve obloge sa srednjim do visokim stupnjem apsorpcije.  Obloge koje se ne mogu koristiti kao sekundarne obloge su: Alginati s dodatkom srebra ili aktivnog ugljena, Vlaknaste celulozne obloge, Vlaknaste celulozne obloge s dodatkom, Hidrokoloidi, Hidroaktivne obloge s dodatkom, Praškaste instant obloge, Druge obloge s dodatkom srebra ili aktivnog ugljena,  Poliuretani / Pjene s dodatkom srebra ili aktivnog ugljena, Silikonske obloge s dodatkom srebra, Gel za rane s nekrotičnm naslagama, Pasta za rane koje cijele, Gel za rane koje cijele. Ukoliko nakon 2 mjeseca terapije nema znakova cijeljenja rane, liječnik obiteljske medicine ili specijalist pedijatar, obavezan je osiguranu osobu uputiti na specijalistički pregled specijalisti dermatovenerologu ili specijalisti kirurgu. Ukoliko niti nakon 4 mjeseca terapije nema znakova cijeljenja rane, obustavlja se terapijska primjena. ","26.10.2019"]
[336,329,"Potrošni materijal za inzulinsku pumpu.   Osigurana osoba ostvaruje pravo samo na Ypsomed  mylife™ YpsoPump® Orbit® soft komplet za infuziju do najviše 30 komada u 3 mjeseca te ne može istovremeno ostvariti pravo na  Ypsomed   mylife™ YpsoPump® Orbit® micro komplet za infuziju.  ","26.10.2019"]
[337,330,"Potrošni materijal za inzulinsku pumpu.   Osigurana osoba ostvaruje pravo samo na Ypsomed   mylife™ YpsoPump® Orbit® micro komplet za infuziju do najviše 45 komada u 3 mjeseca te ne može istovremeno ostvariti pravo na   Ypsomed  mylife™ YpsoPump® Orbit® soft komplet za infuziju.    ","26.10.2019"]
[338,200,"Kod inkontinencije osoba starijih od 3 godine, tjelesna težina do 40 kilograma. Kod indikacija iz članka 49. Pravilnika o ortopedskim i drugim pomagalima.   Osigurana osoba koja je ostvarila pravo na pelene u spoju s gaćicama, male ne ostvaruje pravo na pelene u spoju s gaćicama niskoupijajuće, pelene u spoju s gaćicama, visokoupijajuće i pelene u spoju s gaćicama za noć, visokoupijajuće, ekstravelike.   ","27.12.2019"]
[339,331,"U razdoblju rasta.","27.12.2019"]
[340,332,"Prirođeni pes equinovarus.","27.12.2019"]
[341,145,"Za osigurane osobe koji hodaju, Pes equinus, Pes equinovarus, skraćenje noge veće od 10 cm, te unutrašnja \"U\" cipela..Iznimno osigurana osoba koja prema funkcionalnom statusu otežano hoda i koristi invalidska kolica za kretanje na temelju prijedloga uz obrazloženje nadležnog doktora specijaliste, ima pravo na ortopedsku cipelu ako zbog deformacije stopala ne može koristiti konfekcijsku obuću. Osigurana osoba ima pravo na unutarnju cipelu kada se deformacija ili manjak stopala ne mogu odgovarajuće korigirati ortopedskom cipelom. U tom slučaju  preko unutarnje cipele koristi se ortopedska cipela kao sastavni dio ortoze. Osigurana osoba uz ortopedsku cipelu ima pravo i na cipelu za zdravu nogu.","06.04.2020","30.11.2020"]
[342,146,"Za osigurane osobe koje hodaju, Pes paralyticus (kod kljenuti stopala koju je moguće kontrolirati ortopedskom cipelom), kod nedostatka palca ili tri prsta stopala, ili nedostatak dijela nožja ili donožja (kada se ne koristi proteza), te skraćenje noge od 5 do 10 cm, individualna izrada. Iznimno osigurana osoba koja prema funkcionalnom statusu otežano hoda i koristi invalidska kolica za kretanje na temelju prijedloga uz obrazloženje nadležnog doktora specijaliste, ima pravo na ortopedsku cipelu ako zbog deformacije stopala ne može koristiti konfekcijsku obuću. Osigurana osoba ima pravo na unutarnju cipelu kada se deformacija ili manjak stopala ne mogu odgovarajuće korigirati ortopedskom cipelom. U tom slučaju  preko unutarnje cipele koristi se ortopedska cipela kao sastavni dio ortoze. Osigurana osoba uz ortopedsku cipelu ima pravo i na cipelu za zdravu nogu.","06.04.2020","30.11.2020"]
[343,147,"Za osigurane osobe koje hodaju, skraćenje noge od 1,5 do 5 cm kod djece i od 2,5 do 5 cm kod odraslih, te kod reumatskih bolesti s teškim deformitetima stopala i nožnog zgloba uz nemogućnost korištenja konfekcijske obuće, Pes excavatus, trofičke promjene s ulceracijom stopala ili elefantijazom kod koje se ne može nositi konfekcijska obuća, ukočen gornji nožni zglob ili više drugih zglobova, ortopedske cipele kao sastavni dio ortoze, te ortopedska cipela uz ortozu ukoliko nije moguće nositi konfekcijsku obuću.  Iznimno osigurana osoba koja prema funkcionalnom statusu otežano hoda i koristi invalidska kolica za kretanje na temelju prijedloga uz obrazloženje nadležnog doktora specijaliste, ima pravo na ortopedsku cipelu ako zbog deformacije stopala ne može koristiti konfekcijsku obuću. Osigurana osoba ima pravo na unutarnju cipelu kada se deformacija ili manjak stopala ne mogu odgovarajuće korigirati ortopedskom cipelom. U tom slučaju  preko unutarnje cipele koristi se ortopedska cipela kao sastavni dio ortoze. Osigurana osoba uz ortopedsku cipelu ima pravo i na cipelu za zdravu nogu.","06.04.2020","30.11.2020"]
[344,"157a","Osigurana osoba koja  zbog svog kliničkog statusa, deformacija koštano zglobnog sustava, stupnja onesposobljenosti i tjelesnih mjera ne može samostalno upravljati kolicima niti pravilno sjediti u kolicima, kao i osigurana osoba čiji biološki rast ne prati kronološku dob ima pravo na invalidska kolica s posebnom prilagodbom i nužnim dodacima. Osigurana osoba koja se nalazi na redovnom školovanju, o kojem je obvezna priložiti potvrdu, ima pravo za vrijeme tog školovanja na još jedna invalidska kolica s posebnom prilagodbom i nužnim dodacima.  ","06.04.2020"]
[345,160,"Za osiguranu osobu, najranije od navršene 12. godine života, s najvećim stupnjem onesposobljenosti sustava za kretanje kada zbog kljenuti ili deformacije ruku i nogu ne može aktivno pokretati kolica na ručni pogon, ali pokretom prstiju može sugurno i samostalno upravljati elektromotornim invalidskim kolicima. Kod prve opskrbe stacionarno timski (specijalist fizikalne medicine i rehabilitacije i/ili specijalist ortoped/specijalist ortopedije i traumatologije i radni terapeut i fizioterapeut i psiholog) u ugovornoj rehabilitacijskoj ustanovi uz obvezno testiranje probne vožnje. Svaka sljedeća opskrba moguća je i u ugovornoj specijalističkoj ordinaciji. Kod svakog zahtjeva obavezno je priložiti: 1. medicinsku dokumentaciju, 2. medicinsko-tehnički mjerni list u kojem se navodi širina sjedala kolica, dubina i visina naslona te visina potkoljenica, 3. za djecu od navršene 12. do 18. godine uz pisanu suglasnost roditelja, skrbnika odnosno osobe kojoj je dijete dodijeljeno za samostalno korištenje elektromotornih kolica, 4. nalaz psihologa o sposobnosti samostalnog i sigurnog upravljanja predmetnim kolicima i 5. kod neuromuskularnih bolesti nalaz neurologa.","06.04.2020"]
[346,244,"Slabovidna osigurana osoba koja optimalnom korekcijom lećama ili kontaktnim lećama na oku s boljim vidnim poljem ima oštrinu vida manju od 30%, ali bolju od osjeta svjetla ili vidno polje uže od 30° na oku s boljim vidnim poljem ima pravo na teleskopske leće. Osigurana osoba ima pravo na teleskopske leće i u slučaju kada uz optimalnu korekciju oštrine vida lećama ili kontaktnim lećama oštrina vida ne prelazi 30% na oku s boljom oštrinom vida. Kliničke indikacije za propisivanje teleskopskih leća su organsko (slabovidnost-ambliopija) oštećenje centralnog vida. Propisuju se kad je ortoptičko – pleoptičko liječenje završeno. Iznimno, mogu se propisati i ranije u tijeku pleoptičkog liječenja ukoliko je korist primjene pomagala veća od eventualnog poboljšanja vidne funkcije pleoptičkim liječenjem (npr. praćenje redovne nastave u školi). Osigurana osoba koja je ostvarila pravo na teleskopske leće ne ostvaruje pravo na elektroničko povećalo.","06.04.2020"]
[347,257,"Za osigurane osobe vrlo lošeg centralnog vida (u pravilu vidna oštrina manja od 5%). Umjesto Brailleeve elektroničke bilježnice za slijepe za djecu na redovnom školovanju te osobe na prekvalifikaciji. Iznimno, za osigurane osobe s vidnom oštrinom manjom od 20% koje se nalaze na redovnom školovanju i prekvalifikaciji, uz preporuku tiflopedagoga. Osigurana osoba koja je ostvarila pravo na elektroničko povećalo ne ostvaruje pravo na teleskopske leće.","06.04.2020"]
[348,265,"Za osigurane osobe koje su zbog bolesti ili operacije grla izgubile sposobnost glasnog govora.","06.04.2020"]
[349,300,"Za osiguranu osobu, najranije od navršene 12. godine života, s najvećim stupnjem onesposobljenosti sustava za kretanje kada zbog kljenuti ili deformacije ruku i nogu ne može aktivno pokretati kolica na ručni pogon niti upravljati elektromotornim invalidskim kolicima ali pokretom glave može sigurno upravljati elektromotornim invalidskim kolicima s posebnim načinima upravljanja. Kod svake opskrbe timski i interdisciplinarno (specijalist fizikalne medicine i rehabilitacije i/ili specijalist ortoped/specijalist ortopedije i traumatologije i radni terapeut i fizioterapeut i psiholog) u ugovornoj stacionarnoj rehabilitacijskoj ustanovi. Isporuka pomagala uvijek u ustanovi propisivanja pomagala uz obvezno učenje vožnje i ocjenu funkcionalnosti pomagala. Kod svakog zahtjeva obavezno priložiti: 1. medicinska dokumentacija, 2. medicinsko-tehnički mjerni list u kojem se navodi širina sjedala kolica, dubina i visina naslona te visina potkoljenica, 3. za djecu od navršene 12. do 18. godine pisanu suglasnost roditelja, skrbnika odnosno osobe kojoj je dijete dodijeljeno za korištenje elektromotornih kolica, 4. nalaz psihologa o sposobnosti sigurnog upravljanja predmetnim kolicima i 5. kod neuromuskularnih bolesti nalaz neurologa.","06.04.2020"]
[350,305,"Za osigurane osobe koje boluju od šećerne bolesti i primaju inzulin putem inzulinske pumpe te i dalje imaju: učestale, neprepoznate i noćne hipoglikemije; neosjetljivost na hipoglikemije zbog čega bolesnici ne prepoznaju simptome ni tijekom dana ni tijekom noći; velike oscilacije glikemije, nezadovoljavajuću metaboličku kontrolu bolesti (HbA1c>7,5%); alergije na druge vrste senzora; osobitu sklonost nastanku hipoglikemija zbog pridruženh bolesti ili aktivnosti kojima se bave (aktivni sportaši); djeca sa intelektualnim poteškoćama, zbog čega ne mogu prepoznati niti upozoriti na simptome hipoglikemije; tijekom prekoncepcije kako bi se postigla što bolja regulacija prije trudnoće i tijekom trudnoće kako bi se na vrijeme prepoznale i izbjegle jake hipoglikemije.  Osigurana osoba koja je ostvarila pravo na predmetno pomagalo, ne ostvaruje pravo na uređaj za neograničeno skeniranje razine glukoze u međustaničnoj tekućini „FreeStyle Libre“ i pripadajući senzor.  Osigurana osoba koja je ostvarila pravo na predmetno pomagalo, ostvaruje pravo na najviše do 1475 komada godišnje dijagnostičkih trakica za mjerenje glukoze u krvi uređajem i na najviše do 1475 komada godišnje lanceta za vađenje krvi iz prsta za kontrolu glukoze u krvi.  Osigurana osoba ne ostvaruje pravo na povećanu količinu senzora za kontinuirano mjerenje glukoze.  ","06.04.2020","04.06.2021"]
[351,306,"Za osigurane osobe koje boluju od šećerne bolesti tipa 1:   1. djeca od navršene 4. do navršene 18. godine života (Nakon navršene 18. godine života provodi se evaluacija o uspješnosti liječenja i procjena indikacije za daljnje korištenje.)  2. trudnice  3. slijepe osobe  4. bolesnici sa šećernom bolešću tipa 1 i na intenziviranoj terapiji inzulinom (4 i više doza inzulina), s dokazanom hipoglikemijom:  prema podacima iz uređaja za očitavanje koncentracije šećera osigurane osobe i/ili laboratorijskom opremom pri pregledu kod bolničkog specijaliste pedijatra, endokrinologa dijabetologa ili bolničkog specijaliste interne medicine, endokrinologa dijabetologa ili bolničkog specijaliste endokrinologije i dijabetologije u dolje pobrojanim ustanovama. Za sve gore navedene četiri kategorije osiguranih osoba, u bolničkim uvjetima, odnosno tijekom obrade u dnevnoj bolnici, pregleda u ambulanti ili tijekom bolničkog liječenja, indikaciju za navedeno pomagalo može postaviti bolnički specijalist koji se bavi liječenjem šećerne bolesti, a zaposlenik je u:  KBC Zagreb, KBC Sestre milosrdnice, KB Dubrava, Sveučilišna klinika za dijabetes i endokrinologiju u KB Merkur, KBC Split, KBC Osijek i KBC Rijeka.   Bolnički doktor specijalist koji postavlja indikaciju za pomagalo, obavezan je specijalistički nalaz.Obaveznu evaluaciju primjene pomagala obvezan je provoditi: -bolnički specijalist koji je dao preporuku za pomagalo ili specijalist endokrinolog/dijabetolog iz druge zdravstvene ustanove uz suradnju s ustanovom u kojoj je dana preporuka za pomagalo: prvi puta nakon 2 tjedna od početka korištenja pomagala, a zatim u intervalima od jednog, tri, šest i 12 mjeseci. Za nastavno propisivanje pomagala potrebno je priložiti odgovarajuću medicinsku dokumentaciju osnovnom koje bolnički specijalista daje preporuku, zajedno s dokazom o provedenim kontrolama.  Osigurana osoba ne može ostvariti pravo na nastavno propisivanje pomagala, ukoliko nakon 12 mjeseci od početka korištenja pomagala nije došlo prema mišljenju specijaliste koji je predložio pomagalo i/ili provodio kontrolne preglede, do očekivanog ishoda primjene pomagala. Napomena: Osigurana osoba koja je ostvarila pravo na predmetno pomagalo, ne ostvaruje pravo na odašiljač za kontinuirano mjerenje glukoze i pripadajući senzor za kontinuirano mjerenje glukoze „Medtronic MiniMed“.  Osigurana osoba koja je ostvarila pravo na predmetno pomagalo, ne ostvaruje pravo na set za brzo očitavanje koncentracije šećera u krvi.  Osigurana osoba koja je ostvarila pravo na predmetno pomagalo, ne ostvaruje pravo na dijagnostičke trakice za mjerenje glukoze u krvi uređajem i lancete za vađenje krvi iz prsta za kontrolu glukoze u krvi, jer su iste sadržane u kvartalnom setu.  Kvartalni set sastoji se od:   - do 7 senzora  uz uvjet da ukupna godišnja količina ne prelazi 26 senzora,   - od 50 trakica i 50 lanceta za odrasle osobe,   - od 150 trakica i 150 lanceta za djecu.  U godini ostvarivanja prava na uređaj za neograničeno skeniranje razine glukoze, osigurana osoba ostvaruje pravo na još 25 senzora, jer je 1 senzor sadržan u startnom setu, a nadalje 26 senzora godišnje.  ","06.04.2020","18.03.2026"]
[352,316,"Za traheotomirane osigurane osobe. Ukoliko je osigurana osoba ostvarila pravo na pomagalo \"Podlošci za endotrahealnu kanilu\" ista ne ostvaruje pravo na pomagalo \"Gaza od netkanog materijala s Y prorezom, sterilna 7,5x7,5cm\" i obratno.","06.04.2020"]
[353,333,"Kod rana slabije i srednje eksudacije:  II-IV stupnja dekubitusa, potkoljenični vrijed, dijabetičko stopalo, kirurške i traumatske rane s odgođenim cijeljenjem.   Koristi se kao druga metoda liječenja ukoliko nakon 4 tjedna prve metode izbora nije došlo do smanjenja veličine rane za najmanje 40%.   Izabrani doktor obvezan je procijeniti stanje rane svaka 4 tjedna tijekom primjene spreja.  Ukoliko niti nakon 4 mjeseca terapije hemoglobinskim sprejem nema znakova cijeljenja rane, obustavlja se terapijska primjena hemoglobinskog spreja.  Hemoglobinski sprej ne može se primjenjivati s hidrokoloidnim oblogama niti s hidrokoloidnim oblogama s dodatkom.","06.04.2020"]
[354,334,"Osigurana osoba starija od 3 godine, samostalno pokretna, ostvaruje pravo kod indikacija iz članka 49. Pravilnika o ortopedskim i drugim pomagalima, za urgentnu i miješanu urinarnu inkontinenciju sa umjerenim dnevnim volumenom nevoljnog bijega urina (600-800 ml) na \"Upijajuće gaćice, niskoupijajuće\" ili \"Upijajuće gaćice, visokoupijajuće\" do najviše 180 komada pojedinačno ili na kombinaciju niskoupijajućih i visokoupijajućih upijajućih gaćica. Količina pojedinih pomagala u kombinaciji računa se na način: broj  \"Upijajućih gaćica, niskoupijajućih\"= (180 x X%), broj  \"Upijajućih gaćica, visokoupijajućih\"= (180 x Y%), s tim da X%+Y%=100%, a ukupan maksimalan broj pomagala u kombinaciji uvijek je do 180 komada. Nije ih moguće kombinirati s pomagalima iz ostalih podskupina pomagala za urogenitalni sustav.","06.04.2020"]
[355,335,"Za osiguranu osobu kojoj nedostaje dio ili cijela ruka. Vrsta proteze propisuje se u skladu s medicinskom indikacijom ovisno o dobi osigurane osobe, uzroku i razini amputacije, kliničkom statusu i razini aktivnosti. Prva primjena proteze obavlja se tijekom prve bolničke medicinske rehabilitacije u ugovornoj zdravstvenoj ustanovi koja je osposobljena za provođenje protetičke opskrbe osigurane osobe i to u pravilu unutar roka od šest mjeseci nakon amputacije ruke, a svaka sljedeća protetička opskrba ili zamjena ležišta proteze obavlja se u ugovornoj zdravstvenoj ustanovi ili u ugovornoj specijalističkoj ordinaciji. Osigurana osoba ima pravo na šaku ili hvataljku, kao sastavni dio proteze ruke, a uz mehaničku šaku i na dva radna nastavka.    ","06.04.2020"]
[356,336,"U slučaju nedostatka obje ruke ili ruke i noge ili nedostatka jedne ruke uz istodobnu nefunkcionalnost druge ruke, u pravilu najranije nakon navršene pete godine života.","06.04.2020"]
[357,337,"Kod  osiguranih osoba s iznimno kratkim batrljkom ruke, kod kojih standardnom opskrbom nije moguće osigurati retenciju proteze.","06.04.2020"]
[358,338,"Osigurana osoba ima pravo na izmjenu ležišta proteze kada je takva izmjena nužna zbog anatomskih i funkcionalnih promjena na batrljku, a funkcionalnost ležišta nije moguće postići ispunom uloška.","06.04.2020"]
[359,339,"Za osiguranu osobu kojoj nedostaje dio ili cijela noga.  Vrsta proteze propisuje se u skladu s medicinskom indikacijom ovisno o dobi osigurane osobe, uzroku i razini amputacije, kliničkom statusu i razini aktivnosti. Prva primjena proteze obavlja se tijekom prve bolničke medicinske rehabilitacije u ugovornoj zdravstvenoj ustanovi koja je osposobljena za provođenje protetičke opskrbe osigurane osobe i to u pravilu unutar roka od šest mjeseci nakon amputacije noge, a svaka sljedeća protetička opskrba ili zamjena ležišta proteze obavlja se u ugovornoj zdravstvenoj ustanovi ili u ugovornoj specijalističkoj ordinaciji.  Kod prve primjene proteze nakon amputacije noge, obvezno se stavlja privremeno ležište, koje se u pravilu koristi od tri do 12 mjeseci. Ovisno o medicinskoj indikaciji osigurana osoba ima pravo na protezu iz lista pomagala, a ako takva proteza nije iz medicinskih razloga odgovarajuća, nadležni doktor određene specijalnosti ima pravo propisati protezu kombiniranu od navedenih dijelova iz lista pomagala. ","06.04.2020","15.07.2022"]
[360,340," Osigurana osoba ima pravo na izmjenu ležišta proteze kada je takva izmjena nužna zbog anatomskih i funkcionalnih promjena na batrljku, a funkcionalnost ležišta nije moguće postići ispunom uloška, uporabom većeg broja navlaka odnosno uporabom gel navlake. ","06.04.2020"]
[361,341,"Kod prirođenog nedostatka dijela noge te kod skraćenja noge bilo kojeg uzroka koje se ne može korigirati ortopedskom cipelom. Prva primjena bolnički, prema algoritmu rehabilitacijskih postupaka u ugovornoj zdravstvenoj ustanovi koja je osposobljena za provođenje protetičke opskrbe osigurane osobe, a svaka sljedeća opskrba ili zamjena ležišta obavlja se u ugovornoj zdravstvenoj ustanovi ili u ugovornoj specijalističkoj ordinaciji.","06.04.2020"]
[362,342,"Osigurana osoba ima pravo na invalidska kolica na ručni pogon u slučaju sljedećih bolesti ili stanja: 1. tetraplegije, triplegije, paraplegije i hemiplegije te tetrapareze, tripareze, parapareze i hemipareze težeg stupnja, zbog čega nije moguće kretanje bez uporabe invalidskih kolica 2. amputacije obje noge iznad nožnog zgloba, bez obzira na korištenje proteza 3. amputacije jedne noge, kada zbog sveukupnoga kliničkog statusa nije moguća primjena proteze 4. teških degenerativnih ili destruktivnih procesa, poslijetraumatskih deformacija ili prirođenih bolesti nogu, kad nije moguće kretanje upotrebom štaka ili hodalice. ","06.04.2020"]
[363,343,"Kod nastavnog propisivanja tromjesečne količine izabrani doktor propisuje pomagalo na temelju praćenja potreba svojeg pacijenta uz obvezu osigurane osobe da prema potrebi izabranom doktoru dostavi nalaz nadležnog doktora specijaliste odgovarajuće specijalnosti o provođenju terapije.","06.04.2020","14.04.2022"]
[364,344,"Kod nastavnog propisivanja tromjesečne količine izabrani doktor propisuje pomagalo na temelju praćenja potreba svojeg pacijenta (stanju trbušne stjenke, izvedbi stome, razini aktivnosti i životnoj dobi pacijenta, načinu prehrane i drugim pratećim zdravstvenim stanjima), uz obvezu osigurane osobe da prema potrebi, izabranom doktoru dostavi nalaz nadležnog doktora specijaliste odgovarajuće specijalnosti o provođenju terapije. ","06.04.2020"]
[365,345,"Za osiguranu osobu kojoj je oštrina vida na oba oka 5% i manja.","06.04.2020"]
[366,346,"Obostrani trajni gubitak sluha, a tonski audiogram pokazuje da je prosječni prag sluha za uho na koje bolje čuje na frekvencijama: 0,5 kHZ, 1 kHz, 2 kHz i 4 kHz za osiguranu osobu do navršene 18. godine 30 dB i više, a 40 dB i više za odrasle na istim frekvencijama. Osigurana osoba odobrenim slušnim pomagalom mora postizati slušno-govornu komunikaciju unutar socijalnog kontakta prema govornom audiogramu. ","06.04.2020","22.06.2022"]
[367,347,"Za osiguranu osobu kojoj je zbog gluhoće ugrađena umjetna pužnica.","06.04.2020","30.11.2020"]
[368,237,"Dio za bocu za kisik.","18.06.2020","18.06.2020"]
[369,317,"Za osigurane osobe kojima je potrebna terapija kisikom zbog kronične bolesti ili stanja koja dovode do smanjenja respiratorne površine i kronične respiratorne insuficijencije.   Kao dodatna opskrba uz koncentrator kisika za kućnu uporabu.    Za osigurane osobe s održanom primjerenom razinom tjelesne aktivnosti u svakodnevnom životu (svakodnevno samostalno kretanje izvan kuće koje zahtjeva osiguravanje minimalno 2 sata prijenosne opskrbe kisikom).  Ugovorni liječnik primarne zdravstvene zaštite-liječnik opće/obiteljske medicine ili pedijatar izdaje potvrdu o razini tjelesne aktivnosti.  Potreba za ovim pomagalom dokazuje se u stabilnoj fazi kronične bolesti, na sobnom zraku te je uz prijedlog potrebno priložiti i nalaze plinske analize arterijske krvi u najmanje dva mjerenja kojima će se potvrditi:  1. Parcijalni tlak kisika arterijske krvi PaO2 ≤ 55 mmHg (7.32 kPa) ili saturacija hemoglobina (SpO2) ≤88%.  2. PaO2 ≤ 59 mmHg (7.85 kPa) ili saturacija hemoglobina (SpO2) ≤89% uz prisustvo jednog od: poliglobulija (hematokrit > 55%), plućna hipertenzija, cor pulmonale ili zatajivanje srca.  3. Pad vrijednosti PaO2 ≤ 55 mmHg (7.32 kPa) ili saturacije hemoglobina (SpO2) ≤88% tijekom fizičke aktivnosti.  Napomena: pad vrijednosti tijekom fizičke aktivnosti dokazuje se testom hoda, spiroergometrijom ili ergometrijom.   Uređaj se propisuje na period od najmanje 6 godina. Prije propisivanja novog, obavezna provjera funkcionalnosti i dotrajalosti već odobrenog uređaja.   Uređaj propisuju specijalist pedijatar, pulmolog i specijalist interne medicine, pulmolog u KBC Zagreb, KBC Sestre milosrdnice, KBC Osijek, KBC Rijeka i KBC Split.  Osigurana osoba kojoj je odobren Prijenosni ili Obnovljeni prijenosni koncentrator kisika, na teret sredstava Zavoda, ne ostvaruje pravo na pomagala iz Osnovne liste pomagala Zavoda:   Prenosni sustav boca s kisikom, Regulator za bocu, Boca s kisikom , 3 ili 5 litara i Punjenje boca medicinskim kisikom, 3 ili 5 litara.  Osigurana osoba koja je na trajnoj mehaničkoj ventilaciji (invazivna ili neinvazivna) ne ostvaruje pravo na  pomagala Prijenosni ili Obnovljeni prijenosni koncentrator kisika","18.06.2020","18.03.2026"]
[370,348,"Samo za osigurane osobe na terapiji lijekom Omnitrope® (somatropin) 5 mg, 10 mg i 15 mg, stakleni uložak s lijekom- Sandoz.","18.06.2020","18.06.2020"]
[371,349,"Za osigurane osobe koje boluju od šećerne bolesti tipa 1:   1. djeca od navršene 2. do navršene 18. godine života (Nakon navršene 18. godine života provodi se evaluacija o uspješnosti liječenja i procjena indikacije za daljnje korištenje.)  2. trudnice  3. slijepe osobe  4. bolesnici sa šećernom bolešću tipa 1 i na intenziviranoj terapiji inzulinom (4 i više doza inzulina), s dokazanom hipoglikemijom: prema podacima iz uređaja za očitavanje koncentracije šećera osigurane osobe i/ili laboratorijskom opremom pri pregledu kod bolničkog specijaliste pedijatra, endokrinologa dijabetologa ili bolničkog specijaliste interne medicine, endokrinologa dijabetologa ili bolničkog specijaliste endokrinologije i dijabetologije u dolje pobrojanim ustanovama. Za sve gore navedene četiri kategorije osiguranih osoba, u bolničkim uvjetima, odnosno tijekom obrade u dnevnoj bolnici, pregleda u ambulanti ili tijekom bolničkog liječenja, indikaciju za navedeno pomagalo može postaviti bolnički specijalist koji se bavi liječenjem šećerne bolesti, a zaposlenik je u:  KBC Zagreb, KBC Sestre milosrdnice, KB Dubrava, Sveučilišna klinika za dijabetes i endokrinologiju u KB Merkur, KBC Split, KBC Osijek i KBC Rijeka.   Bolnički specijalist, koji postavlja indikaciju i predlaže korištenje ovog pomagala, obavezan je osiguranu osobu upoznati s načinom rada i svim aspektima korištenja pomagala te time da je za korištenje pomagala potrebno posjedovati vlastiti pametni mobilni uređaj jer pomagalo radi pomoću mobilne aplikacije koja prikuplja podatke korisnika, uz napomenu da Zavod nije taj koji prikuplja podatke niti je voditelj obrade osobnih podataka, obzirom da Zavod ne utječe na podatke koje korisnik odlučuje unijeti u aplikaciju niti je aplikacija spojena na informacijski sustav Zavoda te da pristaje na korištenje predloženog pomagala, što se potvrđuje potpisivanjem Izjave. Izjavu pohranjuje bolnički specijalist, a u specijalistički nalaz obavezno navodi da je bolesnik upoznat s korištenjem pomagala, što je potvrdio potpisom Izjave.  Obveznu evaluaciju primjene pomagala obvezan je provoditi: - bolnički specijalist koji je dao preporuku za pomagalo ili specijalist endokrinolog/dijabetolog iz druge zdravstvene ustanove uz suradnju s ustanovom u kojoj je dana preporuka za pomagalo: prvi puta nakon 2 tjedna od početka korištenja pomagala, a zatim u intervalima od jednog, tri, šest i 12 mjeseci. Za nastavno propisivanje pomagala potrebno je priložiti odgovarajuću medicinsku dokumentaciju osnovnom koje bolnički specijalista daje preporuku, zajedno s dokazom o provedenim kontrolama.  Osigurana osoba ne može ostvariti pravo na nastavno propisivanje pomagala, ukoliko nakon 12 mjeseci od početka korištenja pomagala nije došlo prema mišljenju specijaliste koji je predložio pomagalo i/ili provodio kontrolne preglede, do očekivanog ishoda primjene pomagala.  Napomene:   A) Osigurana osoba koja je ostvarila pravo na predmetno pomagalo, ne ostvaruje pravo na odašiljač za kontinuirano mjerenje glukoze i pripadajući senzor za kontinuirano mjerenje glukoze „Medtronic MiniMed“; uređaj za neograničeno skeniranje razine glukoze u međustaničnoj tekućini „FreeStyle Libre“ i pripadajući senzor; set za brzo očitavanje koncentracije šećera u krvi jer je on sadržan u početnom setu; dijagnostičke trakice za mjerenje glukoze u krvi uređajem i lancete za vađenje krvi iz prsta za kontrolu glukoze u krvi, jer su iste sadržane u početnom i tromjesečnom setu. Osigurana osoba ne ostvaruje pravo na povećanu količinu senzora za kontinuirano mjerenje glukoze.  B) Početni set sastoji se od:  - do 7 senzora  uz uvjet da ukupna godišnja količina ne prelazi 26 senzora,                                                                                                                                                                                    - seta za brzo očitavanje koncentracije šećera u krvi  - od 100 trakica i 100 lanceta.  Tromjesečni set sastoji se od:  - do 7 senzora  uz uvjet da ukupna godišnja količina ne prelazi 26 senzora,                                                                                                                                                                                     - od 100 trakica i 100 lanceta.  C) Hrvatski zavod za zdravstveno osiguranje nema uvid, ne prikuplja, ne obrađuje niti na bilo koji drugi način ima pristup podacima koji se unose ili koriste preko aplikacije za korištenje pomagala.    Isporučitelj se obvezuje da će osiguranu osobu kod prvog preuzimanja pomagala upoznati sa svim aspektima korištenja pomagala i aplikacije koja podupire rad pomagala.","14.06.2020","18.03.2026"]
[372,237,"Dio za bocu za kisik.","18.06.2020"]
[373,348,"Samo za osigurane osobe na terapiji lijekom Omnitrope® (somatropin) 5 mg, 10 mg i 15 mg, stakleni uložak s lijekom- Sandoz.","18.06.2020"]
[374,349,"Za osigurane osobe koje boluju od šećerne bolesti tipa 1:   1. djeca od navršene 2. do navršene 18. godine života (Nakon navršene 18. godine života provodi se evaluacija o uspješnosti liječenja i procjena indikacije za daljnje korištenje.)  2. trudnice  3. slijepe osobe  4. bolesnici sa šećernom bolešću tipa 1 i na intenziviranoj terapiji inzulinom (4 i više doza inzulina), s dokazanom hipoglikemijom: prema podacima iz uređaja za očitavanje koncentracije šećera osigurane osobe i/ili laboratorijskom opremom pri pregledu kod bolničkog specijaliste pedijatra, endokrinologa dijabetologa ili bolničkog specijaliste interne medicine, endokrinologa dijabetologa ili bolničkog specijaliste endokrinologije i dijabetologije u dolje pobrojanim ustanovama. Za sve gore navedene četiri kategorije osiguranih osoba, u bolničkim uvjetima, odnosno tijekom obrade u dnevnoj bolnici, pregleda u ambulanti ili tijekom bolničkog liječenja, indikaciju za navedeno pomagalo može postaviti bolnički specijalist koji se bavi liječenjem šećerne bolesti, a zaposlenik je u:  KBC Zagreb, KBC Sestre milosrdnice, KB Dubrava, Sveučilišna klinika za dijabetes i endokrinologiju u KB Merkur, KBC Split, KBC Osijek i KBC Rijeka.   Bolnički specijalist, koji postavlja indikaciju i predlaže korištenje ovog pomagala, obavezan je osiguranu osobu upoznati s načinom rada i svim aspektima korištenja pomagala te time da je za korištenje pomagala potrebno posjedovati vlastiti pametni mobilni uređaj jer pomagalo radi pomoću mobilne aplikacije koja prikuplja podatke korisnika, uz napomenu da Zavod nije taj koji prikuplja podatke niti je voditelj obrade osobnih podataka, obzirom da Zavod ne utječe na podatke koje korisnik odlučuje unijeti u aplikaciju niti je aplikacija spojena na informacijski sustav Zavoda te da pristaje na korištenje predloženog pomagala, što se potvrđuje potpisivanjem Izjave. Izjavu pohranjuje bolnički specijalist, a u specijalistički nalaz obavezno navodi da je bolesnik upoznat s korištenjem pomagala, što je potvrdio potpisom Izjave.  Obveznu evaluaciju primjene pomagala obvezan je provoditi: - bolnički specijalist koji je dao preporuku za pomagalo ili specijalist endokrinolog/dijabetolog iz druge zdravstvene ustanove uz suradnju s ustanovom u kojoj je dana preporuka za pomagalo: prvi puta nakon 2 tjedna od početka korištenja pomagala, a zatim u intervalima od jednog, tri, šest i 12 mjeseci. Za nastavno propisivanje pomagala potrebno je priložiti odgovarajuću medicinsku dokumentaciju osnovnom koje bolnički specijalista daje preporuku, zajedno s dokazom o provedenim kontrolama.  Osigurana osoba ne može ostvariti pravo na nastavno propisivanje pomagala, ukoliko nakon 12 mjeseci od početka korištenja pomagala nije došlo prema mišljenju specijaliste koji je predložio pomagalo i/ili provodio kontrolne preglede, do očekivanog ishoda primjene pomagala.  Napomene:   A) Osigurana osoba koja je ostvarila pravo na predmetno pomagalo, ne ostvaruje pravo na odašiljač za kontinuirano mjerenje glukoze i pripadajući senzor za kontinuirano mjerenje glukoze „Medtronic MiniMed“; uređaj za neograničeno skeniranje razine glukoze u međustaničnoj tekućini „FreeStyle Libre“ i pripadajući senzor; set za brzo očitavanje koncentracije šećera u krvi jer je on sadržan u početnom setu; dijagnostičke trakice za mjerenje glukoze u krvi uređajem i lancete za vađenje krvi iz prsta za kontrolu glukoze u krvi, jer su iste sadržane u početnom i tromjesečnom setu. Osigurana osoba ne ostvaruje pravo na povećanu količinu senzora za kontinuirano mjerenje glukoze.  B) Početni set sastoji se od:  - do 7 senzora  uz uvjet da ukupna godišnja količina ne prelazi 26 senzora,                                                                                                                                                                                    - seta za brzo očitavanje koncentracije šećera u krvi  - od 100 trakica i 100 lanceta.  Tromjesečni set sastoji se od:  - do 7 senzora  uz uvjet da ukupna godišnja količina ne prelazi 26 senzora,                                                                                                                                                                                     - od 100 trakica i 100 lanceta.  C) Hrvatski zavod za zdravstveno osiguranje nema uvid, ne prikuplja, ne obrađuje niti na bilo koji drugi način ima pristup podacima koji se unose ili koriste preko aplikacije za korištenje pomagala.    Isporučitelj se obvezuje da će osiguranu osobu kod prvog preuzimanja pomagala upoznati sa svim aspektima korištenja pomagala i aplikacije koja podupire rad pomagala.","18.06.2020","18.03.2026"]
[375,317,"Za osigurane osobe kojima je potrebna terapija kisikom zbog kronične bolesti ili stanja koja dovode do smanjenja respiratorne površine i kronične respiratorne insuficijencije.   Kao dodatna opskrba uz koncentrator kisika za kućnu uporabu.    Za osigurane osobe s održanom primjerenom razinom tjelesne aktivnosti u svakodnevnom životu (svakodnevno samostalno kretanje izvan kuće koje zahtjeva osiguravanje minimalno 2 sata prijenosne opskrbe kisikom).  Ugovorni liječnik primarne zdravstvene zaštite-liječnik opće/obiteljske medicine ili pedijatar izdaje potvrdu o razini tjelesne aktivnosti.  Potreba za ovim pomagalom dokazuje se u stabilnoj fazi kronične bolesti, na sobnom zraku te je uz prijedlog potrebno priložiti i nalaze plinske analize arterijske krvi u najmanje dva mjerenja kojima će se potvrditi:  1. Parcijalni tlak kisika arterijske krvi PaO2 ≤ 55 mmHg (7.32 kPa) ili saturacija hemoglobina (SpO2) ≤88%.  2. PaO2 ≤ 59 mmHg (7.85 kPa) ili saturacija hemoglobina (SpO2) ≤89% uz prisustvo jednog od: poliglobulija (hematokrit > 55%), plućna hipertenzija, cor pulmonale ili zatajivanje srca.  3. Pad vrijednosti PaO2 ≤ 55 mmHg (7.32 kPa) ili saturacije hemoglobina (SpO2) ≤88% tijekom fizičke aktivnosti.  Napomena: pad vrijednosti tijekom fizičke aktivnosti dokazuje se testom hoda, spiroergometrijom ili ergometrijom.   Uređaj se propisuje na period od najmanje 6 godina. Prije propisivanja novog, obavezna provjera funkcionalnosti i dotrajalosti već odobrenog uređaja.   Uređaj propisuju specijalist pedijatar, pulmolog i specijalist interne medicine, pulmolog u KBC Zagreb, KBC Sestre milosrdnice, KBC Osijek, KBC Rijeka i KBC Split.  Osigurana osoba kojoj je odobren Prijenosni ili Obnovljeni prijenosni koncentrator kisika, na teret sredstava Zavoda, ne ostvaruje pravo na pomagala iz Osnovne liste pomagala Zavoda:   Prenosni sustav boca s kisikom, Regulator za bocu, Boca s kisikom , 3 ili 5 litara i Punjenje boca medicinskim kisikom, 3 ili 5 litara.  Osigurana osoba koja je na trajnoj mehaničkoj ventilaciji (invazivna ili neinvazivna) ne ostvaruje pravo na  pomagala Prijenosni ili Obnovljeni prijenosni koncentrator kisika","18.06.2020","18.03.2026"]
[376,174,"Osigurane osobe koje šećernu bolest liječe tabletama-ostvaruju pravo na 50 komada za 6 mjeseci, osigurane osobe koje primaju inzulin jednom dnevno ili su na drugoj subkutanoj terapiji za šećernu bolest ostvaruju pravo na 90 komada za 3 mjeseca, osigurane osobe koje primaju inzulin 2 puta dnevno ostvaruju pravo na 180 komada za 3 mjeseca, osigurane osobe koje primaju inzulin 3 puta dnevno ostvaruju pravo na 275 komada za 3 mjeseca, osigurane osobe koje primaju inzulin više od 3 puta dnevno ostvaruju pravo na najviše 375 komada za 3 mjeseca. Osigurane osobe ostvaruju pravo na pomagalo isključivo uz predočenje dnevnika ili softvera samokontrole. Iznimno, za trudnice na terapiji inzulinom, može se odobriti do 500 trakica za 3 mjeseca, a za djecu do 18. godine života s lošom regulacijom šećera u krvi koja su na terapiji inzulinom može se odobriti do 625 trakica za 3 mjeseca. Osigurana osoba koja je ostvarila pravo na uređaj za neograničeno skeniranje razine glukoze u međustaničnoj tekućini \"FreeStyle Libre\" i pripadajući senzor te na odašiljač za kontinuirano mjerenje glukoze, samostalan (standalone), bežičnom tehnologijom, poveziv s aplikacijom pametnih uređaja \"Medtrum EasySense S7\" i pripadajući senzor, ne ostvaruje pravo na dijagnostičke trakice za mjerenje glukoze u krvi uređajem i lancete za vađenje krvi iz prsta za kontrolu glukoze u krvi, jer su iste sadržane u kvartalnom setu. Osigurana osoba koje je ostvarila pravo na odašiljač za kontinuirano mjerenje glukoze \"Medtronic MiniMed\" i pripadajući senzor, ostvaruje pravo na najviše do 1475 komada godišnje dijagnostičkih trakica za mjerenje glukoze u krvi uređajem i na najviše do 1475 komada godišnje lanceta za vađenje krvi iz prsta za kontrolu glukoze u krvi.","15.08.2020","04.06.2021"]
[383,306,"Za osigurane osobe koje boluju od šećerne bolesti tipa 1:   1. djeca od navršene 4. do navršene 18. godine života (Nakon navršene 18. godine života provodi se evaluacija o uspješnosti liječenja i procjena indikacije za daljnje korištenje.)  2. trudnice (uključujući i trudnice koje boluju od šećerne bolesti tipa 2, samo tijekom trudnoće i ukoliko su na bazal-bolusnoj terapiji inzulinom)  3. slijepe osobe  4. bolesnici sa šećernom bolešću tipa 1 i na intenziviranoj terapiji inzulinom (4 i više doza inzulina), s dokazanom hipoglikemijom:  prema podacima iz uređaja za očitavanje koncentracije šećera osigurane osobe i/ili laboratorijskom opremom pri pregledu kod bolničkog specijaliste pedijatra, endokrinologa dijabetologa ili bolničkog specijaliste interne medicine, endokrinologa dijabetologa ili bolničkog specijaliste endokrinologije i dijabetologije u dolje pobrojanim ustanovama. Za sve gore navedene četiri kategorije osiguranih osoba, u bolničkim uvjetima, odnosno tijekom obrade u dnevnoj bolnici, pregleda u ambulanti ili tijekom bolničkog liječenja, indikaciju za navedeno pomagalo može postaviti bolnički specijalist koji se bavi liječenjem šećerne bolesti, a zaposlenik je u:  KBC Zagreb, KBC Sestre milosrdnice, KB Dubrava, Sveučilišna klinika za dijabetes i endokrinologiju u KB Merkur, KBC Split, KBC Osijek i KBC Rijeka.   Bolnički doktor specijalist koji postavlja indikaciju za pomagalo, obavezan je specijalistički nalaz.Obaveznu evaluaciju primjene pomagala obvezan je provoditi: -bolnički specijalist koji je dao preporuku za pomagalo ili specijalist endokrinolog/dijabetolog iz druge zdravstvene ustanove uz suradnju s ustanovom u kojoj je dana preporuka za pomagalo: prvi puta nakon 2 tjedna od početka korištenja pomagala, a zatim u intervalima od jednog, tri, šest i 12 mjeseci. Za nastavno propisivanje pomagala potrebno je priložiti odgovarajuću medicinsku dokumentaciju osnovnom koje bolnički specijalista daje preporuku, zajedno s dokazom o provedenim kontrolama.  Osigurana osoba ne može ostvariti pravo na nastavno propisivanje pomagala, ukoliko nakon 12 mjeseci od početka korištenja pomagala nije došlo prema mišljenju specijaliste koji je predložio pomagalo i/ili provodio kontrolne preglede, do očekivanog ishoda primjene pomagala. Napomena: Osigurana osoba koja je ostvarila pravo na predmetno pomagalo, ne ostvaruje pravo na odašiljač za kontinuirano mjerenje glukoze i pripadajući senzor za kontinuirano mjerenje glukoze „Medtronic MiniMed“.  Osigurana osoba koja je ostvarila pravo na predmetno pomagalo, ne ostvaruje pravo na set za brzo očitavanje koncentracije šećera u krvi.  Osigurana osoba koja je ostvarila pravo na predmetno pomagalo, ne ostvaruje pravo na dijagnostičke trakice za mjerenje glukoze u krvi uređajem i lancete za vađenje krvi iz prsta za kontrolu glukoze u krvi, jer su iste sadržane u kvartalnom setu.  Kvartalni set sastoji se od:   - do 7 senzora  uz uvjet da ukupna godišnja količina ne prelazi 26 senzora,   - od 50 trakica i 50 lanceta za odrasle osobe,   - od 150 trakica i 150 lanceta za djecu.  U godini ostvarivanja prava na uređaj za neograničeno skeniranje razine glukoze, osigurana osoba ostvaruje pravo na još 25 senzora, jer je 1 senzor sadržan u startnom setu, a nadalje 26 senzora godišnje.  ","15.08.2020","18.03.2026"]
[384,349,"Za osigurane osobe koje boluju od šećerne bolesti tipa 1:   1. djeca od navršene 2. do navršene 18. godine života (Nakon navršene 18. godine života provodi se evaluacija o uspješnosti liječenja i procjena indikacije za daljnje korištenje.)  2. trudnice (uključujući i trudnice koje boluju od šećerne bolesti tipa 2, samo tijekom trudnoće i ukoliko su na bazal-bolusnoj terapiji inzulinom)  3. slijepe osobe  4. bolesnici sa šećernom bolešću tipa 1 i na intenziviranoj terapiji inzulinom (4 i više doza inzulina), s dokazanom hipoglikemijom: prema podacima iz uređaja za očitavanje koncentracije šećera osigurane osobe i/ili laboratorijskom opremom pri pregledu kod bolničkog specijaliste pedijatra, endokrinologa dijabetologa ili bolničkog specijaliste interne medicine, endokrinologa dijabetologa ili bolničkog specijaliste endokrinologije i dijabetologije u dolje pobrojanim ustanovama. Za sve gore navedene četiri kategorije osiguranih osoba, u bolničkim uvjetima, odnosno tijekom obrade u dnevnoj bolnici, pregleda u ambulanti ili tijekom bolničkog liječenja, indikaciju za navedeno pomagalo može postaviti bolnički specijalist koji se bavi liječenjem šećerne bolesti, a zaposlenik je u:  KBC Zagreb, KBC Sestre milosrdnice, KB Dubrava, Sveučilišna klinika za dijabetes i endokrinologiju u KB Merkur, KBC Split, KBC Osijek i KBC Rijeka.   Bolnički specijalist, koji postavlja indikaciju i predlaže korištenje ovog pomagala, obavezan je osiguranu osobu upoznati s načinom rada i svim aspektima korištenja pomagala te time da je za korištenje pomagala potrebno posjedovati vlastiti pametni mobilni uređaj jer pomagalo radi pomoću mobilne aplikacije koja prikuplja podatke korisnika, uz napomenu da Zavod nije taj koji prikuplja podatke niti je voditelj obrade osobnih podataka, obzirom da Zavod ne utječe na podatke koje korisnik odlučuje unijeti u aplikaciju niti je aplikacija spojena na informacijski sustav Zavoda te da pristaje na korištenje predloženog pomagala, što se potvrđuje potpisivanjem Izjave. Izjavu pohranjuje bolnički specijalist, a u specijalistički nalaz obavezno navodi da je bolesnik upoznat s korištenjem pomagala, što je potvrdio potpisom Izjave.  Obveznu evaluaciju primjene pomagala obvezan je provoditi: - bolnički specijalist koji je dao preporuku za pomagalo ili specijalist endokrinolog/dijabetolog iz druge zdravstvene ustanove uz suradnju s ustanovom u kojoj je dana preporuka za pomagalo: prvi puta nakon 2 tjedna od početka korištenja pomagala, a zatim u intervalima od jednog, tri, šest i 12 mjeseci. Za nastavno propisivanje pomagala potrebno je priložiti odgovarajuću medicinsku dokumentaciju osnovnom koje bolnički specijalista daje preporuku, zajedno s dokazom o provedenim kontrolama.  Osigurana osoba ne može ostvariti pravo na nastavno propisivanje pomagala, ukoliko nakon 12 mjeseci od početka korištenja pomagala nije došlo prema mišljenju specijaliste koji je predložio pomagalo i/ili provodio kontrolne preglede, do očekivanog ishoda primjene pomagala.  Napomene:   A) Osigurana osoba koja je ostvarila pravo na predmetno pomagalo, ne ostvaruje pravo na odašiljač za kontinuirano mjerenje glukoze i pripadajući senzor za kontinuirano mjerenje glukoze „Medtronic MiniMed“; uređaj za neograničeno skeniranje razine glukoze u međustaničnoj tekućini „FreeStyle Libre“ i pripadajući senzor; set za brzo očitavanje koncentracije šećera u krvi jer je on sadržan u početnom setu; dijagnostičke trakice za mjerenje glukoze u krvi uređajem i lancete za vađenje krvi iz prsta za kontrolu glukoze u krvi, jer su iste sadržane u početnom i tromjesečnom setu. Osigurana osoba ne ostvaruje pravo na povećanu količinu senzora za kontinuirano mjerenje glukoze.  B) Početni set sastoji se od:  - do 7 senzora  uz uvjet da ukupna godišnja količina ne prelazi 26 senzora,                                                                                                                                                                                    - seta za brzo očitavanje koncentracije šećera u krvi  - od 100 trakica i 100 lanceta.  Tromjesečni set sastoji se od:  - do 7 senzora  uz uvjet da ukupna godišnja količina ne prelazi 26 senzora,                                                                                                                                                                                     - od 100 trakica i 100 lanceta.  C) Hrvatski zavod za zdravstveno osiguranje nema uvid, ne prikuplja, ne obrađuje niti na bilo koji drugi način ima pristup podacima koji se unose ili koriste preko aplikacije za korištenje pomagala.    Isporučitelj se obvezuje da će osiguranu osobu kod prvog preuzimanja pomagala upoznati sa svim aspektima korištenja pomagala i aplikacije koja podupire rad pomagala.","15.08.2020","18.03.2026"]
[385,350,"Za osigurane osobe tjelesne težine od 13 i više kilograma koje su stabilne, spontano dišu i kojima je potrebna neinvanzivna mehanička ventilacija najviše do 16 sati na dan zbog razvoja kronične respiracijske insuficijencije, a koja je posljedica sljedećih bolesti:   • Kronična opstruktivna plućna bolest (KOPB)   • Sindrom hipoventilacije u pretilih osoba (OHS)   • Restriktivne plućne bolesti (kifoskolioza, deformiteti prsnog koša, IPF)   • Neuromuskularne bolesti   • Refraktorna centralna apneja u snu i refraktorna opstruktivna apneja u spavanju (OSA).  Uvjeti:  Simptomatska kronična respiracijska insuﬁcijencija uz jedan od navedenih uvjeta (potrebno je priložiti nalaz plinske analize arterijske krvi).                                                                                                                                               Uvjeti za bolesnike s KOPB-om (mora biti prisutan najmanje jedan od uvjeta):  • kronična dnevna hiperkapnija s PaCO2 ≥ 50 mmHg (6,7 kPa),   • noćna hiperkapnija s PaCO2 ≥ 55 mmHg (7,3 kPa),   • dnevna hiperkapnija s PaCO2 46 – 50 mmHg (6,1 – 6,7 kPa) uz porast PTcCO2 ≥ 10 mmHg (1,3 kPa) tijekom noći,   • dnevna hiperkapnija s PaCO2 46 – 50 mmHg (6,1 – 6,7 kPa) uz barem dvije egzacerbacije s respiracijskom acidozom koje su trebale hospitalizaciju u posljednjih godinu dana.   Uvjeti za bolesnike s OHS-om, koji provode adekvatnu terapiju CPAP-om, a kod kojih se na kontrolnom pregledu (koji uključuje poligraﬁju/polisomnograﬁju) pokaže da terapija CPAP-om nije rezultirala poboljšanjem simptoma kronične hipoventilacije ili se nije postigla dnevna normokapnija, odnosno kod dokazane nedjelotvornosti CPAP uređaja u slučaju preklapanja s opstruktivnom apnejom u spavanju te kod dokazane nedjelotvornosti CPAP uređaja u liječenju centralne apneje u spavanju (mora biti prisutan najmanje jedan od uvjeta):  • noćna hiperkapnija s PaCO2 ≥ 55 mmHg (7,3 kPa) dokazana plinskom analizom arterijske krvi odmah nakon buđenja ili PTcCO2 ≥ 55 mmHg (7,3 kPa) duže od 5 minuta,   • porast PTcCO2 ≥ 10 mmHg (1,3 kPa) tijekom noći dokazan transkutanom kapnometrijom,  • desaturacija hemoglobina tijekom noći < 80% SaO2 za vrijeme ≥ 10 minuta.                                                                                                                                 Uvjeti za bolesnike s restriktivnim plućnim bolestima (mora biti prisutan najmanje jedan od uvjeta):  • kronična dnevna hiperkapnija s PaCO2 ≥ 45 mmHg (6 kPa),   • noćna hiperkapnija s PaCO2 ≥ 50 mmHg (6,7 kPa),   • dnevna hiperkapnija s PaCO2 46 – 50 mmHg (6,1 – 6,7 kPa) uz porast PTcCO2 ≥ 10 mmHg (1,3 kPa) tijekom noći.  Uvjeti za bolesnike s neuromuskularnim bolestima u kojih ne postoji potreba za invazivnom ventilacijom unutar razdoblja od 5 godina (mora biti prisutan najmanje jedan od uvjeta):   • kronična dnevna hiperkapnija s PaCO2 ≥ 45 mmHg (6 kPa),   • noćna hiperkapnija s PaCO2 ≥ 50 mmHg (6,7 kPa),   • dnevna hiperkapnija s PaCO2 46 – 50 mmHg (6,1 – 6,7 kPa) uz porast PTcCO2 ≥ 10 mmHg (1,3 kPa) tijekom noći.                                                                                                                                                                                           Uređaj propisuju specijalist pedijatar, pulmolog i specijalist interne medicine, pulmolog u KBC Zagreb, KBC Sestre milosrdnice, KBC Osijek, KBC Rijeka, KBC Split i SB za plućne bolesti (Rockefellerova).  Osigurana osoba kojoj je odobren Neinvazivni ventilator  za kućnu uporabu sa ovlaživačem ili Obnovljeni neinvazivni ventilator za kućnu uporabu sa ovlaživačem, na teret sredstava Zavoda, ne ostvaruje pravo na Uređaj za potpomognuto disanje (CPAP).        ","15.08.2020"]
[386,351,"Utvrđena količina odnosi se na jednu ranu.","15.08.2020"]
[387,352,"Osigurana osoba starija od 18 godina, samostalno pokretna, ostvaruje pravo kod indikacija iz članka 49. Pravilnika o ortopedskim i drugim pomagalima, za srednje tešku urinarnu inkontinenciju sa umjerenim dnevnim volumenom nevoljnog bijega mokraće (600-800 ml) na \"Anatomske uloške (za muškarce)\" do najviše 275 komada. Nije ih moguće kombinirati s pomagalima iz ostalih podskupina pomagala za urogenitalni sustav.","15.08.2020"]
[388,122,"Za osigurane osobe koje hodaju samostalno ili uz pomoć štaka ili hodalice, kod mlohave ili spastične kljenuti bilo koje geneze. Kod spastične kljenuti potrebno je priložiti funkcionalnu klasifikaciju grubih motoričkih funkcija (GMFCS).  Kod mlohave kljenuti uslijed ozljede leđne moždine potrebno je priložiti ASIA klasifikaciju.","01.12.2020"]
[389,123,"Za osigurane osobe koje hodaju samostalno ili uz pomoć štaka ili hodalice,  kod mlohave ili spastične kljenuti bilo koje geneze, osigurane osobe velike tjelesne težine. Kod spastične kljenuti potrebno je priložiti funkcionalnu klasifikaciju grubih motoričkih funkcija (GMFCS).  Kod mlohave kljenuti uslijed ozljede leđne moždine potrebno je priložiti ASIA klasifikaciju.","01.12.2020"]
[390,124,"Za osigurane osobe koje hodaju samostalno ili uz pomoć štaka ili hodalice, kod mlohave ili spastične kljenuti bilo koje geneze ako se ne može opskrbiti drugom ortozom, uz obrazloženje. Kod spastične kljenuti potrebno je priložiti funkcionalnu klasifikaciju grubih motoričkih funkcija (GMFCS).  Kod mlohave kljenuti uslijed ozljede leđne moždine potrebno je priložiti ASIA klasifikaciju.","01.12.2020"]
[391,125,"Za osigurane osobe koje hodaju samostalno ili uz pomoć štaka ili hodalice, kod mlohave kljenuti bilo koje geneze. Prva opskrba  bolnički, timski propisuju specijalist ortoped/specijalist ortopedije i traumatologije i specijalist fizikalne medicine i rehabilitacije, a svaka slijedeća i u ugovornim zdravstvenim ustanovama, timski propisuju specijalist ortoped/specijalist ortopedije i traumatologije i specijalist fizikalne medicine i rehabilitacije. Kod mlohave kljenuti uslijed ozljede leđne moždine potrebno je priložiti ASIA klasifikaciju.","01.12.2020"]
[392,145,"Za osigurane osobe koje hodaju: Pes equinus, Pes equinovarus, skraćenje noge veće od 10 cm. Iznimno, osigurana osoba koja prema funkcionalnom statusu otežano hoda i koristi invalidska kolica za kretanje, na temelju prijedloga uz obrazloženje nadležnog doktora specijaliste, ima pravo na ortopedsku cipelu ako zbog deformacije stopala ne može koristiti konfekcijsku obuću. Osigurana osoba uz ortopedsku cipelu ima pravo i na cipelu za zdravu nogu.  Unutarnja „U\" cipela (protetički umetak koji se umeće u ortopedske cipele, kategorizirana kao „Ortopedska cipela grupe I“):    Osigurana osoba ima pravo na unutarnju „U“ cipelu kada se deformacija ili manjak stopala ne mogu odgovarajuće korigirati ortopedskom cipelom. U tom slučaju preko unutarnje „U\"  cipele koristi se ortopedska cipela. „U“ cipela se izrađuje individualno, u potrebnoj količini zajedno s jednim parom ortopedskih cipela grupe III i IV. Ako se radi o jednostranoj opskrbi „U“ cipelom, odnosno jednostranoj deformaciji ili manjku stopala, odobrava se pola (0,5) para pomagala generičkog naziva „Ortopedske cipele grupa I“ i jedan (1) par pomagala generičkog naziva „Ortopedske cipele grupe III i IV.  ","01.12.2020"]
[393,146,"Za osigurane osobe koje hodaju: Pes paralyticus (kod kljenuti stopala koju je moguće kontrolirati ortopedskom cipelom), kod nedostatka palca ili tri prsta stopala, ili nedostatak dijela nožja ili donožja (kada se ne koristi proteza), te skraćenje noge od 5 do 10 cm. Individualna izrada. Iznimno, osigurana osoba koja prema funkcionalnom statusu otežano hoda i koristi invalidska kolica za kretanje, na temelju prijedloga uz obrazloženje nadležnog doktora specijaliste, ima pravo na ortopedsku cipelu ako zbog deformacije stopala ne može koristiti konfekcijsku obuću. Osigurana osoba uz ortopedsku cipelu ima pravo i na cipelu za zdravu nogu.","01.12.2020"]
[394,147,"Za osigurane osobe koje hodaju: skraćenje noge od 1,5 do 5 cm kod djece i od 2,5 do 5 cm kod odraslih, kod reumatskih bolesti s teškim deformitetima stopala i nožnog zgloba uz nemogućnost korištenja konfekcijske obuće, Pes excavatus, trofičke promjene s ulceracijom stopala ili elefantijazom kod koje se ne može nositi konfekcijska obuća, ukočen gornji nožni zglob ili više drugih zglobova, ortopedske cipele kao sastavni dio ortoze te ortopedska cipela uz ortozu ukoliko nije moguće nositi konfekcijsku obuću.  Iznimno, osigurana osoba koja prema funkcionalnom statusu otežano hoda i koristi invalidska kolica za kretanje, na temelju prijedloga uz obrazloženje nadležnog doktora specijaliste, ima pravo na ortopedsku cipelu ako zbog deformacije stopala ne može koristiti konfekcijsku obuću. Osigurana osoba uz ortopedsku cipelu ima pravo i na cipelu za zdravu nogu.  U slučaju da je osigurana osoba ostvarila pravo i na unutarnju „U“ cipelu“, „U“ cipela se izrađuje individualno, u potrebnoj količini zajedno s jednim parom ortopedskih cipela grupe III i IV. Ako se radi o jednostranoj opskrbi „U“ cipelom, odnosno jednostranoj deformaciji ili manjku stopala, odobrava se pola (0,5) para pomagala generičkog naziva „Ortopedske cipele grupa I“ i jedan (1) par pomagala generičkog naziva „Ortopedske cipele grupe III i IV.  ","01.12.2020"]
[395,264,"Za osigurane osobe koje imaju ugrađenu umjetnu pužnicu. Ukoliko je umjetna pužnica ugrađena obostrano, osigurana osoba ostvaruje pravo na dvostruku količinu. Ukoliko osigurana osoba realizira pravo na pomagalo \"Punjač baterija sa dvije baterije za punjenje govornog procesora\" ista ostvaruje pravo na izdavanje najviše do 24 komada pomagala generičkog naziva \"Baterije za govorni procesor\" u 3 mjeseca, za vrijeme trajanja roka uporabe pomagala \"Punjač baterija sa dvije baterije za punjenje govornog procesora\".","01.12.2020"]
[396,347,"Za osiguranu osobu kojoj je zbog gluhoće ugrađena umjetna pužnica. Ukoliko je umjetna pužnica ugrađena obostrano, osigurana osoba ostvaruje pravo na dvostruku količinu.","01.12.2020"]
[397,353,"Osigurana osoba starija od 18 godina, samostalno pokretna, ostvaruje pravo kod indikacija iz članka 49. Pravilnika o ortopedskim i drugim pomagalima, za srednje tešku urinarnu inkontinenciju sa umjerenim dnevnim volumenom nevoljnog bijega mokraće (600-800 ml) na \"Upijajuće gaćice za muškarce\" do najviše 180 komada pojedinačno. Nije ih moguće kombinirati s pomagalima iz ostalih podskupina pomagala za urogenitalni sustav.","01.12.2020"]
[398,354,"Kod rekonstrukcije rotatorne manžete, artroplastike, osteosinteze i transpozicije mišića ramena.","01.12.2020"]
[399,355,"Za konzervativno liječenje rupture Ahilove tetive te nakon perkutane metode operativnog liječenja rupture Ahilove tetive.","01.12.2020"]
[400,356,"Nakon luksacije kuka ili luksacije endoproteze, kod reimplantacije endoproteze, tumorske endoproteze i stanja »visećeg kuka«.","01.12.2020"]
[401,"275a","Za sprečavanje nastajanja hipertrofčnih i keloidnih ožiljaka nakon plastičnih rekonstrukcija. Ako postoji medicinska indikacija obostrano, osigurana osoba ostvaruje pravo na dvostruku količinu. Komplet se odnosi na 1 elastičnu masku za lice kod keloida ili 6 silikonskih pločica ili ukupno 90 g silikonskog gela.","27.02.2021"]
[402,301,"Za osigurane osobe Zavoda dobi do 18 godina s dijagnozama koje dovode do neurommišićne slabosti i nemogućnosti izbacivanja bronhalnog sekreta, koje su opskrbljene respiratorom za kućnu uporabu.   Za dijagnoze:   -  Spinalna mišićna atrofija (SMA)  -  Mišićna distrofija  -  Prirođene miopatije  -  Cerebralna paraliza  -  Ozljede leđne moždine  -  Miastenija gravis  -  Ostale rijetke bolesti kao što su bolesti metabolizma ili Charcot Marie Tooth bolest, a  povezane su s oštećenim iskašljavanjem.  Ukoliko je osoba ostvarila pravo na pomagalo do 18. godine života na teret sredstava Zavoda, na isto ostvaruje pravo i nakon navršene 18. godine. Ukoliko je osoba ostvarila pravo na mehanički insuflator/eksuflator za kućnu uporabu ili obnovljeni mehanički insuflator/eksuflator za kućnu uporabu, ista ostvaruje pravo na do 500 aspiracijskih katetera/ aspiracijskih katetera Ch8-10 u 3 mjeseca.  ","27.02.2021"]
[403,357,"Dijelovi respiratora Trilogy Evo koji se mijenjaju nakon 4 godine. Rad i testiranje do 8 sati.                               ","27.02.2021"]
[404,358,"Dijelovi respiratora Trilogy Evo koji se mijenjaju nakon 8 godina. Rad i testiranje do 8 sati.","27.02.2021"]
[405,166,"Kod  osiguranih osoba s tetraplegijom ASIA A i B, kod potpuno nepokretnih osiguranih osoba s neurološkim deficitom distalno od cervikotorakalnog prijelaza kao posljedica neurološke bolesti.","27.05.2021"]
[406,167,"a. Za osigurane osobe s paraplegijom. b. Za potpuno nepokretne osigurane osobe koje imaju dekubitalne ulceracije kože (stupanj 3-4).","27.05.2021"]
[416,174,"Osigurane osobe koje šećernu bolest liječe tabletama ili su na drugoj ne-inzulinskoj supkutanoj terapiji za šećernu bolest ostvaruju pravo na 50 komada za 12 mjeseci, osigurane osobe koje primaju inzulin jednom dnevno ostvaruju pravo na 90 komada za 3 mjeseca, osigurane osobe koje primaju inzulin 2 puta dnevno ostvaruju pravo na 180 komada za 3 mjeseca, osigurane osobe koje primaju inzulin 3 puta dnevno ostvaruju pravo na 275 komada za 3 mjeseca, osigurane osobe koje primaju inzulin više od 3 puta dnevno ostvaruju pravo na najviše 375 komada za 3 mjeseca. Osigurane osobe ostvaruju pravo na pomagalo isključivo uz predočenje dnevnika ili softvera samokontrole. Iznimno, za trudnice na terapiji inzulinom, može se odobriti do 500 trakica za 3 mjeseca, a za djecu do 18. godine života s lošom regulacijom šećera u krvi koja su na terapiji inzulinom može se odobriti do 625 trakica za 3 mjeseca.   Osigurana osoba koja je ostvarila pravo na:  - uređaj za neograničeno skeniranje razine glukoze \"FreeStyle Libre\" i pripadajući senzor ne ostvaruje pravo na dg. trakice za mjerenje GUK-a i lancete (iste su sadržane u kvartalnom setu).  - odašiljač za kontinuirano mjerenje glukoze, poveziv s aplikacijom pametnih uređaja \"Medtrum“ i pripadajući senzor ne ostvaruje pravo na dg. trakice za mjerenje GUK-a i lancete (iste su sadržane u kvartalnom setu).  - odašiljač za kontinuirano mjerenje glukoze uz inzulinsku pumpu \"Medtronic MiniMed\" i pripadajući senzor ostvaruje pravo na najviše do 1475 kom. dg. trakica za mjerenje GUK-a i do 1475 kom. lanceta godišnje.  - odašiljač za kontinuirano mjerenje glukoze, poveziv s aplikacijom pametnih uređaja \"Medtronic Guardian Connect\" i pripadajući senzor ostvaruje pravo na najviše do 720 kom. dg. trakica za mjerenje GUK-a i do 720 kom. lanceta godišnje.  ","05.06.2021"]
[417,305,"Za osigurane osobe koje boluju od šećerne bolesti i primaju inzulin putem inzulinske pumpe te i dalje imaju: učestale, neprepoznate i noćne hipoglikemije; neosjetljivost na hipoglikemije zbog čega bolesnici ne prepoznaju simptome ni tijekom dana ni tijekom noći; velike oscilacije glikemije, nezadovoljavajuću metaboličku kontrolu bolesti (HbA1c>7,5%); alergije na druge vrste senzora; osobitu sklonost nastanku hipoglikemija zbog pridruženh bolesti ili aktivnosti kojima se bave (aktivni sportaši); djeca sa intelektualnim poteškoćama, zbog čega ne mogu prepoznati niti upozoriti na simptome hipoglikemije; tijekom prekoncepcije kako bi se postigla što bolja regulacija prije trudnoće i tijekom trudnoće kako bi se na vrijeme prepoznale i izbjegle jake hipoglikemije.  Osigurana osoba koja je ostvarila pravo na predmetno pomagalo:                                                                                                                        -ostvaruje pravo na najviše do 1475 komada dg.trakica za mjerenje GUK-a i do 1475 komada lanceta godišnje,  -ne ostvaruje pravo na uređaj za neograničeno skeniranje razine glukoze \"FreeStyle Libre\" i pripadajući senzor i odašiljače za kontinuirano mjerenje glukoze, povezive s aplikacijama pametnih uređaja \"Medtrum\" i \"Medtronic Guardian Connect\" te pripadajuće senzore.                                                                                                       Osigurana osoba ne ostvaruje pravo na povećanu količinu senzora za kontinuirano mjerenje glukoze.  ","05.06.2021"]
[418,306,"Za osigurane osobe koje boluju od šećerne bolesti tipa 1:   1. djeca od navršene 4. do navršene 18. godine života (Nakon navršene 18. godine života provodi se evaluacija o uspješnosti liječenja i procjena indikacije za daljnje korištenje.)  2. trudnice (uključujući i trudnice koje boluju od šećerne bolesti tipa 2, samo tijekom trudnoće i ukoliko su na bazal-bolusnoj terapiji inzulinom)  3. slijepe osobe  4. bolesnici sa šećernom bolešću tipa 1 i na intenziviranoj terapiji inzulinom (4 i više doza inzulina), s dokazanom hipoglikemijom:  prema podacima iz uređaja za očitavanje koncentracije šećera osigurane osobe i/ili laboratorijskom opremom pri pregledu kod bolničkog specijaliste pedijatra, endokrinologa dijabetologa ili bolničkog specijaliste interne medicine, endokrinologa dijabetologa ili bolničkog specijaliste endokrinologije i dijabetologije u dolje pobrojanim ustanovama. Za sve gore navedene četiri kategorije osiguranih osoba, u bolničkim uvjetima, odnosno tijekom obrade u dnevnoj bolnici, pregleda u ambulanti ili tijekom bolničkog liječenja, indikaciju za navedeno pomagalo može postaviti bolnički specijalist koji se bavi liječenjem šećerne bolesti, a zaposlenik je u:  KBC Zagreb, KBC Sestre milosrdnice, KB Dubrava, Sveučilišna klinika za dijabetes i endokrinologiju u KB Merkur, KBC Split, KBC Osijek i KBC Rijeka.   Bolnički doktor specijalist koji postavlja indikaciju za pomagalo, obavezan je priložiti specijalistički nalaz.Obaveznu evaluaciju primjene pomagala obvezan je provoditi: -bolnički specijalist koji je dao preporuku za pomagalo ili specijalist endokrinolog/dijabetolog iz druge zdravstvene ustanove uz suradnju s ustanovom u kojoj je dana preporuka za pomagalo: prvi puta nakon 2 tjedna od početka korištenja pomagala, a zatim u intervalima od jednog, tri, šest i 12 mjeseci. Za nastavno propisivanje pomagala potrebno je priložiti odgovarajuću medicinsku dokumentaciju osnovnom koje bolnički specijalista daje preporuku, zajedno s dokazom o provedenim kontrolama.  Osigurana osoba ne može ostvariti pravo na nastavno propisivanje pomagala, ukoliko nakon 12 mjeseci od početka korištenja pomagala nije došlo prema mišljenju specijaliste koji je predložio pomagalo i/ili provodio kontrolne preglede, do očekivanog ishoda primjene pomagala. Napomena:                                                                                                                                                                                   Osigurana osoba koja je ostvarila pravo na predmetno pomagalo ne ostvaruje pravo na:                                                                                     - set za brzo očitavanje koncentracije šećera u krvi, dg. trakice za mjerenje GUK-a i lancete (iste su sadržane u kvartalnom setu).  - odašiljače za kontinuirano mjerenje glukoze, povezive s aplikacijama pametnih uređaja \"Medtrum“ i \"Medtronic Guardian Connect\"  te pripadajuće senzore.  - odašiljač za kontinuirano mjerenje glukoze uz inzulinsku pumpu \"Medtronic MiniMed\" i pripadajući senzor.                                                     U godini ostvarivanja prava na uređaj za neograničeno skeniranje razine glukoze, osigurana osoba ostvaruje pravo na još 25 senzora, jer je 1 senzor sadržan u startnom setu, a nadalje 26 senzora godišnje.    ","05.06.2021","18.03.2026"]
[419,317,"Za osigurane osobe kojima je potrebna terapija kisikom zbog kronične bolesti ili stanja koja dovode do smanjenja respiratorne površine i kronične respiratorne insuficijencije.   Kao dodatna opskrba uz koncentrator kisika za kućnu uporabu-do najmanje 5 litara.    Za osigurane osobe s održanom primjerenom razinom tjelesne aktivnosti u svakodnevnom životu (svakodnevno samostalno kretanje izvan kuće koje zahtjeva osiguravanje minimalno 2 sata prijenosne opskrbe kisikom).  Ugovorni liječnik primarne zdravstvene zaštite-liječnik opće/obiteljske medicine ili pedijatar izdaje potvrdu o razini tjelesne aktivnosti.  Potreba za ovim pomagalom dokazuje se u stabilnoj fazi kronične bolesti, na sobnom zraku te je uz prijedlog potrebno priložiti i nalaze plinske analize arterijske krvi u najmanje dva mjerenja kojima će se potvrditi:  1. Parcijalni tlak kisika arterijske krvi PaO2 ≤ 55 mmHg (7.32 kPa) ili saturacija hemoglobina (SpO2) ≤88%.  2. PaO2 ≤ 59 mmHg (7.85 kPa) ili saturacija hemoglobina (SpO2) ≤89% uz prisustvo jednog od: poliglobulija (hematokrit > 55%), plućna hipertenzija, cor pulmonale ili zatajivanje srca.  3. Pad vrijednosti PaO2 ≤ 55 mmHg (7.32 kPa) ili saturacije hemoglobina (SpO2) ≤88% tijekom fizičke aktivnosti.  Napomena: pad vrijednosti tijekom fizičke aktivnosti dokazuje se testom hoda, spiroergometrijom ili ergometrijom.   Uređaj se propisuje na period od najmanje 6 godina. Prije propisivanja novog, obavezna provjera funkcionalnosti i dotrajalosti već odobrenog uređaja.   Uređaj propisuju specijalist pedijatar, pulmolog i specijalist interne medicine, pulmolog u KBC Zagreb, KBC Sestre milosrdnice, KBC Osijek, KBC Rijeka i KBC Split.  Osigurana osoba kojoj je odobren Prijenosni ili Obnovljeni prijenosni koncentrator kisika, na teret sredstava Zavoda, ne ostvaruje pravo na pomagala iz Osnovne liste pomagala Zavoda:   Prenosni sustav boca s kisikom, Regulator za bocu, Boca s kisikom , 3 ili 5 litara i Punjenje boca medicinskim kisikom, 3 ili 5 litara.  Osigurana osoba koja je na trajnoj mehaničkoj ventilaciji (invazivna ili neinvazivna) ne ostvaruje pravo na  pomagala Prijenosni ili Obnovljeni prijenosni koncentrator kisika          ","05.06.2021","18.03.2026"]
[420,349,"Za osigurane osobe koje boluju od šećerne bolesti tipa 1:   1. djeca od navršene 2. do navršene 18. godine života (Nakon navršene 18. godine života provodi se evaluacija o uspješnosti liječenja i procjena indikacije za daljnje korištenje.)  2. trudnice (uključujući i trudnice koje boluju od šećerne bolesti tipa 2, samo tijekom trudnoće i ukoliko su na bazal-bolusnoj terapiji inzulinom)  3. slijepe osobe  4. bolesnici sa šećernom bolešću tipa 1 i na intenziviranoj terapiji inzulinom (4 i više doza inzulina), s dokazanom hipoglikemijom: prema podacima iz uređaja za očitavanje koncentracije šećera osigurane osobe i/ili laboratorijskom opremom pri pregledu kod bolničkog specijaliste pedijatra, endokrinologa dijabetologa ili bolničkog specijaliste interne medicine, endokrinologa dijabetologa ili bolničkog specijaliste endokrinologije i dijabetologije u dolje pobrojanim ustanovama. Za sve gore navedene četiri kategorije osiguranih osoba, u bolničkim uvjetima, odnosno tijekom obrade u dnevnoj bolnici, pregleda u ambulanti ili tijekom bolničkog liječenja, indikaciju za navedeno pomagalo može postaviti bolnički specijalist koji se bavi liječenjem šećerne bolesti, a zaposlenik je u:  KBC Zagreb, KBC Sestre milosrdnice, KB Dubrava, Sveučilišna klinika za dijabetes i endokrinologiju u KB Merkur, KBC Split, KBC Osijek i KBC Rijeka.   Bolnički specijalist, koji postavlja indikaciju i predlaže korištenje ovog pomagala, obavezan je osiguranu osobu upoznati s načinom rada i svim aspektima korištenja pomagala te time da je za korištenje pomagala potrebno posjedovati vlastiti pametni mobilni uređaj jer pomagalo radi pomoću mobilne aplikacije koja prikuplja podatke korisnika, uz napomenu da Zavod nije taj koji prikuplja podatke niti je voditelj obrade osobnih podataka, obzirom da Zavod ne utječe na podatke koje korisnik odlučuje unijeti u aplikaciju niti je aplikacija spojena na informacijski sustav Zavoda te da pristaje na korištenje predloženog pomagala, što se potvrđuje potpisivanjem Izjave. Izjavu pohranjuje bolnički specijalist, a u specijalistički nalaz obavezno navodi da je bolesnik upoznat s korištenjem pomagala, što je potvrdio potpisom Izjave.  Obveznu evaluaciju primjene pomagala obvezan je provoditi: - bolnički specijalist koji je dao preporuku za pomagalo ili specijalist endokrinolog/dijabetolog iz druge zdravstvene ustanove uz suradnju s ustanovom u kojoj je dana preporuka za pomagalo: prvi puta nakon 2 tjedna od početka korištenja pomagala, a zatim u intervalima od jednog, tri, šest i 12 mjeseci. Za nastavno propisivanje pomagala potrebno je priložiti odgovarajuću medicinsku dokumentaciju osnovnom koje bolnički specijalista daje preporuku, zajedno s dokazom o provedenim kontrolama.  Osigurana osoba ne može ostvariti pravo na nastavno propisivanje pomagala, ukoliko nakon 12 mjeseci od početka korištenja pomagala nije došlo prema mišljenju specijaliste koji je predložio pomagalo i/ili provodio kontrolne preglede, do očekivanog ishoda primjene pomagala.  Napomene:   A) Osigurana osoba koja je ostvarila pravo na predmetno pomagalo, ne ostvaruje pravo na:-set za brzo očitavanje koncentracije šećera u krvi, dg.trakice za mjerenje GUK-a i lancete  (iste su sadržane u kvartalnom setu),-uređaj za neograničeno skeniranje razine glukoze \"FreeStyle Libre\" i pripadajući senzor,- odašiljač za kontinuirano mjerenje glukoze uz inzulinsku pumpu „Medtronic MiniMed“ i pripadajući senzor,-odašiljač za kontinuirano mjerenje glukoze,poveziv s aplikacijom pametnih uređaja \"Medtronic Guardian Connect\" i pripadajući senzor.Osigurana osoba ne ostvaruje pravo na povećanu količinu senzora za kontinuirano mjerenje glukoze.  B) Početni set sastoji se od:  - do 7 senzora  uz uvjet da ukupna godišnja količina ne prelazi 26 senzora,                                                                                                                                                                                    - seta za brzo očitavanje koncentracije šećera u krvi  - od 100 trakica i 100 lanceta.  Tromjesečni set sastoji se od:  - do 7 senzora  uz uvjet da ukupna godišnja količina ne prelazi 26 senzora,                                                                                                                                                                                     - od 100 trakica i 100 lanceta.  C) Hrvatski zavod za zdravstveno osiguranje nema uvid, ne prikuplja, ne obrađuje niti na bilo koji drugi način ima pristup podacima koji se unose ili koriste preko aplikacije za korištenje pomagala.    Isporučitelj se obvezuje da će osiguranu osobu kod prvog preuzimanja pomagala upoznati sa svim aspektima korištenja pomagala i aplikacije koja podupire rad pomagala.","05.06.2021","18.03.2026"]
[421,359,"Za postoperacijsku imobilizaciju koljena.","05.06.2021"]
[422,360,"Za osigurane osobe koje boluju od šećerne bolesti tipa 1:   1. djeca do navršene 18. godine života (Nakon navršene 18. godine života provodi se evaluacija o uspješnosti liječenja i procjena indikacije za daljnje korištenje.)  2. trudnice (uključujući i trudnice koje boluju od šećerne bolesti tipa 2, samo tijekom trudnoće i ukoliko su na bazal-bolusnoj terapiji inzulinom)  3. slijepe osobe  4. bolesnici sa šećernom bolešću tipa 1 i na intenziviranoj terapiji inzulinom (4 i više doza inzulina), s dokazanom hipoglikemijom: prema podacima iz uređaja za očitavanje koncentracije šećera osigurane osobe i/ili laboratorijskom opremom pri pregledu kod bolničkog specijaliste pedijatra, endokrinologa dijabetologa ili bolničkog specijaliste interne medicine, endokrinologa dijabetologa ili bolničkog specijaliste endokrinologije i dijabetologije u dolje pobrojanim ustanovama. Za sve gore navedene četiri kategorije osiguranih osoba, u bolničkim uvjetima, odnosno tijekom obrade u dnevnoj bolnici, pregleda u ambulanti ili tijekom bolničkog liječenja, indikaciju za navedeno pomagalo može postaviti bolnički specijalist koji se bavi liječenjem šećerne bolesti, a zaposlenik je u:  KBC Zagreb, KBC Sestre milosrdnice, KB Dubrava, Sveučilišna klinika za dijabetes i endokrinologiju u KB Merkur, KBC Split, KBC Osijek i KBC Rijeka.   Bolnički specijalist, koji postavlja indikaciju i predlaže korištenje ovog pomagala, obavezan je osiguranu osobu upoznati s načinom rada i svim aspektima korištenja pomagala te time da je za korištenje pomagala potrebno posjedovati vlastiti pametni mobilni uređaj jer pomagalo radi pomoću mobilne aplikacije koja prikuplja podatke korisnika, uz napomenu da Zavod nije taj koji prikuplja podatke niti je voditelj obrade osobnih podataka, obzirom da Zavod ne utječe na podatke koje korisnik odlučuje unijeti u aplikaciju niti je aplikacija spojena na informacijski sustav Zavoda te da pristaje na korištenje predloženog pomagala, što se potvrđuje potpisivanjem Izjave. Izjavu pohranjuje bolnički specijalist, a u specijalistički nalaz obavezno navodi da je bolesnik upoznat s korištenjem pomagala, što je potvrdio potpisom Izjave.  Obveznu evaluaciju primjene pomagala obvezan je provoditi: - bolnički specijalist koji je dao preporuku za pomagalo ili specijalist endokrinolog/dijabetolog iz druge zdravstvene ustanove uz suradnju s ustanovom u kojoj je dana preporuka za pomagalo: prvi puta nakon 2 tjedna od početka korištenja pomagala, a zatim u intervalima od jednog, tri, šest i 12 mjeseci. Za nastavno propisivanje pomagala potrebno je priložiti odgovarajuću medicinsku dokumentaciju osnovnom koje bolnički specijalista daje preporuku, zajedno s dokazom o provedenim kontrolama.  Osigurana osoba ne može ostvariti pravo na nastavno propisivanje pomagala, ukoliko nakon 12 mjeseci od početka korištenja pomagala nije došlo prema mišljenju specijaliste koji je predložio pomagalo i/ili provodio kontrolne preglede, do očekivanog ishoda primjene pomagala.  Napomene:   A) Osigurana osoba koja je ostvarila pravo na predmetno pomagalo  -ostvaruje pravo na najviše do 720 kom. dg. trakica za mjerenje GUK-a i do 720 kom. lanceta godišnje.  - ne ostvaruje pravo na uređaj za neograničeno skeniranje razine glukoze „FreeStyle Libre“ i pripadajući senzor, odašiljač za kontinuirano mjerenje glukoze, poveziv s aplikacijom pametnih uređaja \"Medtrum“ te pripadajući senzor i odašiljač za kontinuirano mjerenje glukoze uz inzulinsku pumpu \"Medtronic MiniMed\" i pripadajući senzor.  Osigurana osoba ne ostvaruje pravo na povećanu količinu senzora za kontinuirano mjerenje glukoze.  B) Hrvatski zavod za zdravstveno osiguranje nema uvid, ne prikuplja, ne obrađuje niti na bilo koji drugi način ima pristup podacima koji se unose ili koriste preko aplikacije za korištenje pomagala.    Isporučitelj se obvezuje da će osiguranu osobu kod prvog preuzimanja pomagala upoznati sa svim aspektima korištenja pomagala i aplikacije koja podupire rad pomagala.  ","05.06.2021","18.03.2026"]
[426,306,"Za osigurane osobe koje boluju od šećerne bolesti:  1. djeca koja boluju od šećerne bolesti tipa 1, od navršene 4. do navršene 18. godine života  (nakon navršene 18. godine života provodi se evaluacija o uspješnosti liječenja i procjena indikacije za daljnje korištenje) 2. trudnice sa šećernom bolesti tipa 1 i one koje boluju od šećerne bolesti tipa 2 tijekom trudnoće i ako su na bazal-bolus terapiji inzulinom (s 4 i više doza inzulina) 3. slijepe osobe sa šećernom bolesti tipa 1 i oni koji boluju od šećerne bolesti tipa 2 ako su na terapiji inzulinom 4. bolesnici sa šećernom bolesti tipa 1 na bazal-bolus terapiji inzulinom (s 4 i više doza inzulina), s najmanje tri dokumentirane hipoglikemije u zadnjih mjesec dana (GUK<3,9 mmol/L) prema podacima iz uređaja za očitavanje koncentracije šećera u krvi kod osigurane osobe i/ili laboratorijskih nalaza 5. bolesnici nakon totalne pankreatektomije  6. bolesnici s cističnom fibrozom koji se liječe bazal-bolus terapijom inzulinom (s 4 i više doza inzulina).  Indikaciju za pomagalo može postaviti, odnosno obaveznu evaluaciju ishoda primjene pomagala provodi, bolnički doktor sub/specijalist endokrinologije i/ili dijabetologije iz ugovorne bolničke zdravstvene ustanove, koji se bavi liječenjem šećerne bolesti, a koji je u nalazu obvezan obrazložiti razlog za postavljanje indikacije za početak odnosno nastavak korištenja pomagala.  Evaluacija ishoda primjene pomagala obavezno se provodi najmanje jedanput u prva tri mjeseca, a zatim nakon 6 i 12 mjeseci od početka korištenja pomagala te u daljnjem praćenju jedanput godišnje. Za svako nastavno propisivanje pomagala potrebno je priložiti odgovarajuću medicinsku dokumentaciju osnovom koje nadležni bolnički doktor iz ugovorne bolničke ustanove daje preporuku za nastavkom primjene pomagala, zajedno s dokazom o provedenim kontrolama. Osigurana osoba ne može ostvariti pravo na nastavak propisivanja pomagala ako nije došlo do očekivanog ishoda primjene pomagala, što se utvrđuje time da:  1. nakon 6 mjeseci od početka korištenja pomagala nije postignut porast TIR (vrijeme u ciljnom rasponu) za 5% i/ili smanjenje TBR (vrijeme ispod ciljnog raspona) za 1%; 2. pri svakoj kontroli nije moguće utvrditi da je bolesnik provodio najmanje 8 skeniranja dnevno ili da upotreba senzora nije više od 80% vremena, kada je praćenje glukoze aktivno u periodu od najmanje tri mjeseca.  Napomena:  Osigurana osoba koja je ostvarila pravo na predmetno pomagalo ne ostvaruje pravo na: - set za brzo očitavanje koncentracije šećera u krvi, dg. trakice za mjerenje GUK-a i lancete (iste su sadržane u kvartalnom setu). - odašiljače za kontinuirano mjerenje glukoze te pripadajuće senzore, drugih proizvođača stavljenih na liste pomagala. U godini ostvarivanja prava na uređaj za neograničeno skeniranje razine glukoze, osigurana osoba ostvaruje pravo na još 25 senzora, jer je 1 senzor sadržan u startnom setu, sveukupno 26 senzora godišnje.   ","13.07.2021","18.03.2026"]
[427,361,"Samo za osigurane osobe na terapiji hormonom rasta, lijekom Norditropin (somatropin) za supkutanu primjenu-Novo Nordisk.","13.07.2021"]
[428,362,"Samo za osigurane osobe na terapiji hormonom rasta, lijekom Genotropin (somatropin) za supkutanu primjenu-Pfizer.","13.07.2021"]
[429,120,"Kod stabilizacije konzervativno reponiranog kuka. ","07.12.2021","22.06.2022"]
[430,363,"Za osigurane osobe opskrbljene mehaničkim insuflatorom/eksuflatorom za kućnu uporabu s tehnologijom ubrzanja ekspiratornog protoka na teret sredstava Zavoda. Ukoliko je osigurana osoba ostvarila pravo na potrošni materijal do 18. godine, isto ostvaruje i nakon navršene 18. godine. Za odobravanje seta potrošnog materijala za mehanički insuflator/eksuflator za kućnu uporabu s tehnologijom ubrzanja ekspiratornog protoka, potrebno je Liječničkom povjerenstvu Direkcije dostaviti najmanje jedan puta godišnje ispis SD kartice uređaja na kojem mora biti vidljivo kako se pomagalo u stabilnoj fazi bolesti koristi minimalno 2 puta dnevno.","07.12.2021"]
[433,364,"Za osigurane osobe koje boluju od šećerne bolesti tipa 1, indikaciju za primjenu pomagala može postaviti bolnički doktor sub/specijalist endokrinologije i dijabetologije iz jedne od navedenih ugovornih bolničkih zdravstvenih ustanova (KBC Zagreb, KBC Split, KBC Rijeka, KBC Osijek, KBC Sestre milosrdnice i KB Merkur), koji pomagalo i propisuje na Potvrdu o pomagalima za šećernu bolest,  a koji se bavi liječenjem šećerne bolesti i ima mogućnost provesti edukaciju bolesnika.   Reevaluacija ishoda primjene pomagala obvezno se provodi najmanje jedanput svakih 6 mjeseci, a provodi ju  bolnički doktor sub/specijalist endokrinologije i dijabetologije koji je dao preporuku za pomagalo ili bolnički doktor sub/specijalist endokrinologije i dijabetologije iz druge ugovorne bolničke zdravstvene ustanove, koji se bavi liječenjem šećerne bolesti.  Kod preporuke obvezno se u nalazu mora obrazložiti razlog za postavljanje indikacije za početak, a kasnije i za nastavak korištenja pomagala.   Predloženo i propisano pomagalo odobrava Liječničko povjerenstvo za pomagala Direkcije Zavoda, uz prethodno odobrenje Stručnog povjerenstva za inzulinske pumpe Zavoda, osiguranim osobama koje zadovoljavaju kriterije i kojima je pomagalo preporučeno u skladu sa stručnim smjernicama Referentnog centra za šećernu bolest i Referentnog centra za pedijatrijsku endokrinologiju i dijabetes Ministarstva zdravstva.    Za svako odobrenje pomagala potrebno je priložiti odgovarajuću medicinsku i drugu potrebnu dokumentaciju osnovom koje nadležni bolnički doktor iz ugovorne bolničke zdravstvene ustanove daje preporuku za primjenu pomagala, zajedno s dokazom o provedenim kontrolama, ako se radi o nastavnom propisivanju.  Kod nastavnog korištenja pomagala, a prije propisivanja novog pomagala obvezno se provodi provjera funkcionalnosti postojećeg pomagala od strane nadležnog doktora specijaliste koji je ovlašten za propisivanje pomagala.  Provjeri funkcionalnosti ne podliježu jednokratne \"patch\" inzulinske pumpe.   Osigurana osoba kojoj je Stručno povjerenstvo Zavoda odobrilo primjenu pomagala ostvaruje pravo i na potrošni materijal, uz uvjet da se pomagalo koristi u skladu s uputama i da se obavljaju redoviti kontrolni pregledi kod odgovarajućeg sub/specijaliste svakih 6 mjeseci.  Osigurana osoba ne može ostvariti pravo na nastavak propisivanja pomagala, niti potrošnog materijala za pomagalo ako:  1. ne obavlja redovite 6-mjesečne kontrolne preglede kod dijabetologa,  2. pri svakoj kontroli nije moguće utvrditi da bolesnik koristi pomagalo prema uputama: ili ne mjeri redovito glikemiju ili ne primjenjuje inzulin ili neredovito mijenja setove ili se ne pridržava dobivenih uputa,  3. nije došlo do očekivanog ishoda primjene pomagala, što se utvrđuje time da:   - nakon 6 mjeseci od početka korištenja pomagala nije postignut porast TIR (vrijeme u ciljnom rasponu) za 5% i/ili   - smanjenje TBR (vrijeme ispod ciljnog raspona) za 1% i/ili   - tijekom razdoblja od godine dana HbA1c pokazuje značajno pogoršanje (HbA1c >9% u 3 uzastopna neovisna mjerenja tijekom godine dana).","01.03.2022","04.10.2023"]
[434,365,"Za osigurane osobe starije od 7 godina, kojima je u liječenju šećerne bolesti tipa 1 odobrena inzulinska pumpa sa kateterom, sa algoritmom za korekciju hiperglikemija, dio sustava napredne hibridne zatvorene petlje, Medtronic MiniMed 780G.                                                                                              Osigurana osoba koja je ostvarila pravo na predmetno pomagalo:                                                                                                                                                                                                                                                                                                                                                                                                                 -ostvaruje pravo na najviše do 1475 komada dg.trakica za mjerenje GUK-a i do 1475 komada lanceta godišnje,  -ne ostvaruje pravo na uređaj za neograničeno skeniranje razine glukoze \"FreeStyle Libre\" i pripadajući senzor i odašiljače za kontinuirano mjerenje glukoze, povezive s aplikacijama pametnih uređaja \"Medtrum\" i \"Medtronic Guardian Connect\" te pripadajuće senzore.                                                                                                                                                                                                                                                                                                                                                                                                                                                                                                                                Osigurana osoba ne ostvaruje pravo na povećanu količinu senzora za kontinuirano mjerenje glukoze.","01.03.2022"]
[435,366,"Za osigurane osobe kojima je u liječenju šećerne bolesti tipa 1 odobren Sustav za upravljanje isporukom inzulina bez katetera, Omnipod DASH. U godini ostvarivanja prava na Sustav za upravljanje isporukom inzulina  bez katetera osigurana osoba ostvaruje pravo na još 100 uređaja Pod, jer je 20 uređaja Pod sadržano u startnom setu, a nadalje 120 uređaja godišnje.   ","01.03.2022"]
[439,343,"Kod nastavnog propisivanja tromjesečne količine izabrani doktor propisuje pomagalo na temelju praćenja potreba svojeg pacijenta uz obvezu osigurane osobe da prema potrebi izabranom doktoru dostavi nalaz nadležnog doktora specijaliste odgovarajuće specijalnosti o provođenju terapije.","15.04.2022"]
[440,349,"Za osigurane osobe koje boluju od šećerne bolesti:   1. djeca koja boluju od šećerne bolesti tipa 1, od navršene 2. do navršene 18. godine života  (nakon navršene 18. godine života provodi se evaluacija o uspješnosti liječenja i procjena indikacije za daljnje korištenje)  2. trudnice sa šećernom bolesti tipa 1 i one koje boluju od šećerne bolesti tipa 2 tijekom trudnoće i ako su na bazal-bolus terapiji inzulinom (s 4 i više doza inzulina)  3. slijepe osobe sa šećernom bolesti tipa 1 i oni koji boluju od šećerne bolesti tipa 2 ako su na terapiji inzulinom  4. bolesnici sa šećernom bolesti tipa 1 na bazal-bolus terapiji inzulinom (s 4 i više doza inzulina), s najmanje tri dokumentirane hipoglikemije u zadnjih mjesec dana (GUK<3,9 mmol/L) prema podacima iz uređaja za očitavanje koncentracije šećera u krvi kod osigurane osobe i/ili laboratorijskih nalaza  5. bolesnici nakon totalne pankreatektomije   6. bolesnici s cističnom fibrozom koji se liječe bazal-bolus terapijom inzulinom (s 4 i više doza inzulina).  Indikaciju za pomagalo može postaviti, odnosno obaveznu evaluaciju ishoda primjene pomagala provodi, bolnički doktor sub/specijalist endokrinologije i/ili dijabetologije iz ugovorne bolničke zdravstvene ustanove, koji se bavi liječenjem šećerne bolesti, a koji je u nalazu obvezan obrazložiti razlog za postavljanje indikacije za početak odnosno nastavak korištenja pomagala.   Bolnički specijalist, koji postavlja indikaciju i predlaže korištenje ovog pomagala, obavezan je osiguranu osobu upoznati s načinom rada i svim aspektima korištenja pomagala te time da je za korištenje pomagala potrebno posjedovati vlastiti pametni mobilni uređaj jer pomagalo radi pomoću mobilne aplikacije koja prikuplja podatke korisnika, uz napomenu da Zavod nije taj koji prikuplja podatke niti je voditelj obrade osobnih podataka, obzirom da Zavod ne utječe na podatke koje korisnik odlučuje unijeti u aplikaciju niti je aplikacija spojena na informacijski sustav Zavoda te da pristaje na korištenje predloženog pomagala, što se potvrđuje potpisivanjem Izjave. Izjavu pohranjuje bolnički specijalist, a u specijalistički nalaz obavezno navodi da je bolesnik upoznat s korištenjem pomagala, što je potvrdio potpisom Izjave.  Evaluacija ishoda primjene pomagala obavezno se provodi najmanje jedanput u prva tri mjeseca, a zatim nakon 6 i 12 mjeseci od početka korištenja pomagala te u daljnjem praćenju jedanput godišnje.  Za svako nastavno propisivanje pomagala potrebno je priložiti odgovarajuću medicinsku dokumentaciju osnovom koje nadležni bolnički doktor iz ugovorne bolničke ustanove daje preporuku za nastavkom primjene pomagala, zajedno s dokazom o provedenim kontrolama.  Osigurana osoba ne može ostvariti pravo na nastavak propisivanja pomagala ako nije došlo do očekivanog ishoda primjene pomagala, što se utvrđuje time da:   1. nakon 6 mjeseci od početka korištenja pomagala nije postignut porast TIR (vrijeme u ciljnom rasponu) za 5% i/ili smanjenje TBR (vrijeme ispod ciljnog raspona) za 1%;  2.  pri svakoj kontroli nije moguće utvrditi da je bolesnik nosio senzor više od 80% vremena u periodu od najmanje tri mjeseca.  Napomene:  A) Osigurana osoba koja je ostvarila pravo na predmetno pomagalo, ne ostvaruje pravo na:  -set za brzo očitavanje koncentracije šećera u krvi, dg. trakice za mjerenje GUK-a i lancete  (iste su sadržane u kvartalnom setu),  -uređaj za neograničeno skeniranje razine glukoze i pripadajući senzor,  -odašiljače za kontinuirano mjerenje glukoze te pripadajuće senzore, drugih proizvođača stavljenih na liste pomagala.   Osigurana osoba ne ostvaruje pravo na povećanu količinu senzora za kontinuirano mjerenje glukoze.  B) Početni set sastoji se od:  - do 7 senzora  uz uvjet da ukupna godišnja količina ne prelazi 26 senzora,                                                                                                                                                                                    - seta za brzo očitavanje koncentracije šećera u krvi  - od 100 trakica i 100 lanceta.  Tromjesečni set sastoji se od:  - do 7 senzora  uz uvjet da ukupna godišnja količina ne prelazi 26 senzora,                                                                                                                                                                                     - od 100 trakica i 100 lanceta.  C) Hrvatski zavod za zdravstveno osiguranje nema uvid, ne prikuplja, ne obrađuje niti na bilo koji drugi način ima pristup podacima koji se unose ili koriste preko aplikacije za korištenje pomagala.     Isporučitelj se obvezuje da će osiguranu osobu kod prvog preuzimanja pomagala upoznati sa svim aspektima korištenja pomagala i aplikacije koja podupire rad pomagala.  ","15.04.2022","18.03.2026"]
[441,360,"Za osigurane osobe koje boluju od šećerne bolesti:   1. djeca koja boluju od šećerne bolesti tipa 1, do navršene 18. godine života (nakon navršene 18. godine života provodi se evaluacija o uspješnosti liječenja i procjena indikacije za daljnje korištenje.)  2. trudnice sa šećernom bolesti tipa 1 i one koje boluju od šećerne bolesti tipa 2 tijekom trudnoće i ako su na bazal-bolus terapiji inzulinom (s 4 i više doza inzulina)  3. slijepe osobe sa šećernom bolesti tipa 1 i oni koji boluju od šećerne bolesti tipa 2 ako su na terapiji inzulinom  4. bolesnici sa šećernom bolesti tipa 1 na bazal-bolus terapiji inzulinom (s 4 i više doza inzulina), s najmanje tri dokumentirane hipoglikemije u zadnjih mjesec dana (GUK<3,9 mmol/L) prema podacima iz uređaja za očitavanje koncentracije šećera u krvi kod osigurane osobe i/ili laboratorijskih nalaza  5. bolesnici nakon totalne pankreatektomije   6. bolesnici s cističnom fibrozom koji se liječe bazal-bolus terapijom inzulinom (s 4 i više doza inzulina).  Indikaciju za pomagalo može postaviti, odnosno obaveznu evaluaciju ishoda primjene pomagala provodi, bolnički doktor sub/specijalist endokrinologije i/ili dijabetologije iz ugovorne bolničke zdravstvene ustanove, koji se bavi liječenjem šećerne bolesti, a koji je u nalazu obvezan obrazložiti razlog za postavljanje indikacije za početak odnosno nastavak korištenja pomagala.   Bolnički specijalist, koji postavlja indikaciju i predlaže korištenje ovog pomagala, obavezan je osiguranu osobu upoznati s načinom rada i svim aspektima korištenja pomagala te time da je za korištenje pomagala potrebno posjedovati vlastiti pametni mobilni uređaj jer pomagalo radi pomoću mobilne aplikacije koja prikuplja podatke korisnika, uz napomenu da Zavod nije taj koji prikuplja podatke niti je voditelj obrade osobnih podataka, obzirom da Zavod ne utječe na podatke koje korisnik odlučuje unijeti u aplikaciju niti je aplikacija spojena na informacijski sustav Zavoda te da pristaje na korištenje predloženog pomagala, što se potvrđuje potpisivanjem Izjave. Izjavu pohranjuje bolnički specijalist, a u specijalistički nalaz obavezno navodi da je bolesnik upoznat s korištenjem pomagala, što je potvrdio potpisom Izjave.  Evaluacija ishoda primjene pomagala obavezno se provodi najmanje jedanput u prva tri mjeseca, a zatim nakon 6 i 12 mjeseci od početka korištenja pomagala te u daljnjem praćenju jedanput godišnje.  Za svako nastavno propisivanje pomagala potrebno je priložiti odgovarajuću medicinsku dokumentaciju osnovom koje nadležni bolnički doktor iz ugovorne bolničke ustanove daje preporuku za nastavkom primjene pomagala, zajedno s dokazom o provedenim kontrolama.  Osigurana osoba ne može ostvariti pravo na nastavak propisivanja pomagala ako nije došlo do očekivanog ishoda primjene pomagala, što se utvrđuje time da:   1. nakon 6 mjeseci od početka korištenja pomagala nije postignut porast TIR (vrijeme u ciljnom rasponu) za 5% i/ili smanjenje TBR (vrijeme ispod ciljnog raspona) za 1%;  2. pri svakoj kontroli nije moguće utvrditi da je bolesnik nosio senzor više od 80% vremena u periodu od najmanje tri mjeseca.   Napomene:   A) Osigurana osoba koja je ostvarila pravo na predmetno pomagalo  -ostvaruje pravo na najviše do 720 kom. dg. trakica za mjerenje GUK-a i do 720 kom. lanceta godišnje.  - ne ostvaruje pravo na uređaj za neograničeno skeniranje razine glukoze i pripadajući senzor i odašiljače za kontinuirano mjerenje glukoze te pripadajuće senzore, drugih proizvođača stavljenih na liste pomagala.  Osigurana osoba ne ostvaruje pravo na povećanu količinu senzora za kontinuirano mjerenje glukoze.  B) Hrvatski zavod za zdravstveno osiguranje nema uvid, ne prikuplja, ne obrađuje niti na bilo koji drugi način ima pristup podacima koji se unose ili koriste preko aplikacije za korištenje pomagala.    Isporučitelj se obvezuje da će osiguranu osobu kod prvog preuzimanja pomagala upoznati sa svim aspektima korištenja pomagala i aplikacije koja podupire rad pomagala.    ","15.04.2022","18.03.2026"]
[445,120,"Kod stabilizacije konzervativno reponiranog kuka. ","23.06.2022"]
[446,236,"Opstrukcijska ili centralna apneja tijekom spavanja. 1) Dijagnoza potvrđena polisomnografskim/poligrafskim cjelonoćnim snimanjem u specijaliziranom Laboratoriju za poremećaje spavanja ili Centru za medicinu spavanja. 2) AHI indeks veći od 30 puta na sat s trajanjem pojedinačnih epizoda najmanje 10 sekundi ili, ukoliko je AHI indeks od 15 do 30 puta na sat s trajanjem pojedinačnih epizoda najmanje 10 sekundi, osigurana osoba mora imati najmanje 3 simptoma, i to po jedan iz 3 od 4 sljedeće navedene skupine: a) dokumentacija o prekomjernoj pospanosti tijekom dana, koja dovodi do smanjene učinkovitosti na poslu i promjene raspoloženja, b) hipertenzija, c) TIA, CVI, srčano zatajenje ili infarkt miokarda (dovoljan 1 simptom) d) pretilost (BMI veći od 30) 3) Potvrđena djelotvornost CPAP uređaja.","23.06.2022"]
[447,259,"Kontraindikacija je kronična upalna promjena","23.06.2022"]
[448,260,"Kontraindikacija su kronične upalne promjene vanjskog zvukovoda uha, egzostoze i druge malformacije","23.06.2022"]
[449,315,"Prije odobrenja novog istovrsnog pomagala ili njegovog dijela obavezno se provodi provjera funkcionalnosti od strane nadležnog doktora specijaliste iz djelatnosti koji je ovlašten za propisivanje pomagala.  ","23.06.2022"]
[450,346,"Obostrani trajni gubitak sluha, a tonski audiogram pokazuje da je prosječni prag sluha za uho na koje bolje čuje na frekvencijama: 0,5 kHZ, 1 kHz, 2 kHz i 4 kHz za osiguranu osobu do navršene 18. godine 30 dB i više, a 40 dB i više za odrasle na istim frekvencijama. Osigurana osoba odobrenim slušnim pomagalom mora postizati slušno-govornu komunikaciju unutar socijalnog kontakta prema govornom audiogramu.  ","23.06.2022"]
[457,102," Zamjena kod istrošenosti (nemogućnosti uporabe)","16.07.2022"]
[458,339,"Za osiguranu osobu kojoj nedostaje dio ili cijela noga.   Vrsta proteze propisuje se u skladu s medicinskom indikacijom ovisno o dobi osigurane osobe, uzroku i razini amputacije, kliničkom statusu i razini aktivnosti.  Prva primjena proteze obavlja se tijekom prve bolničke medicinske rehabilitacije u ugovornoj zdravstvenoj ustanovi koja je osposobljena za provođenje protetičke opskrbe osigurane osobe i to u pravilu unutar roka od šest mjeseci nakon amputacije noge, a svaka sljedeća protetička opskrba ili zamjena ležišta proteze obavlja se u ugovornoj zdravstvenoj ustanovi ili u ugovornoj specijalističkoj ordinaciji.   Kod prve primjene proteze nakon amputacije noge, obvezno se stavlja privremeno ležište, koje se u pravilu koristi od tri do 12 mjeseci.  Ovisno o medicinskoj indikaciji osigurana osoba ima pravo na protezu iz lista pomagala, a ako takva proteza nije iz medicinskih razloga odgovarajuća, nadležni doktor određene specijalnosti ima pravo propisati protezu kombiniranu od navedenih dijelova iz lista pomagala.  ","16.07.2022"]
[462,367,"Ako osigurana osoba ostvari pravo na pomagalo Govorni procesor Kanso 2 CP1150 processing unit, CR 310 remote assistant, ne ostvaruje pravo na pomagala Kabel za govorni procesor, Zavojnica za govorni procesor, Zavojnica s kablom za govorni procesor i Punjač baterija sa dvije baterije za punjenje govornog procesora budući isto nije potrebno za rad predmetnog govornog procesora.","25.11.2022"]
[464,368,"Za osigurane osobe koje boluju od šećerne bolesti:   1. djeca koja boluju od šećerne bolesti tipa 1, od navršene 2. do navršene 18. godine života (nakon navršene 18. godine života provodi se evaluacija o uspješnosti liječenja i procjena indikacije za daljnje korištenje)  2. trudnice sa šećernom bolesti tipa 1 i one koje boluju od šećerne bolesti tipa 2 tijekom trudnoće i ako su na bazal-bolus terapiji inzulinom (s 4 i više doza inzulina)  3. slijepe osobe sa šećernom bolesti tipa 1 i oni koji boluju od šećerne bolesti tipa 2 ako su na terapiji inzulinom  4. bolesnici sa šećernom bolesti tipa 1 na bazal-bolus terapiji inzulinom (s 4 i više doza inzulina), s najmanje tri dokumentirane hipoglikemije u zadnjih mjesec dana (GUK<3,9 mmol/L) prema podacima iz uređaja za očitavanje koncentracije šećera u krvi kod osigurane osobe i/ili laboratorijskih nalaza  5. bolesnici nakon totalne pankreatektomije   6. bolesnici s cističnom fibrozom koji se liječe bazal-bolus terapijom inzulinom (s 4 i više doza inzulina).  Indikaciju za pomagalo može postaviti, odnosno obaveznu evaluaciju ishoda primjene pomagala provodi, bolnički doktor sub/specijalist endokrinologije i/ili dijabetologije iz ugovorne bolničke zdravstvene ustanove, koji se bavi liječenjem šećerne bolesti, a koji je u nalazu obvezan obrazložiti razlog za postavljanje indikacije za početak odnosno nastavak korištenja pomagala.   Bolnički specijalist, koji postavlja indikaciju i predlaže korištenje ovog pomagala, obavezan je osiguranu osobu upoznati s načinom rada i svim aspektima korištenja pomagala te time da je moguć odabir između upotrebe prijemnika ili aplikacije za koju je potrebno posjedovati vlastiti pametni mobilni uređaj. U slučaju odluke za mobilnu aplikaciju koja prikuplja podatke korisnika, nužna je napomena da Zavod nije taj koji prikuplja podatke niti je voditelj obrade osobnih podataka, obzirom da Zavod ne utječe na podatke koje korisnik odlučuje unijeti u aplikaciju niti je aplikacija spojena na informacijski sustav Zavoda te da pristaje na korištenje predloženog pomagala, što se potvrđuje potpisivanjem Izjave. Izjavu pohranjuje bolnički specijalist, a u specijalistički nalaz obavezno navodi da je bolesnik upoznat s korištenjem pomagala, što je potvrdio potpisom Izjave.  Evaluacija ishoda primjene pomagala obavezno se provodi najmanje jedanput u prva tri mjeseca, a zatim nakon 6 i 12 mjeseci od početka korištenja pomagala te u daljnjem praćenju jedanput godišnje.  Za svako nastavno propisivanje pomagala potrebno je priložiti odgovarajuću medicinsku dokumentaciju osnovom koje nadležni bolnički doktor iz ugovorne bolničke ustanove daje preporuku za nastavkom primjene pomagala, zajedno s dokazom o provedenim kontrolama.  Osigurana osoba ne može ostvariti pravo na nastavak propisivanja pomagala ako nije došlo do očekivanog ishoda primjene pomagala, što se utvrđuje time da:   1. nakon 6 mjeseci od početka korištenja pomagala nije postignut porast TIR (vrijeme u ciljnom rasponu) za 5% i/ili smanjenje TBR (vrijeme ispod ciljnog raspona) za 1%;  2. pri svakoj kontroli nije moguće utvrditi da je bolesnik nosio senzor više od 80% vremena u periodu od najmanje tri mjeseca.  Napomene:  A) Kod prvog propisivanja pomagala osiguranoj osobi propisuje se:  - početni komplet (koji sadrži jedan odašiljač i jedan senzor te uređaj za mjerenje glukoze u krvi)  - 8 senzora (uz koje se osigurava 100 dijagnostičkih traka za očitavanje iz krvi i 100 lanceta)  - prijemnik (neobavezno, u slučaju spajanja odašiljača s prijemnikom)                                                                                                                                                                                                                                                                                                                                                                                                                                                                                                     Kod nastavnog (tromjesečnog) propisivanja osiguranoj osobi propisuje se:                                                                                                                                                                                                                                                                                                                                                                                                                            - 1 odašiljač  - 9 senzora (uz koje se osigurava 100 dijagnostičkih traka za očitavanje iz krvi i 100 lanceta).  U godini ostvarivanja prava na početni komplet za kontinuirano mjerenje glukoze, osigurana osoba ostvaruje pravo na 35 senzora, jer je 1 senzor sadržan u početnom kompletu, sveukupno 36 senzora godišnje.                                                                                                                                                 B) Osigurana osoba koja je ostvarila pravo na predmetno pomagalo, ne ostvaruje pravo na:  -set za brzo očitavanje koncentracije šećera u krvi, dg. trakice za mjerenje GUK-a i lancete (iste su sadržane u kvartalnom setu),  -uređaj za neograničeno skeniranje razine glukoze i pripadajući senzor,  -odašiljače za kontinuirano mjerenje glukoze te pripadajuće senzore, drugih proizvođača stavljenih na liste pomagala.   Osigurana osoba ne ostvaruje pravo na povećanu količinu senzora za kontinuirano mjerenje glukoze.  C) Hrvatski zavod za zdravstveno osiguranje nema uvid, ne prikuplja, ne obrađuje niti na bilo koji drugi način ima pristup podacima koji se unose ili koriste preko aplikacije za korištenje pomagala.   Isporučitelj se obvezuje da će osiguranu osobu kod prvog preuzimanja pomagala upoznati sa svim aspektima korištenja pomagala i aplikacije koja podupire rad pomagala.                                                                                                                                                                                                                                                                                                                                                                                                                                                                                                                ","23.02.2023","18.03.2026"]
[465,369,"Za osigurane osobe starije od 7 godina, kojima je u liječenju šećerne bolesti tipa 1 odobrena inzulinska pumpa sa kateterom, sa algoritmom za korekciju hiperglikemija, dio sustava napredne hibridne zatvorene petlje, Medtronic MiniMed 780G.                                                                                              Osigurana osoba koja je ostvarila pravo na predmetno pomagalo:                                                                                                                                                                                                                                                                                                                                                                                                                 -ostvaruje pravo na najviše do 200 komada dg.trakica za mjerenje GUK-a i do 200 komada lanceta godišnje,  -ne ostvaruje pravo na uređaj za neograničeno skeniranje razine glukoze \"FreeStyle Libre\" i pripadajući senzor i odašiljače za kontinuirano mjerenje glukoze, povezive s aplikacijama pametnih uređaja \"Medtrum\" i \"Medtronic Guardian Connect\" te pripadajuće senzore.                                                                                                                                                                                                                                                                                                                                                                                                                                                                                                                                Osigurana osoba ne ostvaruje pravo na povećanu količinu senzora za kontinuirano mjerenje glukoze.                                                                                                                                                                                                                                                                                                                                                                                                                                                                                                              ","23.02.2023"]
[466,370,"Osigurana osoba starija od 18 godina, samostalno pokretna, ostvaruje pravo kod indikacija iz članka 49. Pravilnika o ortopedskim i drugim pomagalima, za umjereno tešku i tešku urinarnu inkontinenciju sa umjerenim dnevnim volumenom nevoljnog bijega mokraće (600-800 ml) na \"Anatomske uloške (za žene)\" do najviše 275 komada. Nije ih moguće kombinirati s pomagalima iz ostalih podskupina pomagala za urogenitalni sustav","23.02.2023"]
[472,371,"Za osigurane osobe koje boluju od šećerne bolesti: 1. djeca koja boluju od šećerne bolesti tipa 1, od navršene 7. godine do navršene 18. godine života (nakon navršene 18. godine života provodi se evaluacija o uspješnosti liječenja i procjena indikacije za daljnje korištenje.) 2. trudnice sa šećernom bolesti tipa 1 i one koje boluju od šećerne bolesti tipa 2 tijekom trudnoće i ako su na bazal-bolus terapiji inzulinom (s 4 i više doza inzulina) 3. slijepe osobe sa šećernom bolesti tipa 1 i oni koji boluju od šećerne bolesti tipa 2 ako su na terapiji inzulinom 4. bolesnici sa šećernom bolesti tipa 1 na bazal-bolus terapiji inzulinom (s 4 i više doza inzulina), s najmanje tri dokumentirane hipoglikemije u zadnjih mjesec dana (GUK<3,9 mmol/L) prema podacima iz uređaja za očitavanje koncentracije šećera u krvi kod osigurane osobe i/ili laboratorijskih nalaza 5. bolesnici nakon totalne pankreatektomije  6. bolesnici s cističnom fibrozom koji se liječe bazal-bolus terapijom inzulinom (s 4 i više doza inzulina). Indikaciju za pomagalo može postaviti, odnosno obaveznu evaluaciju ishoda primjene pomagala provodi, bolnički doktor sub/specijalist endokrinologije i/ili dijabetologije iz ugovorne bolničke zdravstvene ustanove, koji se bavi liječenjem šećerne bolesti, a koji je u nalazu obvezan obrazložiti razlog za postavljanje indikacije za početak odnosno nastavak korištenja pomagala.  Bolnički specijalist, koji postavlja indikaciju i predlaže korištenje ovog pomagala, obavezan je osiguranu osobu upoznati s načinom rada i svim aspektima korištenja pomagala te time da je za korištenje pomagala potrebno posjedovati vlastiti pametni mobilni uređaj jer pomagalo radi pomoću mobilne aplikacije koja prikuplja podatke korisnika, uz napomenu da Zavod nije taj koji prikuplja podatke niti je voditelj obrade osobnih podataka, obzirom da Zavod ne utječe na podatke koje korisnik odlučuje unijeti u aplikaciju niti je aplikacija spojena na informacijski sustav Zavoda te da pristaje na korištenje predloženog pomagala, što se potvrđuje potpisivanjem Izjave. Izjavu pohranjuje bolnički specijalist, a u specijalistički nalaz obavezno navodi da je bolesnik upoznat s korištenjem pomagala, što je potvrdio potpisom Izjave. Evaluacija ishoda primjene pomagala obavezno se provodi najmanje jedanput u prva tri mjeseca, a zatim nakon 6 i 12 mjeseci od početka korištenja pomagala te u daljnjem praćenju jedanput godišnje. Za svako nastavno propisivanje pomagala potrebno je priložiti odgovarajuću medicinsku dokumentaciju osnovom koje nadležni bolnički doktor iz ugovorne bolničke ustanove daje preporuku za nastavkom primjene pomagala, zajedno s dokazom o provedenim kontrolama. Osigurana osoba ne može ostvariti pravo na nastavak propisivanja pomagala ako nije došlo do očekivanog ishoda primjene pomagala, što se utvrđuje time da:  1. nakon 6 mjeseci od početka korištenja pomagala nije postignut porast TIR (vrijeme u ciljnom rasponu) za 5% i/ili smanjenje TBR (vrijeme ispod ciljnog raspona) za 1%; 2. pri svakoj kontroli nije moguće utvrditi da je bolesnik nosio senzor više od 80% vremena u periodu od najmanje tri mjeseca.  Napomene: A) Osigurana osoba koja je ostvarila pravo na predmetno pomagalo  -ostvaruje pravo na najviše do 200 dg. trakica za mjerenje GUK-a i do 200 lanceta godišnje - ne ostvaruje pravo na uređaj za neograničeno skeniranje razine glukoze i pripadajući senzor i odašiljače za kontinuirano mjerenje glukoze te pripadajuće senzore, drugih proizvođača stavljenih na liste pomagala. Osigurana osoba ne ostvaruje pravo na povećanu količinu senzora za kontinuirano mjerenje glukoze. B) Hrvatski zavod za zdravstveno osiguranje nema uvid, ne prikuplja, ne obrađuje niti na bilo koji drugi način ima pristup podacima koji se unose ili koriste preko aplikacije za korištenje pomagala.   Isporučitelj se obvezuje da će osiguranu osobu kod prvog preuzimanja pomagala upoznati sa svim aspektima korištenja pomagala i aplikacije koja podupire rad pomagala.","15.04.2023","18.03.2026"]
[473,372,"Za osigurane osobe koje hodaju: osobe koje boluju od šećerne bolesti koja je dobro regulirana, a imaju dokazanu perifernu neuropatiju i perifernu arterijsku bolest i znakove biomehaničkog opterećenja stopala i otežano hodanje unatoč primjeni osnovnih mjera prevencije i nošenja odgovarajuće konfekcijske obuće. U sastavu ortopedske obuće za dijabetičko stopalo-kategorija 2, isporučuju se i odgovarajući, pripadajući ulošci. Za vrijeme roka uporabe pomagala proizvođač se obvezuje o svom trošku osigurati 1 par uložaka za svaku godinu korištenja. ","20.07.2023"]
[474,373,"Za osigurane osobe koje hodaju: osobe koje boluju od šećerne bolesti koja je dobro regulirana, a imaju dokazanu perifernu neuropatiju s gubitkom zaštitnog osjeta i perifernu arterijsku bolest i biomehaničko oštećenje koje im otežava hodanje s dokumentiranom anamnezom ranijeg ulkusa stopala ili amputacijom donjih ekstremiteta. U sastavu ortopedske obuće za dijabetičko stopalo-kategorija 3, isporučuju se i odgovarajući, pripadajući ulošci. Za vrijeme roka uporabe pomagala proizvođač se obvezuje o svom trošku osigurati 1 par uložaka za svaku godinu korištenja. ","20.07.2023","19.03.2025"]
[475,374,"Za osigurane osobe starije od 2 godine, kojima je u liječenju šećerne bolesti tipa 1 odobren sustav za upravljanje isporukom inzulina bez katetera, Medtrum TouchCare A8 Nano. Osigurana osoba koja je ostvarila pravo na predmetno pomagalo ne ostvaruje pravo na: lancete i dijagn.trakice za mjerenje glukoze u krvi jer su iste sadržane u početnom i tromjesečnom setu (50 dijagn.trakica i 50 lanceta); uređaj \"FreeStyle Libre\" i pripadajući senzor i odašiljače za kontinuirano mjerenje glukoze povezive s aplikacijama pametnih uređaja \"Dexcom\" i \"Medtronic\" i \"Medtrum TouchCare Slim\" i pripadajuće senzore. Osigurana osoba ne ostvaruje pravo na povećanu količinu senzora za kontinuirano mjerenje glukoze.","20.07.2023"]
[476,375,"Za osigurane osobe kojima je u liječenju šećerne bolesti tipa 1 odobren Sustav za upravljanje isporukom inzulina bez katetera, Medtrum TouchCare A8 NANO. U godini ostvarivanja prava na Sustav za upravljanjeiusporukom inzulina bez katetera, osigurana osoba ostvaruje pravo na još 90 uređaja Patch, jer je 30 uređaja Patch sadržano u startnom setu, a nadalje 120 uređaja godišnje.","20.07.2023"]
[480,364,"Za osigurane osobe koje boluju od šećerne bolesti tipa 1, indikaciju za primjenu pomagala može postaviti bolnički doktor sub/specijalist endokrinologije i dijabetologije iz jedne od navedenih ugovornih bolničkih zdravstvenih ustanova (KBC Zagreb, KBC Split, KBC Rijeka, KBC Osijek, KBC Sestre milosrdnice, KB Merkur i Klinika za dječje bolesti Zagreb), koji pomagalo i propisuje na Potvrdu o pomagalima kod šećerne bolesti,  a koji se bavi liječenjem šećerne bolesti i ima mogućnost provesti edukaciju bolesnika.  Reevaluacija ishoda primjene pomagala obvezno se provodi najmanje jedanput svakih 6 mjeseci, a provodi ju  bolnički doktor sub/specijalist endokrinologije i dijabetologije koji je dao preporuku za pomagalo ili bolnički doktor sub/specijalist endokrinologije i dijabetologije iz druge ugovorne bolničke zdravstvene ustanove, koji se bavi liječenjem šećerne bolesti. Kod preporuke obvezno se u nalazu mora obrazložiti razlog za postavljanje indikacije za početak, a kasnije i za nastavak korištenja pomagala.  Predloženo i propisano pomagalo odobrava Liječničko povjerenstvo za pomagala Direkcije Zavoda osiguranim osobama koje zadovoljavaju kriterije i kojima je pomagalo preporučeno u skladu sa stručnim smjernicama Referentnog centra za šećernu bolest i Referentnog centra za pedijatrijsku endokrinologiju i dijabetes Ministarstva zdravstva.   Za svako odobrenje pomagala potrebno je priložiti odgovarajuću medicinsku i drugu potrebnu dokumentaciju osnovom koje nadležni bolnički doktor iz ugovorne bolničke zdravstvene ustanove daje preporuku za primjenu pomagala, zajedno s dokazom o provedenim kontrolama, ako se radi o nastavnom propisivanju. Kod nastavnog korištenja pomagala, a prije propisivanja novog pomagala obvezno se provodi provjera funkcionalnosti postojećeg pomagala od strane nadležnog doktora specijaliste koji je ovlašten za propisivanje pomagala. Provjeri funkcionalnosti ne podliježu jednokratne \"patch\" inzulinske pumpe.  Osigurana osoba kojoj je  Liječničko povjerenstvo za pomagala Direkcije Zavoda odobrilo primjenu pomagala ostvaruje pravo i na potrošni materijal, uz uvjet da se pomagalo koristi u skladu s uputama i da se obavljaju redoviti kontrolni pregledi kod odgovarajućeg sub/specijaliste svakih 6 mjeseci. Osigurana osoba ne može ostvariti pravo na nastavak propisivanja pomagala, niti potrošnog materijala za pomagalo ako: 1. ne obavlja redovite 6-mjesečne kontrolne preglede kod dijabetologa, 2. pri svakoj kontroli nije moguće utvrditi da bolesnik koristi pomagalo prema uputama: ili ne mjeri redovito glikemiju ili ne primjenjuje inzulin ili neredovito mijenja setove ili se ne pridržava dobivenih uputa, 3. nije došlo do očekivanog ishoda primjene pomagala, što se utvrđuje time da:  - nakon 6 mjeseci od početka korištenja pomagala nije postignut porast TIR (vrijeme u ciljnom rasponu) za 5% i/ili  - smanjenje TBR (vrijeme ispod ciljnog raspona) za 1% i/ili  - tijekom razdoblja od godine dana HbA1c pokazuje značajno pogoršanje (HbA1c >9% u 3 uzastopna neovisna mjerenja tijekom godine dana).","05.10.2023","01.09.2024"]
[481,376,"Za inficirane rane, srednja do jaka eksudacija, kao primarna obloga za II-IV stupanj dekubitusa, potkoljenični vrijed, dijabetičko stopalo ili za tamponiranje kaviteta. Maksimalna duljina trajanja terapije prema preporuci proizvođača je 1 mjesec. Ukoliko nakon mjesec dana terapije predmetnim oblogama nema znakova cijeljenja rane, nije indicirano ponovno uvođenje u terapiju iste obloge za istu ranu.","05.10.2023"]
[482,306,"Za osigurane osobe koje boluju od šećerne bolesti:   1. djeca od navršene 4. do navršene 18. godine života,  (nakon navršene 18. godine života provodi se evaluacija o uspješnosti liječenja i procjena indikacije za daljnje korištenje) 2. osobe na intenziviranoj terapiji inzulinom (s 4 i više doza inzulina) bilo da su novodijagnosticirani i/ili su redovito provodili samokontrole, najmanje 4 puta na dan, uvidom iz uređaja za očitavanje koncentracije šećera osigurane osobe u zadnja 3 mjeseca 3. trudnice (uključujući i trudnice koje boluju od šećerne bolesti tipa 2) na terapiji inzulinom (4 ili više doza inzulina) 4. slijepe osobe sa šećernom bolešću (tip 1 i tip 2) ako su na terapiji inzulinom 5. bolesnici nakon totalne i/ili distalne pankreatektomije 6. bolesnici s cističnom fibrozom na intenziviranoj terapiji inzulinom (s 4 i više doza inzulina) Indikaciju za pomagalo može postaviti, odnosno obaveznu evaluaciju ishoda primjene pomagala provodi, bolnički doktor sub/specijalist endokrinologije i/ili dijabetologije iz ugovorne bolničke zdravstvene ustanove, koji se bavi liječenjem šećerne bolesti, a koji je u nalazu obvezan obrazložiti razlog za postavljanje indikacije za početak odnosno nastavak korištenja pomagala.  Bolnički specijalist, koji postavlja indikaciju i predlaže korištenje ovog pomagala, obavezan je osiguranu osobu upoznati s načinom rada i svim aspektima korištenja pomagala te time da je isto pomagalo moguće koristiti pomoću uređaja ili mobilne aplikacije za koju je potrebno posjedovati vlastiti pametni mobilni uređaj. U slučaju odluke za mobilnu aplikaciju koja prikuplja podatke korisnika, nužna je napomena da Zavod nije taj koji prikuplja podatke niti je voditelj obrade osobnih podataka, obzirom da Zavod ne utječe na podatke koje korisnik odlučuje unijeti u aplikaciju niti je aplikacija spojena na informacijski sustav Zavoda te da pristaje na korištenje predloženog pomagala, što se potvrđuje potpisivanjem Izjave. Izjavu pohranjuje bolnički specijalist, a u specijalistički nalaz obavezno navodi da je bolesnik upoznat s korištenjem pomagala, što je potvrdio potpisom Izjave. Evaluacija ishoda primjene pomagala obavezno se provodi najmanje jedanput u prva tri mjeseca, a zatim nakon 6 i 12 mjeseci od početka korištenja pomagala te u daljnjem praćenju jedanput godišnje. Za svako nastavno propisivanje pomagala potrebno je priložiti odgovarajuću medicinsku dokumentaciju osnovom koje nadležni bolnički doktor iz ugovorne bolničke ustanove daje preporuku za nastavkom primjene pomagala, zajedno s dokazom o provedenim kontrolama. Osigurana osoba ne može ostvariti pravo na nastavak propisivanja pomagala ako nije došlo do očekivanog ishoda primjene pomagala, što se utvrđuje time da:  1. nakon 6 mjeseci od početka korištenja pomagala nije postignut porast TIR (vrijeme u ciljnom rasponu) za 5% i/ili smanjenje TBR (vrijeme ispod ciljnog raspona) za 1%; 2. pri svakoj kontroli nije moguće utvrditi da je bolesnik provodio najmanje 8 skeniranja dnevno ili da upotreba senzora nije više od 80% vremena, kada je praćenje glukoze aktivno u periodu od najmanje tri mjeseca.  Napomena:  Osigurana osoba koja je ostvarila pravo na predmetno pomagalo ne ostvaruje pravo na: - set za brzo očitavanje koncentracije šećera u krvi, dg. trakice za mjerenje GUK-a i lancete (iste su sadržane u kvartalnom setu). - odašiljače za kontinuirano mjerenje glukoze te pripadajuće senzore, drugih proizvođača stavljenih na liste pomagala. U godini ostvarivanja prava na uređaj za neograničeno skeniranje razine glukoze, osigurana osoba ostvaruje pravo na još 25 senzora, jer je 1 senzor sadržan u startnom setu, sveukupno 26 senzora godišnje.   ","05.10.2023","18.03.2026"]
[483,377,"Za inficirane rane, srednja do jaka ekskudacija, kao primarna obloga za II-IV stupanj dekubitusa, potkoljenični vrijed, dijabetičko stopalo ili za tamponiranje kaviteta. Ako nakon dva mjeseca terapije oblogama za rane nema znakova cijeljenja rane, liječnik obiteljske medicine ili specijalist pedijatar, obavezan je osiguranu osobu uputiti na specijalistički pregled specijalisti dermatovenerologu ili specijalsiti kirurgu. Ako nakon četiri mjeseca terapije oblogama za rane nema znakova cijeljenja rane, obustavlja se terapijska primjena obloga za rane.","09.11.2023"]
[484,378,"Prvo odobravanje pomagala ili potrošnog materijala od strane liječničkog povjerenstva Direkcije, a nastavno odobravanje pomagala ili potrošnog materijala odobrava liječničko povjerenstvo Zavoda.","09.11.2023"]
[490,379,"Za osigurane osobe koje boluju od šećerne bolesti:  1. trudnice sa šećernom bolesti tipa 1 i one koje boluju od šećerne bolesti tipa 2 tijekom trudnoće i ako su na bazal-bolus terapiji inzulinom (s 4 i više doza inzulina) 2. slijepe osobe sa šećernom bolesti tipa 1 i oni koji boluju od šećerne bolesti tipa 2 ako su na terapiji inzulinom 3. bolesnici sa šećernom bolesti tipa 1 na bazal-bolus terapiji inzulinom (s 4 i više doza inzulina), s najmanje tri dokumentirane hipoglikemije u zadnjih mjesec dana (GUK<3,9 mmol/L) prema podacima iz uređaja za očitavanje koncentracije šećera u krvi kod osigurane osobe i/ili laboratorijskih nalaza 4. bolesnici nakon totalne pankreatektomije  5. bolesnici s cističnom fibrozom koji se liječe bazal-bolus terapijom inzulinom (s 4 i više doza inzulina). Indikaciju za pomagalo može postaviti, odnosno obaveznu evaluaciju ishoda primjene pomagala provodi, bolnički doktor sub/specijalist endokrinologije i/ili dijabetologije iz ugovorne bolničke zdravstvene ustanove, koji se bavi liječenjem šećerne bolesti, a koji je u nalazu obvezan obrazložiti razlog za postavljanje indikacije za početak odnosno nastavak korištenja pomagala.  Bolnički specijalist, koji postavlja indikaciju i predlaže korištenje ovog pomagala, obavezan je osiguranu osobu upoznati s načinom rada i svim aspektima korištenja pomagala te time da je za korištenje pomagala potrebno posjedovati vlastiti pametni mobilni uređaj jer pomagalo radi pomoću mobilne aplikacije koja prikuplja podatke korisnika, uz napomenu da Zavod nije taj koji prikuplja podatke niti je voditelj obrade osobnih podataka, obzirom da Zavod ne utječe na podatke koje korisnik odlučuje unijeti u aplikaciju niti je aplikacija spojena na informacijski sustav Zavoda te da pristaje na korištenje predloženog pomagala, što se potvrđuje potpisivanjem Izjave. Izjavu pohranjuje bolnički specijalist, a u specijalistički nalaz obavezno navodi da je bolesnik upoznat s korištenjem pomagala, što je potvrdio potpisom Izjave. Evaluacija ishoda primjene pomagala obavezno se provodi najmanje jedanput u prva tri mjeseca, a zatim nakon 6 i 12 mjeseci od početka korištenja pomagala te u daljnjem praćenju jedanput godišnje. Za svako nastavno propisivanje pomagala potrebno je priložiti odgovarajuću medicinsku dokumentaciju osnovom koje nadležni bolnički doktor iz ugovorne bolničke ustanove daje preporuku za nastavkom primjene pomagala, zajedno s dokazom o provedenim kontrolama. Osigurana osoba ne može ostvariti pravo na nastavak propisivanja pomagala ako nije došlo do očekivanog ishoda primjene pomagala, što se utvrđuje time da:  1. nakon 6 mjeseci od početka korištenja pomagala nije postignut porast TIR (vrijeme u ciljnom rasponu) za 5% i/ili smanjenje TBR (vrijeme ispod ciljnog raspona) za 1%; 2.  pri svakoj kontroli nije moguće utvrditi da je bolesnik nosio senzor više od 80% vremena u periodu od najmanje tri mjeseca. Napomene: A) Osigurana osoba koja je ostvarila pravo na predmetno pomagalo, ne ostvaruje pravo na: -set za brzo očitavanje koncentracije šećera u krvi, dg. trakice za mjerenje GUK-a i lancete  (iste su sadržane u kvartalnom setu), -uređaj za neograničeno skeniranje razine glukoze i pripadajući senzor, -odašiljače za kontinuirano mjerenje glukoze te pripadajuće senzore, drugih proizvođača stavljenih na liste pomagala.  Osigurana osoba ne ostvaruje pravo na povećanu količinu senzora za kontinuirano mjerenje glukoze. B) Početni set sastoji se od: - do 7 senzora  uz uvjet da ukupna godišnja količina ne prelazi 26 senzora,                                                                                                                                                                                   - seta za brzo očitavanje koncentracije šećera u krvi - od 105 trakica i 105 lanceta - do 7 litij-ionskih gumbastih CR1620 baterija uz uvjet da ukupna godišnja količina ne prelazi 26 baterija. Tromjesečni set sastoji se od: - do 7 senzora  uz uvjet da ukupna godišnja količina ne prelazi 26 senzora,                                                                                                                                                                                    - od 105 trakica i 105 lanceta, - do 7 litij-ionskih gumbastih CR1620 baterija uz uvjet da ukupna godišnja količina ne prelazi 26 baterija.  C) Hrvatski zavod za zdravstveno osiguranje nema uvid, ne prikuplja, ne obrađuje niti na bilo koji drugi način ima pristup podacima koji se unose ili koriste preko aplikacije za korištenje pomagala.    Isporučitelj se obvezuje da će osiguranu osobu kod prvog preuzimanja pomagala upoznati sa svim aspektima korištenja pomagala i aplikacije koja podupire rad pomagala.","05.01.2024","18.03.2026"]
[491,380,"Dio respiratora Carat II pro koji se mijenja nakon 2 godine. Rad i testiranje do 4 sata.","05.01.2024"]
[492,381,"Dijelovi respiratora Carat II pro koji se mijenjaju nakon 15.000 sati rada ili nakon 5 godina. Rad i testiranje do 6 sati.","05.01.2024"]
[493,382,"Obloga za rane sa srednjom do jakom eksudacijom:dekubitus,potkoljenični vrijed,dijabetičko stopalo. Koristi se kao primarna i sekundarna obloga.Kontraindikacije za primjenu:arterijska krvarenja i rane koje jako krvare. Ako nakon 3 mjeseca terapije oblogama za rane nema zankova cijeljenja rane, izabrani doktor obavezan je osiguranu osobu uputiti na specijalistički pregled specijalisti dermatovenerologu ili specijalisti kirurgu. Ako niti nakon 6 mjeseci terapije oblogama za rane nema znakova cijeljenja rane, obustavlja se terapijska primjena obloga za rane.","22.02.2024"]
[495,368,"Za osigurane osobe koje boluju od šećerne bolesti :  1. djeca koja boluju od šećerne bolesti, od navršene 2. do navršene 18. godine života (nakon navršene 18. godine života provodi se evaluacija o uspješnosti liječenja i procjena indikacije za daljnje korištenje) 2. trudnice sa šećernom bolesti tipa 1 i one koje boluju od šećerne bolesti tipa 2 tijekom trudnoće i ako su na bazal-bolus terapiji inzulinom (s 4 i više doza inzulina) 3. slijepe osobe sa šećernom bolesti tipa 1 i oni koji boluju od šećerne bolesti tipa 2 ako su na terapiji inzulinom 4. osobe na intenziviranoj terapiji inzulinom (s 4 i više doza inzulina) bilo da su novodijagnosticirani i/ili su redovito provodili samokontrole, najmanje 4 puta na dan, uvidom iz uređaja za očitavanje koncentracije šećera osigurane osobe u zadnja 3 mjeseca 5. bolesnici nakon totalne i/ili distalne pankreatektomije  6. bolesnici s cističnom fibrozom koji se liječe bazal-bolus terapijom inzulinom (s 4 i više doza inzulina). Indikaciju za pomagalo može postaviti, odnosno obaveznu evaluaciju ishoda primjene pomagala provodi, bolnički doktor sub/specijalist endokrinologije i/ili dijabetologije iz ugovorne bolničke zdravstvene ustanove, koji se bavi liječenjem šećerne bolesti, a koji je u nalazu obvezan obrazložiti razlog za postavljanje indikacije za početak odnosno nastavak korištenja pomagala.  Bolnički specijalist, koji postavlja indikaciju i predlaže korištenje ovog pomagala, obavezan je osiguranu osobu upoznati s načinom rada i svim aspektima korištenja pomagala te time da je moguć odabir između upotrebe prijemnika ili aplikacije za koju je potrebno posjedovati vlastiti pametni mobilni uređaj. U slučaju odluke za mobilnu aplikaciju koja prikuplja podatke korisnika, nužna je napomena da Zavod nije taj koji prikuplja podatke niti je voditelj obrade osobnih podataka, obzirom da Zavod ne utječe na podatke koje korisnik odlučuje unijeti u aplikaciju niti je aplikacija spojena na informacijski sustav Zavoda te da pristaje na korištenje predloženog pomagala, što se potvrđuje potpisivanjem Izjave. Izjavu pohranjuje bolnički specijalist, a u specijalistički nalaz obavezno navodi da je bolesnik upoznat s korištenjem pomagala, što je potvrdio potpisom Izjave. Evaluacija ishoda primjene pomagala obavezno se provodi najmanje jedanput u prva tri mjeseca, a zatim nakon 6 i 12 mjeseci od početka korištenja pomagala te u daljnjem praćenju jedanput godišnje. Za svako nastavno propisivanje pomagala potrebno je priložiti odgovarajuću medicinsku dokumentaciju osnovom koje nadležni bolnički doktor iz ugovorne bolničke ustanove daje preporuku za nastavkom primjene pomagala, zajedno s dokazom o provedenim kontrolama. Osigurana osoba ne može ostvariti pravo na nastavak propisivanja pomagala ako nije došlo do očekivanog ishoda primjene pomagala, što se utvrđuje time da:  1. nakon 6 mjeseci od početka korištenja pomagala nije postignut porast TIR (vrijeme u ciljnom rasponu) za 5% i/ili smanjenje TBR (vrijeme ispod ciljnog raspona) za 1%; 2. pri svakoj kontroli nije moguće utvrditi da je bolesnik nosio senzor više od 80% vremena u periodu od najmanje tri mjeseca. Napomene: A) Kod prvog propisivanja pomagala osiguranoj osobi propisuje se: - početni komplet (koji sadrži jedan odašiljač i jedan senzor te uređaj za mjerenje glukoze u krvi) - 8 senzora (uz koje se osigurava 100 dijagnostičkih traka za očitavanje iz krvi i 100 lanceta) - prijemnik (neobavezno, u slučaju spajanja odašiljača s prijemnikom)                                                                                                                                                                                                                                                                                                                                                                                                                                                                                                     Kod nastavnog (tromjesečnog) propisivanja osiguranoj osobi propisuje se:                                                                                                                                                                                                                                                                                                                                                                                                                            - 1 odašiljač - 9 senzora (uz koje se osigurava 100 dijagnostičkih traka za očitavanje iz krvi i 100 lanceta). U godini ostvarivanja prava na početni komplet za kontinuirano mjerenje glukoze, osigurana osoba ostvaruje pravo na 35 senzora, jer je 1 senzor sadržan u početnom kompletu, sveukupno 36 senzora godišnje.                                                                                                                                                 B) Osigurana osoba koja je ostvarila pravo na predmetno pomagalo, ne ostvaruje pravo na: -set za brzo očitavanje koncentracije šećera u krvi, dg. trakice za mjerenje GUK-a i lancete (iste su sadržane u kvartalnom setu), -uređaj za neograničeno skeniranje razine glukoze i pripadajući senzor, -odašiljače za kontinuirano mjerenje glukoze te pripadajuće senzore, drugih proizvođača stavljenih na liste pomagala.  Osigurana osoba ne ostvaruje pravo na povećanu količinu senzora za kontinuirano mjerenje glukoze. C) Hrvatski zavod za zdravstveno osiguranje nema uvid, ne prikuplja, ne obrađuje niti na bilo koji drugi način ima pristup podacima koji se unose ili koriste preko aplikacije za korištenje pomagala.  Isporučitelj se obvezuje da će osiguranu osobu kod prvog preuzimanja pomagala upoznati sa svim aspektima korištenja pomagala i aplikacije koja podupire rad pomagala.                                                                                                                                                                                                                                                                                                                                                                                                                                                                                                           ","01.04.2024","18.03.2026"]
[496,383,"Obloga za rane sa srednjom do jakom eksudacijom: dekubitus, potkoljenični vrijed, dijabetičko stopalo, opekline. Koristi se kao primarna i sekundarna obloga. Kontraindikacije za primjenu: arterijska krvarenja i rane koje jako krvare. Ukoliko nakon 3 mjeseca terapije oblogama za rane nema znakova cijeljenja rane, liječnik obiteljske medicine ili specijalist pedijatar, obavezan je osiguranu osobu uputiti na specijalistički pregled specijalisti dermatovenerologu ili specijalisti kirurgu. Ukoliko nakon 6 mjeseci terapije oblogama za rane nema znakova cijeljenja rane, obustavlja se terapijska primjena obloga za rane. ","01.04.2024"]
[497,384,"Kod osiguranih osoba koje su traheotomirane uz očuvani larinks, a potrebna im je povremena mehanička ventilacija. Osigurana osoba koja je ostvarila pravo na predmetno pomagalo, ne ostvaruje istovremeno pravo na kazete za održavanje vlažnosti zraka (HME). ","01.04.2024"]
[498,385,"Kod osiguranih osoba koje su traheotomirane uz očuvani larinks, a potrebna im je povremena mehanička ventilacija. ","01.04.2024"]
[503,170,"Osigurane osobe  na jednoj dnevnoj dozi inzulina ili drugoj subkutanoj terapiji za šećernu bolest ostvaruju pravo na 100 komada za 3 mjeseca. Osigurane osobe koje su na dvije dnevne doze inzulina ili na drugoj subkutanoj terapiji za šećernu bolest ostvaruju pravo na 200 komada za 3 mjeseca, a osigurane osobe na tri ili više dnevnih doza inzulina ili drugoj subkutanoj terapiji za šećernu bolest ostvaruju pravo na najviše 360 komada za 3 mjeseca, ovisno o broju aplikacija.","01.06.2024"]
[504,317,"Za osigurane osobe kojima je potrebna terapija kisikom zbog kronične bolesti ili stanja koja dovode do smanjenja respiratorne površine i kronične respiratorne insuficijencije.  Kao dodatna opskrba uz koncentrator kisika za kućnu uporabu-do najmanje 5 litara.   Za osigurane osobe s održanom primjerenom razinom tjelesne aktivnosti u svakodnevnom životu (svakodnevno samostalno kretanje izvan kuće koje zahtjeva osiguravanje minimalno 2 sata prijenosne opskrbe kisikom). Ugovorni liječnik primarne zdravstvene zaštite-liječnik opće/obiteljske medicine ili pedijatar izdaje potvrdu o razini tjelesne aktivnosti. Potreba za ovim pomagalom dokazuje se u stabilnoj fazi kronične bolesti, na sobnom zraku te je uz prijedlog potrebno priložiti i nalaze plinske analize arterijske krvi u najmanje dva mjerenja kojima će se potvrditi: 1. Parcijalni tlak kisika arterijske krvi PaO2 ≤ 55 mmHg (7.32 kPa) ili saturacija hemoglobina (SpO2) ≤88%. 2. PaO2 ≤ 59 mmHg (7.85 kPa) ili saturacija hemoglobina (SpO2) ≤89% uz prisustvo jednog od: poliglobulija (hematokrit > 55%), plućna hipertenzija, cor pulmonale ili zatajivanje srca. 3. Pad vrijednosti PaO2 ≤ 55 mmHg (7.32 kPa) ili saturacije hemoglobina (SpO2) ≤88% tijekom fizičke aktivnosti. Napomena: pad vrijednosti tijekom fizičke aktivnosti dokazuje se testom hoda, spiroergometrijom ili ergometrijom.  Uređaj se propisuje na period od najmanje 6 godina. Prije propisivanja novog, obavezna provjera funkcionalnosti i dotrajalosti već odobrenog uređaja.  Uređaj propisuju specijalist pedijatar, pulmolog i specijalist interne medicine, pulmolog iz ugovornih bolničkih zdravstvenih ustanova. Osigurana osoba kojoj je odobren Prijenosni ili Obnovljeni prijenosni koncentrator kisika, na teret sredstava Zavoda, ne ostvaruje pravo na pomagala iz Osnovne liste pomagala Zavoda:  Prenosni sustav boca s kisikom, Regulator za bocu, Boca s kisikom , 3 ili 5 litara i Punjenje boca medicinskim kisikom, 3 ili 5 litara. Osigurana osoba koja je na trajnoj mehaničkoj ventilaciji (invazivna ili neinvazivna) ne ostvaruje pravo na  pomagala Prijenosni ili Obnovljeni prijenosni koncentrator kisika     ","01.06.2024","18.03.2026"]
[505,386,"Za osigurane osobe kojima se ne mogu propisati  standardna lagana invalidska kolica zbog potrebe za širim sjedištem.","01.06.2024"]
[509,368,"Za osigurane osobe koje boluju od šećerne bolesti :  1. djeca koja boluju od šećerne bolesti, od navršene 2. do navršene 18. godine života (nakon navršene 18. godine života provodi se evaluacija o uspješnosti liječenja i procjena indikacije za daljnje korištenje) 2. trudnice sa šećernom bolesti tipa 1 i one koje boluju od šećerne bolesti tipa 2 tijekom trudnoće i ako su na bazal-bolus terapiji inzulinom (s 4 i više doza inzulina) 3. slijepe osobe sa šećernom bolesti tipa 1 i oni koji boluju od šećerne bolesti tipa 2 ako su na terapiji inzulinom 4. osobe na intenziviranoj terapiji inzulinom (s 4 i više doza inzulina) bilo da su novodijagnosticirani i/ili su redovito provodili samokontrole, najmanje 4 puta na dan, uvidom iz uređaja za očitavanje koncentracije šećera osigurane osobe u zadnja 3 mjeseca 5. bolesnici nakon totalne i/ili distalne pankreatektomije  6. bolesnici s cističnom fibrozom koji se liječe bazal-bolus terapijom inzulinom (s 4 i više doza inzulina). Indikaciju za pomagalo može postaviti, odnosno obaveznu evaluaciju ishoda primjene pomagala provodi, bolnički doktor sub/specijalist endokrinologije i/ili dijabetologije iz ugovorne bolničke zdravstvene ustanove, koji se bavi liječenjem šećerne bolesti, a koji je u nalazu obvezan obrazložiti razlog za postavljanje indikacije za početak odnosno nastavak korištenja pomagala.  Bolnički specijalist, koji postavlja indikaciju i predlaže korištenje ovog pomagala, obavezan je osiguranu osobu upoznati s načinom rada i svim aspektima korištenja pomagala te time da je moguć odabir između upotrebe prijemnika ili aplikacije za koju je potrebno posjedovati vlastiti pametni mobilni uređaj. U slučaju odluke za mobilnu aplikaciju koja prikuplja podatke korisnika, nužna je napomena da Zavod nije taj koji prikuplja podatke niti je voditelj obrade osobnih podataka, obzirom da Zavod ne utječe na podatke koje korisnik odlučuje unijeti u aplikaciju niti je aplikacija spojena na informacijski sustav Zavoda te da pristaje na korištenje predloženog pomagala, što se potvrđuje potpisivanjem Izjave. Izjavu pohranjuje bolnički specijalist, a u specijalistički nalaz obavezno navodi da je bolesnik upoznat s korištenjem pomagala, što je potvrdio potpisom Izjave. Evaluacija ishoda primjene pomagala obavezno se provodi najmanje jedanput u prva tri mjeseca, a zatim nakon 6 i 12 mjeseci od početka korištenja pomagala te u daljnjem praćenju jedanput godišnje. Za svako nastavno propisivanje pomagala potrebno je priložiti odgovarajuću medicinsku dokumentaciju osnovom koje nadležni bolnički doktor iz ugovorne bolničke ustanove daje preporuku za nastavkom primjene pomagala, zajedno s dokazom o provedenim kontrolama. Osigurana osoba ne može ostvariti pravo na nastavak propisivanja pomagala ako nije došlo do očekivanog ishoda primjene pomagala, što se utvrđuje time da:  1. nakon 6 mjeseci od početka korištenja pomagala nije postignut porast TIR (vrijeme u ciljnom rasponu) za 5% i/ili smanjenje TBR (vrijeme ispod ciljnog raspona) za 1%; 2. pri svakoj kontroli nije moguće utvrditi da je bolesnik nosio senzor više od 80% vremena u periodu od najmanje tri mjeseca. Napomene: A) Kod prvog propisivanja pomagala osiguranoj osobi propisuje se: - početni komplet (koji sadrži jedan odašiljač i jedan senzor te uređaj za mjerenje glukoze u krvi) - 8 senzora (uz koje se osigurava 100 dijagnostičkih traka za očitavanje iz krvi i 100 lanceta) - prijemnik (neobavezno, u slučaju spajanja odašiljača s prijemnikom)                                                                                                                                                                                                                                                                                                                                                                                                                                                                                                     Kod nastavnog (tromjesečnog) propisivanja osiguranoj osobi propisuje se:                                                                                                                                                                                                                                                                                                                                                                                                                            - 1 odašiljač - 9 senzora (uz koje se osigurava 100 dijagnostičkih traka za očitavanje iz krvi i 100 lanceta). U godini ostvarivanja prava na početni komplet za kontinuirano mjerenje glukoze, osigurana osoba ostvaruje pravo na 35 senzora, jer je 1 senzor sadržan u početnom kompletu, sveukupno 36 senzora godišnje.                                                                                                                                                 B) Osigurana osoba koja je ostvarila pravo na predmetno pomagalo, ne ostvaruje pravo na: -set za brzo očitavanje koncentracije šećera u krvi, dg. trakice za mjerenje GUK-a i lancete (iste su sadržane u kvartalnom setu), -uređaj za neograničeno skeniranje razine glukoze i pripadajući senzor, -odašiljače za kontinuirano mjerenje glukoze te pripadajuće senzore, drugih proizvođača stavljenih na liste pomagala.  Osigurana osoba ne ostvaruje pravo na povećanu količinu senzora za kontinuirano mjerenje glukoze. C) Hrvatski zavod za zdravstveno osiguranje nema uvid, ne prikuplja, ne obrađuje niti na bilo koji drugi način ima pristup podacima koji se unose ili koriste preko aplikacije za korištenje pomagala.  Isporučitelj se obvezuje da će osiguranu osobu kod prvog preuzimanja pomagala upoznati sa svim aspektima korištenja pomagala i aplikacije koja podupire rad pomagala.                                                                                                                                                                                                                                                                                                                                                                                                                                                                                                           ","18.07.2024","18.03.2026"]
[511,364,"Za osigurane osobe koje boluju od šećerne bolesti tipa 1, indikaciju za primjenu pomagala može postaviti bolnički doktor sub/specijalist endokrinologije i dijabetologije iz jedne od navedenih ugovornih bolničkih zdravstvenih ustanova (KBC Zagreb, KBC Split, KBC Rijeka, KBC Osijek, KBC Sestre milosrdnice, KB Merkur, KB Dubrava i Klinika za dječje bolesti Zagreb), koji pomagalo i propisuje na Potvrdu o pomagalima kod šećerne bolesti,  a koji se bavi liječenjem šećerne bolesti i ima mogućnost provesti edukaciju bolesnika.  Reevaluacija ishoda primjene pomagala obvezno se provodi najmanje jedanput svakih 6 mjeseci, a provodi ju  bolnički doktor sub/specijalist endokrinologije i dijabetologije koji je dao preporuku za pomagalo ili bolnički doktor sub/specijalist endokrinologije i dijabetologije iz druge ugovorne bolničke zdravstvene ustanove, koji se bavi liječenjem šećerne bolesti. Kod preporuke obvezno se u nalazu mora obrazložiti razlog za postavljanje indikacije za početak, a kasnije i za nastavak korištenja pomagala.  Predloženo i propisano pomagalo odobrava Liječničko povjerenstvo za pomagala Direkcije Zavoda osiguranim osobama koje zadovoljavaju kriterije i kojima je pomagalo preporučeno u skladu sa stručnim smjernicama Referentnog centra za šećernu bolest i Referentnog centra za pedijatrijsku endokrinologiju i dijabetes Ministarstva zdravstva.   Za svako odobrenje pomagala potrebno je priložiti odgovarajuću medicinsku i drugu potrebnu dokumentaciju osnovom koje nadležni bolnički doktor iz ugovorne bolničke zdravstvene ustanove daje preporuku za primjenu pomagala, zajedno s dokazom o provedenim kontrolama, ako se radi o nastavnom propisivanju. Kod nastavnog korištenja pomagala, a prije propisivanja novog pomagala obvezno se provodi provjera funkcionalnosti postojećeg pomagala od strane nadležnog doktora specijaliste koji je ovlašten za propisivanje pomagala. Provjeri funkcionalnosti ne podliježu jednokratne \"patch\" inzulinske pumpe.  Osigurana osoba kojoj je  Liječničko povjerenstvo za pomagala Direkcije Zavoda odobrilo primjenu pomagala ostvaruje pravo i na potrošni materijal, uz uvjet da se pomagalo koristi u skladu s uputama i da se obavljaju redoviti kontrolni pregledi kod odgovarajućeg sub/specijaliste svakih 6 mjeseci. Osigurana osoba ne može ostvariti pravo na nastavak propisivanja pomagala, niti potrošnog materijala za pomagalo ako: 1. ne obavlja redovite 6-mjesečne kontrolne preglede kod dijabetologa, 2. pri svakoj kontroli nije moguće utvrditi da bolesnik koristi pomagalo prema uputama: ili ne mjeri redovito glikemiju ili ne primjenjuje inzulin ili neredovito mijenja setove ili se ne pridržava dobivenih uputa, 3. nije došlo do očekivanog ishoda primjene pomagala, što se utvrđuje time da:  - nakon 6 mjeseci od početka korištenja pomagala nije postignut porast TIR (vrijeme u ciljnom rasponu) za 5% i/ili  - smanjenje TBR (vrijeme ispod ciljnog raspona) za 1% i/ili  - tijekom razdoblja od godine dana HbA1c pokazuje značajno pogoršanje (HbA1c >9% u 3 uzastopna neovisna mjerenja tijekom godine dana).","02.09.2024"]
[512,387,"Za osigurane osobe koje boluju od šećerne bolesti :  1. djeca koja boluju od šećerne bolesti, od navršene 2. do navršene 18. godine života (nakon navršene 18. godine života provodi se evaluacija o uspješnosti liječenja i procjena indikacije za daljnje korištenje) 2. trudnice sa šećernom bolesti tipa 1 i one koje boluju od šećerne bolesti tipa 2 tijekom trudnoće i ako su na bazal-bolus terapiji inzulinom (s 4 i više doza inzulina) 3. slijepe osobe sa šećernom bolesti tipa 1 i oni koji boluju od šećerne bolesti tipa 2 ako su na terapiji inzulinom 4. osobe na intenziviranoj terapiji inzulinom (s 4 i više doza inzulina) bilo da su novodijagnosticirani i/ili su redovito provodili samokontrole, najmanje 4 puta na dan, uvidom iz uređaja za očitavanje koncentracije šećera osigurane osobe u zadnja 3 mjeseca 5. bolesnici nakon totalne i/ili distalne pankreatektomije  6. bolesnici s cističnom fibrozom koji se liječe bazal-bolus terapijom inzulinom (s 4 i više doza inzulina). Indikaciju za pomagalo može postaviti, odnosno obaveznu evaluaciju ishoda primjene pomagala provodi, bolnički doktor sub/specijalist endokrinologije i/ili dijabetologije iz ugovorne bolničke zdravstvene ustanove, koji se bavi liječenjem šećerne bolesti, a koji je u nalazu obvezan obrazložiti razlog za postavljanje indikacije za početak odnosno nastavak korištenja pomagala.  Bolnički specijalist, koji postavlja indikaciju i predlaže korištenje ovog pomagala, obavezan je osiguranu osobu upoznati s načinom rada i svim aspektima korištenja pomagala te time da je moguć odabir između upotrebe prijemnika ili aplikacije za koju je potrebno posjedovati vlastiti pametni mobilni uređaj. U slučaju odluke za mobilnu aplikaciju koja prikuplja podatke korisnika, nužna je napomena da Zavod nije taj koji prikuplja podatke niti je voditelj obrade osobnih podataka, obzirom da Zavod ne utječe na podatke koje korisnik odlučuje unijeti u aplikaciju niti je aplikacija spojena na informacijski sustav Zavoda te da pristaje na korištenje predloženog pomagala, što se potvrđuje potpisivanjem Izjave. Izjavu pohranjuje bolnički specijalist, a u specijalistički nalaz obavezno navodi da je bolesnik upoznat s korištenjem pomagala, što je potvrdio potpisom Izjave. Evaluacija ishoda primjene pomagala obavezno se provodi najmanje jedanput u prva tri mjeseca, a zatim nakon 6 i 12 mjeseci od početka korištenja pomagala te u daljnjem praćenju jedanput godišnje. Za svako nastavno propisivanje pomagala potrebno je priložiti odgovarajuću medicinsku dokumentaciju osnovom koje nadležni bolnički doktor iz ugovorne bolničke ustanove daje preporuku za nastavkom primjene pomagala, zajedno s dokazom o provedenim kontrolama. Osigurana osoba ne može ostvariti pravo na nastavak propisivanja pomagala ako nije došlo do očekivanog ishoda primjene pomagala, što se utvrđuje time da:  1. nakon 6 mjeseci od početka korištenja pomagala nije postignut porast TIR (vrijeme u ciljnom rasponu) za 5% i/ili smanjenje TBR (vrijeme ispod ciljnog raspona) za 1%; 2. pri svakoj kontroli nije moguće utvrditi da je bolesnik nosio senzor više od 80% vremena u periodu od najmanje tri mjeseca. Napomene:                                                                                                                                                                                                                                                                                                                                                                                                                                                                                                                                                            A) Osigurana osoba koja je ostvarila pravo na predmetno pomagalo, ne ostvaruje pravo na: -set za brzo očitavanje koncentracije šećera u krvi, dg. trakice za mjerenje GUK-a i lancete (iste su sadržane u kvartalnom setu), -uređaj za neograničeno skeniranje razine glukoze i pripadajući senzor, -odašiljače za kontinuirano mjerenje glukoze te pripadajuće senzore, drugih proizvođača stavljenih na liste pomagala.  Osigurana osoba ne ostvaruje pravo na povećanu količinu senzora za kontinuirano mjerenje glukoze. B) Hrvatski zavod za zdravstveno osiguranje nema uvid, ne prikuplja, ne obrađuje niti na bilo koji drugi način ima pristup podacima koji se unose ili koriste preko aplikacije za korištenje pomagala.  Isporučitelj se obvezuje da će osiguranu osobu kod prvog preuzimanja pomagala upoznati sa svim aspektima korištenja pomagala i aplikacije koja podupire rad pomagala.                                                                                                                                                          ","02.09.2024","18.03.2026"]
[515,373,"Za osigurane osobe koje hodaju: osobe koje boluju od šećerne bolesti koja je dobro regulirana, a imaju dokazanu perifernu neuropatiju s gubitkom zaštitnog osjeta i perifernu arterijsku bolest i biomehaničko oštećenje koje im otežava hodanje s dokumentiranom anamnezom ranijeg ulkusa stopala ili amputacijom dijela stopala. U sastavu ortopedske obuće za dijabetičko stopalo-kategorija 3, isporučuju se i odgovarajući, pripadajući ulošci. Za vrijeme roka uporabe pomagala proizvođač se obvezuje o svom trošku osigurati 1 par uložaka za svaku godinu korištenja. ","20.03.2025"]
[516,387,"Za osigurane osobe koje boluju od šećerne bolesti :  1. djeca koja boluju od šećerne bolesti, od navršene 2. do navršene 18. godine života (nakon navršene 18. godine života provodi se evaluacija o uspješnosti liječenja i procjena indikacije za daljnje korištenje) ako je pomagalo primjenjivo kod djece do 18. godine života 2. trudnice sa šećernom bolesti tipa 1 i one koje boluju od šećerne bolesti tipa 2 tijekom trudnoće i ako su na bazal-bolus terapiji inzulinom (s 4 i više doza inzulina) 3. slijepe osobe sa šećernom bolesti tipa 1 i oni koji boluju od šećerne bolesti tipa 2 ako su na terapiji inzulinom 4. osobe na intenziviranoj terapiji inzulinom (s 4 i više doza inzulina) bilo da su novodijagnosticirani i/ili su redovito provodili samokontrole, najmanje 4 puta na dan, uvidom iz uređaja za očitavanje koncentracije šećera osigurane osobe u zadnja 3 mjeseca 5. bolesnici nakon totalne i/ili distalne pankreatektomije  6. bolesnici s cističnom fibrozom koji se liječe bazal-bolus terapijom inzulinom (s 4 i više doza inzulina). Indikaciju za pomagalo može postaviti, odnosno obaveznu evaluaciju ishoda primjene pomagala provodi, bolnički doktor sub/specijalist endokrinologije i/ili dijabetologije iz ugovorne bolničke zdravstvene ustanove, koji se bavi liječenjem šećerne bolesti, a koji je u nalazu obvezan obrazložiti razlog za postavljanje indikacije za početak odnosno nastavak korištenja pomagala.  Bolnički specijalist, koji postavlja indikaciju i predlaže korištenje ovog pomagala, obavezan je osiguranu osobu upoznati s načinom rada i svim aspektima korištenja pomagala te time da je moguć odabir između upotrebe prijemnika ili aplikacije za koju je potrebno posjedovati vlastiti pametni mobilni uređaj. U slučaju odluke za mobilnu aplikaciju koja prikuplja podatke korisnika, nužna je napomena da Zavod nije taj koji prikuplja podatke niti je voditelj obrade osobnih podataka, obzirom da Zavod ne utječe na podatke koje korisnik odlučuje unijeti u aplikaciju niti je aplikacija spojena na informacijski sustav Zavoda te da pristaje na korištenje predloženog pomagala, što se potvrđuje potpisivanjem Izjave. Izjavu pohranjuje bolnički specijalist, a u specijalistički nalaz obavezno navodi da je bolesnik upoznat s korištenjem pomagala, što je potvrdio potpisom Izjave. Evaluacija ishoda primjene pomagala obavezno se provodi najmanje jedanput u prva tri mjeseca, a zatim nakon 6 i 12 mjeseci od početka korištenja pomagala te u daljnjem praćenju jedanput godišnje. Za svako nastavno propisivanje pomagala potrebno je priložiti odgovarajuću medicinsku dokumentaciju osnovom koje nadležni bolnički doktor iz ugovorne bolničke ustanove daje preporuku za nastavkom primjene pomagala, zajedno s dokazom o provedenim kontrolama. Osigurana osoba ne može ostvariti pravo na nastavak propisivanja pomagala ako nije došlo do očekivanog ishoda primjene pomagala, što se utvrđuje time da:  1. nakon 6 mjeseci od početka korištenja pomagala nije postignut porast TIR (vrijeme u ciljnom rasponu) za 5% i/ili smanjenje TBR (vrijeme ispod ciljnog raspona) za 1%; 2. pri svakoj kontroli nije moguće utvrditi da je bolesnik nosio senzor više od 80% vremena u periodu od najmanje tri mjeseca. Napomene:                                                                                                                                                                                                                                                                                                                                                                                                                                                                                                                                                            A) Osigurana osoba koja je ostvarila pravo na predmetno pomagalo, ne ostvaruje pravo na: -set za brzo očitavanje koncentracije šećera u krvi, dg. trakice za mjerenje GUK-a i lancete (iste su sadržane u kvartalnom setu), -uređaj za neograničeno skeniranje razine glukoze i pripadajući senzor, -odašiljače za kontinuirano mjerenje glukoze te pripadajuće senzore, drugih proizvođača stavljenih na liste pomagala.  Osigurana osoba ne ostvaruje pravo na povećanu količinu senzora za kontinuirano mjerenje glukoze. B) Hrvatski zavod za zdravstveno osiguranje nema uvid, ne prikuplja, ne obrađuje niti na bilo koji drugi način ima pristup podacima koji se unose ili koriste preko aplikacije za korištenje pomagala.  Isporučitelj se obvezuje da će osiguranu osobu kod prvog preuzimanja pomagala upoznati sa svim aspektima korištenja pomagala i aplikacije koja podupire rad pomagala.                                                                                                                                                          ","20.03.2025","18.03.2026"]
[519,388,"Za osigurane osobe kojima je potrebna terapija kisikom zbog kronične bolesti ili stanja koja dovode do smanjenja respiratorne površine i kronične respiratorne insuficijencije. Kao dodatna opskrba uz koncentrator kisika za kućnu uporabu-do najmanje 5 litara.  Za osigurane osobe koje svakodnevno borave izvan doma. Potreba za ovim pomagalom dokazuje se u stabilnoj fazi kronične bolesti, na sobnom zraku te je uz prijedlog potrebno priložiti i nalaze plinske analize arterijske krvi u najmanje dva mjerenja kojima će se potvrditi: 1. Parcijalni tlak kisika arterijske krvi PaO2 ≤ 55 mmHg (7.32 kPa) ili saturacija hemoglobina (SpO2) ≤88%. 2. PaO2 ≤ 59 mmHg (7.85 kPa) ili saturacija hemoglobina (SpO2) ≤89% uz prisustvo jednog od: poliglobulija (hematokrit > 55%), plućna hipertenzija, cor pulmonale ili zatajivanje srca. Uređaj se propisuje na period od najmanje 6 godina. Prije propisivanja novog, obavezna provjera funkcionalnosti i dotrajalosti već odobrenog uređaja. Uređaj propisuju specijalist pedijatar, pulmolog i specijalist interne medicine, pulmolog iz ugovornih bolničkih zdravstvenih ustanova. Osigurana osoba kojoj je odobren Prijenosni ili Obnovljeni prijenosni koncentrator kisika, na teret sredstava Zavoda, ne ostvaruje pravo na pomagala iz Osnovne liste pomagala Zavoda: Prenosni sustav boca s kisikom, Regulator za bocu, Boca s kisikom , 3 ili 5 litara i Punjenje boca medicinskim kisikom, 3 ili 5 litara. Osigurana osoba koja je na trajnoj mehaničkoj ventilaciji (invazivna ili neinvazivna) ne ostvaruje pravo na  pomagala Prijenosni ili Obnovljeni prijenosni koncentrator kisika.","20.03.2025"]
[522,389,"Za osigurane osobe s kolostomom, ileostomom i urostomom koje imaju oštećenu peristomalnu kožu, stomu nepravilnog oblika, koje imaju herniju, koje su pretile, koje imaju nepravilne konture trbuha ili je pločicu potrebno aplicirati u blizinu ožiljkastog tkiva. Primjenjuje se kada nema mogućnosti za korištenje standardne pločice.  Isključivo tijekom prvih 6 mjeseci formiranja stome.","29.05.2025"]
[523,390,"Za osigurane osobe sa s ileostomom i/ili kolostomom po potrebi do 18.godine života, uz herniju, nepravilne konture trbuha ili uz blizinu ožiljkastog tkiva. ","29.05.2025"]
[524,391,"Za osigurane osobe s ileostomom i kolostomom s tekućom stolicom do 18. godine života.","29.05.2025"]
[525,392,"Tamponiranje kaviteta, inficirane rane, obilna eksudacija, II-IV stupanj dekubitusa, potkoljenični vrijed, dijabetičko stopalo, opekline do 2b stupnja, pilonidalni sinus. Maksimalna duljina trajanja terapije oblogama za rane s dodatkom srebra ili aktivnog ugljena je 1 mjesec.","29.05.2025"]
[526,393,"Inficirane rane, obilna eksudacija, II-IV stupanj dekubitusa, potkoljenični vrijed, dijabetičko stopalo, opekline do 2b stupnja, pilonidalni sinus. Maksimalna duljina trajanja terapije oblogama za rane s dodatkom srebra ili aktivnog ugljena je 1 mjesec.","29.05.2025"]
[527,394,"Indikaciju za primjenu pomagala, uređaja namijenjenog liječenju hemodijalizom koristeći vaskularni pristup putem arteriovenske fistule (AVF) ili centralnog venskog katetera (CVK), kod bolesnika u terminalnoj fazi bubrežne bolesti koji trebaju nadomještanje bubrežne funkcije, a suglasni su s provođenjem kućne hemodijalize (KHD) i nemaju prepreke za njeno provođenje, može postaviti bolnički doktor sub/specijalist nefrologije iz multidisciplinarnog nefrološkog tima dijaliznog centra one ugovorne bolničke zdravstvene ustanove, koja samostalno može provesti edukaciju bolesnika (i/ili asistenta), koja ima mogućnost osiguranja kontrole i praćenja bolesnika na KHD-u te pružanja kontinuirane 24-satne stručne podrške bolesnicima koji se liječe KHD-om. Predloženo i propisano pomagalo odobrava Liječničko povjerenstvo za pomagala Direkcije Zavoda osiguranim osobama koje zadovoljavaju stručne kriterije.Uz propisano pomagalo, za odobrenje uređaja za početak liječenja provođenjem postupka KHD-a, obavezno se prilaže: 1) medicinska dokumentacija bolesnika, pri čemu u povijesti bolesti mora biti određena terapija KHD, s navođenjem sljedećeg: a) vrsta terapije KHD ovisno o otopini (bikarbonatna/laktatna) b) površina visokoprotočnog dijalizatora u m2 (1,6 / 1,8 / 2,0/ 2,2) c) pristup za spajanje (AVF ili CVK – ovisno o tome koji je kreiran u dijaliznom centru) d) potreban broj vrećica za provođenje KHD: 5 vrećica (25L) ili 6 vrećica (30L) e) učestalost postupka hemodijalize 2) pisane potvrde ugovorne bolničke zdravstvene ustanove koje uključuju: a) potvrdu da će dijalizni centar osigurati edukaciju, kontrolu i praćenje te pružanje kontinuirane 24-satne stručne podrške bolesniku koji se liječi KHD-om b) potvrdu da će dijalizni centar osigurati potrebne lijekove za parenteralnu primjenu (npr. željezo i drugo) te potrebnu dodatnu količinu potrošnog materijala i otopina za KHD iznad količine koja je utvrđena u listi pomagala i koja se može propisati na potvrdu o pomagalima c) potvrdu s mišljenjem  nefrološkog tima dijaliznog centra o provedenoj i završenoj edukaciji te osposobljenosti bolesnika (i/ili asistenta) za samostalno i sigurno provođenje KHD-a 3) potpisanu suglasnost bolesnika:a) da sam i/ili uz pomoć asistenta provodi postupke KHD-a b) da će postupke KHD-a provoditi prema preporukama i u skladu s naučenim vještinama c) da će na vlastiti trošak snositi trošak energenata (struja) i telekomunikacijskih usluga (telefon/mobitel, Internet veza)  d) da će savjesno voditi Dnevnik o provedenim postupcima KHD-a. Propisivanje optimalnog načina liječenja i reevaluaciju ishoda primjene pomagala obavlja nadležni doktor sub/specijalist nefrolog u dijaliznom centru, pri čemu učestalost, trajanje postupka dijalize te sastav dijalizata prilagođava individualno prema svakom bolesniku. Osigurana osoba kojoj je Liječničko povjerenstvo za pomagala Direkcije Zavoda odobrilo primjenu pomagala ostvaruje pravo i na potrošni materijal te potrebne otopine za provođenje KHD-a. Prvi puta potrošni materijal i otopine potrebne za provođenje KHD-a odobrava Liječničko povjerenstvo za pomagala Direkcije Zavoda.  Za provođenje KHD propisuje se odgovarajuća otopina (bikarbonatna / laktatna) za primjenu u količini ili od 25 L ili u količini od 30 L za svaki postupak KHD.  Uz uvjet da se pomagalo – uređaj za provođenje KHD-a koristi u skladu s uputama i da se obavljaju redoviti kontrolni pregledi, potrošni materijal i otopine za potrebe nastavka liječenja KHD-om u količini dostatnoj za 3 mjeseca, propisuje nadležni doktor sub/specijalist nefrolog iz dijaliznog centra, koji je odgovoran za njihovo redovito propisivanje. Zavod kontrolira i odobrava propisane količine potrošnog materijala i otopina, a koje ne mogu biti veće od utvrđenih tromjesečnih količina navedenih uz svako pomagalo u listi. Temeljem odobrenja Zavoda, a nakon što ga o tome obavijesti osigurana osoba, distributer bez dodatnog troška za Zavod ili osiguranu osobu isporučuje potreban odobren komplet potrošnog materijala zajedno s potrebnim otopinama za KHD te spremnike za odlaganje iskorištenog materijala na kućnu adresu bolesnika. Distributer na svoj trošak osigurava uslugu zbrinjavanja iskorištenog potrošnog materijala te zbrinjavanje biološkog otpada.  Osigurana osoba ne može ostvariti pravo na nastavak propisivanja potrebnog potrošnog materijala i otopina za provođenje KHD-a ako:1. ne obavlja redovite kontrolne preglede,2. pri svakoj kontroli nije moguće utvrditi da bolesnik koristi pomagalo prema uputama ili se ne pridržava dobivenih uputa. Prekid liječenja KHD-om i promjena modaliteta nadomještanja bubrežne funkcije provodi se prema odluci nadležnog nefrološkog tima dijaliznog centra. Radi reevaluacije učinka liječenja provođenjem postupka kućne hemodijalize, dijalizni centar ugovorne bolničke zdravstvene ustanove, pod čijom se kontrolom provodi liječenje KHD-om kod bolesnika, obvezuje se Zavodu jednom godišnje dostaviti izvješće o načinu provođenja i učinku liječenja KHD-om posebno za svakog bolesnika, kao i izvješće s navođenjem razloga u slučaju prekida liječenja postupkom KHD kod bolesnika.    ","29.05.2025"]
[534,395,"Za osiguranu osobu kojoj je radi poboljšanja sluha ugrađen sustav za poboljšanje sluha putem koštane vodljivosti. Ukoliko je ugradnja obostrana, osigurana osoba ostvaruje pravo na dvostruku količinu. ","17.07.2025"]
[535,396,"Nakon transplantacije bubrega i/ili cistoplastike.","17.07.2025"]
[536,"001","Samo za osigurane osobe do 18. godina života i za one osigurane osobe koje se nalaze u kontinuiranom nastavku redovnog školovanja nakon navršenih 18 godina. Sve ostale osigurane osobe mogu ostvariti pravo na inzulinsku pumpu sa Dodatne liste pomagala.(π)","17.07.2025"]
[539,235,"Kod traheotomije i kod pojačane sekrecije traheotomiranih osoba. Osigurane osobe starije od 18 godina ostvaruju pravo na 275 aspiracijskih katetera/aspiracijskih katetera Ch 8 - 20 u 3 mjeseca, osobe do 18 godina ostvaruju pravo na do 450 aspiracijskih katetera/aspiracijskih katetera Ch 8 - 20 u 3 mjeseca. Nepokretne traheotomirane osobe, potpuno ovisne o tuđoj pomoći, te osobe koje boluju od spinalne mišićne atrofije ostvaruju pravo na do 900 aspiracijskih katetera/aspiracijskih katetera Ch 8 - 20 u 3 mjeseca. Osigurane osobe opskrbljene pomagalima mehanički insuflator/eksuflator za kućnu uporabu i obnovljeni mehanički insuflator/eksuflator za kućnu uporabu ostvaruju pravo na do 500 aspiracijskih katetera/aspiracijskih katetera Ch 8-20 u 3 mjeseca.","23.10.2025"]
[543,397,"Za osigurane osobe koje:  • imaju slabost ekstenzora koljena različitih etiologija (uzrokovanu različitim neuromuskularnim bolestima, bolestima/ozljedama centralnog živčanog sustava, traumama ili komplikacijama nakon operativnih zahvata u smislu ozljeda perifernog živca ili drugo). Indikacija ne ovisi o etiologiji, već o kliničkom statusu.  •samostalno zadržavaju vertikalni položaj i imaju dobar balans trupa  • ekstenzori i fleksori kuka imaju MMT 3-5 ili mogućnost zadovoljavajućeg kompenzatornog pokreta kukom  • može se koristiti za osigurane osobe s deformacijom do 10° koljenog varusa/valgusa, te do 10°nedostatne ektenzije u koljenu  • težina do 100 kg  • kognitivno je sposoban razumjeti i savladati funkciju zgloba  • prije opskrbe je provedeno testiranje s testnim zglobom  • opskrbu ortozom mora slijediti rehabilitacija, škola hoda s ortozom  Ortoza nije namijenjena za osigurane osobe s nekontroliranim spazmima.     ","23.10.2025"]
[549,368,"Za osigurane osobe koje boluju od šećerne bolesti:  1. djeca koja boluju od šećerne bolesti, od navršene 2. do navršene 18. godine života (nakon navršene 18. godine života provodi se evaluacija o uspješnosti liječenja i procjena indikacije za daljnje korištenje) 2. trudnice sa šećernom bolesti tipa 1 i one koje boluju od šećerne bolesti tipa 2 tijekom trudnoće i ako su na bazal-bolus terapiji inzulinom (s 4 i više doza inzulina) 3. slijepe osobe sa šećernom bolesti tipa 1 i oni koji boluju od šećerne bolesti tipa 2 ako su na terapiji inzulinom 4. osobe na intenziviranoj terapiji inzulinom (s 4 i više doza inzulina) bilo da su novodijagnosticirani i/ili su redovito provodili samokontrole, najmanje 4 puta na dan, uvidom iz uređaja za očitavanje koncentracije šećera osigurane osobe u zadnja 3 mjeseca 5.bolesnici nakon totalne i/ili distalne pankreatektomije  6. bolesnici s cističnom fibrozom koji se liječe bazal-bolus terapijom inzulinom (s 4 i više doza inzulina). Indikaciju za pomagalo može postaviti, odnosno obaveznu evaluaciju ishoda primjene pomagala provodi, bolnički doktor sub/specijalist endokrinologije i/ili dijabetologije iz ugovorne bolničke zdravstvene ustanove, koji se bavi liječenjem šećerne bolesti, a koji je u nalazu obvezan obrazložiti razlog za postavljanje indikacije za početak odnosno nastavak korištenja pomagala.  Bolnički specijalist, koji postavlja indikaciju i predlaže korištenje ovog pomagala, obavezan je osiguranu osobu upoznati s načinom rada i svim aspektima korištenja pomagala te time da je moguć odabir između upotrebe prijemnika ili aplikacije za koju je potrebno posjedovati vlastiti pametni mobilni uređaj. U slučaju odluke za mobilnu aplikaciju koja prikuplja podatke korisnika, nužna je napomena da Zavod nije taj koji prikuplja podatke niti je voditelj obrade osobnih podataka, obzirom da Zavod ne utječe na podatke koje korisnik odlučuje unijeti u aplikaciju niti je aplikacija spojena na informacijski sustav Zavoda te da pristaje na korištenje predloženog pomagala, što se potvrđuje potpisivanjem Izjave. Izjavu pohranjuje bolnički specijalist, a u specijalistički nalaz obavezno navodi da je bolesnik upoznat s korištenjem pomagala, što je potvrdio potpisom Izjave. Evaluacija ishoda primjene pomagala obavezno se provodi najmanje jedanput u prva tri mjeseca, a zatim nakon 6 i 12 mjeseci od početka korištenja pomagala te u daljnjem praćenju jedanput godišnje. Za svako nastavno propisivanje pomagala potrebno je priložiti odgovarajuću medicinsku dokumentaciju osnovom koje nadležni bolnički doktor iz ugovorne bolničke ustanove daje preporuku za nastavkom primjene pomagala, zajedno s dokazom o provedenim kontrolama. Osigurana osoba ne može ostvariti pravo na nastavak propisivanja pomagala ako nije došlo do očekivanog ishoda primjene pomagala, što se utvrđuje time da:  1. nakon 6 mjeseci od početka korištenja pomagala nije postignut porast TIR (vrijeme u ciljnom rasponu) za 5% i/ili smanjenje TBR (vrijeme ispod ciljnog raspona) za 1%; 2. pri svakoj kontroli nije moguće utvrditi da je bolesnik nosio senzor više od 80% vremena u periodu od najmanje tri mjeseca. Napomene: A)  Kod prvog propisivanja pomagala osiguranoj osobi propisuje se: -početni komplet koji sadrži  jedan integrirani senzor i uređaj za mjerenje glukoze u krvi -8 integriranih senzora koji sadrže 50 dijagnostičkih traka za očitavanje iz krvi i 50 lanceta   - prijemnik nije obavezan te se propisuje po potrebi                                                                                                                                                                                                                                                                                                                                                                                                                                                                                                     Kod nastavnog (tromjesečnog) propisivanja osiguranoj osobi propisuje se:                                                                                                                                                                                                                                                                                                                                                                                                           - 9 integriranih senzora uz koje se osigurava 50 dijagnostičkih traka za očitavanje iz krvi i 50 lanceta       Maksimalna sveukupna količina je 36 integriranih senzora  godišnje.                                                                                                                                                  B) Osigurana osoba koja je ostvarila pravo na predmetno pomagalo, ne ostvaruje pravo na: -set za brzo očitavanje koncentracije šećera u krvi, dg. trakice za mjerenje GUK-a i lancete (iste su sadržane u kvartalnom setu), -uređaj za neograničeno skeniranje razine glukoze i pripadajući senzor, -odašiljače za kontinuirano mjerenje glukoze te pripadajuće senzore, drugih proizvođača stavljenih na liste pomagala.  Osigurana osoba ne ostvaruje pravo na povećanu količinu senzora za kontinuirano mjerenje glukoze. C) Hrvatski zavod za zdravstveno osiguranje nema uvid, ne prikuplja, ne obrađuje niti na bilo koji drugi način ima pristup podacima koji se unose ili koriste preko aplikacije za korištenje pomagala.  Isporučitelj se obvezuje da će osiguranu osobu kod prvog preuzimanja pomagala upoznati sa svim aspektima korištenja pomagala i aplikacije koja podupire rad pomagala.\".                                                                 ","29.01.2026","18.03.2026"]
[555,398,"Dijelovi respiratora Falco 101 koji se mijenjaju nakon šest mjeseci. Rad i testiranje do šest sati. ","29.01.2026"]
[556,399,"Za osigurane osobe koje boluju od šećerne bolesti  1. djeca do navršene 18. godine života koja boluju od šećerne bolesti tipa 1 (napomena: u opisu standarda pomagala naveden je podatak ima li ili nema pojedino pomagalo odobrenje za primjenu kod djece i od koje dobi je pomagalo odobreno za primjenu, a navedeno vrijedi i za pripadajuće odašiljače i prijamnike)  2. trudnice sa šećernom bolesti ako su na terapiji inzulinom  (napomena: u opisu standarda pomagala naveden je podatak ima li ili nema pojedino pomagalo odobrenje za primjenu kod trudnica, a navedeno vrijedi i za pripadajuće odašiljače i prijamnike)  3. slijepe osobe sa šećernom bolesti ako su na terapiji inzulinom  4. osobe koje su na intenziviranoj terapiji inzulinom (s četiri i više doza inzulina), bilo da se radi se o bolesnicima sa šećernom bolesti, bolesnicima s cističnom fibrozom ili bolesnicima nakon totalne i/ili distalne pankreatektomije  Indikaciju za pomagalo može postaviti, odnosno obaveznu evaluaciju ishoda primjene pomagala provodi, bolnički doktor sub/specijalist endokrinologije i/ili dijabetologije iz ugovorne bolničke zdravstvene ustanove, koji se bavi liječenjem šećerne bolesti, a koji je u nalazu obvezan obrazložiti razlog za postavljanje indikacije za početak odnosno nastavak korištenja pomagala.  Bolnički specijalist, koji postavlja indikaciju i predlaže korištenje ovog pomagala, obavezan je osiguranu osobu upoznati s načinom rada i svim aspektima korištenja pomagala te time da je moguć odabir između upotrebe prijemnika ili aplikacije za koju je potrebno posjedovati vlastiti pametni mobilni uređaj. U slučaju odluke za mobilnu aplikaciju koja prikuplja podatke korisnika, nužna je napomena da Zavod nije taj koji prikuplja podatke niti je voditelj obrade osobnih podataka, obzirom da Zavod ne utječe na podatke koje korisnik odlučuje unijeti u aplikaciju niti je aplikacija spojena na informacijski sustav Zavoda te da pristaje na korištenje predloženog pomagala, što se potvrđuje potpisivanjem Izjave. Izjavu pohranjuje bolnički specijalist, a u specijalistički nalaz obavezno navodi da je bolesnik upoznat s korištenjem pomagala, što je potvrdio potpisom Izjave. Evaluacija ishoda primjene pomagala obavezno se provodi najmanje jedanput u prva tri mjeseca, a u daljnjem praćenju jedanput godišnje. Za svako nastavno propisivanje pomagala potrebno je priložiti odgovarajuću medicinsku dokumentaciju osnovom koje nadležni bolnički doktor iz ugovorne bolničke ustanove daje preporuku za nastavkom primjene pomagala, zajedno s dokazom o provedenim kontrolama. Osigurana osoba ne može ostvariti pravo na nastavak propisivanja pomagala ako nije došlo do očekivanog ishoda primjene pomagala, što se utvrđuje time da:  1. nakon šest mjeseci od početka korištenja pomagala nije postignut porast TIR (vrijeme u ciljnom rasponu) za 5% i/ili smanjenje TBR (vrijeme ispod ciljnog raspona) za 1%; 2. pri svakoj kontroli nije moguće utvrditi da je bolesnik nosio senzor više od 80% vremena u periodu od najmanje tri mjeseca.  NAPOMENA:  A) Osigurana osoba koja je ostvarila pravo na predmetno pomagalo, a za rad pomagala je potrebna kalibracija, potrebnu količinu lanceta i dijagnostičkih trakica za kalibraciju osigurava predstavnik i/ili distributer za RH ili proizvođač u RH na svoj trošak, a količine su navedene u standardu pomagala.   B)  Osiguranoj osobi koja je ostvarila pravo na predmetno pomagalo, lancete i dijagnostičke trakice za dodatnu kontrolu šećera u krvi, u kvartalnom setu osigurava na svoj trošak, predstavnik i/ili distributer za RH ili proizvođač u RH,  u količini od 50 komada tromjesečno za odrasle i za djecu, a u količini od 150 komada kod prve isporuke pomagala za primjenu kod djece.    (za pomagala pod ISO šifrom  032535401905 zaštićenog naziva „Medtronic MiniMed Guardian 4 System Kit“  i ISO šifrom 032535402005 zaštićenog naziva „Medtronic MiniMed Guardian 4 sensor, MMT-7040QX“, predstavnik i/ili distributer za RH ili proizvođač u RH ne osigurava lancete i dijagnostičke trakice)   C)  Osigurana osoba koja je ostvarila pravo na predmetno pomagalo, ne ostvaruje pravo na teret sredstava Zavoda: -set za brzo očitavanje koncentracije šećera u krvi, dg. trakice za mjerenje GUK-a i lancete , uređaj za neograničeno skeniranje razine glukoze i pripadajući senzor, odašiljače za kontinuirano mjerenje glukoze te pripadajuće senzore, drugih proizvođača stavljenih na liste pomagala.   D) Hrvatski zavod za zdravstveno osiguranje nema uvid, ne prikuplja, ne obrađuje niti na bilo koji drugi način ima pristup podacima koji se unose ili koriste preko aplikacije za korištenje pomagala.  Predstavnik i/ili distributer za RH ili proizvođač u RH,  se obvezuje da će osiguranu osobu kod prvog preuzimanja pomagala upoznati sa svim aspektima korištenja pomagala i aplikacije koja podupire rad pomagala.   ","29.01.2026"]
[557,400,"Za traheotomirane sa potrebom oksigenoterapije.","29.01.2026"]
[558,401,"Za traheotomirane (ne laringektomirane).","29.01.2026"]
[559,402,"Subkutana mastektomija,jednostrana; subkutana mastektomija, obostrana; rekonstrukcija dojke pomoću mišićnokožnog režnja, rekonstrukcija dojke s ugradnjom tkivnog ekspandera, dijelomična mastektomija (lumpektomija); redukcija dojki; mastopkesija po preporuci kirurga.","19.03.2026"]

{"sheet":"propisivaci","index":2,"n_rows":51,"n_cols":3,"rows_kept":51}
["ID","SIFRA_PROPISIVACA","NAZIV"]
[4,1,"Prijedlog nije potreban"]
[5,"1a","Odobrenje nije potrebno"]
[6,2,"Specijalist ortoped/Specijalist ortopedije i traumatologije "]
[7,3,"Specijalist fizikalne medicine i rehabilitacije"]
[8,4,"Ugovorni isporučitelj"]
[9,5,"Liječničko povjerenstvo Zavoda"]
[10,6,"Specijalist kirurg"]
[11,"6a","Specijalist kirurg - samo kod prvog propisivanja"]
[12,7,"Specijalist dječje kirurgije"]
[13,8,"Opći kirurg s užom specijalizacijom iz traumatologije"]
[14,9,"Liječničko povjerenstvo Direkcije"]
[15,10,"Ovlašteni radnik Regionalnog ureda/Područne službe Zavoda"]
[16,11,"Specijalist interne medicine"]
[17,"11a","Specijalist interne medicine - samo kod prvog propisivanja"]
[18,12,"Specijalist interne medicine, endokrinolog dijabetolog"]
[19,13,"Specijalist pedijatar, endokrinolog dijabetolog"]
[20,"13a","Specijalist pedijatar, endokrinolog dijabetolog - samo kod prvog propisivanja"]
[21,14,"Izabrani doktor (ugovorni liječnik primarne zdravstvene zaštite-liječnik opće/obiteljske medicine, pedijatar i ginekolog, sukladno djelatnosti za koju je sklopio ugovor sa Zavodom)"]
[22,"15a","Specijalist pedijatar - samo kod prvog propisivanja"]
[23,15,"Specijalist pedijatar  "]
[24,16,"Specijalist pedijatar, pulmolog"]
[25,17,"Specijalist urolog"]
[26,"17a","Specijalist urolog - samo kod prvog propisivanja"]
[27,18,"Specijalist interne medicine, pulmolog"]
[28,19,"Specijalist otorinolaringolog"]
[29,"19a","Specijalist otorinolaringolog - samo kod prvog propisivanja"]
[30,20,"Liječnik, specijalist s edukacijom iz medicine spavanja"]
[31,21,"Specijalist interne medicine, nefrolog"]
[32,22,"Specijalist pedijatar, nefrolog"]
[33,23,"Specijalist oftalmolog"]
[34,24,"Specijalist dermatovenerolog"]
[35,25,"Specijalist ginekolog"]
[36,26,"Liječnik specijalist"]
[37,"26a","Liječnik specijalist - samo kod prvog propisivanja"]
[38,"26b","Liječnik specijalist - koji je zaposlen u bolničkoj ustanovi samo kod prvog propisivanja"]
[39,27,"Specijalist interne medicine, gastroenterolog"]
[40,28,"Specijalist educiran za enteralnu prehranu pacijenta"]
[41,29,"Specijalist neurolog"]
[470,"26c","Liječnik specijalist - zaposlen u bolničkoj ustanovi"]
[471,"23b","Specijalist oftalmolog - zaposlen na Klinici"]
[472,"7a","Specijalist dječje kirurgije - samo kod prvog propisivanja"]
[473,"14c","Izabrani doktor (ugovorni liječnik primarne zdravstvene zaštite-liječnik opće/obiteljske medicine, pedijatar i ginekolog, sukladno djelatnosti za koju je sklopio ugovor sa Zavodom)*"]
[474,"27a","Specijalist interne medicine, gastroenterolog, samo kod prvog propisivanja"]
[476,30,"Specijalist neurokirurg"]
[477,31,"Bolnički specijalist pedijatar, endokrinolog dijabetolog"]
[478,32,"Bolnički specijalist interne medicine, endokrinolog dijabetolog ili bolnički specijalist endokrinologije i dijabetologije"]
[479,33,"specijalist maksilofacijalne kirurgije"]
[480,"9b","Prvo odobravanje Liječničko povjerenstvo Direkcije, nastavno odobravanje Liječničko povjerenstvo Zavoda."]
[481,34,"Nadležni doktor sub/specijalist nefrolog iz nefrološkog tima u dijaliznom centru ugovorne bolničke zdravstvene ustanove  "]
[482,90,"(&):Otopina se ne propisuje samostalno već je dio i propisuje se i odobrava u kompletu zajedno s potrošnim materijalom za kućnu hemodijalizu. (U listi se navodi radi podataka o nazivu, proizvođaču i standardu otopine.)."]

{"sheet":"odobravatelji_tip","index":3,"n_rows":9,"n_cols":5,"rows_kept":9}
["ID","SIFRA_ODOBRAVATELJA","NAZIV","VRIJEDI_OD","VRIJEDI_DO"]
[5,"1a","Odobrenje nije potrebno","01.01.1990"]
[9,5,"Liječničko povjerenstvo Zavoda","01.01.1990"]
[14,9,"Liječničko povjerenstvo Direkcije","01.01.1990"]
[15,10,"Ovlašteni radnik Regionalnog ureda/Područne službe Zavoda","01.01.1990"]
[16,"9b","Prvo odobravanje Liječničko povjerenstvo Direkcije, nastavno odobravanje Liječničko povjerenstvo Zavoda.  ","09.11.2023"]
[17,"9a","Liječničko povjerenstvo Direkcije (uz prethodno odobrenje Stručnog povjerenstva za inzulinske pumpe Zavoda)","01.10.2021","04.10.2023"]
[18,"9c","Prvo odobravanje Liječničko povjerenstvo Direkcije, nastavno odobravanje ovlaštenog radnika Područne ustrojstvene jedinice Zavoda."]
[19,90,"(&):Otopina se ne propisuje samostalno već je dio i propisuje se i odobrava u kompletu zajedno s potrošnim materijalom za kućnu hemodijalizu. (U listi se navodi radi podataka o nazivu, proizvođaču i standardu otopine.)."]

{"sheet":"vrste","index":4,"n_rows":190,"n_cols":3,"rows_kept":190}
["VRSTA_ID","GLAVNA_VRSTA_NAZIV","VRSTA_NAZIV"]
[2,"PROTEZE ZA RUKE","Proteze za šaku i prste "]
[3,"PROTEZE ZA RUKE","Proteze za šaku (dezartikulacijski batrljak)"]
[4,"PROTEZE ZA RUKE","Proteze za podlakticu (transradijalni bataljak)"]
[5,"PROTEZE ZA RUKE","Proteze za lakat (dezartikulacijski bataljak)"]
[6,"PROTEZE ZA RUKE","Proteze za nadlakticu (transhumeralni bataljak)"]
[7,"PROTEZE ZA RUKE","Proteze za rame (dezartikulacijski bataljak)"]
[8,"PROTEZE ZA RUKE","Ležišta"]
[9,"PROTEZE ZA RUKE","Ležište proteze za šaku"]
[10,"PROTEZE ZA RUKE","Ležište proteze za podlakticu"]
[11,"PROTEZE ZA RUKE","Ležište proteze za lakat"]
[12,"PROTEZE ZA RUKE","Ležište proteze za nadlakticu"]
[13,"PROTEZE ZA RUKE","Ležište proteze za rame"]
[14,"PROTEZE ZA RUKE","Šaka "]
[15,"PROTEZE ZA RUKE","Hvataljke i radni nastavci"]
[16,"PROTEZE ZA RUKE","Hvataljke "]
[17,"PROTEZE ZA RUKE","Radni nastavci "]
[18,"PROTEZE ZA RUKE","Zglobovi"]
[19,"PROTEZE ZA RUKE","Potrošni dijelovi"]
[20,"PROTEZE ZA RUKE","Dijelovi za mioelekroničku protezu"]
[22,"PROTEZE ZA NOGE","Proteze za stopalo (djelomična amputacija)"]
[23,"PROTEZE ZA NOGE","Proteza za bataljak po Pirogoffu ili Symeu (transmaleolarni bataljak)"]
[24,"PROTEZE ZA NOGE","Proteze za potkoljenicu (transtibijalni bataljak)"]
[25,"PROTEZE ZA NOGE","Proteze za koljeno (transgenikularni bataljak)"]
[26,"PROTEZE ZA NOGE","Proteze za natkoljenicu (transfemoralni bataljak)"]
[27,"PROTEZE ZA NOGE","Proteze za kuk (dezartikulacijski bataljak)"]
[28,"PROTEZE ZA NOGE","Ležišta "]
[29,"PROTEZE ZA NOGE","Ležište proteze za bataljak stopala"]
[30,"PROTEZE ZA NOGE","Ležište proteze za bataljak po Pirogoffu ili Symeu"]
[31,"PROTEZE ZA NOGE","Ležište proteze za potkoljenicu"]
[32,"PROTEZE ZA NOGE","Ležište proteze za koljeno"]
[33,"PROTEZE ZA NOGE","Ležište proteze za natkoljenicu "]
[34,"PROTEZE ZA NOGE","Ležište proteze kuka"]
[35,"PROTEZE ZA NOGE","Stopalo"]
[36,"PROTEZE ZA NOGE","Zglobovi (koljeno i kuk)"]
[37,"PROTEZE ZA NOGE","Koljeno"]
[38,"PROTEZE ZA NOGE","Dezartikulacijsko koljeno"]
[39,"PROTEZE ZA NOGE","Kukovi"]
[41,"POTROŠNI DIJELOVI ZA PROTEZE ZA NOGE","Navlake za bataljak"]
[42,"POTROŠNI DIJELOVI ZA PROTEZE ZA NOGE","Ulošci za proteze"]
[43,"POTROŠNI DIJELOVI ZA PROTEZE ZA NOGE","Drugi potrošni dijelovi"]
[45,"ORTOZE ","Ortoze za ruku "]
[46,"ORTOZE ","Ortoze za prste, ručni zglob i šaku"]
[47,"ORTOZE ","Ortoze za lakat"]
[48,"ORTOZE ","Ortoze za lakat i rame"]
[49,"ORTOZE ","Ortoze za noge"]
[50,"ORTOZE ","Ortoza za nožni zglob i stopalo"]
[51,"ORTOZE ","Ortoze za koljeno "]
[52,"ORTOZE ","Ortoze za kuk"]
[53,"ORTOZE ","Ortoze za koljeno, nožni zglob i stopalo (KAFO)"]
[54,"ORTOZE ","Ortoze za kuk, koljeno, nožni zglob i stopalo (HKAFO)"]
[55,"ORTOZE ","Dijelovi za ortoze"]
[56,"ORTOZE ","Ortoze za kralježnicu (trup)"]
[57,"ORTOZE ","Ortoze za vratnu kralježnicu"]
[58,"ORTOZE ","Ortoze za vratnu, prsnu i slabinskokrižnu kralježnicu "]
[59,"ORTOZE ","Ortoze za prsnu i slabinskokrižnu kralježnicu "]
[60,"ORTOZE ","Ortoze za slabinskokrižnu kralježnicu "]
[62,"ORTOPROTEZE I ELEKTRONIČKI UREĐAJI","Ortoproteze  "]
[63,"ORTOPROTEZE I ELEKTRONIČKI UREĐAJI","Ležište za ortoproteze"]
[64,"ORTOPROTEZE I ELEKTRONIČKI UREĐAJI","Elektronički uređaj za ruke"]
[65,"ORTOPROTEZE I ELEKTRONIČKI UREĐAJI","Elektronički uređaj za noge"]
[66,"ORTOPROTEZE I ELEKTRONIČKI UREĐAJI","Rezervni dijelovi elektronskih uređaja"]
[69,"POMAGALA ZA KRETANJE","ŠTAKE, ŠTAP I HODALICE"]
[70,"POMAGALA ZA KRETANJE","INVALIDSKA KOLICA"]
[71,"POMAGALA ZA KRETANJE","Jastuk za kolica"]
[72,"POMAGALA ZA KRETANJE","Rezervni dijelovi za invalidska kolica"]
[73,"POMAGALA ZA KRETANJE","Antidekubitalna pomagala"]
[75,"POMAGALA KOD ŠEĆERNE BOLESTI","Potrošni materijal za inzulinsku pumpu"]
[77,"POMAGALA ZA PROBAVNI SUSTAV, STOMA POMAGALA","Pomagala za osobe sa stomom- JEDNODJELNI SUSTAVI"]
[78,"POMAGALA ZA PROBAVNI SUSTAV, STOMA POMAGALA","Pomagala za osobe sa stomom- DVODIJELNI SUSTAVI"]
[79,"POMAGALA ZA PROBAVNI SUSTAV, STOMA POMAGALA","Druga pomagala za probavni sustav"]
[80,"POMAGALA ZA PROBAVNI SUSTAV, STOMA POMAGALA","Enteralna pumpa i potrošni materijal za enteralnu pumpu"]
[81,"POMAGALA ZA PROBAVNI SUSTAV, STOMA POMAGALA","Infuzijska pumpa i potrošni materijal za infuzijsku pumpu"]
[83,"POMAGALA ZA UROGENITALNI SUSTAV","Kondomi"]
[84,"POMAGALA ZA UROGENITALNI SUSTAV","Plastične vrećice za urin"]
[85,"POMAGALA ZA UROGENITALNI SUSTAV","Kateteri"]
[86,"POMAGALA ZA UROGENITALNI SUSTAV","Pelene"]
[87,"POMAGALA ZA UROGENITALNI SUSTAV","Anatomski ulošci"]
[88,"POMAGALA ZA UROGENITALNI SUSTAV","Zaštitni podmetač za krevet "]
[90,"OBLOGE ZA RANE","Alginati"]
[92,"OBLOGE ZA RANE","Vlaknaste celulozne obloge"]
[93,"OBLOGE ZA RANE","Vlaknaste celulozne obloge s dodatkom"]
[94,"OBLOGE ZA RANE","Hidrokoloidi"]
[95,"OBLOGE ZA RANE","Druge obloge s dodatkom srebra ili aktivnog ugljena"]
[96,"OBLOGE ZA RANE","Poliuretani / Pjene"]
[97,"OBLOGE ZA RANE","Poliuretani / Pjene s dodatkom"]
[98,"OBLOGE ZA RANE","Silikonske obloge"]
[99,"OBLOGE ZA RANE","Silikonske obloge s dodatkom"]
[100,"OBLOGE ZA RANE","Ostala pomagala za cijeljenje rana"]
[102,"POMAGALA ZA DISANJE","Respirator i pripadajući potrošni materijal"]
[103,"POMAGALA ZA DISANJE","Koncentrator kisika i pripadajući potrošni materijal"]
[104,"POMAGALA ZA DISANJE","Inhalator i pripadajući potrošni materijal"]
[106,"POMAGALA ZA DISANJE","Druga pomagala za disanje"]
[108,"POMAGALA ZA DIJALIZU","Pomagala za peritonejsku dijalizu"]
[110,"OČNA I TIFLOTEHNIČKA  POMAGALA","Okviri za naočale"]
[111,"OČNA I TIFLOTEHNIČKA  POMAGALA","Mineralne leće za naočale"]
[112,"OČNA I TIFLOTEHNIČKA  POMAGALA","Plastične leće za naočale"]
[113,"OČNA I TIFLOTEHNIČKA  POMAGALA","Teleskopske leće"]
[114,"OČNA I TIFLOTEHNIČKA  POMAGALA","Prizma za leće"]
[115,"OČNA I TIFLOTEHNIČKA  POMAGALA","Stakla bez dioptrije"]
[116,"OČNA I TIFLOTEHNIČKA  POMAGALA","KONTAKTNE LEĆE "]
[117,"OČNA I TIFLOTEHNIČKA  POMAGALA","OČNE PROTEZE "]
[118,"OČNA I TIFLOTEHNIČKA  POMAGALA","TIFLOTEHNIČKA POMAGALA"]
[120,"SLUŠNA I SURDOTEHNIČKA POMAGALA","Slušno pomagalo"]
[121,"SLUŠNA I SURDOTEHNIČKA POMAGALA","Pomagala za poboljšanje komunikacije"]
[122,"SLUŠNA I SURDOTEHNIČKA POMAGALA","Dijelovi i potrošni materijal za slušna pomagala"]
[123,"SLUŠNA I SURDOTEHNIČKA POMAGALA","Vanjski dijelovi za umjetnu pužnicu "]
[124,"SLUŠNA I SURDOTEHNIČKA POMAGALA","SURDOTEHNIČKA POMAGALA"]
[126,"POMAGALA ZA GOVOR","Dijelovi za govorno pomagalo"]
[128,"DRUGA POMAGALA","Toaletni stolac "]
[129,"DRUGA POMAGALA","Rukavice, elastično - kompresivna pomagala"]
[130,"DRUGA POMAGALA","Utege i suspenzor"]
[131,"DRUGA POMAGALA","Trbušni pojasevi"]
[132,"DRUGA POMAGALA","Dojka i  grudnjak"]
[133,"DRUGA POMAGALA","Vlasulje"]
[134,"DRUGA POMAGALA","Pomagala za mjerenje protrombinskog vremena"]
[136,"ORTOPEDSKE CIPELE","Ortopedske cipele"]
[137,"POMAGALA KOD ŠEĆERNE BOLESTI","Pomagala kod šećerne bolesti"]
[138,"OBLOGE ZA RANE","Praškaste instant obloge"]
[139,"ORTOPEDSKE CIPELE","Ortopedske cipele"]
[140,"POMAGALA ZA DIJALIZU","Pomagala za dijalizu"]
[141,"POMAGALA ZA GOVOR","Pomagala za govor"]
[142,"POMAGALA ZA DISANJE","Dijelovi respiratora HT50"]
[143,"POMAGALA ZA DISANJE","Dijelovi respiratora Trilogy 100"]
[144,"POMAGALA ZA DISANJE","Pripadajući potrošni materijal za respirator HT50"]
[146,"POMAGALA ZA DISANJE","Dijelovi respiratora Astral 100"]
[147,"POMAGALA ZA DISANJE","Pripadajući potrošni materijal za respirator i obnovljeni respirator Astral 100-za invazivnu terapiju"]
[148,"POMAGALA ZA DISANJE","Pripadajući potrošni materijal za respirator i obnovljeni respirator Astral 100-za neinvazivnu terapiju"]
[149,"POMAGALA ZA DISANJE","Mehanički insuflator/eksuflator  i pripadajući potrošni materijal"]
[151,"POMAGALA ZA DISANJE","Set potrošnog materijala za mehanički insuflator/eksuflator"]
[152,"SLUŠNA I SURDOTEHNIČKA POMAGALA","Vanjski dijelovi za umjetnu pužnicu-Cochlear"]
[153,"SLUŠNA I SURDOTEHNIČKA POMAGALA","Vanjski dijelovi za umjetnu pužnicu-Med-el"]
[154,"OBLOGE ZA RANE","Hidroaktivne obloge s dodatkom"]
[155,"POMAGALA ZA DISANJE","Pripadajući potrošni materijal za respirator Trilogy 100-za neinvazivnu ventilaciju"]
[156,"POMAGALA ZA DISANJE","Pripadajući potrošni materijal za respirator Trilogy 100-za invazivnu ventilaciju"]
[157,"POMAGALA ZA DISANJE","Prijenosni koncentrator kisika "]
[158,"OBLOGE ZA RANE","Visoko upijajuće obloge od polimera sa silikonom"]
[159,"OBLOGE ZA RANE","Alginati s dodatkom"]
[160,"ORTOZE ","Ortoze za korekciju kokošjih prsa"]
[161,"ORTOZE ","Ortoze za korekciju nogu"]
[162,"POMAGALA ZA UROGENITALNI SUSTAV","Pelene - gaćice"]
[164,"DRUGA POMAGALA","Igle za injektor za primjenu somatropina"]
[165,"POMAGALA ZA DISANJE","Neinvazivni ventilator CUBE 30 ATV i pripadajući potrošni materijal"]
[166,"POMAGALA ZA DISANJE","Dijelovi neinvazivnog ventilatora CUBE 30 ATV sa ovlaživačem"]
[167,"POMAGALA ZA DISANJE","Pripadajući potrošni materijal za neinvazivni ventilator CUBE 30 ATV"]
[168,"OBLOGE ZA RANE","Vlaknaste PVA obloge"]
[169,"OBLOGE ZA RANE","Vlaknaste PVA obloge za rane s dodatkom"]
[170,"POMAGALA ZA DISANJE","Dijelovi respiratora Trilogy Evo"]
[171,"POMAGALA ZA DISANJE","Pripadajući potrošni materijal za respirator Trilogy Evo- za invazivnu ventilaciju"]
[172,"POMAGALA ZA DISANJE","Pripadajući potrošni materijal za respirator Trilogy Evo -za neinvazivnu ventilaciju"]
[173,"POMAGALA ZA DISANJE","Set potrošnog materijala za mehanički insuflator/eksuflator za kućnu uporabu s tehnologijom ubrzanja ekspiratornog protoka"]
[174,"POMAGALA KOD ŠEĆERNE BOLESTI","Inzulinske pumpe sa kateterom"]
[176,"POMAGALA KOD ŠEĆERNE BOLESTI","Inzulinske pumpe bez katetera"]
[177,"POMAGALA ZA DISANJE","Neinvazivni ventilator BPAP System G3B30VT  i pripadajući potrošni materijal"]
[178,"POMAGALA ZA DISANJE","Dijelovi neinvazivnog ventilatora BPAP System G3B30VT sa ovlaživačem"]
[179,"POMAGALA ZA DISANJE","Pripadajući potrošni materijal za neinvazivni ventilator BPAP System G3B30VT"]
[180,"POMAGALA ZA DISANJE","Neinvazivni ventilator Lumis 150VPAP ST, 28117  i pripadajući potrošni materijal"]
[181,"POMAGALA ZA DISANJE","Pripadajući potrošni materijal za neinvazivni ventilator Lumis 150 VPAP ST, 28117"]
[182,"POMAGALA ZA DISANJE","Neinvazivni ventilator Trend III Autobilevel ST i pripadajući potrošni materijal"]
[183,"POMAGALA ZA DISANJE","Dijelovi neinvazivnog ventilatora Trend III Autobilevel ST sa ovlaživačem"]
[184,"POMAGALA ZA DISANJE","Pripadajući potrošni materijal za neinvazivni ventilator Trend III Autobilevel ST"]
[185,"POMAGALA ZA PROBAVNI SUSTAV, STOMA POMAGALA","Zamjenski gastrični kateter"]
[186,"POMAGALA ZA DISANJE","Neinvazivni ventilator LAVI 30,4045 i pripadajući potrošni materijal"]
[187,"POMAGALA ZA DISANJE","Neinvazivni ventilator Hypnus ST830 i pripadajući potrošni materijal"]
[188,"POMAGALA ZA DISANJE","Dijelovi neinvazivnog ventilatora Hypnus ST830 sa ovlaživačem"]
[189,"OBLOGE ZA RANE","Visoko upijajuće obloge od polimera "]
[190,"POMAGALA ZA DISANJE","Pripadajući potrošni materijal za neinvazivni ventilator Hypnus ST830"]
[191,"POMAGALA ZA DISANJE","Neinvazivni ventilator iBreeze 25 STA i pripadajući potrošni materijal"]
[192,"POMAGALA ZA DISANJE","Neinvazivni ventilator PRISMA 30ST with prismaAqua BiLevel ST therapy WM29930 i pripadajući potrošni materijal"]
[193,"POMAGALA ZA DISANJE","Dijelovi neinvazivnog ventilatora PRISMA 30ST sa ovlaživačem"]
[194,"POMAGALA ZA DISANJE","Pripadajući potrošni materijal za neinvazivni ventilator iBreeze 25 STA  "]
[195,"POMAGALA ZA DISANJE","Pripadajući potrošni materijal za neinvazivni ventilator PRISMA 30ST"]
[196,"PROTEZE ZA NOGE","Protetičko koljeno"]
[197,"POMAGALA ZA DISANJE","Dijelovi respiratora Carat II pro"]
[198,"POMAGALA ZA DISANJE","Pripadajući potrošni materijal za respirator i obnovljeni respirator Carat II pro - za neinvazivnu terapiju"]
[199,"POMAGALA ZA DISANJE","Pripadajući potrošni materijal za respirator i obnovljeni respirator Carat II pro - za invazivnu terapiju"]
[200,"POMAGALA ZA DISANJE","Neinvazivni ventilator B5-BPAP i pripadajući potrošni materijal"]
[201,"POMAGALA ZA DIJALIZU","Pomagala za provođenje kućne hemodijalize"]
[202,"POMAGALA ZA DIJALIZU","Potrošni materijal za kućnu hemodijalizu bikarbonatnom otopinom"]
[203,"POMAGALA ZA DIJALIZU","Potrošni materijal za kućnu hemodijalizu laktatnom otopinom"]
[204,"POMAGALA ZA DISANJE","Neinvazivni ventilator DreamStation BiPAP AVAPS i pripadajući potrošni materijal"]
[205,"POMAGALA ZA DISANJE","Neinvazivni ventilator Luvar STA i pripadajući potrošni materijal"]
[206,"POMAGALA ZA DISANJE","Dijelovi neinvazivnog ventilatora Luvar STA sa ovlaživačem"]
[207,"POMAGALA ZA DISANJE","Pripadajući potrošni materijal za neinvazivni ventilator DreamStation BiPAP AVAPS"]
[208,"POMAGALA ZA DISANJE","Pripadajući potrošni materijal za neinvazivni ventilator Luvar STA"]
[209,"SLUŠNA I SURDOTEHNIČKA POMAGALA","Vanjski dijelovi za umjetnu pužnicu-Advanced Bionics LLC"]
[210,"POMAGALA ZA DISANJE","Dijelovi respiratora Falco 101"]
[211,"POMAGALA ZA DISANJE","Pripadajući potrošni materijal za respirator i obnovljeni respirator Falco 101 - za invazivnu terapiju"]
[212,"POMAGALA ZA DISANJE","Pripadajući potrošni materijal za respirator i obnovljeni respirator Falco 101 - za neinvazivnu terapiju"]
[213,"POMAGALA ZA DISANJE","Set potrošnog materijala za mehanički insuflator/eksuflator za kućnu uporabu "]

{"sheet":"NovaŠifra-Generička razina","index":5,"n_rows":746,"n_cols":3,"rows_kept":746}
["Generički naziv pomagala","Nova šifra generička razina","Nova šifra"]
["Proteza za Bataljak šake i prste, kozmetička, plastična","'0618030101000","'0618030101000"]
["Proteza za bataljak šake i prste, funkcionalna, mehanička","'0618030102000","'0618030102000"]
["Proteza za bataljak šake i prste, funkcionalna, mioelektronička-transkarpalna","'0618030103000","'0618030103000"]
["Proteza za šaku, kozmetička, plastična, gumena šaka","'0618060104000","'0618060104000"]
["Proteza za šaku, funkcionalna, mehanička","'0618060105000","'0618060105000"]
["Proteza za šaku, funkcionalna, mioelektronička-dezartikulacijska","'0618060106000","'0618060106000"]
["Proteza za podlakticu, kozmetička, plastična, gumena šaka","'0618090107000","'0618090107000"]
["Proteza za podlakticu, funkcionalna, mehanička","'0618090108000","'0618090108000"]
["Proteza za podlakticu, funkcionalna, mioelektronička","'0618090109000","'0618090109000"]
["Proteza za lakat, kozmetička, plastična, gumena šaka","'0618120110000","'0618120110000"]
["Proteza za lakat, funkcionalna, mehanička","'0618120111000","'0618120111000"]
["Proteza za lakat, funkcionalna, hibridna, mioelektronička šaka i mehanički lakat","'0618120112000","'0618120112000"]
["Proteza za nadlakticu, kozmetička, plastična, gumena šaka","'0618150113000","'0618150113000"]
["Proteza za nadlakticu, funkcionalna, mehanička","'0618150114000","'0618150114000"]
["Proteza za nadlakticu, funkcionalna, hibridna, mioelektronička šaka i mehanički lakat ","'0618150115000","'0618150115000"]
["Proteza za rame, kozmetička, plastična, gumena šaka ","'0618180116000","'0618180116000"]
["Proteza za rame, funkcionalna, mehanička","'0618180117000","'0618180117000"]
["Proteza za rame funkcionalna, hibridna, mioelektronička šaka i mehanički lakat","'0618180118000","'0618180118000"]
["Ležište proteze za šaku, mehaničke","'0618270119000","'0618270119000"]
["Ležište proteze za šaku, mioelektroničke, transkarpalne","'0618270120000","'0618270120000"]
["Ležište proteze za šaku, mioelektroničke, dezartikulacijske","'0618270121000","'0618270121000"]
["Ležište proteze za podlakticu, kozmetičke","'0618270122000","'0618270122000"]
["Ležište proteze za podlakticu, mehaničke","'0618270123000","'0618270123000"]
["Ležište proteze za podlakticu, mioelektroničke","'0618270124000","'0618270124000"]
["Ležište proteze za lakat, kozmetičke","'0618270125000","'0618270125000"]
["Ležište proteze za lakat, mehaničke","'0618270126000","'0618270126000"]
["Ležište proteze za lakat, mioelektroničke","'0618270127000","'0618270127000"]
["Ležište proteze za nadlakticu, kozmetičke","'0618270128000","'0618270128000"]
["Ležište proteze za nadlakticu, mehaničke","'0618270129000","'0618270129000"]
["Ležište proteze za nadlakticu, mioelektroničke","'0618270130000","'0618270130000"]
["Ležište proteze za rame, kozmetičke","'0618270131000","'0618270131000"]
["Ležište proteze za rame, mehaničke","'0618270132000","'0618270132000"]
["Ležište proteze za rame, mioelektroničke","'0618270133000","'0618270133000"]
["Kozmetička","'0618240134000","'0618240134001,'0618240134002,'0618240134003,'0618240134004,'0618240134005,'0618240134006"]
["Mehanička ","'0618240135000","'0618240135001"]
["Mioelektronička, standardna","'0618240136000","'0618240136001"]
["Mioelektronička, dječja","'0618240137000","'0618240137001"]
["Mioelektronička, transkarpalna","'0618240138000","'0618240138001"]
["Mioelektronička, dezartikulacijska","'0618240139000","'0618240139001"]
["Hvataljka (standardna)","'0618270140000","'0618270140001"]
["Hvataljka (za djecu) ","'0618270141000","'0618270141000"]
["Hvataljka (za mladež)","'0618270142000","'0618270142000"]
["Hvataljka (za radne aktivnosti)","'0618270143000","'0618270143000"]
["Vezni element za pričvršćenje hvataljki ","'0618270144000","'0618270144001"]
["Kuka ","'0618270145000","'0618270145000"]
["Obruč ","'0618270146000","'0618270146000"]
["Okretni obruč ","'0618270147000","'0618270147000"]
["Hvataljka sa stezaljkom ","'0618270148000","'0618270148000"]
["Vezni element za pričvrščenje radnog nastavka ","'0618270149000","'0618270149000"]
["Zglob lakta ","'0618330150000","'0618330150001"]
["Zglob lakta, skeletni ","'0618330151000","'0618330151001"]
["Zglob ramena, skeletni ","'0618360152000","'0618360152001"]
["Navlaka za bataljak podlaktice ","'0618270153000","'0618270153001,'0618270153002,'0618270153003,'0618270153004"]
["Navlaka za bataljak nadlaktice ","'0618270154000","'0618270154001,'0618270154002,'0618270154003,'0618270154004"]
["Estetska rukavica ","'0618270155000","'0618270155001"]
["Estetska rukavica (dječja)","'0618270156000","'0618270156001"]
["Suspenzija za podlaktičnu protezu","'0618270157000","'0618270157001"]
["Suspenzija na  nadlaktičnu protezu","'0618270158000","'0618270158001"]
["Silikonski uložak za protezu podlaktice","'0618270159000","'0618270159001"]
["Silikonski uložak za protezu nadlaktice","'0618270160000","'0618270160001"]
["Svornjak za silikonski uložak","'0618270161000","'0618270161000"]
["Bravica za silikonski uložak","'0618270162000","'0618270162001,'0618270162002"]
["Kozmetički dio za nadlakticu","'0618270163000","'0618270163001,'0618270163002"]
["Akumulator","'0624540564000","'0624540564001"]
["Elektrode","'0624540565000","'0624540565001"]
["Kabel za elektrodu","'0624540566000","'0624540566001"]
["Proteza za transmetatarzalni bataljak","'0624030201000","'0624030201000"]
["Proteza za bataljak po Lisfrancu ili Chopartu, plastična, pojačana ugljičnim vlaknima, kratka","'0624030202000","'0624030202000"]
["Proteza za bataljak po Lisfrancu ili Chopartu, plastična, pojačana ugljičnim vlaknima, duga ","'0624030203000","'0624030203000"]
["Proteza za bataljak po Lisfrancu ili Chopartu, sa stopalnom pločom od ugljičnih vlakana (za visoko aktivne) ","'0624030204000","'0624030204000"]
["Proteza za bataljak po Pirogoffu ili Symeu, standardna ","'0624030205000","'0624030205000"]
["Proteza za bataljak po Pirogoffu ili Symeu sa stopalom od ugljičnih vlakana (za visoko aktivne) ","'0624030206000","'0624030206000"]
["Proteza za potkoljenicu, plastična,  egzoskeletna,  SACH stopalo ","'0624090207000","'0624090207000"]
["Proteza za potkoljenicu, modulska, čelik, SACH stopalo ","'0624090208000","'0624090208000"]
["Proteza za potkoljenicu, modulska, titan, dinamičko stopalo (za visoko aktivne) ","'0624090209000","'0624090209000"]
["Proteza za potkoljenicu, modulska, čelik, SACH stopalo s elastičnom laminacijom od karbona ","'0624090210000","'0624090210000"]
["Proteza za koljeno, modulska, dezartikulacijsko koljeno, čelik, SACH stopalo 100","'0624120211000","'0624120211000"]
["Proteza za koljeno, modulska, dezartikulacijsko koljeno s kočnicom, čelik, SACH stopalo 100","'0624120212000","'0624120212000"]
["Proteza za koljeno, modulska, hidraulično koljeno, titan, dinamičko stopalo (za visoko aktivne) ","'0624120213000","'0624120213000"]
["Proteza za natkoljenicu, drvena, koljeno s kočnicom, SACH stopalo ","'0624150214000","'0624150214000"]
["Proteza za natkoljenicu, gerijatrijska, plastična-pjenasta, koljeno s kočnicom, SACH stopalo ","'0624150215000","'0624150215000"]
["Proteza za natkoljenicu, modulska, gerijatrijska, koljeno s kočnicom, čelik, plastično ili drveno ležište, SACH stopalo ","'0624150216000","'0624150216000"]
["Proteza za natkoljenicu, modulska, jednoosovinsko koljeno, čelik, plastično ili drveno ležište, SACH stopalo ","'0624150217000","'0624150217000"]
["Proteza za natkoljenicu, modulska, jednoosovinsko samokočeće koljeno, čelik, plastično ili drveno ležište, SACH stopalo ","'0624150218000","'0624150218000"]
["Proteza za natkoljenicu, modulska, višeosovinsko koljeno, čelik, ležište s mekom stijenkom  (ISNY), dinamičko stopalo (za visoko aktivne) ","'0624150219000","'0624150219000"]
["Proteza za natkoljenicu, modulska, višeosovinsko koljeno, titan, ležište s mekom stijenkom (ISNY), dinamičko stopalo (za visoko aktivne) ","'0624150220000","'0624150220000"]
["Proteza za natkoljenicu modulska, višeosovinsko koljeno, čelik, ležište s mekom stijenkom (CAT - CAM), dinamičko stopalo (za visoko aktivne) ","'0624150221000","'0624150221000"]
["Proteza za natkoljenicu, modulska, višeosovinsko koljeno, titan, ležište s mekom stijenkom (CAT-CAM), dinamičko stopalo  (za visoko aktivne) ","'0624150222000","'0624150222000"]
["Proteza za kuk, modulska, čelik, jednoosovinsko koljeno, čelik, SACH stopalo ","'0624180223000","'0624180223000"]
["Proteza za kuk, modulska, titan,  jednoosovinsko koljeno,titan, dinamičko stopalo (za visoko aktivne) ","'0624180224000","'0624180224000"]
["Ležište  proteze za bataljak po Lisfrancu ili Chopartu, sa stopalom od ugljičnih vlakana (za visoko aktivne) ","'0624540225000","'0624540225000"]
["Ležište proteze za bataljak po Pirogoffu ili Symeu 102","'0624540226000","'0624540226000"]
["Ležište proteze za bataljak po Pirogoffu ili Symeu sa stopalom od ugljičnih vlakana (za visoko aktivne) ","'0624540227000","'0624540227000"]
["Ležište proteze za potkoljenicu, plastično ","'0624540228000","'0624540228000"]
["Ležište proteze za potkoljenicu, plastično, pojačano ugljičnim vlaknima ","'0624540229000","'0624540229000"]
["Ležište  proteze za potkoljenicu, modulsko ","'0624540230000","'0624540230000"]
["Ležište  proteze za potkoljenicu, s natkoljeničnim dijelom ","'0624540231000","'0624540231000"]
["Privremeno ležište proteze za potkoljenicu ","'0624540232000","'0624540232000"]
["Ležište proteze  koljena ","'0624540233000","'0624540233000"]
["Ležište proteze za natkoljenicu drveno ili plastično ","'0624540234000","'0624540234000"]
["Ležište proteze za natkoljenicu, s mekom stijenkom (ISNY) ","'0624540235000","'0624540235000"]
["Ležište proteze za natkoljenicu, s mekom stijenkom u punom kontaktu, uzdužno ovalno  (CAT - CAM) ","'0624540236000","'0624540236000"]
["Privremeno ležište proteze za natkoljenicu ","'0624540237000","'0624540237000"]
["Ležište proteze kuka ","'0624540238000","'0624540238000"]
["SACH stopalo, standard 102","'0624270239000","'0624270239003,'0624270239006,'0624270239007"]
["Gerijatrijsko stopalo ","'0624270240000","'0624270240002"]
["Dinamičko stopalo (za nižu i srednju aktivnost) ","'0624270241000","'0624270241002,'0624270241003"]
["Dinamičko stopalo (za visoko aktivne) ","'0624270242000","'0624270242001"]
["Stopalo gibljivo u gležnju ","'0624270243000","'0624270243002,'0624270243003"]
["Stopalo gibljivo u gležnju (za visoko aktivne) ","'0624270244000","'0624270244008,'0624270244009"]
["Stopalo od ugljičnih vlakana, za bataljak po Chopartu, Pirogoffu ili Symeu (za visoko aktivne) ","'0624270245000","'0624270245006,'0624270245007,'0624270245008,'0624270245009"]
["Stopalo od ugljičnih vlakana (za visoko aktivne) 102","'0624270246000","'0624270246003,'0624270246004,'0624270246005,'0624270246006,'0624270246007,'0624270246008,'0624270246018,'0624270246019,'0624270246020,'0624270246021,'0624270246022,'0624270246023,'0624270246024,'0624270246025,'0624270246026,'0624270246027,'0624270246028,'0624270246029,'0624270246030,'0624270246031,'0624270246032,'0624270246033"]
["Stopalo za djecu ","'0624270247000","'0624270247006,'0624270247007,'0624270247008,'0624270247009,'0624270247010"]
["Stopalo od ugljičnih vlakana za stupanj mobilnosti 1 ","'0624270251000","'0624270251001,'0624270251002"]
["Stopalo od ugljičnih vlakana za stupanj mobilnosti 2 ","'0624270253000","'0624270253001,'0624270253002,'0624270253003,'0624270253004,'0624270253005,'0624270253006,'0624270253007"]
["Stopalo od ugljičnih vlakana za amputaciju po Chopartu ili Pirogofu ","'0624270260000","'0624270260001,'0624270260002,'0624270260003,'0624270260004,'0624270260005"]
["Stopalo od ugljičnih vlakana za stupanj mobilnosti 3 i 4, ugrađen funkcionalni prilagodnik za prigušenje torzije ","'0624271020000","'0624271020001,'0624271020002,'0624271020003,'0624271020004,'0624271020005"]
["Stopalo od ugljičnih vlakana za stupanj mobilnosti 3 i 4 ","'0624271030000","'0624271030001"]
["Stopalo od ugljičnih vlakana, sa hidrauličnim zglobom za stupanj mobilnosti 3 ","'0624271040000","'0624271040001,'0624271040002,'0624271040003,'0624271040004"]
["Drveno koljeno ","'0624330248000","'0624330248000"]
["Jednoosovinsko koljeno, čelik ","'0624330250000","'0624330250002"]
["Jednoosovinsko koljeno, titan ","'0624330251000","'0624330251001"]
["Gerijatrijsko koljeno ","'0624330252000","'0624330252001,'0624330252002,'0624330252003,'0624330252004"]
["Jednoosovinsko koljeno, s kočnicom, čelik ","'0624330253000","'0624330253001,'0624330253002,'0624330253003"]
["Jednoosovinsko koljeno, s kočnicom, titan ","'0624330254000","'0624330254001"]
["Jednoosovinsko koljeno, samokočeće, čelik ","'0624330255000","'0624330255001,'0624330255002,'0624330255003,'0624330255004"]
["Jednoosovinsko koljeno, samokočeće, titan ","'0624330256000","'0624330256002,'0624330256003,'0624330256004"]
["Višeosovinsko koljeno, čelik ","'0624330257000","'0624330257002"]
["Višeosovinsko koljeno, titan ","'0624330258000","'0624330258002"]
["Jednoosovinsko koljeno, hidraulično ","'0624330259000","'0624330259001,'0624330259002,'0624330259008"]
["Višeosovinsko koljeno, hidraulično ","'0624330260000","'0624330260002"]
["Koljeno za djecu, jednoosovinsko ","'0624330261000","'0624330261001"]
["Koljeno za djecu, višeosovinsko ","'0624330262000","'0624330262002"]
["Dezartikulacijsko koljeno , čelik ","'0624330263000","'0624330263002"]
["Dezartikulacijsko koljeno , titan ","'0624330264000","'0624330264002"]
["Dezartikulacijsko  koljeno, s kočnicom, čelik ","'0624330265000","'0624330265001"]
["Dezartikulacijsko koljeno, s kočnicom, titan ","'0624330266000","'0624330266001"]
["Zglob kuka s kočnicom, čelik ","'0624360268000","'0624360268000"]
["Zglob kuka, čelik ","'0624360269000","'0624360269001,'0624360269002"]
["Zglob kuka, titan ","'0624360270000","'0624360270001,'0624360270002"]
["Zglob kuka, dječji ","'0624360271000","'0624360271001,'0624360271002"]
["Kompresijska navlaka za bataljak ","'0624540301000","'0624540301001,'0624540301002,'0624540301003"]
["Navlaka za bataljak ","'0624540302000","'0624540302001,'0624540302002,'0624540302003,'0624540302004,'0624540302005,'0624540302006,'0624540302007,'0624540302008,'0624540302009,'0624540302010,'0624540302011,'0624540302012,'0624540302013,'0624540302014,'0624540302015,'0624540302016,'0624540302017,'0624540302018,'0624540302019,'0624540302020,'0624540302021,'0624540302022,'0624540302"]
["Navlaka za navlačenje proteze ","'0624540303000","'0624540303001,'0624540303002,'0624540303003,'0624540303004,'0624540303005,'0624540303006,'0624540303007,'0624540303008"]
["Gel navlaka za bataljak po Chopartu i Lisfrancu ","'0624540304000","'0624540304001"]
["Gel navlaka za bataljak potkoljenice ","'0624540305000","'0624540305001,'0624540305002,'0624540305006,'0624540305007,'0624540305008"]
["Gel koljenica-suspenzijska ","'0624540306000","'0624540306001,'0624540306008"]
["Elastična koljenica suspenzijska ","'0624540307000","'0624540307002,'0624540307003,'0624540307004"]
["Preflektirana gel koljenica-suspenzijska ","'0624541300000","'0624541300001,'0624541300002,'0624541300003,'0624541300004,'0624541300005,'0624541300006,'0624541300007,'0624541300008,'0624541300009,'0624541300010,'0624541300011,'0624541300012"]
["Meki uložak proteze za potkoljenicu ","'0624540308000","'0624540308000"]
["Meki uložak proteze za koljeno ","'0624540309000","'0624540309000"]
["Silikonski uložak proteze za potkoljenicu ","'0624540310000","'0624540310003,'0624540310006"]
["Silikonski uložak proteze za natkoljenicu ","'0624540311000","'0624540311003"]
["Poliuretanski uložak potkoljenice ","'0624541301000","'0624541301001,'0624541301002,'0624541301003"]
["Silikonski uložak proteze za potkoljenicu ili natkoljenicu ","'0624541310000","'0624541310001,'0624541310002,'0624541310003,'0624541310004,'0624541310005,'0624541310006,'0624541310007,'0624541310008,'0624541310009,'0624541310010,'0624541310011,'0624541310012,'0624541310013,'0624541310014,'0624541310015,'0624541310016,'0624541310017,'0624541310018,'0624541310019,'0624541310020,'0624541310021,'0624541310022,'0624541310"]
["Silikonski uložak proteze za potkoljenicu ili natkoljenicu s različitim debljinama stjenke, 3D tehnologijom i dodacima za njegu kože ","'0624541320000","'0624541320001,'0624541320002"]
["Silikonski uložak proteze za potkoljenicu ili natkoljenicu sa vakuumskim prstenom ","'0624541321000","'0624541321001"]
["Kopolimerni uložak za potkoljenicu ","'0624542301000","'0624542301001,'0624542301002,'0624542301003,'0624542301004,'0624542301005,'0624542301006,'0624542301007,'0624542301008,'0624542301009,'0624542301010,'0624542301011,'0624542301012,'0624542301013"]
["Kopolimerni uložak za potkoljenicu ","'0624543301000","'0624543301001,'0624543301002"]
["Svornjak za silikonski uložak ","'0624540312000","'0624540312001,'0624540312002,'0624540312005,'0624540312006,'0624540312007,'0624540312008,'0624540312009,'0624540312010,'0624540312011"]
["Bravica za silikonski uložak ","'0624540313000","'0624540313001,'0624540313002,'0624540313005,'0624540313006,'0624540313007,'0624540313008,'0624540313009,'0624540313010,'0624540313011"]
["Modulski dio za vezu natkoljeničnog ležišta i koljena ","'0624540314000","'0624540314001,'0624540314002,'0624540314003,'0624540314004,'0624540314005"]
["Kozmetička spužvasta navlaka za protezu ","'0624540315000","'0624540315001,'0624540315002,'0624540315003,'0624540315004,'0624540315005,'0624540315006,'0624540315007,'0624540315008,'0624540315009,'0624540315010,'0624540315011,'0624540315012,'0624540315013,'0624540315014,'0624540315015,'0624540315016,'0624540315017,'0624540315018"]
["Kozmetička čarapa za protezu ","'0624540316000","'0624540316001,'0624540316002,'0624540316003,'0624540316004,'0624540316005,'0624540316006,'0624540316007,'0624540316008,'0624540316009,'0624540316010"]
["Vijak za stopalo, čelik ","'0624540317000","'0624540317003"]
["Vijak za stopalo, titan ","'0624540318000","'0624540318002,'0624540318003"]
["Spojnica za stopalo, čelik ","'0624540319000","'0624540319001,'0624540319003,'0624540319004"]
["Spojnica za stopalo, titan ","'0624540320000","'0624540320001,'0624540320003,'0624540320004"]
["Cijevna spojnica, čelik ","'0624540321000","'0624540321001,'0624540321002,'0624540321003,'0624540321004"]
["Cijevna spojnica, titan ","'0624540322000","'0624540322001,'0624540322002,'0624540322003,'0624540322004"]
["Cijev kratka, čelik ","'0624540323000","'0624540323001,'0624540323002,'0624540323003,'0624540323004"]
["Cijev kratka, titan ","'0624540324000","'0624540324001,'0624540324002,'0624540324003,'0624540324004"]
["Cijev duga, čelik ","'0624540325000","'0624540325001,'0624540325002,'0624540325003,'0624540325004"]
["Cijev duga, titan ","'0624540326000","'0624540326001,'0624540326002,'0624540326003,'0624540326004"]
["Nožni zglobni dio, (maleol), za stopalo ","'0624540327000","'0624540327000,'0624540327002"]
["Pojas za suspenziju proteze  potkoljenice ","'0624540328000","'0624540328000"]
["Pojas za suspenziju proteze natkoljenice ","'0624540329000","'0624540329001,'0624540329004,'0624540329005"]
["Pojas za suspenziju proteze natkoljenice ","'0624540330000","'0624540330000"]
["Vakuum ventil ","'0624540331000","'0624540331001,'0624540331002,'0624540331003"]
["Vakuum ventil s cijevi ","'0624540332000","'0624540332001,'0624540332002,'0624540332003"]
["Vakuum ventil za ležište s mekom stijenkom ","'0624540333000","'0624540333001,'0624540333002,'0624540333006"]
["Vakuum ventil s cijevi, za ležište s mekom stijenkom i za vakumsko ležište potkoljenice ","'0624540334000","'0624540334001,'0624540334002,'0624540334006"]
["Spojna pločica za kozmetiku ","'0624540335000","'0624540335001,'0624540335003,'0624540335008"]
["Potkoljeni sustav suspenzije sa aktivnim vakuumom, pumpa min 200mbar snage ","'0624540346000","'0624540346001,'0624540346002,'0624540346003,'0624540346004,'0624540346005,'0624540346006,'0624540346007"]
["Sustav za podešavanje kompresije i volumena ","'0624540347000","'0624540347001"]
["Rotacioni prilagodnik ","'0624540351000","'0624540351001,'0624540351002,'0624540351003,'0624540351004,'0624540351005"]
["Posmični prilagodnik ","'0624540352000","'0624540352001,'0624540352002,'0624540352003,'0624540352004,'0624540352005,'0624540352006,'0624540352007,'0624540352008"]
["Ortoza za prst, stabilizacijska ","'0606030401000","'0606030401001,'0606030401002,'0606030401004,'0606030401005,'0606030401006,'0606030401007,'0606030401008"]
["Ortoza za prst, dinamička, fleksijska ili ekstenzijska ","'0606030402000","'0606030402001,'0606030402002,'0606030402003,'0606030402004"]
["Ortoza za razgibavanje prstiju, fleksijska ili ekstenzijska 1","'0606030406000","'0606030406007,'0606030406008,'0606030406009,'0606030406010,'0606030406011,'0606030406012,'0606030406013,'0606030406014,'0606030406015,'0606030406016"]
["Ortoza za ručni zglob i šaku, stabilizacijska, plastična ","'0606120404000","'0606120404001,'0606120404002,'0606120404003,'0606120404004,'0606120404005,'0606120404006,'0606120404007,'0606120404008,'0606120404009,'0606120404010"]
["Ortoza sa ručni zglob i šaku, zglobna, plastična 0","'0606120405000","'0606120405001,'0606120405002,'0606120405003,'0606120405004,'0606120405005,'0606120405006,'0606120405007,'0606120405008,'0606120405009"]
["Ortoza za ručni zglob i/ili palac, stabilizacijska, plastična ","'0606130403000","'0606130403008,'0606130403009,'0606130403010,'0606130403011,'0606130403012,'0606130403013,'0606130403014,'0606130403016,'0606130403017,'0606130403018,'0606130403019,'0606130403020,'0606130403021,'0606130403022,'0606130403023,'0606130403024,'0606130403025,'0606130403027,'0606130403028,'0606130403029,'0606130403030,'0606130403031,'0606130403"]
["Ortoza za lakat, stabilizacijska, plastična ","'0606150407000","'0606150407000"]
["Ortoza za lakat i ručni zglob, zglobna, plastična 1","'0606180408000","'0606180408000"]
["Ortoza za rame i lakat, stabilizacijska ","'0606240409000","'0606240409001,'0606240409002,'0606240409003,'0606240409004,'0606240409005,'0606240409006,'0606240409008,'0606240409010,'0606240409011,'0606240409012,'0606240409013,'0606240409014,'0606240409015,'0606240409016,'0606240409017,'0606240409018,'0606240409019,'0606240409020,'0606240409021,'0606240409022,'0606240409023,'0606240409024,'0606240409"]
["Ortoza za rame i lakat, abdukcijska","'0606240410000","'0606240410001,'0606240410002,'0606240410003,'0606240410004,'0606240410005"]
["Ortoza za nožni zglob i stopalo, stabilizacijska, individualna ","'0612060410000","'0612060410000"]
["Ortoza za nožni zglob i stopalo, stabilizacijska, s plastičnim pojačanjem ","'0612060411000","'0612060411001,'0612060411002,'0612060411003,'0612060411004,'0612060411005,'0612060411008,'0612060411009,'0612060411010,'0612060411011,'0612060411012,'0612060411013,'0612060411014,'0612060411015,'0612060411016,'0612060411017,'0612060411018,'0612060411020,'0612060411021,'0612060411022,'0612060411023,'0612060411024,'0612060411025,'0612060411"]
["Ortoza za nožni zglob i stopalo, peronealna ","'0612060412000","'0612060412005,'0612060412006,'0612060412007,'0612060412008,'0612060412009,'0612060412010,'0612060412011,'0612060412012,'0612060412013,'0612060412014,'0612060412015,'0612060412016,'0612060412017,'0612060412018,'0612060412038,'0612060412039,'0612060412040,'0612060412041,'0612060412042,'0612060412043"]
["Ortoza za nožni zglob i stopalo, peronealna, izrađena po mjeri ","'0612060413000","'0612060413007,'0612060413008,'0612060413009"]
["Ortoza za nožni zglob i stopalo, zglobna ","'0612060414000","'0612060414000"]
["Ortoza za nožni zglob i stopalo, od ugljičnih vlakana, dinamička. 7","'0612060415000","'0612060415001,'0612060415002,'0612060415003,'0612060415004,'0612060415005,'0612060415006,'0612060415007,'0612060415008"]
["Ortoza za nožni zglob i stopalo, zglobna ","'0612060416000","'0612060416000"]
["Ortoza za nožni zglob i stopalo, stabilizacijska, zglobna","'0612060417000","'0612060417001,'0612060417002,'0612060417003,'0612060417004,'0612060417005,'0612060417006,'0612060417007,'0612060417008"]
["Ortoza za stabilizaciju koljena, zglobna, duga ","'0612090417000","'0612090417001,'0612090417002,'0612090417003,'0612090417005,'0612090417006,'0612090417007,'0612090417008,'0612090417009,'0612090417010,'0612090417011,'0612090417012,'0612090417013,'0612090417014,'0612090417015,'0612090417016,'0612090417024,'0612090417025,'0612090417029,'0612090417030,'0612090417031,'0612090417032,'0612090417033,'0612090417"]
["Ortoza za stabilizaciju koljena, tutor","'0612090418000","'0612090418001,'0612090418002,'0612090418003,'0612090418004"]
["Varijabilna abdukcijska ortoza za kuk (VAHO)","'0612150417000","'0612150417001,'0612150417002"]
["Remenčići po Pavliku ","'0612150418000","'0612150418001,'0612150418002,'0612150418003,'0612150418004,'0612150418005,'0612150418006,'0612150418008,'0612150418009,'0612150418010"]
["Ortoza za dječji kuk, abdukcijska, stabilizacijska","'0612150419000","'0612150419002,'0612150419003,'0612150419004,'0612150419005,'0612150419006,'0612150419007"]
["Atlanta ortoza ","'0612150420000","'0612150420000"]
["Ortoza za kuk, zglobna","'0612150430000","'0612150430001,'0612150430002,'0612150430003"]
["Ortoza za dječji kuk, za fleksiju i abdukciju kuka0","'0612150511000","'0612150511001"]
["Ortoza za koljeno, nožni zglob i stopalo, zglobna 2","'0612120421000","'0612120421001,'0612120421002,'0612120421003,'0612120421004"]
["Ortoza za koljeno, nožni zglob i stopalo, zglobna, individualna ","'0612120422000","'0612120422001,'0612120422002"]
["Ortoza za koljeno, nožni zglob i stopalo, dvozglobna, individualna ","'0612120423000","'0612120423000"]
["Ortoza za koljeno, nožni zglob i stopalo, dvozglobna ","'0612120424000","'0612120424000"]
["Ortoza za koljeno, nožni zglob i stopalo, dvozglobna, individualna s elektromehaničkim zglobom koljena","'0621212052000","'0621212052001"]
["Ortoza za kuk, koljeno, nožni zglob i stopalo, dvozglobna ","'0612180425000","'0612180425000"]
["Ortoza za kuk, koljeno, nožni zglob i stopalo, dvozglobna, individualna ","'0612180426000","'0612180426000"]
["Ortoza za kuk, koljeno, nožni zglob i stopalo, trozglobna ","'0612180427000","'0612180427000"]
["Ortoza za kuk, koljeno, nožni zglob i stopalo, trozglobna, individualna ","'0612180428000","'0612180428000"]
["Ortoza za kuk, koljeno, nožni zglob i stopalo, recipročna ","'0612180429000","'0612180429000"]
["Zglob gležnja","'0612210433000","'0612210433001,'0612210433002"]
["Zglob koljena ","'0612240432000","'0612240432001,'0612240432002"]
["Zglob kuka","'0612270431000","'0612270431001,'0612270431002,'0612270431003,'0612270431004"]
["Stremen","'0612300430000","'0612300430001,'0612300430002,'0612300430003"]
["Tračnica (šina), metalna","'0612300434000","'0612300434001,'0612300434002,'0612300434003"]
["Tračnica (šina), plastična","'0612300435000","'0612300435002"]
["Ortoza za vratnu kralježnicu","'0603120437000","'0603120437003,'0603120437004,'0603120437005,'0603120437006,'0603120437007,'0603120437008,'0603120437009,'0603120437010,'0603120437011,'0603120437012,'0603120437013,'0603120437014,'0603120437015,'0603120437016,'0603120437017,'0603120437018,'0603120437019,'0603120437020,'0603120437021,'0603120437044,'0603120437045,'0603120437046"]
["Ortoza za vratnu kralješnicu (Philadelphia)","'0603120438000","'0603120438002,'0603120438003,'0603120438004,'0603120438005,'0603120438006,'0603120438007,'0603120438008,'0603120438009,'0603120438010,'0603120438011,'0603120438012,'0603120438013,'0603120438014,'0603120438030,'0603120438031"]
["Ortoza za vratnu kralježnicu, cervikotorakosternalna","'0603120439000","'0603120439001,'0603120439002,'0603120439003,'0603120439004,'0603120439005,'0603120439006"]
["Millwaukee ortoza, korektivna, CTLSO","'0603180440000","'0603180440000"]
["Potporno-rasteretna ortoza, TLSO ","'0603090441000","'0603090441003,'0603090441005,'0603090441006,'0603090441007,'0603090441008,'0603090441009,'0603090441010,'0603090441011,'0603090441012,'0603090441013,'0603090441014,'0603090441015,'0603090441016,'0603090441017,'0603090441018,'0603090441019,'0603090441020,'0603090441021,'0603090441022,'0603090441023,'0603090441024,'0603090441025,'0603090441"]
["Ortoza za kralježnicu, trouporišna, hiperekstenzijska, Jewett","'0603090442000","'0603090442002,'0603090442003,'0603090442004,'0603090442005,'0603090442006,'0603090442007,'0603090442009,'0603090442010,'0603090442012,'0603090442013,'0603090442014,'0603090442015,'0603090442016,'0603090442017,'0603090442018,'0603090442019,'0603090442020,'0603090442021,'0603090442022,'0603090442023,'0603090442024,'0603090442025,'0603090442"]
["Ortoza po Cheneau, korektivna","'0603090443000","'0603090443000"]
["Ortoza, polivalvularna, sa zdjeličnom košarom, korektivna, TLSO","'0603090444000","'0603090444000"]
["Ortoza po Becker-Gschwendu, korektivna, TLSO","'0603090445000","'0603090445000"]
["Potporno-rasteretna ortoza, LSO","'0603060446000","'0603060446004,'0603060446005,'0603060446006,'0603060446007,'0603060446008,'0603060446011,'0603060446012,'0603060446013,'0603060446014,'0603060446015,'0603060446017,'0603060446018,'0603060446019,'0603060446021,'0603060446025,'0603060446026,'0603060446027,'0603060446028,'0603060446029,'0603060446030,'0603060446031,'0603060446032,'0603060446"]
["Ortoza za imobilizaciju slabinskokrižne kralježnice","'0603060447000","'0603060447001,'0603060447002,'0603060447004,'0603060447005,'0603060447006,'0603060447007,'0603060447008,'0603060447009,'0603060447010,'0603060447011,'0603060447012,'0603060447013,'0603060447014,'0603060447015,'0603060447016,'0603060447017,'0603060447018,'0603060447019,'0603060447020,'0603060447021,'0603060447022"]
["Florida ortoza","'0603060448000","'0603060448000"]
["Ortoproteza za potkoljenicu, endoskeletna 3","'0624510501000","'0624510501000"]
["Ortoproteza za natkoljenicu, endoskeletna","'0624510502000","'0624510502000"]
["Ortoproteza za potkoljenicu,  egzoskeletna","'0624510503000","'0624510503000"]
["Ortoproteza za natkoljnicu, egzoskeletna","'0624510504000","'0624510504000"]
["Ležište ortoproteze za potkoljenicu ","'0624540505000","'0624540505000"]
["Ležište ortoproteze za natkoljenicu ","'0624540506000","'0624540506000"]
["Elektronski jednokanalni stimulator za ruke","'0624540507000","'0624540507000"]
["Elektronski peronealni uređaj","'0624540508000","'0624540508000"]
["Elektrode za elektronske uređaje ","'0624540509000","'0624540509000"]
["Električni vodiči za elektronske uređaje ","'0624540510000","'0624540510000"]
["Elastična navlaka za elektronske uređaje ","'0624540511000","'0624540511000"]
["Uložak za postolu s prekidačem za elektronske uređaje ","'0624540512000","'0624540512000"]
["Ručni prekidač za elektronske uređaje ","'0624540513000","'0624540513000"]
["Podlaktične štake s podešavanjem visine","'1203060701000","'1203060701001,'1203060701002,'1203060701003,'1203060701004,'1203060701005,'1203060701011,'1203060701012,'1203060701014,'1203060701015,'1203060701016,'1203060701017,'1203060701018,'1203060701019,'1203060701020,'1203060701021,'1203060701022,'1203060701023,'1203060701024,'1203060701030,'1203060701031,'1203060701032"]
["Potpazušne štake s podešavanjem visine 0","'1203120702000","'1203120702001,'1203120702002,'1203120702004,'1203120702005,'1203120702006,'1203120702007,'1203120702008,'1203120702009,'1203120702010,'1203120702011,'1203120702012,'1203120702013,'1203120702014,'1203120702015,'1203120702016,'1203120702017"]
["Štap s četiri noge 1","'1203160703000","'1203160703001,'1203160703002,'1203160703005,'1203160703006,'1203160703007,'1203160703008,'1203160703009,'1203160703010,'1203160703011,'1203160703014,'1203160703015,'1203160703016,'1203160703017"]
["Hodalica s četiri noge ili dvije noge i dva kotača","'1206030704000","'1206030704001,'1206030704002,'1206030704003,'1206030704004,'1206030704005,'1206030704006,'1206030704012,'1206030704013,'1206030704014,'1206030704015,'1206030704016,'1206030704017,'1206030704018,'1206030704019,'1206030704020,'1206030704021,'1206030704023,'1206030704024,'1206030704025,'1206030704026,'1206030704028,'1206030704029,'1206030704"]
["Hodalica za djecu posebne izvedbe","'1206030706000","'1206030706001,'1206030706002,'1206030706003,'1206030706004,'1206030706005,'1206030706006,'1206030706009,'1206030706010,'1206030706012"]
["Hodalica s tri kotača ili četiri kotača","'1206060705000","'1206060705001,'1206060705002,'1206060705003,'1206060705007,'1206060705008,'1206060705010,'1206060705011,'1206060705012,'1206060705013,'1206060705014,'1206060705015,'1206060705016,'1206060705018,'1206060705021,'1206060705022,'1206060705023,'1206060705024,'1206060705025"]
["Invalidska kolica za privremenu uporabu","'1221030707000","'1221030707001,'1221030707002,'1221030707003,'1221030707005,'1221030707006,'1221030707007,'1221030707008,'1221030707011,'1221030707012,'1221030707014,'1221030707015,'1221030707016,'1221030707017,'1221030707018,'1221030707019,'1221030707020,'1221030707021,'1221030707022"]
["Standardna invalidska kolica s ili bez pomaknutog težišta","'1221030708000","'1221030708001,'1221030708002,'1221030708003,'1221030708004,'1221030708006,'1221030708007,'1221030708008,'1221030708009,'1221030708011,'1221030708012,'1221030708013,'1221030708015,'1221030708016,'1221030708017,'1221030708018,'1221030708019,'1221030708020,'1221030708021,'1221030708022,'1221030708023"]
["Invalidska kolica s posebnom prilagodbom","'1221030712000","'1221030712001,'1221030712002,'1221030712003,'1221030712004,'1221030712006,'1221030712009,'1221030712010,'1221030712012,'1221030712013,'1221030712023,'1221030712024,'1221030712025,'1221030712026,'1221030712027,'1221030712028,'1221030712125,'1221030712126,'1221030712127,'1221030712128,'1221030712129,'1221030712130"]
["Invalidska kolica s posebnom prilagodbom sjedišta 158","'1221030713000","'1221030713001,'1221030713002,'1221030713003,'1221030713004,'1221030713005,'1221030713006,'1221030713007,'1221030713008,'1221030713009"]
["Elektromotorna invalidska kolica","'1221040716000","'1221040716001,'1221040716004,'1221040716005,'1221040716006,'1221040716008,'1221040716009"]
["Elektromotorna invalidska kolica s posebnim načinima upravljanja","'1221040751000","'1221040751001,'1221040751002,'1221040751003,'1221040751004,'1221040751008,'1221040751009"]
["Standardna lagana invalidska kolica sa ili bez pomaknutog težišta","'1221060709000","'1221060709001,'1221060709002,'1221060709003,'1221060709004,'1221060709005,'1221060709007,'1221060709008,'1221060709009,'1221060709010,'1221060709011,'1221060709012,'1221060709013,'1221060709017,'1221060709018,'1221060709019,'1221060709021,'1221060709022,'1221060709023,'1221060709024,'1221060709025,'1221060709026,'1221060709027"]
["Aktivna invalidska kolica","'1221060710000","'1221060710003,'1221060710004,'1221060710005,'1221060710007,'1221060710008,'1221060710009,'1221060710010,'1221060710011,'1221060710012"]
["Dječja standardna invalidska kolica","'1221060714000","'1221060714001,'1221060714002,'1221060714003,'1221060714004,'1221060714005,'1221060714006"]
["Dječja aktivna invalidska kolica","'1221060715000","'1221060715001,'1221060715003,'1221060715004,'1221060715005,'1221060715006"]
["Barijatrijska invalidska kolica","'1221060720000","'1221060720001,'1221060720002"]
["Barijatrijska invalidska kolica","'1221060810000","'1221060810001,'1221060810002"]
["Invalidska kolica s pogonom jednom rukom ili polugom","'1221150711000","'1221150711001,'1221150711002,'1221150711004,'1221150711007,'1221150711008,'1221150711009,'1221150711010,'1221150711011,'1221150711012,'1221150711013,'1221150711014,'1221150711015,'1221150711016"]
["Modularna dječja invalidska kolica za prilagodbu i pozicioniranje","'1222010710000","'1222010710001,'1222010710002,'1222010710003,'1222010710004,'1222010710006,'1222010710007"]
["Jastuk za kolica","'1809420717000","'1809420717001,'1809420717002,'1809420717003,'1809420717004,'1809420717005,'1809420717006,'1809420717008,'1809420717018,'1809420717019,'1809420717020"]
["Naslon za glavu","'1224060732000","'1224060732001,'1224060732002,'1224060732003,'1224060732004,'1224060732005,'1224060732006,'1224060732007,'1224060732008,'1224060732009,'1224060732010,'1224060732011,'1224060732012,'1224060732013,'1224060732014,'1224060732015,'1224060732016,'1224060732017,'1224060732018"]
["Oslonac za ruke ","'1224060733000","'1224060733001,'1224060733002,'1224060733003,'1224060733004,'1224060733006,'1224060733007,'1224060733008,'1224060733010,'1224060733011,'1224060733012,'1224060733013,'1224060733014,'1224060733017,'1224060733018,'1224060733020,'1224060733021,'1224060733022,'1224060733023,'1224060733024"]
["Oslonac za ruke s podešavanjem visine ","'1224060734000","'1224060734001,'1224060734002,'1224060734003,'1224060734005,'1224060734006,'1224060734007,'1224060734009,'1224060734010,'1224060734011,'1224060734012,'1224060734013,'1224060734014,'1224060734017,'1224060734018,'1224060734019,'1224060734020,'1224060734021,'1224060734022,'1224060734023"]
["Oslonac za noge ","'1224060735000","'1224060735001,'1224060735002,'1224060735003,'1224060735004,'1224060735005,'1224060735006,'1224060735008,'1224060735009,'1224060735010,'1224060735011,'1224060735012,'1224060735013,'1224060735014,'1224060735017,'1224060735018,'1224060735020,'1224060735021,'1224060735022,'1224060735023,'1224060735024,'1224060735025,'1224060735026"]
["Sjedište invalidskih kolica ","'1224060736000","'1224060736001,'1224060736002,'1224060736004,'1224060736005,'1224060736006,'1224060736008,'1224060736009,'1224060736010,'1224060736011,'1224060736012,'1224060736013,'1224060736016,'1224060736017,'1224060736019,'1224060736020,'1224060736021,'1224060736022,'1224060736023,'1224060736024"]
["Naslon za leđa ","'1224060737000","'1224060737001,'1224060737002,'1224060737004,'1224060737005,'1224060737006,'1224060737008,'1224060737009,'1224060737010,'1224060737011,'1224060737012,'1224060737013,'1224060737016,'1224060737017,'1224060737019,'1224060737020,'1224060737021,'1224060737022"]
["Sjedište - aktivna kolica ","'1224060738000","'1224060738001,'1224060738003,'1224060738004,'1224060738005,'1224060738006,'1224060738007,'1224060738008,'1224060738009,'1224060738010,'1224060738011,'1224060738012"]
["Naslon za leđa - aktivna kolica ","'1224060739000","'1224060739002,'1224060739003,'1224060739004,'1224060739005,'1224060739006,'1224060739007,'1224060739008,'1224060739009,'1224060739010,'1224060739011"]
["Sigurnosni kotač ","'1224060742000","'1224060742001,'1224060742002,'1224060742004,'1224060742005,'1224060742006,'1224060742008,'1224060742009,'1224060742010,'1224060742011,'1224060742012,'1224060742015,'1224060742016,'1224060742018,'1224060742019,'1224060742020,'1224060742021,'1224060742022,'1224060742023,'1224060742024"]
["Držač za štake ","'1224060743000","'1224060743001,'1224060743003,'1224060743004,'1224060743005,'1224060743006,'1224060743007,'1224060743008"]
["Dodatak za pomicanje stražnjih kotača kod dvostruke amputacije ","'1224090740000","'1224090740001,'1224090740002,'1224090740003,'1224090740004,'1224090740005,'1224090740006,'1224090740007,'1224090740008,'1224090740009,'1224090740012,'1224090740013,'1224090740015"]
["Akumulator za elektromotorna invalidska kolica s posebnim načinima upravljanja","'1224100701000","'1224100701001,'1224100701002,'1224100701003"]
["Kočnica za standardna kolica ","'1224180725000","'1224180725001,'1224180725002,'1224180725003,'1224180725004,'1224180725006,'1224180725007,'1224180725008,'1224180725011,'1224180725012,'1224180725013,'1224180725014,'1224180725017,'1224180725018,'1224180725020,'1224180725021,'1224180725022"]
["Kočnica za aktivna kolica ","'1224180726000","'1224180726001,'1224180726002,'1224180726003,'1224180726004,'1224180726006,'1224180726007,'1224180726008,'1224180726009,'1224180726010,'1224180726011,'1224180726012,'1224180726013,'1224180726014"]
["Kočnica za jednu ruku ","'1224180727000","'1224180727001,'1224180727002,'1224180727004,'1224180727005,'1224180727008,'1224180727009,'1224180727010,'1224180727011,'1224180727012,'1224180727013,'1224180727014"]
["Kočnica s produžetkom ","'1224180728000","'1224180728002,'1224180728003,'1224180728005,'1224180728006,'1224180728007,'1224180728008,'1224180728011,'1224180728012,'1224180728013,'1224180728014"]
["Vanjska guma zadnja, kolica na ručni pogon ","'1224210718000","'1224210718001,'1224210718002,'1224210718004,'1224210718005,'1224210718008,'1224210718009,'1224210718010,'1224210718011,'1224210718012,'1224210718013,'1224210718016,'1224210718017,'1224210718019,'1224210718020,'1224210718021,'1224210718022,'1224210718023,'1224210718024,'1224210718025"]
["Vanjska guma prednja kolica na ručni pogon ","'1224210719000","'1224210719001,'1224210719002,'1224210719004,'1224210719005,'1224210719008,'1224210719009,'1224210719010,'1224210719011,'1224210719012,'1224210719015,'1224210719016,'1224210719018,'1224210719019,'1224210719020,'1224210719021,'1224210719022,'1224210719023,'1224210719024"]
["Zračnica zadnja,  kolica na ručni pogon  ","'1224210720000","'1224210720001,'1224210720002,'1224210720004,'1224210720005,'1224210720008,'1224210720009,'1224210720010,'1224210720011,'1224210720012,'1224210720013,'1224210720016,'1224210720017,'1224210720019,'1224210720020,'1224210720021,'1224210720022,'1224210720023,'1224210720024,'1224210720025"]
["Zračnica prednja,  kolica na ručni pogon ","'1224210721000","'1224210721001,'1224210721002,'1224210721004,'1224210721005,'1224210721008,'1224210721009,'1224210721010,'1224210721011,'1224210721012,'1224210721015,'1224210721016,'1224210721018,'1224210721019,'1224210721020,'1224210721021,'1224210721022,'1224210721023,'1224210721024"]
["Puna guma prednja, kolica na ručni pogon ","'1224210722000","'1224210722001,'1224210722002,'1224210722004,'1224210722005,'1224210722006,'1224210722014,'1224210722015,'1224210722016,'1224210722017,'1224210722018,'1224210722019,'1224210722020,'1224210722025,'1224210722026,'1224210722028,'1224210722108,'1224210722109,'1224210722110,'1224210722111,'1224210722112,'1224210722113"]
["Puna guma zadnja kolica na ručni pogon ","'1224210723000","'1224210723001,'1224210723003,'1224210723004,'1224210723005,'1224210723012,'1224210723013,'1224210723014,'1224210723015,'1224210723016,'1224210723017,'1224210723018,'1224210723023,'1224210723024,'1224210723026,'1224210723100,'1224210723101,'1224210723102,'1224210723103,'1224210723104,'1224210723105"]
["Set guma za elektromotorna kolica ","'1224210724000","'1224210724002,'1224210724003,'1224210724004,'1224210724005,'1224210724006,'1224210724007,'1224210724008,'1224210724009,'1224210724010,'1224210724011,'1224210724012"]
["Puna guma prednja, modularna dječja invalidska kolica za prilagodbu i pozicioniranje ","'1224210730000","'1224210730001,'1224210730002,'1224210730003,'1224210730004,'1224210730005,'1224210730006,'1224210730007"]
["Puna guma zadnja, modularna dječja invalidska kolica za prilagodbu i pozicioniranje ","'1224210740000","'1224210740001,'1224210740002,'1224210740003,'1224210740004,'1224210740005,'1224210740006,'1224210740007"]
["Akumulator za elektromotorna invalidska kolica ","'1224240741000","'1224240741001,'1224240741003,'1224240741004,'1224240741005,'1224240741007,'1224240741008"]
["Sigurnosni pojas ","'1224300729000","'1224300729001,'1224300729002,'1224300729003,'1224300729004,'1224300729006,'1224300729007,'1224300729008,'1224300729009,'1224300729010,'1224300729011,'1224300729012,'1224300729015,'1224300729016,'1224300729018,'1224300729019,'1224300729020,'1224300729021"]
["Pojas za trup ","'1224300730000","'1224300730001,'1224300730002,'1224300730003,'1224300730005,'1224300730006,'1224300730007,'1224300730008,'1224300730009,'1224300730010,'1224300730011,'1224300730012,'1224300730014,'1224300730015,'1224300730016,'1224300730017,'1224300730018"]
["Potporna i rasteretna pelota","'1224300731000","'1224300731001,'1224300731002,'1224300731003,'1224300731004,'1224300731005,'1224300731006,'1224300731007,'1224300731008,'1224300731009,'1224300731010,'1224300731011,'1224300731012,'1224300731013,'1224300731015,'1224300731016,'1224300731017,'1224300731018,'1224300731019,'1224300731020"]
["Remen za stopala ","'1224300744000","'1224300744001,'1224300744002,'1224300744003,'1224300744004,'1224300744006,'1224300744007,'1224300744008,'1224300744009,'1224300744010,'1224300744011,'1224300744014,'1224300744015,'1224300744016,'1224300744017,'1224300744018,'1224300744019"]
["Prednji metalni štitnik za dječja kolica ","'1224300745000","'1224300745001,'1224300745002,'1224300745003,'1224300745004,'1224300745005,'1224300745006,'1224300745007,'1224300745008,'1224300745009,'1224300745010,'1224300745011"]
["Upravljačka kutija za elektromotorna kolica","'1224300746000","'1224300746001,'1224300746003,'1224300746004,'1224300746005,'1224300746006,'1224300746007,'1224300746008"]
["Reaktivni zračni nad-madrac za indikaciju br. 166","'0433061710000","'0433061710001"]
["Reaktivni zračni nad-madrac za indikaciju br. 167","'0433061720000","'0433061720001"]
["Antidekubitalni jastuk (punjen zrakom)","'1809421747000","'1809421747001,'1809421747002,'1809421747003,'1809421747004,'1809421747005,'1809421747007,'1809421747008,'1809421747009,'1809421747010,'1809421747011,'1809421747012,'1809421747013,'1809421747014,'1809421747015,'1809421747016,'1809421747017,'1809421747018,'1809421747019,'1809421747020,'1809421747021,'1809421747022,'1809421747023,'1809421747"]
["Antidekubitalni jastuk (punjen gelom)","'1809421748000","'1809421748001,'1809421748002,'1809421748003,'1809421748004,'1809421748005,'1809421748006,'1809421748007,'1809421748008,'1809421748009,'1809421748010,'1809421748011,'1809421748012,'1809421748013,'1809421748014,'1809421748015,'1809421748016,'1809421748017,'1809421748026,'1809421748027,'1809421748028,'1809421748029"]
["Antidekubitalni madrac, iznad 10 cm","'1812181749000","'1812181749001,'1812181749002,'1812181749003,'1812181749004,'1812181749005,'1812181749012,'1812181749013,'1812181749014,'1812181749015,'1812181749016,'1812181749017,'1812181749018"]
["Antidekubitalni madrac, debljine do 10 cm","'1812181750000","'1812181750001,'1812181750002,'1812181750003,'1812181750004,'1812181750008,'1812181750009,'1812181750020,'1812181750021,'1812181750022,'1812181750023,'1812181750024,'1812181750025,'1812181750026,'1812181750027,'1812181750028"]
["Spremnik za inzulin u inzulinskoj pumpi","'0321180810000","'0321180810002,'0321180810003,'0321180810004,'0321180810005"]
["Baterije za inzulinsku pumpu","'0321180811000","'0321180811003,'0321180811004,'0321180811005"]
["Odašiljač za kontinuirano mjerenje glukoze, uz inzulinsku pumpu","'0321180814000","'0321180814003,'0321180814004,'0321180814005,'0321180814006"]
["Senzor za kontinuirano mjerenje glukoze, uz inzulinsku pumpu","'0321180815000","'0321180815002,'0321180815003,'0321180815004,'0321180815005"]
["Sustav za infuziju  inzulinske pumpe (igle i kateteri)","'0321210809000","'0321210809005,'0321210809006,'0321210809007,'0321210809008,'0321210809009,'0321210809010,'0321210809011,'0321210809012,'0321210809013,'0321210809014,'0321210809015,'0321210809016,'0321210809017,'0321210809018,'0321210809019,'0321210809020,'0321210809021,'0321210809022,'0321210809023,'0321210809024,'0321210809025,'0321210809026,'0321210809"]
["Jednodjelni sustav za kolostomu","'0918040901000","'0918040901001,'0918040901002,'0918040901003,'0918040901006,'0918040901007,'0918040901008,'0918040901011,'0918040901012,'0918040901013,'0918040901014,'0918040901015,'0918040901016,'0918040901017"]
["Pedijatrijski jednodjelni sustav za kolostomu","'0918040902000","'0918040902001,'0918040902002,'0918040902003"]
["Jednodjelni sustav za ileostomu","'0918040903000","'0918040903001,'0918040903002,'0918040903003,'0918040903004,'0918040903005,'0918040903006,'0918040903007,'0918040903008,'0918040903009,'0918040903010,'0918040903011,'0918040903012,'0918040903013"]
["Pedijatrijski jednodjelni sustav za ileostomu","'0918040904000","'0918040904001,'0918040904002,'0918040904003,'0918040904004,'0918040904005"]
["Jednodjelni sustav za urostomu","'0918040905000","'0918040905001,'0918040905002,'0918040905003,'0918040905004,'0918040905005,'0918040905006,'0918040905007,'0918040905008,'0918040905009,'0918040905010,'0918040905011"]
["Pedijatrijski jednodjelni sustav za urostomu","'0918040906000","'0918040906001,'0918040906002,'0918040906003"]
["Vrećice za kolostomu (dvodjelni sustav)","'0918050907000","'0918050907001,'0918050907002,'0918050907003,'0918050907004,'0918050907005,'0918050907006,'0918050907007,'0918050907008,'0918050907009,'0918050907010,'0918050907011,'0918050907012,'0918050907013,'0918050907014,'0918050907015,'0918050907016,'0918050907017,'0918050907018,'0918050907019,'0918050907020,'0918050907021,'0918050907022,'0918050907"]
["Vrećice za kolostomu (dvodjelni sustav spoj bez prstena)","'0918050908000","'0918050908001,'0918050908002,'0918050908003,'0918050908004"]
["Vrećice za kolostomu (pedijatrijski dvodjelni sustav)","'0918050909000","'0918050909001,'0918050909002,'0918050909003,'0918050909004,'0918050909005,'0918050909006,'0918050909007"]
["Vrećice za ileostomu (dvodjelni sustav)","'0918050910000","'0918050910001,'0918050910002,'0918050910003,'0918050910004,'0918050910005,'0918050910006,'0918050910007,'0918050910008,'0918050910009,'0918050910010,'0918050910011,'0918050910012,'0918050910013,'0918050910014,'0918050910015,'0918050910016,'0918050910017,'0918050910018,'0918050910019,'0918050910020,'0918050910021,'0918050910022,'0918050910"]
["Vrećice za ileostomu (dvodjelni sustav spoj bez prstena)","'0918050911000","'0918050911001,'0918050911002,'0918050911003"]
["Vrećice za ileostomu (pedijatrijski dvodjelni sustav)","'0918050912000","'0918050912001,'0918050912002,'0918050912003,'0918050912004,'0918050912005,'0918050912006,'0918050912007"]
["Vrećice za urostomu (dvodjelni sustav)","'0918050913000","'0918050913001,'0918050913002,'0918050913003,'0918050913004,'0918050913005,'0918050913006,'0918050913007,'0918050913008,'0918050913009,'0918050913010,'0918050913011,'0918050913012,'0918050913013,'0918050913014,'0918050913015,'0918050913016,'0918050913017,'0918050913018,'0918050913019,'0918050913020,'0918050913021,'0918050913022,'0918050913"]
["Vrećice za urostomu (pedijatrijski dvodjelni sustav)","'0918050914000","'0918050914001,'0918050914002,'0918050914003,'0918050914004,'0918050914005,'0918050914006"]
["Podložne pločice standardne ili fleksibilne","'0918120915000","'0918120915001,'0918120915002,'0918120915003,'0918120915004,'0918120915005,'0918120915006,'0918120915007,'0918120915008,'0918120915009,'0918120915010,'0918120915011,'0918120915012,'0918120915013,'0918120915014,'0918120915015,'0918120915016,'0918120915017,'0918120915018,'0918120915019,'0918120915020,'0918120915021,'0918120915022,'0918120915"]
["Modelirajuća podložna pločica","'0918120916000","'0918120916001,'0918120916002,'0918120916003,'0918120916004,'0918120916005,'0918120916006,'0918120916007,'0918120916008,'0918120916009,'0918120916010,'0918120916011,'0918120916012,'0918120916013,'0918120916014,'0918120916015,'0918120916016"]
["Podložne pločice spoj bez prstena","'0918120917000","'0918120917001,'0918120917002,'0918120917003,'0918120917004,'0918120917005,'0918120917006"]
["Podložne pločice standardne ili fleksibilne, za djecu","'0918120918000","'0918120918001,'0918120918002,'0918120918003,'0918120918004,'0918120918005,'0918120918006,'0918120918007,'0918120918008"]
["Stoma zatvarač s filterom za kolostomu i ileostomu","'0918120919000","'0918120919002,'0918120919003,'0918120919004,'0918120919005,'0918120919001,'0918120919006,'0918120919007,'0918120919008,'0918120919009,'0918120919010,'0918120919011"]
["Podložna pločica sa rastezljivom spojnicom, standardna","'0918121011000","'0918121011001,'0918121011002,'0918121011003,'0918121011004,'0918121011005"]
["Podložna pločica sa rastezljivom spojnicom, konveksna","'0918121012000","'0918121012001,'0918121012002,'0918121012003,'0918121012004,'0918121012005"]
["Rektalna sonda","'0918120920000","'0918120920000,'0918120920001"]
["Irigator set za stoma otvor","'0918120921000","'0918120921001"]
["Rukavac za irigator","'0918120922000","'0918120922001,'0918120922002,'0918120922003,'0918120922004"]
["Nazogastrična sonda","'0918120923000","'0918120923000"]
["Pasta za stome","'0918120924000","'0918120924001,'0918120924002,'0918120924004,'0918120924005,'0918120924006"]
["Puder za stome","'0918120925000","'0918120925001,'0918120925003,'0918120925004,'0918120925005"]
["Elastični remen za osiguranje za stoma pomagala","'0918120926000","'0918120926001,'0918120926003,'0918120926004,'0918120926005"]
["Trbušni elastični pojas za stomu","'0918120927000","'0918120927001,'0918120927002,'0918120927003,'0918120927004,'0918120927005,'0918120927006,'0918120927007"]
["Sredstvo za skidanje ljepila","'0918120928000","'0918120928001,'0918120928002,'0918120928005,'0918120928006"]
["Plastične štrcaljke od 20 ccm za umjetnu prehranu","'0419090933000","'0419090933000,'0419090933001,'0419090933002,'0419090933003"]
["Plastične štrcaljke od 50 ccm za umjetnu prehranu","'0419090934000","'0419090934000,'0419090934001"]
["Plastične štrcaljke od 60 ccm za umjetnu prehranu","'0419090935000","'0419090935000,'0419090935001,'0419090935002"]
["Plastične štrcaljke od 100 ccm za umjetnu prehranu","'0419090936000","'0419090936000"]
["Prijenosna pumpa za enteralnu prehranu","'0918120929000","'0918120929001,'0918120929002,'0918120929004,'0918120929005"]
["Enteralna sonda","'0918120930000","'0918120930000"]
["Sistem s vrećicom","'0918120931000","'0918120931001,'0918120931002,'0918120931005,'0918120931006,'0918120931007,'0918120931008"]
["Sistem bez vrećice","'0918120932000","'0918120932001,'0918120932002,'0918120932003,'0918120932004,'0918120932005,'0918120932006"]
["Plastična štrcaljka 2 ml","'0918120934000","'0918120934001,'0918120934002"]
["Plastične šprice a 5ml","'0918120935000","'0918120935001,'0918120935002"]
["Gravitacijski set s vrećicom","'0918120936000","'0918120936002"]
["Gravitacijski set bez vrećice","'0918120937000","'0918120937001,'0918120937002,'0918120937003"]
["Kutna igla","'0918120938000","'0918120938001"]
["Set za enteralnu prehanu s više konektora","'0918120939000","'0918120939000"]
["Prijenosna infuzijska pumpa","'0918120940000","'0918120940001,'0918120940002"]
["Sistemi za infuzijske pumpe primarni sekundarni","'0918120941000","'0918120941001,'0918120941002,'0918120941003,'0918120941004"]
["Sterilne PVC igle 1,20","'0918120942000","'0918120942000"]
["Nazogastrična sonda, poliuretanska-dječja","'0918120943000","'0918120943001,'0918120943005,'0918120943006,'0918120943007,'0918120943008"]
["Produžetak s 2 izlaza kod sistema za parenteralnu prehranu","'0918120944000","'0918120944001"]
["Nazogastrična sonda, poliuretanska","'0918120953000","'0918120953001,'0918120953002,'0918120953003,'0918120953004,'0918120953005"]
["Kondomi silikonski samoljepljivi s otvorom za plastične vrećice za urin","'0924091001000","'0924091001001,'0924091001002,'0924091001003,'0924091001004,'0924091001005,'0924091001006,'0924091001007"]
["Kondomi lateks koji se lijepe s ljepljivom trakom s otvorom za plastičnu vrećicu za urin","'0924091002000","'0924091002001,'0924091002002,'0924091002003"]
["Kondomi lateks koji se lijepe ljepilom, s otvorom za plastičnu vrećicu za urin","'0924091003000","'0924091003001"]
["Kondomi lateks samoljepljivi s otvorom za plastičnu vrećicu za urin","'0924091004000","'0924091004001,'0924091004002"]
["Ljepilo za kondome","'0927151005000","'0927151005001"]
["Vrećice za urin za jednokratnu uporabu bez ispusta 2000 ml","'0927041010000","'0927041010001,'0927041010002"]
["Vrećice za urin uz nogu s ispustom i nepovratnim ventilom 500 - 750 ml","'0927051006000","'0927051006001"]
["Vrećice za urin uz nogu s ispustom i nepovratnim ventilom 750 - 1000 ml","'0927051007000","'0927051007001,'0927051007002"]
["Vrećice za urin uz nogu s ispustom i nepovratnim ventilom 1000 - 1500 ml","'0927051008000","'0927051008001"]
["Vrećice za urin  za višekratnu uporabu s ispustom i nepovratnim ventilom  2000 ml","'0927051009000","'0927051009001,'0927051009002,'0927051009003,'0927051009004"]
["Gel za kateteriziranje","'0921181015000","'0921181015001,'0921181015002,'0921181015003,'0921181015004,'0921181015005,'0921181015006,'0921181015007,'0921181015008,'0921181015009,'0921181015010,'0921181015011"]
["Kateteri jednokratni za urin","'0924031011000","'0924031011001,'0924031011002,'0924031011004,'0924031011005"]
["Kateter jednokratni za urin, prilagođen spiralnom ulazu","'0924031012000","'0924031012000,'0924031012001,'0924031012002,'0924031012003"]
["Kateteri urinarni od silikona  po Foley-u","'0924031013000","'0924031013001,'0924031013012,'0924031013013,'0924031013014,'0924031013015,'0924031013016,'0924031013017,'0924031013018,'0924031013019,'0924031013020,'0924031013021,'0924031013022"]
["Kateteri urinarni, od silikoniziranog latexa  po Foley-u","'0924031014000","'0924031014001,'0924031014002,'0924031014003"]
["Kateteri s gelom za samokateterizaciju","'0924071017000","'0924071017000"]
["Kateteri za samokateterizaciju jednokratni, hidrofilni","'0924071018000","'0924071018001,'0924071018002,'0924071018003,'0924071018004,'0924071018005,'0924071018006,'0924071018007,'0924071018010,'0924071018011,'0924071018012,'0924071018013,'0924071018014,'0924071018015,'0924071018016,'0924071018019,'0924071018020,'0924071018021,'0924071018022,'0924071018023,'0924071018024,'0924071018025,'0924071018026,'0924071018"]
["Kateteri jednokratni za urin s vrećicom (EPUS503)","'0925031014000","'0925031014001,'0925031014002"]
["Pelene u spoju s gaćicama, male","'0930041020000","'0930041020001,'0930041020002,'0930041020003,'0930041020004,'0930041020005,'0930041020006,'0930041020007,'0930041020008,'0930041020009,'0930041020012,'0930041020013,'0930041020015,'0930041020016,'0930041020017,'0930041020018,'0930041020019,'0930041020020,'0930041020021,'0930041020022,'0930041020023,'0930041020024"]
["Pelene u spoju s gaćicama niskoupijajuće","'0930041021000","'0930041021001,'0930041021002,'0930041021003,'0930041021004,'0930041021005,'0930041021006,'0930041021007,'0930041021008,'0930041021009,'0930041021010,'0930041021011,'0930041021012,'0930041021013,'0930041021014,'0930041021015,'0930041021016,'0930041021017,'0930041021018,'0930041021019,'0930041021020,'0930041021031,'0930041021032,'0930041021"]
["Pelene u spoju s gaćicama, visokoupijajuće","'0930041022000","'0930041022001,'0930041022002,'0930041022003,'0930041022004,'0930041022005,'0930041022006,'0930041022007,'0930041022008,'0930041022010,'0930041022011,'0930041022012,'0930041022013,'0930041022014,'0930041022015,'0930041022016,'0930041022017,'0930041022028,'0930041022029,'0930041022030,'0930041022031,'0930041022032,'0930041022033,'0930041022"]
["Pelene u spoju s gaćicama za noć, visokoupijajuće, ekstravelike","'0930041023000","'0930041023002,'0930041023005,'0930041023007,'0930041023008,'0930041023009,'0930041023010,'0930041023011,'0930041023012,'0930041023013,'0930041023014,'0930041023015,'0930041023016,'0930041023017,'0930041023019,'0930041023020,'0930041023021,'0930041023022,'0930041023023,'0930041023024"]
["Anatomski ulošci","'0930041024000","'0930041024002,'0930041024003,'0930041024004,'0930041024005,'0930041024006,'0930041024007,'0930041024008,'0930041024009,'0930041024010,'0930041024011,'0930041024012,'0930041024013,'0930041024014,'0930041024015,'0930041024016,'0930041024017,'0930041024018,'0930041024019,'0930041024022,'0930041024023,'0930041024024,'0930041024025,'0930041024"]
["Gaćice mrežaste elastične","'0930091025000","'0930091025001,'0930091025002,'0930091025003,'0930091025004,'0930091025005,'0930091025006,'0930091025007,'0930091025008,'0930091025009,'0930091025010,'0930091025012,'0930091025013,'0930091025014,'0930091025021,'0930091025022,'0930091025023,'0930091025024,'0930091025025,'0930091025026,'0930091025027,'0930091025029,'0930091025030,'0930091025"]
["Upijajuće gaćice za muškarce","'0930211101000","'0930211101001,'0930211101002"]
["Anatomski ulošci (za muškarce)","'0930211110000","'0930211110001,'0930211110002"]
["Zaštitni podmetač za krevet za jednokratnu uporabu","'0903001026000","'0903001026001,'0903001026002,'0903001026003,'0903001026004,'0903001026005,'0903001026008,'0903001026009,'0903001026010,'0903001026015,'0903001026016,'0903001026017,'0903001026018,'0903001026019,'0903001026022,'0903001026023,'0903001026024,'0903001026025,'0903001026026,'0903001026027,'0903001026028,'0903001026029,'0903001026030,'0903001026"]
["Alginatna obloga za rane do 75 cm2","'0218031101000","'0218031101001,'0218031101002,'0218031101003,'0218031101004,'0218031101005,'0218031101006,'0218031101007,'0218031101008,'0218031101009,'0218031101010,'0218031101011,'0218031101012,'0218031101013"]
["Alginatna obloga za rane iznad 75 cm2","'0218031102000","'0218031102001,'0218031102002,'0218031102005,'0218031102006,'0218031102007,'0218031102008,'0218031102009,'0218031102010,'0218031102011,'0218031102012,'0218031102013,'0218031102014,'0218031102015,'0218031102016,'0218031102017,'0218031102018,'0218031102019,'0218031102020,'0218031102021,'0218031102022,'0218031102023,'0218031102024,'0218031102"]
["Alginat  za kavitete","'0218031103000","'0218031103001,'0218031103003,'0218031103004,'0218031103005,'0218031103006,'0218031103007,'0218031103008,'0218031103009,'0218031103010,'0218031103011,'0218031103012,'0218031103013,'0218031103014"]
["Vlaknasta celulozna obloga za rane do 75 cm2","'0212031107000","'0212031107003,'0212031107004,'0212031107005,'0212031107006,'0212031107007,'0212031107008,'0212031107009,'0212031107010"]
[" Vlaknasta celulozna obloga za rane iznad 75 cm2","'0212031108000","'0212031108012,'0212031108013,'0212031108014,'0212031108015,'0212031108016,'0212031108017,'0212031108018,'0212031108019,'0212031108020,'0212031108021,'0212031108022,'0212031108023,'0212031108024,'0212031108025,'0212031108026,'0212031108027,'0212031108028,'0212031108029,'0212031108030,'0212031108031,'0212031108032,'0212031108033,'0212031108"]
["Vlaknasta celulozna obloga za kavitete","'0212031109000","'0212031109002,'0212031109003,'0212031109004,'0212031109005,'0212031109006,'0212031109007,'0212031109008,'0212031109000"]
["Vlaknaste celulozne obloge za rane s dodatkom srebra do 75cm2","'0212031110000","'0212031110002,'0212031110003,'0212031110004"]
["Vlaknaste celulozne obloge za rane s dodatkom srebra iznad 75cm2","'0212031111000","'0212031111004,'0212031111005,'0212031111006,'0212031111007,'0212031111008,'0212031111009,'0212031111010,'0212031111011"]
["Vlaknaste celulozne obloge za kavitete s dodatkom srebra","'0212031112000","'0212031112002,'0212031112003"]
["Vlaknaste celulozne obloge za rane s dodatkom srebra i dezinficijensa do 75cm2","'0212031120000","'0212031120001"]
["Vlaknaste celulozne obloge za rane s dodatkom srebra i dezinficijensa iznad 75cm2","'0212031121000","'0212031121001,'0212031121002,'0212031121003"]
["Vlaknaste celulozne obloge za kavitete s dodatkom srebra i dezinficijensa","'0212031122000","'0212031122001"]
["Vlaknaste celulozne obloge za rane s dodatkom medicinskog meda iznad 75cm2","'0212031141000","'0212031141001,'0212031141002"]
["Hidrokoloidna obloga za rane, do 75  cm2","'0212031113000","'0212031113001,'0212031113002,'0212031113003,'0212031113004,'0212031113005,'0212031113006,'0212031113007,'0212031113008,'0212031113009,'0212031113010,'0212031113011,'0212031113012,'0212031113013,'0212031113014,'0212031113015,'0212031113016,'0212031113017,'0212031113018,'0212031113019,'0212031113020,'0212031113021,'0212031113022,'0212031113"]
["Hidrokoloidna obloga za rane, do 150 cm2","'0212031114000","'0212031114001,'0212031114002,'0212031114003,'0212031114004,'0212031114005,'0212031114006,'0212031114007,'0212031114008,'0212031114010,'0212031114011,'0212031114012,'0212031114013,'0212031114014,'0212031114015,'0212031114016,'0212031114017,'0212031114018,'0212031114019,'0212031114020,'0212031114021,'0212031114023,'0212031114024,'0212031114"]
["Hidrokoloidna obloga za rane, iznad 150 cm2","'0212031115000","'0212031115001,'0212031115002,'0212031115003,'0212031115004,'0212031115005,'0212031115006,'0212031115007,'0212031115008,'0212031115009,'0212031115010,'0212031115011,'0212031115012,'0212031115013,'0212031115014,'0212031115015,'0212031115016,'0212031115017,'0212031115018,'0212031115019,'0212031115020,'0212031115021,'0212031115022,'0212031115"]
["Obloga za rane s dodatkom srebra ili aktivnog ugljena, do 75 cm2","'0230031116000","'0230031116001,'0230031116004"]
["Obloga za rane s dodatkom srebra ili aktivnog ugljena, iznad 75 cm2","'0230031117000","'0230031117001,'0230031117002,'0230031117003,'0230031117004,'0230031117005,'0230031117006,'0230031117007,'0230031117008,'0230031117009,'0230031117010,'0230031117011,'0230031117012,'0230031117013,'0230031117018,'0230031117019,'0230031117020,'0230031117021,'0230031117022,'0230031117023,'0230031117024,'0230031117025,'0230031117026,'0230031117"]
["Poliuretan/Pjena do 75 cm2","'0209031118000","'0209031118001,'0209031118002,'0209031118004,'0209031118005,'0209031118006,'0209031118010,'0209031118011,'0209031118012,'0209031118013,'0209031118014,'0209031118015,'0209031118016,'0209031118017,'0209031118018,'0209031118024,'0209031118025,'0209031118026,'0209031118027,'0209031118028,'0209031118029,'0209031118030,'0209031118031,'0209031118"]
["Poliuretan/Pjena iznad 75 cm2","'0209031119000","'0209031119001,'0209031119002,'0209031119003,'0209031119004,'0209031119005,'0209031119006,'0209031119007,'0209031119008,'0209031119009,'0209031119010,'0209031119011,'0209031119012,'0209031119013,'0209031119014,'0209031119022,'0209031119023,'0209031119024,'0209031119025,'0209031119026,'0209031119027,'0209031119028,'0209031119029,'0209031119"]
["Poliuretan/Pjena sa dodatkom srebra ili aktivnog ugljena, do 75 cm2","'0209031120000","'0209031120001,'0209031120002,'0209031120004,'0209031120005,'0209031120006,'0209031120007,'0209031120008,'0209031120009,'0209031120010,'0209031120011,'0209031120012,'0209031120013"]
["Poliuretan/Pjena sa dodatkom srebra ili aktivnog ugljena, iznad 75 cm2","'0209031121000","'0209031121001,'0209031121002,'0209031121003,'0209031121004,'0209031121005,'0209031121008,'0209031121009,'0209031121010,'0209031121011,'0209031121012,'0209031121014,'0209031121015,'0209031121016,'0209031121017,'0209031121018,'0209031121019,'0209031121020,'0209031121021,'0209031121022,'0209031121023,'0209031121024,'0209031121025,'0209031121"]
["Poliuretan/Pjena sa dodatkom PHMB-a, do 75 cm2","'0209031130000","'0209031130001,'0209031130002,'0209031130003,'0209031130004"]
["Poliuretan/Pjena sa dodatkom PHMB-a, iznad 75 cm2","'0209031135000","'0209031135001,'0209031135002,'0209031135003,'0209031135004,'0209031135005,'0209031135006,'0209031135007,'0209031135008,'0209031135009,'0209031135010,'0209031135011,'0209031135012,'0209031135013,'0209031135014,'0209031135015,'0209031135016,'0209031135017,'0209031135018,'0209031135019,'0209031135020,'0209031135021,'0209031135022,'0209031135"]
["Silikonska obloga za rane do 75 cm2","'0209031122000","'0209031122001,'0209031122002,'0209031122003,'0209031122004,'0209031122006,'0209031122007,'0209031122009,'0209031122010,'0209031122011,'0209031122012,'0209031122013,'0209031122014,'0209031122015,'0209031122016,'0209031122017,'0209031122018,'0209031122019,'0209031122020,'0209031122021,'0209031122022,'0209031122023,'0209031122024,'0209031122"]
["Silikonska obloga za rane iznad 75 cm2","'0209031123000","'0209031123001,'0209031123002,'0209031123003,'0209031123004,'0209031123005,'0209031123006,'0209031123007,'0209031123008,'0209031123009,'0209031123010,'0209031123011,'0209031123012,'0209031123013,'0209031123014,'0209031123015,'0209031123025,'0209031123028,'0209031123029,'0209031123030,'0209031123031,'0209031123032,'0209031123033,'0209031123"]
["Silikonska obloga za rane iznad 400 cm2","'0209031124000","'0209031124001,'0209031124002,'0209031124003,'0209031124004,'0209031124005,'0209031124006,'0209031124007,'0209031124008,'0209031124009,'0209031124010,'0209031124011,'0209031124012,'0209031124013,'0209031124014,'0209031124015,'0209031124016,'0209031124017,'0209031124018,'0209031124019,'0209031124020,'0209031124021,'0209031124022,'0209031124"]
["Silikonska obloga za rane s dodatkom srebra do 75 cm2","'0209031125000","'0209031125001,'0209031125002,'0209031125003,'0209031125008,'0209031125009"]
["Silikonska obloga za rane s dodatkom srebra iznad 75 cm2","'0209031126000","'0209031126001,'0209031126002,'0209031126003,'0209031126004,'0209031126005,'0209031126006,'0209031126007,'0209031126008,'0209031126009,'0209031126010,'0209031126011,'0209031126012,'0209031126013,'0209031126014,'0209031126015,'0209031126016,'0209031126034,'0209031126035,'0209031126036,'0209031126037,'0209031126038,'0209031126039,'0209031126"]
["Silikonska obloga za rane s dodatkom PHMB iznad 400 cm2","'0209031127000","'0209031127001"]
["Gel za rane s nekrotičnim naslagama","'0215031127000","'0215031127001,'0215031127002,'0215031127003,'0215031127005,'0215031127006,'0215031127007,'0215031127008"]
["Gel za rane koje cijele","'0215031129000","'0215031129001,'0215031129002,'0215031129003,'0215031129004"]
["Gaza od netkanog materijala, sterilna 5x5","'0230031130000","'0230031130001,'0230031130002,'0230031130003,'0230031130004,'0230031130005,'0230031130006,'0230031130014,'0230031130015"]
["Gaza od netkanog materijala 10x10, sterilna","'0230031131000","'0230031131001,'0230031131002,'0230031131003,'0230031131004,'0230031131005,'0230031131006,'0230031131014,'0230031131015"]
["Gaza od netkanog materijala, sterilna 10x20","'0230031132000","'0230031132001,'0230031132002,'0230031132003,'0230031132004,'0230031132005,'0230031132006,'0230031132014,'0230031132015"]
["Mrežice od netkanog materijala, mala","'0230031133000","'0230031133001,'0230031133002"]
["Mrežice od netkanog materijala, srednja","'0230031134000","'0230031134001"]
["Mrežice od netkanog materijala, velika","'0230031135000","'0230031135001"]
["Mrežice od netkanog materijala, ekstra velika","'0230031136000","'0230031136001"]
["Zavoj od netkanog materijala mali","'0230031137000","'0230031137001,'0230031137002,'0230031137003,'0230031137004,'0230031137010,'0230031137011"]
["Zavoj od netkanog materijala srednji","'0230031138000","'0230031138001,'0230031138002,'0230031138003,'0230031138004,'0230031138005,'0230031138006,'0230031138014,'0230031138015"]
["Zavoj od netkanog materijala veliki","'0230031139000","'0230031139001,'0230031139002,'0230031139003,'0230031139004,'0230031139007,'0230031139008,'0230031139020,'0230031139021,'0230031139022,'0230031139023"]
["Gaza impregnirana vazelinom, sterilna","'0230031140000","'0230031140004"]
["Sterilna monofilamentna kompresa za rane s nekrotičnim naslagama, do 100 cm2","'0230031150000","'0230031150001,'0230031150002,'0230031150003"]
["Sterilna monofilamentna kompresa za rane s nekrotičnim naslagama, iznad 100 cm2","'0230031151000","'0230031151001"]
["Medicinski med","'0230031160000","'0230031160001,'0230031160002,'0230031160003,'0230031160004,'0230031160005,'0230031160006,'0230031160007,'0230031160008"]
["Neprijanjajuća viskozna mrežica impregnirana Manuka medom i Manuka uljem za rane do 75 cm2","'0230031170000","'0230031170001"]
["Neprijanjajuća viskozna mrežica impregnirana Manuka medom i Manuka uljem za rane iznad 75 cm2","'0230031180000","'0230031180001,'0230031180002"]
["Neprijanjajuća viskozna mrežica impregnirana Manuka medom i Manuka uljem za rane iznad 150 cm2","'0230031190000","'0230031190001,'0230031190002,'0230031190003,'0230031190004"]
["10%-karbonilirani hemoglobin u spreju za površinu rane manju od 4,5 cm2","'0449001100000","'0449001100001,'0449001100002,'0449001100003"]
["Respirator za kućnu uporabu","'0505121201000","'0505121201002,'0505121201003,'0505121201004,'0505121201005,'0505121201006"]
["Obnovljeni respirator za kućnu uporabu","'0505121202000","'0505121202002,'0505121202003,'0505121202004,'0505121202005,'0505121202006"]
["Crijevo za dovod kisika s priključcima","'0303121216000","'0303121216001,'0303121216003,'0303121216004,'0303121216005,'0303121216023,'0303121216024"]
["Vanjski grubi filter","'0303121217000","'0303121217001,'0303121217002,'0303121217003,'0303121217004,'0303121217024,'0303121217025,'0303121217007,'0303121217052,'0303121217053,'0303121217054,'0303121217055,'0303121217056,'0303121217057,'0303121217058,'0303121217059"]
["Unutarnji filter","'0303121218000","'0303121218001,'0303121218002,'0303121218003,'0303121218004,'0303121218026,'0303121218027,'0303121218007,'0303121218056,'0303121218057,'0303121218058,'0303121218059,'0303121218060,'0303121218061,'0303121218062"]
["Bakterijski filter","'0303121219000","'0303121219001,'0303121219002,'0303121219003,'0303121219028,'0303121219006,'0303121219060,'0303121219061,'0303121219062,'0303121219063,'0303121219064,'0303121219065,'0303121219066,'0303121219067,'0303121219068"]
["Kolone ili silikatna sita","'0303121220000","'0303121220001,'0303121220002,'0303121220003,'0303121220005,'0303121220062,'0303121220126,'0303121220127,'0303121220128,'0303121220129,'0303121220130,'0303121220131,'0303121220132"]
["Ovlaživač za kisik","'0303121230000","'0303121230000,'0303121230032"]
["Ovlaživač za kisik","'0303121238000","'0303121238001"]
["Obnovljeni koncentrator kisika za kućnu uporabu-do najmanje 5 litara","'0303181215000","'0303181215001,'0303181215002,'0303181215003,'0303181215004,'0303181215005,'0303181215006,'0303181215007,'0303181215008,'0303181215021,'0303181215046,'0303181215047,'0303181215048,'0303181215049,'0303181215050,'0303181215051"]
["Obnovljeni koncentrator kisika za kućnu uporabu-do najmanje 8 litara","'0303181216000","'0303181216001,'0303181216002,'0303181216003,'0303181216004,'0303181216005,'0303181216006,'0303181216007,'0303181216008"]
["Koncentrator kisika za kućnu uporabu-do najmanje 5 litara","'0915031213000","'0915031213001,'0915031213003,'0915031213004,'0915031213006,'0915031213018,'0915031213040,'0915031213041,'0915031213042,'0915031213043,'0915031213044,'0915031213045"]
["Koncentrator kisika za kućnu uporabu-do najmanje 8 litara","'0915031214000","'0915031214001,'0915031214003,'0915031214020,'0915031214021,'0915031214022,'0915031214023,'0915031214024"]
["Nosni kateter","'9150312321000","'9150312321001,'9150312321003,'9150312321004,'9150312321005,'9150312321006,'9150312321007,'9150312321008,'9150312321032,'9150312321033"]
["Inhalator za kućnu uporabu","'0303061222000","'0303061222001,'0303061222002,'0303061222003,'0303061222005,'0303061222006,'0303061222007,'0303061222008,'0303061222009,'0303061222010,'0303061222012,'0303061222013,'0303061222014,'0303061222015,'0303061222016,'0303061222017"]
["Ovlaživač zraka za inhalator kod traheotomiranih","'0303121206000","'0303121206001"]
["Ovlaživač kod traheostome","'0303121207000","'0303121207001,'0303121207002,'0303121207003"]
["Maska i sustav za inhalaciju","'0303121223000","'0303121223001,'0303121223002,'0303121223004,'0303121223005,'0303121223006,'0303121223007,'0303121223008,'0303121223010,'0303121223011"]
["Raspršivač za inhalator","'0303121225000","'0303121225001,'0303121225002,'0303121225004,'0303121225005,'0303121225006,'0303121225007"]
["Maska za traheostomu- dječja (EPSR30E)","'0303121226000","'0303121226001"]
["Filter za osobni aspirator","'0303121229000","'0303121229001,'0303121229002,'0303121229003,'0303121229004,'0303121229005,'0303121229006,'0303121229007,'0303121229008"]
["Aspirator za kućnu uporabu","'0303211226000","'0303211226002,'0303211226004,'0303211226005,'0303211226006,'0303211226007,'0303211226008,'0303211226009,'0303211226010,'0303211226011"]
["Aspiracijski kateteri","'0915031227000","'0915031227001"]
["Aspiracijski kateteri Ch 8-20","'0915031228000","'0915031228000,'0915031228001"]
["Regulator za bocu","'0303181233000","'0303181233003"]
["Boca s kisikom , 3 ili 5 litara","'0303181234000","'0303181234001,'0303181234002,'0303181234003,'0303181234004"]
["Prenosni sustav boca s kisikom","'0303181235000","'0303181235001"]
["Ambu maska","'0303211239000","'0303211239000"]
["Pulsni oksimetar za kućnu uporabu","'0303301236000","'0303301236001,'0303301236002,'0303301236003,'0303301236004,'0303301236005,'0303301236006,'0303301236007"]
["Senzor višekratni za pulsni oksimetar","'0303301237000","'0303301237001,'0303301237002,'0303301237003,'0303301237004,'0303301237005,'0303301237006,'0303301237007,'0303301237008,'0303301237009"]
["Senzor jednokratni za pulsni oksimetar","'0303301238000","'0303301238001,'0303301238002,'0303301238003,'0303301238004,'0303301238005,'0303301238006,'0303301238007,'0303301238008,'0303301238009,'0303301238010,'0303301238011,'0303301238012,'0303301238013,'0303301238014,'0303301238015,'0303301238016,'0303301238017,'0303301238018"]
["Apnea monitor","'0303301240000","'0303301240000"]
["Uređaj za potpomognuto disanje (CPAP)","'0304151231000","'0304151231003,'0304151231004,'0304151231006,'0304151231007,'0304151231008,'0304151231018,'0304151231019,'0304151231021,'0304151231022,'0304151231023,'0304151231024,'0304151231025,'0304151231026,'0304151231027,'0304151231028,'0304151231029,'0304151231030,'0304151231031"]
["Maska za uređaj za potpomognuto disanje (CPAP)","'0304151232000","'0304151232001,'0304151232002,'0304151232003,'0304151232004,'0304151232007,'0304151232008,'0304151232009,'0304151232012,'0304151232013,'0304151232015,'0304151232016,'0304151232017,'0304151232018,'0304151232019,'0304151232020,'0304151232021,'0304151232022,'0304151232023,'0304151232024,'0304151232025,'0304151232026,'0304151232027,'0304151232"]
["Uređaj za potpomognuto disanje (CPAP)","'0403121501000","'0403121501001,'0403121501002,'0403121501003"]
["Maska za uređaj za potpomognuto disanje (CPAP)","'0403121511000","'0403121511001,'0403121511002,'0403121511003"]
["Kontinuirana ambulatorna peritonejska dijaliza za odrasle","'0415061304000","'0415061304001,'0415061304003,'0415061304004,'0415061304005"]
["Kontinuirana ambulatorna peritonejska dijaliza za djecu","'0415061305000","'0415061305001,'0415061305003,'0415061305004"]
["Otopina za peritonejsku dijalizu koja ne sadrži glukozu","'0415061306000","'0415061306001"]
["Otopina za peritonejsku dijalizu uz nutritivnu potporu","'0415061307000","'0415061307001"]
["Automatska peritonejska dijaliza 5 litara","'0415061308000","'0415061308001,'0415061308002,'0415061308003"]
["Automatska peritonejska dijaliza 7 litara","'0415061309000","'0415061309001,'0415061309002"]
["Automatska peritonejska dijaliza 10 litara","'0415061310000","'0415061310001,'0415061310003,'0415061310004,'0415061310005"]
["Automatizirana peritonejska dijaliza 12 litara","'0415061311000","'0415061311001,'0415061311002"]
["Automatizirana peritonejska dijaliza 15 litara","'0415061312000","'0415061312001,'0415061312003,'0415061312004,'0415061312005"]
["Automatska peritonejska dijaliza 17 litara","'0415061313000","'0415061313001,'0415061313002"]
["Automatska peritonejska dijaliza 20 litara","'0415061314000","'0415061314001,'0415061314003,'0415061314004,'0415061314005"]
["Automatizirana peritonejska dijaliza za djecu","'0415061315000","'0415061315001"]
["Uređaj za grijanje peritonejske otopine","'0415121303000","'0415121303001"]
["Okvir za naočale","'2103061401000","'2103061401001,'2103061401002,'2103061401003,'2103061401004,'2103061401005,'2103061401006,'2103061401007,'2103061401008,'2103061401009,'2103061401010,'2103061401011,'2103061401012,'2103061401013,'2103061401014,'2103061401015,'2103061401016,'2103061401017,'2103061401018,'2103061401019,'2103061401020"]
["Okvir za naočale za filtere za pojačavanje kontrasta","'2103061402000","'2103061402000"]
["Mineralne leće za blizinu odnosno daljinu","'2103031402000","'2103031402002,'2103031402003,'2103031402004"]
["Mineralne torus leće za blizinu odnosno daljinu","'2103031403000","'2103031403002,'2103031403003,'2103031403004"]
["Mineralne lentikularne leće za blizinu odnosno daljinu,  konkavne (-), konveksne (+)","'2103031405000","'2103031405000,'2103031405003,'2103031405004,'2103031405005,'2103031405006"]
["Filteri za pojačavanje kontrasta","'2103031406000","'2103031406000,'2103031406003,'2103031406004,'2103031406005,'2103031406006"]
["Plastične lentikularne leće, SPH konveksne (+), SPH konkavne (-)","'2103031408000","'2103031408000"]
["Plastične lentikularne leće, TORUS konveksne (+) do 18 dioptrija, do 4 cilindra","'2103031409000","'2103031409000"]
["Teleskopske leće za blizinu odnosno daljinu - sustav staklenih leća","'2103211409000","'2103211409000"]
["Prizma sferna za leće za blizinu odnosno daljinu","'2103331410000","'2103331410000"]
["Prizma za torus leće za blizinu odnosno daljinu ","'2103331411000","'2103331411000"]
["Tamna stakla","'2103031413000","'2103031413000,'2103031413002,'2103031413003"]
["Leće tvrde","'2103091414000","'2103091414000"]
["Leće polutvrde","'2103091415000","'2103091415000"]
["Leće mekane","'2103091416000","'2103091416002"]
["Vlažne komorice za oko","'0000001427000","'0000001427001,'0000001427003"]
["Poliranje plastične očne proteze","'0000001428000","'0000001428000"]
["Očna proteza puna plastična - po mjeri","'0630211419000","'0630211419000"]
["Očna proteza ljuskasta plastična - po mjeri","'0630211420000","'0630211420000"]
["Očna proteza puna plastika prema otisku konjuktivalne vrećice","'0630211421000","'0630211421000"]
["Orbitalna proteza","'0630211422000","'0630211422000"]
["Očna proteza puna staklena - po mjeri","'0630211423000","'0630211423000"]
["Očna proteza ljuskasta staklena - po mjeri","'0630211424000","'0630211424000"]
["Očna proteza kod keratoproteze","'0630211425000","'0630211425000"]
["Očna proteza plastika-staklo - prilagođavajuća, privremena","'0630211426000","'0630211426001"]
["Kriolitna očna proteza puna po mjeri","'0630211427000","'0630211427001"]
["Kriolitna očna proteza ljuskasta po mjeri","'0630211428000","'0630211428001"]
["Elektroničko povećalo","'0000001435000","'0000001435001,'0000001435002,'0000001435003,'0000001435004"]
["Dugi bijeli štap za slijepe","'1239031429000","'1239031429001,'1239031429002,'1239031429003"]
["Ručni/džepni sat za slijepe","'1239061430000","'1239061430001,'1239061430002,'1239061430003,'1239061430004,'1239061430005,'1239061430006,'1239061430007,'1239061430008"]
["Brailleev pisaći uređaj","'2115121431000","'2115121431001,'2115121431002"]
["Brailleeva elektronička bilježnica za slijepe","'2115151433000","'2115151433001,'2115151433002,'2115151433006"]
["Čitač ekrana s govornom jedinicom","'2130211432000","'2130211432001,'2130211432002,'2130211432003"]
["Reproduktor i snimač zvučnih knjiga u DAISY formatu za slijepe osobe","'2130311434000","'2130311434001,'2130311434002,'2130311434003,'2130311434004,'2130311434005,'2130311434006,'2130311434007"]
["Digitalno kanalno  slušno pomagalo","'2145031502000","'2145031502001,'2145031502002,'2145031502003,'2145031502004,'2145031502005,'2145031502006,'2145031502007,'2145031502008,'2145031502009,'2145031502010,'2145031502011,'2145031502020,'2145031502021,'2145031502022,'2145031502023,'2145031502024,'2145031502025,'2145031502026,'2145031502027,'2145031502028,'2145031502029,'2145031502030,'2145031502"]
["Zaušno slušno pomagalo","'2145061501000","'2145061501001,'2145061501007,'2145061501008,'2145061501009,'2145061501010,'2145061501011,'2145061501012,'2145061501013,'2145061501014,'2145061501015"]
["Digitalno zaušno slušno pomagalo","'2145061503000","'2145061503001,'2145061503002,'2145061503003,'2145061503004,'2145061503005,'2145061503006,'2145061503007,'2145061503008,'2145061503009,'2145061503010,'2145061503013,'2145061503014,'2145061503016,'2145061503017,'2145061503018,'2145061503019,'2145061503020,'2145061503021,'2145061503022,'2145061503023,'2145061503024,'2145061503025,'2145061503"]
["Digitalno džepno pomagalo za zračnu i koštanu vodljivost","'2145151504000","'2145151504000,'2145151504001"]
["Slušno pomagalo za koštanu vodljivost  u naočalama ili naglavno","'2145151505000","'2145151505001,'2145151505002,'2145151505003,'2145151505004,'2145151505005"]
["Digitalno kanalno slušno pomagalo bez kanala sa CIC power slušalicom","'2206121501000","'2206121501001"]
["Digitalno zaušno slušno pomagalo bez kanala sa prijemnikom slušalicom u uhu","'2206121502000","'2206121502001"]
["Predajnik","'2142181507000","'2142181507001,'2142181507002,'2142181507003,'2142181507004,'2142181507005,'2142181507006,'2142181507007"]
["Prijamnik","'2142181508000","'2142181508001,'2142181508002,'2142181508003,'2142181508004,'2142181508005,'2142181508006,'2142181508007"]
["Tvrdi individualni umetak za zvukovod","'2142211509000","'2142211509000"]
["Individualni umetak za zvukovod","'2142211510000","'2142211510000"]
["Umetak za zvukovod, veličina 1 - 5","'2142211511000","'2142211511001,'2142211511002,'2142211511003,'2142211511004,'2142211511005,'2142211511006,'2142211511007,'2142211511008,'2142211511009,'2142211511010,'2142211511011,'2142211511012,'2142211511013,'2142211511014,'2142211511015,'2142211511016,'2142211511017,'2142211511018,'2142211511019,'2142211511020"]
["Vibrator","'2145151518000","'2145151518001,'2145151518002,'2145151518003,'2145151518004,'2145151518005,'2145151518006"]
["Baterija 675AΩ","'2145271512000","'2145271512000"]
["Baterija 312AΩ","'2145271514000","'2145271514000"]
["Baterija 230AΩ","'2145271515000","'2145271515000"]
["Baterija 13AΩ","'2145271516000","'2145271516000"]
["Nosač vibratora","'2145301519000","'2145301519001,'2145301519002,'2145301519003,'2145301519004,'2145301519005,'2145301519006"]
["Kabel","'2145301520000","'2145301520001,'2145301520002,'2145301520003,'2145301520004,'2145301520005,'2145301520006,'2145301520007"]
["Slušalica za džepno pomagalo","'2145301523000","'2145301523001,'2145301523002,'2145301523003,'2145301523004,'2145301523005"]
["Mikrofon","'2145301524000","'2145301524001,'2145301524002,'2145301524003,'2145301524004,'2145301524005,'2145301524006,'2145301524007,'2145301524008,'2145301524009,'2145301524010,'2145301524011,'2145301524012,'2145301524013,'2145301524014,'2145301524015,'2145301524016,'2145301524017,'2145301524018"]
["Slušalica","'2145301525000","'2145301525001,'2145301525002,'2145301525003,'2145301525004,'2145301525005,'2145301525006,'2145301525007,'2145301525008,'2145301525009,'2145301525010,'2145301525011,'2145301525012,'2145301525013,'2145301525014,'2145301525015,'2145301525016,'2145301525017,'2145301525018"]
["Kućište pomagala","'2145301526000","'2145301526001,'2145301526002,'2145301526003,'2145301526004,'2145301526005,'2145301526006,'2145301526007,'2145301526008,'2145301526009,'2145301526010,'2145301526011,'2145301526012,'2145301526013,'2145301526014,'2145301526015,'2145301526016,'2145301526017,'2145301526018,'2145301526019"]
["Preklopnik","'2145301527000","'2145301527001,'2145301527002,'2145301527003,'2145301527004,'2145301527005,'2145301527006,'2145301527007,'2145301527008,'2145301527009,'2145301527010,'2145301527011,'2145301527012,'2145301527013,'2145301527014,'2145301527015,'2145301527016,'2145301527017,'2145301527018"]
["Potenciometar","'2145301528000","'2145301528001,'2145301528002,'2145301528003,'2145301528004,'2145301528005,'2145301528006,'2145301528007,'2145301528008,'2145301528009,'2145301528010,'2145301528011,'2145301528012,'2145301528013,'2145301528014,'2145301528015,'2145301528016"]
["Ovjes vibratora","'2145301530000","'2145301530001,'2145301530002,'2145301530003,'2145301530004"]
["Ovjes mikrofona","'2145301532000","'2145301532001,'2145301532002,'2145301532003,'2145301532004,'2145301532005,'2145301532006,'2145301532007,'2145301532008,'2145301532009,'2145301532010,'2145301532011,'2145301532012,'2145301532013,'2145301532014,'2145301532015,'2145301532016,'2145301532017"]
["Ovjes slušalice","'2145301533000","'2145301533001,'2145301533002,'2145301533003,'2145301533004,'2145301533005,'2145301533006,'2145301533007,'2145301533008,'2145301533009,'2145301533010,'2145301533011,'2145301533012,'2145301533013,'2145301533014,'2145301533015,'2145301533016,'2145301533017,'2145301533018,'2145301533019"]
["Kabel unutar slušnog pomagala","'2145301534000","'2145301534001,'2145301534002,'2145301534003,'2145301534004,'2145301534005,'2145301534006,'2145301534007,'2145301534008,'2145301534009,'2145301534010,'2145301534011,'2145301534012"]
["Zvukovod","'2145301535000","'2145301535001,'2145301535002,'2145301535003,'2145301535004,'2145301535005,'2145301535006,'2145301535007,'2145301535008,'2145301535009,'2145301535010,'2145301535011,'2145301535012,'2145301535013,'2145301535014"]
["Ušna kukica","'2145301536000","'2145301536001,'2145301536002,'2145301536003,'2145301536004,'2145301536005,'2145301536006,'2145301536007,'2145301536008,'2145301536009,'2145301536010,'2145301536011,'2145301536012,'2145301536013,'2145301536014,'2145301536015"]
["Pločica pojačala","'2145301537000","'2145301537001,'2145301537002,'2145301537003,'2145301537004,'2145301537005,'2145301537006,'2145301537007,'2145301537008,'2145301537009,'2145301537010,'2145301537011,'2145301537012,'2145301537013,'2145301537014,'2145301537015,'2145301537016,'2145301537017,'2145301537018"]
["Adapter za slušno pomagalo","'2145301538000","'2145301538001,'2145301538002,'2145301538003,'2145301538004,'2145301538005,'2145301538006,'2145301538007,'2145301538008,'2145301538009,'2145301538010"]
["Baterije za govorni procesor","'2145271539000","'2145271539001,'2145271539002,'2145271539003,'2145271539004,'2145271539005,'2145271539006,'2145271539007,'2145271539008,'2145271539009,'2145271539010"]
["Svjetlosna budilica","'2145301546000","'2145301546001,'2145301546002,'2145301546003"]
["Vibracijska budilica","'2145301547000","'2145301547001,'2145301547002,'2145301547003,'2145301547004"]
["Telefaks uređaj","'2145301548000","'2145301548002"]
["Svjetlosni signalizator plača djeteta","'2148151545000","'2148151545001,'2148151545002,'2148151545003"]
["Mekana membrana","'0915061612000","'0915061612000"]
["Membrana vibratora","'0915061613000","'0915061613000"]
["Gornji dio uređaja","'0915061614000","'0915061614000"]
["Potenciometar","'0915061615000","'0915061615000"]
["Magnet","'0915061616000","'0915061616000"]
["Taster","'0915061617000","'0915061617000"]
["Zavojnica","'0915061618000","'0915061618000"]
["Poklopac akumulatora","'0915061619000","'0915061619000"]
["Pojačalo","'0915061620000","'0915061620000"]
["Regulator glasnoće","'0915061621000","'0915061621000"]
["Akumulatorska baterija","'0915061622000","'0915061622000"]
["Punjač baterije","'0915061623000","'0915061623000"]
["Toaletni stolac s posudom","'0912091702000","'0912091702001,'0912091702002,'0912091702003,'0912091702004,'0912091702005,'0912091702006,'0912091702009,'0912091702010,'0912091702011,'0912091702012,'0912091702013,'0912091702014,'0912091702015,'0912091702032,'0912091702033,'0912091702034,'0912091702035"]
["Toaletna kolica s posudom","'1221031701000","'1221031701001,'1221031701002,'1221031701003,'1221031701004,'1221031701005,'1221031701006,'1221031701007,'1221031701008,'1221031701009,'1221031701010,'1221031701011,'1221031701012,'1221031701013,'1221031701014"]
["Elastično kompresivne rukavice","'0000001707000","'0000001707001,'0000001707002,'0000001707003,'0000001707004"]
["Elastično kompresivne rukavice podložene silikonskim pločicama, za noć","'0000001708000","'0000001708000"]
["Elastično kompresivni rukavi,individualni","'0000001709000","'0000001709005,'0000001709006,'0000001709007"]
["Elastična kompresivna nogavica","'0000001710000","'0000001710025,'0000001710026,'0000001710027,'0000001710028,'0000001710029,'0000001710030"]
["Elastično-kompresivni terapijski rukav","'0000001711000","'0000001711003,'0000001711004,'0000001711005,'0000001711006,'0000001711007"]
["Platneno-terapijska rukavica i rukav podloženi s vazelinskom gazom ili sa silikonskom pločicom","'0000001712000","'0000001712000"]
["Elastična maska za lice kod keloida. Silikonska pločica ili gel.","'0000001713000","'0000001713012,'0000001713013,'0000001713014,'0000001713015,'0000001713016"]
["Elastično kompresivna odjeća","'0000001714000","'0000001714000"]
["Elastično-kompresivna terapijska nogavica","'0306061705000","'0306061705001,'0306061705002,'0306061705003,'0306061705005,'0306061705007,'0306061705008,'0306061705009,'0306061705010,'0306061705048,'0306061705049,'0306061705050,'0306061705051,'0306061705052,'0306061705053,'0306061705054,'0306061705055,'0306061705056,'0306061705057,'0306061705058,'0306061705059,'0306061705060,'0306061705061,'0306061705"]
["Elastični terapijski zavoj","'0306061706000","'0306061706001,'0306061706002,'0306061706003,'0306061706004,'0306061706005,'0306061706006,'0306061706007,'0306061706008,'0306061706009,'0306061706010,'0306061706011"]
["Elastično-kompresivni terapijski rukav s rukavicom","'0306091704000","'0306091704001,'0306091704005,'0306091704006,'0306091704007,'0306091704008,'0306091704009,'0306091704010,'0306091704011,'0306091704012,'0306091704013,'0306091704014,'0306091704015,'0306091704016,'0306091704017,'0306091704018,'0306091704019,'0306091704020,'0306091704021"]
["Terapijski komplet za ruku","'0406061100000","'0406061100001,'0406061100002"]
["Terapijski komplet za nogu","'0406061200000","'0406061200001,'0406061200002,'0406061200003"]
["Kompresivni sistem","'0406061300000","'0406061300001,'0406061300002"]
["Elastično-kompresivne terapijske čarape","'0406061400000","'0406061400001,'0406061400002,'0406061400003,'0406061400004,'0406061400005,'0406061400006,'0406061400007,'0406061400008,'0406061400009,'0406061400010,'0406061400011,'0406061400012,'0406061400013,'0406061400014,'0406061400015,'0406061400016,'0406061400017,'0406061400018,'0406061400019,'0406061400020,'0406061400021,'0406061400022,'0406061400"]
["Kožne rukavice za vožnju invalidskih kolica","'0906151703000","'0906151703001"]
["Utega jednostrana s čeličnim perom, za ingvinalnu, femoralnu i skrotalnu kilu","'0312061715000","'0312061715001"]
["Utega jednostrana na gumenom pojasu za ingvinalnu, femoralnu i skrotalnu kilu s pelotom","'0312061716000","'0312061716001,'0312061716002,'0312061716003,'0312061716004,'0312061716005,'0312061716007,'0312061716008,'0312061716009,'0312061716010"]
["Utega jednostrana, gumena za pupčanu kilu s pelotom","'0312061717000","'0312061717002,'0312061717003,'0312061717004"]
["Utega obostrana s čeličnim perom za ingvinalne, femoralne i skrotalne kile s pelotom","'0312061718000","'0312061718001,'0312061718002"]
["Utega obostrana na gumenom pojasu za ingvinalne, femoralne i skrotalne kile s pelotom","'0312061719000","'0312061719001,'0312061719002,'0312061719003,'0312061719004,'0312061719005"]
["Suspenzor po mjeri.","'0312061720000","'0312061720000"]
["Elastični trbušni pojas, za pupčanu kilu","'0312031722000","'0312031722001,'0312031722002,'0312031722003,'0312031722004,'0312031722005,'0312031722006,'0312031722007,'0312031722008"]
["Elastični trbušni pojas za trbušnu kilu","'0312031723000","'0312031723001,'0312031723003,'0312031723004,'0312031723005,'0312031723006,'0312031723007,'0312031723008,'0312031723009,'0312031723010,'0312031723011,'0312031723012,'0312031723013,'0312031723014"]
["Elastični trbušni pojas za trudnice","'0312031724000","'0312031724002,'0312031724007,'0312031724008,'0312031724009,'0312031724010,'0312031724011,'0312031724012,'0312031724013,'0312031724014,'0312031724015"]
["Privremena dojka","'0630181725000","'0630181725001,'0630181725002"]
["Dojka od silikona","'0630181726000","'0630181726002,'0630181726003,'0630181726004,'0630181726005,'0630181726006,'0630181726008,'0630181726009,'0630181726010,'0630181726011,'0630181726012,'0630181726013,'0630181726014,'0630181726015,'0630181726016,'0630181726017"]
["Grudnjak, nakon amputacije dojke","'0903241727000","'0903241727001,'0903241727002,'0903241727003,'0903241727017,'0903241727023,'0903241727024,'0903241727025,'0903241727030,'0903241727032,'0903241727033,'0903241727034,'0903241727035,'0903241727036,'0903241727037,'0903241727038,'0903241727039,'0903241727040,'0903241727041,'0903241727042,'0903241727043,'0903241727044,'0903241727045,'0903241727"]
["Kompresijski grudnjak","'0903241728000","'0903241728001"]
["Vlasulja za žene s kratkim vlaknom","'0630031728000","'0630031728001,'0630031728002,'0630031728003,'0630031728004,'0630031728005,'0630031728006,'0630031728007,'0630031728008,'0630031728039,'0630031728040"]
["Vlasulja za žene s dugim vlaknom","'0630031729000","'0630031729001,'0630031729002,'0630031729003,'0630031729004,'0630031729005,'0630031729040,'0630031729041"]
["Vlasulja za muškarce","'0630031730000","'0630031730001,'0630031730002"]
["Vlasulja za djecu","'0630031731000","'0630031731001,'0630031731002"]
["Uređaj za mjerenje PV u krvi","'0000001732000","'0000001732000"]
["Trake za uređaj za mjerenje PV u krvi","'0000001733000","'0000001733000"]
["Ortopedske cipele grupa I","'0633060601000","'0633060601000"]
["Ortopedske cipele grupa II","'0633060602000","'0633060602000"]
["Ortopedske cipele grupe III i IV","'0633060603000","'0633060603000,'0633060603001,'0633060603002,'0633060603003,'0633060603004,'0633060603005,'0633060603006"]
["Štrcaljke za inzulin s integriranom iglom","'0321060801000","'0321060801003,'0321060801004,'0321060801005,'0321060801006,'0321060801007,'0321060801008,'0321060801009"]
["Igle za injektor za terapiju šećerne bolesti","'0321120803000","'0321120803001,'0321120803002,'0321120803004,'0321120803005,'0321120803007,'0321120803008,'0321120803009,'0321120803010,'0321120803016,'0321120803034,'0321120803035,'0321120803036,'0321120803037,'0321120803038,'0321120803039,'0321120803040,'0321120803041,'0321120803042,'0321120803043,'0321120803044,'0321120803045,'0321120803046,'0321120803"]
["Lancete za vađenje krvi iz prsta za kontrolu glukoze u krvi","'0321120808000","'0321120808001,'0321120808002,'0321120808003,'0321120808004,'0321120808005,'0321120808009,'0321120808011,'0321120808012,'0321120808013,'0321120808014,'0321120808015,'0321120808018,'0321120808020,'0321120808021,'0321120808023,'0321120808048,'0321120808049,'0321120808050,'0321120808051,'0321120808053"]
["Inzulinski injektor za davanje inzulina","'0321180801000","'0321180801001"]
["Inzulinski injektor za davanje inzulina","'0321180802000","'0321180802001,'0321180802002,'0321180802003,'0321180802004,'0321180802006"]
["Uređaj za brzo očitavanje količine glukoze u krvi za slijepe osobe. S govornim modulom.","'0324120804000","'0324120804004"]
["Set za brzo očitavanje koncentracije šećera u krvi","'0324120805000","'0324120805001,'0324120805002,'0324120805006,'0324120805007,'0324120805009,'0324120805017,'0324120805024,'0324120805026,'0324120805027,'0324120805028,'0324120805031,'0324120805036,'0324120805037,'0324120805040,'0324120805092,'0324120805186,'0324120805187,'0324120805189,'0324120805190,'0324120805191,'0324120805192,'0324120805193,'0324120805"]
["Dijagnostičke trakice za kontrolu ketona i glukoze u urinu","'0324120806000","'0324120806001,'0324120806003"]
["Dijagnostičke trakice za mjerenje glukoze u krvi uređajem","'0324120807000","'0324120807001,'0324120807002,'0324120807006,'0324120807007,'0324120807009,'0324120807012,'0324120807013,'0324120807019,'0324120807022,'0324120807023,'0324120807027,'0324120807028,'0324120807030,'0324120807032,'0324120807033,'0324120807034,'0324120807035,'0324120807036,'0324120807037,'0324120807038,'0324120807040,'0324120807041,'0324120807"]
["Dijagnostičke trakice za mjerenje ketona u krvi uređajem","'0324120808000","'0324120808001"]
["Uređaj za neograničeno skeniranje razine glukoze u međustaničnoj tekućini uz dodatnu mogućnost mjerenja glukoze i ketona u krvi","'0324240808000","'0324240808001"]
["Integrirani senzor za kontinuirano mjerenje glukoze bez obvezne kalibracije","'0324240809000","'0324240809002"]
["Početni komplet za kontinuirano mjerenje glukoze","'0324241809000","'0324241809002"]
["Odašiljač za kontinuirano mjerenje glukoze, samostalan (standalone), bežičnom tehnologijom, poveziv s aplikacijom pametnih uređaja","'0325354019000","'0325354019005,'0325354019006,'0325354019007,'0325354019008,'0325354019009"]
["Senzor za kontinuirano mjerenje glukoze","'0325354020000","'0325354020005,'0325354020006,'0325354020007,'0325354020008,'0325354020009,'0325354020010,'0325354020011,'0325354020012,'0325354020013,'0325354020014,'0325354020015,'0325354020016"]
["Prijemnik za kontinuirano mjerenje glukoze","'0325364020000","'0325364020002,'0325364020003"]
["Praškasta instant obloga za rane","'0230031115000","'0230031115001"]
["Bikarbonatna hemodijaliza s membranom dijalizatora od sintetike","'0415031301000","'0415031301000"]
["Potrošni materijal za hemodijalizu","'0415031302000","'0415031302000"]
["Zatvarač proteze","'0000001610000","'0000001610001"]
["Traheofix","'0000001611000","'0000001611001,'0000001611002,'0000001611038,'0000001611039"]
["Govorna proteza","'0630421602000","'0630421602001,'0630421602002,'0630421602003,'0630421602004,'0630421602005"]
["Laringealna tuba","'0915031603000","'0915031603001,'0915031603002,'0915031603003,'0915031603004,'0915031603005"]
["Laringealna tuba s prstenom","'0915031604000","'0915031604001,'0915031604002,'0915031604033,'0915031604034,'0915031604035,'0915031604036"]
["Kazeta za održavanje vlažnosti zraka","'0915061605000","'0915061605001,'0915061605002,'0915061605003,'0915061605004,'0915061605005,'0915061605006,'0915061605007,'0915061605008,'0915061605009,'0915061605010"]
["Početni set za održavanje vlažnosti i topline zraka","'0915061606000","'0915061606002,'0915061606003,'0915061606004,'0915061606005"]
["Samoljepljivi držač kazete","'0915061607000","'0915061607001,'0915061607002,'0915061607003,'0915061607004,'0915061607005,'0915061607006"]
["Automatski govorni ventil","'0915061608000","'0915061608002,'0915061608003,'0915061608034,'0915061608035,'0915061608036,'0915061608037,'0915061608038,'0915061608039,'0915061608040"]
["Četkice","'0915061609000","'0915061609001,'0915061609002,'0915061609003"]
["Govorna valvula-jednosmjerna s konekcijom za kisik","'0915071001000","'0915071001001,'0915071001002"]
["Govorna valvula-jednosmjerna","'0915071030000","'0915071030001,'0915071030002,'0915071030003"]
["Govorno pomagalo","'2142151601000","'2142151601000"]
["Dijelovi respiratora Trilogy 100 koji se mijenjaju nakon 17500/2 god.","'0403121202000","'0403121202001,'0403121202002,'0403121202003"]
["Filter proksimalni za respirator","'0505121203000","'0505121203012,'0505121203013,'0505121203016,'0505121203017,'0505121203018,'0505121203019,'0505121203020,'0505121203021,'0505121203022,'0505121203023,'0505121203024,'0505121203025,'0505121203026,'0505121203027,'0505121203028,'0505121203029,'0505121203030,'0505121203031,'0505121203032,'0505121203033,'0505121203034,'0505121203035,'0505121203"]
["Dio respiratora Astral 100 koji se mijenja nakon 2 godine","'0403121203000","'0403121203001,'0403121203002,'0403121203016,'0403121203017,'0403121203018"]
["Konektor između kanile i respiratora","'0505121204000","'0505121204001"]
["Mehanički insuflator/ eksuflator za kućnu uporabu","'0403271204000","'0403271204001,'0403271204002,'0403271204003"]
["Obnovljeni mehanički insuflator/eksuflator za kućnu uporabu","'0403271205000","'0403271205001,'0403271205002,'0403271205003"]
["Zračni filter","'0505121213000","'0505121213001"]
["Bakterijski filter","'0505121214000","'0505121214001"]
["Sustav za pacijenta, za mehanički insuflator/eksuflator","'0505121215000","'0505121215001,'0505121215002,'0505121215003,'0505121215004,'0505121215005"]
["Magnet za govorni procesor","'2145271543000","'2145271543016,'2145271543017,'2145271543036,'2145271543037,'2145271543038,'2145271543039,'2145271543040"]
["Zavojnica za govorni procesor","'2206211100000","'2206211100001,'2206211100002,'2206211100003,'2206211100004,'2206211100005,'2206211100006"]
["Kabel za govorni procesor","'2145271540000","'2145271540001,'2145271540018,'2145271540019,'2145271540020,'2145271540021,'2145271540022"]
["Punjač baterija sa dvije baterije za punjenje govornog procesora","'2145271541000","'2145271541001,'2145271541002,'2145271541003,'2145271541004,'2145271541005,'2145271541006,'2145271541007"]
["Govorni procesor","'2145271542000","'2145271542001,'2145271542002,'2145271542003,'2145271542004,'2145271542005,'2145271542006,'2145271542007,'2145271542008,'2145271542009,'2145271542010,'2145271542011,'2145271542012,'2145271542013,'2145271542014,'2145271542015"]
["Kućište za baterije s kablom","'2145271544000","'2145271544001"]
["Zaštita za mikrofon govornog procesora","'2145271545000","'2145271545001"]
["Hidroaktivna obloga s Ringerovom otopinom i PHMB-om do 75 cm2","'0212031131000","'0212031131001,'0212031131002,'0212031131003,'0212031131004,'0212031131005,'0212031131006,'0212031131007,'0212031131008,'0212031131009,'0212031131010,'0212031131011,'0212031131012,'0212031131013,'0212031131014,'0212031131015,'0212031131016,'0212031131017,'0212031131018,'0212031131019"]
["Obnovljeni prijenosni koncentrator kisika","'0303181217000","'0303181217001,'0303181217002,'0303181217004,'0303181217005,'0303181217006,'0303181217007"]
["Prijenosni koncentrator kisika","'0915031215000","'0915031215001,'0915031215002,'0915031215004,'0915031215005,'0915031215006,'0915031215007"]
["Visoko upijajuće obloge od polimera sa silikonom iznad 75cm2","'0209031131000","'0209031131001,'0209031131002,'0209031131003,'0209031131004,'0209031131005,'0209031131006,'0209031131007,'0209031131008,'0209031131009,'0209031131010,'0209031131011,'0209031131012,'0209031131013,'0209031131014,'0209031131015,'0209031131016,'0209031131017,'0209031131018,'0209031131019,'0209031131020,'0209031131021,'0209031131022,'0209031131"]
["Visoko upijajuće obloge od polimera sa silikonom do 75cm2","'0209031132000","'0209031132001,'0209031132002,'0209031132003"]
["Visoko upijajuće obloge od polimera sa silikonom iznad 400cm2","'0209031133000","'0209031133001,'0209031133002,'0209031133003,'0209031133004,'0209031133005,'0209031133006,'0209031133007,'0209031133008"]
["Alginatna obloga za rane s dodatkom srebra ili aktivnog ugljena do 75 cm2","'0218031104000","'0218031104001,'0218031104002,'0218031104003,'0218031104004,'0218031104007,'0218031104008,'0218031104009"]
["Alginatna obloga za rane s dodatkom srebra ili aktivnog ugljena iznad 75 cm2","'0218031105000","'0218031105001,'0218031105002,'0218031105005,'0218031105006,'0218031105009,'0218031105010,'0218031105011,'0218031105012,'0218031105013,'0218031105014,'0218031105015,'0218031105016,'0218031105017,'0218031105018,'0218031105019,'0218031105020,'0218031105021,'0218031105022,'0218031105023,'0218031105024"]
["Alginat za kavitete s dodatkom srebra ili aktivnog ugljena","'0218031106000","'0218031106001,'0218031106003,'0218031106005,'0218031106006,'0218031106007,'0218031106008"]
["Alginatna obloga za rane s medicinskim medom iznad 75cm2","'0218031107000","'0218031107001,'0218031107002"]
["Alginatna obloga za rane s medicinskim medom za kavitete","'0218031108000","'0218031108001,'0218031108002"]
["Ortoza za korekciju kokošjih prsa","'0603060449000","'0603060449001,'0603060449002"]
["Ortoza za korekciju krivih nogu prema Denis-Brownu","'0612150422000","'0612150422001"]
["Upijajuće gaćice, niskoupijajuće","'0930211100000","'0930211100001,'0930211100002,'0930211100003,'0930211100007,'0930211100008,'0930211100009,'0930211100010,'0930211100011,'0930211100012,'0930211100013,'0930211100014,'0930211100015,'0930211100016"]
["Upijajuće gaćice, visokoupijajuće","'0930211120000","'0930211120001,'0930211120002,'0930211120003,'0930211120004,'0930211120005,'0930211120006,'0930211120007,'0930211120008,'0930211120009,'0930211120010,'0930211120011,'0930211120012,'0930211120014,'0930211120015"]
["Igle za injektor za primjenu lijeka Omnitrope® (somatropin) 5mg, 10mg i 15mg, stakleni uložak s lijekom-Sandoz","'0419151740000","'0419151740001,'0419151740002,'0419151740003,'0419151740004,'0419151740005,'0419151740006,'0419151740007,'0419151740008,'0419151740009,'0419151740010,'0419151740011,'0419151740012"]
["Igle za injektor za primjenu lijeka Norditropin (somatropin) za supkutanu primjenu-Novo Nordisk","'0419151750000","'0419151750001,'0419151750002,'0419151750004"]
["Igle za injektor za primjenu lijeka Genotropin (somatropin) za supkutanu primjenu-Pfizer","'0419151760000","'0419151760001"]
["Nazalna maska za uređaj za neinvazivnu ventilaciju","'0403121310000","'0403121310001,'0403121310002,'0403121310003,'0403121310004,'0403121310005,'0403121310006,'0403121310007,'0403121310008,'0403121310009,'0403121310010,'0403121310011,'0403121310012,'0403121310013,'0403121310014,'0403121310015,'0403121310016,'0403121310017,'0403121310018,'0403121310019,'0403121310020"]
["Oronazalna maska za uređaj za neinvazivnu ventilaciju","'0403121311000","'0403121311001,'0403121311002,'0403121311003,'0403121311004,'0403121311005,'0403121311006,'0403121311007,'0403121311008,'0403121311009,'0403121311010,'0403121311011,'0403121311012,'0403121311013,'0403121311014,'0403121311015,'0403121311016,'0403121311017,'0403121311018,'0403121311019,'0403121311020,'0403121311021,'0403121311022,'0403121311"]
["Podlošci za endotrahealnu kanilu","'0505121211000","'0505121211001,'0505121211002,'0505121211003,'0505121211004,'0505121211005,'0505121211016,'0505121211017,'0505121211018,'0505121211019"]
["Vlaknasta PVA obloga za rane do 75cm2","'0212031207000","'0212031207001"]
["Vlaknasta PVA obloga za rane iznad 75cm2","'0212031208000","'0212031208001,'0212031208002,'0212031208003,'0212031208004,'0212031208005"]
["Vlaknasta PVA obloga za kavitete","'0212031209000","'0212031209001"]
["Vlaknasta PVA obloga za rane s dodatkom srebra do 75cm2","'0212031220000","'0212031220001"]
["Vlaknasta PVA obloga za rane s dodatkom srebra iznad 75cm2","'0212031221000","'0212031221001,'0212031221002,'0212031221003"]
["Vlaknasta PVA obloga za kavitete s dodatkom srebra","'0212031222000","'0212031222001"]
["Zračni filter","'0505121217000","'0505121217001,'0505121217002"]
["Bakterijski filter","'0505121218000","'0505121218001,'0505121218002"]
["Sustav za pacijenta, za mehanički insuflator/eksuflator s tehnologijom ubrzanja ekspiratornog protoka","'0505121219000","'0505121219001,'0505121219002"]
["Inzulinska pumpa sa kateterom","'0419240101000","'0419240101002,'0419240101003,'0419240101004"]
["Obnovljena inzulinska pumpa sa kateterom, sa mogućnošću automatskog zaustavljanja isporuke inzulina","'0419240102000","'0419240102002"]
["Inzulinska pumpa sa kateterom, sa algoritmom za korekciju hiperglikemija; dio sustava napredne hibridne zatvorene petlje","'0419240111000","'0419240111001"]
["Inzulinska pumpa bez katetera, s bežićnim upravljačem","'0419240103000","'0419240103001,'0419240103002,'0419240103003,'0419240103004,'0419240103005"]
["Sustav za upravljanje isporukom inzulina  bez katetera","'0419240212000","'0419240212001,'0419240212002,'0419240212003"]
["Sustav za upravljanje isporukom inzulina  bez katetera, sa algoritmom za korekciju hiperglikemije; dio sustava napredne hibridne zatvorene petlje","'0419240213000","'0419240213001"]
["Neinvazivni ventilator  za kućnu uporabu sa ovlaživačem","'0403121301000","'0403121301002,'0403121301003,'0403121301004,'0403121301005,'0403121301006,'0403121301007,'0403121301008,'0403121301009,'0403121301010,'0403121301011,'0403121301012,'0403121301013"]
["Obnovljeni neinvazivni ventilator  za kućnu uporabu sa ovlaživačem","'0403121302000","'0403121302002,'0403121302003,'0403121302004,'0403121302005,'0403121302006,'0403121302007,'0403121302008,'0403121302009,'0403121302010,'0403121302011,'0403121302012,'0403121302013"]
["Dijelovi neinvazivnog ventilatora BPAP System G3B30VT koji se mijenjaju nakon 20.000 radnih sati","'0403121303000","'0403121303002,'0403121303003,'0403121303004,'0403121303005,'0403121303006"]
["Filter vanjski grubi crni","'0403121304000","'0403121304002,'0403121304003,'0403121304004,'0403121304005,'0403121304006,'0403121304007,'0403121304008"]
["Filter sitnih čestica bijeli","'0403121305000","'0403121305002,'0403121305003,'0403121305004,'0403121305005,'0403121305006,'0403121305007"]
["Bakterijski filter","'0403121306000","'0403121306002,'0403121306003,'0403121306004,'0403121306005,'0403121306006,'0403121306007"]
["Cijev za zrak","'0403121307000","'0403121307002,'0403121307003,'0403121307004,'0403121307005,'0403121307006,'0403121307007,'0403121307008"]
["Posuda ovlaživača","'0403121308000","'0403121308002,'0403121308003,'0403121308004,'0403121308005,'0403121308006,'0403121308007,'0403121308008,'0403121308009"]
["Endotrahealna kanila plastična","'0505121206000","'0505121206001,'0505121206002,'0505121206003,'0505121206004,'0505121206005,'0505121206006,'0505121206007,'0505121206008,'0505121206009,'0505121206010,'0505121206013,'0505121206014,'0505121206019,'0505121206020,'0505121206021,'0505121206022"]
["Endotrahealna kanila bez balona, za djecu","'0505121208000","'0505121208000"]
["Fiksacijske trake za endotrahealnu kanilu","'0505121210000","'0505121210001,'0505121210002,'0505121210003,'0505121210004,'0505121210005,'0505121210006,'0505121210007,'0505121210008"]
["Koljeno za bakterijski filter","'0403121318000","'0403121318001"]
["Endotrahealna kanila bez balona s konekcijom","'0505121207000","'0505121207002,'0505121207015,'0505121207021,'0505121207022"]
["Govorna kanila","'0505121212000","'0505121212004,'0505121212017,'0505121212024,'0505121212025,'0505121212026"]
["Gaza od netkanog materijala s Y prorezom, sterilna 7,5x7,5cm","'0505121220000","'0505121220001"]
["Zamjenski gastrični kateter","'0924081012000","'0924081012001,'0924081012002,'0924081012003,'0924081012004,'0924081012005,'0924081012006"]
["Visoko upijajuće obloge od polimera do 75cm2","'0209031134000","'0209031134001,'0209031134002"]
["Visoko upijajuće obloge od polimera iznad 75cm2","'0209031136000","'0209031136001,'0209031136002,'0209031136003,'0209031136004,'0209031136005,'0209031136006,'0209031136007,'0209031136008,'0209031136009,'0209031136010,'0209031136011,'0209031136012,'0209031136013,'0209031136014,'0209031136015,'0209031136016,'0209031136017,'0209031136018,'0209031136019,'0209031136020,'0209031136021,'0209031136022,'0209031136"]
["Protetičko koljeno-mehaničko,jednoosovinsko, hidraulično,za stupanj mobilnosti 3 i 4 ","'0624240170000","'0624240170001,'0624240170002,'0624240170003,'0624240170004,'0624240170005"]
["Protetičko koljeno-mehaničko,višeosovinsko, pneumatsko,za stupanj mobilnosti 3 i 4 102","'0624240172000","'0624240172001,'0624240172002"]
["Protetičko koljeno - mehaničko,jednoosovinsko, hidraulično (rotirajuća hidraulika),vodootporno, za stupanj mobilnosti 3 i 4","'0624331020000","'0624331020003"]
["Protetičko koljeno - mehaničko, jednoosovinsko, hidraulično s kočnicom, za stupanj mobilnosti 1 ","'0624340110000","'0624340110001"]
["Protetičko koljeno za djecu - mehaničko,hidraulično,višeosovinsko koljeno za djecu,s funkcijom nagazne fleksije,za stupanj mobilnosti 4 ","'0624340111000","'0624340111001,'0624340111002,'0624340111003,'0624340111004"]
["Protetičko koljeno - mehaničko, jednoosovinsko, s frikcijskom kočnicom i funkcijom ukočenog koljena, za stupanj mobilnosti 1 i 2 ","'0624340120000","'0624340120001,'0624340120002,'0624340120003,'0624340120004"]
["Protetičko koljeno - mehaničko, višeosovinsko, s frikcijskom kočnicom i funkcijom ukočenog koljena, za stupanj mobilnosti 1 i 2 102","'0624340122000","'0624340122001,'0624340122002"]
["Protetičko koljeno - mehaničko ili pneumatsko, višeosovinsko, za stupanj mobilnosti 2 ","'0624340130000","'0624340130001,'0624340130002"]
["Protetičko koljeno - mehaničko ili pneumatsko, višeosovinsko, s kočnicom/sustavom blokade za stupanj mobilnosti 2 ","'0624340140000","'0624340140001,'0624340140002,'0624340140003,'0624340140004,'0624340140005,'0624340140006"]
["Protetičko koljeno - mehaničko ili pneumatsko, višeosovinsko, za stupanj mobilnosti 2 i 3 ","'0624340150000","'0624340150001,'0624340150002,'0624340150003,'0624340150004,'0624340150005,'0624340150006,'0624340150007,'0624340150008,'0624340150009,'0624340150010,'0624340150011,'0624340150012"]
["Protetičko koljeno - mehaničko,višeosovinsko, hidraulično,s funkcijom nagazne fleksije, za stupanj mobilnosti 2 i 3 ","'0624340160000","'0624340160001,'0624340160002,'0624340160003,'0624340160004,'0624340160005,'0624340160006,'0624340160007"]
["Protetičko koljeno - mehaničko,jednoosovinsko, hidraulično (rotirajuća hidraulika),vodootporno, za stupanj mobilnosti 3 i 4 ","'0624340180000","'0624340180001"]
["Protetičko koljeno - mehaničko,višeosovinsko, hidraulično,s funkcijom nagazne fleksije, za stupanj mobilnosti 3 i 4 ","'0624340190000","'0624340190001,'0624340190002,'0624340190003,'0624340190004,'0624340190005,'0624340190006,'0624340190007,'0624340190008,'0624340190009"]
["Oronazalna maska za neinvazivnu ventilaciju odraslih","'0403271100000","'0403271100001,'0403271100002,'0403271100003,'0403271100004,'0403271100005,'0403271100006,'0403271100007,'0403271100008,'0403271100009,'0403271100010,'0403271100011,'0403271100012,'0403271100013,'0403271100014,'0403271100015,'0403271100016,'0403271100017,'0403271100018,'0403271100019,'0403271100020,'0403271100021,'0403271100022,'0403271100"]
["Uređaj za kućnu hemodijalizu","'0415031401000","'0415031401001"]
["Potrošni materijal za kućnu hemodijalizu bikarbonatnom otopinom uz volumen otopine 25 L uz korištenje AV pristupa ili uz korištenje pristupa putem CVK","'0415031501000","'0415031501001"]
["Potrošni materijal za kućnu hemodijalizu bikarbonatnom otopinom uz volumen otopine 30 L uz korištenje AV pristupa ili uz korištenje pristupa putem CVK","'0415031601000","'0415031601001"]
["Vrećica bikarbonatne otopine za kućnu hemodijalizu","'0415031701000","'0415031701001"]
["Potrošni materijal za kućnu hemodijalizu laktatnom otopinom uz volumen otopine 25 L uz korištenje AV pristupa ili uz korištenje pristupa putem CVK","'0415031801000","'0415031801001"]
["Potrošni materijal za kućnu hemodijalizu laktatnom otopinom uz volumen otopine 30 L uz korištenje AV pristupa ili uz korištenje pristupa putem CVK","'0415031901000","'0415031901001"]
["Vrećica laktatne otopine za kućnu hemodijalizu","'0415032001000","'0415032001001"]
["Fiksacijske trake za kanilu-dječje (EPSR64T)","'0505121209000","'0505121209001,'0505121209002,'0505121209003,'0505121209004"]
["Endotrahealna kanila plastična s balonom","'0505121226000","'0505121226001,'0505121226002,'0505121226003,'0505121226004,'0505121226005,'0505121226006"]
["Endotrahealna kanila plastična  bez balona","'0505121227000","'0505121227001,'0505121227002,'0505121227003,'0505121227004"]
["Univerzalni prijemnik - Zavojnica","'2145271551000","'2145271551001,'2145271551003"]

{"sheet":"definicija","index":6,"n_rows":50,"n_cols":4,"rows_kept":50}
["Naziv polja","Objašnjenje","Vrsta podatka","Dužina podatka"]
["Vrsta_glavne_grupe","Glavne grupe vrsta pomagala","Varchar",255]
["Vrsta_naziv","Vrsta pomagala","Varchar",255]
["vrsta_id","Iz kodne liste koja je vidljiva ovdje","INT",11]
["RB","Redni broj","Varchar",255]
["ISO9999","ISO šifra","Varchar",12]
["NOVA_SIFRA","Nova šifra","Varchar",13]
["NAZIV_POMAGALA","Sastoji se od generičkog naziva, naziva proizvođača i naziva modela","Text"]
["Datum_od","Datum početka važenja podatka","Date"]
["Datum_do","Datum kraja važenja podatka","Date"]
["PREDLAZE","Šifra predlagača","Varchar",255]
["POTREBAN_PRIJEDLOG","Kodna lista: 0/1\n0 - nije potreban prijedlog\n1 - potreban prijedlog","INT",11]
["PROPISUJE","Iz kodne liste koja je vidljiva ovdje. U polju se nalazi podatak: SIFRA_PROPISIVACA, u slučaju da ih je više odvojeno zarezom.","Varchar",255]
["ODOBRAVA","Iz kodne liste koja je vidljiva ovdje. U polju se nalazi podatak: SIFRA_ODOBRAVATELJA, u slučaju da ih je više odvojeno zarezom.","Varchar",255]
["ODOBRAVANJE","Ispravna kodna lista:\r\n0 - Automatsko od G1\r\n1 - Zaposlenik zavoda \r\n2 - Liječničko povjerenstvo Zavoda\r\n3 - Liječničko povjerenstvo Direkcije\r\n4 – Prvo LP Direkcije nastavno LP Zavoda","INT",11]
["<7god (mj)","Rok uporabe pomagala iskazan u mjesecima","INT",11]
[">7 i <18 (mj)","Rok uporabe pomagala iskazan u mjesecima","INT",11]
[">18 8mj)","Rok uporabe pomagala iskazan u mjesecima","INT",11]
["OBVEZA_POVRATA_POMAGALA","Kodna lista: DA, DA+, NE","Varchar",255]
["OBNOVLJIVO_POMAGALO","Kodna lista: 0/1\n0 - nije obnovljivo\n1 - obnovljivo\n2 - Obaveza povrata uz uvjet: Osigurana osoba je obavezna vratiti pomagalo nakon prestanka potrebe za pomagalom samo ukoliko je od dana isporuke pomagala do dana obveze vraćanja pomagala prošlo manje od polovice vremena utvrđenog kao rok uporabe pomagala.","INT",11]
["SKUPINA_POMAGALA","01 ortopedska i druga pomagala\n02 slušna i surdotehnička pomagala\n03 dentalna pomagala\n04 očna i tiflotehnička pomagala\n07 pomagala za šećernu bolest\n08 pomagala za obloge za rane","INT",11]
["POTREBAN_POVRAT","Kodna lista: 0/1\n0 - nije potreban\n1 - potreban\n2 - Obaveza povrata uz uvjet: Osigurana osoba je obavezna vratiti pomagalo nakon prestanka potrebe za pomagalom samo ukoliko je od dana isporuke pomagala do dana obveze vraćanja pomagala prošlo manje od polovice vremena utvrđenog kao rok uporabe pomagala.\n3 - Obaveza povrata iskorištenih baterija.","INT",11]
["POPRAVAK_POMAGALA","Kodna lista:\n0 - pomagalo\n1 - popravak\n2 - obnova\n3 - servis","INT",11]
["JEDINICA_MJERE",null,"Varchar",255]
["KOLICINA_PROPISIVANJE","Polje sadrži informaciju o dodatnim uvjetima propisivanja vezano za količinu. Ukoliko postoji podatak može biti: do ili do-, NULL ALLOWED\ndo- predstavlja bivšu oznaku #: Ovisno o potrebama osigurane osobe unutar tromjesečnog razdoblja propisivanja, na potvrdi je moguće propisati i manje količine od najveće dozvoljene tromjesečne količine pomagala te propisati više potvrda, uz uvjet da količina propisanog pomagala ne premaši najveću dozvoljenu količinu za tromjesečno razdoblje propisivanja.","Varchar",255]
["KOLIČINA",null,"Decimal",16.2]
["VELICINA_OBLOGE1","Širina obloge iskazana u cm","Decimal",16.2]
["VELICINA_OBLOGE2","Dužina obloge iskazana u cm","Decimal",16.2]
["SIFRE_MEDICINSKIH_INDIKACIJA","Iz kodne liste koja je vidljiva ovdje. U polju se nalazi podatak: šifra indikacije, u slučaju da ih je više odvojeno zarezom.","Varchar",255]
["MOGUCE_PONOVNO_IZDAVANJE_POMAGALA","Kodna lista: 0/1\n0 - nije moguće ponovno izdavanje\n1 - moguće ponovno izdavanje","INT",11]
["SIFRE_POMAGALA_CIJIH_JE_OVO_POMAGALO_REZERVNI_DIO","trenutno nema podataka, no upisivati će se šifra pomagala","Varchar",13]
["KATEGORIJA_POMAGALA_ZA_ISPORUKU","Trenutno nema podataka, kodna lista nepoznata","INT ???"]
["POTREBNA_OCJENA_FUNKCIONALNOSTI","Kodna lista: 0/1\n0 - nije potrebna\n1 - potrebna","INT",11]
["DOZVOLJENO_PROPISIVATI_KOD_PRVOG_PROPISIVANJA_ISPORUČITELJA","Kodna lista: 0/1\n0 - Nije dozvoljeno propisivati\n1 - Dozvoljeno propisivati","INT",11]
["OBAVEZAN_SERIJSKI_ILI_BAR_PRI_ISPORUCI","kodna lista:\n0 - nije obavezan\n1 - obavezan serijski broj\n2 - obavezan bar kod\n","INT",11]
["KLASA_MEDICINSKOG_PROIZVODA",null,"Varchar",255]
["NACIN_PROIZVODNJE",null,"Varchar",255]
["MJESTO_ISPORUKE_POMAGALA",null,"Varchar",255]
["STANDARD_POMAGALA",null,"Text"]
["ISO2013","Kodna lista: 0/1\n0 - nema ISO2013\n1 - ima ISO 2013","INT",11]
["JEDINICNA_VRIJEDNOST_BEZ_PDV","0 = stvarni trošak","Decimal",16.2]
["PDV_STOPA",null,"Decimal",16.2]
["JEDINICNA_VRIJEDNOST_S_PDV","0 = stvarni trošak","Decimal",16.2]
["POSEBNA_OGRANICENJA","Bivše oznake ($, Ω,β , γ, δ  ) sada su $ = 1 i Ω = 2, β = 4, γ = 5, δ = 6 ;NULL ALLOWED\n$ Jedinična cijena obloge množi se s 400 kod obloga površine > 400 cm2. Ako se radi o oblogama za buloznu epidermolizu površine > 400 cm2, jedinična cijena obloge množi sa stvarnom površinom obloge.\nΩ Samo za osigurane osobe do 18. godina života i osigurane osobe iznad 18. godina života na redovnom školovanju. Prilikom svakog preuzimanja nove tromjesečne količine baterija u RU/PS Zavoda osigurane osobe obvezno vraćaju Zavodu iskorištene baterije.\nβ Jednokratno\nγ Djeca od navršene 4. godine života \nδ Djeca do navršene 8. godine života","INT",11]
["LISTA","0 = Osnovna lista; 1 = dodatna lista","INT",11]
["eDOZNAKA","0 = NE; 1 = DA"]
["Indikatori promjene su:"]
["NOV - novi zapis"]
["BRI - brisanje"]
["UPD - izmjena (update)"]

{"sheet":"PROMJENE","index":7,"n_rows":165,"n_cols":53,"rows_kept":165}
["glavna_vrsta","vrsta","vrsta_id","RB","ISO9999","NOVA_SIFRA","NAZIV_POMAGALA","NAZIVPROIZVODJACA","NOSITELJUPISA","DATUM_OD","DATUM_DO","PREDLAZE","POTREBAN_PRIJEDLOG","PROPISUJE","ODOBRAVA","ODOBRAVANJE","<7god (mj)",">7 i <18 (mj)",">18 8mj)","OBVEZA_POVRATA_POMAGALA","OBNOVLJIVO_POMAGALO","SKUPINA_POMAGALA","POTREBAN_POVRAT","POPRAVAK_POMAGALA","JEDNINICA_MJERE","KOLICINA_PROPISIVANJE","KOLIČINA","VELICINA_OBLOGE1","VELICINA_OBLOGE2","SIFRE_MEDICINSKIH_INDIKACIJA","MOGUCE_PONOVNO_IZDAVANJE_POMAGALA","SIFRE_POMAGALA_CIJIH_JE_OVO_POMAGALO_REZERVNI_DIO","KATEGORIJA_POMAGALA_ZA_ISPORUKU","POTREBNA_OCJENA_FUNKCIONALNOSTI","DOZVOLJENO_PROPISIVATI_KOD_PRVOG_PROPISIVANJA_ISPORUČITELJA","OBAVEZAN_SERIJSKI_ILI_BAR_PRI_ISPORUCI","KLASA_MEDICINSKOG_PROIZVODA","NACIN_PROIZVODNJE","MJESTO_ISPORUKE_POMAGALA","STANDARD_POMAGALA","ISO2013","JEDINICNA_VRIJEDNOST_BEZ_PDV","PDV_STOPA","JEDINICNA_VRIJEDNOST_S_PDV","POSEBNA_OGRANICENJA","JEDINICNA_VRIJEDNOST_DOPLATNA LISTA_BEZ_PDV","JEDINICNA_VRIJEDNOST_DOPLATNA LISTA_S_PDV","RAZLIKA_BEZ_PDV","RAZLIKA_S_PDV","OZNAKA_LISTE","eDOZNAKA","NOVA ŠIFRA- GENERIČKA RAZINA","VRSTA_PROMJENE"]
["ORTOZE ","Ortoze za prste, ručni zglob i šaku",46,1,"'060613040320","'0606130403069","Ortoza za ručni zglob i/ili palac, stabilizacijska, plastična  ,BSN medical GmbH, Essity ,Actimove MANUS Wrist Stabilizer-Proffesional Line S","BSN medical GmbH, Essity","Essity Croatia","19.03.2026",null,1,0,"2,3,6",5,2,12,24,24,"NE",0,1,0,0,"kom",null,1,0,0,110,0,0,null,0,0,0,"I","S","SP,LJ","Plastika/metal, s čičak trakom. Gotov proizvod. ",0,"21,3944",5,{"$nulls":6},0,0,"'0606130403000","UPD"]
["ORTOZE ","Ortoze za prste, ručni zglob i šaku",46,2,"'060613040320","'0606130403070","Ortoza za ručni zglob i/ili palac, stabilizacijska, plastična  ,BSN medical GmbH, Essity ,Actimove MANUS Wrist Stabilizer-Proffesional Line M","BSN medical GmbH, Essity","Essity Croatia","19.03.2026",null,1,0,"2,3,6",5,2,12,24,24,"NE",0,1,0,0,"kom",null,1,0,0,110,0,0,null,0,0,0,"I","S","SP,LJ","Plastika/metal, s čičak trakom. Gotov proizvod. ",0,"21,3944",5,{"$nulls":6},0,0,"'0606130403000","UPD"]
["ORTOZE ","Ortoze za prste, ručni zglob i šaku",46,3,"'060613040320","'0606130403071","Ortoza za ručni zglob i/ili palac, stabilizacijska, plastična  ,BSN medical GmbH, Essity ,Actimove MANUS Wrist Stabilizer-Proffesional Line L","BSN medical GmbH, Essity","Essity Croatia","19.03.2026",null,1,0,"2,3,6",5,2,12,24,24,"NE",0,1,0,0,"kom",null,1,0,0,110,0,0,null,0,0,0,"I","S","SP,LJ","Plastika/metal, s čičak trakom. Gotov proizvod. ",0,"21,3944",5,{"$nulls":6},0,0,"'0606130403000","UPD"]
["ORTOZE ","Ortoze za prste, ručni zglob i šaku",46,4,"'060613040320","'0606130403072","Ortoza za ručni zglob i/ili palac, stabilizacijska, plastična  ,BSN medical GmbH, Essity ,Actimove MANUS Wrist Stabilizer-Proffesional Line XL","BSN medical GmbH, Essity","Essity Croatia","19.03.2026",null,1,0,"2,3,6",5,2,12,24,24,"NE",0,1,0,0,"kom",null,1,0,0,110,0,0,null,0,0,0,"I","S","SP,LJ","Plastika/metal, s čičak trakom. Gotov proizvod. ",0,"21,3944",5,{"$nulls":6},0,0,"'0606130403000","UPD"]
["ORTOZE ","Ortoze za prste, ručni zglob i šaku",46,5,"'060613040320","'0606130403077","Ortoza za ručni zglob i/ili palac, stabilizacijska, plastična  ,BSN medical GmbH, Essity ,Actimove GAUNTLET Wrist & Thumb Stabilizer-Proffesional Line S","BSN medical GmbH, Essity","Essity Croatia","19.03.2026",null,1,0,"2,3,6",5,2,12,24,24,"NE",0,1,0,0,"kom",null,1,0,0,110,0,0,null,0,0,0,"I","S","SP,LJ","Plastika/metal, s čičak trakom. Gotov proizvod. ",0,"21,3944",5,{"$nulls":6},0,0,"'0606130403000","NOV"]
["ORTOZE ","Ortoze za prste, ručni zglob i šaku",46,6,"'060613040320","'0606130403074","Ortoza za ručni zglob i/ili palac, stabilizacijska, plastična  ,BSN medical GmbH, Essity ,Actimove GAUNTLET Wrist & Thumb Stabilizer-Proffesional Line  M","BSN medical GmbH, Essity","Essity Croatia","19.03.2026",null,1,0,"2,3,6",5,2,12,24,24,"NE",0,1,0,0,"kom",null,1,0,0,110,0,0,null,0,0,0,"I","S","SP,LJ","Plastika/metal, s čičak trakom. Gotov proizvod. ",0,"21,3944",5,{"$nulls":6},0,0,"'0606130403000","NOV"]
["ORTOZE ","Ortoze za prste, ručni zglob i šaku",46,7,"'060613040320","'0606130403075","Ortoza za ručni zglob i/ili palac, stabilizacijska, plastična  ,BSN medical GmbH, Essity ,Actimove GAUNTLET Wrist & Thumb Stabilizer-Proffesional Line L","BSN medical GmbH, Essity","Essity Croatia","19.03.2026",null,1,0,"2,3,6",5,2,12,24,24,"NE",0,1,0,0,"kom",null,1,0,0,110,0,0,null,0,0,0,"I","S","SP,LJ","Plastika/metal, s čičak trakom. Gotov proizvod. ",0,"21,3944",5,{"$nulls":6},0,0,"'0606130403000","NOV"]
["ORTOZE ","Ortoze za prste, ručni zglob i šaku",46,8,"'060613040320","'0606130403076","Ortoza za ručni zglob i/ili palac, stabilizacijska, plastična  ,BSN medical GmbH, Essity ,Actimove GAUNTLET Wrist & Thumb Stabilizer-Proffesional Line XL","BSN medical GmbH, Essity","Essity Croatia","19.03.2026",null,1,0,"2,3,6",5,2,12,24,24,"NE",0,1,0,0,"kom",null,1,0,0,110,0,0,null,0,0,0,"I","S","SP,LJ","Plastika/metal, s čičak trakom. Gotov proizvod. ",0,"21,3944",5,{"$nulls":6},0,0,"'0606130403000","NOV"]
["POMAGALA ZA KRETANJE","INVALIDSKA KOLICA",70,9,"'122103071205","'1221030712006","Invalidska kolica s posebnom prilagodbom ,Invacare   ,Rea Clematis (odrasli)","Invacare  ","Orto Rea ","19.03.2026",null,1,1,"2,3",5,2,12,24,60,"DA+",1,1,1,0,"kom",null,1,0,0,"342,314,157a",1,0,null,1,0,0,"I","S/I","SPPD","STANDARD ZA DJEČJA KOLICA: Okvir od aluminija ili čelika, naslon  i sjedalo obloženi spužvom  i presvučeni tehničkom tkaninom, težina do 25 kg, oslonac za glavu, mogućnost nagiba naslona do 30 stupnjeva, papučice podesive po visini. Sastavni dijelovi pomagala: abdukcijski klin, sigurnosni pojas, naslon za glavu.  STANDARD ZA KOLICA ZA ODRASLE:  Okvir od aluminija ili čelika, naslon i sjedalo obloženi spužvom i presvučeni tehničkom tkaninom, težina do 35 kg, naslon za glavu prilagodljiv, mogućnost nagiba naslona do 30%, nagib sjedala, podešavanje naslona za ruke, papučice podesive po visini i naprijed. Sastavni dijelovi pomagala su: naslon za glavu, oslonac za ruke, sigurnosni pojas, abdukcijski klin.",0,"1320,3822",5,{"$nulls":6},0,0,"'1221030712000","UPD"]
["POMAGALA ZA KRETANJE","INVALIDSKA KOLICA",70,10,"'122103071221","'1221030712129","Invalidska kolica s posebnom prilagodbom ,Patron ,Tom 4 Xcountry (dječja)","Patron","Orto Rea ","19.03.2026",null,1,0,"2,3",5,2,12,24,60,"DA+",0,1,0,0,"kom",null,1,0,0,"342,314,157a",0,0,null,0,0,0,"I","S/I","SPPD","STANDARD ZA DJEČJA KOLICA: Okvir od aluminija ili čelika, naslon  i sjedalo obloženi spužvom  i presvučeni tehničkom tkaninom, težina do 25 kg, oslonac za glavu, mogućnost nagiba naslona do 30 stupnjeva, papučice podesive po visini. Sastavni dijelovi pomagala: abdukcijski klin, sigurnosni pojas, naslon za glavu.  STANDARD ZA KOLICA ZA ODRASLE:  Okvir od aluminija ili čelika, naslon i sjedalo obloženi spužvom i presvučeni tehničkom tkaninom, težina do 35 kg, naslon za glavu prilagodljiv, mogućnost nagiba naslona do 30%, nagib sjedala, podešavanje naslona za ruke, papučice podesive po visini i naprijed. Sastavni dijelovi pomagala su: naslon za glavu, oslonac za ruke, sigurnosni pojas, abdukcijski klin.",0,"1320,3822",5,{"$nulls":6},0,0,"'1221030712000","NOV"]
["POMAGALA ZA KRETANJE","INVALIDSKA KOLICA",70,11,"'122103071221","'1221030712130","Invalidska kolica s posebnom prilagodbom ,Patron ,Jacko Streeter (dječja)","Patron","Orto Rea ","19.03.2026",null,1,0,"2,3",5,2,12,24,60,"DA+",0,1,0,0,"kom",null,1,0,0,"342,314,157a",0,0,null,0,0,0,"I","S/I","SPPD","STANDARD ZA DJEČJA KOLICA: Okvir od aluminija ili čelika, naslon  i sjedalo obloženi spužvom  i presvučeni tehničkom tkaninom, težina do 25 kg, oslonac za glavu, mogućnost nagiba naslona do 30 stupnjeva, papučice podesive po visini. Sastavni dijelovi pomagala: abdukcijski klin, sigurnosni pojas, naslon za glavu.  STANDARD ZA KOLICA ZA ODRASLE:  Okvir od aluminija ili čelika, naslon i sjedalo obloženi spužvom i presvučeni tehničkom tkaninom, težina do 35 kg, naslon za glavu prilagodljiv, mogućnost nagiba naslona do 30%, nagib sjedala, podešavanje naslona za ruke, papučice podesive po visini i naprijed. Sastavni dijelovi pomagala su: naslon za glavu, oslonac za ruke, sigurnosni pojas, abdukcijski klin.",0,"1320,3822",5,{"$nulls":6},0,0,"'1221030712000","NOV"]
["POMAGALA ZA KRETANJE","Rezervni dijelovi za invalidska kolica",72,12,"'122421071822","'1224210718025","Vanjska guma zadnja, kolica na ručni pogon 102 ,Patron ,Tyres for manule wheel-chairs","Patron","Orto Rea","19.03.2026",null,1,0,4,5,2,12,12,12,"NE",0,1,0,0,"kom","do",2,0,0,314,0,0,null,1,0,0,"I","S","SP,LJ","Originalni dio prema kolicima. ",0,"11,0818",25,{"$nulls":6},0,0,"'1224210718000","NOV"]
["POMAGALA ZA KRETANJE","Rezervni dijelovi za invalidska kolica",72,13,"'122421071921","'1224210719024","Vanjska guma prednja kolica na ručni pogon 102 ,Patron ,Tyres for manule wheel-chairs","Patron","Orto Rea","19.03.2026",null,1,0,4,5,2,12,12,12,"NE",0,1,0,0,"kom","do",2,0,0,314,0,0,null,1,0,0,"I","S","SP,LJ","Originalni dio prema kolicima. ",0,"9,9502",25,{"$nulls":6},0,0,"'1224210719000","NOV"]
["POMAGALA ZA KRETANJE","Rezervni dijelovi za invalidska kolica",72,14,"'122421072022","'1224210720025","Zračnica zadnja,  kolica na ručni pogon  102 ,Patron ,Tubes for manule wheel-chairs","Patron","Orto Rea","19.03.2026",null,1,0,4,5,2,12,12,12,"NE",0,1,0,0,"kom","do",2,0,0,314,0,0,null,1,0,0,"I","S","SP,LJ","Originalni dio prema kolicima. ",0,"4,4279",25,{"$nulls":6},0,0,"'1224210720000","NOV"]
["POMAGALA ZA KRETANJE","Rezervni dijelovi za invalidska kolica",72,15,"'122421072121","'1224210721024","Zračnica prednja,  kolica na ručni pogon 102 ,Patron  ,Tubes for manule wheel-chairs","Patron ","Orto Rea","19.03.2026",null,1,0,4,5,2,12,12,12,"NE",0,1,0,0,"kom","do",2,0,0,314,0,0,null,1,0,0,"I","S","SP,LJ","Originalni dio prema kolicima. ",0,"3,2424",25,{"$nulls":6},0,0,"'1224210721000","NOV"]
["POMAGALA ZA KRETANJE","Rezervni dijelovi za invalidska kolica",72,16,"'122421072227","'1224210722113","Puna guma prednja, kolica na ručni pogon 102 ,Patron ,PU-Tyres","Patron","Orto Rea","19.03.2026",null,1,0,4,5,2,12,12,12,"NE",0,1,0,0,"kom","do",2,0,0,314,0,0,null,1,0,0,"I","S","SP,LJ","Originalni dio prema kolicima. ",0,"16,5208",25,{"$nulls":6},0,0,"'1224210722000","NOV"]
["POMAGALA ZA KRETANJE","Rezervni dijelovi za invalidska kolica",72,17,"'122421072326","'1224210723105","Puna guma zadnja kolica na ručni pogon 102 ,Patron ,PU-Tyres","Patron","Orto Rea","19.03.2026",null,1,0,4,5,2,24,24,24,"NE",0,1,0,0,"kom","do",2,0,0,314,0,0,null,1,0,0,"I","S","SP,LJ","Originalni dio prema kolicima. ",0,"27,7435",25,{"$nulls":6},0,0,"'1224210723000","NOV"]
["POMAGALA ZA KRETANJE","Rezervni dijelovi za invalidska kolica",72,18,"'122430072919","'1224300729021","Sigurnosni pojas 102 ,Patron  ,two-point immobilisation belt","Patron ","Orto Rea","19.03.2026",null,1,0,"2,3,4",5,2,12,12,12,"NE",0,1,0,0,"kom",null,1,0,0,314,0,0,null,1,0,0,"I","S","SP,LJ","Originalni dio prema kolicima. ",0,"10,4586",5,{"$nulls":6},0,0,"'1224300729000","NOV"]
["POMAGALA ZA KRETANJE","Rezervni dijelovi za invalidska kolica",72,19,"'122430073018","'1224300730018","Pojas za trup 102 ,Patron   ,four-point immobilisation belt","Patron  ","Orto Rea","19.03.2026",null,1,0,"2,3,4",5,2,12,12,12,"NE",0,1,0,0,"kom",null,1,0,0,314,0,0,null,1,0,0,"I","S","SP,LJ","Originalni dio prema kolicima. ",0,"23,4455",5,{"$nulls":6},0,0,"'1224300730000","NOV"]
["POMAGALA ZA KRETANJE","Rezervni dijelovi za invalidska kolica",72,20,"'122430073120","'1224300731020","Potporna i rasteretna pelota 2 ,Patron ,side trunkrest adjustable","Patron","Orto Rea","19.03.2026",null,1,0,"2,3,4",5,2,12,12,12,"NE",0,1,0,0,"kom","do",2,0,0,"314,16",0,0,null,1,0,0,"I","S","SP,LJ","Originalni dio prema kolicima. ",0,"39,4585",5,{"$nulls":6},0,0,"'1224300731000","NOV"]
["POMAGALA ZA KRETANJE","Rezervni dijelovi za invalidska kolica",72,21,"'122406073218","'1224060732018","Naslon za glavu 3 ,Patron ,headrest adjustable","Patron","Orto Rea","19.03.2026",null,1,0,4,5,2,24,24,24,"NE",0,1,0,0,"kom",null,1,0,0,"314,16",0,0,null,1,0,0,"I","S","SP,LJ","Originalni dio prema kolicima. ",0,"41,1520",5,{"$nulls":6},0,0,"'1224060732000","NOV"]
["POMAGALA ZA KRETANJE","Rezervni dijelovi za invalidska kolica",72,22,"'122406073321","'1224060733024","Oslonac za ruke 102 ,Patron ,armrest","Patron","Orto Rea","19.03.2026",null,1,0,4,5,2,24,24,24,"NE",0,1,0,0,"kom","do",2,0,0,314,0,0,null,1,0,0,"I","S","SP,LJ","Originalni dio prema kolicima. ",0,"28,0244",5,{"$nulls":6},0,0,"'1224060733000","NOV"]
["POMAGALA ZA KRETANJE","Rezervni dijelovi za invalidska kolica",72,23,"'122406073524","'1224060735026","Oslonac za noge 102 ,Patron ,adjustable footrest","Patron","Orto Rea","19.03.2026",null,1,0,4,5,2,24,24,24,"NE",0,1,0,0,"kom",null,1,0,0,314,0,0,null,1,0,0,"I","S","SP,LJ","Originalni dio prema kolicima. ",0,"40,5362",5,{"$nulls":6},0,0,"'1224060735000","NOV"]
["POMAGALA ZA KRETANJE","Rezervni dijelovi za invalidska kolica",72,24,"'122406073622","'1224060736024","Sjedište invalidskih kolica 102 ,Patron ,seat unit","Patron","Orto Rea","19.03.2026",null,1,0,4,5,2,36,36,36,"NE",0,1,0,0,"kom",null,1,0,0,314,0,0,null,1,0,0,"I","S","SP,LJ","Originalni dio prema kolicima. ",0,"27,9063",5,{"$nulls":6},0,0,"'1224060736000","NOV"]
["POMAGALA ZA KRETANJE","Rezervni dijelovi za invalidska kolica",72,25,"'122406073720","'1224060737022","Naslon za leđa 102 ,Patron ,reclining backrest","Patron","Orto Rea","19.03.2026",null,1,0,4,5,2,36,36,36,"NE",0,1,0,0,"kom",null,1,0,0,314,0,0,null,1,0,0,"I","S","SP,LJ","Originalni dio prema kolicima. ",0,"31,9782",5,{"$nulls":6},0,0,"'1224060737000","NOV"]
["POMAGALA ZA KRETANJE","Rezervni dijelovi za invalidska kolica",72,26,"'122430074417","'1224300744019","Remen za stopala 102 ,Patron ,feet fixation","Patron","Orto Rea","19.03.2026",null,1,0,4,5,2,24,24,24,"NE",0,1,0,0,"kom","do",2,0,0,314,0,0,null,1,0,0,"I","S","SP,LJ","Tehnička tkanina, čičak traka. ",0,"13,9624",5,{"$nulls":6},0,0,"'1224300744000","NOV"]
["POMAGALA ZA KRETANJE","Antidekubitalna pomagala",73,27,"'180942174707","'1809421747023","Antidekubitalni jastuk (punjen zrakom) ,RICANT SCN ,RG/K.AIR 4040-06","RICANT SCN","Legadema;Arcus Vita","19.03.2026",null,1,1,"2,3,6",5,2,36,36,36,"NE",0,1,0,0,"kom",null,1,0,0,165,0,0,null,0,0,0,"I","S ","SP,LJ","Pregrade  punjene zrakom,  guma, tekstil, presvlaka s donjim protukliznim dijelom, više veličina i dvije visine.",0,"288,7517",5,{"$nulls":6},0,0,"'1809421747000","UPD"]
["POMAGALA ZA KRETANJE","Antidekubitalna pomagala",73,28,"'180942174707","'1809421747024","Antidekubitalni jastuk (punjen zrakom) ,RICANT SCN ,RG/K.AIR 4540-06","RICANT SCN","Legadema;Arcus Vita","19.03.2026",null,1,1,"2,3,6",5,2,36,36,36,"NE",0,1,0,0,"kom",null,1,0,0,165,0,0,null,0,0,0,"I","S ","SP,LJ","Pregrade  punjene zrakom,  guma, tekstil, presvlaka s donjim protukliznim dijelom, više veličina i dvije visine.",0,"288,7517",5,{"$nulls":6},0,0,"'1809421747000","UPD"]
["POMAGALA ZA KRETANJE","Antidekubitalna pomagala",73,29,"'180942174707","'1809421747025","Antidekubitalni jastuk (punjen zrakom) ,RICANT SCN ,RG/K.AIR 4545-06","RICANT SCN","Legadema;Arcus Vita","19.03.2026",null,1,1,"2,3,6",5,2,36,36,36,"NE",0,1,0,0,"kom",null,1,0,0,165,0,0,null,0,0,0,"I","S ","SP,LJ","Pregrade  punjene zrakom,  guma, tekstil, presvlaka s donjim protukliznim dijelom, više veličina i dvije visine.",0,"288,7517",5,{"$nulls":6},0,0,"'1809421747000","UPD"]
["POMAGALA ZA KRETANJE","Antidekubitalna pomagala",73,30,"'180942174707","'1809421747026","Antidekubitalni jastuk (punjen zrakom) ,RICANT SCN ,RG/K.AIR 5045-06","RICANT SCN","Legadema;Arcus Vita","19.03.2026",null,1,1,"2,3,6",5,2,36,36,36,"NE",0,1,0,0,"kom",null,1,0,0,165,0,0,null,0,0,0,"I","S ","SP,LJ","Pregrade  punjene zrakom,  guma, tekstil, presvlaka s donjim protukliznim dijelom, više veličina i dvije visine.",0,"288,7517",5,{"$nulls":6},0,0,"'1809421747000","UPD"]
["POMAGALA ZA KRETANJE","Antidekubitalna pomagala",73,31,"'180942174707","'1809421747027","Antidekubitalni jastuk (punjen zrakom) ,RICANT SCN ,RG/K.AIR 4040-10","RICANT SCN","Legadema;Arcus Vita","19.03.2026",null,1,1,"2,3,6",5,2,36,36,36,"NE",0,1,0,0,"kom",null,1,0,0,165,0,0,null,0,0,0,"I","S ","SP,LJ","Pregrade  punjene zrakom,  guma, tekstil, presvlaka s donjim protukliznim dijelom, više veličina i dvije visine.",0,"288,7517",5,{"$nulls":6},0,0,"'1809421747000","UPD"]
["POMAGALA ZA KRETANJE","Antidekubitalna pomagala",73,32,"'180942174707","'1809421747028","Antidekubitalni jastuk (punjen zrakom) ,RICANT SCN ,RG/K.AIR 4540-10","RICANT SCN","Legadema;Arcus Vita","19.03.2026",null,1,1,"2,3,6",5,2,36,36,36,"NE",0,1,0,0,"kom",null,1,0,0,165,0,0,null,0,0,0,"I","S ","SP,LJ","Pregrade  punjene zrakom,  guma, tekstil, presvlaka s donjim protukliznim dijelom, više veličina i dvije visine.",0,"288,7517",5,{"$nulls":6},0,0,"'1809421747000","UPD"]
["POMAGALA ZA KRETANJE","Antidekubitalna pomagala",73,33,"'180942174809","'1809421748026","Antidekubitalni jastuk (punjen gelom) ,Ricant S.r.l. ,RG/GF22","Ricant S.r.l.","Arcus Vita","19.03.2026",null,1,0,"2,3,6",5,2,36,36,36,"NE",0,1,0,0,"kom",null,1,0,0,165,0,0,null,0,0,0,"I",null,"SP,LJ","Gornji dio polimerski gel, donji dio spužva  ili visokoelastična  ili termoaktivna pjena, presvlaka od tehničke tkanine s donjim protukliznim dijelom. ",0,"233,5377",5,{"$nulls":6},0,0,"'1809421748000","NOV"]
["POMAGALA ZA KRETANJE","Antidekubitalna pomagala",73,34,"'180942174809","'1809421748027","Antidekubitalni jastuk (punjen gelom) ,Ricant S.r.l. ,RG/GF23","Ricant S.r.l.","Arcus Vita","19.03.2026",null,1,0,"2,3,6",5,2,36,36,36,"NE",0,1,0,0,"kom",null,1,0,0,165,0,0,null,0,0,0,"I",null,"SP,LJ","Gornji dio polimerski gel, donji dio spužva  ili visokoelastična  ili termoaktivna pjena, presvlaka od tehničke tkanine s donjim protukliznim dijelom. ",0,"233,5377",5,{"$nulls":6},0,0,"'1809421748000","NOV"]
["POMAGALA ZA KRETANJE","Antidekubitalna pomagala",73,35,"'180942174809","'1809421748028","Antidekubitalni jastuk (punjen gelom) ,Ricant S.r.l. ,RG/GF24","Ricant S.r.l.","Arcus Vita","19.03.2026",null,1,0,"2,3,6",5,2,36,36,36,"NE",0,1,0,0,"kom",null,1,0,0,165,0,0,null,0,0,0,"I",null,"SP,LJ","Gornji dio polimerski gel, donji dio spužva  ili visokoelastična  ili termoaktivna pjena, presvlaka od tehničke tkanine s donjim protukliznim dijelom. ",0,"233,5377",5,{"$nulls":6},0,0,"'1809421748000","NOV"]
["POMAGALA ZA KRETANJE","Antidekubitalna pomagala",73,36,"'180942174809","'1809421748029","Antidekubitalni jastuk (punjen gelom) ,Ricant S.r.l. ,RG/GF20","Ricant S.r.l.","Arcus Vita","19.03.2026",null,1,0,"2,3,6",5,2,36,36,36,"NE",0,1,0,0,"kom",null,1,0,0,165,0,0,null,0,0,0,"I",null,"SP,LJ","Gornji dio polimerski gel, donji dio spužva  ili visokoelastična  ili termoaktivna pjena, presvlaka od tehničke tkanine s donjim protukliznim dijelom. ",0,"233,5377",5,{"$nulls":6},0,0,"'1809421748000","NOV"]
["POMAGALA ZA KRETANJE","Antidekubitalna pomagala",73,37,"'181218174911","'1812181749018","Antidekubitalni madrac, iznad 10 cm ,Ricant S.r.l. ,Ricant SY400","Ricant S.r.l.","Arcus Vita","19.03.2026",null,1,0,"2,3,6",5,2,36,36,36,"NE",0,1,0,0,"kom",null,1,0,0,166,0,0,null,0,0,0,"I","S","SP,Lj","Madrac s kompresorom. Pregrade punjene zrakom po cijeloj površini madraca. Guma, poliuretan. Visina iznad 10 cm. Dimenzije minimalno 180x80 cm. Ograničenje za težinu pacijenta do 120 kg. Mogućnost izmjene ili popravak pregrada/ komora. ",0,"394,0372",5,{"$nulls":6},0,0,"'1812181749000","NOV"]
["POMAGALA ZA KRETANJE","Antidekubitalna pomagala",73,38,"'181218175014","'1812181750028","Antidekubitalni madrac, debljine do 10 cm ,Ricant S.r.l. ,Ricant SY300","Ricant S.r.l.","Arcus Vita","19.03.2026",null,1,0,"2,3,6",5,2,36,36,36,"NE",0,1,0,0,"kom",null,1,0,0,167,0,0,null,0,0,0,"I","S","SP,Lj","Madrac sa ili bez kompresora. Pregrade punjene zrakom po cijeloj površini madraca. Guma, poliuretan. Visina do 10 cm. Dimenzije minimalno 180x80 cm. Ograničenje za težinu pacijenta do 100 kg. ",0,"183,7764",5,{"$nulls":6},0,0,"'1812181750000","NOV"]
["POMAGALA ZA PROBAVNI SUSTAV, STOMA POMAGALA","Pomagala za osobe sa stomom- DVODIJELNI SUSTAVI",78,39,"'091812101102","'0918121011004","Podložna pločica sa rastezljivom spojnicom, standardna ,Lentismed ,Lentell Flexi II S extended wear time (201119ET)","Lentismed","Lentismed","19.03.2026",null,"7,6,17",1,14,"1a",0,0,3,3,"NE",0,1,0,0,"kom","do",60,0,0,"344,389",0,0,null,0,0,0,"I","S","SP,LJ","Višekomponentni ljepljivi materijal s prstenom i rastezljivom spojnicom. S ili bez  mikropore ruba za izrezivanje otvora za stomu. ",0,"6,6500",5,{"$nulls":6},0,1,"'0918121011000","NOV"]
["POMAGALA ZA PROBAVNI SUSTAV, STOMA POMAGALA","Pomagala za osobe sa stomom- DVODIJELNI SUSTAVI",78,40,"'091812101102","'0918121011005","Podložna pločica sa rastezljivom spojnicom, standardna ,Lentismed ,Lentell Flexi II S extended wear time (201120ET)","Lentismed","Lentismed","19.03.2026",null,"7,6,17",1,14,"1a",0,0,3,3,"NE",0,1,0,0,"kom","do",60,0,0,"344,389",0,0,null,0,0,0,"I","S","SP,LJ","Višekomponentni ljepljivi materijal s prstenom i rastezljivom spojnicom. S ili bez  mikropore ruba za izrezivanje otvora za stomu. ",0,"6,6500",5,{"$nulls":6},0,1,"'0918121011000","NOV"]
["POMAGALA ZA PROBAVNI SUSTAV, STOMA POMAGALA","Pomagala za osobe sa stomom- DVODIJELNI SUSTAVI",78,41,"'091812101202","'0918121012004","Podložna pločica sa rastezljivom spojnicom, konveksna ,Lentismed ,Lentell Convex II S extended wear time (201121ET)","Lentismed","Lentismed","19.03.2026",null,"7,6,17",1,14,"1a",0,0,3,3,"NE",0,1,0,0,"kom","do",60,0,0,"344,389",0,0,null,0,0,0,"I","S","SP,LJ","Višekomponentni ljepljivi materijal s prstenom, konveksan sa rastezljivom spojnicom. S ili bez  mikropore ruba za izrezivanje otvora za stomu. ",0,"8,3885",5,{"$nulls":6},0,1,"'0918121012000","NOV"]
["POMAGALA ZA PROBAVNI SUSTAV, STOMA POMAGALA","Pomagala za osobe sa stomom- DVODIJELNI SUSTAVI",78,42,"'091812101202","'0918121012005","Podložna pločica sa rastezljivom spojnicom, konveksna ,Lentismed ,Lentell Convex II S extended wear time (201122ET)","Lentismed","Lentismed","19.03.2026",null,"7,6,17",1,14,"1a",0,0,3,3,"NE",0,1,0,0,"kom","do",60,0,0,"344,389",0,0,null,0,0,0,"I","S","SP,LJ","Višekomponentni ljepljivi materijal s prstenom, konveksan sa rastezljivom spojnicom. S ili bez  mikropore ruba za izrezivanje otvora za stomu. ",0,"8,3885",5,{"$nulls":6},0,1,"'0918121012000","NOV"]
["POMAGALA ZA UROGENITALNI SUSTAV","Kateteri",85,43,"'092407101812","'0924071018077","Kateteri za samokateterizaciju jednokratni, hidrofilni ,Hangzhou Bever Medical Devices  ,Wellflex Pre-Lubricated Hydrophilic Catheter, Nelaton-tip, Male, w/ Insertion Aid, Size 10FR (40cm)","Hangzhou Bever Medical Devices ","Wellcare","19.03.2026",null,1,0,14,"1a",0,3,3,3,"NE",0,1,0,0,"kom","do",450,0,0,199,0,0,null,0,0,0,"I","S","SP,LJ","Sterilan. Konektor. PVC. Lubrikant s hidrofilnim svojstvima.    Ili     Sterilan. Konektor. Od poliuretana. Presvučen hidrofilnim slojem. Odmah spreman za uporabu.",0,"1,1493",5,{"$nulls":6},0,1,"'0924071018000","NOV"]
["POMAGALA ZA UROGENITALNI SUSTAV","Kateteri",85,44,"'092407101812","'0924071018078","Kateteri za samokateterizaciju jednokratni, hidrofilni ,Hangzhou Bever Medical Devices  ,Wellflex Pre-Lubricated Hydrophilic Catheter, Nelaton-tip, Male, w/ Insertion Aid, Size 12FR (40cm)","Hangzhou Bever Medical Devices ","Wellcare","19.03.2026",null,1,0,14,"1a",0,3,3,3,"NE",0,1,0,0,"kom","do",450,0,0,199,0,0,null,0,0,0,"I","S","SP,LJ","Sterilan. Konektor. PVC. Lubrikant s hidrofilnim svojstvima.    Ili     Sterilan. Konektor. Od poliuretana. Presvučen hidrofilnim slojem. Odmah spreman za uporabu.",0,"1,1493",5,{"$nulls":6},0,1,"'0924071018000","NOV"]
["POMAGALA ZA UROGENITALNI SUSTAV","Kateteri",85,45,"'092407101812","'0924071018079","Kateteri za samokateterizaciju jednokratni, hidrofilni ,Hangzhou Bever Medical Devices  ,Wellflex Pre-Lubricated Hydrophilic Catheter, Nelaton-tip, Male, w/ Insertion Aid, Size 14FR (40cm)","Hangzhou Bever Medical Devices ","Wellcare","19.03.2026",null,1,0,14,"1a",0,3,3,3,"NE",0,1,0,0,"kom","do",450,0,0,199,0,0,null,0,0,0,"I","S","SP,LJ","Sterilan. Konektor. PVC. Lubrikant s hidrofilnim svojstvima.    Ili     Sterilan. Konektor. Od poliuretana. Presvučen hidrofilnim slojem. Odmah spreman za uporabu.",0,"1,1493",5,{"$nulls":6},0,1,"'0924071018000","NOV"]
["POMAGALA ZA UROGENITALNI SUSTAV","Kateteri",85,46,"'092407101812","'0924071018080","Kateteri za samokateterizaciju jednokratni, hidrofilni ,Hangzhou Bever Medical Devices  ,Wellflex Pre-Lubricated Hydrophilic Catheter, Nelaton-tip, Male, w/ Insertion Aid, Size 16FR (40cm)","Hangzhou Bever Medical Devices ","Wellcare","19.03.2026",null,1,0,14,"1a",0,3,3,3,"NE",0,1,0,0,"kom","do",450,0,0,199,0,0,null,0,0,0,"I","S","SP,LJ","Sterilan. Konektor. PVC. Lubrikant s hidrofilnim svojstvima.    Ili     Sterilan. Konektor. Od poliuretana. Presvučen hidrofilnim slojem. Odmah spreman za uporabu.",0,"1,1493",5,{"$nulls":6},0,1,"'0924071018000","NOV"]
["POMAGALA ZA UROGENITALNI SUSTAV","Kateteri",85,47,"'092407101812","'0924071018081","Kateteri za samokateterizaciju jednokratni, hidrofilni ,Hangzhou Bever Medical Devices  ,Wellflex Pre-Lubricated Hydrophilic Catheter, Nelaton-tip, Female, w/ Insertion Aid, Size 10FR (19cm)","Hangzhou Bever Medical Devices ","Wellcare","19.03.2026",null,1,0,14,"1a",0,3,3,3,"NE",0,1,0,0,"kom","do",450,0,0,199,0,0,null,0,0,0,"I","S","SP,LJ","Sterilan. Konektor. PVC. Lubrikant s hidrofilnim svojstvima.    Ili     Sterilan. Konektor. Od poliuretana. Presvučen hidrofilnim slojem. Odmah spreman za uporabu.",0,"1,1493",5,{"$nulls":6},0,1,"'0924071018000","NOV"]
["POMAGALA ZA UROGENITALNI SUSTAV","Kateteri",85,48,"'092407101812","'0924071018082","Kateteri za samokateterizaciju jednokratni, hidrofilni ,Hangzhou Bever Medical Devices  ,Wellflex Pre-Lubricated Hydrophilic Catheter, Nelaton-tip, Female, w/ Insertion Aid, Size 12FR (19cm)","Hangzhou Bever Medical Devices ","Wellcare","19.03.2026",null,1,0,14,"1a",0,3,3,3,"NE",0,1,0,0,"kom","do",450,0,0,199,0,0,null,0,0,0,"I","S","SP,LJ","Sterilan. Konektor. PVC. Lubrikant s hidrofilnim svojstvima.    Ili     Sterilan. Konektor. Od poliuretana. Presvučen hidrofilnim slojem. Odmah spreman za uporabu.",0,"1,1493",5,{"$nulls":6},0,1,"'0924071018000","NOV"]
["POMAGALA ZA UROGENITALNI SUSTAV","Kateteri",85,49,"'092407101812","'0924071018083","Kateteri za samokateterizaciju jednokratni, hidrofilni ,Hangzhou Bever Medical Devices  ,Wellflex Pre-Lubricated Hydrophilic Catheter, Nelaton-tip, Female, w/ Insertion Aid, Size 14FR (19cm)","Hangzhou Bever Medical Devices ","Wellcare","19.03.2026",null,1,0,14,"1a",0,3,3,3,"NE",0,1,0,0,"kom","do",450,0,0,199,0,0,null,0,0,0,"I","S","SP,LJ","Sterilan. Konektor. PVC. Lubrikant s hidrofilnim svojstvima.    Ili     Sterilan. Konektor. Od poliuretana. Presvučen hidrofilnim slojem. Odmah spreman za uporabu.",0,"1,1493",5,{"$nulls":6},0,1,"'0924071018000","NOV"]
["POMAGALA ZA UROGENITALNI SUSTAV","Kateteri",85,50,"'092407101812","'0924071018084","Kateteri za samokateterizaciju jednokratni, hidrofilni ,Hangzhou Bever Medical Devices  ,Wellflex Pre-Lubricated Hydrophilic Catheter, Nelaton-tip, Female, w/ Insertion Aid, Size 16FR (19cm)","Hangzhou Bever Medical Devices ","Wellcare","19.03.2026",null,1,0,14,"1a",0,3,3,3,"NE",0,1,0,0,"kom","do",450,0,0,199,0,0,null,0,0,0,"I","S","SP,LJ","Sterilan. Konektor. PVC. Lubrikant s hidrofilnim svojstvima.    Ili     Sterilan. Konektor. Od poliuretana. Presvučen hidrofilnim slojem. Odmah spreman za uporabu.",0,"1,1493",5,{"$nulls":6},0,1,"'0924071018000","NOV"]
["POMAGALA ZA UROGENITALNI SUSTAV","Kateteri",85,51,"'092407101812","'0924071018085","Kateteri za samokateterizaciju jednokratni, hidrofilni ,Hangzhou Bever Medical Devices  ,Wellflex Pre-Lubricated Hydrophilic Catheter, Tapered-tip Tiemann, w/ Insertion aid, Male, Size 10FR (40cm)","Hangzhou Bever Medical Devices ","Wellcare","19.03.2026",null,1,0,14,"1a",0,3,3,3,"NE",0,1,0,0,"kom","do",450,0,0,199,0,0,null,0,0,0,"I","S","SP,LJ","Sterilan. Konektor. PVC. Lubrikant s hidrofilnim svojstvima.    Ili     Sterilan. Konektor. Od poliuretana. Presvučen hidrofilnim slojem. Odmah spreman za uporabu.",0,"1,1493",5,{"$nulls":6},0,1,"'0924071018000","NOV"]
["POMAGALA ZA UROGENITALNI SUSTAV","Kateteri",85,52,"'092407101812","'0924071018086","Kateteri za samokateterizaciju jednokratni, hidrofilni ,Hangzhou Bever Medical Devices  ,Wellflex Pre-Lubricated Hydrophilic Catheter, Tapered-tip Tiemann, w/ Insertion aid, Male, Size 12FR (40cm)","Hangzhou Bever Medical Devices ","Wellcare","19.03.2026",null,1,0,14,"1a",0,3,3,3,"NE",0,1,0,0,"kom","do",450,0,0,199,0,0,null,0,0,0,"I","S","SP,LJ","Sterilan. Konektor. PVC. Lubrikant s hidrofilnim svojstvima.    Ili     Sterilan. Konektor. Od poliuretana. Presvučen hidrofilnim slojem. Odmah spreman za uporabu.",0,"1,1493",5,{"$nulls":6},0,1,"'0924071018000","NOV"]
["POMAGALA ZA UROGENITALNI SUSTAV","Kateteri",85,53,"'092407101812","'0924071018087","Kateteri za samokateterizaciju jednokratni, hidrofilni ,Hangzhou Bever Medical Devices  ,Wellflex Pre-Lubricated Hydrophilic Catheter, Tapered-tip Tiemann, w/ Insertion aid, Male, Size 14FR (40cm)","Hangzhou Bever Medical Devices ","Wellcare","19.03.2026",null,1,0,14,"1a",0,3,3,3,"NE",0,1,0,0,"kom","do",450,0,0,199,0,0,null,0,0,0,"I","S","SP,LJ","Sterilan. Konektor. PVC. Lubrikant s hidrofilnim svojstvima.    Ili     Sterilan. Konektor. Od poliuretana. Presvučen hidrofilnim slojem. Odmah spreman za uporabu.",0,"1,1493",5,{"$nulls":6},0,1,"'0924071018000","NOV"]
["POMAGALA ZA UROGENITALNI SUSTAV","Kateteri",85,54,"'092407101812","'0924071018088","Kateteri za samokateterizaciju jednokratni, hidrofilni ,Hangzhou Bever Medical Devices  ,Wellflex Pre-Lubricated Hydrophilic Catheter, Tapered-tip Tiemann, w/ Insertion aid, Male, Size 16FR (40cm)","Hangzhou Bever Medical Devices ","Wellcare","19.03.2026",null,1,0,14,"1a",0,3,3,3,"NE",0,1,0,0,"kom","do",450,0,0,199,0,0,null,0,0,0,"I","S","SP,LJ","Sterilan. Konektor. PVC. Lubrikant s hidrofilnim svojstvima.    Ili     Sterilan. Konektor. Od poliuretana. Presvučen hidrofilnim slojem. Odmah spreman za uporabu.",0,"1,1493",5,{"$nulls":6},0,1,"'0924071018000","NOV"]
["POMAGALA ZA UROGENITALNI SUSTAV","Kateteri",85,55,"'092407101813","'0924071018089","Kateteri za samokateterizaciju jednokratni, hidrofilni ,Curan Medical BV ,Curan Advantage Female WHF 06","Curan Medical BV","Elbi Medikal","19.03.2026",null,1,0,14,"1a",0,3,3,3,"NE",0,1,0,0,"kom","do",450,0,0,199,0,0,null,0,0,0,"I","S","SP,LJ","Sterilan. Konektor. PVC. Lubrikant s hidrofilnim svojstvima.    Ili     Sterilan. Konektor. Od poliuretana. Presvučen hidrofilnim slojem. Odmah spreman za uporabu.",0,"1,1493",5,{"$nulls":6},0,1,"'0924071018000","NOV"]
["POMAGALA ZA UROGENITALNI SUSTAV","Kateteri",85,56,"'092407101813","'0924071018090","Kateteri za samokateterizaciju jednokratni, hidrofilni ,Curan Medical BV ,Curan Advantage Unisex WHU 06","Curan Medical BV","Elbi Medikal","19.03.2026",null,1,0,14,"1a",0,3,3,3,"NE",0,1,0,0,"kom","do",450,0,0,199,0,0,null,0,0,0,"I","S","SP,LJ","Sterilan. Konektor. PVC. Lubrikant s hidrofilnim svojstvima.    Ili     Sterilan. Konektor. Od poliuretana. Presvučen hidrofilnim slojem. Odmah spreman za uporabu.",0,"1,1493",5,{"$nulls":6},0,1,"'0924071018000","NOV"]
["POMAGALA ZA UROGENITALNI SUSTAV","Pelene",86,57,"'093004102101","'0930041021001","Pelene u spoju s gaćicama niskoupijajuće ,Attends Healthcare AB ,Attends Slip Regular 9 Small","Attends Healthcare AB","Elbi Medikal","19.03.2026",null,1,1,14,"1a",0,3,3,3,"NE",0,1,0,0,"kom","do-",400,0,0,201,0,0,null,0,0,0,"I","S","SP,LJ","Male - moć upijanja najmanje 700 g prema MDS 1/93 certifikatu. Srednje - moć upijanja najmanje 900 g prema MDS 1/93 certifikatu. Velike - moć upijanja najmanje 1100 g prema MDS 1/93 certifikatu. Brzina upijanja minimalno 4 ml/s prema MDS 1/93 certifikatu. Ispuštanje tekućine maksimalno 2 g prema MDS 1/93 certifikatu. Anatomski oblik. Indikator vlažnosti. ",0,"0,4910",5,{"$nulls":6},0,1,"'0930041021000","UPD"]
["POMAGALA ZA UROGENITALNI SUSTAV","Pelene",86,58,"'093004102101","'0930041021002","Pelene u spoju s gaćicama niskoupijajuće ,Attends Healthcare AB ,Attends Slip Regular 8 Medium","Attends Healthcare AB","Elbi Medikal","19.03.2026",null,1,1,14,"1a",0,3,3,3,"NE",0,1,0,0,"kom","do-",400,0,0,201,0,0,null,0,0,0,"I","S","SP,LJ","Male - moć upijanja najmanje 700 g prema MDS 1/93 certifikatu. Srednje - moć upijanja najmanje 900 g prema MDS 1/93 certifikatu. Velike - moć upijanja najmanje 1100 g prema MDS 1/93 certifikatu. Brzina upijanja minimalno 4 ml/s prema MDS 1/93 certifikatu. Ispuštanje tekućine maksimalno 2 g prema MDS 1/93 certifikatu. Anatomski oblik. Indikator vlažnosti. ",0,"0,4910",5,{"$nulls":6},0,1,"'0930041021000","UPD"]
["POMAGALA ZA UROGENITALNI SUSTAV","Pelene",86,59,"'093004102101","'0930041021003","Pelene u spoju s gaćicama niskoupijajuće ,Attends Healthcare AB ,Attends Slip Active 8 Medium","Attends Healthcare AB","Elbi Medikal","19.03.2026",null,1,1,14,"1a",0,3,3,3,"NE",0,1,0,0,"kom","do-",400,0,0,201,0,0,null,0,0,0,"I","S","SP,LJ","Male - moć upijanja najmanje 700 g prema MDS 1/93 certifikatu. Srednje - moć upijanja najmanje 900 g prema MDS 1/93 certifikatu. Velike - moć upijanja najmanje 1100 g prema MDS 1/93 certifikatu. Brzina upijanja minimalno 4 ml/s prema MDS 1/93 certifikatu. Ispuštanje tekućine maksimalno 2 g prema MDS 1/93 certifikatu. Anatomski oblik. Indikator vlažnosti. ",0,"0,4910",5,{"$nulls":6},0,1,"'0930041021000","UPD"]
["POMAGALA ZA UROGENITALNI SUSTAV","Pelene",86,60,"'093004102101","'0930041021004","Pelene u spoju s gaćicama niskoupijajuće ,Attends Healthcare AB ,Attends Slip Regular 8 Large","Attends Healthcare AB","Elbi Medikal","19.03.2026",null,1,1,14,"1a",0,3,3,3,"NE",0,1,0,0,"kom","do-",400,0,0,201,0,0,null,0,0,0,"I","S","SP,LJ","Male - moć upijanja najmanje 700 g prema MDS 1/93 certifikatu. Srednje - moć upijanja najmanje 900 g prema MDS 1/93 certifikatu. Velike - moć upijanja najmanje 1100 g prema MDS 1/93 certifikatu. Brzina upijanja minimalno 4 ml/s prema MDS 1/93 certifikatu. Ispuštanje tekućine maksimalno 2 g prema MDS 1/93 certifikatu. Anatomski oblik. Indikator vlažnosti. ",0,"0,4910",5,{"$nulls":6},0,1,"'0930041021000","UPD"]
["POMAGALA ZA UROGENITALNI SUSTAV","Pelene",86,61,"'093004102101","'0930041021005","Pelene u spoju s gaćicama niskoupijajuće ,Attends Healthcare AB ,Attends Slip Active 8 Large","Attends Healthcare AB","Elbi Medikal","19.03.2026",null,1,1,14,"1a",0,3,3,3,"NE",0,1,0,0,"kom","do-",400,0,0,201,0,0,null,0,0,0,"I","S","SP,LJ","Male - moć upijanja najmanje 700 g prema MDS 1/93 certifikatu. Srednje - moć upijanja najmanje 900 g prema MDS 1/93 certifikatu. Velike - moć upijanja najmanje 1100 g prema MDS 1/93 certifikatu. Brzina upijanja minimalno 4 ml/s prema MDS 1/93 certifikatu. Ispuštanje tekućine maksimalno 2 g prema MDS 1/93 certifikatu. Anatomski oblik. Indikator vlažnosti. ",0,"0,4910",5,{"$nulls":6},0,1,"'0930041021000","UPD"]
["POMAGALA ZA UROGENITALNI SUSTAV","Pelene",86,62,"'093004102201","'0930041022001","Pelene u spoju s gaćicama, visokoupijajuće ,Attends Healthcare AB ,Attends Slip Regular 10 Small","Attends Healthcare AB","Elbi Medikal","19.03.2026",null,1,1,14,"1a",0,3,3,3,"NE",0,1,0,0,"kom","do-",320,0,0,202,0,0,null,0,0,0,"I","S","SP,LJ","Male - moć upijanja najmanje 800 g prema MDS 1/93 certifikatu. Srednje - moć upijanja najmanje 1100 g prema MDS 1/93 certifikatu. Velike - moć upijanja najmanje 1300 g prema MDS 1/93 certifikatu. Brzina upijanja minimalno 4 ml/s prema MDS 1/93 certifikatu. Ispuštanje tekućine maksimalno 2 g prema MDS 1/93 certifikatu. Anatomski oblik. Indikator vlažnosti. ",0,"0,5985",5,{"$nulls":6},0,1,"'0930041022000","UPD"]
["POMAGALA ZA UROGENITALNI SUSTAV","Pelene",86,63,"'093004102201","'0930041022002","Pelene u spoju s gaćicama, visokoupijajuće ,Attends Healthcare AB ,Attends Slip Regular 10 Medium","Attends Healthcare AB","Elbi Medikal","19.03.2026",null,1,1,14,"1a",0,3,3,3,"NE",0,1,0,0,"kom","do-",320,0,0,202,0,0,null,0,0,0,"I","S","SP,LJ","Male - moć upijanja najmanje 800 g prema MDS 1/93 certifikatu. Srednje - moć upijanja najmanje 1100 g prema MDS 1/93 certifikatu. Velike - moć upijanja najmanje 1300 g prema MDS 1/93 certifikatu. Brzina upijanja minimalno 4 ml/s prema MDS 1/93 certifikatu. Ispuštanje tekućine maksimalno 2 g prema MDS 1/93 certifikatu. Anatomski oblik. Indikator vlažnosti. ",0,"0,5985",5,{"$nulls":6},0,1,"'0930041022000","UPD"]
["POMAGALA ZA UROGENITALNI SUSTAV","Pelene",86,64,"'093004102201","'0930041022003","Pelene u spoju s gaćicama, visokoupijajuće ,Attends Healthcare AB ,Attends Slip Active 10 Medium","Attends Healthcare AB","Elbi Medikal","19.03.2026",null,1,1,14,"1a",0,3,3,3,"NE",0,1,0,0,"kom","do-",320,0,0,202,0,0,null,0,0,0,"I","S","SP,LJ","Male - moć upijanja najmanje 800 g prema MDS 1/93 certifikatu. Srednje - moć upijanja najmanje 1100 g prema MDS 1/93 certifikatu. Velike - moć upijanja najmanje 1300 g prema MDS 1/93 certifikatu. Brzina upijanja minimalno 4 ml/s prema MDS 1/93 certifikatu. Ispuštanje tekućine maksimalno 2 g prema MDS 1/93 certifikatu. Anatomski oblik. Indikator vlažnosti. ",0,"0,5985",5,{"$nulls":6},0,1,"'0930041022000","UPD"]
["POMAGALA ZA UROGENITALNI SUSTAV","Pelene",86,65,"'093004102201","'0930041022004","Pelene u spoju s gaćicama, visokoupijajuće ,Attends Healthcare AB ,Attends Slip Regular 10 Large","Attends Healthcare AB","Elbi Medikal","19.03.2026",null,1,1,14,"1a",0,3,3,3,"NE",0,1,0,0,"kom","do-",320,0,0,202,0,0,null,0,0,0,"I","S","SP,LJ","Male - moć upijanja najmanje 800 g prema MDS 1/93 certifikatu. Srednje - moć upijanja najmanje 1100 g prema MDS 1/93 certifikatu. Velike - moć upijanja najmanje 1300 g prema MDS 1/93 certifikatu. Brzina upijanja minimalno 4 ml/s prema MDS 1/93 certifikatu. Ispuštanje tekućine maksimalno 2 g prema MDS 1/93 certifikatu. Anatomski oblik. Indikator vlažnosti. ",0,"0,5985",5,{"$nulls":6},0,1,"'0930041022000","UPD"]
["POMAGALA ZA UROGENITALNI SUSTAV","Pelene",86,66,"'093004102201","'0930041022005","Pelene u spoju s gaćicama, visokoupijajuće ,Attends Healthcare AB ,Attends Slip Active 10 Large","Attends Healthcare AB","Elbi Medikal","19.03.2026",null,1,1,14,"1a",0,3,3,3,"NE",0,1,0,0,"kom","do-",320,0,0,202,0,0,null,0,0,0,"I","S","SP,LJ","Male - moć upijanja najmanje 800 g prema MDS 1/93 certifikatu. Srednje - moć upijanja najmanje 1100 g prema MDS 1/93 certifikatu. Velike - moć upijanja najmanje 1300 g prema MDS 1/93 certifikatu. Brzina upijanja minimalno 4 ml/s prema MDS 1/93 certifikatu. Ispuštanje tekućine maksimalno 2 g prema MDS 1/93 certifikatu. Anatomski oblik. Indikator vlažnosti. ",0,"0,5985",5,{"$nulls":6},0,1,"'0930041022000","UPD"]
["POMAGALA ZA UROGENITALNI SUSTAV","Pelene",86,67,"'093004102316","'0930041023020","Pelene u spoju s gaćicama za noć, visokoupijajuće, ekstravelike ,UNIZEL MEDICARE ,Formacare Slip XL Super","UNIZEL MEDICARE","Medicline","19.03.2026",null,1,1,14,"1a",0,0,3,3,"NE",0,1,0,0,"kom","do",320,0,0,203,0,0,null,0,0,0,"I","S","SP,LJ","Opseg kukova od 150 cm i više, moć upijanja minimalno 1400 g prema MDS 1/93 certifikatu, brzina upijanja minimalno 4ml/s prema MDS 1/93 certifikatu, ispuštanje tekućine maksimalno 2 g prema MDS 1/93 Certifikatu, anatomski oblik, indikator vlažnosti.",0,"0,7933",5,{"$nulls":6},0,1,"'0930041023000","UPD"]
["POMAGALA ZA UROGENITALNI SUSTAV","Pelene",86,68,"'093004102316","'0930041023021","Pelene u spoju s gaćicama za noć, visokoupijajuće, ekstravelike ,UNIZEL MEDICARE ,Nur Premium XL Maxi","UNIZEL MEDICARE","Medicline","19.03.2026",null,1,1,14,"1a",0,0,3,3,"NE",0,1,0,0,"kom","do",320,0,0,203,0,0,null,0,0,0,"I","S","SP,LJ","Opseg kukova od 150 cm i više, moć upijanja minimalno 1400 g prema MDS 1/93 certifikatu, brzina upijanja minimalno 4ml/s prema MDS 1/93 certifikatu, ispuštanje tekućine maksimalno 2 g prema MDS 1/93 Certifikatu, anatomski oblik, indikator vlažnosti.",0,"0,7933",5,{"$nulls":6},0,1,"'0930041023000","UPD"]
["POMAGALA ZA UROGENITALNI SUSTAV","Pelene",86,69,"'093004102316","'0930041023022","Pelene u spoju s gaćicama za noć, visokoupijajuće, ekstravelike ,UNIZEL MEDICARE ,Nur Premium Super XXL","UNIZEL MEDICARE","Medicline","19.03.2026",null,1,1,14,"1a",0,0,3,3,"NE",0,1,0,0,"kom","do",320,0,0,203,0,0,null,0,0,0,"I","S","SP,LJ","Opseg kukova od 150 cm i više, moć upijanja minimalno 1400 g prema MDS 1/93 certifikatu, brzina upijanja minimalno 4ml/s prema MDS 1/93 certifikatu, ispuštanje tekućine maksimalno 2 g prema MDS 1/93 Certifikatu, anatomski oblik, indikator vlažnosti.",0,"0,7933",5,{"$nulls":6},0,1,"'0930041023000","UPD"]
["POMAGALA ZA UROGENITALNI SUSTAV","Pelene",86,70,"'093004102101","'0930041021073","Pelene u spoju s gaćicama niskoupijajuće ,Attends Healthcare AB ,Attends Slip Air Comfort 9 Medium","Attends Healthcare AB","Elbi Medikal","19.03.2026",null,1,1,14,"1a",0,3,3,3,"NE",0,1,0,0,"kom","do-",400,0,0,201,0,0,null,0,0,0,"I","S","SP,LJ","Male - moć upijanja najmanje 700 g prema MDS 1/93 certifikatu. Srednje - moć upijanja najmanje 900 g prema MDS 1/93 certifikatu. Velike - moć upijanja najmanje 1100 g prema MDS 1/93 certifikatu. Brzina upijanja minimalno 4 ml/s prema MDS 1/93 certifikatu. Ispuštanje tekućine maksimalno 2 g prema MDS 1/93 certifikatu. Anatomski oblik. Indikator vlažnosti. ",0,"0,4910",5,{"$nulls":6},0,1,"'0930041021000","NOV"]
["POMAGALA ZA UROGENITALNI SUSTAV","Pelene",86,71,"'093004102101","'0930041021074","Pelene u spoju s gaćicama niskoupijajuće ,Attends Healthcare AB ,Attends Slip Air Comfort 9 Large","Attends Healthcare AB","Elbi Medikal","19.03.2026",null,1,1,14,"1a",0,3,3,3,"NE",0,1,0,0,"kom","do-",400,0,0,201,0,0,null,0,0,0,"I","S","SP,LJ","Male - moć upijanja najmanje 700 g prema MDS 1/93 certifikatu. Srednje - moć upijanja najmanje 900 g prema MDS 1/93 certifikatu. Velike - moć upijanja najmanje 1100 g prema MDS 1/93 certifikatu. Brzina upijanja minimalno 4 ml/s prema MDS 1/93 certifikatu. Ispuštanje tekućine maksimalno 2 g prema MDS 1/93 certifikatu. Anatomski oblik. Indikator vlažnosti. ",0,"0,4910",5,{"$nulls":6},0,1,"'0930041021000","NOV"]
["POMAGALA ZA UROGENITALNI SUSTAV","Pelene",86,72,"'093004102201","'0930041022127","Pelene u spoju s gaćicama, visokoupijajuće ,Attends Healthcare AB ,Attends Slip Air Comfort 10 Medium","Attends Healthcare AB","Elbi Medikal","19.03.2026",null,1,1,14,"1a",0,3,3,3,"NE",0,1,0,0,"kom","do-",320,0,0,202,0,0,null,0,0,0,"I","S","SP,LJ","Male - moć upijanja najmanje 800 g prema MDS 1/93 certifikatu. Srednje - moć upijanja najmanje 1100 g prema MDS 1/93 certifikatu. Velike - moć upijanja najmanje 1300 g prema MDS 1/93 certifikatu. Brzina upijanja minimalno 4 ml/s prema MDS 1/93 certifikatu. Ispuštanje tekućine maksimalno 2 g prema MDS 1/93 certifikatu. Anatomski oblik. Indikator vlažnosti. ",0,"0,5985",5,{"$nulls":6},0,1,"'0930041022000","NOV"]
["POMAGALA ZA UROGENITALNI SUSTAV","Pelene",86,73,"'093004102201","'0930041022128","Pelene u spoju s gaćicama, visokoupijajuće ,Attends Healthcare AB ,Attends Slip Air Comfort 10 Large","Attends Healthcare AB","Elbi Medikal","19.03.2026",null,1,1,14,"1a",0,3,3,3,"NE",0,1,0,0,"kom","do-",320,0,0,202,0,0,null,0,0,0,"I","S","SP,LJ","Male - moć upijanja najmanje 800 g prema MDS 1/93 certifikatu. Srednje - moć upijanja najmanje 1100 g prema MDS 1/93 certifikatu. Velike - moć upijanja najmanje 1300 g prema MDS 1/93 certifikatu. Brzina upijanja minimalno 4 ml/s prema MDS 1/93 certifikatu. Ispuštanje tekućine maksimalno 2 g prema MDS 1/93 certifikatu. Anatomski oblik. Indikator vlažnosti. ",0,"0,5985",5,{"$nulls":6},0,1,"'0930041022000","NOV"]
["POMAGALA ZA UROGENITALNI SUSTAV","Anatomski ulošci",87,74,"'093004102427","'0930041024218","Anatomski ulošci ,UNIZEL MEDICARE ,Nur lady mini","UNIZEL MEDICARE","Medicline","19.03.2026",null,1,0,14,"1a",0,0,3,3,"NE",0,1,0,0,"kom","do",275,0,0,204,0,0,null,0,0,0,"I",null,"SP,LJ","Moć upijanja za žene minimalno 500 g, za muškarce minimalno 250 g  prema MDS certifikatu, brzina upijanja minimalno 4ml/s prema MDS 1/93 certifikatu, ispuštanje tekućine maksimalno 2 g prema MDS 1/93 Certifikatu, anatomski oblik, indikator vlažnosti.",0,"0,3251",5,{"$nulls":6},0,1,"'0930041024000","NOV"]
["POMAGALA ZA UROGENITALNI SUSTAV","Anatomski ulošci",87,75,"'093004102427","'0930041024219","Anatomski ulošci ,UNIZEL MEDICARE ,Nur lady normal","UNIZEL MEDICARE","Medicline","19.03.2026",null,1,0,14,"1a",0,0,3,3,"NE",0,1,0,0,"kom","do",275,0,0,204,0,0,null,0,0,0,"I",null,"SP,LJ","Moć upijanja za žene minimalno 500 g, za muškarce minimalno 250 g  prema MDS certifikatu, brzina upijanja minimalno 4ml/s prema MDS 1/93 certifikatu, ispuštanje tekućine maksimalno 2 g prema MDS 1/93 Certifikatu, anatomski oblik, indikator vlažnosti.",0,"0,3251",5,{"$nulls":6},0,1,"'0930041024000","NOV"]
["POMAGALA ZA UROGENITALNI SUSTAV","Anatomski ulošci",87,76,"'093004102427","'0930041024220","Anatomski ulošci ,UNIZEL MEDICARE ,Nur lady extra","UNIZEL MEDICARE","Medicline","19.03.2026",null,1,0,14,"1a",0,0,3,3,"NE",0,1,0,0,"kom","do",275,0,0,204,0,0,null,0,0,0,"I",null,"SP,LJ","Moć upijanja za žene minimalno 500 g, za muškarce minimalno 250 g  prema MDS certifikatu, brzina upijanja minimalno 4ml/s prema MDS 1/93 certifikatu, ispuštanje tekućine maksimalno 2 g prema MDS 1/93 Certifikatu, anatomski oblik, indikator vlažnosti.",0,"0,3251",5,{"$nulls":6},0,1,"'0930041024000","NOV"]
["POMAGALA ZA UROGENITALNI SUSTAV","Anatomski ulošci",87,77,"'093004102427","'0930041024221","Anatomski ulošci ,UNIZEL MEDICARE ,Nur lady super","UNIZEL MEDICARE","Medicline","19.03.2026",null,1,0,14,"1a",0,0,3,3,"NE",0,1,0,0,"kom","do",275,0,0,204,0,0,null,0,0,0,"I",null,"SP,LJ","Moć upijanja za žene minimalno 500 g, za muškarce minimalno 250 g  prema MDS certifikatu, brzina upijanja minimalno 4ml/s prema MDS 1/93 certifikatu, ispuštanje tekućine maksimalno 2 g prema MDS 1/93 Certifikatu, anatomski oblik, indikator vlažnosti.",0,"0,3251",5,{"$nulls":6},0,1,"'0930041024000","NOV"]
["POMAGALA ZA UROGENITALNI SUSTAV","Anatomski ulošci",87,78,"'093004102427","'0930041024222","Anatomski ulošci ,UNIZEL MEDICARE ,Nur form extra night","UNIZEL MEDICARE","Medicline","19.03.2026",null,1,0,14,"1a",0,0,3,3,"NE",0,1,0,0,"kom","do",275,0,0,204,0,0,null,0,0,0,"I",null,"SP,LJ","Moć upijanja za žene minimalno 500 g, za muškarce minimalno 250 g  prema MDS certifikatu, brzina upijanja minimalno 4ml/s prema MDS 1/93 certifikatu, ispuštanje tekućine maksimalno 2 g prema MDS 1/93 Certifikatu, anatomski oblik, indikator vlažnosti.",0,"0,3251",5,{"$nulls":6},0,1,"'0930041024000","NOV"]
["POMAGALA ZA UROGENITALNI SUSTAV","Zaštitni podmetač za krevet ",88,79,"'090300102623","'0903001026054","Zaštitni podmetač za krevet za jednokratnu uporabu ,UNIZEL MEDICARE ,Nur podmetač za krevet 60x90cm","UNIZEL MEDICARE","Medicline","19.03.2026",null,1,0,14,"1a",0,3,3,3,"NE",0,1,0,0,"kom","do",90,0,0,205,0,0,null,0,0,0,"I","S","SP,LJ","Netkani tekstil, polietilen i celuloza. ",0,"0,2582",25,{"$nulls":6},0,1,"'0903001026000","NOV"]
["OBLOGE ZA RANE","Vlaknaste celulozne obloge",92,80,"'021203110807","'0212031108029"," Vlaknasta celulozna obloga za rane iznad 75 cm2 ,Pharmaplast S.A.E. ,Fibrosol Extra Non-Adhesive 10x10cm","Pharmaplast S.A.E.","Hospitalija Pharmacum","19.03.2026",null,1,1,14,"1a",0,1,1,1,"NE",0,8,0,0,"cm2","do",10,10,10,"210,351",0,0,null,0,0,0,"IIb","S","SP,LJ","Natrijkarboksimetilceluloza ili etil sulfonat celuloza. Mekani savitljivi, za zrak propustan. Mekana primarna obloga. CE certifikat.",0,"0,0384",5,{"$nulls":6},0,1,"'0212031108000","UPD"]
["OBLOGE ZA RANE","Vlaknaste celulozne obloge",92,81,"'021203110807","'0212031108030"," Vlaknasta celulozna obloga za rane iznad 75 cm2 ,Pharmaplast S.A.E. , Fibrosol Extra Non-Adhesive 15x15cm ","Pharmaplast S.A.E.","Hospitalija Pharmacum","19.03.2026",null,1,1,14,"1a",0,1,1,1,"NE",0,8,0,0,"cm2","do",10,15,15,"210,351",0,0,null,0,0,0,"IIb","S","SP,LJ","Natrijkarboksimetilceluloza ili etil sulfonat celuloza. Mekani savitljivi, za zrak propustan. Mekana primarna obloga. CE certifikat.",0,"0,0384",5,{"$nulls":6},0,1,"'0212031108000","UPD"]
["OBLOGE ZA RANE","Vlaknaste celulozne obloge",92,82,"'021203110807","'0212031108040"," Vlaknasta celulozna obloga za rane iznad 75 cm2 ,Pharmaplast S.A.E. ,Fibrosol Extra Non-Adhesive 20x20cm$","Pharmaplast S.A.E.","Hospitalija Pharmacum","19.03.2026",null,1,1,14,"1a",0,1,1,1,"NE",0,8,0,0,"cm2","do",10,20,20,"210,351",0,0,null,0,0,0,"IIb","S","SP,LJ","Natrijkarboksimetilceluloza ili etil sulfonat celuloza. Mekani savitljivi, za zrak propustan. Mekana primarna obloga. CE certifikat.",0,"0,0384",5,null,1,{"$nulls":4},0,1,"'0212031108000","NOV"]
["OBLOGE ZA RANE","Hidrokoloidi",94,83,"'021203111412","'0212031114035","Hidrokoloidna obloga za rane, do 150 cm2 ,Shanghai ISO Medical Products ,Nurocoloid 10x10cm","Shanghai ISO Medical Products","Medicline","19.03.2026",null,1,0,14,"1a",0,1,1,1,"NE",0,8,0,0,"cm2","do",10,10,10,"351,214",0,0,null,0,0,0,"IIb","S","SP,LJ","Sterilna samoljepljiva slojevita hidrokoloidna podloga u bazi elastomera pokrivena pjenastim filmom, poliuretan. Standardna, ili s rubom, ili tanka, ili anatomski oblikovana. CE certifikat.",0,"0,0454",5,{"$nulls":6},0,1,"'0212031114000","NOV"]
["OBLOGE ZA RANE","Hidrokoloidi",94,84,"'021203111510","'0212031115060","Hidrokoloidna obloga za rane, iznad 150 cm2 ,Shanghai ISO Medical Products ,Nurocoloid 15x15cm","Shanghai ISO Medical Products","Medicline","19.03.2026",null,1,0,14,"1a",0,1,1,1,"NE",0,8,0,0,"cm2","do",10,15,15,"214,351",0,0,null,0,0,0,"IIb","S","SP,LJ","Sterilna samoljepljiva slojevita hidrokoloidna podloga u bazi elastomera pokrivena pjenastim filmom, poliuretan. Standardna, ili s rubom, ili tanka, ili anatomski oblikovana. CE certifikat.",0,"0,0227",5,{"$nulls":6},0,1,"'0212031115000","NOV"]
["OBLOGE ZA RANE","Hidrokoloidi",94,85,"'021203111510","'0212031115061","Hidrokoloidna obloga za rane, iznad 150 cm2 ,Shanghai ISO Medical Products ,Nurocoloid 20x20cm$","Shanghai ISO Medical Products","Medicline","19.03.2026",null,1,0,14,"1a",0,1,1,1,"NE",0,8,0,0,"cm2","do",10,20,20,"214,351",0,0,null,0,0,0,"IIb","S","SP,LJ","Sterilna samoljepljiva slojevita hidrokoloidna podloga u bazi elastomera pokrivena pjenastim filmom, poliuretan. Standardna, ili s rubom, ili tanka, ili anatomski oblikovana. CE certifikat.",0,"0,0227",5,null,1,{"$nulls":4},0,1,"'0212031115000","NOV"]
["OBLOGE ZA RANE","Silikonske obloge",98,86,"'020903112217","'0209031122061","Silikonska obloga za rane do 75 cm2 ,Shanghai ISO Medical Products ,Nurofoam sensitive border 5x5cm","Shanghai ISO Medical Products","Medicline","19.03.2026",null,1,0,14,"1a",0,1,1,1,"NE",0,8,0,0,"cm2","do",10,5,5,"304,351",0,0,null,0,0,0,"IIb","S","SP,LJ","Poliuretanska pjena s dodatkom silikona. Sloj silikona mora biti nanešen na cijelu površinu obloge koja prekriva ranu i okolnu kožu. Standardna, ili s rubom, ili tanka, ili tanka s rubom, ili anatomski oblikovana. Višeslojna obloga. Poliamidna mrežica. Obavezan upijajući sloj i zaštitna folija. Poliamidna mrežica. / Atraumatska mrežica obložena mekim silikonom, omogućuje drenažu eksudata iz rane, nježno prijanja za kožu oko rane, a ne uz samu ranu. CE certifikat.",0,"0,0466",5,{"$nulls":6},0,1,"'0209031122000","NOV"]
["OBLOGE ZA RANE","Silikonske obloge",98,87,"'020903112217","'0209031122062","Silikonska obloga za rane do 75 cm2 ,Shanghai ISO Medical Products ,Nurofoam sensitive border 7,5x7,5cm","Shanghai ISO Medical Products","Medicline","19.03.2026",null,1,0,14,"1a",0,1,1,1,"NE",0,8,0,0,"cm2","do",10,7.5,7.5,"304,351",0,0,null,0,0,0,"IIb","S","SP,LJ","Poliuretanska pjena s dodatkom silikona. Sloj silikona mora biti nanešen na cijelu površinu obloge koja prekriva ranu i okolnu kožu. Standardna, ili s rubom, ili tanka, ili tanka s rubom, ili anatomski oblikovana. Višeslojna obloga. Poliamidna mrežica. Obavezan upijajući sloj i zaštitna folija. Poliamidna mrežica. / Atraumatska mrežica obložena mekim silikonom, omogućuje drenažu eksudata iz rane, nježno prijanja za kožu oko rane, a ne uz samu ranu. CE certifikat.",0,"0,0466",5,{"$nulls":6},0,1,"'0209031122000","NOV"]
["OBLOGE ZA RANE","Silikonske obloge",98,88,"'020903112323","'0209031123252","Silikonska obloga za rane iznad 75 cm2 ,Shanghai ISO Medical Products ,Nurofoam sensitive border 8x15cm","Shanghai ISO Medical Products","Medicline","19.03.2026",null,1,0,14,"1a",0,1,1,1,"NE",0,8,0,0,"cm2","do",10,8,15,"304,351",0,0,null,0,0,0,"IIb","S","SP,LJ","Poliuretanska pjena s dodatkom silikona. Sloj silikona mora biti nanešen na cijelu površinu obloge koja prekriva ranu i okolnu kožu. Standardna, ili s rubom, ili tanka, ili tanka s rubom, ili anatomski oblikovana. Višeslojna obloga. Poliamidna mrežica. Obavezan upijajući sloj i zaštitna folija. Poliamidna mrežica. / Atraumatska mrežica obložena mekim silikonom, omogućuje drenažu eksudata iz rane, nježno prijanja za kožu oko rane, a ne uz samu ranu. CE certifikat.",0,"0,0395",5,{"$nulls":6},0,1,"'0209031123000","NOV"]
["OBLOGE ZA RANE","Silikonske obloge",98,89,"'020903112323","'0209031123253","Silikonska obloga za rane iznad 75 cm2 ,Shanghai ISO Medical Products ,Nurofoam sensitive sacral 18,3x17,3cm","Shanghai ISO Medical Products","Medicline","19.03.2026",null,1,0,14,"1a",0,1,1,1,"NE",0,8,0,0,"cm2","do",10,18.3,17.3,"304,351",0,0,null,0,0,0,"IIb","S","SP,LJ","Poliuretanska pjena s dodatkom silikona. Sloj silikona mora biti nanešen na cijelu površinu obloge koja prekriva ranu i okolnu kožu. Standardna, ili s rubom, ili tanka, ili tanka s rubom, ili anatomski oblikovana. Višeslojna obloga. Poliamidna mrežica. Obavezan upijajući sloj i zaštitna folija. Poliamidna mrežica. / Atraumatska mrežica obložena mekim silikonom, omogućuje drenažu eksudata iz rane, nježno prijanja za kožu oko rane, a ne uz samu ranu. CE certifikat.",0,"0,0395",5,{"$nulls":6},0,1,"'0209031123000","NOV"]
["OBLOGE ZA RANE","Silikonske obloge",98,90,"'020903112412","'0209031124042","Silikonska obloga za rane iznad 400 cm2 ,Shanghai ISO Medical Products ,Nurofoam sensitive sacral 23x22,5cm$","Shanghai ISO Medical Products","Medicline","19.03.2026",null,1,0,14,"1a",0,1,1,1,"NE",0,8,0,0,"cm2","do",10,23,22.5,"304,351",0,0,null,0,0,0,"IIb","S","SP,LJ","Poliuretanska pjena s dodatkom silikona. Sloj silikona mora biti nanešen na cijelu površinu obloge koja prekriva ranu i okolnu kožu. Standardna, ili s rubom, ili tanka, ili tanka s rubom, ili anatomski oblikovana. Višeslojna obloga. Poliamidna mrežica. Obavezan upijajući sloj i zaštitna folija. Poliamidna mrežica. / Atraumatska mrežica obložena mekim silikonom, omogućuje drenažu eksudata iz rane, nježno prijanja za kožu oko rane, a ne uz samu ranu. CE certifikat.",0,"0,0384",5,null,1,{"$nulls":4},0,1,"'0209031124000","NOV"]
["OBLOGE ZA RANE","Silikonske obloge",98,91,"'020903112412","'0209031124043","Silikonska obloga za rane iznad 400 cm2 ,Shanghai ISO Medical Products ,Nurofoam sensitive heel-elbow 18,5x24cm$","Shanghai ISO Medical Products","Medicline","19.03.2026",null,1,0,14,"1a",0,1,1,1,"NE",0,8,0,0,"cm2","do",10,18.5,24,"304,351",0,0,null,0,0,0,"IIb","S","SP,LJ","Poliuretanska pjena s dodatkom silikona. Sloj silikona mora biti nanešen na cijelu površinu obloge koja prekriva ranu i okolnu kožu. Standardna, ili s rubom, ili tanka, ili tanka s rubom, ili anatomski oblikovana. Višeslojna obloga. Poliamidna mrežica. Obavezan upijajući sloj i zaštitna folija. Poliamidna mrežica. / Atraumatska mrežica obložena mekim silikonom, omogućuje drenažu eksudata iz rane, nježno prijanja za kožu oko rane, a ne uz samu ranu. CE certifikat.",0,"0,0384",5,null,1,{"$nulls":4},0,1,"'0209031124000","NOV"]
["OBLOGE ZA RANE","Silikonske obloge",98,92,"'020903112412","'0209031124044","Silikonska obloga za rane iznad 400 cm2 ,Shanghai ISO Medical Products ,Nurofoam sensitive heel-elbow 23x23,2cm$","Shanghai ISO Medical Products","Medicline","19.03.2026",null,1,0,14,"1a",0,1,1,1,"NE",0,8,0,0,"cm2","do",10,23,23.2,"304,351",0,0,null,0,0,0,"IIb","S","SP,LJ","Poliuretanska pjena s dodatkom silikona. Sloj silikona mora biti nanešen na cijelu površinu obloge koja prekriva ranu i okolnu kožu. Standardna, ili s rubom, ili tanka, ili tanka s rubom, ili anatomski oblikovana. Višeslojna obloga. Poliamidna mrežica. Obavezan upijajući sloj i zaštitna folija. Poliamidna mrežica. / Atraumatska mrežica obložena mekim silikonom, omogućuje drenažu eksudata iz rane, nježno prijanja za kožu oko rane, a ne uz samu ranu. CE certifikat.",0,"0,0384",5,null,1,{"$nulls":4},0,1,"'0209031124000","NOV"]
["POMAGALA ZA DISANJE","Koncentrator kisika i pripadajući potrošni materijal",103,93,"'091503121303","'0915031213003","Koncentrator kisika za kućnu uporabu-do najmanje 5 litara ,De Vilbiss Healthcare ,Compact 525","De Vilbiss Healthcare","Dr Pharma, Karl Dietz Kijevo","19.03.2026",null,"16,18",1,"16,18",5,2,72,72,72,"DA",1,1,1,0,"kom",null,1,0,0,231,1,0,null,0,0,1,"IIa","S","SP,LJ","Plastika, metal, elektroničke komponente, mrežno napajanje. Koncentracija kisika minimalno 90% uz protok 4 litre, izlazni tlak 35 kPa. Mogućnost korištenja dodatnog katetera do 10 m. Brojač sati rada. Alarmi: zvučni, svjetlosni, alarm pada koncentracije kisika. Protok kisika od 0 do najmanje 5 l/min. Filteri: vanjski, unutarnji, Trajanje filtera: 12 mj, Buka: do 50 dB, Jamstveni rok: 2 godine, upute na hrvatskom jeziku. CE certifikat.",0,"708,6519",5,{"$nulls":6},0,0,"'0915031213000","UPD"]
["POMAGALA ZA DISANJE","Koncentrator kisika i pripadajući potrošni materijal",103,94,"'030318121504","'0303181215005","Obnovljeni koncentrator kisika za kućnu uporabu-do najmanje 5 litara ,De Vilbiss Healthcare ,Compact 525","De Vilbiss Healthcare","Dr Pharma, Karl Dietz Kijevo","19.03.2026",null,"16,18",1,"16,18",5,2,72,72,72,"DA",1,1,1,0,"kom",null,1,0,0,231,1,0,null,0,0,1,"IIa","S","SP,LJ","Preuzimanje rabljenog pomagala i obnova: zamjena potrošnog materijala, testiranje funkcionalnosti pomagala, isporuka pomagala slijedećoj osiguranoj osobi. CE certifikat.",0,"243,8781",5,{"$nulls":6},0,0,"'0303181215000","UPD"]
["POMAGALA ZA DISANJE","Koncentrator kisika i pripadajući potrošni materijal",103,95,"'030312121703","'0303121217002","Vanjski grubi filter ,De Vilbiss Healthcare ,Air Filter","De Vilbiss Healthcare","Dr Pharma, Karl Dietz Kijevo","19.03.2026",null,1,1,"4,16,18",5,2,12,12,12,"NE",0,1,0,0,"kom",null,1,0,0,233,0,0,null,0,1,0,"IIa","S","SP,LJ","Original prema modelu koncentratora. CE certifikat.",0,"0,8550",5,{"$nulls":6},0,0,"'0303121217000","UPD"]
["POMAGALA ZA DISANJE","Koncentrator kisika i pripadajući potrošni materijal",103,96,"'030312121803","'0303121218002","Unutarnji filter ,De Vilbiss Healthcare ,Final Bacteria Filter","De Vilbiss Healthcare","Dr Pharma, Karl Dietz Kijevo","19.03.2026",null,1,1,"4,16,18",5,2,12,12,12,"NE",0,1,0,0,"kom",null,1,0,0,233,0,0,null,0,1,0,"IIa","S","SP,LJ","Original prema modelu koncentratora. CE certifikat.",0,"6,8452",5,{"$nulls":6},0,0,"'0303121218000","UPD"]
["POMAGALA ZA DISANJE","Koncentrator kisika i pripadajući potrošni materijal",103,97,"'030312122002","'0303121220001","Kolone ili silikatna sita ,De Vilbiss Healthcare ,Sieve beds","De Vilbiss Healthcare","Dr Pharma, Karl Dietz Kijevo","19.03.2026",null,1,1,"4,16,18",5,2,36,36,36,"NE",0,1,0,0,"kom",null,2,0,0,233,0,0,null,0,1,0,"IIa","S","SP,LJ","Metal, plastika. CE certifikat.",0,"59,1036",5,{"$nulls":6},0,0,"'0303121220000","UPD"]
["POMAGALA ZA DISANJE","Koncentrator kisika i pripadajući potrošni materijal",103,98,"'915031232103","'9150312321003","Nosni kateter ,De Vilbiss Healthcare ,Cannula Nasal Adult","De Vilbiss Healthcare","Dr Pharma, Karl Dietz Kijevo","19.03.2026",null,1,1,"4,16,18",5,2,12,12,12,"NE",0,1,0,0,"kom",null,24,0,0,233,0,0,null,0,1,0,"IIa","S","SP,LJ","Plastika. CE certifikat.",0,"0,7287",5,{"$nulls":6},0,0,"'9150312321000","UPD"]
["POMAGALA ZA DISANJE","Koncentrator kisika i pripadajući potrošni materijal",103,99,"'091503121407","'0915031214023","Koncentrator kisika za kućnu uporabu-do najmanje 8 litara ,DeVilbbis Healthcare ,DeVilbbis koncentrator kisika serije 1025","DeVilbbis Healthcare","Dr Pharma, Karl Dietz Kijevo","19.03.2026",null,18,1,18,5,2,0,0,72,"DA",1,1,1,0,"kom",null,1,0,0,231,1,0,null,0,0,0,"IIa","S","SP,LJ","Plastika, metal, elektroničke komponente, regulator kisika, mrežno napajanje. Koncentracija kisika minimalno 90% uz protok od 7 litara izlazni tlak 60 kPa. Mogućnost korištenja dodatnog katetera do 10 m. Brojač sati rada. Alarmi: zvučni, svjetlosni, alarm pada koncentracije kisika. Protok kisika od 0 do najmanje 8 l/min. Filteri: vanjski, unutarnji, Trajanje filtera: 12 mj, Buka: do 50 dB, Jamstveni rok: 2 godine, upute na hrvatskom jeziku. CE certifikat.",0,"1024,1390",5,{"$nulls":6},0,0,"'0915031214000","UPD"]
["POMAGALA ZA DISANJE","Koncentrator kisika i pripadajući potrošni materijal",103,100,"'030318121607","'0303181216007","Obnovljeni koncentrator kisika za kućnu uporabu-do najmanje 8 litara ,DeVilbbis Healthcare ,Obnovljeni koncentrator kisika serije 1025","DeVilbbis Healthcare","Dr Pharma, Karl Dietz Kijevo","19.03.2026",null,18,1,18,5,2,0,0,72,"DA",1,1,1,0,"kom",null,1,0,0,231,1,0,null,0,0,0,"IIa","S","SP,LJ","Preuzimanje rabljenog pomagala i obnova: zamjena potrošnog materijala, testiranje funkcionalnosti pomagala, isporuka pomagala slijedećoj osiguranoj osobi. CE certifikat.",0,"185,3474",5,{"$nulls":6},0,0,"'0303181216000","UPD"]
["POMAGALA ZA DISANJE","Koncentrator kisika i pripadajući potrošni materijal",103,101,"'030312121913","'0303121219066","Bakterijski filter ,DeVilbbis Healthcare ,Extended long life bacteria filter","DeVilbbis Healthcare","Dr Pharma, Karl Dietz Kijevo","19.03.2026",null,1,1,"4,16,18",5,2,12,12,12,"NE",0,1,0,0,"kom",null,1,0,0,233,0,0,null,0,0,0,"IIa","S","SP,LJ","Baktericidna svojstva. CE certifikat.",0,"4,0642",5,{"$nulls":6},0,0,"'0303121219000","UPD"]
["POMAGALA ZA DISANJE","Koncentrator kisika i pripadajući potrošni materijal",103,102,"'030312123801","'0303121238001","Ovlaživač za kisik ,De Vilbiss Healthcare ,High flow Bubble Humidifier","De Vilbiss Healthcare","Dr Pharma, Karl Dietz Kijevo","19.03.2026",null,1,1,"4,16,18",5,2,12,12,12,"NE",0,1,0,0,"kom",null,4,0,0,233,0,0,null,0,0,0,"IIa","S","SP,LJ","Plastika. CE certifikat.",0,"2,5822",5,{"$nulls":6},0,0,"'0303121238000","UPD"]
["POMAGALA ZA DISANJE","Inhalator i pripadajući potrošni materijal",104,103,"'030321122604","'0303211226004","Aspirator za kućnu uporabu ,De Vilbiss Healthcare ,VacuAide-Portable suction unit 7305","De Vilbiss Healthcare","Dr Pharma, Karl Dietz Kijevo","19.03.2026",null,"3,15,16,18,19,33",1,"3,14,15,16,18,19,33",5,2,60,60,60,"NE",0,1,0,0,"kom",null,1,0,0,298,0,0,null,0,0,0,"IIa","S","SP,LJ","Metal, plastika, električno napajanje. Trajanje baterija: do 1 sat rada. Spremnik za višekratnu uporabu: minimalno 800 ml. Kapacitet usisa: 20 l/min. CE certifikat.",0,"263,8948",5,{"$nulls":6},0,0,"'0303211226000","UPD"]
["POMAGALA ZA DISANJE","Inhalator i pripadajući potrošni materijal",104,104,"'030312122904","'0303121229004","Filter za osobni aspirator ,De Vilbiss Healthcare ,Bakterijski filter, De Vilbiss","De Vilbiss Healthcare","Dr Pharma, Karl Dietz Kijevo","19.03.2026",null,1,1,"4,15,18",5,2,12,12,12,"NE",0,1,0,0,"kom",null,6,0,0,299,0,0,null,0,1,0,"IIa","S","SP,LJ","Metal, plastika. CE certifikat.",0,"2,9637",5,{"$nulls":6},0,0,"'0303121229000","UPD"]
["POMAGALA ZA DISANJE","Inhalator i pripadajući potrošni materijal",104,105,"'091503122810","'0915031228001","Aspiracijski kateteri Ch 8-20 ,Tik ,Aspiracijski kateter Ch8 do CH20","Tik","Tik Zagreb","19.03.2026",null,"3,15,16,18,19,33",1,14,"1a",0,3,3,3,"NE",0,1,0,0,"kom","do",900,0,0,235,0,0,null,0,0,0,"IIa","S","SP,LJ","PVC. Zatvoreni vrh s dva lateralna otvora. Promjera 2,7 i 3,3 mm. CE certifikat.",0,"0,3086",5,{"$nulls":6},0,1,"'0915031228000","UPD"]
["POMAGALA ZA DISANJE","Druga pomagala za disanje",106,106,"'030330123607","'0303301236007","Pulsni oksimetar za kućnu uporabu ,Nonin Medical Inc. ,PalmSAT 2500","Nonin Medical Inc.","Orto Rea","19.03.2026",null,"16,18",1,"16,18",5,2,60,60,60,"DA",1,1,1,0,"kom",null,1,0,0,239,1,0,null,0,0,0,"IIb","S","SP,LJ","Plastika. LCD ekran. Prijenosni uređaj. 12 jednokratnih ili 1 višekratni SpO2 senzor. Spojni kabel. Kabel za struju. Jamstveni rok: 2 godine, upute na hrvatskom jeziku. Ekran za očitavanje vrijednosti. Detekcija pulsa. Ugrađena baterija s minimalnim trajanjem od 4 sata rada. Mogućnost direktnog spajanja na napajanje iz mreže (220V, 50 Hz) Zvučni i vizualni alarmi. CE certifikat.",0,"684,7290",5,{"$nulls":6},0,0,"'0303301236000","NOV"]
["DRUGA POMAGALA","Rukavice, elastično - kompresivna pomagala",129,107,"'030609170405","'0306091704010","Elastično-kompresivni terapijski rukav s rukavicom ,BSN medical ,Jobst Armsleeve/Gauntlet","BSN medical","Delko, Essity Croatia","19.03.2026",null,1,1,"6,3",5,2,6,6,6,"NE",0,1,0,0,"kom",null,1,0,0,273,0,0,null,0,0,0,"I","S","SP,LJ","Tekstilno tkanje, čičak traka. Elastično kompresivni stupanj I do III",0,"35,1692",5,{"$nulls":6},0,0,"'0306091704000","UPD"]
["DRUGA POMAGALA","Rukavice, elastično - kompresivna pomagala",129,108,"'030606170510","'0306061705112","Elastično-kompresivna terapijska nogavica ,BSN medical ,Jobst Medical Leg Wear for man (knee)","BSN medical","Delko, Essity Croatia","19.03.2026",null,1,1,"2,3,6,11,24,25",5,2,6,6,6,"NE",0,1,0,0,"kom",null,1,0,0,274,0,0,null,0,0,0,"I","S","SP,LJ","Tekstilno elastično tkanje. Elastično kompresivni stupanj I do IV. Minimalno 10 različitih veličina u ponudi. S petom.",0,"27,5751",5,{"$nulls":6},0,0,"'0306061705000","UPD"]
["DRUGA POMAGALA","Rukavice, elastično - kompresivna pomagala",129,109,"'030606170510","'0306061705113","Elastično-kompresivna terapijska nogavica ,BSN medical ,Jobst Opaque","BSN medical","Delko, Essity Croatia","19.03.2026",null,1,1,"2,3,6,11,24,25",5,2,6,6,6,"NE",0,1,0,0,"kom",null,1,0,0,274,0,0,null,0,0,0,"I","S","SP,LJ","Tekstilno elastično tkanje. Elastično kompresivni stupanj I do IV. Minimalno 10 različitih veličina u ponudi. S petom.",0,"27,5751",5,{"$nulls":6},0,0,"'0306061705000","UPD"]
["DRUGA POMAGALA","Rukavice, elastično - kompresivna pomagala",129,110,"'030606170510","'0306061705114","Elastično-kompresivna terapijska nogavica ,BSN medical ,Jobst Medical Leg Wear for man (tight)","BSN medical","Delko, Essity Croatia","19.03.2026",null,1,1,"2,3,6,11,24,25",5,2,6,6,6,"NE",0,1,0,0,"kom",null,1,0,0,274,0,0,null,0,0,0,"I","S","SP,LJ","Tekstilno elastično tkanje. Elastično kompresivni stupanj I do IV. Minimalno 10 različitih veličina u ponudi. S petom.",0,"27,5751",5,{"$nulls":6},0,0,"'0306061705000","UPD"]
["DRUGA POMAGALA","Rukavice, elastično - kompresivna pomagala",129,111,"'030606170510","'0306061705115","Elastično-kompresivna terapijska nogavica ,BSN medical ,Jobst Relief","BSN medical","Delko, Essity Croatia","19.03.2026",null,1,1,"2,3,6,11,24,25",5,2,6,6,6,"NE",0,1,0,0,"kom",null,1,0,0,274,0,0,null,0,0,0,"I","S","SP,LJ","Tekstilno elastično tkanje. Elastično kompresivni stupanj I do IV. Minimalno 10 različitih veličina u ponudi. S petom.",0,"27,5751",5,{"$nulls":6},0,0,"'0306061705000","UPD"]
["DRUGA POMAGALA","Rukavice, elastično - kompresivna pomagala",129,112,"'030606170510","'0306061705116","Elastično-kompresivna terapijska nogavica ,BSN medical ,Jobst Ultrasheer","BSN medical","Delko, Essity Croatia","19.03.2026",null,1,1,"2,3,6,11,24,25",5,2,6,6,6,"NE",0,1,0,0,"kom",null,1,0,0,274,0,0,null,0,0,0,"I","S","SP,LJ","Tekstilno elastično tkanje. Elastično kompresivni stupanj I do IV. Minimalno 10 različitih veličina u ponudi. S petom.",0,"27,5751",5,{"$nulls":6},0,0,"'0306061705000","UPD"]
["DRUGA POMAGALA","Rukavice, elastično - kompresivna pomagala",129,113,"'030606170510","'0306061705117","Elastično-kompresivna terapijska nogavica ,BSN medical ,Jobst Comprimet Pro","BSN medical","Delko, Essity Croatia","19.03.2026",null,1,1,"2,3,6,11,24,25",5,2,6,6,6,"NE",0,1,0,0,"kom",null,1,0,0,274,0,0,null,0,0,0,"I","S","SP,LJ","Tekstilno elastično tkanje. Elastično kompresivni stupanj I do IV. Minimalno 10 različitih veličina u ponudi. S petom.",0,"27,5751",5,{"$nulls":6},0,0,"'0306061705000","UPD"]
["DRUGA POMAGALA","Rukavice, elastično - kompresivna pomagala",129,114,"'030606170510","'0306061705119","Elastično-kompresivna terapijska nogavica ,BSN medical ,Jobst Ulcer Care","BSN medical","Delko, Essity Croatia","19.03.2026",null,1,1,"2,3,6,11,24,25",5,2,6,6,6,"NE",0,1,0,0,"kom",null,1,0,0,274,0,0,null,0,0,0,"I","S","SP,LJ","Tekstilno elastično tkanje. Elastično kompresivni stupanj I do IV. Minimalno 10 različitih veličina u ponudi. S petom.",0,"27,5751",5,{"$nulls":6},0,0,"'0306061705000","UPD"]
["DRUGA POMAGALA","Rukavice, elastično - kompresivna pomagala",129,115,"'000000170703","'0000001707003","Elastično kompresivne rukavice ,BSN medical ,Jobst Medical Wear","BSN medical","Delko, Essity Croatia","19.03.2026",null,1,1,6,5,2,12,12,12,"NE",0,1,0,0,"kom",null,1,0,0,275,0,0,null,0,0,0,"I","S","SP,LJ","Elastično kompresivni stupanj I do III.",0,"130,0553",5,{"$nulls":6},0,0,"'0000001707000","UPD"]
["DRUGA POMAGALA","Rukavice, elastično - kompresivna pomagala",129,116,"'000000170703","'0000001707004","Elastično kompresivne rukavice ,BSN medical ,Jobst Gauntlet","BSN medical","Delko, Essity Croatia","19.03.2026",null,1,1,6,5,2,12,12,12,"NE",0,1,0,0,"kom",null,1,0,0,275,0,0,null,0,0,0,"I","S","SP,LJ","Elastično kompresivni stupanj I do III.",0,"130,0553",5,{"$nulls":6},0,0,"'0000001707000","UPD"]
["DRUGA POMAGALA","Rukavice, elastično - kompresivna pomagala",129,117,"'000000170904","'0000001709006","Elastično kompresivni rukavi,individualni ,BSN medical ,Jobst Armsleeve","BSN medical","Delko, Essity Croatia","19.03.2026",null,1,1,6,5,2,12,12,12,"NE",0,1,0,0,"kom",null,1,0,0,275,0,0,null,0,0,0,"I","S","SP,LJ","Elastično kompresivni stupanj I do III.",0,"72,5781",5,{"$nulls":6},0,0,"'0000001709000","UPD"]
["DRUGA POMAGALA","Rukavice, elastično - kompresivna pomagala",129,118,"'000000171004","'0000001710027","Elastična kompresivna nogavica ,BSN medical ,Jobst Medical Leg Wear for man","BSN medical","Delko, Essity Croatia","19.03.2026",null,1,1,6,5,2,6,6,6,"NE",0,1,0,0,"kom",null,2,0,0,275,0,0,null,0,0,0,"I","S","SP,LJ","Elastično kompresivni stupanj I do III. ",0,"128,7677",5,{"$nulls":6},0,0,"'0000001710000","UPD"]
["DRUGA POMAGALA","Rukavice, elastično - kompresivna pomagala",129,119,"'000000171004","'0000001710028","Elastična kompresivna nogavica ,BSN medical ,Jobst Opaque","BSN medical","Delko, Essity Croatia","19.03.2026",null,1,1,6,5,2,6,6,6,"NE",0,1,0,0,"kom",null,2,0,0,275,0,0,null,0,0,0,"I","S","SP,LJ","Elastično kompresivni stupanj I do III. ",0,"128,7677",5,{"$nulls":6},0,0,"'0000001710000","UPD"]
["DRUGA POMAGALA","Rukavice, elastično - kompresivna pomagala",129,120,"'000000171004","'0000001710029","Elastična kompresivna nogavica ,BSN medical ,Jobst Relief","BSN medical","Delko, Essity Croatia","19.03.2026",null,1,1,6,5,2,6,6,6,"NE",0,1,0,0,"kom",null,2,0,0,275,0,0,null,0,0,0,"I","S","SP,LJ","Elastično kompresivni stupanj I do III. ",0,"128,7677",5,{"$nulls":6},0,0,"'0000001710000","UPD"]
["DRUGA POMAGALA","Rukavice, elastično - kompresivna pomagala",129,121,"'000000171004","'0000001710030","Elastična kompresivna nogavica ,BSN medical ,Jobst UltraSheer","BSN medical","Delko, Essity Croatia","19.03.2026",null,1,1,6,5,2,6,6,6,"NE",0,1,0,0,"kom",null,2,0,0,275,0,0,null,0,0,0,"I","S","SP,LJ","Elastično kompresivni stupanj I do III. ",0,"128,7677",5,{"$nulls":6},0,0,"'0000001710000","UPD"]
["DRUGA POMAGALA","Rukavice, elastično - kompresivna pomagala",129,122,"'000000171104","'0000001711005","Elastično-kompresivni terapijski rukav ,BSN medical ,Jobst Medical Wear Armsleeve","BSN medical","Delko, Essity Croatia","19.03.2026",null,1,1,6,5,2,12,12,12,"NE",0,1,0,0,"kom",null,1,0,0,275,0,0,null,0,0,0,"I","S","SP,LJ","Tekstilno elastično tkanje. Elastično kompresivni stupanj I do III.",0,"45,0388",5,{"$nulls":6},0,0,"'0000001711000","UPD"]
["DRUGA POMAGALA","Rukavice, elastično - kompresivna pomagala",129,123,"'030606170604","'0306061706005","Elastični terapijski zavoj ,BSN medical ,S.Jobst comprilane","BSN medical","Delko, Essity Croatia","19.03.2026",null,1,1,"2,3,6,11,24,25",5,2,6,6,6,"NE",0,1,0,0,"kom",null,1,0,0,274,0,0,null,0,0,0,"I","S","SP,LJ","Tekstilno elastično tkanje. Elastično kompresivni stupanj I do IV. Za višekratnu uporabu.",0,"8,8300",5,{"$nulls":6},0,0,"'0306061706000","UPD"]
["DRUGA POMAGALA","Rukavice, elastično - kompresivna pomagala",129,124,"'030606170604","'0306061706006","Elastični terapijski zavoj ,BSN medical ,Jobst Tricofix","BSN medical","Delko, Essity Croatia","19.03.2026",null,1,1,"2,3,6,11,24,25",5,2,6,6,6,"NE",0,1,0,0,"kom",null,1,0,0,274,0,0,null,0,0,0,"I","S","SP,LJ","Tekstilno elastično tkanje. Elastično kompresivni stupanj I do IV. Za višekratnu uporabu.",0,"8,8300",5,{"$nulls":6},0,0,"'0306061706000","UPD"]
["DRUGA POMAGALA","Rukavice, elastično - kompresivna pomagala",129,125,"'030606170604","'0306061706007","Elastični terapijski zavoj ,BSN medical ,Jobst Elastomull","BSN medical","Delko, Essity Croatia","19.03.2026",null,1,1,"2,3,6,11,24,25",5,2,6,6,6,"NE",0,1,0,0,"kom",null,1,0,0,274,0,0,null,0,0,0,"I","S","SP,LJ","Tekstilno elastično tkanje. Elastično kompresivni stupanj I do IV. Za višekratnu uporabu.",0,"8,8300",5,{"$nulls":6},0,0,"'0306061706000","UPD"]
["DRUGA POMAGALA","Rukavice, elastično - kompresivna pomagala",129,126,"'030606170604","'0306061706008","Elastični terapijski zavoj ,BSN medical ,Jobst Comprihaft","BSN medical","Delko, Essity Croatia","19.03.2026",null,1,1,"2,3,6,11,24,25",5,2,6,6,6,"NE",0,1,0,0,"kom",null,1,0,0,274,0,0,null,0,0,0,"I","S","SP,LJ","Tekstilno elastično tkanje. Elastično kompresivni stupanj I do IV. Za višekratnu uporabu.",0,"8,8300",5,{"$nulls":6},0,0,"'0306061706000","UPD"]
["DRUGA POMAGALA","Dojka i  grudnjak",132,127,"'090324172801","'0903241728001","Kompresijski grudnjak ,SAFTE s.r.l. ,Orione 9652","SAFTE s.r.l.","ARYA INTIMO","19.03.2026",null,"6,7",1,14,"1a",0,0,1,1,"NE",0,1,0,0,"kom",null,1,0,0,402,0,0,null,0,0,0,"I","S","SP,LJ","Tekstil.",0,"65,0000",5,{"$nulls":6},0,1,"'0903241728000","NOV"]
["POMAGALA KOD ŠEĆERNE BOLESTI","Pomagala kod šećerne bolesti",137,128,"'032535402016","'0325354020016","Integrirani senzor za kontinuirano mjerenje glukoze bez obavezne kalibracije ,Syai Health Technologies ,Syai CGM X1","Syai Health Technologies","Bauerfiend","19.03.2026",null,"31,32",1,14,"1a",0,0,0,3,"NE",0,7,0,0,"kom","do",7,0,0,399,0,0,null,0,0,0,"IIb","S","SP,LJ","Integrirani senzor za mjerenje glukoze u međustaničnoj tekućini kroz 14 dana.  Senzor nije odobren za primjenu kod djece . Senzor nije odobren za primjenu kod trudnica. Integrirani senzor je bluetooth tehnologijom povezan s aplikacijom pametnih uređaja ili dodatnim pripadajućim uređajem/prijemnikom. Aplikacija dostupna za preuzimanje je na hrvatskom jeziku. Bez obavezne kalibracije. Senzor individualno pakiran s pripadajućim aplikatorom. Ukupna godišnja količina ne smije  prelaziti 26 senzora. CE certifikat. Kvartalni set osigurava distributer koji se sastoji od:  50 trakica i 50 lanceta za odrasle (trošak ne tereti osiguranu osobu niti HZZO).",0,"45,4252",5,{"$nulls":6},0,1,"'0325354020000","NOV"]
["POMAGALA ZA GOVOR","Pomagala za govor",141,129,"'091507103002","'0915071030002","Govorna valvula-jednosmjerna ,Passy-Muir Inc. ,Passy Muir Tracheostomy & Ventilator Swallowing and Speaking Valve","Passy-Muir Inc.","Egeria","19.03.2026",null,1,0,"15,19,33",5,2,12,12,12,"NE",0,1,0,0,"kom",null,12,0,0,401,0,0,null,0,0,0,"IIa","S","SP,LJ","Plastika. CE certifikat.",0,"19,9100",5,{"$nulls":6},0,0,"'0915071030000","NOV"]
["POMAGALA ZA GOVOR","Pomagala za govor",141,130,"'091507103003","'0915071030003","Govorna valvula-jednosmjerna ,Primed Halberstadt Medizintechnik GmbH ,Primedi Speaking Valve","Primed Halberstadt Medizintechnik GmbH","Aktiv Medical","19.03.2026",null,1,0,"15,19,33",5,2,12,12,12,"NE",0,1,0,0,"kom",null,12,0,0,401,0,0,null,0,0,0,"I","S","SP,LJ","Plastika. ",0,"19,9100",5,{"$nulls":6},0,0,"'0915071030000","NOV"]
["POMAGALA ZA GOVOR","Pomagala za govor",141,131,"'091507100102","'0915071001002","Govorna valvula-jednosmjerna s konekcijom za kisik ,Passy-Muir Inc. ,Passy Muir Tracheostomy & Ventilator Speaking Valves, Passy Muir Valve Oxygen adapter","Passy-Muir Inc.","Egeria","19.03.2026",null,1,0,"15,19,33",5,2,12,12,12,"NE",0,1,0,0,"kom",null,4,0,0,400,0,0,null,0,0,0,"IIa","S","SP,LJ","Plastika. CE certifikat.",0,"201,7000",5,{"$nulls":6},0,0,"'0915071001000","NOV"]
["POMAGALA ZA DISANJE","Prijenosni koncentrator kisika ",157,132,"'091503121507","'0915031215007","Prijenosni koncentrator kisika ,Shenyang RMS Medical Tech ,PO 5","Shenyang RMS Medical Tech","Aktiv Medical","19.03.2026",null,"16,18",1,"16,18",9,3,72,72,72,"DA",1,1,1,0,"kom",null,1,0,0,388,1,0,null,1,0,0,"IIa","S","SP,LJ","Plastika, metal, elektroničke komponente. Uređaj, baterija, kabel za napajanje 220V AC, kabel za napajanje 12 V DC, torba za nošenje. Koncentracija kisika minimalno 90% (+5,5% - 3%) uz protok u ekvivalentu 5 litara. Mogućnost protoka kisika u ekvivalentu 1, 2, 3, 4 ili 5 litara. Minimalno trajanje baterije 2 sata pri ekvivalentu protoka kisika 5L/min.Alarmi: zvučni, svjetlosni. Buka: do 50 dB. Jamstveni rok: 6 godina. Upute na hrvatskom jeziku. CE certifikat. Redovito održavanje uređaja kao i potrošni dijelovi za period od 6 godina (nosni kateter-12 kom godišnje, filter usisa zraka-1x godišnje, baterija, kolone ili silikatna sita, kompresor, ventil, matična ploča i ostali elementi uređaja-po potrebi) uključeni su u cijenu uređaja i ne odobravaju se posebno na trošak Zavoda. ",0,"3742,9212",5,{"$nulls":6},0,0,"'0915031215000","NOV"]
["POMAGALA ZA DISANJE","Prijenosni koncentrator kisika ",157,133,"'030318121707","'0303181217007","Obnovljeni prijenosni koncentrator kisika ,Shenyang RMS Medical Tech ,PO 5","Shenyang RMS Medical Tech","Aktiv Medical","19.03.2026",null,"16,18",1,"16,18",9,3,72,72,72,"DA",1,1,1,0,"kom",null,1,0,0,388,1,0,null,1,0,0,"IIa","S","SP,LJ","Preuzimanje rabljenog pomagala i obnova: zamjena potrošnog materijala, zamijena baterije, testiranje funkcionalnosti pomagala, isporuka pomagala slijedećoj osiguranoj osobi.  Jamstveni rok: 6 godina. Rok uporabe pomagala računa se od datuma prve isporuke. Upute na hrvatskom jeziku. CE certifikat. Redovito održavanje uređaja kao i potrošni dijelovi za period od 6 godina (nosni kateter-12 kom godišnje, filter usisa zraka-1x godišnje, baterija, kolone ili silikatna sita, kompresor, ventil, matična ploča i ostali elementi uređaja-po potrebi) uključeni su u cijenu uređaja i ne odobravaju se posebno na trošak Zavoda. ",0,"1142,5079",5,{"$nulls":6},0,0,"'0303181217000","NOV"]
["OBLOGE ZA RANE","Visoko upijajuće obloge od polimera sa silikonom",158,134,"'020903113125","'0209031131028","Visoko upijajuće obloge od polimera sa silikonom iznad 75cm2 ,Huizhou Foryou Medical Devices Co. ,Nurosorb sensitive border 10,5x10,5cm","Huizhou Foryou Medical Devices Co.","Medicline","19.03.2026",null,1,0,14,"1a",0,1,1,1,"NE",0,8,0,0,"cm2","do",10,10.5,10.5,"351,382",0,0,null,0,0,0,"IIb","S","SP,LJ","Visoko upijajuće obloge od polimera sa silikonom i sa slojem koji pri kontaktu s eksudatom iz rane stvara gel i koji ne propušta eksudat te nepropusnim gornjim slojem. Moć upijanja najmanje 80 g/100 cm2, odnosno najmanje 2500 g/m2/24 h, sterilna, CE certifikat",0,"0,0466",5,{"$nulls":6},0,1,"'0209031131000","NOV"]
["OBLOGE ZA RANE","Visoko upijajuće obloge od polimera sa silikonom",158,135,"'020903113125","'0209031131029","Visoko upijajuće obloge od polimera sa silikonom iznad 75cm2 ,Huizhou Foryou Medical Devices Co. ,Nurosorb sensitive border 15,5x15,5cm","Huizhou Foryou Medical Devices Co.","Medicline","19.03.2026",null,1,0,14,"1a",0,1,1,1,"NE",0,8,0,0,"cm2","do",10,15.5,15.5,"351,382",0,0,null,0,0,0,"IIb","S","SP,LJ","Visoko upijajuće obloge od polimera sa silikonom i sa slojem koji pri kontaktu s eksudatom iz rane stvara gel i koji ne propušta eksudat te nepropusnim gornjim slojem. Moć upijanja najmanje 80 g/100 cm2, odnosno najmanje 2500 g/m2/24 h, sterilna, CE certifikat",0,"0,0466",5,{"$nulls":6},0,1,"'0209031131000","NOV"]
["OBLOGE ZA RANE","Visoko upijajuće obloge od polimera sa silikonom",158,136,"'020903113125","'0209031131030","Visoko upijajuće obloge od polimera sa silikonom iznad 75cm2 ,Huizhou Foryou Medical Devices Co. ,Nurosorb sensitive border 18x18cm","Huizhou Foryou Medical Devices Co.","Medicline","19.03.2026",null,1,0,14,"1a",0,1,1,1,"NE",0,8,0,0,"cm2","do",10,18,18,"351,382",0,0,null,0,0,0,"IIb","S","SP,LJ","Visoko upijajuće obloge od polimera sa silikonom i sa slojem koji pri kontaktu s eksudatom iz rane stvara gel i koji ne propušta eksudat te nepropusnim gornjim slojem. Moć upijanja najmanje 80 g/100 cm2, odnosno najmanje 2500 g/m2/24 h, sterilna, CE certifikat",0,"0,0466",5,{"$nulls":6},0,1,"'0209031131000","NOV"]
["OBLOGE ZA RANE","Visoko upijajuće obloge od polimera sa silikonom",158,137,"'020903113304","'0209031133008","Visoko upijajuće obloge od polimera sa silikonom iznad 400cm2 ,Huizhou Foryou Medical Devices Co. ,Nurosorb sensitive border 25x20cm$","Huizhou Foryou Medical Devices Co.","Medicline","19.03.2026",null,1,0,14,"1a",0,1,1,1,"NE",0,8,0,0,"cm2","do",10,25,20,"351,382",0,0,null,0,0,0,"IIb","S","SP,LJ","Visoko upijajuće obloge od polimera sa silikonom i sa slojem koji pri kontaktu s eksudatom iz rane stvara gel i koji ne propušta eksudat te nepropusnim gornjim slojem. Moć upijanja najmanje 80 g/100 cm2, odnosno najmanje 2500 g/m2/24 h, sterilna, CE certifikat",0,"0,0407",5,null,1,{"$nulls":4},0,1,"'0209031133000","NOV"]
["POMAGALA ZA DISANJE","Pripadajući potrošni materijal za neinvazivni ventilator Luvar STA",208,138,"'040312131005","'0403121310012","Nazalna maska za neinvazivnu ventilaciju ,Heyer Medical AG ,LuvON-N1 S","Heyer Medical AG","Aktiv Medical","19.03.2026",null,1,1,"18,15","9b",0,6,6,6,"NE",0,1,0,0,"kom",null,1,0,0,378,0,0,null,0,0,0,"IIa","S ","SP,LJ","Maska za nos; okretni koljenasti nastavak za spajanje crijeva na neinvazivni ventilator s mogućnošću okretanja od 360 stupnjeva; ugrađen čeoni fiksator s mogućnošću podešavanja u više nivoa; unutarnji dio maske izgrađen od silikona; tijelo maske od plastike; pričvršćivanje maske fleksibilnim fiksatorima preko cijele glave; ugrađen izlaz za izdahnuti zrak (exhalation port), CE certifikat.",0,"61,8895",5,{"$nulls":6},0,0,"'0403121310000","UPD"]
["POMAGALA ZA DISANJE","Pripadajući potrošni materijal za neinvazivni ventilator Luvar STA",208,139,"'040312131005","'0403121310013","Nazalna maska za neinvazivnu ventilaciju ,Heyer Medical AG , LuvON-N1 M","Heyer Medical AG","Aktiv Medical","19.03.2026",null,1,1,"18,15","9b",0,6,6,6,"NE",0,1,0,0,"kom",null,1,0,0,378,0,0,null,0,0,0,"IIa","S ","SP,LJ","Maska za nos; okretni koljenasti nastavak za spajanje crijeva na neinvazivni ventilator s mogućnošću okretanja od 360 stupnjeva; ugrađen čeoni fiksator s mogućnošću podešavanja u više nivoa; unutarnji dio maske izgrađen od silikona; tijelo maske od plastike; pričvršćivanje maske fleksibilnim fiksatorima preko cijele glave; ugrađen izlaz za izdahnuti zrak (exhalation port), CE certifikat.",0,"61,8895",5,{"$nulls":6},0,0,"'0403121310000","UPD"]
["POMAGALA ZA DISANJE","Pripadajući potrošni materijal za neinvazivni ventilator Luvar STA",208,140,"'040312131005","'0403121310014","Nazalna maska za neinvazivnu ventilaciju ,Heyer Medical AG , LuvON-N1 L","Heyer Medical AG","Aktiv Medical","19.03.2026",null,1,1,"18,15","9b",0,6,6,6,"NE",0,1,0,0,"kom",null,1,0,0,378,0,0,null,0,0,0,"IIa","S ","SP,LJ","Maska za nos; okretni koljenasti nastavak za spajanje crijeva na neinvazivni ventilator s mogućnošću okretanja od 360 stupnjeva; ugrađen čeoni fiksator s mogućnošću podešavanja u više nivoa; unutarnji dio maske izgrađen od silikona; tijelo maske od plastike; pričvršćivanje maske fleksibilnim fiksatorima preko cijele glave; ugrađen izlaz za izdahnuti zrak (exhalation port), CE certifikat.",0,"61,8895",5,{"$nulls":6},0,0,"'0403121310000","UPD"]
["POMAGALA ZA DISANJE","Pripadajući potrošni materijal za neinvazivni ventilator Luvar STA",208,141,"'040312131005","'0403121310015","Nazalna maska za neinvazivnu ventilaciju ,Heyer Medical AG , LuvON-N2 S","Heyer Medical AG","Aktiv Medical","19.03.2026",null,1,1,"18,15","9b",0,6,6,6,"NE",0,1,0,0,"kom",null,1,0,0,378,0,0,null,0,0,0,"IIa","S ","SP,LJ","Maska za nos; okretni koljenasti nastavak za spajanje crijeva na neinvazivni ventilator s mogućnošću okretanja od 360 stupnjeva; ugrađen čeoni fiksator s mogućnošću podešavanja u više nivoa; unutarnji dio maske izgrađen od silikona; tijelo maske od plastike; pričvršćivanje maske fleksibilnim fiksatorima preko cijele glave; ugrađen izlaz za izdahnuti zrak (exhalation port), CE certifikat.",0,"61,8895",5,{"$nulls":6},0,0,"'0403121310000","UPD"]
["POMAGALA ZA DISANJE","Pripadajući potrošni materijal za neinvazivni ventilator Luvar STA",208,142,"'040312131005","'0403121310016","Nazalna maska za neinvazivnu ventilaciju ,Heyer Medical AG , LuvON-N2 M","Heyer Medical AG","Aktiv Medical","19.03.2026",null,1,1,"18,15","9b",0,6,6,6,"NE",0,1,0,0,"kom",null,1,0,0,378,0,0,null,0,0,0,"IIa","S ","SP,LJ","Maska za nos; okretni koljenasti nastavak za spajanje crijeva na neinvazivni ventilator s mogućnošću okretanja od 360 stupnjeva; ugrađen čeoni fiksator s mogućnošću podešavanja u više nivoa; unutarnji dio maske izgrađen od silikona; tijelo maske od plastike; pričvršćivanje maske fleksibilnim fiksatorima preko cijele glave; ugrađen izlaz za izdahnuti zrak (exhalation port), CE certifikat.",0,"61,8895",5,{"$nulls":6},0,0,"'0403121310000","UPD"]
["POMAGALA ZA DISANJE","Pripadajući potrošni materijal za neinvazivni ventilator Luvar STA",208,143,"'040312131005","'0403121310017","Nazalna maska za neinvazivnu ventilaciju ,Heyer Medical AG , LuvON-N2 L","Heyer Medical AG","Aktiv Medical","19.03.2026",null,1,1,"18,15","9b",0,6,6,6,"NE",0,1,0,0,"kom",null,1,0,0,378,0,0,null,0,0,0,"IIa","S ","SP,LJ","Maska za nos; okretni koljenasti nastavak za spajanje crijeva na neinvazivni ventilator s mogućnošću okretanja od 360 stupnjeva; ugrađen čeoni fiksator s mogućnošću podešavanja u više nivoa; unutarnji dio maske izgrađen od silikona; tijelo maske od plastike; pričvršćivanje maske fleksibilnim fiksatorima preko cijele glave; ugrađen izlaz za izdahnuti zrak (exhalation port), CE certifikat.",0,"61,8895",5,{"$nulls":6},0,0,"'0403121310000","UPD"]
["POMAGALA ZA DISANJE","Pripadajući potrošni materijal za neinvazivni ventilator Luvar STA",208,144,"'040312131005","'0403121310018","Nazalna maska za neinvazivnu ventilaciju ,Heyer Medical AG , LuvON-N3 S","Heyer Medical AG","Aktiv Medical","19.03.2026",null,1,1,"18,15","9b",0,6,6,6,"NE",0,1,0,0,"kom",null,1,0,0,378,0,0,null,0,0,0,"IIa","S ","SP,LJ","Maska za nos; okretni koljenasti nastavak za spajanje crijeva na neinvazivni ventilator s mogućnošću okretanja od 360 stupnjeva; ugrađen čeoni fiksator s mogućnošću podešavanja u više nivoa; unutarnji dio maske izgrađen od silikona; tijelo maske od plastike; pričvršćivanje maske fleksibilnim fiksatorima preko cijele glave; ugrađen izlaz za izdahnuti zrak (exhalation port), CE certifikat.",0,"61,8895",5,{"$nulls":6},0,0,"'0403121310000","UPD"]
["POMAGALA ZA DISANJE","Pripadajući potrošni materijal za neinvazivni ventilator Luvar STA",208,145,"'040312131005","'0403121310019","Nazalna maska za neinvazivnu ventilaciju ,Heyer Medical AG ,  LuvON-N3 M","Heyer Medical AG","Aktiv Medical","19.03.2026",null,1,1,"18,15","9b",0,6,6,6,"NE",0,1,0,0,"kom",null,1,0,0,378,0,0,null,0,0,0,"IIa","S ","SP,LJ","Maska za nos; okretni koljenasti nastavak za spajanje crijeva na neinvazivni ventilator s mogućnošću okretanja od 360 stupnjeva; ugrađen čeoni fiksator s mogućnošću podešavanja u više nivoa; unutarnji dio maske izgrađen od silikona; tijelo maske od plastike; pričvršćivanje maske fleksibilnim fiksatorima preko cijele glave; ugrađen izlaz za izdahnuti zrak (exhalation port), CE certifikat.",0,"61,8895",5,{"$nulls":6},0,0,"'0403121310000","UPD"]
["POMAGALA ZA DISANJE","Pripadajući potrošni materijal za neinvazivni ventilator Luvar STA",208,146,"'040312131005","'0403121310020","Nazalna maska za neinvazivnu ventilaciju ,Heyer Medical AG , LuvON-N3 L    ","Heyer Medical AG","Aktiv Medical","19.03.2026",null,1,1,"18,15","9b",0,6,6,6,"NE",0,1,0,0,"kom",null,1,0,0,378,0,0,null,0,0,0,"IIa","S ","SP,LJ","Maska za nos; okretni koljenasti nastavak za spajanje crijeva na neinvazivni ventilator s mogućnošću okretanja od 360 stupnjeva; ugrađen čeoni fiksator s mogućnošću podešavanja u više nivoa; unutarnji dio maske izgrađen od silikona; tijelo maske od plastike; pričvršćivanje maske fleksibilnim fiksatorima preko cijele glave; ugrađen izlaz za izdahnuti zrak (exhalation port), CE certifikat.",0,"61,8895",5,{"$nulls":6},0,0,"'0403121310000","UPD"]
["POMAGALA ZA DISANJE","Pripadajući potrošni materijal za neinvazivni ventilator Luvar STA",208,147,"'040312131106","'0403121311022","Oronazalna maska za neinvazivnu ventilaciju ,Heyer Medical AG ,LuvON-F1 S","Heyer Medical AG","Aktiv Medical","19.03.2026",null,1,1,"18,15","9b",0,6,6,6,"NE",0,1,0,0,"kom",null,1,0,0,378,0,0,null,0,0,0,"IIa","S ","SP,LJ","Maska za nos i usta; okretni koljenasti nastavak za spajanje crijeva na neinvazivni ventilator s mogućnošću okretanja od 360 stupnjeva; ugrađen čeoni fiksator s mogućnošću podešavanja u više nivoa; unutarnji dio maske izgrađen od silikona; tijelo maske od plastike; pričvršćivanje maske fleksibilnim fiksatorima preko cijele glave; ugrađen izlaz za izdahnuti zrak (exhalation port), CE certifikat.",0,"58,7950",5,{"$nulls":6},0,0,"'0403121311000","UPD"]
["POMAGALA ZA DISANJE","Pripadajući potrošni materijal za neinvazivni ventilator Luvar STA",208,148,"'040312131106","'0403121311023","Oronazalna maska za neinvazivnu ventilaciju ,Heyer Medical AG , LuvON-F1 M","Heyer Medical AG","Aktiv Medical","19.03.2026",null,1,1,"18,15","9b",0,6,6,6,"NE",0,1,0,0,"kom",null,1,0,0,378,0,0,null,0,0,0,"IIa","S ","SP,LJ","Maska za nos i usta; okretni koljenasti nastavak za spajanje crijeva na neinvazivni ventilator s mogućnošću okretanja od 360 stupnjeva; ugrađen čeoni fiksator s mogućnošću podešavanja u više nivoa; unutarnji dio maske izgrađen od silikona; tijelo maske od plastike; pričvršćivanje maske fleksibilnim fiksatorima preko cijele glave; ugrađen izlaz za izdahnuti zrak (exhalation port), CE certifikat.",0,"58,7950",5,{"$nulls":6},0,0,"'0403121311000","UPD"]
["POMAGALA ZA DISANJE","Pripadajući potrošni materijal za neinvazivni ventilator Luvar STA",208,149,"'040312131106","'0403121311024","Oronazalna maska za neinvazivnu ventilaciju ,Heyer Medical AG , LuvON-F1 L","Heyer Medical AG","Aktiv Medical","19.03.2026",null,1,1,"18,15","9b",0,6,6,6,"NE",0,1,0,0,"kom",null,1,0,0,378,0,0,null,0,0,0,"IIa","S ","SP,LJ","Maska za nos i usta; okretni koljenasti nastavak za spajanje crijeva na neinvazivni ventilator s mogućnošću okretanja od 360 stupnjeva; ugrađen čeoni fiksator s mogućnošću podešavanja u više nivoa; unutarnji dio maske izgrađen od silikona; tijelo maske od plastike; pričvršćivanje maske fleksibilnim fiksatorima preko cijele glave; ugrađen izlaz za izdahnuti zrak (exhalation port), CE certifikat.",0,"58,7950",5,{"$nulls":6},0,0,"'0403121311000","UPD"]
["POMAGALA ZA DISANJE","Pripadajući potrošni materijal za neinvazivni ventilator Luvar STA",208,150,"'040312131106","'0403121311025","Oronazalna maska za neinvazivnu ventilaciju ,Heyer Medical AG , LuvON-F2 S","Heyer Medical AG","Aktiv Medical","19.03.2026",null,1,1,"18,15","9b",0,6,6,6,"NE",0,1,0,0,"kom",null,1,0,0,378,0,0,null,0,0,0,"IIa","S ","SP,LJ","Maska za nos i usta; okretni koljenasti nastavak za spajanje crijeva na neinvazivni ventilator s mogućnošću okretanja od 360 stupnjeva; ugrađen čeoni fiksator s mogućnošću podešavanja u više nivoa; unutarnji dio maske izgrađen od silikona; tijelo maske od plastike; pričvršćivanje maske fleksibilnim fiksatorima preko cijele glave; ugrađen izlaz za izdahnuti zrak (exhalation port), CE certifikat.",0,"58,7950",5,{"$nulls":6},0,0,"'0403121311000","UPD"]
["POMAGALA ZA DISANJE","Pripadajući potrošni materijal za neinvazivni ventilator Luvar STA",208,151,"'040312131106","'0403121311026","Oronazalna maska za neinvazivnu ventilaciju ,Heyer Medical AG , LuvON-F2 M","Heyer Medical AG","Aktiv Medical","19.03.2026",null,1,1,"18,15","9b",0,6,6,6,"NE",0,1,0,0,"kom",null,1,0,0,378,0,0,null,0,0,0,"IIa","S ","SP,LJ","Maska za nos i usta; okretni koljenasti nastavak za spajanje crijeva na neinvazivni ventilator s mogućnošću okretanja od 360 stupnjeva; ugrađen čeoni fiksator s mogućnošću podešavanja u više nivoa; unutarnji dio maske izgrađen od silikona; tijelo maske od plastike; pričvršćivanje maske fleksibilnim fiksatorima preko cijele glave; ugrađen izlaz za izdahnuti zrak (exhalation port), CE certifikat.",0,"58,7950",5,{"$nulls":6},0,0,"'0403121311000","UPD"]
["POMAGALA ZA DISANJE","Pripadajući potrošni materijal za neinvazivni ventilator Luvar STA",208,152,"'040312131106","'0403121311027","Oronazalna maska za neinvazivnu ventilaciju ,Heyer Medical AG , LuvON-F2 L","Heyer Medical AG","Aktiv Medical","19.03.2026",null,1,1,"18,15","9b",0,6,6,6,"NE",0,1,0,0,"kom",null,1,0,0,378,0,0,null,0,0,0,"IIa","S ","SP,LJ","Maska za nos i usta; okretni koljenasti nastavak za spajanje crijeva na neinvazivni ventilator s mogućnošću okretanja od 360 stupnjeva; ugrađen čeoni fiksator s mogućnošću podešavanja u više nivoa; unutarnji dio maske izgrađen od silikona; tijelo maske od plastike; pričvršćivanje maske fleksibilnim fiksatorima preko cijele glave; ugrađen izlaz za izdahnuti zrak (exhalation port), CE certifikat.",0,"58,7950",5,{"$nulls":6},0,0,"'0403121311000","UPD"]
["POMAGALA ZA DISANJE","Pripadajući potrošni materijal za neinvazivni ventilator Luvar STA",208,153,"'040312131106","'0403121311028","Oronazalna maska za neinvazivnu ventilaciju ,Heyer Medical AG , LuvON-F3 S","Heyer Medical AG","Aktiv Medical","19.03.2026",null,1,1,"18,15","9b",0,6,6,6,"NE",0,1,0,0,"kom",null,1,0,0,378,0,0,null,0,0,0,"IIa","S ","SP,LJ","Maska za nos i usta; okretni koljenasti nastavak za spajanje crijeva na neinvazivni ventilator s mogućnošću okretanja od 360 stupnjeva; ugrađen čeoni fiksator s mogućnošću podešavanja u više nivoa; unutarnji dio maske izgrađen od silikona; tijelo maske od plastike; pričvršćivanje maske fleksibilnim fiksatorima preko cijele glave; ugrađen izlaz za izdahnuti zrak (exhalation port), CE certifikat.",0,"58,7950",5,{"$nulls":6},0,0,"'0403121311000","UPD"]
["POMAGALA ZA DISANJE","Pripadajući potrošni materijal za neinvazivni ventilator Luvar STA",208,154,"'040312131106","'0403121311029","Oronazalna maska za neinvazivnu ventilaciju ,Heyer Medical AG ,  LuvON-F3 M","Heyer Medical AG","Aktiv Medical","19.03.2026",null,1,1,"18,15","9b",0,6,6,6,"NE",0,1,0,0,"kom",null,1,0,0,378,0,0,null,0,0,0,"IIa","S ","SP,LJ","Maska za nos i usta; okretni koljenasti nastavak za spajanje crijeva na neinvazivni ventilator s mogućnošću okretanja od 360 stupnjeva; ugrađen čeoni fiksator s mogućnošću podešavanja u više nivoa; unutarnji dio maske izgrađen od silikona; tijelo maske od plastike; pričvršćivanje maske fleksibilnim fiksatorima preko cijele glave; ugrađen izlaz za izdahnuti zrak (exhalation port), CE certifikat.",0,"58,7950",5,{"$nulls":6},0,0,"'0403121311000","UPD"]
["POMAGALA ZA DISANJE","Pripadajući potrošni materijal za neinvazivni ventilator Luvar STA",208,155,"'040312131106","'0403121311030","Oronazalna maska za neinvazivnu ventilaciju ,Heyer Medical AG , LuvON-F3 L    ","Heyer Medical AG","Aktiv Medical","19.03.2026",null,1,1,"18,15","9b",0,6,6,6,"NE",0,1,0,0,"kom",null,1,0,0,378,0,0,null,0,0,0,"IIa","S ","SP,LJ","Maska za nos i usta; okretni koljenasti nastavak za spajanje crijeva na neinvazivni ventilator s mogućnošću okretanja od 360 stupnjeva; ugrađen čeoni fiksator s mogućnošću podešavanja u više nivoa; unutarnji dio maske izgrađen od silikona; tijelo maske od plastike; pričvršćivanje maske fleksibilnim fiksatorima preko cijele glave; ugrađen izlaz za izdahnuti zrak (exhalation port), CE certifikat.",0,"58,7950",5,{"$nulls":6},0,0,"'0403121311000","UPD"]
["POMAGALA ZA DISANJE","Pripadajući potrošni materijal za respirator i obnovljeni respirator Falco 101 - za neinvazivnu terapiju",212,156,"'040312130110","'0403121301012","Neinvazivni ventilator  za kućnu uporabu sa ovlaživačem ,Philips Respironics  ,DreamStation BiPAP AVAPS","Philips Respironics ","Eksa Grupa","19.03.2026",null,1,1,"16,18",9,3,60,60,60,"DA",1,1,1,0,"kom",null,1,0,0,350,1,0,null,1,0,0,"IIa","S ","SP,LJ","Metal i plastika, električno napajanje (AC100-240V). Uređaj podržava više modaliteta ventilacije, uključujući AVAPS, CPAP, S, S/T, T i PC, s automatskim prilagođavanjem inspiracijskog tlaka za održavanje ciljne zapremnine. Namijenjen je kontinuiranom radu 24 sata i dolazi s opcionalnim grijanjem-ovlaživačem, zračnim filterom i sustavom cijevi za osiguranu osobu. Ključne značajke uključuju AVAPS terapiju, Digital Auto Trak za sinkronizaciju udisaja i izdisaja, fleksibilno vrijeme inspiria i Rise-time te automatsku kompenzaciju curenja zraka. Ugrađena SD-kartica omogućuje bilježenje podataka za analizu terapije, a opcionalna aplikacija DreamMapper omogućuje praćenje terapije na mobilnim uređajima. Tlačni raspon je 4-30cm H2O za IPAP i 4-25cm za veliko EPAP, a u AVAPS režimu ciljna zapremnina je 200-1500ml. Jamstveni rok je 2 godine. CE certifikat. ",0,"4179,9907",5,{"$nulls":6},0,0,"'0403121301000","UPD"]
["POMAGALA ZA DISANJE","Pripadajući potrošni materijal za respirator i obnovljeni respirator Falco 101 - za neinvazivnu terapiju",212,157,"'040312130210","'0403121302012","Obnovljeni neinvazivni ventilator  za kućnu uporabu sa ovlaživačem ,Philips Respironics  ,DreamStation BiPAP AVAPS","Philips Respironics ","Eksa Grupa","19.03.2026",null,1,1,"16,18",9,3,60,60,60,"DA",1,1,1,0,"kom",null,1,0,0,350,1,0,null,1,0,0,"IIa","S","SP,LJ","Metal i plastika, električno napajanje (AC100-240V). Uređaj podržava više modaliteta ventilacije, uključujući AVAPS, CPAP, S, S/T, T i PC, s automatskim prilagođavanjem inspiracijskog tlaka za održavanje ciljne zapremnine. Namijenjen je kontinuiranom radu 24 sata i dolazi s opcionalnim grijanjem-ovlaživačem, zračnim filterom i sustavom cijevi za osiguranu osobu. Ključne značajke uključuju AVAPS terapiju, Digital Auto Trak za sinkronizaciju udisaja i izdisaja, fleksibilno vrijeme inspiria i Rise-time te automatsku kompenzaciju curenja zraka. Ugrađena SD-kartica omogućuje bilježenje podataka za analizu terapije, a opcionalna aplikacija DreamMapper omogućuje praćenje terapije na mobilnim uređajima. Tlačni raspon je 4-30cm H2O za IPAP i 4-25cm za veliko EPAP, a u AVAPS režimu ciljna zapremnina je 200-1500ml. Jamstveni rok je 2 godine. CE certifikat. ",0,"586,8989",5,{"$nulls":6},0,0,"'0403121302000","UPD"]
["POMAGALA ZA DISANJE","Set potrošnog materijala za mehanički insuflator/eksuflator za kućnu uporabu ",213,158,"'050512121902","'0505121219002","Sustav za pacijenta, za mehanički insuflator/eksuflator za kućnu uporabu ,R Vent Medical Uretim A.S. ,Sustav za pacijenta (cijev 100.22.02.007-2, konektor 100.01.009-1, bakterijski filter 40920, maska 8010-8050, trach adapter 316100)","R Vent Medical Uretim A.S.","Aktiv Medical","19.03.2026",null,1,1,"16,4",9,3,3,3,0,"NE",0,1,0,0,"kom","do",5,0,0,363,0,0,null,0,0,0,"IIa","S","SP,LJ","U svakom sustavu  za pacijenta nalazi se: usnik, cijev promjera 10 mm s adapterom i Venturi priključkom, mala ili velika maska, konektor, cijev promjera 22 mm i respiratorni filter niskog protoka. Original prema modelu, CE certifikat. ",0,"36,4517",5,{"$nulls":6},0,0,"'0505121219000","UPD"]
["ORTOZE ","Ortoze za prste, ručni zglob i šaku",46,159,"'060613040320","'0606130403073","Ortoza za ručni zglob i/ili palac, stabilizacijska, plastična  ,BSN medical GmbH, Essity , Actimove GAUNTLET Wrist & Thumb Stabilizer-Proffesional Line S, M, L, XL","BSN medical GmbH, Essity","Essity Croatia","12.10.2024","18.03.2026",1,0,"2,3,6",5,2,12,24,24,"NE",0,1,0,0,"kom",null,1,0,0,110,0,0,null,0,0,0,"I","S","SP,LJ","Plastika/metal, s čičak trakom. Gotov proizvod. ",0,"21,3944",5,{"$nulls":6},0,0,"'0606130403000","BRI"]
["POMAGALA ZA KRETANJE","INVALIDSKA KOLICA",70,160,"'122103071205","'1221030712007","Invalidska kolica s posebnom prilagodbom ,Invacare   ,Tom 4 Xcountry (dječja)","Invacare  ","Orto Rea ","18.03.2023","18.03.2026",1,1,"2,3",5,2,12,24,60,"DA+",1,1,1,0,"kom",null,1,0,0,"157a,314,342",1,0,null,1,0,0,"I","S/I","SPPD","STANDARD ZA DJEČJA KOLICA: Okvir od aluminija ili čelika, naslon  i sjedalo obloženi spužvom  i presvučeni tehničkom tkaninom, težina do 25 kg, oslonac za glavu, mogućnost nagiba naslona do 30 stupnjeva, papučice podesive po visini. Sastavni dijelovi pomagala: abdukcijski klin, sigurnosni pojas, naslon za glavu.  STANDARD ZA KOLICA ZA ODRASLE:  Okvir od aluminija ili čelika, naslon i sjedalo obloženi spužvom i presvučeni tehničkom tkaninom, težina do 35 kg, naslon za glavu prilagodljiv, mogućnost nagiba naslona do 30%, nagib sjedala, podešavanje naslona za ruke, papučice podesive po visini i naprijed. Sastavni dijelovi pomagala su: naslon za glavu, oslonac za ruke, sigurnosni pojas, abdukcijski klin.",0,"1320,3822",5,{"$nulls":6},0,0,"'1221030712000","BRI"]
["POMAGALA ZA KRETANJE","INVALIDSKA KOLICA",70,161,"'122103071205","'1221030712008","Invalidska kolica s posebnom prilagodbom ,Invacare   ,Jacko Streeter (dječja)","Invacare  ","Orto Rea ","18.03.2023","18.03.2026",1,1,"2,3",5,2,12,24,60,"DA+",1,1,1,0,"kom",null,1,0,0,"157a,314,342",1,0,null,1,0,0,"I","S/I","SPPD","STANDARD ZA DJEČJA KOLICA: Okvir od aluminija ili čelika, naslon  i sjedalo obloženi spužvom  i presvučeni tehničkom tkaninom, težina do 25 kg, oslonac za glavu, mogućnost nagiba naslona do 30 stupnjeva, papučice podesive po visini. Sastavni dijelovi pomagala: abdukcijski klin, sigurnosni pojas, naslon za glavu.  STANDARD ZA KOLICA ZA ODRASLE:  Okvir od aluminija ili čelika, naslon i sjedalo obloženi spužvom i presvučeni tehničkom tkaninom, težina do 35 kg, naslon za glavu prilagodljiv, mogućnost nagiba naslona do 30%, nagib sjedala, podešavanje naslona za ruke, papučice podesive po visini i naprijed. Sastavni dijelovi pomagala su: naslon za glavu, oslonac za ruke, sigurnosni pojas, abdukcijski klin.",0,"1320,3822",5,{"$nulls":6},0,0,"'1221030712000","BRI"]
["DRUGA POMAGALA","Rukavice, elastično - kompresivna pomagala",129,162,"'000000171303","'0000001713003","Elastična maska za lice kod keloida. Silikonska pločica ili gel. ,Hanson Medical Inc.; Bio Med Science Inc. ,Dermatix ultra gel 15g","Hanson Medical Inc.; Bio Med Science Inc.","Medical Intertrade","22.02.2024","18.03.2026",1,1,"6,19",5,2,6,6,6,"NE",0,1,0,0,"komplet",null,1,0,0,"275a",0,0,null,0,0,0,"I","S","SP,LJ","Elastično kompresivni stupanj I do III.",0,"149,3198",5,{"$nulls":6},0,0,"'0000001713000","BRI"]
["DRUGA POMAGALA","Rukavice, elastično - kompresivna pomagala",129,163,"'000000171303","'0000001713004","Elastična maska za lice kod keloida. Silikonska pločica ili gel. ,Hanson Medical Inc.; Bio Med Science Inc. ,Dermatix silikonska pločica,prozirna (13x13cm)","Hanson Medical Inc.; Bio Med Science Inc.","Medical Intertrade","22.02.2024","18.03.2026",1,1,"6,19",5,2,6,6,6,"NE",0,1,0,0,"komplet",null,1,0,0,"275a",0,0,null,0,0,0,"I","S","SP,LJ","Elastično kompresivni stupanj I do III.",0,"149,3198",5,{"$nulls":6},0,0,"'0000001713000","BRI"]
["DRUGA POMAGALA","Rukavice, elastično - kompresivna pomagala",129,164,"'000000171303","'0000001713005","Elastična maska za lice kod keloida. Silikonska pločica ili gel. ,Hanson Medical Inc.; Bio Med Science Inc. ,Dermatix silikonska pločica u obliku flastera (13x13cm)","Hanson Medical Inc.; Bio Med Science Inc.","Medical Intertrade","22.02.2024","18.03.2026",1,1,"6,19",5,2,6,6,6,"NE",0,1,0,0,"komplet",null,1,0,0,"275a",0,0,null,0,0,0,"I","S","SP,LJ","Elastično kompresivni stupanj I do III.",0,"149,3198",5,{"$nulls":6},0,0,"'0000001713000","BRI"]